{"text_format":"3","workbook":"xlsx","n_sheets":41,"sheets":["表-03 单项工程招标控制价汇总表【安装工程-新蓝天幼儿园","封-2 招标控制价封面【电气工程-新蓝天幼儿园工程建设项目","扉-2 招标控制价扉页【电气工程-新蓝天幼儿园工程建设项目","表-01 总说明【电气工程-新蓝天幼儿园工程建设项目-地上】","表-04 单位工程招标控制价汇总表【电气工程-新蓝天幼儿园","表-08 分部分项工程和单价措施项目清单与计价表【电气工程","表-08 分部分项工程和单价措施项目清单与计价表(含措施标","表-08 分部分项工程和单价措施项目清单与计价表(含分部小","表-09 综合单价分析表【电气工程-新蓝天幼儿园工程建设项","表-09 综合单价分析表（全费用）【电气工程-新蓝天幼儿园","表-11 总价措施项目清单与计价表【电气工程-新蓝天幼儿园","表-12 其他项目清单与计价汇总表【电气工程-新蓝天幼儿园","表-12-1 暂列金额表【电气工程-新蓝天幼儿园工程建设项","表-12-2 材料(工程设备)暂估价及调整表【电气工程-新","表-12-3 专业工程暂估价及结算价表【电气工程-新蓝天幼","表-12-4 计日工表【电气工程-新蓝天幼儿园工程建设项目","表-12-5 总承包服务费计价表【电气工程-新蓝天幼儿园工","表-13 规费、税金项目清单与计价表【电气工程-新蓝天幼儿","表-20 发包人提供材料和工程设备一览表【电气工程-新蓝天","表-21 承包人提供主要材料和工程设备一览表【电气工程-新","表-22 承包人提供主要材料和工程设备一览表【电气工程-新","封-2 招标控制价封面【电气工程-新蓝天幼儿园工程建设项目_1","扉-2 招标控制价扉页【电气工程-新蓝天幼儿园工程建设项目_1","表-01 总说明【电气工程-新蓝天幼儿园工程建设项目-地下】","表-04 单位工程招标控制价汇总表【电气工程-新蓝天幼儿园_1","表-08 分部分项工程和单价措施项目清单与计价表【电气工程_1","表-08 分部分项工程和单价措施项目清单与计价表(含措施标_1","表-08 分部分项工程和单价措施项目清单与计价表(含分部小_1","表-09 综合单价分析表【电气工程-新蓝天幼儿园工程建设项_1","表-09 综合单价分析表（全费用）【电气工程-新蓝天幼儿园_1","表-11 总价措施项目清单与计价表【电气工程-新蓝天幼儿园_1","表-12 其他项目清单与计价汇总表【电气工程-新蓝天幼儿园_1","表-12-1 暂列金额表【电气工程-新蓝天幼儿园工程建设项_1","表-12-2 材料(工程设备)暂估价及调整表【电气工程-新_1","表-12-3 专业工程暂估价及结算价表【电气工程-新蓝天幼_1","表-12-4 计日工表【电气工程-新蓝天幼儿园工程建设项目_1","表-12-5 总承包服务费计价表【电气工程-新蓝天幼儿园工_1","表-13 规费、税金项目清单与计价表【电气工程-新蓝天幼儿_1","表-20 发包人提供材料和工程设备一览表【电气工程-新蓝天_1","表-21 承包人提供主要材料和工程设备一览表【电气工程-新_1","表-22 承包人提供主要材料和工程设备一览表【电气工程-新_1"],"read":"whole","date_system":"1900"}

{"sheet":"表-03 单项工程招标控制价汇总表【安装工程-新蓝天幼儿园","index":0,"n_rows":36,"n_cols":8,"rows_kept":36,"merged":[[0,0,0,7],[1,0,1,3],[1,5,1,7],[2,0,3,0],[2,1,3,1],[2,2,3,2],[2,3,2,7],[3,3,3,5],[4,3,4,5],[5,3,5,5],[6,3,6,5],[7,3,7,5],[8,3,8,5],[9,3,9,5],[10,3,10,5],[11,3,11,5],[12,3,12,5],[13,3,13,5],[14,3,14,5],[15,3,15,5],[16,3,16,5],[17,3,17,5],[18,3,18,5],[19,3,19,5],[20,3,20,5],[21,3,21,5],[22,3,22,5],[23,3,23,5],[24,3,24,5],[25,3,25,5],[26,3,26,5],[27,3,27,5],[28,3,28,5],[29,3,29,5],[30,3,30,5],[31,3,31,5],[32,3,32,5],[33,0,33,1],[33,3,33,5],[34,0,34,7],[35,0,35,3],[35,5,35,7]]}
["单项工程招标控制价汇总表"]
["工程名称：安装工程-新蓝天幼儿园工程建设项目",{"$nulls":4},"第 1 页 共 1 页"]
["序号","单位工程名称","金额（元）","其中：（元）"]
[{"$nulls":3},"暂估价",null,null,"绿色施工安全防护措施费","规费"]
["1","电气工程-新蓝天幼儿园工程建设项目-地上",727036.53,{"$nulls":3},19997.34]
["2","电气工程-新蓝天幼儿园工程建设项目-地下",483192.06,{"$nulls":3},20143.94]
{"$rows_empty":27}
["合计",null,1210228.59,{"$nulls":3},40141.28]
["注：本表适用于单项工程招标控制价或投标报价的汇总。暂估价包括分部分项工程中的暂估价和专业工程工程暂估价。"]
[{"$nulls":5},"表—03"]

{"sheet":"封-2 招标控制价封面【电气工程-新蓝天幼儿园工程建设项目","index":1,"n_rows":10,"n_cols":7,"rows_kept":10,"merged":[[0,0,0,1],[0,2,0,5],[1,0,1,6],[2,0,2,6],[3,1,3,2],[3,3,3,4],[3,5,3,6],[4,1,4,2],[4,3,4,4],[4,5,4,6],[5,1,5,2],[5,3,5,4],[5,5,5,6],[6,1,6,2],[6,3,6,4],[6,5,6,6],[7,1,7,2],[7,3,7,4],[7,5,7,6],[8,1,8,2],[8,5,8,6],[9,0,9,1],[9,2,9,5]]}
[null,null,"电气工程-新蓝天幼儿园工程建设项目-地上",{"$nulls":3},"工程"]
["招 标 控 制 价"]
[]
[null,"招  标  人：",null,"广东华吉建筑工程有限公司"]
[{"$nulls":3},"(单位盖章)"]
[null,"造价咨询人："]
[{"$nulls":3},"(单位盖章)"]
[{"$nulls":3},"年   月   日"]
[]
[{"$nulls":6},"封-2"]

{"sheet":"扉-2 招标控制价扉页【电气工程-新蓝天幼儿园工程建设项目","index":2,"n_rows":13,"n_cols":7,"rows_kept":13,"merged":[[0,1,0,5],[1,0,1,6],[2,0,2,1],[2,3,2,6],[3,0,3,1],[3,3,3,6],[4,0,4,1],[4,5,4,6],[5,0,5,1],[5,2,5,3],[5,5,5,6],[6,0,6,1],[6,2,6,3],[6,5,6,6],[7,0,7,1],[7,2,7,3],[7,5,7,6],[8,0,8,1],[8,2,8,3],[8,5,8,6],[9,0,9,1],[9,2,9,3],[9,5,9,6],[10,0,10,1],[10,2,10,3],[10,5,10,6],[11,0,11,1],[11,2,11,3],[11,5,11,6],[12,1,12,5]]}
[null,"电气工程-新蓝天幼儿园工程建设项目-地上",{"$nulls":4},"工程"]
["招 标 控 制 价"]
["招标控制价  ",null,"（小写）：","727,036.53"]
[null,null,"（大写）：","柒拾贰万柒仟零叁拾陆元伍角叁分"]
[]
["招  标  人：",null,"黄诗晓",null,"造价咨询人："]
[null,null,"（单位盖章）",null,null,"(单位资质专用章)"]
["法定代表人  \n\n或其授权人：",null,"黄诗晓",null,"法定代表人  \n\n  或其授权人："]
[null,null,"(签字或盖章)",null,null,"(签字或盖章)"]
["编  制  人：",null,"黄诗晓",null,"复  核  人：","黄诗晓"]
[null,null,"(造价人员签字盖专用章)",null,null,"(造价工程师签字盖专用章)"]
["编 制 时 间：  ",{"$nulls":3},"复 核 时 间：  "]
[{"$nulls":6},"扉-2"]

{"sheet":"表-01 总说明【电气工程-新蓝天幼儿园工程建设项目-地上】","index":3,"n_rows":5,"n_cols":5,"rows_kept":5,"merged":[[0,0,0,4],[1,0,1,3],[2,0,3,4],[4,0,4,2]]}
["总  说  明"]
["工程名称：电气工程-新蓝天幼儿园工程建设项目-地上",{"$nulls":3},"第 1 页 共 1 页"]
["机电设备安装工程：\n本次结算范围为室内外电气系统、弱电系统、给排水系统、通风排烟系统、防雷系统、消防工程（含消防给水及消防自动报警系统）以及室外总平管网（含室外电气预埋及室外消防水、给排水管网、土方等）等配套设施工程，具体范围如下：\n（1）强电动力照明工程：强电动力照明工程计量地上、地下普通动力配电及照明、应急照明系统中各类配电箱设备，管线，电缆等；本次图纸中配电箱计进出线除注明外均按照距地1.5m计入工程量，配电柜按照落地安装计算；\n（2）弱电工程：弱电工程计量含地上、地下室内线管预埋；\n（3）防雷接地工程：防雷接地工程计量含地上、地下基础防雷接地系统及设备；\n（4）给排水工程：给排水工程计量含地上、地下（含生活水泵房）给排水管网、各类管道附件及水泵、水箱等设备，含卫生间管道及洁具（其中卫生间洁具为甲供）；\n（5）室外电气总平及园林给排水总平：电气总平含园林通信预埋管及弱电手孔井、低压配电预埋管及低压手孔井、门卫室电气系统等；给排水总平含生活给水，消防给水管道预埋及消火栓等设备，雨污管网及各类检查井，土方挖填等；\n（6）防排烟、通风工程：防排烟、通风工程计量含地上、地下各类通风管道及管道附件，离心风机，轴流风机等设备；\n（7）消防给水工程：消防给水工程计量含地上、地下（含水泵房）消火栓给水管网、自动喷淋管网各类管道附件及设备，自动喷淋管网含货架层管网及管道附件、设备计量；\n（8）消防自动报警工程：消防自动报警工程计量含地上地下自动报警系统管线、设备及消控室中设备。\n取费依据：\n1《建筑工程工程量清单计价规范》（GB50500-2013）\n2.《电气安装工程预算定额》\n3.《工程造价管理基础理论与相关法规》\n4.《电气工程识图与CAD》\n5.《建筑电气工程施工质量验收规范》（GB50303-2015）\n6.广联达BIM安装计量，斯维尔等相关预算软件的使用手册和教程\n7.相关电气工程预算的案例分析书籍和学术论文"]
[]
[{"$nulls":4},"表-01"]

{"sheet":"表-04 单位工程招标控制价汇总表【电气工程-新蓝天幼儿园","index":4,"n_rows":38,"n_cols":6,"rows_kept":38,"merged":[[0,0,0,5],[1,0,1,2],[1,4,1,5],[2,2,2,4],[3,2,3,4],[4,2,4,4],[5,2,5,4],[6,2,6,4],[7,2,7,4],[8,2,8,4],[9,2,9,4],[10,2,10,4],[11,2,11,4],[12,2,12,4],[13,2,13,4],[14,2,14,4],[15,2,15,4],[16,2,16,4],[17,2,17,4],[18,2,18,4],[19,2,19,4],[20,2,20,4],[21,2,21,4],[22,2,22,4],[23,2,23,4],[24,2,24,4],[25,2,25,4],[26,2,26,4],[27,2,27,4],[28,2,28,4],[29,2,29,4],[30,2,30,4],[31,2,31,4],[32,2,32,4],[33,2,33,4],[34,2,34,4],[35,0,35,1],[35,2,35,4],[36,0,36,5],[37,0,37,2],[37,4,37,5]]}
["单位工程招标控制价汇总表"]
["工程名称：电气工程-新蓝天幼儿园工程建设项目-地上",null,null,"标段：","第 1 页  共 1 页"]
["序号","汇总内容","金额:(元)",null,null,"其中：暂估价(元)"]
["1","分部分项合计","725652.51"]
["1.1","电气工程与预埋部分","725652.51"]
["2","措施合计","26115.13"]
["2.1","绿色施工安全防护措施费","19997.34"]
["2.2","其他措施费","6117.79"]
["3","其他项目","10524.92",null,null,"－"]
["3.1","暂列金额"]
["3.2","暂估价"]
["3.3","计日工"]
["3.4","总承包服务费"]
["3.5","预算包干费","10524.92"]
["3.6","工程优质费"]
["3.7","概算幅度差"]
["3.8","索赔费用"]
["3.9","现场签证费用"]
["3.10","其他费用"]
["4","税前工程造价","762292.56"]
["5","下浮造价","95286.57"]
["6","下浮后税前造价","667005.99"]
["7","增值税销项税额","60030.54",null,null,"－"]
["8","总造价","727036.53"]
["9","人工费","107821.01"]
{"$rows_empty":10}
["招标控制价合计=1+2+3+5",null,"727,036.53",null,null,"0.00"]
["注：本表适用于单位工程招标控制价或投标报价的汇总，如无单位工程划分，单项工程也使用本表汇总"]
[{"$nulls":4},"表—04"]

{"sheet":"表-08 分部分项工程和单价措施项目清单与计价表【电气工程","index":5,"n_rows":200,"n_cols":11,"rows_kept":200,"merged":[[0,0,0,10],[1,0,1,3],[1,4,1,7],[1,8,1,10],[2,0,4,0],[2,1,4,1],[2,2,4,2],[2,3,4,4],[2,5,4,5],[2,6,4,6],[2,7,2,10],[3,7,4,8],[3,9,4,9],[5,3,5,4],[5,7,5,8],[6,3,6,4],[6,7,6,8],[7,3,7,4],[7,7,7,8],[8,3,8,4],[8,7,8,8],[9,3,9,4],[9,7,9,8],[10,3,10,4],[10,7,10,8],[11,0,11,8],[12,0,12,10],[13,0,13,3],[13,4,13,7],[13,8,13,10],[14,0,14,10],[15,0,15,3],[15,4,15,7],[15,8,15,10],[16,0,18,0],[16,1,18,1],[16,2,18,2],[16,3,18,4],[16,5,18,5],[16,6,18,6],[16,7,16,10],[17,7,18,8],[17,9,18,9],[19,3,19,4],[19,7,19,8],[20,3,20,4],[20,7,20,8],[21,3,21,4],[21,7,21,8],[22,3,22,4],[22,7,22,8],[23,3,23,4],[23,7,23,8],[24,0,24,8],[25,0,25,10],[26,0,26,3],[26,4,26,7],[26,8,26,10],[27,0,27,10],[28,0,28,3],[28,4,28,7],[28,8,28,10],[29,0,31,0],[29,1,31,1],[29,2,31,2],[29,3,31,4],[29,5,31,5],[29,6,31,6],[29,7,29,10],[30,7,31,8],[30,9,31,9],[32,3,32,4],[32,7,32,8],[33,3,33,4],[33,7,33,8],[34,3,34,4],[34,7,34,8],[35,3,35,4],[35,7,35,8],[36,0,36,8],[37,0,37,10],[38,0,38,3],[38,4,38,7],[38,8,38,10],[39,0,39,10],[40,0,40,3],[40,4,40,7],[40,8,40,10],[41,0,43,0],[41,1,43,1],[41,2,43,2],[41,3,43,4],[41,5,43,5],[41,6,43,6],[41,7,41,10],[42,7,43,8],[42,9,43,9],[44,3,44,4],[44,7,44,8],[45,3,45,4],[45,7,45,8],[46,3,46,4],[46,7,46,8],[47,3,47,4],[47,7,47,8],[48,3,48,4],[48,7,48,8],[49,0,49,8],[50,0,50,10],[51,0,51,3],[51,4,51,7],[51,8,51,10],[52,0,52,10],[53,0,53,3],[53,4,53,7],[53,8,53,10],[54,0,56,0],[54,1,56,1],[54,2,56,2],[54,3,56,4],[54,5,56,5],[54,6,56,6],[54,7,54,10],[55,7,56,8],[55,9,56,9],[57,3,57,4],[57,7,57,8],[58,3,58,4],[58,7,58,8],[59,3,59,4],[59,7,59,8],[60,3,60,4],[60,7,60,8],[61,3,61,4],[61,7,61,8],[62,3,62,4],[62,7,62,8],[63,3,63,4],[63,7,63,8],[64,0,64,8],[65,0,65,10],[66,0,66,3],[66,4,66,7],[66,8,66,10],[67,0,67,10],[68,0,68,3],[68,4,68,7],[68,8,68,10],[69,0,71,0],[69,1,71,1],[69,2,71,2],[69,3,71,4],[69,5,71,5],[69,6,71,6],[69,7,69,10],[70,7,71,8],[70,9,71,9],[72,3,72,4],[72,7,72,8],[73,3,73,4],[73,7,73,8],[74,3,74,4],[74,7,74,8],[75,3,75,4],[75,7,75,8],[76,3,76,4],[76,7,76,8],[77,3,77,4],[77,7,77,8],[78,3,78,4],[78,7,78,8],[79,3,79,4],[79,7,79,8],[80,0,80,8],[81,0,81,10],[82,0,82,3],[82,4,82,7],[82,8,82,10],[83,0,83,10],[84,0,84,3],[84,4,84,7],[84,8,84,10],[85,0,87,0],[85,1,87,1],[85,2,87,2],[85,3,87,4],[85,5,87,5],[85,6,87,6],[85,7,85,10],[86,7,87,8],[86,9,87,9],[88,3,88,4],[88,7,88,8],[89,3,89,4],[89,7,89,8],[90,3,90,4],[90,7,90,8],[91,3,91,4],[91,7,91,8],[92,3,92,4],[92,7,92,8],[93,3,93,4],[93,7,93,8],[94,3,94,4],[94,7,94,8],[95,0,95,8],[96,0,96,10],[97,0,97,3],[97,4,97,7],[97,8,97,10],[98,0,98,10],[99,0,99,3],[99,4,99,7],[99,8,99,10],[100,0,102,0],[100,1,102,1],[100,2,102,2],[100,3,102,4],[100,5,102,5],[100,6,102,6],[100,7,100,10],[101,7,102,8],[101,9,102,9],[103,3,103,4],[103,7,103,8],[104,3,104,4],[104,7,104,8],[105,3,105,4],[105,7,105,8],[106,3,106,4],[106,7,106,8],[107,3,107,4],[107,7,107,8],[108,0,108,8],[109,0,109,10],[110,0,110,3],[110,4,110,7],[110,8,110,10],[111,0,111,10],[112,0,112,3],[112,4,112,7],[112,8,112,10],[113,0,115,0],[113,1,115,1],[113,2,115,2],[113,3,115,4],[113,5,115,5],[113,6,115,6],[113,7,113,10],[114,7,115,8],[114,9,115,9],[116,3,116,4],[116,7,116,8],[117,3,117,4],[117,7,117,8],[118,3,118,4],[118,7,118,8],[119,3,119,4],[119,7,119,8],[120,3,120,4],[120,7,120,8],[121,3,121,4],[121,7,121,8],[122,0,122,8],[123,0,123,10],[124,0,124,3],[124,4,124,7],[124,8,124,10],[125,0,125,10],[126,0,126,3],[126,4,126,7],[126,8,126,10],[127,0,129,0],[127,1,129,1],[127,2,129,2],[127,3,129,4],[127,5,129,5],[127,6,129,6],[127,7,127,10],[128,7,129,8],[128,9,129,9],[130,3,130,4],[130,7,130,8],[131,3,131,4],[131,7,131,8],[132,3,132,4],[132,7,132,8],[133,3,133,4],[133,7,133,8],[134,3,134,4],[134,7,134,8],[135,3,135,4],[135,7,135,8],[136,0,136,8],[137,0,137,10],[138,0,138,3],[138,4,138,7],[138,8,138,10],[139,0,139,10],[140,0,140,3],[140,4,140,7],[140,8,140,10],[141,0,143,0],[141,1,143,1],[141,2,143,2],[141,3,143,4],[141,5,143,5],[141,6,143,6],[141,7,141,10],[142,7,143,8],[142,9,143,9],[144,3,144,4],[144,7,144,8],[145,3,145,4],[145,7,145,8],[146,3,146,4],[146,7,146,8],[147,3,147,4],[147,7,147,8],[148,3,148,4],[148,7,148,8],[149,3,149,4],[149,7,149,8],[150,0,150,8],[151,0,151,10],[152,0,152,3],[152,4,152,7],[152,8,152,10],[153,0,153,10],[154,0,154,3],[154,4,154,7],[154,8,154,10],[155,0,157,0],[155,1,157,1],[155,2,157,2],[155,3,157,4],[155,5,157,5],[155,6,157,6],[155,7,155,10],[156,7,157,8],[156,9,157,9],[158,3,158,4],[158,7,158,8],[159,3,159,4],[159,7,159,8],[160,3,160,4],[160,7,160,8],[161,3,161,4],[161,7,161,8],[162,3,162,4],[162,7,162,8],[163,3,163,4],[163,7,163,8],[164,3,164,4],[164,7,164,8],[165,0,165,8],[166,0,166,10],[167,0,167,3],[167,4,167,7],[167,8,167,10],[168,0,168,10],[169,0,169,3],[169,4,169,7],[169,8,169,10],[170,0,172,0],[170,1,172,1],[170,2,172,2],[170,3,172,4],[170,5,172,5],[170,6,172,6],[170,7,170,10],[171,7,172,8],[171,9,172,9],[173,3,173,4],[173,7,173,8],[174,3,174,4],[174,7,174,8],[175,3,175,4],[175,7,175,8],[176,3,176,4],[176,7,176,8],[177,3,177,4],[177,7,177,8],[178,3,178,4],[178,7,178,8],[179,3,179,4],[179,7,179,8],[180,3,180,4],[180,7,180,8],[181,3,181,4],[181,7,181,8],[182,3,182,4],[182,7,182,8],[183,3,183,4],[183,7,183,8],[184,3,184,4],[184,7,184,8],[185,3,185,4],[185,7,185,8],[186,3,186,4],[186,7,186,8],[187,3,187,4],[187,7,187,8],[188,3,188,4],[188,7,188,8],[189,3,189,4],[189,7,189,8],[190,3,190,4],[190,7,190,8],[191,3,191,4],[191,7,191,8],[192,3,192,4],[192,7,192,8],[193,3,193,4],[193,7,193,8],[194,3,194,4],[194,7,194,8],[195,3,195,4],[195,7,195,8],[196,0,196,8],[197,0,197,8],[198,0,198,10],[199,0,199,3],[199,4,199,7],[199,8,199,10]]}
["分部分项工程和单价措施项目清单与计价表"]
["工程名称：电气工程-新蓝天幼儿园工程建设项目-地上",{"$nulls":3},"标段：",{"$nulls":3},"第 1 页  共 13 页"]
["序号","项目编码","项目名称","项目特征描述",null,"计量单位","工程量","金额（元）"]
[{"$nulls":7},"综合单价",null,"综合合价","其中"]
[{"$nulls":10},"暂估价"]
[null,null,"电气工程与预埋部分",{"$nulls":6},725652.51]
[1,"030404017025","公共照明总箱 01F01AL.z","1.名称、型号：公共照明总箱 01F01AL.z\n2.箱体尺寸：600x200x600(宽x深x高)\n3.底边距地1.4m安装\n4.接地\n5.满足设计、技术规范及参数要求与施工工艺要求",null,"台",1,4858.5,null,4858.5]
[2,"030404017026","照明配电箱 01F01AL1","1.名称、型号：照明配电箱 01F01AL1\n2.箱体尺寸：600x200x600(宽x深x高)\n3.底边距地1.4m安装\n4.接地\n5.满足设计、技术规范及参数要求与施工工艺要求",null,"台",1,3965.39,null,3965.39]
[3,"030404017027","照明配电箱 02~3F01AL1","1.名称、型号：照明配电箱 02~3F01AL1\n2.箱体尺寸：600x200x600(宽x深x高)\n3.底边距地1.4m安装\n4.接地\n5.满足设计、技术规范及参数要求与施工工艺要求",null,"台",2,4109.3,null,8218.6]
[4,"030404017028","照明配电箱 04F01AL1","1.名称、型号：照明配电箱 04F01AL1\n2.箱体尺寸：600x200x600(宽x深x高)\n3.底边距地1.4m安装\n4.接地\n5.满足设计、技术规范及参数要求与施工工艺要求",null,"台",1,6159,null,6159]
[5,"030404017029","普通用电配电箱 02~03F01AL2","1.名称、型号：普通用电配电箱 02~03F01AL2\n2.箱体尺寸：600x200x600(宽x深x高)\n3.底边距地1.4m安装\n4.接地\n5.满足设计、技术规范及参数要求与施工工艺要求",null,"台",2,3789.5,null,7579]
["本页小计",{"$nulls":8},30780.49]
["注：为计取规费等的使用，可在表中增设其中：“定额人工费”。"]
[{"$nulls":8},"表—08"]
["分部分项工程和单价措施项目清单与计价表"]
["工程名称：电气工程-新蓝天幼儿园工程建设项目-地上",{"$nulls":3},"标段：",{"$nulls":3},"第 2 页  共 13 页"]
["序号","项目编码","项目名称","项目特征描述",null,"计量单位","工程量","金额（元）"]
[{"$nulls":7},"综合单价",null,"综合合价","其中"]
[{"$nulls":10},"暂估价"]
[6,"030404017030","空调动力总配电箱 01F01AP.z","1.名称、型号：空调动力总配电箱 01F01AP.z\n2.箱体尺寸：600x200x600(宽x深x高)\n3.底边距地1.4m安装\n4.接地\n5.满足设计、技术规范及参数要求与施工工艺要求",null,"台",1,4858.5,null,4858.5]
[7,"030404017031","普通动力配电箱 01F01AP1","1.名称、型号：普通动力配电箱 01F01AP1\n2.箱体尺寸：600x200x600(宽x深x高)\n3.底边距地1.4m安装\n4.接地\n5.满足设计、技术规范及参数要求与施工工艺要求\n6.模块严禁设置在配电箱内",null,"台",1,3126.81,null,3126.81]
[8,"030404017032","普通动力配电箱 02~03F01AP1","1.名称、型号：普通动力配电箱 02~03F01AP1\n2.箱体尺寸：600x200x600(宽x深x高)\n3.底边距地1.4m安装\n4.接地\n5.满足设计、技术规范及参数要求与施工工艺要求",null,"台",2,3327.91,null,6655.82]
[9,"030404017033","普通动力配电箱 04F01AP1","1.名称、型号：普通动力配电箱 04F01AP1\n2.箱体尺寸：600x200x600(宽x深x高)\n3.底边距地1.4m安装\n4.接地\n5.满足设计、技术规范及参数要求与施工工艺要求\n6.模块严禁设置在配电箱内",null,"台",1,3544.4,null,3544.4]
[10,"030404017034","客梯电源箱 05F01AT.dt1","1.名称、型号：客梯电源箱 05F01AT.dt1\n2.箱体尺寸：600x200x600(宽x深x高)\n3.底边距地1.4m安装\n4.接地\n5.满足设计、技术规范及参数要求与施工工艺要求",null,"台",1,4938.45,null,4938.45]
["本页小计",{"$nulls":8},23123.98]
["注：为计取规费等的使用，可在表中增设其中：“定额人工费”。"]
[{"$nulls":8},"表—08"]
["分部分项工程和单价措施项目清单与计价表"]
["工程名称：电气工程-新蓝天幼儿园工程建设项目-地上",{"$nulls":3},"标段：",{"$nulls":3},"第 3 页  共 13 页"]
["序号","项目编码","项目名称","项目特征描述",null,"计量单位","工程量","金额（元）"]
[{"$nulls":7},"综合单价",null,"综合合价","其中"]
[{"$nulls":10},"暂估价"]
[11,"030404017035","厨房用电 01F01AP.cf","1.名称、型号：厨房用电 01F01AP.cf\n2.箱体尺寸：600x200x600(宽x深x高)\n3.底边距地1.4m安装\n4.接地\n5.满足设计、技术规范及参数要求与施工工艺要求",null,"台",1,5658.5,null,5658.5]
[12,"030404017036","消防兼安防控制室消防用电 01F01APE.xf","1.名称、型号：消防兼安防控制室消防用电 01F01APE.xf\n2.箱体尺寸：600x200x600(宽x深x高)\n3.底边距地1.4m安装\n4.接地\n5.满足设计、技术规范及参数要求与施工工艺要求",null,"台",1,4874.49,null,4874.49]
[13,"030404017037","变电所用电 01F01APE.bds","1.名称、型号：变电所用电 01F01APE.bds\n2.箱体尺寸：600x200x600(宽x深x高)\n3.底边距地1.4m安装\n4.接地\n5.满足设计、技术规范及参数要求与施工工艺要求\n6.ATSE具有隔离功能时,ATSE前面的进线隔离开关可取消",null,"台",1,4690.48,null,4690.48]
[14,"030404017038","洗衣机间照明配电箱 01F01AL2","1.名称、型号：洗衣机间照明配电箱 01F01AL2\n2.箱体尺寸：600x200x600(宽x深x高)\n3.底边距地1.4m安装\n4.接地\n5.满足设计、技术规范及参数要求与施工工艺要求",null,"台",1,13321.48,null,13321.48]
["本页小计",{"$nulls":8},28544.95]
["注：为计取规费等的使用，可在表中增设其中：“定额人工费”。"]
[{"$nulls":8},"表—08"]
["分部分项工程和单价措施项目清单与计价表"]
["工程名称：电气工程-新蓝天幼儿园工程建设项目-地上",{"$nulls":3},"标段：",{"$nulls":3},"第 4 页  共 13 页"]
["序号","项目编码","项目名称","项目特征描述",null,"计量单位","工程量","金额（元）"]
[{"$nulls":7},"综合单价",null,"综合合价","其中"]
[{"$nulls":10},"暂估价"]
[15,"030404017039","保安室安防用电 01F01AT.af","1.名称、型号：保安室安防用电 01F01AT.af\n2.箱体尺寸：600x200x600(宽x深x高)\n3.底边距地1.4m安装\n4.接地\n5.满足设计、技术规范及参数要求与施工工艺要求\n6.模块严禁设置在配电箱内\n7.ATSE具有隔离功能时,ATSE前面的进线隔离开关可取消",null,"台",1,4821.48,null,4821.48]
[16,"030404017040","应急照明配电箱 01F01ALE1","1.名称、型号：应急照明配电箱 01F01ALE1\n2.箱体尺寸：600x200x600(宽x深x高)\n3.底边距地1.4m安装\n4.接地\n5.满足设计、技术规范及参数要求与施工工艺要求",null,"台",1,6858.5,null,6858.5]
[17,"030404017041","A型应急照明集中电源 01F01ALE1.c1","1.名称、型号：A型应急照明集中电源 01F01ALE1.c1\n2.箱体尺寸：500x690x220\n3.底边距地1.4m安装\n4.接地\n5.满足设计、技术规范及参数要求与施工工艺要求",null,"台",1,5858.5,null,5858.5]
[18,"030404017042","A型应急照明集中电源 03F01ALE1.c1","1.名称、型号：A型应急照明集中电源 03F01ALE1.c1\n2.箱体尺寸：500x690x220\n3.底边距地1.4m安装\n4.接地\n5.满足设计、技术规范及参数要求与施工工艺要求",null,"台",1,5858.5,null,5858.5]
[19,"030404017044","防火卷帘门控制箱 01F01AC.fjm","1.名称、型号：防火卷帘门控制箱 01F01AC.fjm\n2.箱体尺寸：综合考虑\n3.底边距地1.4m安装\n4.接地\n5.满足设计、技术规范及参数要求与施工工艺要求",null,"台",1,1335.82,null,1335.82]
["本页小计",{"$nulls":8},24732.8]
["注：为计取规费等的使用，可在表中增设其中：“定额人工费”。"]
[{"$nulls":8},"表—08"]
["分部分项工程和单价措施项目清单与计价表"]
["工程名称：电气工程-新蓝天幼儿园工程建设项目-地上",{"$nulls":3},"标段：",{"$nulls":3},"第 5 页  共 13 页"]
["序号","项目编码","项目名称","项目特征描述",null,"计量单位","工程量","金额（元）"]
[{"$nulls":7},"综合单价",null,"综合合价","其中"]
[{"$nulls":10},"暂估价"]
[20,"030404017043","电缆T接箱","1.名称：电缆T接箱\n2.配电箱配件：详见系统图\n3.安装方式：明装",null,"台",4,630.39,null,2521.56]
[21,"030411003008","电缆桥架 CT100x50","1.名称：电缆桥架 \n2.型号、规格：CT100x50\n3.材质：钢制  \n4.含配件（弯头、异径直通、三通、四通等）、接地等安装\n5.满足设计、技术规范及参数要求与施工工艺要求",null,"m",19.23,61.01,null,1173.22]
[22,"030411003005","电缆桥架 CT200x100","1.名称：电缆桥架 \n2.型号、规格：CT200x100\n3.材质：钢制  \n4.含配件（弯头、异径直通、三通、四通等）、接地等安装\n5.满足设计、技术规范及参数要求与施工工艺要求",null,"m",348.2,109.83,null,38242.81]
[23,"030411003006","电缆桥架 CT300x150","1.名称：电缆桥架 \n2.型号、规格：CT300*150\n3.材质：钢制  \n4.4.含配件（弯头、异径直通、三通、四通等）、接地等安装\n5.满足设计、技术规范及参数要求与施工工艺要求",null,"m",11.95,185.33,null,2214.69]
[24,"030411003007","电缆桥架 CT400x150","1.名称：电缆桥架 \n2.型号、规格：CT400*150\n3.材质：钢制  \n4.含配件（弯头、异径直通、三通、四通等）、接地等安装\n5.满足设计、技术规范及参数要求与施工工艺要求",null,"m",44.32,239.29,null,10605.33]
[25,"030411003009","电缆桥架 CT500x200","1.名称：电缆桥架 \n2.型号、规格：CT500*200\n3.材质：钢制  \n4.含配件（弯头、异径直通、三通、四通等）、接地等安装\n5.满足设计、技术规范及参数要求与施工工艺要求",null,"m",39.62,308.77,null,12233.47]
[26,"030413001004","桥架支架制作安装","1.名称：桥架支架制作安装\n2.材质：金属\n3.其他：满足设计和规范要求",null,"kg",619.5,24.79,null,15357.41]
["本页小计",{"$nulls":8},82348.49]
["注：为计取规费等的使用，可在表中增设其中：“定额人工费”。"]
[{"$nulls":8},"表—08"]
["分部分项工程和单价措施项目清单与计价表"]
["工程名称：电气工程-新蓝天幼儿园工程建设项目-地上",{"$nulls":3},"标段：",{"$nulls":3},"第 6 页  共 13 页"]
["序号","项目编码","项目名称","项目特征描述",null,"计量单位","工程量","金额（元）"]
[{"$nulls":7},"综合单价",null,"综合合价","其中"]
[{"$nulls":10},"暂估价"]
[27,"030408008001","防火堵洞","1.名称：楼板防火堵洞\n2.材质：防火堵泥、防火隔板\n3.部位：强弱电桥架、消防桥架\n4.\n4.满足设计、技术规范及参数要求与施工工艺要求",null,"处",8,575.94,null,4607.52]
[28,"030412004001","壁灯(荧光灯) 9W","1.名称：壁灯(荧光灯)\n2.规格：220V/9W,850lm\n3.安装方式及位置：壁装式，电井及屋面电梯机房处\n4.满足设计、技术规范及参数要求与施工工艺要求",null,"套",9,96.72,null,870.48]
[29,"030412005001","T5型单管荧光灯 220V/18W，1450LM","1.名称：T5型单管荧光灯\n2.型号：220V/18W，1450LM\n3.规格：单管\n4.安装方式及位置：壁装，屋面电梯机房处\n4.满足设计、技术规范及参数要求与施工工艺要求",null,"套",1,78.52,null,78.52]
[30,"030412005002","T5型单管荧光灯 220V/28W，2600LM","1.名称：T5型单管荧光灯\n2.型号：220V/28W，2600LM\n3.规格：单管\n4.安装方式及位置：吊链安装，首层汽车坡道处\n4.满足设计、技术规范及参数要求与施工工艺要求",null,"套",6,90.44,null,542.64]
[31,"030404034001","照明开关","1.名称：单联单控开关\n2.安装位置：电井及屋面电梯机房处\n3.其他：满足设计和规范要求",null,"个",9,19.97,null,179.73]
[32,"030404034002","单联双控开关","1.名称：单联双控开关\n2.安装位置：屋面电梯机房处\n3.其他：满足设计和规范要求",null,"个",1,21.64,null,21.64]
[33,"030404035001","暗装普通单相二、三孔插座,带保护门","1.名称：暗装普通单相二、三孔插座,带保护门\n2.安装位置：电井及屋面电梯机房处\n3.其他：满足设计和规范要求",null,"个",9,30.18,null,271.62]
[34,"030404031001","现场控制按钮","1.名称：现场控制按钮\n2.其他：满足设计和规范要求",null,"个",2,39.9,null,79.8]
["本页小计",{"$nulls":8},6651.95]
["注：为计取规费等的使用，可在表中增设其中：“定额人工费”。"]
[{"$nulls":8},"表—08"]
["分部分项工程和单价措施项目清单与计价表"]
["工程名称：电气工程-新蓝天幼儿园工程建设项目-地上",{"$nulls":3},"标段：",{"$nulls":3},"第 7 页  共 13 页"]
["序号","项目编码","项目名称","项目特征描述",null,"计量单位","工程量","金额（元）"]
[{"$nulls":7},"综合单价",null,"综合合价","其中"]
[{"$nulls":10},"暂估价"]
[35,"030411006018","开关插座接线盒","1.名称：开关插座接线盒\n2.材质：PVC\n3.其他：满足设计和规范要求",null,"个",23,9.15,null,210.45]
[36,"030411006019","灯具接线盒","1.名称：灯具接线盒\n2.材质：PVC\n3.其他：满足设计和规范要求",null,"个",16,9.36,null,149.76]
[37,"030408001001","矿物电缆 BTLY-0.6/1kV--3x150+2x70","1.名称：硬矿物绝缘电力电缆\n2.型号：BTLY-0.6/1kV--3x150+2x70\n3.敷设方式、部位：电缆沟、桥架等敷设\n4.满足设计、技术规范及参数要求与施工工艺要求",null,"m",101.53,654.39,null,66440.22]
[38,"030408001002","矿物电缆 BTLY-0.6/1kV--4x70+1x35","1.名称：硬矿物绝缘电力电缆\n2.型号：BTLY-0.6/1kV--4x70+1x35\n3.敷设方式、部位：电缆沟、桥架等敷设\n4.满足设计、技术规范及参数要求与施工工艺要求",null,"m",101.53,250.9,null,25473.88]
[39,"030408001003","矿物电缆 BTLY-0.6/1kV-4x35+1x16","1.名称：硬矿物绝缘电力电缆\n2.型号：BTLY-0.6/1kV-4x35+1x16\n3.敷设方式、部位：电缆沟、桥架等敷设\n4.满足设计、技术规范及参数要求与施工工艺要求",null,"m",31.2,257.1,null,8021.52]
[40,"030408001004","矿物电缆 BTLY-0.6/1kV-5x16","1.名称：硬矿物绝缘电力电缆\n2.型号：BTLY-0.6/1kV-5x16\n3.敷设方式、部位：电缆沟、桥架等敷设\n4.满足设计、技术规范及参数要求与施工工艺要求",null,"m",291.72,79.81,null,23282.17]
[41,"030408001005","电力电缆 WDZB-YJY-0.6/1kV-4x185+1x95","1.名称：铜芯电力电缆\n2.型号：WDZB-YJY-0.6/1kV-4x185+1x95\n3.敷设方式、部位：电缆沟、桥架等敷设\n4.满足设计、技术规范及参数要求与施工工艺要求",null,"m",54.32,613.95,null,33349.76]
["本页小计",{"$nulls":8},156927.76]
["注：为计取规费等的使用，可在表中增设其中：“定额人工费”。"]
[{"$nulls":8},"表—08"]
["分部分项工程和单价措施项目清单与计价表"]
["工程名称：电气工程-新蓝天幼儿园工程建设项目-地上",{"$nulls":3},"标段：",{"$nulls":3},"第 8 页  共 13 页"]
["序号","项目编码","项目名称","项目特征描述",null,"计量单位","工程量","金额（元）"]
[{"$nulls":7},"综合单价",null,"综合合价","其中"]
[{"$nulls":10},"暂估价"]
[42,"030408001006","电力电缆 WDZB-YJY-0.6/1kV-3x150+2x70","1.名称：铜芯电力电缆\n2.型号：WDZB-YJY-0.6/1kV-3x150+2x70\n3.敷设方式、部位：电缆沟、桥架等敷设\n4.满足设计、技术规范及参数要求与施工工艺要求",null,"m",115.08,715.55,null,82345.49]
[43,"030408001007","电力电缆 WDZB-YJY-0.6/1kV-3x95+2x50","1.名称：铜芯电力电缆\n2.型号：WDZB-YJY-0.6/1kV-3x95+2x50\n3.敷设方式、部位：电缆沟、桥架等敷设\n4.满足设计、技术规范及参数要求与施工工艺要求",null,"m",23.77,300.37,null,7139.79]
[44,"030408001008","电力电缆 WDZB-YJY-0.6/1kV-3x50+2x25","1.名称：铜芯电力电缆\n2.型号：WDZB-YJY-0.6/1kV-3x50+2x25\n3.敷设方式、部位：电缆沟、桥架等敷设\n4.满足设计、技术规范及参数要求与施工工艺要求",null,"m",35.56,176.73,null,6284.52]
[45,"030408001009","电力电缆 WDZB-YJY-0.6/1kV-4x35+1x16","1.名称：铜芯电力电缆\n2.型号：WDZB-YJY-0.6/1kV-4x35+1x16\n3.敷设方式、部位：电缆沟、桥架等敷设\n4.满足设计、技术规范及参数要求与施工工艺要求",null,"m",257.14,182.39,null,46899.76]
[46,"030408001010","电力电缆 WDZB-YJY-0.6/1kV-4x25+2x16","1.名称：铜芯电力电缆\n2.型号：WDZB-YJY-0.6/1kV-4x25+2x16\n3.敷设方式、部位：电缆沟、桥架等敷设\n4.满足设计、技术规范及参数要求与施工工艺要求",null,"m",8.63,126.75,null,1093.85]
["本页小计",{"$nulls":8},143763.41]
["注：为计取规费等的使用，可在表中增设其中：“定额人工费”。"]
[{"$nulls":8},"表—08"]
["分部分项工程和单价措施项目清单与计价表"]
["工程名称：电气工程-新蓝天幼儿园工程建设项目-地上",{"$nulls":3},"标段：",{"$nulls":3},"第 9 页  共 13 页"]
["序号","项目编码","项目名称","项目特征描述",null,"计量单位","工程量","金额（元）"]
[{"$nulls":7},"综合单价",null,"综合合价","其中"]
[{"$nulls":10},"暂估价"]
[47,"030408001011","电力电缆 WDZB-YJY-0.6/1kV-4x25+1x16","1.名称：铜芯电力电缆\n2.型号：WDZB-YJY-0.6/1kV-4x25+1x16\n3.敷设方式、部位：电缆沟、桥架等敷设\n4.满足设计、技术规范及参数要求与施工工艺要求",null,"m",398.17,123.81,null,49297.43]
[48,"030408001012","电力电缆 WDZB-YJY-0.6/1kV-5x16","1.名称：铜芯电力电缆\n2.型号：WDZB-YJY-0.6/1kV-5x16\n3.敷设方式、部位：电缆沟、桥架等敷设\n4.满足设计、技术规范及参数要求与施工工艺要求",null,"m",213.7,96.39,null,20598.54]
[49,"030408001013","电力电缆 WDZB-YJY-0.6/1kV-5x10","1.名称：铜芯电力电缆\n2.型号：WDZB-YJY-0.6/1kV-5x10\n3.敷设方式、部位：电缆沟、桥架等敷设\n4.满足设计、技术规范及参数要求与施工工艺要求",null,"m",42.91,49.82,null,2137.78]
[50,"030408001014","电力电缆 WDZB-YJY-0.6/1kV-5x4","1.名称：铜芯电力电缆\n2.型号：WDZB-YJY-0.6/1kV-5x4\n3.敷设方式、部位：电缆沟、桥架等敷设  \n4.满足设计、技术规范及参数要求与施工工艺要求",null,"m",82.26,25.22,null,2074.6]
[51,"030408001015","电力电缆 WDZBN-YJY-5x16","1.名称：铜芯电力电缆\n2.型号：WDZBN-YJY-5x16\n3.敷设方式、部位：电缆沟、桥架等敷设\n4.满足设计、技术规范及参数要求与施工工艺要求",null,"m",14.37,85.09,null,1222.74]
[52,"030408001016","电力电缆 WDZBN-YJY-0.6/1kV-3x4","1.名称：铜芯电力电缆\n2.型号：WDZBN-YJY-0.6/1kV-3x4\n3.敷设方式、部位：电缆沟、桥架等敷设  \n4.满足设计、技术规范及参数要求与施工工艺要求",null,"m",31.41,15.56,null,488.74]
["本页小计",{"$nulls":8},75819.83]
["注：为计取规费等的使用，可在表中增设其中：“定额人工费”。"]
[{"$nulls":8},"表—08"]
["分部分项工程和单价措施项目清单与计价表"]
["工程名称：电气工程-新蓝天幼儿园工程建设项目-地上",{"$nulls":3},"标段：",{"$nulls":3},"第 10 页  共 13 页"]
["序号","项目编码","项目名称","项目特征描述",null,"计量单位","工程量","金额（元）"]
[{"$nulls":7},"综合单价",null,"综合合价","其中"]
[{"$nulls":10},"暂估价"]
[53,"030408001017","电力电缆 WDZBN-YJY-5x2.5","1.名称：铜芯电力电缆\n2.型号：WDZBN-YJY-5x2.5\n3.敷设方式、部位：电缆沟、桥架等敷设\n4.满足设计、技术规范及参数要求与施工工艺要求",null,"m",79.84,17.17,null,1370.85]
[54,"030408006001","电力电缆头(16截面mm2以下)","1.电力电缆头(16截面mm2以下)\n2.电力电缆头制作\n3.电力电缆头安装\n4.满足设计、技术规范及参数要求与施工工艺要求",null,"个",24,99.02,null,2376.48]
[55,"030408006002","电力电缆头(35截面mm2以下)","1.电力电缆头(35截面mm2以下)\n2.电力电缆头制作\n3.电力电缆头安装\n4.满足设计、技术规范及参数要求与施工工艺要求",null,"个",20,155.08,null,3101.6]
[56,"030408006003","电力电缆头(70截面mm2以下)","1.电力电缆头(70截面mm2以下)\n2.电力电缆头制作\n3.电力电缆头安装\n4.满足设计、技术规范及参数要求与施工工艺要求",null,"个",4,196.55,null,786.2]
[57,"030408006004","电力电缆头(120截面mm2以下)","1.电力电缆头(120截面mm2以下)\n2.电力电缆头制作\n3.电力电缆头安装\n4.满足设计、技术规范及参数要求与施工工艺要求",null,"个",2,254.5,null,509]
[58,"030408006005","电力电缆头(185截面mm2以下)","1.电力电缆头(185截面mm2以下)\n2.电力电缆头制作\n3.电力电缆头安装\n4.满足设计、技术规范及参数要求与施工工艺要求",null,"个",6,305.51,null,1833.06]
["本页小计",{"$nulls":8},9977.19]
["注：为计取规费等的使用，可在表中增设其中：“定额人工费”。"]
[{"$nulls":8},"表—08"]
["分部分项工程和单价措施项目清单与计价表"]
["工程名称：电气工程-新蓝天幼儿园工程建设项目-地上",{"$nulls":3},"标段：",{"$nulls":3},"第 11 页  共 13 页"]
["序号","项目编码","项目名称","项目特征描述",null,"计量单位","工程量","金额（元）"]
[{"$nulls":7},"综合单价",null,"综合合价","其中"]
[{"$nulls":10},"暂估价"]
[59,"030408001018","矿物绝缘电缆终端头安装 多芯(截面mm2以下) 35","1.矿物绝缘电缆终端头安装 多芯(截面mm2以下) 35\n2.矿物绝缘电缆终端头制作\n3.矿物绝缘电缆终端头电缆头安装\n4.满足设计、技术规范及参数要求与施工工艺要求",null,"个",14,152.54,null,2135.56]
[60,"030408001019","矿物绝缘电缆终端头安装 多芯(截面mm2以下) 70","1.矿物绝缘电缆终端头安装 多芯(截面mm2以下) 70\n2.矿物绝缘电缆终端头制作\n3.矿物绝缘电缆终端头电缆头安装\n4.满足设计、技术规范及参数要求与施工工艺要求",null,"个",2,260.79,null,521.58]
[61,"030408001020","矿物绝缘电缆终端头安装 多芯(截面mm2以下) 120","1.矿物绝缘电缆终端头安装 多芯(截面mm2以下) 120\n2.矿物绝缘电缆终端头制作\n3.矿物绝缘电缆终端头电缆头安装\n4.满足设计、技术规范及参数要求与施工工艺要求",null,"个",2,277.83,null,555.66]
[62,"030411004012","配线 WDZB-BYJ-450/750V-2.5","1.名称：铜芯绝缘导线 \n2.规格：WDZB-BYJ-450/750V-2.5\n3.敷设方式：管内穿线敷设  \n4.满足设计、技术规范及参数要求与施工工艺要求",null,"m",1249.61,5.17,null,6460.48]
[63,"030411004013","配线 WDZB-BYJ-450/750V-2.5","1.名称：铜芯绝缘导线 \n2.规格：WDZB-BYJ-450/750V-2.5\n3.敷设方式：桥架内敷设  \n4.满足设计、技术规范及参数要求与施工工艺要求",null,"m",588.28,5.16,null,3035.52]
[64,"030411004014","配线 WDZBN-BYJ-450/750V-2.5","1.名称：铜芯绝缘导线\n2.规格：WDZBN-BYJ-450/750V-2.5\n3.敷设方式：管内穿线敷设\n4.满足设计、技术规范及参数要求与施工工艺要求",null,"m",58.13,7.04,null,409.24]
["本页小计",{"$nulls":8},13118.04]
["注：为计取规费等的使用，可在表中增设其中：“定额人工费”。"]
[{"$nulls":8},"表—08"]
["分部分项工程和单价措施项目清单与计价表"]
["工程名称：电气工程-新蓝天幼儿园工程建设项目-地上",{"$nulls":3},"标段：",{"$nulls":3},"第 12 页  共 13 页"]
["序号","项目编码","项目名称","项目特征描述",null,"计量单位","工程量","金额（元）"]
[{"$nulls":7},"综合单价",null,"综合合价","其中"]
[{"$nulls":10},"暂估价"]
[65,"030411004015","配线 WDZB-BYJ-450/750V-10","1.名称：铜芯绝缘导线\n2.规格：WDZB-BYJ-450/750V-10\n3.敷设方式：管内穿线敷设\n4.满足设计、技术规范及参数要求与施工工艺要求",null,"m",31.69,10.54,null,334.01]
[66,"030411004016","配线 WDZB-BYJ-450/750V-10","1.名称：铜芯绝缘导线 \n2.规格：WDZB-BYJ-450/750V-10\n3.敷设方式：桥架内敷设  \n4.满足设计、技术规范及参数要求与施工工艺要求",null,"m",156.89,11.1,null,1741.48]
[67,"030411004017","配线 WDZB-RYJ-2x1.5","1.名称：铜芯绝缘导线\n2.规格：WDZB-RYJ-2x1.5\n3.敷设方式：管内穿线敷设\n4.满足设计、技术规范及参数要求与施工工艺要求",null,"m",16.08,7.94,null,127.68]
[68,"030411001007","镀锌电线管 MT16","1.名称：镀锌电线管 \n2.规格：MT16\n3.敷设形式及部位：综合考虑\n4.满足设计、技术规范及参数要求与施工工艺要求",null,"m",13.68,12.05,null,164.84]
[69,"030411001008","镀锌电线管 MT19","1.名称：镀锌电线管 \n2.规格：MT19\n3.敷设形式及部位：综合考虑\n4.满足设计、技术规范及参数要求与施工工艺要求",null,"m",7731.65,13.68,null,105768.97]
[70,"030411001009","镀锌电线管 MT25","1.名称：镀锌电线管 \n2.规格：MT25\n3.敷设形式及部位：综合考虑\n4.满足设计、技术规范及参数要求与施工工艺要求",null,"m",68.18,18.9,null,1288.6]
[71,"030411001010","镀锌电线管 MT32","1.名称：镀锌电线管 \n2.规格：MT32\n3.敷设形式及部位：综合考虑\n4.满足设计、技术规范及参数要求与施工工艺要求",null,"m",812.25,22,null,17869.5]
["本页小计",{"$nulls":8},127295.08]
["注：为计取规费等的使用，可在表中增设其中：“定额人工费”。"]
[{"$nulls":8},"表—08"]
["分部分项工程和单价措施项目清单与计价表"]
["工程名称：电气工程-新蓝天幼儿园工程建设项目-地上",{"$nulls":3},"标段：",{"$nulls":3},"第 13 页  共 13 页"]
["序号","项目编码","项目名称","项目特征描述",null,"计量单位","工程量","金额（元）"]
[{"$nulls":7},"综合单价",null,"综合合价","其中"]
[{"$nulls":10},"暂估价"]
[72,"030411001011","镀锌电线管 MT40","1.名称：镀锌电线管 \n2.规格：MT40\n3.敷设形式及部位：综合考虑\n4.满足设计、技术规范及参数要求与施工工艺要求",null,"m",18.96,30.46,null,577.52]
[73,"030411001012","镀锌电线管 MT50","1.名称：镀锌电线管 \n2.规格：MT50\n3.敷设形式及部位：综合考虑\n4.满足设计、技术规范及参数要求与施工工艺要求",null,"m",56.18,35.44,null,1991.02]
[null,null,"措施项目",{"$nulls":6},6117.79]
[74,"031302007001","高层施工增加",null,null,"项",1,2034.07,null,2034.07]
[75,"031301017001","脚手架搭拆费",null,null,"项",1,4083.72,null,4083.72]
{"$rows_empty":18}
["本页小计",{"$nulls":8},8686.33]
["合   计",{"$nulls":8},731770.3]
["注：为计取规费等的使用，可在表中增设其中：“定额人工费”。"]
[{"$nulls":8},"表—08"]

{"sheet":"表-08 分部分项工程和单价措施项目清单与计价表(含措施标","index":6,"n_rows":200,"n_cols":11,"rows_kept":200,"merged":[[0,0,0,10],[1,0,1,3],[1,4,1,7],[1,8,1,10],[2,0,4,0],[2,1,4,1],[2,2,4,2],[2,3,4,4],[2,5,4,5],[2,6,4,6],[2,7,2,10],[3,7,4,8],[3,9,4,9],[5,3,5,4],[5,7,5,8],[6,3,6,4],[6,7,6,8],[7,3,7,4],[7,7,7,8],[8,3,8,4],[8,7,8,8],[9,3,9,4],[9,7,9,8],[10,3,10,4],[10,7,10,8],[11,0,11,8],[12,0,12,10],[13,0,13,3],[13,4,13,7],[13,8,13,10],[14,0,14,10],[15,0,15,3],[15,4,15,7],[15,8,15,10],[16,0,18,0],[16,1,18,1],[16,2,18,2],[16,3,18,4],[16,5,18,5],[16,6,18,6],[16,7,16,10],[17,7,18,8],[17,9,18,9],[19,3,19,4],[19,7,19,8],[20,3,20,4],[20,7,20,8],[21,3,21,4],[21,7,21,8],[22,3,22,4],[22,7,22,8],[23,3,23,4],[23,7,23,8],[24,0,24,8],[25,0,25,10],[26,0,26,3],[26,4,26,7],[26,8,26,10],[27,0,27,10],[28,0,28,3],[28,4,28,7],[28,8,28,10],[29,0,31,0],[29,1,31,1],[29,2,31,2],[29,3,31,4],[29,5,31,5],[29,6,31,6],[29,7,29,10],[30,7,31,8],[30,9,31,9],[32,3,32,4],[32,7,32,8],[33,3,33,4],[33,7,33,8],[34,3,34,4],[34,7,34,8],[35,3,35,4],[35,7,35,8],[36,0,36,8],[37,0,37,10],[38,0,38,3],[38,4,38,7],[38,8,38,10],[39,0,39,10],[40,0,40,3],[40,4,40,7],[40,8,40,10],[41,0,43,0],[41,1,43,1],[41,2,43,2],[41,3,43,4],[41,5,43,5],[41,6,43,6],[41,7,41,10],[42,7,43,8],[42,9,43,9],[44,3,44,4],[44,7,44,8],[45,3,45,4],[45,7,45,8],[46,3,46,4],[46,7,46,8],[47,3,47,4],[47,7,47,8],[48,3,48,4],[48,7,48,8],[49,0,49,8],[50,0,50,10],[51,0,51,3],[51,4,51,7],[51,8,51,10],[52,0,52,10],[53,0,53,3],[53,4,53,7],[53,8,53,10],[54,0,56,0],[54,1,56,1],[54,2,56,2],[54,3,56,4],[54,5,56,5],[54,6,56,6],[54,7,54,10],[55,7,56,8],[55,9,56,9],[57,3,57,4],[57,7,57,8],[58,3,58,4],[58,7,58,8],[59,3,59,4],[59,7,59,8],[60,3,60,4],[60,7,60,8],[61,3,61,4],[61,7,61,8],[62,3,62,4],[62,7,62,8],[63,3,63,4],[63,7,63,8],[64,0,64,8],[65,0,65,10],[66,0,66,3],[66,4,66,7],[66,8,66,10],[67,0,67,10],[68,0,68,3],[68,4,68,7],[68,8,68,10],[69,0,71,0],[69,1,71,1],[69,2,71,2],[69,3,71,4],[69,5,71,5],[69,6,71,6],[69,7,69,10],[70,7,71,8],[70,9,71,9],[72,3,72,4],[72,7,72,8],[73,3,73,4],[73,7,73,8],[74,3,74,4],[74,7,74,8],[75,3,75,4],[75,7,75,8],[76,3,76,4],[76,7,76,8],[77,3,77,4],[77,7,77,8],[78,3,78,4],[78,7,78,8],[79,3,79,4],[79,7,79,8],[80,0,80,8],[81,0,81,10],[82,0,82,3],[82,4,82,7],[82,8,82,10],[83,0,83,10],[84,0,84,3],[84,4,84,7],[84,8,84,10],[85,0,87,0],[85,1,87,1],[85,2,87,2],[85,3,87,4],[85,5,87,5],[85,6,87,6],[85,7,85,10],[86,7,87,8],[86,9,87,9],[88,3,88,4],[88,7,88,8],[89,3,89,4],[89,7,89,8],[90,3,90,4],[90,7,90,8],[91,3,91,4],[91,7,91,8],[92,3,92,4],[92,7,92,8],[93,3,93,4],[93,7,93,8],[94,3,94,4],[94,7,94,8],[95,0,95,8],[96,0,96,10],[97,0,97,3],[97,4,97,7],[97,8,97,10],[98,0,98,10],[99,0,99,3],[99,4,99,7],[99,8,99,10],[100,0,102,0],[100,1,102,1],[100,2,102,2],[100,3,102,4],[100,5,102,5],[100,6,102,6],[100,7,100,10],[101,7,102,8],[101,9,102,9],[103,3,103,4],[103,7,103,8],[104,3,104,4],[104,7,104,8],[105,3,105,4],[105,7,105,8],[106,3,106,4],[106,7,106,8],[107,3,107,4],[107,7,107,8],[108,0,108,8],[109,0,109,10],[110,0,110,3],[110,4,110,7],[110,8,110,10],[111,0,111,10],[112,0,112,3],[112,4,112,7],[112,8,112,10],[113,0,115,0],[113,1,115,1],[113,2,115,2],[113,3,115,4],[113,5,115,5],[113,6,115,6],[113,7,113,10],[114,7,115,8],[114,9,115,9],[116,3,116,4],[116,7,116,8],[117,3,117,4],[117,7,117,8],[118,3,118,4],[118,7,118,8],[119,3,119,4],[119,7,119,8],[120,3,120,4],[120,7,120,8],[121,3,121,4],[121,7,121,8],[122,0,122,8],[123,0,123,10],[124,0,124,3],[124,4,124,7],[124,8,124,10],[125,0,125,10],[126,0,126,3],[126,4,126,7],[126,8,126,10],[127,0,129,0],[127,1,129,1],[127,2,129,2],[127,3,129,4],[127,5,129,5],[127,6,129,6],[127,7,127,10],[128,7,129,8],[128,9,129,9],[130,3,130,4],[130,7,130,8],[131,3,131,4],[131,7,131,8],[132,3,132,4],[132,7,132,8],[133,3,133,4],[133,7,133,8],[134,3,134,4],[134,7,134,8],[135,3,135,4],[135,7,135,8],[136,0,136,8],[137,0,137,10],[138,0,138,3],[138,4,138,7],[138,8,138,10],[139,0,139,10],[140,0,140,3],[140,4,140,7],[140,8,140,10],[141,0,143,0],[141,1,143,1],[141,2,143,2],[141,3,143,4],[141,5,143,5],[141,6,143,6],[141,7,141,10],[142,7,143,8],[142,9,143,9],[144,3,144,4],[144,7,144,8],[145,3,145,4],[145,7,145,8],[146,3,146,4],[146,7,146,8],[147,3,147,4],[147,7,147,8],[148,3,148,4],[148,7,148,8],[149,3,149,4],[149,7,149,8],[150,0,150,8],[151,0,151,10],[152,0,152,3],[152,4,152,7],[152,8,152,10],[153,0,153,10],[154,0,154,3],[154,4,154,7],[154,8,154,10],[155,0,157,0],[155,1,157,1],[155,2,157,2],[155,3,157,4],[155,5,157,5],[155,6,157,6],[155,7,155,10],[156,7,157,8],[156,9,157,9],[158,3,158,4],[158,7,158,8],[159,3,159,4],[159,7,159,8],[160,3,160,4],[160,7,160,8],[161,3,161,4],[161,7,161,8],[162,3,162,4],[162,7,162,8],[163,3,163,4],[163,7,163,8],[164,3,164,4],[164,7,164,8],[165,0,165,8],[166,0,166,10],[167,0,167,3],[167,4,167,7],[167,8,167,10],[168,0,168,10],[169,0,169,3],[169,4,169,7],[169,8,169,10],[170,0,172,0],[170,1,172,1],[170,2,172,2],[170,3,172,4],[170,5,172,5],[170,6,172,6],[170,7,170,10],[171,7,172,8],[171,9,172,9],[173,3,173,4],[173,7,173,8],[174,3,174,4],[174,7,174,8],[175,3,175,4],[175,7,175,8],[176,3,176,4],[176,7,176,8],[177,3,177,4],[177,7,177,8],[178,3,178,4],[178,7,178,8],[179,3,179,4],[179,7,179,8],[180,3,180,4],[180,7,180,8],[181,3,181,4],[181,7,181,8],[182,3,182,4],[182,7,182,8],[183,3,183,4],[183,7,183,8],[184,3,184,4],[184,7,184,8],[185,3,185,4],[185,7,185,8],[186,3,186,4],[186,7,186,8],[187,3,187,4],[187,7,187,8],[188,3,188,4],[188,7,188,8],[189,3,189,4],[189,7,189,8],[190,3,190,4],[190,7,190,8],[191,3,191,4],[191,7,191,8],[192,3,192,4],[192,7,192,8],[193,3,193,4],[193,7,193,8],[194,3,194,4],[194,7,194,8],[195,3,195,4],[195,7,195,8],[196,0,196,8],[197,0,197,8],[198,0,198,10],[199,0,199,3],[199,4,199,7],[199,8,199,10]]}
["分部分项工程和单价措施项目清单与计价表"]
["工程名称：电气工程-新蓝天幼儿园工程建设项目-地上",{"$nulls":3},"标段：",{"$nulls":3},"第 1 页  共 13 页"]
["序号","项目编码","项目名称","项目特征描述",null,"计量单位","工程量","金额（元）"]
[{"$nulls":7},"综合单价",null,"综合合价","其中"]
[{"$nulls":10},"暂估价"]
[null,null,"电气工程与预埋部分",{"$nulls":6},725652.51]
[1,"030404017025","公共照明总箱 01F01AL.z","1.名称、型号：公共照明总箱 01F01AL.z\n2.箱体尺寸：600x200x600(宽x深x高)\n3.底边距地1.4m安装\n4.接地\n5.满足设计、技术规范及参数要求与施工工艺要求",null,"台",1,4858.5,null,4858.5]
[2,"030404017026","照明配电箱 01F01AL1","1.名称、型号：照明配电箱 01F01AL1\n2.箱体尺寸：600x200x600(宽x深x高)\n3.底边距地1.4m安装\n4.接地\n5.满足设计、技术规范及参数要求与施工工艺要求",null,"台",1,3965.39,null,3965.39]
[3,"030404017027","照明配电箱 02~3F01AL1","1.名称、型号：照明配电箱 02~3F01AL1\n2.箱体尺寸：600x200x600(宽x深x高)\n3.底边距地1.4m安装\n4.接地\n5.满足设计、技术规范及参数要求与施工工艺要求",null,"台",2,4109.3,null,8218.6]
[4,"030404017028","照明配电箱 04F01AL1","1.名称、型号：照明配电箱 04F01AL1\n2.箱体尺寸：600x200x600(宽x深x高)\n3.底边距地1.4m安装\n4.接地\n5.满足设计、技术规范及参数要求与施工工艺要求",null,"台",1,6159,null,6159]
[5,"030404017029","普通用电配电箱 02~03F01AL2","1.名称、型号：普通用电配电箱 02~03F01AL2\n2.箱体尺寸：600x200x600(宽x深x高)\n3.底边距地1.4m安装\n4.接地\n5.满足设计、技术规范及参数要求与施工工艺要求",null,"台",2,3789.5,null,7579]
["本页小计",{"$nulls":8},30780.49]
["注：为计取规费等的使用，可在表中增设其中：“定额人工费”。"]
[{"$nulls":8},"表—08"]
["分部分项工程和单价措施项目清单与计价表"]
["工程名称：电气工程-新蓝天幼儿园工程建设项目-地上",{"$nulls":3},"标段：",{"$nulls":3},"第 2 页  共 13 页"]
["序号","项目编码","项目名称","项目特征描述",null,"计量单位","工程量","金额（元）"]
[{"$nulls":7},"综合单价",null,"综合合价","其中"]
[{"$nulls":10},"暂估价"]
[6,"030404017030","空调动力总配电箱 01F01AP.z","1.名称、型号：空调动力总配电箱 01F01AP.z\n2.箱体尺寸：600x200x600(宽x深x高)\n3.底边距地1.4m安装\n4.接地\n5.满足设计、技术规范及参数要求与施工工艺要求",null,"台",1,4858.5,null,4858.5]
[7,"030404017031","普通动力配电箱 01F01AP1","1.名称、型号：普通动力配电箱 01F01AP1\n2.箱体尺寸：600x200x600(宽x深x高)\n3.底边距地1.4m安装\n4.接地\n5.满足设计、技术规范及参数要求与施工工艺要求\n6.模块严禁设置在配电箱内",null,"台",1,3126.81,null,3126.81]
[8,"030404017032","普通动力配电箱 02~03F01AP1","1.名称、型号：普通动力配电箱 02~03F01AP1\n2.箱体尺寸：600x200x600(宽x深x高)\n3.底边距地1.4m安装\n4.接地\n5.满足设计、技术规范及参数要求与施工工艺要求",null,"台",2,3327.91,null,6655.82]
[9,"030404017033","普通动力配电箱 04F01AP1","1.名称、型号：普通动力配电箱 04F01AP1\n2.箱体尺寸：600x200x600(宽x深x高)\n3.底边距地1.4m安装\n4.接地\n5.满足设计、技术规范及参数要求与施工工艺要求\n6.模块严禁设置在配电箱内",null,"台",1,3544.4,null,3544.4]
[10,"030404017034","客梯电源箱 05F01AT.dt1","1.名称、型号：客梯电源箱 05F01AT.dt1\n2.箱体尺寸：600x200x600(宽x深x高)\n3.底边距地1.4m安装\n4.接地\n5.满足设计、技术规范及参数要求与施工工艺要求",null,"台",1,4938.45,null,4938.45]
["本页小计",{"$nulls":8},23123.98]
["注：为计取规费等的使用，可在表中增设其中：“定额人工费”。"]
[{"$nulls":8},"表—08"]
["分部分项工程和单价措施项目清单与计价表"]
["工程名称：电气工程-新蓝天幼儿园工程建设项目-地上",{"$nulls":3},"标段：",{"$nulls":3},"第 3 页  共 13 页"]
["序号","项目编码","项目名称","项目特征描述",null,"计量单位","工程量","金额（元）"]
[{"$nulls":7},"综合单价",null,"综合合价","其中"]
[{"$nulls":10},"暂估价"]
[11,"030404017035","厨房用电 01F01AP.cf","1.名称、型号：厨房用电 01F01AP.cf\n2.箱体尺寸：600x200x600(宽x深x高)\n3.底边距地1.4m安装\n4.接地\n5.满足设计、技术规范及参数要求与施工工艺要求",null,"台",1,5658.5,null,5658.5]
[12,"030404017036","消防兼安防控制室消防用电 01F01APE.xf","1.名称、型号：消防兼安防控制室消防用电 01F01APE.xf\n2.箱体尺寸：600x200x600(宽x深x高)\n3.底边距地1.4m安装\n4.接地\n5.满足设计、技术规范及参数要求与施工工艺要求",null,"台",1,4874.49,null,4874.49]
[13,"030404017037","变电所用电 01F01APE.bds","1.名称、型号：变电所用电 01F01APE.bds\n2.箱体尺寸：600x200x600(宽x深x高)\n3.底边距地1.4m安装\n4.接地\n5.满足设计、技术规范及参数要求与施工工艺要求\n6.ATSE具有隔离功能时,ATSE前面的进线隔离开关可取消",null,"台",1,4690.48,null,4690.48]
[14,"030404017038","洗衣机间照明配电箱 01F01AL2","1.名称、型号：洗衣机间照明配电箱 01F01AL2\n2.箱体尺寸：600x200x600(宽x深x高)\n3.底边距地1.4m安装\n4.接地\n5.满足设计、技术规范及参数要求与施工工艺要求",null,"台",1,13321.48,null,13321.48]
["本页小计",{"$nulls":8},28544.95]
["注：为计取规费等的使用，可在表中增设其中：“定额人工费”。"]
[{"$nulls":8},"表—08"]
["分部分项工程和单价措施项目清单与计价表"]
["工程名称：电气工程-新蓝天幼儿园工程建设项目-地上",{"$nulls":3},"标段：",{"$nulls":3},"第 4 页  共 13 页"]
["序号","项目编码","项目名称","项目特征描述",null,"计量单位","工程量","金额（元）"]
[{"$nulls":7},"综合单价",null,"综合合价","其中"]
[{"$nulls":10},"暂估价"]
[15,"030404017039","保安室安防用电 01F01AT.af","1.名称、型号：保安室安防用电 01F01AT.af\n2.箱体尺寸：600x200x600(宽x深x高)\n3.底边距地1.4m安装\n4.接地\n5.满足设计、技术规范及参数要求与施工工艺要求\n6.模块严禁设置在配电箱内\n7.ATSE具有隔离功能时,ATSE前面的进线隔离开关可取消",null,"台",1,4821.48,null,4821.48]
[16,"030404017040","应急照明配电箱 01F01ALE1","1.名称、型号：应急照明配电箱 01F01ALE1\n2.箱体尺寸：600x200x600(宽x深x高)\n3.底边距地1.4m安装\n4.接地\n5.满足设计、技术规范及参数要求与施工工艺要求",null,"台",1,6858.5,null,6858.5]
[17,"030404017041","A型应急照明集中电源 01F01ALE1.c1","1.名称、型号：A型应急照明集中电源 01F01ALE1.c1\n2.箱体尺寸：500x690x220\n3.底边距地1.4m安装\n4.接地\n5.满足设计、技术规范及参数要求与施工工艺要求",null,"台",1,5858.5,null,5858.5]
[18,"030404017042","A型应急照明集中电源 03F01ALE1.c1","1.名称、型号：A型应急照明集中电源 03F01ALE1.c1\n2.箱体尺寸：500x690x220\n3.底边距地1.4m安装\n4.接地\n5.满足设计、技术规范及参数要求与施工工艺要求",null,"台",1,5858.5,null,5858.5]
[19,"030404017044","防火卷帘门控制箱 01F01AC.fjm","1.名称、型号：防火卷帘门控制箱 01F01AC.fjm\n2.箱体尺寸：综合考虑\n3.底边距地1.4m安装\n4.接地\n5.满足设计、技术规范及参数要求与施工工艺要求",null,"台",1,1335.82,null,1335.82]
["本页小计",{"$nulls":8},24732.8]
["注：为计取规费等的使用，可在表中增设其中：“定额人工费”。"]
[{"$nulls":8},"表—08"]
["分部分项工程和单价措施项目清单与计价表"]
["工程名称：电气工程-新蓝天幼儿园工程建设项目-地上",{"$nulls":3},"标段：",{"$nulls":3},"第 5 页  共 13 页"]
["序号","项目编码","项目名称","项目特征描述",null,"计量单位","工程量","金额（元）"]
[{"$nulls":7},"综合单价",null,"综合合价","其中"]
[{"$nulls":10},"暂估价"]
[20,"030404017043","电缆T接箱","1.名称：电缆T接箱\n2.配电箱配件：详见系统图\n3.安装方式：明装",null,"台",4,630.39,null,2521.56]
[21,"030411003008","电缆桥架 CT100x50","1.名称：电缆桥架 \n2.型号、规格：CT100x50\n3.材质：钢制  \n4.含配件（弯头、异径直通、三通、四通等）、接地等安装\n5.满足设计、技术规范及参数要求与施工工艺要求",null,"m",19.23,61.01,null,1173.22]
[22,"030411003005","电缆桥架 CT200x100","1.名称：电缆桥架 \n2.型号、规格：CT200x100\n3.材质：钢制  \n4.含配件（弯头、异径直通、三通、四通等）、接地等安装\n5.满足设计、技术规范及参数要求与施工工艺要求",null,"m",348.2,109.83,null,38242.81]
[23,"030411003006","电缆桥架 CT300x150","1.名称：电缆桥架 \n2.型号、规格：CT300*150\n3.材质：钢制  \n4.4.含配件（弯头、异径直通、三通、四通等）、接地等安装\n5.满足设计、技术规范及参数要求与施工工艺要求",null,"m",11.95,185.33,null,2214.69]
[24,"030411003007","电缆桥架 CT400x150","1.名称：电缆桥架 \n2.型号、规格：CT400*150\n3.材质：钢制  \n4.含配件（弯头、异径直通、三通、四通等）、接地等安装\n5.满足设计、技术规范及参数要求与施工工艺要求",null,"m",44.32,239.29,null,10605.33]
[25,"030411003009","电缆桥架 CT500x200","1.名称：电缆桥架 \n2.型号、规格：CT500*200\n3.材质：钢制  \n4.含配件（弯头、异径直通、三通、四通等）、接地等安装\n5.满足设计、技术规范及参数要求与施工工艺要求",null,"m",39.62,308.77,null,12233.47]
[26,"030413001004","桥架支架制作安装","1.名称：桥架支架制作安装\n2.材质：金属\n3.其他：满足设计和规范要求",null,"kg",619.5,24.79,null,15357.41]
["本页小计",{"$nulls":8},82348.49]
["注：为计取规费等的使用，可在表中增设其中：“定额人工费”。"]
[{"$nulls":8},"表—08"]
["分部分项工程和单价措施项目清单与计价表"]
["工程名称：电气工程-新蓝天幼儿园工程建设项目-地上",{"$nulls":3},"标段：",{"$nulls":3},"第 6 页  共 13 页"]
["序号","项目编码","项目名称","项目特征描述",null,"计量单位","工程量","金额（元）"]
[{"$nulls":7},"综合单价",null,"综合合价","其中"]
[{"$nulls":10},"暂估价"]
[27,"030408008001","防火堵洞","1.名称：楼板防火堵洞\n2.材质：防火堵泥、防火隔板\n3.部位：强弱电桥架、消防桥架\n4.\n4.满足设计、技术规范及参数要求与施工工艺要求",null,"处",8,575.94,null,4607.52]
[28,"030412004001","壁灯(荧光灯) 9W","1.名称：壁灯(荧光灯)\n2.规格：220V/9W,850lm\n3.安装方式及位置：壁装式，电井及屋面电梯机房处\n4.满足设计、技术规范及参数要求与施工工艺要求",null,"套",9,96.72,null,870.48]
[29,"030412005001","T5型单管荧光灯 220V/18W，1450LM","1.名称：T5型单管荧光灯\n2.型号：220V/18W，1450LM\n3.规格：单管\n4.安装方式及位置：壁装，屋面电梯机房处\n4.满足设计、技术规范及参数要求与施工工艺要求",null,"套",1,78.52,null,78.52]
[30,"030412005002","T5型单管荧光灯 220V/28W，2600LM","1.名称：T5型单管荧光灯\n2.型号：220V/28W，2600LM\n3.规格：单管\n4.安装方式及位置：吊链安装，首层汽车坡道处\n4.满足设计、技术规范及参数要求与施工工艺要求",null,"套",6,90.44,null,542.64]
[31,"030404034001","照明开关","1.名称：单联单控开关\n2.安装位置：电井及屋面电梯机房处\n3.其他：满足设计和规范要求",null,"个",9,19.97,null,179.73]
[32,"030404034002","单联双控开关","1.名称：单联双控开关\n2.安装位置：屋面电梯机房处\n3.其他：满足设计和规范要求",null,"个",1,21.64,null,21.64]
[33,"030404035001","暗装普通单相二、三孔插座,带保护门","1.名称：暗装普通单相二、三孔插座,带保护门\n2.安装位置：电井及屋面电梯机房处\n3.其他：满足设计和规范要求",null,"个",9,30.18,null,271.62]
[34,"030404031001","现场控制按钮","1.名称：现场控制按钮\n2.其他：满足设计和规范要求",null,"个",2,39.9,null,79.8]
["本页小计",{"$nulls":8},6651.95]
["注：为计取规费等的使用，可在表中增设其中：“定额人工费”。"]
[{"$nulls":8},"表—08"]
["分部分项工程和单价措施项目清单与计价表"]
["工程名称：电气工程-新蓝天幼儿园工程建设项目-地上",{"$nulls":3},"标段：",{"$nulls":3},"第 7 页  共 13 页"]
["序号","项目编码","项目名称","项目特征描述",null,"计量单位","工程量","金额（元）"]
[{"$nulls":7},"综合单价",null,"综合合价","其中"]
[{"$nulls":10},"暂估价"]
[35,"030411006018","开关插座接线盒","1.名称：开关插座接线盒\n2.材质：PVC\n3.其他：满足设计和规范要求",null,"个",23,9.15,null,210.45]
[36,"030411006019","灯具接线盒","1.名称：灯具接线盒\n2.材质：PVC\n3.其他：满足设计和规范要求",null,"个",16,9.36,null,149.76]
[37,"030408001001","矿物电缆 BTLY-0.6/1kV--3x150+2x70","1.名称：硬矿物绝缘电力电缆\n2.型号：BTLY-0.6/1kV--3x150+2x70\n3.敷设方式、部位：电缆沟、桥架等敷设\n4.满足设计、技术规范及参数要求与施工工艺要求",null,"m",101.53,654.39,null,66440.22]
[38,"030408001002","矿物电缆 BTLY-0.6/1kV--4x70+1x35","1.名称：硬矿物绝缘电力电缆\n2.型号：BTLY-0.6/1kV--4x70+1x35\n3.敷设方式、部位：电缆沟、桥架等敷设\n4.满足设计、技术规范及参数要求与施工工艺要求",null,"m",101.53,250.9,null,25473.88]
[39,"030408001003","矿物电缆 BTLY-0.6/1kV-4x35+1x16","1.名称：硬矿物绝缘电力电缆\n2.型号：BTLY-0.6/1kV-4x35+1x16\n3.敷设方式、部位：电缆沟、桥架等敷设\n4.满足设计、技术规范及参数要求与施工工艺要求",null,"m",31.2,257.1,null,8021.52]
[40,"030408001004","矿物电缆 BTLY-0.6/1kV-5x16","1.名称：硬矿物绝缘电力电缆\n2.型号：BTLY-0.6/1kV-5x16\n3.敷设方式、部位：电缆沟、桥架等敷设\n4.满足设计、技术规范及参数要求与施工工艺要求",null,"m",291.72,79.81,null,23282.17]
[41,"030408001005","电力电缆 WDZB-YJY-0.6/1kV-4x185+1x95","1.名称：铜芯电力电缆\n2.型号：WDZB-YJY-0.6/1kV-4x185+1x95\n3.敷设方式、部位：电缆沟、桥架等敷设\n4.满足设计、技术规范及参数要求与施工工艺要求",null,"m",54.32,613.95,null,33349.76]
["本页小计",{"$nulls":8},156927.76]
["注：为计取规费等的使用，可在表中增设其中：“定额人工费”。"]
[{"$nulls":8},"表—08"]
["分部分项工程和单价措施项目清单与计价表"]
["工程名称：电气工程-新蓝天幼儿园工程建设项目-地上",{"$nulls":3},"标段：",{"$nulls":3},"第 8 页  共 13 页"]
["序号","项目编码","项目名称","项目特征描述",null,"计量单位","工程量","金额（元）"]
[{"$nulls":7},"综合单价",null,"综合合价","其中"]
[{"$nulls":10},"暂估价"]
[42,"030408001006","电力电缆 WDZB-YJY-0.6/1kV-3x150+2x70","1.名称：铜芯电力电缆\n2.型号：WDZB-YJY-0.6/1kV-3x150+2x70\n3.敷设方式、部位：电缆沟、桥架等敷设\n4.满足设计、技术规范及参数要求与施工工艺要求",null,"m",115.08,715.55,null,82345.49]
[43,"030408001007","电力电缆 WDZB-YJY-0.6/1kV-3x95+2x50","1.名称：铜芯电力电缆\n2.型号：WDZB-YJY-0.6/1kV-3x95+2x50\n3.敷设方式、部位：电缆沟、桥架等敷设\n4.满足设计、技术规范及参数要求与施工工艺要求",null,"m",23.77,300.37,null,7139.79]
[44,"030408001008","电力电缆 WDZB-YJY-0.6/1kV-3x50+2x25","1.名称：铜芯电力电缆\n2.型号：WDZB-YJY-0.6/1kV-3x50+2x25\n3.敷设方式、部位：电缆沟、桥架等敷设\n4.满足设计、技术规范及参数要求与施工工艺要求",null,"m",35.56,176.73,null,6284.52]
[45,"030408001009","电力电缆 WDZB-YJY-0.6/1kV-4x35+1x16","1.名称：铜芯电力电缆\n2.型号：WDZB-YJY-0.6/1kV-4x35+1x16\n3.敷设方式、部位：电缆沟、桥架等敷设\n4.满足设计、技术规范及参数要求与施工工艺要求",null,"m",257.14,182.39,null,46899.76]
[46,"030408001010","电力电缆 WDZB-YJY-0.6/1kV-4x25+2x16","1.名称：铜芯电力电缆\n2.型号：WDZB-YJY-0.6/1kV-4x25+2x16\n3.敷设方式、部位：电缆沟、桥架等敷设\n4.满足设计、技术规范及参数要求与施工工艺要求",null,"m",8.63,126.75,null,1093.85]
["本页小计",{"$nulls":8},143763.41]
["注：为计取规费等的使用，可在表中增设其中：“定额人工费”。"]
[{"$nulls":8},"表—08"]
["分部分项工程和单价措施项目清单与计价表"]
["工程名称：电气工程-新蓝天幼儿园工程建设项目-地上",{"$nulls":3},"标段：",{"$nulls":3},"第 9 页  共 13 页"]
["序号","项目编码","项目名称","项目特征描述",null,"计量单位","工程量","金额（元）"]
[{"$nulls":7},"综合单价",null,"综合合价","其中"]
[{"$nulls":10},"暂估价"]
[47,"030408001011","电力电缆 WDZB-YJY-0.6/1kV-4x25+1x16","1.名称：铜芯电力电缆\n2.型号：WDZB-YJY-0.6/1kV-4x25+1x16\n3.敷设方式、部位：电缆沟、桥架等敷设\n4.满足设计、技术规范及参数要求与施工工艺要求",null,"m",398.17,123.81,null,49297.43]
[48,"030408001012","电力电缆 WDZB-YJY-0.6/1kV-5x16","1.名称：铜芯电力电缆\n2.型号：WDZB-YJY-0.6/1kV-5x16\n3.敷设方式、部位：电缆沟、桥架等敷设\n4.满足设计、技术规范及参数要求与施工工艺要求",null,"m",213.7,96.39,null,20598.54]
[49,"030408001013","电力电缆 WDZB-YJY-0.6/1kV-5x10","1.名称：铜芯电力电缆\n2.型号：WDZB-YJY-0.6/1kV-5x10\n3.敷设方式、部位：电缆沟、桥架等敷设\n4.满足设计、技术规范及参数要求与施工工艺要求",null,"m",42.91,49.82,null,2137.78]
[50,"030408001014","电力电缆 WDZB-YJY-0.6/1kV-5x4","1.名称：铜芯电力电缆\n2.型号：WDZB-YJY-0.6/1kV-5x4\n3.敷设方式、部位：电缆沟、桥架等敷设  \n4.满足设计、技术规范及参数要求与施工工艺要求",null,"m",82.26,25.22,null,2074.6]
[51,"030408001015","电力电缆 WDZBN-YJY-5x16","1.名称：铜芯电力电缆\n2.型号：WDZBN-YJY-5x16\n3.敷设方式、部位：电缆沟、桥架等敷设\n4.满足设计、技术规范及参数要求与施工工艺要求",null,"m",14.37,85.09,null,1222.74]
[52,"030408001016","电力电缆 WDZBN-YJY-0.6/1kV-3x4","1.名称：铜芯电力电缆\n2.型号：WDZBN-YJY-0.6/1kV-3x4\n3.敷设方式、部位：电缆沟、桥架等敷设  \n4.满足设计、技术规范及参数要求与施工工艺要求",null,"m",31.41,15.56,null,488.74]
["本页小计",{"$nulls":8},75819.83]
["注：为计取规费等的使用，可在表中增设其中：“定额人工费”。"]
[{"$nulls":8},"表—08"]
["分部分项工程和单价措施项目清单与计价表"]
["工程名称：电气工程-新蓝天幼儿园工程建设项目-地上",{"$nulls":3},"标段：",{"$nulls":3},"第 10 页  共 13 页"]
["序号","项目编码","项目名称","项目特征描述",null,"计量单位","工程量","金额（元）"]
[{"$nulls":7},"综合单价",null,"综合合价","其中"]
[{"$nulls":10},"暂估价"]
[53,"030408001017","电力电缆 WDZBN-YJY-5x2.5","1.名称：铜芯电力电缆\n2.型号：WDZBN-YJY-5x2.5\n3.敷设方式、部位：电缆沟、桥架等敷设\n4.满足设计、技术规范及参数要求与施工工艺要求",null,"m",79.84,17.17,null,1370.85]
[54,"030408006001","电力电缆头(16截面mm2以下)","1.电力电缆头(16截面mm2以下)\n2.电力电缆头制作\n3.电力电缆头安装\n4.满足设计、技术规范及参数要求与施工工艺要求",null,"个",24,99.02,null,2376.48]
[55,"030408006002","电力电缆头(35截面mm2以下)","1.电力电缆头(35截面mm2以下)\n2.电力电缆头制作\n3.电力电缆头安装\n4.满足设计、技术规范及参数要求与施工工艺要求",null,"个",20,155.08,null,3101.6]
[56,"030408006003","电力电缆头(70截面mm2以下)","1.电力电缆头(70截面mm2以下)\n2.电力电缆头制作\n3.电力电缆头安装\n4.满足设计、技术规范及参数要求与施工工艺要求",null,"个",4,196.55,null,786.2]
[57,"030408006004","电力电缆头(120截面mm2以下)","1.电力电缆头(120截面mm2以下)\n2.电力电缆头制作\n3.电力电缆头安装\n4.满足设计、技术规范及参数要求与施工工艺要求",null,"个",2,254.5,null,509]
[58,"030408006005","电力电缆头(185截面mm2以下)","1.电力电缆头(185截面mm2以下)\n2.电力电缆头制作\n3.电力电缆头安装\n4.满足设计、技术规范及参数要求与施工工艺要求",null,"个",6,305.51,null,1833.06]
["本页小计",{"$nulls":8},9977.19]
["注：为计取规费等的使用，可在表中增设其中：“定额人工费”。"]
[{"$nulls":8},"表—08"]
["分部分项工程和单价措施项目清单与计价表"]
["工程名称：电气工程-新蓝天幼儿园工程建设项目-地上",{"$nulls":3},"标段：",{"$nulls":3},"第 11 页  共 13 页"]
["序号","项目编码","项目名称","项目特征描述",null,"计量单位","工程量","金额（元）"]
[{"$nulls":7},"综合单价",null,"综合合价","其中"]
[{"$nulls":10},"暂估价"]
[59,"030408001018","矿物绝缘电缆终端头安装 多芯(截面mm2以下) 35","1.矿物绝缘电缆终端头安装 多芯(截面mm2以下) 35\n2.矿物绝缘电缆终端头制作\n3.矿物绝缘电缆终端头电缆头安装\n4.满足设计、技术规范及参数要求与施工工艺要求",null,"个",14,152.54,null,2135.56]
[60,"030408001019","矿物绝缘电缆终端头安装 多芯(截面mm2以下) 70","1.矿物绝缘电缆终端头安装 多芯(截面mm2以下) 70\n2.矿物绝缘电缆终端头制作\n3.矿物绝缘电缆终端头电缆头安装\n4.满足设计、技术规范及参数要求与施工工艺要求",null,"个",2,260.79,null,521.58]
[61,"030408001020","矿物绝缘电缆终端头安装 多芯(截面mm2以下) 120","1.矿物绝缘电缆终端头安装 多芯(截面mm2以下) 120\n2.矿物绝缘电缆终端头制作\n3.矿物绝缘电缆终端头电缆头安装\n4.满足设计、技术规范及参数要求与施工工艺要求",null,"个",2,277.83,null,555.66]
[62,"030411004012","配线 WDZB-BYJ-450/750V-2.5","1.名称：铜芯绝缘导线 \n2.规格：WDZB-BYJ-450/750V-2.5\n3.敷设方式：管内穿线敷设  \n4.满足设计、技术规范及参数要求与施工工艺要求",null,"m",1249.61,5.17,null,6460.48]
[63,"030411004013","配线 WDZB-BYJ-450/750V-2.5","1.名称：铜芯绝缘导线 \n2.规格：WDZB-BYJ-450/750V-2.5\n3.敷设方式：桥架内敷设  \n4.满足设计、技术规范及参数要求与施工工艺要求",null,"m",588.28,5.16,null,3035.52]
[64,"030411004014","配线 WDZBN-BYJ-450/750V-2.5","1.名称：铜芯绝缘导线\n2.规格：WDZBN-BYJ-450/750V-2.5\n3.敷设方式：管内穿线敷设\n4.满足设计、技术规范及参数要求与施工工艺要求",null,"m",58.13,7.04,null,409.24]
["本页小计",{"$nulls":8},13118.04]
["注：为计取规费等的使用，可在表中增设其中：“定额人工费”。"]
[{"$nulls":8},"表—08"]
["分部分项工程和单价措施项目清单与计价表"]
["工程名称：电气工程-新蓝天幼儿园工程建设项目-地上",{"$nulls":3},"标段：",{"$nulls":3},"第 12 页  共 13 页"]
["序号","项目编码","项目名称","项目特征描述",null,"计量单位","工程量","金额（元）"]
[{"$nulls":7},"综合单价",null,"综合合价","其中"]
[{"$nulls":10},"暂估价"]
[65,"030411004015","配线 WDZB-BYJ-450/750V-10","1.名称：铜芯绝缘导线\n2.规格：WDZB-BYJ-450/750V-10\n3.敷设方式：管内穿线敷设\n4.满足设计、技术规范及参数要求与施工工艺要求",null,"m",31.69,10.54,null,334.01]
[66,"030411004016","配线 WDZB-BYJ-450/750V-10","1.名称：铜芯绝缘导线 \n2.规格：WDZB-BYJ-450/750V-10\n3.敷设方式：桥架内敷设  \n4.满足设计、技术规范及参数要求与施工工艺要求",null,"m",156.89,11.1,null,1741.48]
[67,"030411004017","配线 WDZB-RYJ-2x1.5","1.名称：铜芯绝缘导线\n2.规格：WDZB-RYJ-2x1.5\n3.敷设方式：管内穿线敷设\n4.满足设计、技术规范及参数要求与施工工艺要求",null,"m",16.08,7.94,null,127.68]
[68,"030411001007","镀锌电线管 MT16","1.名称：镀锌电线管 \n2.规格：MT16\n3.敷设形式及部位：综合考虑\n4.满足设计、技术规范及参数要求与施工工艺要求",null,"m",13.68,12.05,null,164.84]
[69,"030411001008","镀锌电线管 MT19","1.名称：镀锌电线管 \n2.规格：MT19\n3.敷设形式及部位：综合考虑\n4.满足设计、技术规范及参数要求与施工工艺要求",null,"m",7731.65,13.68,null,105768.97]
[70,"030411001009","镀锌电线管 MT25","1.名称：镀锌电线管 \n2.规格：MT25\n3.敷设形式及部位：综合考虑\n4.满足设计、技术规范及参数要求与施工工艺要求",null,"m",68.18,18.9,null,1288.6]
[71,"030411001010","镀锌电线管 MT32","1.名称：镀锌电线管 \n2.规格：MT32\n3.敷设形式及部位：综合考虑\n4.满足设计、技术规范及参数要求与施工工艺要求",null,"m",812.25,22,null,17869.5]
["本页小计",{"$nulls":8},127295.08]
["注：为计取规费等的使用，可在表中增设其中：“定额人工费”。"]
[{"$nulls":8},"表—08"]
["分部分项工程和单价措施项目清单与计价表"]
["工程名称：电气工程-新蓝天幼儿园工程建设项目-地上",{"$nulls":3},"标段：",{"$nulls":3},"第 13 页  共 13 页"]
["序号","项目编码","项目名称","项目特征描述",null,"计量单位","工程量","金额（元）"]
[{"$nulls":7},"综合单价",null,"综合合价","其中"]
[{"$nulls":10},"暂估价"]
[72,"030411001011","镀锌电线管 MT40","1.名称：镀锌电线管 \n2.规格：MT40\n3.敷设形式及部位：综合考虑\n4.满足设计、技术规范及参数要求与施工工艺要求",null,"m",18.96,30.46,null,577.52]
[73,"030411001012","镀锌电线管 MT50","1.名称：镀锌电线管 \n2.规格：MT50\n3.敷设形式及部位：综合考虑\n4.满足设计、技术规范及参数要求与施工工艺要求",null,"m",56.18,35.44,null,1991.02]
[null,null,"措施项目",{"$nulls":6},6117.79]
[null,"2","措施其他项目",{"$nulls":6},6117.79]
[74,"031302007001","高层施工增加",null,null,"项",1,2034.07,null,2034.07]
[75,"031301017001","脚手架搭拆费",null,null,"项",1,4083.72,null,4083.72]
{"$rows_empty":17}
["本页小计",{"$nulls":8},8686.33]
["合   计",{"$nulls":8},731770.3]
["注：为计取规费等的使用，可在表中增设其中：“定额人工费”。"]
[{"$nulls":8},"表—08"]

{"sheet":"表-08 分部分项工程和单价措施项目清单与计价表(含分部小","index":7,"n_rows":199,"n_cols":11,"rows_kept":199,"merged":[[0,0,0,10],[1,0,1,3],[1,4,1,7],[1,8,1,10],[2,0,4,0],[2,1,4,1],[2,2,4,2],[2,3,4,4],[2,5,4,5],[2,6,4,6],[2,7,2,10],[3,7,4,8],[3,9,4,9],[5,3,5,4],[5,7,5,8],[6,3,6,4],[6,7,6,8],[7,3,7,4],[7,7,7,8],[8,3,8,4],[8,7,8,8],[9,3,9,4],[9,7,9,8],[10,3,10,4],[10,7,10,8],[11,0,11,8],[12,0,12,10],[13,0,13,3],[13,4,13,7],[13,8,13,10],[14,0,14,10],[15,0,15,3],[15,4,15,7],[15,8,15,10],[16,0,18,0],[16,1,18,1],[16,2,18,2],[16,3,18,4],[16,5,18,5],[16,6,18,6],[16,7,16,10],[17,7,18,8],[17,9,18,9],[19,3,19,4],[19,7,19,8],[20,3,20,4],[20,7,20,8],[21,3,21,4],[21,7,21,8],[22,3,22,4],[22,7,22,8],[23,3,23,4],[23,7,23,8],[24,0,24,8],[25,0,25,10],[26,0,26,3],[26,4,26,7],[26,8,26,10],[27,0,27,10],[28,0,28,3],[28,4,28,7],[28,8,28,10],[29,0,31,0],[29,1,31,1],[29,2,31,2],[29,3,31,4],[29,5,31,5],[29,6,31,6],[29,7,29,10],[30,7,31,8],[30,9,31,9],[32,3,32,4],[32,7,32,8],[33,3,33,4],[33,7,33,8],[34,3,34,4],[34,7,34,8],[35,3,35,4],[35,7,35,8],[36,0,36,8],[37,0,37,10],[38,0,38,3],[38,4,38,7],[38,8,38,10],[39,0,39,10],[40,0,40,3],[40,4,40,7],[40,8,40,10],[41,0,43,0],[41,1,43,1],[41,2,43,2],[41,3,43,4],[41,5,43,5],[41,6,43,6],[41,7,41,10],[42,7,43,8],[42,9,43,9],[44,3,44,4],[44,7,44,8],[45,3,45,4],[45,7,45,8],[46,3,46,4],[46,7,46,8],[47,3,47,4],[47,7,47,8],[48,3,48,4],[48,7,48,8],[49,0,49,8],[50,0,50,10],[51,0,51,3],[51,4,51,7],[51,8,51,10],[52,0,52,10],[53,0,53,3],[53,4,53,7],[53,8,53,10],[54,0,56,0],[54,1,56,1],[54,2,56,2],[54,3,56,4],[54,5,56,5],[54,6,56,6],[54,7,54,10],[55,7,56,8],[55,9,56,9],[57,3,57,4],[57,7,57,8],[58,3,58,4],[58,7,58,8],[59,3,59,4],[59,7,59,8],[60,3,60,4],[60,7,60,8],[61,3,61,4],[61,7,61,8],[62,3,62,4],[62,7,62,8],[63,3,63,4],[63,7,63,8],[64,0,64,8],[65,0,65,10],[66,0,66,3],[66,4,66,7],[66,8,66,10],[67,0,67,10],[68,0,68,3],[68,4,68,7],[68,8,68,10],[69,0,71,0],[69,1,71,1],[69,2,71,2],[69,3,71,4],[69,5,71,5],[69,6,71,6],[69,7,69,10],[70,7,71,8],[70,9,71,9],[72,3,72,4],[72,7,72,8],[73,3,73,4],[73,7,73,8],[74,3,74,4],[74,7,74,8],[75,3,75,4],[75,7,75,8],[76,3,76,4],[76,7,76,8],[77,3,77,4],[77,7,77,8],[78,3,78,4],[78,7,78,8],[79,3,79,4],[79,7,79,8],[80,0,80,8],[81,0,81,10],[82,0,82,3],[82,4,82,7],[82,8,82,10],[83,0,83,10],[84,0,84,3],[84,4,84,7],[84,8,84,10],[85,0,87,0],[85,1,87,1],[85,2,87,2],[85,3,87,4],[85,5,87,5],[85,6,87,6],[85,7,85,10],[86,7,87,8],[86,9,87,9],[88,3,88,4],[88,7,88,8],[89,3,89,4],[89,7,89,8],[90,3,90,4],[90,7,90,8],[91,3,91,4],[91,7,91,8],[92,3,92,4],[92,7,92,8],[93,3,93,4],[93,7,93,8],[94,3,94,4],[94,7,94,8],[95,0,95,8],[96,0,96,10],[97,0,97,3],[97,4,97,7],[97,8,97,10],[98,0,98,10],[99,0,99,3],[99,4,99,7],[99,8,99,10],[100,0,102,0],[100,1,102,1],[100,2,102,2],[100,3,102,4],[100,5,102,5],[100,6,102,6],[100,7,100,10],[101,7,102,8],[101,9,102,9],[103,3,103,4],[103,7,103,8],[104,3,104,4],[104,7,104,8],[105,3,105,4],[105,7,105,8],[106,3,106,4],[106,7,106,8],[107,3,107,4],[107,7,107,8],[108,0,108,8],[109,0,109,10],[110,0,110,3],[110,4,110,7],[110,8,110,10],[111,0,111,10],[112,0,112,3],[112,4,112,7],[112,8,112,10],[113,0,115,0],[113,1,115,1],[113,2,115,2],[113,3,115,4],[113,5,115,5],[113,6,115,6],[113,7,113,10],[114,7,115,8],[114,9,115,9],[116,3,116,4],[116,7,116,8],[117,3,117,4],[117,7,117,8],[118,3,118,4],[118,7,118,8],[119,3,119,4],[119,7,119,8],[120,3,120,4],[120,7,120,8],[121,3,121,4],[121,7,121,8],[122,0,122,8],[123,0,123,10],[124,0,124,3],[124,4,124,7],[124,8,124,10],[125,0,125,10],[126,0,126,3],[126,4,126,7],[126,8,126,10],[127,0,129,0],[127,1,129,1],[127,2,129,2],[127,3,129,4],[127,5,129,5],[127,6,129,6],[127,7,127,10],[128,7,129,8],[128,9,129,9],[130,3,130,4],[130,7,130,8],[131,3,131,4],[131,7,131,8],[132,3,132,4],[132,7,132,8],[133,3,133,4],[133,7,133,8],[134,3,134,4],[134,7,134,8],[135,3,135,4],[135,7,135,8],[136,0,136,8],[137,0,137,10],[138,0,138,3],[138,4,138,7],[138,8,138,10],[139,0,139,10],[140,0,140,3],[140,4,140,7],[140,8,140,10],[141,0,143,0],[141,1,143,1],[141,2,143,2],[141,3,143,4],[141,5,143,5],[141,6,143,6],[141,7,141,10],[142,7,143,8],[142,9,143,9],[144,3,144,4],[144,7,144,8],[145,3,145,4],[145,7,145,8],[146,3,146,4],[146,7,146,8],[147,3,147,4],[147,7,147,8],[148,3,148,4],[148,7,148,8],[149,3,149,4],[149,7,149,8],[150,0,150,8],[151,0,151,10],[152,0,152,3],[152,4,152,7],[152,8,152,10],[153,0,153,10],[154,0,154,3],[154,4,154,7],[154,8,154,10],[155,0,157,0],[155,1,157,1],[155,2,157,2],[155,3,157,4],[155,5,157,5],[155,6,157,6],[155,7,155,10],[156,7,157,8],[156,9,157,9],[158,3,158,4],[158,7,158,8],[159,3,159,4],[159,7,159,8],[160,3,160,4],[160,7,160,8],[161,3,161,4],[161,7,161,8],[162,3,162,4],[162,7,162,8],[163,3,163,4],[163,7,163,8],[164,3,164,4],[164,7,164,8],[165,0,165,8],[166,0,166,10],[167,0,167,3],[167,4,167,7],[167,8,167,10],[168,0,168,10],[169,0,169,3],[169,4,169,7],[169,8,169,10],[170,0,172,0],[170,1,172,1],[170,2,172,2],[170,3,172,4],[170,5,172,5],[170,6,172,6],[170,7,170,10],[171,7,172,8],[171,9,172,9],[173,3,173,4],[173,7,173,8],[174,3,174,4],[174,7,174,8],[175,3,175,4],[175,7,175,8],[176,3,176,4],[176,7,176,8],[177,3,177,4],[177,7,177,8],[178,3,178,4],[178,7,178,8],[179,3,179,4],[179,7,179,8],[180,3,180,4],[180,7,180,8],[181,3,181,4],[181,7,181,8],[182,3,182,4],[182,7,182,8],[183,3,183,4],[183,7,183,8],[184,3,184,4],[184,7,184,8],[185,3,185,4],[185,7,185,8],[186,3,186,4],[186,7,186,8],[187,3,187,4],[187,7,187,8],[188,3,188,4],[188,7,188,8],[189,3,189,4],[189,7,189,8],[190,3,190,4],[190,7,190,8],[191,3,191,4],[191,7,191,8],[192,3,192,4],[192,7,192,8],[193,3,193,4],[193,7,193,8],[194,3,194,4],[194,7,194,8],[195,0,195,8],[196,0,196,8],[197,0,197,10],[198,0,198,3],[198,4,198,7],[198,8,198,10]]}
["分部分项工程和单价措施项目清单与计价表"]
["工程名称：电气工程-新蓝天幼儿园工程建设项目-地上",{"$nulls":3},"标段：",{"$nulls":3},"第 1 页  共 13 页"]
["序号","项目编码","项目名称","项目特征描述",null,"计量单位","工程量","金额（元）"]
[{"$nulls":7},"综合单价",null,"综合合价","其中"]
[{"$nulls":10},"暂估价"]
[null,null,"电气工程与预埋部分"]
[1,"030404017025","公共照明总箱 01F01AL.z","1.名称、型号：公共照明总箱 01F01AL.z\n2.箱体尺寸：600x200x600(宽x深x高)\n3.底边距地1.4m安装\n4.接地\n5.满足设计、技术规范及参数要求与施工工艺要求",null,"台",1,4858.5,null,4858.5]
[2,"030404017026","照明配电箱 01F01AL1","1.名称、型号：照明配电箱 01F01AL1\n2.箱体尺寸：600x200x600(宽x深x高)\n3.底边距地1.4m安装\n4.接地\n5.满足设计、技术规范及参数要求与施工工艺要求",null,"台",1,3965.39,null,3965.39]
[3,"030404017027","照明配电箱 02~3F01AL1","1.名称、型号：照明配电箱 02~3F01AL1\n2.箱体尺寸：600x200x600(宽x深x高)\n3.底边距地1.4m安装\n4.接地\n5.满足设计、技术规范及参数要求与施工工艺要求",null,"台",2,4109.3,null,8218.6]
[4,"030404017028","照明配电箱 04F01AL1","1.名称、型号：照明配电箱 04F01AL1\n2.箱体尺寸：600x200x600(宽x深x高)\n3.底边距地1.4m安装\n4.接地\n5.满足设计、技术规范及参数要求与施工工艺要求",null,"台",1,6159,null,6159]
[5,"030404017029","普通用电配电箱 02~03F01AL2","1.名称、型号：普通用电配电箱 02~03F01AL2\n2.箱体尺寸：600x200x600(宽x深x高)\n3.底边距地1.4m安装\n4.接地\n5.满足设计、技术规范及参数要求与施工工艺要求",null,"台",2,3789.5,null,7579]
["本页小计",{"$nulls":8},30780.49]
["注：为计取规费等的使用，可在表中增设其中：“定额人工费”。"]
[{"$nulls":8},"表—08"]
["分部分项工程和单价措施项目清单与计价表"]
["工程名称：电气工程-新蓝天幼儿园工程建设项目-地上",{"$nulls":3},"标段：",{"$nulls":3},"第 2 页  共 13 页"]
["序号","项目编码","项目名称","项目特征描述",null,"计量单位","工程量","金额（元）"]
[{"$nulls":7},"综合单价",null,"综合合价","其中"]
[{"$nulls":10},"暂估价"]
[6,"030404017030","空调动力总配电箱 01F01AP.z","1.名称、型号：空调动力总配电箱 01F01AP.z\n2.箱体尺寸：600x200x600(宽x深x高)\n3.底边距地1.4m安装\n4.接地\n5.满足设计、技术规范及参数要求与施工工艺要求",null,"台",1,4858.5,null,4858.5]
[7,"030404017031","普通动力配电箱 01F01AP1","1.名称、型号：普通动力配电箱 01F01AP1\n2.箱体尺寸：600x200x600(宽x深x高)\n3.底边距地1.4m安装\n4.接地\n5.满足设计、技术规范及参数要求与施工工艺要求\n6.模块严禁设置在配电箱内",null,"台",1,3126.81,null,3126.81]
[8,"030404017032","普通动力配电箱 02~03F01AP1","1.名称、型号：普通动力配电箱 02~03F01AP1\n2.箱体尺寸：600x200x600(宽x深x高)\n3.底边距地1.4m安装\n4.接地\n5.满足设计、技术规范及参数要求与施工工艺要求",null,"台",2,3327.91,null,6655.82]
[9,"030404017033","普通动力配电箱 04F01AP1","1.名称、型号：普通动力配电箱 04F01AP1\n2.箱体尺寸：600x200x600(宽x深x高)\n3.底边距地1.4m安装\n4.接地\n5.满足设计、技术规范及参数要求与施工工艺要求\n6.模块严禁设置在配电箱内",null,"台",1,3544.4,null,3544.4]
[10,"030404017034","客梯电源箱 05F01AT.dt1","1.名称、型号：客梯电源箱 05F01AT.dt1\n2.箱体尺寸：600x200x600(宽x深x高)\n3.底边距地1.4m安装\n4.接地\n5.满足设计、技术规范及参数要求与施工工艺要求",null,"台",1,4938.45,null,4938.45]
["本页小计",{"$nulls":8},23123.98]
["注：为计取规费等的使用，可在表中增设其中：“定额人工费”。"]
[{"$nulls":8},"表—08"]
["分部分项工程和单价措施项目清单与计价表"]
["工程名称：电气工程-新蓝天幼儿园工程建设项目-地上",{"$nulls":3},"标段：",{"$nulls":3},"第 3 页  共 13 页"]
["序号","项目编码","项目名称","项目特征描述",null,"计量单位","工程量","金额（元）"]
[{"$nulls":7},"综合单价",null,"综合合价","其中"]
[{"$nulls":10},"暂估价"]
[11,"030404017035","厨房用电 01F01AP.cf","1.名称、型号：厨房用电 01F01AP.cf\n2.箱体尺寸：600x200x600(宽x深x高)\n3.底边距地1.4m安装\n4.接地\n5.满足设计、技术规范及参数要求与施工工艺要求",null,"台",1,5658.5,null,5658.5]
[12,"030404017036","消防兼安防控制室消防用电 01F01APE.xf","1.名称、型号：消防兼安防控制室消防用电 01F01APE.xf\n2.箱体尺寸：600x200x600(宽x深x高)\n3.底边距地1.4m安装\n4.接地\n5.满足设计、技术规范及参数要求与施工工艺要求",null,"台",1,4874.49,null,4874.49]
[13,"030404017037","变电所用电 01F01APE.bds","1.名称、型号：变电所用电 01F01APE.bds\n2.箱体尺寸：600x200x600(宽x深x高)\n3.底边距地1.4m安装\n4.接地\n5.满足设计、技术规范及参数要求与施工工艺要求\n6.ATSE具有隔离功能时,ATSE前面的进线隔离开关可取消",null,"台",1,4690.48,null,4690.48]
[14,"030404017038","洗衣机间照明配电箱 01F01AL2","1.名称、型号：洗衣机间照明配电箱 01F01AL2\n2.箱体尺寸：600x200x600(宽x深x高)\n3.底边距地1.4m安装\n4.接地\n5.满足设计、技术规范及参数要求与施工工艺要求",null,"台",1,13321.48,null,13321.48]
["本页小计",{"$nulls":8},28544.95]
["注：为计取规费等的使用，可在表中增设其中：“定额人工费”。"]
[{"$nulls":8},"表—08"]
["分部分项工程和单价措施项目清单与计价表"]
["工程名称：电气工程-新蓝天幼儿园工程建设项目-地上",{"$nulls":3},"标段：",{"$nulls":3},"第 4 页  共 13 页"]
["序号","项目编码","项目名称","项目特征描述",null,"计量单位","工程量","金额（元）"]
[{"$nulls":7},"综合单价",null,"综合合价","其中"]
[{"$nulls":10},"暂估价"]
[15,"030404017039","保安室安防用电 01F01AT.af","1.名称、型号：保安室安防用电 01F01AT.af\n2.箱体尺寸：600x200x600(宽x深x高)\n3.底边距地1.4m安装\n4.接地\n5.满足设计、技术规范及参数要求与施工工艺要求\n6.模块严禁设置在配电箱内\n7.ATSE具有隔离功能时,ATSE前面的进线隔离开关可取消",null,"台",1,4821.48,null,4821.48]
[16,"030404017040","应急照明配电箱 01F01ALE1","1.名称、型号：应急照明配电箱 01F01ALE1\n2.箱体尺寸：600x200x600(宽x深x高)\n3.底边距地1.4m安装\n4.接地\n5.满足设计、技术规范及参数要求与施工工艺要求",null,"台",1,6858.5,null,6858.5]
[17,"030404017041","A型应急照明集中电源 01F01ALE1.c1","1.名称、型号：A型应急照明集中电源 01F01ALE1.c1\n2.箱体尺寸：500x690x220\n3.底边距地1.4m安装\n4.接地\n5.满足设计、技术规范及参数要求与施工工艺要求",null,"台",1,5858.5,null,5858.5]
[18,"030404017042","A型应急照明集中电源 03F01ALE1.c1","1.名称、型号：A型应急照明集中电源 03F01ALE1.c1\n2.箱体尺寸：500x690x220\n3.底边距地1.4m安装\n4.接地\n5.满足设计、技术规范及参数要求与施工工艺要求",null,"台",1,5858.5,null,5858.5]
[19,"030404017044","防火卷帘门控制箱 01F01AC.fjm","1.名称、型号：防火卷帘门控制箱 01F01AC.fjm\n2.箱体尺寸：综合考虑\n3.底边距地1.4m安装\n4.接地\n5.满足设计、技术规范及参数要求与施工工艺要求",null,"台",1,1335.82,null,1335.82]
["本页小计",{"$nulls":8},24732.8]
["注：为计取规费等的使用，可在表中增设其中：“定额人工费”。"]
[{"$nulls":8},"表—08"]
["分部分项工程和单价措施项目清单与计价表"]
["工程名称：电气工程-新蓝天幼儿园工程建设项目-地上",{"$nulls":3},"标段：",{"$nulls":3},"第 5 页  共 13 页"]
["序号","项目编码","项目名称","项目特征描述",null,"计量单位","工程量","金额（元）"]
[{"$nulls":7},"综合单价",null,"综合合价","其中"]
[{"$nulls":10},"暂估价"]
[20,"030404017043","电缆T接箱","1.名称：电缆T接箱\n2.配电箱配件：详见系统图\n3.安装方式：明装",null,"台",4,630.39,null,2521.56]
[21,"030411003008","电缆桥架 CT100x50","1.名称：电缆桥架 \n2.型号、规格：CT100x50\n3.材质：钢制  \n4.含配件（弯头、异径直通、三通、四通等）、接地等安装\n5.满足设计、技术规范及参数要求与施工工艺要求",null,"m",19.23,61.01,null,1173.22]
[22,"030411003005","电缆桥架 CT200x100","1.名称：电缆桥架 \n2.型号、规格：CT200x100\n3.材质：钢制  \n4.含配件（弯头、异径直通、三通、四通等）、接地等安装\n5.满足设计、技术规范及参数要求与施工工艺要求",null,"m",348.2,109.83,null,38242.81]
[23,"030411003006","电缆桥架 CT300x150","1.名称：电缆桥架 \n2.型号、规格：CT300*150\n3.材质：钢制  \n4.4.含配件（弯头、异径直通、三通、四通等）、接地等安装\n5.满足设计、技术规范及参数要求与施工工艺要求",null,"m",11.95,185.33,null,2214.69]
[24,"030411003007","电缆桥架 CT400x150","1.名称：电缆桥架 \n2.型号、规格：CT400*150\n3.材质：钢制  \n4.含配件（弯头、异径直通、三通、四通等）、接地等安装\n5.满足设计、技术规范及参数要求与施工工艺要求",null,"m",44.32,239.29,null,10605.33]
[25,"030411003009","电缆桥架 CT500x200","1.名称：电缆桥架 \n2.型号、规格：CT500*200\n3.材质：钢制  \n4.含配件（弯头、异径直通、三通、四通等）、接地等安装\n5.满足设计、技术规范及参数要求与施工工艺要求",null,"m",39.62,308.77,null,12233.47]
[26,"030413001004","桥架支架制作安装","1.名称：桥架支架制作安装\n2.材质：金属\n3.其他：满足设计和规范要求",null,"kg",619.5,24.79,null,15357.41]
["本页小计",{"$nulls":8},82348.49]
["注：为计取规费等的使用，可在表中增设其中：“定额人工费”。"]
[{"$nulls":8},"表—08"]
["分部分项工程和单价措施项目清单与计价表"]
["工程名称：电气工程-新蓝天幼儿园工程建设项目-地上",{"$nulls":3},"标段：",{"$nulls":3},"第 6 页  共 13 页"]
["序号","项目编码","项目名称","项目特征描述",null,"计量单位","工程量","金额（元）"]
[{"$nulls":7},"综合单价",null,"综合合价","其中"]
[{"$nulls":10},"暂估价"]
[27,"030408008001","防火堵洞","1.名称：楼板防火堵洞\n2.材质：防火堵泥、防火隔板\n3.部位：强弱电桥架、消防桥架\n4.\n4.满足设计、技术规范及参数要求与施工工艺要求",null,"处",8,575.94,null,4607.52]
[28,"030412004001","壁灯(荧光灯) 9W","1.名称：壁灯(荧光灯)\n2.规格：220V/9W,850lm\n3.安装方式及位置：壁装式，电井及屋面电梯机房处\n4.满足设计、技术规范及参数要求与施工工艺要求",null,"套",9,96.72,null,870.48]
[29,"030412005001","T5型单管荧光灯 220V/18W，1450LM","1.名称：T5型单管荧光灯\n2.型号：220V/18W，1450LM\n3.规格：单管\n4.安装方式及位置：壁装，屋面电梯机房处\n4.满足设计、技术规范及参数要求与施工工艺要求",null,"套",1,78.52,null,78.52]
[30,"030412005002","T5型单管荧光灯 220V/28W，2600LM","1.名称：T5型单管荧光灯\n2.型号：220V/28W，2600LM\n3.规格：单管\n4.安装方式及位置：吊链安装，首层汽车坡道处\n4.满足设计、技术规范及参数要求与施工工艺要求",null,"套",6,90.44,null,542.64]
[31,"030404034001","照明开关","1.名称：单联单控开关\n2.安装位置：电井及屋面电梯机房处\n3.其他：满足设计和规范要求",null,"个",9,19.97,null,179.73]
[32,"030404034002","单联双控开关","1.名称：单联双控开关\n2.安装位置：屋面电梯机房处\n3.其他：满足设计和规范要求",null,"个",1,21.64,null,21.64]
[33,"030404035001","暗装普通单相二、三孔插座,带保护门","1.名称：暗装普通单相二、三孔插座,带保护门\n2.安装位置：电井及屋面电梯机房处\n3.其他：满足设计和规范要求",null,"个",9,30.18,null,271.62]
[34,"030404031001","现场控制按钮","1.名称：现场控制按钮\n2.其他：满足设计和规范要求",null,"个",2,39.9,null,79.8]
["本页小计",{"$nulls":8},6651.95]
["注：为计取规费等的使用，可在表中增设其中：“定额人工费”。"]
[{"$nulls":8},"表—08"]
["分部分项工程和单价措施项目清单与计价表"]
["工程名称：电气工程-新蓝天幼儿园工程建设项目-地上",{"$nulls":3},"标段：",{"$nulls":3},"第 7 页  共 13 页"]
["序号","项目编码","项目名称","项目特征描述",null,"计量单位","工程量","金额（元）"]
[{"$nulls":7},"综合单价",null,"综合合价","其中"]
[{"$nulls":10},"暂估价"]
[35,"030411006018","开关插座接线盒","1.名称：开关插座接线盒\n2.材质：PVC\n3.其他：满足设计和规范要求",null,"个",23,9.15,null,210.45]
[36,"030411006019","灯具接线盒","1.名称：灯具接线盒\n2.材质：PVC\n3.其他：满足设计和规范要求",null,"个",16,9.36,null,149.76]
[37,"030408001001","矿物电缆 BTLY-0.6/1kV--3x150+2x70","1.名称：硬矿物绝缘电力电缆\n2.型号：BTLY-0.6/1kV--3x150+2x70\n3.敷设方式、部位：电缆沟、桥架等敷设\n4.满足设计、技术规范及参数要求与施工工艺要求",null,"m",101.53,654.39,null,66440.22]
[38,"030408001002","矿物电缆 BTLY-0.6/1kV--4x70+1x35","1.名称：硬矿物绝缘电力电缆\n2.型号：BTLY-0.6/1kV--4x70+1x35\n3.敷设方式、部位：电缆沟、桥架等敷设\n4.满足设计、技术规范及参数要求与施工工艺要求",null,"m",101.53,250.9,null,25473.88]
[39,"030408001003","矿物电缆 BTLY-0.6/1kV-4x35+1x16","1.名称：硬矿物绝缘电力电缆\n2.型号：BTLY-0.6/1kV-4x35+1x16\n3.敷设方式、部位：电缆沟、桥架等敷设\n4.满足设计、技术规范及参数要求与施工工艺要求",null,"m",31.2,257.1,null,8021.52]
[40,"030408001004","矿物电缆 BTLY-0.6/1kV-5x16","1.名称：硬矿物绝缘电力电缆\n2.型号：BTLY-0.6/1kV-5x16\n3.敷设方式、部位：电缆沟、桥架等敷设\n4.满足设计、技术规范及参数要求与施工工艺要求",null,"m",291.72,79.81,null,23282.17]
[41,"030408001005","电力电缆 WDZB-YJY-0.6/1kV-4x185+1x95","1.名称：铜芯电力电缆\n2.型号：WDZB-YJY-0.6/1kV-4x185+1x95\n3.敷设方式、部位：电缆沟、桥架等敷设\n4.满足设计、技术规范及参数要求与施工工艺要求",null,"m",54.32,613.95,null,33349.76]
["本页小计",{"$nulls":8},156927.76]
["注：为计取规费等的使用，可在表中增设其中：“定额人工费”。"]
[{"$nulls":8},"表—08"]
["分部分项工程和单价措施项目清单与计价表"]
["工程名称：电气工程-新蓝天幼儿园工程建设项目-地上",{"$nulls":3},"标段：",{"$nulls":3},"第 8 页  共 13 页"]
["序号","项目编码","项目名称","项目特征描述",null,"计量单位","工程量","金额（元）"]
[{"$nulls":7},"综合单价",null,"综合合价","其中"]
[{"$nulls":10},"暂估价"]
[42,"030408001006","电力电缆 WDZB-YJY-0.6/1kV-3x150+2x70","1.名称：铜芯电力电缆\n2.型号：WDZB-YJY-0.6/1kV-3x150+2x70\n3.敷设方式、部位：电缆沟、桥架等敷设\n4.满足设计、技术规范及参数要求与施工工艺要求",null,"m",115.08,715.55,null,82345.49]
[43,"030408001007","电力电缆 WDZB-YJY-0.6/1kV-3x95+2x50","1.名称：铜芯电力电缆\n2.型号：WDZB-YJY-0.6/1kV-3x95+2x50\n3.敷设方式、部位：电缆沟、桥架等敷设\n4.满足设计、技术规范及参数要求与施工工艺要求",null,"m",23.77,300.37,null,7139.79]
[44,"030408001008","电力电缆 WDZB-YJY-0.6/1kV-3x50+2x25","1.名称：铜芯电力电缆\n2.型号：WDZB-YJY-0.6/1kV-3x50+2x25\n3.敷设方式、部位：电缆沟、桥架等敷设\n4.满足设计、技术规范及参数要求与施工工艺要求",null,"m",35.56,176.73,null,6284.52]
[45,"030408001009","电力电缆 WDZB-YJY-0.6/1kV-4x35+1x16","1.名称：铜芯电力电缆\n2.型号：WDZB-YJY-0.6/1kV-4x35+1x16\n3.敷设方式、部位：电缆沟、桥架等敷设\n4.满足设计、技术规范及参数要求与施工工艺要求",null,"m",257.14,182.39,null,46899.76]
[46,"030408001010","电力电缆 WDZB-YJY-0.6/1kV-4x25+2x16","1.名称：铜芯电力电缆\n2.型号：WDZB-YJY-0.6/1kV-4x25+2x16\n3.敷设方式、部位：电缆沟、桥架等敷设\n4.满足设计、技术规范及参数要求与施工工艺要求",null,"m",8.63,126.75,null,1093.85]
["本页小计",{"$nulls":8},143763.41]
["注：为计取规费等的使用，可在表中增设其中：“定额人工费”。"]
[{"$nulls":8},"表—08"]
["分部分项工程和单价措施项目清单与计价表"]
["工程名称：电气工程-新蓝天幼儿园工程建设项目-地上",{"$nulls":3},"标段：",{"$nulls":3},"第 9 页  共 13 页"]
["序号","项目编码","项目名称","项目特征描述",null,"计量单位","工程量","金额（元）"]
[{"$nulls":7},"综合单价",null,"综合合价","其中"]
[{"$nulls":10},"暂估价"]
[47,"030408001011","电力电缆 WDZB-YJY-0.6/1kV-4x25+1x16","1.名称：铜芯电力电缆\n2.型号：WDZB-YJY-0.6/1kV-4x25+1x16\n3.敷设方式、部位：电缆沟、桥架等敷设\n4.满足设计、技术规范及参数要求与施工工艺要求",null,"m",398.17,123.81,null,49297.43]
[48,"030408001012","电力电缆 WDZB-YJY-0.6/1kV-5x16","1.名称：铜芯电力电缆\n2.型号：WDZB-YJY-0.6/1kV-5x16\n3.敷设方式、部位：电缆沟、桥架等敷设\n4.满足设计、技术规范及参数要求与施工工艺要求",null,"m",213.7,96.39,null,20598.54]
[49,"030408001013","电力电缆 WDZB-YJY-0.6/1kV-5x10","1.名称：铜芯电力电缆\n2.型号：WDZB-YJY-0.6/1kV-5x10\n3.敷设方式、部位：电缆沟、桥架等敷设\n4.满足设计、技术规范及参数要求与施工工艺要求",null,"m",42.91,49.82,null,2137.78]
[50,"030408001014","电力电缆 WDZB-YJY-0.6/1kV-5x4","1.名称：铜芯电力电缆\n2.型号：WDZB-YJY-0.6/1kV-5x4\n3.敷设方式、部位：电缆沟、桥架等敷设  \n4.满足设计、技术规范及参数要求与施工工艺要求",null,"m",82.26,25.22,null,2074.6]
[51,"030408001015","电力电缆 WDZBN-YJY-5x16","1.名称：铜芯电力电缆\n2.型号：WDZBN-YJY-5x16\n3.敷设方式、部位：电缆沟、桥架等敷设\n4.满足设计、技术规范及参数要求与施工工艺要求",null,"m",14.37,85.09,null,1222.74]
[52,"030408001016","电力电缆 WDZBN-YJY-0.6/1kV-3x4","1.名称：铜芯电力电缆\n2.型号：WDZBN-YJY-0.6/1kV-3x4\n3.敷设方式、部位：电缆沟、桥架等敷设  \n4.满足设计、技术规范及参数要求与施工工艺要求",null,"m",31.41,15.56,null,488.74]
["本页小计",{"$nulls":8},75819.83]
["注：为计取规费等的使用，可在表中增设其中：“定额人工费”。"]
[{"$nulls":8},"表—08"]
["分部分项工程和单价措施项目清单与计价表"]
["工程名称：电气工程-新蓝天幼儿园工程建设项目-地上",{"$nulls":3},"标段：",{"$nulls":3},"第 10 页  共 13 页"]
["序号","项目编码","项目名称","项目特征描述",null,"计量单位","工程量","金额（元）"]
[{"$nulls":7},"综合单价",null,"综合合价","其中"]
[{"$nulls":10},"暂估价"]
[53,"030408001017","电力电缆 WDZBN-YJY-5x2.5","1.名称：铜芯电力电缆\n2.型号：WDZBN-YJY-5x2.5\n3.敷设方式、部位：电缆沟、桥架等敷设\n4.满足设计、技术规范及参数要求与施工工艺要求",null,"m",79.84,17.17,null,1370.85]
[54,"030408006001","电力电缆头(16截面mm2以下)","1.电力电缆头(16截面mm2以下)\n2.电力电缆头制作\n3.电力电缆头安装\n4.满足设计、技术规范及参数要求与施工工艺要求",null,"个",24,99.02,null,2376.48]
[55,"030408006002","电力电缆头(35截面mm2以下)","1.电力电缆头(35截面mm2以下)\n2.电力电缆头制作\n3.电力电缆头安装\n4.满足设计、技术规范及参数要求与施工工艺要求",null,"个",20,155.08,null,3101.6]
[56,"030408006003","电力电缆头(70截面mm2以下)","1.电力电缆头(70截面mm2以下)\n2.电力电缆头制作\n3.电力电缆头安装\n4.满足设计、技术规范及参数要求与施工工艺要求",null,"个",4,196.55,null,786.2]
[57,"030408006004","电力电缆头(120截面mm2以下)","1.电力电缆头(120截面mm2以下)\n2.电力电缆头制作\n3.电力电缆头安装\n4.满足设计、技术规范及参数要求与施工工艺要求",null,"个",2,254.5,null,509]
[58,"030408006005","电力电缆头(185截面mm2以下)","1.电力电缆头(185截面mm2以下)\n2.电力电缆头制作\n3.电力电缆头安装\n4.满足设计、技术规范及参数要求与施工工艺要求",null,"个",6,305.51,null,1833.06]
["本页小计",{"$nulls":8},9977.19]
["注：为计取规费等的使用，可在表中增设其中：“定额人工费”。"]
[{"$nulls":8},"表—08"]
["分部分项工程和单价措施项目清单与计价表"]
["工程名称：电气工程-新蓝天幼儿园工程建设项目-地上",{"$nulls":3},"标段：",{"$nulls":3},"第 11 页  共 13 页"]
["序号","项目编码","项目名称","项目特征描述",null,"计量单位","工程量","金额（元）"]
[{"$nulls":7},"综合单价",null,"综合合价","其中"]
[{"$nulls":10},"暂估价"]
[59,"030408001018","矿物绝缘电缆终端头安装 多芯(截面mm2以下) 35","1.矿物绝缘电缆终端头安装 多芯(截面mm2以下) 35\n2.矿物绝缘电缆终端头制作\n3.矿物绝缘电缆终端头电缆头安装\n4.满足设计、技术规范及参数要求与施工工艺要求",null,"个",14,152.54,null,2135.56]
[60,"030408001019","矿物绝缘电缆终端头安装 多芯(截面mm2以下) 70","1.矿物绝缘电缆终端头安装 多芯(截面mm2以下) 70\n2.矿物绝缘电缆终端头制作\n3.矿物绝缘电缆终端头电缆头安装\n4.满足设计、技术规范及参数要求与施工工艺要求",null,"个",2,260.79,null,521.58]
[61,"030408001020","矿物绝缘电缆终端头安装 多芯(截面mm2以下) 120","1.矿物绝缘电缆终端头安装 多芯(截面mm2以下) 120\n2.矿物绝缘电缆终端头制作\n3.矿物绝缘电缆终端头电缆头安装\n4.满足设计、技术规范及参数要求与施工工艺要求",null,"个",2,277.83,null,555.66]
[62,"030411004012","配线 WDZB-BYJ-450/750V-2.5","1.名称：铜芯绝缘导线 \n2.规格：WDZB-BYJ-450/750V-2.5\n3.敷设方式：管内穿线敷设  \n4.满足设计、技术规范及参数要求与施工工艺要求",null,"m",1249.61,5.17,null,6460.48]
[63,"030411004013","配线 WDZB-BYJ-450/750V-2.5","1.名称：铜芯绝缘导线 \n2.规格：WDZB-BYJ-450/750V-2.5\n3.敷设方式：桥架内敷设  \n4.满足设计、技术规范及参数要求与施工工艺要求",null,"m",588.28,5.16,null,3035.52]
[64,"030411004014","配线 WDZBN-BYJ-450/750V-2.5","1.名称：铜芯绝缘导线\n2.规格：WDZBN-BYJ-450/750V-2.5\n3.敷设方式：管内穿线敷设\n4.满足设计、技术规范及参数要求与施工工艺要求",null,"m",58.13,7.04,null,409.24]
["本页小计",{"$nulls":8},13118.04]
["注：为计取规费等的使用，可在表中增设其中：“定额人工费”。"]
[{"$nulls":8},"表—08"]
["分部分项工程和单价措施项目清单与计价表"]
["工程名称：电气工程-新蓝天幼儿园工程建设项目-地上",{"$nulls":3},"标段：",{"$nulls":3},"第 12 页  共 13 页"]
["序号","项目编码","项目名称","项目特征描述",null,"计量单位","工程量","金额（元）"]
[{"$nulls":7},"综合单价",null,"综合合价","其中"]
[{"$nulls":10},"暂估价"]
[65,"030411004015","配线 WDZB-BYJ-450/750V-10","1.名称：铜芯绝缘导线\n2.规格：WDZB-BYJ-450/750V-10\n3.敷设方式：管内穿线敷设\n4.满足设计、技术规范及参数要求与施工工艺要求",null,"m",31.69,10.54,null,334.01]
[66,"030411004016","配线 WDZB-BYJ-450/750V-10","1.名称：铜芯绝缘导线 \n2.规格：WDZB-BYJ-450/750V-10\n3.敷设方式：桥架内敷设  \n4.满足设计、技术规范及参数要求与施工工艺要求",null,"m",156.89,11.1,null,1741.48]
[67,"030411004017","配线 WDZB-RYJ-2x1.5","1.名称：铜芯绝缘导线\n2.规格：WDZB-RYJ-2x1.5\n3.敷设方式：管内穿线敷设\n4.满足设计、技术规范及参数要求与施工工艺要求",null,"m",16.08,7.94,null,127.68]
[68,"030411001007","镀锌电线管 MT16","1.名称：镀锌电线管 \n2.规格：MT16\n3.敷设形式及部位：综合考虑\n4.满足设计、技术规范及参数要求与施工工艺要求",null,"m",13.68,12.05,null,164.84]
[69,"030411001008","镀锌电线管 MT19","1.名称：镀锌电线管 \n2.规格：MT19\n3.敷设形式及部位：综合考虑\n4.满足设计、技术规范及参数要求与施工工艺要求",null,"m",7731.65,13.68,null,105768.97]
[70,"030411001009","镀锌电线管 MT25","1.名称：镀锌电线管 \n2.规格：MT25\n3.敷设形式及部位：综合考虑\n4.满足设计、技术规范及参数要求与施工工艺要求",null,"m",68.18,18.9,null,1288.6]
[71,"030411001010","镀锌电线管 MT32","1.名称：镀锌电线管 \n2.规格：MT32\n3.敷设形式及部位：综合考虑\n4.满足设计、技术规范及参数要求与施工工艺要求",null,"m",812.25,22,null,17869.5]
["本页小计",{"$nulls":8},127295.08]
["注：为计取规费等的使用，可在表中增设其中：“定额人工费”。"]
[{"$nulls":8},"表—08"]
["分部分项工程和单价措施项目清单与计价表"]
["工程名称：电气工程-新蓝天幼儿园工程建设项目-地上",{"$nulls":3},"标段：",{"$nulls":3},"第 13 页  共 13 页"]
["序号","项目编码","项目名称","项目特征描述",null,"计量单位","工程量","金额（元）"]
[{"$nulls":7},"综合单价",null,"综合合价","其中"]
[{"$nulls":10},"暂估价"]
[72,"030411001011","镀锌电线管 MT40","1.名称：镀锌电线管 \n2.规格：MT40\n3.敷设形式及部位：综合考虑\n4.满足设计、技术规范及参数要求与施工工艺要求",null,"m",18.96,30.46,null,577.52]
[73,"030411001012","镀锌电线管 MT50","1.名称：镀锌电线管 \n2.规格：MT50\n3.敷设形式及部位：综合考虑\n4.满足设计、技术规范及参数要求与施工工艺要求",null,"m",56.18,35.44,null,1991.02]
[null,null,"电气工程与预埋部分合计",{"$nulls":6},725652.51]
[null,null,"分部分项合计",{"$nulls":6},725652.51]
[null,null,"措施项目"]
[74,"031302007001","高层施工增加",null,null,"项",1,2034.07,null,2034.07]
[75,"031301017001","脚手架搭拆费",null,null,"项",1,4083.72,null,4083.72]
[null,null,"单价措施合计",{"$nulls":6},6117.79]
{"$rows_empty":14}
["本页小计",{"$nulls":8},8686.33]
["合   计",{"$nulls":8},731770.3]
["注：为计取规费等的使用，可在表中增设其中：“定额人工费”。"]
[{"$nulls":8},"表—08"]

{"sheet":"表-09 综合单价分析表【电气工程-新蓝天幼儿园工程建设项","index":8,"n_rows":1660,"n_cols":14,"rows_kept":1660,"merged":[[0,0,0,13],[1,0,1,7],[1,8,1,9],[1,10,1,13],[2,0,2,1],[2,2,2,3],[2,5,2,8],[2,9,2,10],[3,0,3,13],[4,4,4,8],[4,9,4,13],[5,7,5,8],[5,9,5,10],[6,7,6,8],[6,9,6,10],[7,0,7,1],[7,2,7,8],[7,9,7,10],[8,0,8,1],[8,2,8,8],[8,9,8,13],[9,0,9,8],[9,9,9,13],[10,1,10,5],[10,7,10,8],[10,9,10,10],[11,1,11,5],[11,7,11,8],[11,9,11,10],[12,1,12,8],[12,9,12,10],[13,1,13,8],[13,9,13,10],[14,1,14,5],[14,7,14,8],[14,9,14,10],[15,1,15,5],[15,7,15,8],[15,9,15,10],[16,1,16,5],[16,7,16,8],[16,9,16,10],[17,1,17,5],[17,7,17,8],[17,9,17,10],[18,1,18,5],[18,7,18,8],[18,9,18,10],[19,1,19,5],[19,7,19,8],[19,9,19,10],[20,1,20,5],[20,7,20,8],[20,9,20,10],[21,0,21,13],[22,0,22,7],[22,8,22,9],[22,10,22,13],[23,0,23,13],[24,0,24,7],[24,8,24,9],[24,10,24,13],[25,0,25,1],[25,2,25,3],[25,5,25,8],[25,9,25,10],[26,0,26,13],[27,4,27,8],[27,9,27,13],[28,7,28,8],[28,9,28,10],[29,7,29,8],[29,9,29,10],[30,7,30,8],[30,9,30,10],[31,0,31,1],[31,2,31,8],[31,9,31,10],[32,0,32,1],[32,2,32,8],[32,9,32,13],[33,0,33,8],[33,9,33,13],[34,1,34,5],[34,7,34,8],[34,9,34,10],[35,1,35,5],[35,7,35,8],[35,9,35,10],[36,1,36,8],[36,9,36,10],[37,1,37,8],[37,9,37,10],[38,1,38,5],[38,7,38,8],[38,9,38,10],[39,1,39,5],[39,7,39,8],[39,9,39,10],[40,1,40,5],[40,7,40,8],[40,9,40,10],[41,1,41,5],[41,7,41,8],[41,9,41,10],[42,1,42,5],[42,7,42,8],[42,9,42,10],[43,0,43,13],[44,0,44,7],[44,8,44,9],[44,10,44,13],[45,0,45,13],[46,0,46,7],[46,8,46,9],[46,10,46,13],[47,0,47,1],[47,2,47,3],[47,5,47,8],[47,9,47,10],[48,0,48,13],[49,4,49,8],[49,9,49,13],[50,7,50,8],[50,9,50,10],[51,7,51,8],[51,9,51,10],[52,7,52,8],[52,9,52,10],[53,0,53,1],[53,2,53,8],[53,9,53,10],[54,0,54,1],[54,2,54,8],[54,9,54,13],[55,0,55,8],[55,9,55,13],[56,1,56,5],[56,7,56,8],[56,9,56,10],[57,1,57,5],[57,7,57,8],[57,9,57,10],[58,1,58,8],[58,9,58,10],[59,1,59,8],[59,9,59,10],[60,1,60,5],[60,7,60,8],[60,9,60,10],[61,1,61,5],[61,7,61,8],[61,9,61,10],[62,1,62,5],[62,7,62,8],[62,9,62,10],[63,1,63,5],[63,7,63,8],[63,9,63,10],[64,1,64,5],[64,7,64,8],[64,9,64,10],[65,0,65,13],[66,0,66,7],[66,8,66,9],[66,10,66,13],[67,0,67,13],[68,0,68,7],[68,8,68,9],[68,10,68,13],[69,0,69,1],[69,2,69,3],[69,5,69,8],[69,9,69,10],[70,0,70,13],[71,4,71,8],[71,9,71,13],[72,7,72,8],[72,9,72,10],[73,7,73,8],[73,9,73,10],[74,7,74,8],[74,9,74,10],[75,7,75,8],[75,9,75,10],[76,0,76,1],[76,2,76,8],[76,9,76,10],[77,0,77,1],[77,2,77,8],[77,9,77,13],[78,0,78,8],[78,9,78,13],[79,1,79,5],[79,7,79,8],[79,9,79,10],[80,1,80,5],[80,7,80,8],[80,9,80,10],[81,1,81,8],[81,9,81,10],[82,1,82,8],[82,9,82,10],[83,1,83,5],[83,7,83,8],[83,9,83,10],[84,1,84,5],[84,7,84,8],[84,9,84,10],[85,1,85,5],[85,7,85,8],[85,9,85,10],[86,1,86,5],[86,7,86,8],[86,9,86,10],[87,0,87,13],[88,0,88,7],[88,8,88,9],[88,10,88,13],[89,0,89,13],[90,0,90,7],[90,8,90,9],[90,10,90,13],[91,0,91,1],[91,2,91,3],[91,5,91,8],[91,9,91,10],[92,0,92,13],[93,4,93,8],[93,9,93,13],[94,7,94,8],[94,9,94,10],[95,7,95,8],[95,9,95,10],[96,0,96,1],[96,2,96,8],[96,9,96,10],[97,0,97,1],[97,2,97,8],[97,9,97,13],[98,0,98,8],[98,9,98,13],[99,1,99,5],[99,7,99,8],[99,9,99,10],[100,1,100,5],[100,7,100,8],[100,9,100,10],[101,1,101,8],[101,9,101,10],[102,1,102,8],[102,9,102,10],[103,1,103,5],[103,7,103,8],[103,9,103,10],[104,1,104,5],[104,7,104,8],[104,9,104,10],[105,1,105,5],[105,7,105,8],[105,9,105,10],[106,1,106,5],[106,7,106,8],[106,9,106,10],[107,1,107,5],[107,7,107,8],[107,9,107,10],[108,1,108,5],[108,7,108,8],[108,9,108,10],[109,1,109,5],[109,7,109,8],[109,9,109,10],[110,0,110,13],[111,0,111,7],[111,8,111,9],[111,10,111,13],[112,0,112,13],[113,0,113,7],[113,8,113,9],[113,10,113,13],[114,0,114,1],[114,2,114,3],[114,5,114,8],[114,9,114,10],[115,0,115,13],[116,4,116,8],[116,9,116,13],[117,7,117,8],[117,9,117,10],[118,7,118,8],[118,9,118,10],[119,0,119,1],[119,2,119,8],[119,9,119,10],[120,0,120,1],[120,2,120,8],[120,9,120,13],[121,0,121,8],[121,9,121,13],[122,1,122,5],[122,7,122,8],[122,9,122,10],[123,1,123,5],[123,7,123,8],[123,9,123,10],[124,1,124,8],[124,9,124,10],[125,1,125,8],[125,9,125,10],[126,1,126,5],[126,7,126,8],[126,9,126,10],[127,1,127,5],[127,7,127,8],[127,9,127,10],[128,1,128,5],[128,7,128,8],[128,9,128,10],[129,1,129,5],[129,7,129,8],[129,9,129,10],[130,1,130,5],[130,7,130,8],[130,9,130,10],[131,1,131,5],[131,7,131,8],[131,9,131,10],[132,1,132,5],[132,7,132,8],[132,9,132,10],[133,0,133,13],[134,0,134,7],[134,8,134,9],[134,10,134,13],[135,0,135,13],[136,0,136,7],[136,8,136,9],[136,10,136,13],[137,0,137,1],[137,2,137,3],[137,5,137,8],[137,9,137,10],[138,0,138,13],[139,4,139,8],[139,9,139,13],[140,7,140,8],[140,9,140,10],[141,7,141,8],[141,9,141,10],[142,7,142,8],[142,9,142,10],[143,7,143,8],[143,9,143,10],[144,0,144,1],[144,2,144,8],[144,9,144,10],[145,0,145,1],[145,2,145,8],[145,9,145,13],[146,0,146,8],[146,9,146,13],[147,1,147,5],[147,7,147,8],[147,9,147,10],[148,1,148,5],[148,7,148,8],[148,9,148,10],[149,1,149,8],[149,9,149,10],[150,1,150,8],[150,9,150,10],[151,1,151,5],[151,7,151,8],[151,9,151,10],[152,1,152,5],[152,7,152,8],[152,9,152,10],[153,1,153,5],[153,7,153,8],[153,9,153,10],[154,1,154,5],[154,7,154,8],[154,9,154,10],[155,0,155,13],[156,0,156,7],[156,8,156,9],[156,10,156,13],[157,0,157,13],[158,0,158,7],[158,8,158,9],[158,10,158,13],[159,0,159,1],[159,2,159,3],[159,5,159,8],[159,9,159,10],[160,0,160,13],[161,4,161,8],[161,9,161,13],[162,7,162,8],[162,9,162,10],[163,7,163,8],[163,9,163,10],[164,7,164,8],[164,9,164,10],[165,7,165,8],[165,9,165,10],[166,0,166,1],[166,2,166,8],[166,9,166,10],[167,0,167,1],[167,2,167,8],[167,9,167,13],[168,0,168,8],[168,9,168,13],[169,1,169,5],[169,7,169,8],[169,9,169,10],[170,1,170,5],[170,7,170,8],[170,9,170,10],[171,1,171,8],[171,9,171,10],[172,1,172,8],[172,9,172,10],[173,1,173,5],[173,7,173,8],[173,9,173,10],[174,1,174,5],[174,7,174,8],[174,9,174,10],[175,1,175,5],[175,7,175,8],[175,9,175,10],[176,1,176,5],[176,7,176,8],[176,9,176,10],[177,0,177,13],[178,0,178,7],[178,8,178,9],[178,10,178,13],[179,0,179,13],[180,0,180,7],[180,8,180,9],[180,10,180,13],[181,0,181,1],[181,2,181,3],[181,5,181,8],[181,9,181,10],[182,0,182,13],[183,4,183,8],[183,9,183,13],[184,7,184,8],[184,9,184,10],[185,7,185,8],[185,9,185,10],[186,7,186,8],[186,9,186,10],[187,7,187,8],[187,9,187,10],[188,0,188,1],[188,2,188,8],[188,9,188,10],[189,0,189,1],[189,2,189,8],[189,9,189,13],[190,0,190,8],[190,9,190,13],[191,1,191,5],[191,7,191,8],[191,9,191,10],[192,1,192,5],[192,7,192,8],[192,9,192,10],[193,1,193,8],[193,9,193,10],[194,1,194,8],[194,9,194,10],[195,1,195,5],[195,7,195,8],[195,9,195,10],[196,1,196,5],[196,7,196,8],[196,9,196,10],[197,1,197,5],[197,7,197,8],[197,9,197,10],[198,1,198,5],[198,7,198,8],[198,9,198,10],[199,0,199,13],[200,0,200,7],[200,8,200,9],[200,10,200,13],[201,0,201,13],[202,0,202,7],[202,8,202,9],[202,10,202,13],[203,0,203,1],[203,2,203,3],[203,5,203,8],[203,9,203,10],[204,0,204,13],[205,4,205,8],[205,9,205,13],[206,7,206,8],[206,9,206,10],[207,7,207,8],[207,9,207,10],[208,7,208,8],[208,9,208,10],[209,0,209,1],[209,2,209,8],[209,9,209,10],[210,0,210,1],[210,2,210,8],[210,9,210,13],[211,0,211,8],[211,9,211,13],[212,1,212,5],[212,7,212,8],[212,9,212,10],[213,1,213,5],[213,7,213,8],[213,9,213,10],[214,1,214,8],[214,9,214,10],[215,1,215,8],[215,9,215,10],[216,1,216,5],[216,7,216,8],[216,9,216,10],[217,1,217,5],[217,7,217,8],[217,9,217,10],[218,1,218,5],[218,7,218,8],[218,9,218,10],[219,1,219,5],[219,7,219,8],[219,9,219,10],[220,1,220,5],[220,7,220,8],[220,9,220,10],[221,0,221,13],[222,0,222,7],[222,8,222,9],[222,10,222,13],[223,0,223,13],[224,0,224,7],[224,8,224,9],[224,10,224,13],[225,0,225,1],[225,2,225,3],[225,5,225,8],[225,9,225,10],[226,0,226,13],[227,4,227,8],[227,9,227,13],[228,7,228,8],[228,9,228,10],[229,7,229,8],[229,9,229,10],[230,0,230,1],[230,2,230,8],[230,9,230,10],[231,0,231,1],[231,2,231,8],[231,9,231,13],[232,0,232,8],[232,9,232,13],[233,1,233,5],[233,7,233,8],[233,9,233,10],[234,1,234,5],[234,7,234,8],[234,9,234,10],[235,1,235,8],[235,9,235,10],[236,1,236,8],[236,9,236,10],[237,1,237,5],[237,7,237,8],[237,9,237,10],[238,1,238,5],[238,7,238,8],[238,9,238,10],[239,1,239,5],[239,7,239,8],[239,9,239,10],[240,1,240,5],[240,7,240,8],[240,9,240,10],[241,1,241,5],[241,7,241,8],[241,9,241,10],[242,1,242,5],[242,7,242,8],[242,9,242,10],[243,1,243,5],[243,7,243,8],[243,9,243,10],[244,0,244,13],[245,0,245,7],[245,8,245,9],[245,10,245,13],[246,0,246,13],[247,0,247,7],[247,8,247,9],[247,10,247,13],[248,0,248,1],[248,2,248,3],[248,5,248,8],[248,9,248,10],[249,0,249,13],[250,4,250,8],[250,9,250,13],[251,7,251,8],[251,9,251,10],[252,7,252,8],[252,9,252,10],[253,7,253,8],[253,9,253,10],[254,0,254,1],[254,2,254,8],[254,9,254,10],[255,0,255,1],[255,2,255,8],[255,9,255,13],[256,0,256,8],[256,9,256,13],[257,1,257,5],[257,7,257,8],[257,9,257,10],[258,1,258,5],[258,7,258,8],[258,9,258,10],[259,1,259,8],[259,9,259,10],[260,1,260,8],[260,9,260,10],[261,1,261,5],[261,7,261,8],[261,9,261,10],[262,1,262,5],[262,7,262,8],[262,9,262,10],[263,1,263,5],[263,7,263,8],[263,9,263,10],[264,1,264,5],[264,7,264,8],[264,9,264,10],[265,1,265,5],[265,7,265,8],[265,9,265,10],[266,0,266,13],[267,0,267,7],[267,8,267,9],[267,10,267,13],[268,0,268,13],[269,0,269,7],[269,8,269,9],[269,10,269,13],[270,0,270,1],[270,2,270,3],[270,5,270,8],[270,9,270,10],[271,0,271,13],[272,4,272,8],[272,9,272,13],[273,7,273,8],[273,9,273,10],[274,7,274,8],[274,9,274,10],[275,7,275,8],[275,9,275,10],[276,0,276,1],[276,2,276,8],[276,9,276,10],[277,0,277,1],[277,2,277,8],[277,9,277,13],[278,0,278,8],[278,9,278,13],[279,1,279,5],[279,7,279,8],[279,9,279,10],[280,1,280,5],[280,7,280,8],[280,9,280,10],[281,1,281,8],[281,9,281,10],[282,1,282,8],[282,9,282,10],[283,1,283,5],[283,7,283,8],[283,9,283,10],[284,1,284,5],[284,7,284,8],[284,9,284,10],[285,1,285,5],[285,7,285,8],[285,9,285,10],[286,1,286,5],[286,7,286,8],[286,9,286,10],[287,1,287,5],[287,7,287,8],[287,9,287,10],[288,0,288,13],[289,0,289,7],[289,8,289,9],[289,10,289,13],[290,0,290,13],[291,0,291,7],[291,8,291,9],[291,10,291,13],[292,0,292,1],[292,2,292,3],[292,5,292,8],[292,9,292,10],[293,0,293,13],[294,4,294,8],[294,9,294,13],[295,7,295,8],[295,9,295,10],[296,7,296,8],[296,9,296,10],[297,7,297,8],[297,9,297,10],[298,0,298,1],[298,2,298,8],[298,9,298,10],[299,0,299,1],[299,2,299,8],[299,9,299,13],[300,0,300,8],[300,9,300,13],[301,1,301,5],[301,7,301,8],[301,9,301,10],[302,1,302,5],[302,7,302,8],[302,9,302,10],[303,1,303,8],[303,9,303,10],[304,1,304,8],[304,9,304,10],[305,1,305,5],[305,7,305,8],[305,9,305,10],[306,1,306,5],[306,7,306,8],[306,9,306,10],[307,1,307,5],[307,7,307,8],[307,9,307,10],[308,1,308,5],[308,7,308,8],[308,9,308,10],[309,1,309,5],[309,7,309,8],[309,9,309,10],[310,0,310,13],[311,0,311,7],[311,8,311,9],[311,10,311,13],[312,0,312,13],[313,0,313,7],[313,8,313,9],[313,10,313,13],[314,0,314,1],[314,2,314,3],[314,5,314,8],[314,9,314,10],[315,0,315,13],[316,4,316,8],[316,9,316,13],[317,7,317,8],[317,9,317,10],[318,7,318,8],[318,9,318,10],[319,7,319,8],[319,9,319,10],[320,0,320,1],[320,2,320,8],[320,9,320,10],[321,0,321,1],[321,2,321,8],[321,9,321,13],[322,0,322,8],[322,9,322,13],[323,1,323,5],[323,7,323,8],[323,9,323,10],[324,1,324,5],[324,7,324,8],[324,9,324,10],[325,1,325,8],[325,9,325,10],[326,1,326,8],[326,9,326,10],[327,1,327,5],[327,7,327,8],[327,9,327,10],[328,1,328,5],[328,7,328,8],[328,9,328,10],[329,1,329,5],[329,7,329,8],[329,9,329,10],[330,1,330,5],[330,7,330,8],[330,9,330,10],[331,1,331,5],[331,7,331,8],[331,9,331,10],[332,0,332,13],[333,0,333,7],[333,8,333,9],[333,10,333,13],[334,0,334,13],[335,0,335,7],[335,8,335,9],[335,10,335,13],[336,0,336,1],[336,2,336,3],[336,5,336,8],[336,9,336,10],[337,0,337,13],[338,4,338,8],[338,9,338,13],[339,7,339,8],[339,9,339,10],[340,7,340,8],[340,9,340,10],[341,0,341,1],[341,2,341,8],[341,9,341,10],[342,0,342,1],[342,2,342,8],[342,9,342,13],[343,0,343,8],[343,9,343,13],[344,1,344,5],[344,7,344,8],[344,9,344,10],[345,1,345,5],[345,7,345,8],[345,9,345,10],[346,1,346,8],[346,9,346,10],[347,1,347,8],[347,9,347,10],[348,1,348,5],[348,7,348,8],[348,9,348,10],[349,1,349,5],[349,7,349,8],[349,9,349,10],[350,1,350,5],[350,7,350,8],[350,9,350,10],[351,1,351,5],[351,7,351,8],[351,9,351,10],[352,1,352,5],[352,7,352,8],[352,9,352,10],[353,1,353,5],[353,7,353,8],[353,9,353,10],[354,1,354,5],[354,7,354,8],[354,9,354,10],[355,0,355,13],[356,0,356,7],[356,8,356,9],[356,10,356,13],[357,0,357,13],[358,0,358,7],[358,8,358,9],[358,10,358,13],[359,0,359,1],[359,2,359,3],[359,5,359,8],[359,9,359,10],[360,0,360,13],[361,4,361,8],[361,9,361,13],[362,7,362,8],[362,9,362,10],[363,7,363,8],[363,9,363,10],[364,0,364,1],[364,2,364,8],[364,9,364,10],[365,0,365,1],[365,2,365,8],[365,9,365,13],[366,0,366,8],[366,9,366,13],[367,1,367,5],[367,7,367,8],[367,9,367,10],[368,1,368,5],[368,7,368,8],[368,9,368,10],[369,1,369,8],[369,9,369,10],[370,1,370,8],[370,9,370,10],[371,1,371,5],[371,7,371,8],[371,9,371,10],[372,1,372,5],[372,7,372,8],[372,9,372,10],[373,1,373,5],[373,7,373,8],[373,9,373,10],[374,1,374,5],[374,7,374,8],[374,9,374,10],[375,1,375,5],[375,7,375,8],[375,9,375,10],[376,1,376,5],[376,7,376,8],[376,9,376,10],[377,1,377,5],[377,7,377,8],[377,9,377,10],[378,0,378,13],[379,0,379,7],[379,8,379,9],[379,10,379,13],[380,0,380,13],[381,0,381,7],[381,8,381,9],[381,10,381,13],[382,0,382,1],[382,2,382,3],[382,5,382,8],[382,9,382,10],[383,0,383,13],[384,4,384,8],[384,9,384,13],[385,7,385,8],[385,9,385,10],[386,7,386,8],[386,9,386,10],[387,0,387,1],[387,2,387,8],[387,9,387,10],[388,0,388,1],[388,2,388,8],[388,9,388,13],[389,0,389,8],[389,9,389,13],[390,1,390,5],[390,7,390,8],[390,9,390,10],[391,1,391,5],[391,7,391,8],[391,9,391,10],[392,1,392,8],[392,9,392,10],[393,1,393,8],[393,9,393,10],[394,1,394,5],[394,7,394,8],[394,9,394,10],[395,1,395,5],[395,7,395,8],[395,9,395,10],[396,1,396,5],[396,7,396,8],[396,9,396,10],[397,1,397,5],[397,7,397,8],[397,9,397,10],[398,1,398,5],[398,7,398,8],[398,9,398,10],[399,1,399,5],[399,7,399,8],[399,9,399,10],[400,1,400,5],[400,7,400,8],[400,9,400,10],[401,0,401,13],[402,0,402,7],[402,8,402,9],[402,10,402,13],[403,0,403,13],[404,0,404,7],[404,8,404,9],[404,10,404,13]],"merged_total":4509,"flags":["merged_cut"]}
["综合单价分析表"]
["工程名称：电气工程-新蓝天幼儿园工程建设项目-地上",{"$nulls":7},"标段：",null,"第 1 页  共 75 页"]
["项目编码",null,"030404017025",null,"项目名称","公共照明总箱 01F01AL.z",{"$nulls":3},"计量单位",null,"台","工程量",1]
["清单综合单价组成明细"]
["定额编号","定额项目名称","定额\n单位","数量","单价",{"$nulls":4},"合价"]
[{"$nulls":4},"人工费","材料费","机具费","管理费\n和利润",null,"人工费",null,"材料费","机具费","管理费\n和利润"]
["C4-4-32","成套配电箱安装 悬挂式(半周长m以内) 1.5","台",1,220.56,4530.44,null,107.5,null,220.56,null,4530.44,null,107.5]
["人工单价",null,"小计",{"$nulls":6},220.56,null,4530.44,null,107.5]
[null,null,"未计价材料费",{"$nulls":6},4500]
["清单项目综合单价",{"$nulls":8},4858.5]
["材\n料\n费\n明\n细","主要材料名称、规格、型号",{"$nulls":4},"单位","数量",null,"单价（元）",null,"合价（元）","暂估单价\n（元）","暂估合价\n（元）"]
[null,"公共照明总箱 01F01AL.z 600x200x600(宽x深x高)",{"$nulls":4},"台",1,null,4500,null,4500]
[null,"其他材料费",{"$nulls":7},"-",null,30.46,"-"]
[null,"材料费小计",{"$nulls":7},"-",null,4530.46,"-"]
{"$rows_empty":7}
["注：1.如不使用省级或行业建设主管部门发布的计价依据，可不填定额编码、名称等；\n    2.招标文件提供了暂估单价的材料，按暂估的单价填入表内“暂估单价”栏及“暂估合价”栏。"]
[{"$nulls":10},"表-09"]
["综合单价分析表"]
["工程名称：电气工程-新蓝天幼儿园工程建设项目-地上",{"$nulls":7},"标段：",null,"第 2 页  共 75 页"]
["项目编码",null,"030404017026",null,"项目名称","照明配电箱 01F01AL1",{"$nulls":3},"计量单位",null,"台","工程量",1]
["清单综合单价组成明细"]
["定额编号","定额项目名称","定额\n单位","数量","单价",{"$nulls":4},"合价"]
[{"$nulls":4},"人工费","材料费","机具费","管理费\n和利润",null,"人工费",null,"材料费","机具费","管理费\n和利润"]
["C4-4-36","成套配电箱安装 嵌入式(半周长m以内) 1.5","台",1,176.46,3527.04,null,86,null,176.46,null,3527.04,null,86]
["C4-4-192","端子板外部接线 无端子外部接线(mm2以内) 2.5","10个",3.3,20.12,23.38,null,9.8,null,66.4,null,77.15,null,32.34]
["人工单价",null,"小计",{"$nulls":6},242.86,null,3604.19,null,118.34]
[null,null,"未计价材料费",{"$nulls":6},3500]
["清单项目综合单价",{"$nulls":8},3965.39]
["材\n料\n费\n明\n细","主要材料名称、规格、型号",{"$nulls":4},"单位","数量",null,"单价（元）",null,"合价（元）","暂估单价\n（元）","暂估合价\n（元）"]
[null,"照明配电箱 01F01AL1 600x200x600(宽x深x高)",{"$nulls":4},"台",1,null,3500,null,3500]
[null,"其他材料费",{"$nulls":7},"-",null,104.19,"-"]
[null,"材料费小计",{"$nulls":7},"-",null,3604.19,"-"]
[]
[]
[]
[]
[]
["注：1.如不使用省级或行业建设主管部门发布的计价依据，可不填定额编码、名称等；\n    2.招标文件提供了暂估单价的材料，按暂估的单价填入表内“暂估单价”栏及“暂估合价”栏。"]
[{"$nulls":10},"表-09"]
["综合单价分析表"]
["工程名称：电气工程-新蓝天幼儿园工程建设项目-地上",{"$nulls":7},"标段：",null,"第 3 页  共 75 页"]
["项目编码",null,"030404017027",null,"项目名称","照明配电箱 02~3F01AL1",{"$nulls":3},"计量单位",null,"台","工程量",2]
["清单综合单价组成明细"]
["定额编号","定额项目名称","定额\n单位","数量","单价",{"$nulls":4},"合价"]
[{"$nulls":4},"人工费","材料费","机具费","管理费\n和利润",null,"人工费",null,"材料费","机具费","管理费\n和利润"]
["C4-4-36","成套配电箱安装 嵌入式(半周长m以内) 1.5","台",1,176.46,3527.04,null,86,null,176.46,null,3527.04,null,86]
["C4-4-192","端子板外部接线 无端子外部接线(mm2以内) 2.5","10个",6,20.12,23.38,null,9.8,null,120.72,null,140.28,null,58.8]
["人工单价",null,"小计",{"$nulls":6},297.18,null,3667.32,null,144.8]
[null,null,"未计价材料费",{"$nulls":6},3500]
["清单项目综合单价",{"$nulls":8},4109.3]
["材\n料\n费\n明\n细","主要材料名称、规格、型号",{"$nulls":4},"单位","数量",null,"单价（元）",null,"合价（元）","暂估单价\n（元）","暂估合价\n（元）"]
[null,"照明配电箱 02~3F01AL1 600x200x600(宽x深x高)",{"$nulls":4},"台",1,null,3500,null,3500]
[null,"其他材料费",{"$nulls":7},"-",null,167.33,"-"]
[null,"材料费小计",{"$nulls":7},"-",null,3667.33,"-"]
[]
[]
[]
[]
[]
["注：1.如不使用省级或行业建设主管部门发布的计价依据，可不填定额编码、名称等；\n    2.招标文件提供了暂估单价的材料，按暂估的单价填入表内“暂估单价”栏及“暂估合价”栏。"]
[{"$nulls":10},"表-09"]
["综合单价分析表"]
["工程名称：电气工程-新蓝天幼儿园工程建设项目-地上",{"$nulls":7},"标段：",null,"第 4 页  共 75 页"]
["项目编码",null,"030404017028",null,"项目名称","照明配电箱 04F01AL1",{"$nulls":3},"计量单位",null,"台","工程量",1]
["清单综合单价组成明细"]
["定额编号","定额项目名称","定额\n单位","数量","单价",{"$nulls":4},"合价"]
[{"$nulls":4},"人工费","材料费","机具费","管理费\n和利润",null,"人工费",null,"材料费","机具费","管理费\n和利润"]
["C4-4-36","成套配电箱安装 嵌入式(半周长m以内) 1.5","台",1,176.46,5527.04,null,86,null,176.46,null,5527.04,null,86]
["C4-4-192","端子板外部接线 无端子外部接线(mm2以内) 2.5","10个",3.6,20.12,23.38,null,9.8,null,72.43,null,84.17,null,35.28]
["C4-4-183","压铜接线端子安装 导线截面(mm2以内) 16","10个",1.8,42.08,36.09,null,20.51,null,75.74,null,64.96,null,36.92]
["人工单价",null,"小计",{"$nulls":6},324.63,null,5676.17,null,158.2]
[null,null,"未计价材料费",{"$nulls":6},5500]
["清单项目综合单价",{"$nulls":8},6159]
["材\n料\n费\n明\n细","主要材料名称、规格、型号",{"$nulls":4},"单位","数量",null,"单价（元）",null,"合价（元）","暂估单价\n（元）","暂估合价\n（元）"]
[null,"照明配电箱 04F01AL1 600x200x600(宽x深x高)",{"$nulls":4},"台",1,null,5500,null,5500]
[null,"其他材料费",{"$nulls":7},"-",null,176.17,"-"]
[null,"材料费小计",{"$nulls":7},"-",null,5676.17,"-"]
[]
[]
[]
[]
["注：1.如不使用省级或行业建设主管部门发布的计价依据，可不填定额编码、名称等；\n    2.招标文件提供了暂估单价的材料，按暂估的单价填入表内“暂估单价”栏及“暂估合价”栏。"]
[{"$nulls":10},"表-09"]
["综合单价分析表"]
["工程名称：电气工程-新蓝天幼儿园工程建设项目-地上",{"$nulls":7},"标段：",null,"第 5 页  共 75 页"]
["项目编码",null,"030404017029",null,"项目名称","普通用电配电箱 02~03F01AL2",{"$nulls":3},"计量单位",null,"台","工程量",2]
["清单综合单价组成明细"]
["定额编号","定额项目名称","定额\n单位","数量","单价",{"$nulls":4},"合价"]
[{"$nulls":4},"人工费","材料费","机具费","管理费\n和利润",null,"人工费",null,"材料费","机具费","管理费\n和利润"]
["C4-4-36","成套配电箱安装 嵌入式(半周长m以内) 1.5","台",1,176.46,3527.04,null,86,null,176.46,null,3527.04,null,86]
["人工单价",null,"小计",{"$nulls":6},176.46,null,3527.04,null,86]
[null,null,"未计价材料费",{"$nulls":6},3500]
["清单项目综合单价",{"$nulls":8},3789.5]
["材\n料\n费\n明\n细","主要材料名称、规格、型号",{"$nulls":4},"单位","数量",null,"单价（元）",null,"合价（元）","暂估单价\n（元）","暂估合价\n（元）"]
[null,"普通用电配电箱 02~03F01AL2 600x200x600(宽x深x高)",{"$nulls":4},"台",1,null,3500,null,3500]
[null,"其他材料费",{"$nulls":7},"-",null,27.04,"-"]
[null,"材料费小计",{"$nulls":7},"-",null,3527.04,"-"]
{"$rows_empty":7}
["注：1.如不使用省级或行业建设主管部门发布的计价依据，可不填定额编码、名称等；\n    2.招标文件提供了暂估单价的材料，按暂估的单价填入表内“暂估单价”栏及“暂估合价”栏。"]
[{"$nulls":10},"表-09"]
["综合单价分析表"]
["工程名称：电气工程-新蓝天幼儿园工程建设项目-地上",{"$nulls":7},"标段：",null,"第 6 页  共 75 页"]
["项目编码",null,"030404017030",null,"项目名称","空调动力总配电箱 01F01AP.z",{"$nulls":3},"计量单位",null,"台","工程量",1]
["清单综合单价组成明细"]
["定额编号","定额项目名称","定额\n单位","数量","单价",{"$nulls":4},"合价"]
[{"$nulls":4},"人工费","材料费","机具费","管理费\n和利润",null,"人工费",null,"材料费","机具费","管理费\n和利润"]
["C4-4-32","成套配电箱安装 悬挂式(半周长m以内) 1.5","台",1,220.56,4530.44,null,107.5,null,220.56,null,4530.44,null,107.5]
["人工单价",null,"小计",{"$nulls":6},220.56,null,4530.44,null,107.5]
[null,null,"未计价材料费",{"$nulls":6},4500]
["清单项目综合单价",{"$nulls":8},4858.5]
["材\n料\n费\n明\n细","主要材料名称、规格、型号",{"$nulls":4},"单位","数量",null,"单价（元）",null,"合价（元）","暂估单价\n（元）","暂估合价\n（元）"]
[null,"空调动力总配电箱 01F01AP.z 600x200x600(宽x深x高)",{"$nulls":4},"台",1,null,4500,null,4500]
[null,"其他材料费",{"$nulls":7},"-",null,30.46,"-"]
[null,"材料费小计",{"$nulls":7},"-",null,4530.46,"-"]
{"$rows_empty":7}
["注：1.如不使用省级或行业建设主管部门发布的计价依据，可不填定额编码、名称等；\n    2.招标文件提供了暂估单价的材料，按暂估的单价填入表内“暂估单价”栏及“暂估合价”栏。"]
[{"$nulls":10},"表-09"]
["综合单价分析表"]
["工程名称：电气工程-新蓝天幼儿园工程建设项目-地上",{"$nulls":7},"标段：",null,"第 7 页  共 75 页"]
["项目编码",null,"030404017031",null,"项目名称","普通动力配电箱 01F01AP1",{"$nulls":3},"计量单位",null,"台","工程量",1]
["清单综合单价组成明细"]
["定额编号","定额项目名称","定额\n单位","数量","单价",{"$nulls":4},"合价"]
[{"$nulls":4},"人工费","材料费","机具费","管理费\n和利润",null,"人工费",null,"材料费","机具费","管理费\n和利润"]
["C4-4-32","成套配电箱安装 悬挂式(半周长m以内) 1.5","台",1,220.56,2530.44,null,107.5,null,220.56,null,2530.44,null,107.5]
["C4-4-192","端子板外部接线 无端子外部接线(mm2以内) 2.5","10个",1.2,20.12,23.38,null,9.8,null,24.14,null,28.06,null,11.76]
["C4-4-194","端子板外部接线 有端子外部接线(mm2以内) 2.5","10个",2.5,30.66,36.14,null,14.94,null,76.65,null,90.35,null,37.35]
["人工单价",null,"小计",{"$nulls":6},321.35,null,2648.85,null,156.61]
[null,null,"未计价材料费",{"$nulls":6},2500]
["清单项目综合单价",{"$nulls":8},3126.81]
["材\n料\n费\n明\n细","主要材料名称、规格、型号",{"$nulls":4},"单位","数量",null,"单价（元）",null,"合价（元）","暂估单价\n（元）","暂估合价\n（元）"]
[null,"普通动力配电箱 01F01AP1 600x200x600(宽x深x高)",{"$nulls":4},"台",1,null,2500,null,2500]
[null,"其他材料费",{"$nulls":7},"-",null,148.88,"-"]
[null,"材料费小计",{"$nulls":7},"-",null,2648.88,"-"]
[]
[]
[]
[]
["注：1.如不使用省级或行业建设主管部门发布的计价依据，可不填定额编码、名称等；\n    2.招标文件提供了暂估单价的材料，按暂估的单价填入表内“暂估单价”栏及“暂估合价”栏。"]
[{"$nulls":10},"表-09"]
["综合单价分析表"]
["工程名称：电气工程-新蓝天幼儿园工程建设项目-地上",{"$nulls":7},"标段：",null,"第 8 页  共 75 页"]
["项目编码",null,"030404017032",null,"项目名称","普通动力配电箱 02~03F01AP1",{"$nulls":3},"计量单位",null,"台","工程量",2]
["清单综合单价组成明细"]
["定额编号","定额项目名称","定额\n单位","数量","单价",{"$nulls":4},"合价"]
[{"$nulls":4},"人工费","材料费","机具费","管理费\n和利润",null,"人工费",null,"材料费","机具费","管理费\n和利润"]
["C4-4-36","成套配电箱安装 嵌入式(半周长m以内) 1.5",null,1,176.46,2527.04,null,86,null,176.46,null,2527.04,null,86]
["C4-4-192","端子板外部接线 无端子外部接线(mm2以内) 2.5","10个",0.9,20.12,23.38,null,9.8,null,18.11,null,21.04,null,8.82]
["C4-4-194","端子板外部接线 有端子外部接线(mm2以内) 2.5","10个",6,30.66,36.14,null,14.94,null,183.96,null,216.84,null,89.64]
["人工单价",null,"小计",{"$nulls":6},378.53,null,2764.92,null,184.46]
[null,null,"未计价材料费",{"$nulls":6},2500]
["清单项目综合单价",{"$nulls":8},3327.91]
["材\n料\n费\n明\n细","主要材料名称、规格、型号",{"$nulls":4},"单位","数量",null,"单价（元）",null,"合价（元）","暂估单价\n（元）","暂估合价\n（元）"]
[null,"普通动力配电箱 02~03F01AP1 600x200x600(宽x深x高)",{"$nulls":4},"台",1,null,2500,null,2500]
[null,"其他材料费",{"$nulls":7},"-",null,264.91,"-"]
[null,"材料费小计",{"$nulls":7},"-",null,2764.91,"-"]
[]
[]
[]
[]
["注：1.如不使用省级或行业建设主管部门发布的计价依据，可不填定额编码、名称等；\n    2.招标文件提供了暂估单价的材料，按暂估的单价填入表内“暂估单价”栏及“暂估合价”栏。"]
[{"$nulls":10},"表-09"]
["综合单价分析表"]
["工程名称：电气工程-新蓝天幼儿园工程建设项目-地上",{"$nulls":7},"标段：",null,"第 9 页  共 75 页"]
["项目编码",null,"030404017033",null,"项目名称","普通动力配电箱 04F01AP1",{"$nulls":3},"计量单位",null,"台","工程量",1]
["清单综合单价组成明细"]
["定额编号","定额项目名称","定额\n单位","数量","单价",{"$nulls":4},"合价"]
[{"$nulls":4},"人工费","材料费","机具费","管理费\n和利润",null,"人工费",null,"材料费","机具费","管理费\n和利润"]
["C4-4-32","成套配电箱安装 悬挂式(半周长m以内) 1.5","台",1,220.56,2530.44,null,107.5,null,220.56,null,2530.44,null,107.5]
["C4-4-192","端子板外部接线 无端子外部接线(mm2以内) 2.5","10个",0.6,20.12,23.38,null,9.8,null,12.07,null,14.03,null,5.88]
["C4-4-194","端子板外部接线 有端子外部接线(mm2以内) 2.5","10个",8,30.66,36.14,null,14.94,null,245.28,null,289.12,null,119.52]
["人工单价",null,"小计",{"$nulls":6},477.91,null,2833.59,null,232.9]
[null,null,"未计价材料费",{"$nulls":6},2500]
["清单项目综合单价",{"$nulls":8},3544.4]
["材\n料\n费\n明\n细","主要材料名称、规格、型号",{"$nulls":4},"单位","数量",null,"单价（元）",null,"合价（元）","暂估单价\n（元）","暂估合价\n（元）"]
[null,"普通动力配电箱 04F01AP1 600x200x600(宽x深x高)",{"$nulls":4},"台",1,null,2500,null,2500]
[null,"其他材料费",{"$nulls":7},"-",null,333.59,"-"]
[null,"材料费小计",{"$nulls":7},"-",null,2833.59,"-"]
[]
[]
[]
[]
["注：1.如不使用省级或行业建设主管部门发布的计价依据，可不填定额编码、名称等；\n    2.招标文件提供了暂估单价的材料，按暂估的单价填入表内“暂估单价”栏及“暂估合价”栏。"]
[{"$nulls":10},"表-09"]
["综合单价分析表"]
["工程名称：电气工程-新蓝天幼儿园工程建设项目-地上",{"$nulls":7},"标段：",null,"第 10 页  共 75 页"]
["项目编码",null,"030404017034",null,"项目名称","客梯电源箱 05F01AT.dt1",{"$nulls":3},"计量单位",null,"台","工程量",1]
["清单综合单价组成明细"]
["定额编号","定额项目名称","定额\n单位","数量","单价",{"$nulls":4},"合价"]
[{"$nulls":4},"人工费","材料费","机具费","管理费\n和利润",null,"人工费",null,"材料费","机具费","管理费\n和利润"]
["C4-4-32","成套配电箱安装 悬挂式(半周长m以内) 1.5","台",1,220.56,4530.44,null,107.5,null,220.56,null,4530.44,null,107.5]
["C4-4-192","端子板外部接线 无端子外部接线(mm2以内) 2.5","10个",1.5,20.12,23.38,null,9.8,null,30.18,null,35.07,null,14.7]
["人工单价",null,"小计",{"$nulls":6},250.74,null,4565.51,null,122.2]
[null,null,"未计价材料费",{"$nulls":6},4500]
["清单项目综合单价",{"$nulls":8},4938.45]
["材\n料\n费\n明\n细","主要材料名称、规格、型号",{"$nulls":4},"单位","数量",null,"单价（元）",null,"合价（元）","暂估单价\n（元）","暂估合价\n（元）"]
[null,"客梯电源箱 05F01AT.dt1 600x200x600(宽x深x高)",{"$nulls":4},"台",1,null,4500,null,4500]
[null,"其他材料费",{"$nulls":7},"-",null,65.53,"-"]
[null,"材料费小计",{"$nulls":7},"-",null,4565.53,"-"]
[]
[]
[]
[]
[]
["注：1.如不使用省级或行业建设主管部门发布的计价依据，可不填定额编码、名称等；\n    2.招标文件提供了暂估单价的材料，按暂估的单价填入表内“暂估单价”栏及“暂估合价”栏。"]
[{"$nulls":10},"表-09"]
["综合单价分析表"]
["工程名称：电气工程-新蓝天幼儿园工程建设项目-地上",{"$nulls":7},"标段：",null,"第 11 页  共 75 页"]
["项目编码",null,"030404017035",null,"项目名称","厨房用电 01F01AP.cf",{"$nulls":3},"计量单位",null,"台","工程量",1]
["清单综合单价组成明细"]
["定额编号","定额项目名称","定额\n单位","数量","单价",{"$nulls":4},"合价"]
[{"$nulls":4},"人工费","材料费","机具费","管理费\n和利润",null,"人工费",null,"材料费","机具费","管理费\n和利润"]
["C4-4-32","成套配电箱安装 悬挂式(半周长m以内) 1.5","台",1,220.56,5330.44,null,107.5,null,220.56,null,5330.44,null,107.5]
["人工单价",null,"小计",{"$nulls":6},220.56,null,5330.44,null,107.5]
[null,null,"未计价材料费",{"$nulls":6},5300]
["清单项目综合单价",{"$nulls":8},5658.5]
["材\n料\n费\n明\n细","主要材料名称、规格、型号",{"$nulls":4},"单位","数量",null,"单价（元）",null,"合价（元）","暂估单价\n（元）","暂估合价\n（元）"]
[null,"厨房用电 01F01AP.cf 600x200x600(宽x深x高)",{"$nulls":4},"台",1,null,5300,null,5300]
[null,"其他材料费",{"$nulls":7},"-",null,30.46,"-"]
[null,"材料费小计",{"$nulls":7},"-",null,5330.46,"-"]
{"$rows_empty":7}
["注：1.如不使用省级或行业建设主管部门发布的计价依据，可不填定额编码、名称等；\n    2.招标文件提供了暂估单价的材料，按暂估的单价填入表内“暂估单价”栏及“暂估合价”栏。"]
[{"$nulls":10},"表-09"]
["综合单价分析表"]
["工程名称：电气工程-新蓝天幼儿园工程建设项目-地上",{"$nulls":7},"标段：",null,"第 12 页  共 75 页"]
["项目编码",null,"030404017036",null,"项目名称","消防兼安防控制室消防用电 01F01APE.xf",{"$nulls":3},"计量单位",null,"台","工程量",1]
["清单综合单价组成明细"]
["定额编号","定额项目名称","定额\n单位","数量","单价",{"$nulls":4},"合价"]
[{"$nulls":4},"人工费","材料费","机具费","管理费\n和利润",null,"人工费",null,"材料费","机具费","管理费\n和利润"]
["C4-4-32","成套配电箱安装 悬挂式(半周长m以内) 1.5","台",1,220.56,4530.44,null,107.5,null,220.56,null,4530.44,null,107.5]
["C4-4-192","端子板外部接线 无端子外部接线(mm2以内) 2.5","10个",0.3,20.12,23.38,null,9.8,null,6.04,null,7.01,null,2.94]
["人工单价",null,"小计",{"$nulls":6},226.6,null,4537.45,null,110.44]
[null,null,"未计价材料费",{"$nulls":6},4500]
["清单项目综合单价",{"$nulls":8},4874.49]
["材\n料\n费\n明\n细","主要材料名称、规格、型号",{"$nulls":4},"单位","数量",null,"单价（元）",null,"合价（元）","暂估单价\n（元）","暂估合价\n（元）"]
[null,"消防兼安防控制室消防用电 01F01APE.xf 600x200x600(宽x深x高)",{"$nulls":4},"台",1,null,4500,null,4500]
[null,"其他材料费",{"$nulls":7},"-",null,37.46,"-"]
[null,"材料费小计",{"$nulls":7},"-",null,4537.46,"-"]
[]
[]
[]
[]
[]
["注：1.如不使用省级或行业建设主管部门发布的计价依据，可不填定额编码、名称等；\n    2.招标文件提供了暂估单价的材料，按暂估的单价填入表内“暂估单价”栏及“暂估合价”栏。"]
[{"$nulls":10},"表-09"]
["综合单价分析表"]
["工程名称：电气工程-新蓝天幼儿园工程建设项目-地上",{"$nulls":7},"标段：",null,"第 13 页  共 75 页"]
["项目编码",null,"030404017037",null,"项目名称","变电所用电 01F01APE.bds",{"$nulls":3},"计量单位",null,"台","工程量",1]
["清单综合单价组成明细"]
["定额编号","定额项目名称","定额\n单位","数量","单价",{"$nulls":4},"合价"]
[{"$nulls":4},"人工费","材料费","机具费","管理费\n和利润",null,"人工费",null,"材料费","机具费","管理费\n和利润"]
["C4-4-32","成套配电箱安装 悬挂式(半周长m以内) 1.5","台",1,220.56,4330.44,null,107.5,null,220.56,null,4330.44,null,107.5]
["C4-4-192","端子板外部接线 无端子外部接线(mm2以内) 2.5","10个",0.6,20.12,23.38,null,9.8,null,12.07,null,14.03,null,5.88]
["人工单价",null,"小计",{"$nulls":6},232.63,null,4344.47,null,113.38]
[null,null,"未计价材料费",{"$nulls":6},4300]
["清单项目综合单价",{"$nulls":8},4690.48]
["材\n料\n费\n明\n细","主要材料名称、规格、型号",{"$nulls":4},"单位","数量",null,"单价（元）",null,"合价（元）","暂估单价\n（元）","暂估合价\n（元）"]
[null,"变电所用电 01F01APE.bds 600x200x600(宽x深x高)",{"$nulls":4},"台",1,null,4300,null,4300]
[null,"其他材料费",{"$nulls":7},"-",null,44.48,"-"]
[null,"材料费小计",{"$nulls":7},"-",null,4344.48,"-"]
[]
[]
[]
[]
[]
["注：1.如不使用省级或行业建设主管部门发布的计价依据，可不填定额编码、名称等；\n    2.招标文件提供了暂估单价的材料，按暂估的单价填入表内“暂估单价”栏及“暂估合价”栏。"]
[{"$nulls":10},"表-09"]
["综合单价分析表"]
["工程名称：电气工程-新蓝天幼儿园工程建设项目-地上",{"$nulls":7},"标段：",null,"第 14 页  共 75 页"]
["项目编码",null,"030404017038",null,"项目名称","洗衣机间照明配电箱 01F01AL2",{"$nulls":3},"计量单位",null,"台","工程量",1]
["清单综合单价组成明细"]
["定额编号","定额项目名称","定额\n单位","数量","单价",{"$nulls":4},"合价"]
[{"$nulls":4},"人工费","材料费","机具费","管理费\n和利润",null,"人工费",null,"材料费","机具费","管理费\n和利润"]
["C4-4-36","成套配电箱安装 嵌入式(半周长m以内) 1.5","台",1,176.46,13027.04,null,86,null,176.46,null,13027.04,null,86]
["C4-4-192","端子板外部接线 无端子外部接线(mm2以内) 2.5","10个",0.6,20.12,23.38,null,9.8,null,12.07,null,14.03,null,5.88]
["人工单价",null,"小计",{"$nulls":6},188.53,null,13041.07,null,91.88]
[null,null,"未计价材料费",{"$nulls":6},13000]
["清单项目综合单价",{"$nulls":8},13321.48]
["材\n料\n费\n明\n细","主要材料名称、规格、型号",{"$nulls":4},"单位","数量",null,"单价（元）",null,"合价（元）","暂估单价\n（元）","暂估合价\n（元）"]
[null,"洗衣机间照明配电箱 01F01AL2 600x200x600(宽x深x高)",{"$nulls":4},"台",1,null,13000,null,13000]
[null,"其他材料费",{"$nulls":7},"-",null,41.06,"-"]
[null,"材料费小计",{"$nulls":7},"-",null,13041.06,"-"]
[]
[]
[]
[]
[]
["注：1.如不使用省级或行业建设主管部门发布的计价依据，可不填定额编码、名称等；\n    2.招标文件提供了暂估单价的材料，按暂估的单价填入表内“暂估单价”栏及“暂估合价”栏。"]
[{"$nulls":10},"表-09"]
["综合单价分析表"]
["工程名称：电气工程-新蓝天幼儿园工程建设项目-地上",{"$nulls":7},"标段：",null,"第 15 页  共 75 页"]
["项目编码",null,"030404017039",null,"项目名称","保安室安防用电 01F01AT.af",{"$nulls":3},"计量单位",null,"台","工程量",1]
["清单综合单价组成明细"]
["定额编号","定额项目名称","定额\n单位","数量","单价",{"$nulls":4},"合价"]
[{"$nulls":4},"人工费","材料费","机具费","管理费\n和利润",null,"人工费",null,"材料费","机具费","管理费\n和利润"]
["C4-4-36","成套配电箱安装 嵌入式(半周长m以内) 1.5","台",1,176.46,4527.04,null,86,null,176.46,null,4527.04,null,86]
["C4-4-192","端子板外部接线 无端子外部接线(mm2以内) 2.5","10个",0.6,20.12,23.38,null,9.8,null,12.07,null,14.03,null,5.88]
["人工单价",null,"小计",{"$nulls":6},188.53,null,4541.07,null,91.88]
[null,null,"未计价材料费",{"$nulls":6},4500]
["清单项目综合单价",{"$nulls":8},4821.48]
["材\n料\n费\n明\n细","主要材料名称、规格、型号",{"$nulls":4},"单位","数量",null,"单价（元）",null,"合价（元）","暂估单价\n（元）","暂估合价\n（元）"]
[null,"保安室安防用电 01F01AT.af 600x200x600(宽x深x高)",{"$nulls":4},"台",1,null,4500,null,4500]
[null,"其他材料费",{"$nulls":7},"-",null,41.06,"-"]
[null,"材料费小计",{"$nulls":7},"-",null,4541.06,"-"]
[]
[]
[]
[]
[]
["注：1.如不使用省级或行业建设主管部门发布的计价依据，可不填定额编码、名称等；\n    2.招标文件提供了暂估单价的材料，按暂估的单价填入表内“暂估单价”栏及“暂估合价”栏。"]
[{"$nulls":10},"表-09"]
["综合单价分析表"]
["工程名称：电气工程-新蓝天幼儿园工程建设项目-地上",{"$nulls":7},"标段：",null,"第 16 页  共 75 页"]
["项目编码",null,"030404017040",null,"项目名称","应急照明配电箱 01F01ALE1",{"$nulls":3},"计量单位",null,"台","工程量",1]
["清单综合单价组成明细"]
["定额编号","定额项目名称","定额\n单位","数量","单价",{"$nulls":4},"合价"]
[{"$nulls":4},"人工费","材料费","机具费","管理费\n和利润",null,"人工费",null,"材料费","机具费","管理费\n和利润"]
["C4-4-32","成套配电箱安装 悬挂式(半周长m以内) 1.5","台",1,220.56,6530.44,null,107.5,null,220.56,null,6530.44,null,107.5]
["人工单价",null,"小计",{"$nulls":6},220.56,null,6530.44,null,107.5]
[null,null,"未计价材料费",{"$nulls":6},6500]
["清单项目综合单价",{"$nulls":8},6858.5]
["材\n料\n费\n明\n细","主要材料名称、规格、型号",{"$nulls":4},"单位","数量",null,"单价（元）",null,"合价（元）","暂估单价\n（元）","暂估合价\n（元）"]
[null,"应急照明配电箱 01F01ALE1 ",{"$nulls":4},"台",1,null,6500,null,6500]
[null,"其他材料费",{"$nulls":7},"-",null,30.46,"-"]
[null,"材料费小计",{"$nulls":7},"-",null,6530.46,"-"]
{"$rows_empty":7}
["注：1.如不使用省级或行业建设主管部门发布的计价依据，可不填定额编码、名称等；\n    2.招标文件提供了暂估单价的材料，按暂估的单价填入表内“暂估单价”栏及“暂估合价”栏。"]
[{"$nulls":10},"表-09"]
["综合单价分析表"]
["工程名称：电气工程-新蓝天幼儿园工程建设项目-地上",{"$nulls":7},"标段：",null,"第 17 页  共 75 页"]
["项目编码",null,"030404017041",null,"项目名称","A型应急照明集中电源 01F01ALE1.c1",{"$nulls":3},"计量单位",null,"台","工程量",1]
["清单综合单价组成明细"]
["定额编号","定额项目名称","定额\n单位","数量","单价",{"$nulls":4},"合价"]
[{"$nulls":4},"人工费","材料费","机具费","管理费\n和利润",null,"人工费",null,"材料费","机具费","管理费\n和利润"]
["C4-4-32","成套配电箱安装 悬挂式(半周长m以内) 1.5","台",1,220.56,5530.44,null,107.5,null,220.56,null,5530.44,null,107.5]
["人工单价",null,"小计",{"$nulls":6},220.56,null,5530.44,null,107.5]
[null,null,"未计价材料费",{"$nulls":6},5500]
["清单项目综合单价",{"$nulls":8},5858.5]
["材\n料\n费\n明\n细","主要材料名称、规格、型号",{"$nulls":4},"单位","数量",null,"单价（元）",null,"合价（元）","暂估单价\n（元）","暂估合价\n（元）"]
[null,"A型应急照明集中电源 01F01ALE1.c1 500x690x220",{"$nulls":4},"台",1,null,5500,null,5500]
[null,"其他材料费",{"$nulls":7},"-",null,30.46,"-"]
[null,"材料费小计",{"$nulls":7},"-",null,5530.46,"-"]
{"$rows_empty":7}
["注：1.如不使用省级或行业建设主管部门发布的计价依据，可不填定额编码、名称等；\n    2.招标文件提供了暂估单价的材料，按暂估的单价填入表内“暂估单价”栏及“暂估合价”栏。"]
[{"$nulls":10},"表-09"]
["综合单价分析表"]
["工程名称：电气工程-新蓝天幼儿园工程建设项目-地上",{"$nulls":7},"标段：",null,"第 18 页  共 75 页"]
["项目编码",null,"030404017042",null,"项目名称","A型应急照明集中电源 03F01ALE1.c1",{"$nulls":3},"计量单位",null,"台","工程量",1]
["清单综合单价组成明细"]
["定额编号","定额项目名称","定额\n单位","数量","单价",{"$nulls":4},"合价"]
[{"$nulls":4},"人工费","材料费","机具费","管理费\n和利润",null,"人工费",null,"材料费","机具费","管理费\n和利润"]
["C4-4-32","成套配电箱安装 悬挂式(半周长m以内) 1.5","台",1,220.56,5530.44,null,107.5,null,220.56,null,5530.44,null,107.5]
["人工单价",null,"小计",{"$nulls":6},220.56,null,5530.44,null,107.5]
[null,null,"未计价材料费",{"$nulls":6},5500]
["清单项目综合单价",{"$nulls":8},5858.5]
["材\n料\n费\n明\n细","主要材料名称、规格、型号",{"$nulls":4},"单位","数量",null,"单价（元）",null,"合价（元）","暂估单价\n（元）","暂估合价\n（元）"]
[null,"A型应急照明集中电源 03F01ALE1.c1 500x690x220",{"$nulls":4},"台",1,null,5500,null,5500]
[null,"其他材料费",{"$nulls":7},"-",null,30.46,"-"]
[null,"材料费小计",{"$nulls":7},"-",null,5530.46,"-"]
{"$rows_empty":7}
["注：1.如不使用省级或行业建设主管部门发布的计价依据，可不填定额编码、名称等；\n    2.招标文件提供了暂估单价的材料，按暂估的单价填入表内“暂估单价”栏及“暂估合价”栏。"]
[{"$nulls":10},"表-09"]
["综合单价分析表"]
["工程名称：电气工程-新蓝天幼儿园工程建设项目-地上",{"$nulls":7},"标段：",null,"第 19 页  共 75 页"]
["项目编码",null,"030404017044",null,"项目名称","防火卷帘门控制箱 01F01AC.fjm",{"$nulls":3},"计量单位",null,"台","工程量",1]
["清单综合单价组成明细"]
["定额编号","定额项目名称","定额\n单位","数量","单价",{"$nulls":4},"合价"]
[{"$nulls":4},"人工费","材料费","机具费","管理费\n和利润",null,"人工费",null,"材料费","机具费","管理费\n和利润"]
["C4-4-31","成套配电箱安装 悬挂式(半周长m以内) 1","台",1,172.7,1078.95,null,84.17,null,172.7,null,1078.95,null,84.17]
["人工单价",null,"小计",{"$nulls":6},172.7,null,1078.95,null,84.17]
[null,null,"未计价材料费",{"$nulls":6},1050.52]
["清单项目综合单价",{"$nulls":8},1335.82]
["材\n料\n费\n明\n细","主要材料名称、规格、型号",{"$nulls":4},"单位","数量",null,"单价（元）",null,"合价（元）","暂估单价\n（元）","暂估合价\n（元）"]
[null,"防火卷帘门控制箱 01F01AC.fjm ",{"$nulls":4},"台",1,null,1050.52,null,1050.52]
[null,"其他材料费",{"$nulls":7},"-",null,28.45,"-"]
[null,"材料费小计",{"$nulls":7},"-",null,1078.97,"-"]
{"$rows_empty":7}
["注：1.如不使用省级或行业建设主管部门发布的计价依据，可不填定额编码、名称等；\n    2.招标文件提供了暂估单价的材料，按暂估的单价填入表内“暂估单价”栏及“暂估合价”栏。"]
[{"$nulls":10},"表-09"]
["综合单价分析表"]
["工程名称：电气工程-新蓝天幼儿园工程建设项目-地上",{"$nulls":7},"标段：",null,"第 20 页  共 75 页"]
["项目编码",null,"030404017043",null,"项目名称","电缆T接箱",{"$nulls":3},"计量单位",null,"台","工程量",4]
["清单综合单价组成明细"]
["定额编号","定额项目名称","定额\n单位","数量","单价",{"$nulls":4},"合价"]
[{"$nulls":4},"人工费","材料费","机具费","管理费\n和利润",null,"人工费",null,"材料费","机具费","管理费\n和利润"]
["C4-8-233","电缆T接箱安装 悬挂式(半周长mm以内) 1500","10个",0.1,1174.89,4556.41,null,572.64,null,117.49,null,455.64,null,57.26]
["人工单价",null,"小计",{"$nulls":6},117.49,null,455.64,null,57.26]
[null,null,"未计价材料费",{"$nulls":6},453.61]
["清单项目综合单价",{"$nulls":8},630.39]
["材\n料\n费\n明\n细","主要材料名称、规格、型号",{"$nulls":4},"单位","数量",null,"单价（元）",null,"合价（元）","暂估单价\n（元）","暂估合价\n（元）"]
[null,"电缆T接箱 ",{"$nulls":4},"个",1,null,453.61,null,453.61]
[null,"其他材料费",{"$nulls":7},"-",null,2.04,"-"]
[null,"材料费小计",{"$nulls":7},"-",null,455.65,"-"]
{"$rows_empty":7}
["注：1.如不使用省级或行业建设主管部门发布的计价依据，可不填定额编码、名称等；\n    2.招标文件提供了暂估单价的材料，按暂估的单价填入表内“暂估单价”栏及“暂估合价”栏。"]
[{"$nulls":10},"表-09"]
["综合单价分析表"]
["工程名称：电气工程-新蓝天幼儿园工程建设项目-地上",{"$nulls":7},"标段：",null,"第 21 页  共 75 页"]
["项目编码",null,"030411003008",null,"项目名称","电缆桥架 CT100x50",{"$nulls":3},"计量单位",null,"m","工程量",19.23]
["清单综合单价组成明细"]
["定额编号","定额项目名称","定额\n单位","数量","单价",{"$nulls":4},"合价"]
[{"$nulls":4},"人工费","材料费","机具费","管理费\n和利润",null,"人工费",null,"材料费","机具费","管理费\n和利润"]
["C4-11-171","钢制托盘式桥架安装(宽+高mm以下) 150","10m",0.1,172.45,344.2,6.32,87.13,null,17.25,null,34.42,0.63,8.71]
["人工单价",null,"小计",{"$nulls":6},17.25,null,34.42,0.63,8.71]
[null,null,"未计价材料费",{"$nulls":6},32.54]
["清单项目综合单价",{"$nulls":8},61.01]
["材\n料\n费\n明\n细","主要材料名称、规格、型号",{"$nulls":4},"单位","数量",null,"单价（元）",null,"合价（元）","暂估单价\n（元）","暂估合价\n（元）"]
[null,"钢制桥架 CT100x50",{"$nulls":4},"m",1.05,null,30.99,null,32.54]
[null,"其他材料费",{"$nulls":7},"-",null,1.88,"-"]
[null,"材料费小计",{"$nulls":7},"-",null,34.42,"-"]
{"$rows_empty":7}
["注：1.如不使用省级或行业建设主管部门发布的计价依据，可不填定额编码、名称等；\n    2.招标文件提供了暂估单价的材料，按暂估的单价填入表内“暂估单价”栏及“暂估合价”栏。"]
[{"$nulls":10},"表-09"]
["综合单价分析表"]
["工程名称：电气工程-新蓝天幼儿园工程建设项目-地上",{"$nulls":7},"标段：",null,"第 22 页  共 75 页"]
["项目编码",null,"030411003005",null,"项目名称","电缆桥架 CT200x100",{"$nulls":3},"计量单位",null,"m","工程量",348.2]
["清单综合单价组成明细"]
["定额编号","定额项目名称","定额\n单位","数量","单价",{"$nulls":4},"合价"]
[{"$nulls":4},"人工费","材料费","机具费","管理费\n和利润",null,"人工费",null,"材料费","机具费","管理费\n和利润"]
["C4-11-172","钢制托盘式桥架安装(宽+高mm以下) 400","10m",0.1,284.55,656.13,12.74,144.9,null,28.46,null,65.61,1.27,14.49]
["人工单价",null,"小计",{"$nulls":6},28.46,null,65.61,1.27,14.49]
[null,null,"未计价材料费",{"$nulls":6},63.71]
["清单项目综合单价",{"$nulls":8},109.83]
["材\n料\n费\n明\n细","主要材料名称、规格、型号",{"$nulls":4},"单位","数量",null,"单价（元）",null,"合价（元）","暂估单价\n（元）","暂估合价\n（元）"]
[null,"钢制桥架 CT200x100",{"$nulls":4},"m",1.05,null,60.68,null,63.71]
[null,"其他材料费",{"$nulls":7},"-",null,1.9,"-"]
[null,"材料费小计",{"$nulls":7},"-",null,65.61,"-"]
{"$rows_empty":7}
["注：1.如不使用省级或行业建设主管部门发布的计价依据，可不填定额编码、名称等；\n    2.招标文件提供了暂估单价的材料，按暂估的单价填入表内“暂估单价”栏及“暂估合价”栏。"]
[{"$nulls":10},"表-09"]
["综合单价分析表"]
["工程名称：电气工程-新蓝天幼儿园工程建设项目-地上",{"$nulls":7},"标段：",null,"第 23 页  共 75 页"]
["项目编码",null,"030411003006",null,"项目名称","电缆桥架 CT300x150",{"$nulls":3},"计量单位",null,"m","工程量",11.95]
["清单综合单价组成明细"]
["定额编号","定额项目名称","定额\n单位","数量","单价",{"$nulls":4},"合价"]
[{"$nulls":4},"人工费","材料费","机具费","管理费\n和利润",null,"人工费",null,"材料费","机具费","管理费\n和利润"]
["C4-11-173","钢制托盘式桥架安装(宽+高mm以下) 600","10m",0.1,453.4,1142.75,24.31,232.83,null,45.34,null,114.28,2.43,23.28]
["人工单价",null,"小计",{"$nulls":6},45.34,null,114.28,2.43,23.28]
[null,null,"未计价材料费",{"$nulls":6},112.3]
["清单项目综合单价",{"$nulls":8},185.33]
["材\n料\n费\n明\n细","主要材料名称、规格、型号",{"$nulls":4},"单位","数量",null,"单价（元）",null,"合价（元）","暂估单价\n（元）","暂估合价\n（元）"]
[null,"钢制桥架 CT300x150",{"$nulls":4},"m",1.05,null,106.95,null,112.3]
[null,"其他材料费",{"$nulls":7},"-",null,1.97,"-"]
[null,"材料费小计",{"$nulls":7},"-",null,114.27,"-"]
{"$rows_empty":7}
["注：1.如不使用省级或行业建设主管部门发布的计价依据，可不填定额编码、名称等；\n    2.招标文件提供了暂估单价的材料，按暂估的单价填入表内“暂估单价”栏及“暂估合价”栏。"]
[{"$nulls":10},"表-09"]
["综合单价分析表"]
["工程名称：电气工程-新蓝天幼儿园工程建设项目-地上",{"$nulls":7},"标段：",null,"第 24 页  共 75 页"]
["项目编码",null,"030411003007",null,"项目名称","电缆桥架 CT400x150",{"$nulls":3},"计量单位",null,"m","工程量",44.32]
["清单综合单价组成明细"]
["定额编号","定额项目名称","定额\n单位","数量","单价",{"$nulls":4},"合价"]
[{"$nulls":4},"人工费","材料费","机具费","管理费\n和利润",null,"人工费",null,"材料费","机具费","管理费\n和利润"]
["C4-11-173","钢制托盘式桥架安装(宽+高mm以下) 600","10m",0.1,453.4,1682.34,24.31,232.83,null,45.34,null,168.23,2.43,23.28]
["人工单价",null,"小计",{"$nulls":6},45.34,null,168.23,2.43,23.28]
[null,null,"未计价材料费",{"$nulls":6},166.26]
["清单项目综合单价",{"$nulls":8},239.29]
["材\n料\n费\n明\n细","主要材料名称、规格、型号",{"$nulls":4},"单位","数量",null,"单价（元）",null,"合价（元）","暂估单价\n（元）","暂估合价\n（元）"]
[null,"钢制桥架 CT400x150",{"$nulls":4},"m",1.05,null,158.34,null,166.26]
[null,"其他材料费",{"$nulls":7},"-",null,1.97,"-"]
[null,"材料费小计",{"$nulls":7},"-",null,168.23,"-"]
{"$rows_empty":7}
["注：1.如不使用省级或行业建设主管部门发布的计价依据，可不填定额编码、名称等；\n    2.招标文件提供了暂估单价的材料，按暂估的单价填入表内“暂估单价”栏及“暂估合价”栏。"]
[{"$nulls":10},"表-09"]
["综合单价分析表"]
["工程名称：电气工程-新蓝天幼儿园工程建设项目-地上",{"$nulls":7},"标段：",null,"第 25 页  共 75 页"]
["项目编码",null,"030411003009",null,"项目名称","电缆桥架 CT500x200",{"$nulls":3},"计量单位",null,"m","工程量",39.62]
["清单综合单价组成明细"]
["定额编号","定额项目名称","定额\n单位","数量","单价",{"$nulls":4},"合价"]
[{"$nulls":4},"人工费","材料费","机具费","管理费\n和利润",null,"人工费",null,"材料费","机具费","管理费\n和利润"]
["C4-11-174","钢制托盘式桥架安装(宽+高mm以下) 800","10m",0.1,606.61,2118.85,44.75,317.47,null,60.66,null,211.89,4.48,31.75]
["人工单价",null,"小计",{"$nulls":6},60.66,null,211.89,4.48,31.75]
[null,null,"未计价材料费",{"$nulls":6},209.15]
["清单项目综合单价",{"$nulls":8},308.77]
["材\n料\n费\n明\n细","主要材料名称、规格、型号",{"$nulls":4},"单位","数量",null,"单价（元）",null,"合价（元）","暂估单价\n（元）","暂估合价\n（元）"]
[null,"钢制桥架 CT500x200",{"$nulls":4},"m",1.05,null,199.19,null,209.15]
[null,"其他材料费",{"$nulls":7},"-",null,2.74,"-"]
[null,"材料费小计",{"$nulls":7},"-",null,211.89,"-"]
{"$rows_empty":7}
["注：1.如不使用省级或行业建设主管部门发布的计价依据，可不填定额编码、名称等；\n    2.招标文件提供了暂估单价的材料，按暂估的单价填入表内“暂估单价”栏及“暂估合价”栏。"]
[{"$nulls":10},"表-09"]
["综合单价分析表"]
["工程名称：电气工程-新蓝天幼儿园工程建设项目-地上",{"$nulls":7},"标段：",null,"第 26 页  共 75 页"]
["项目编码",null,"030413001004",null,"项目名称","桥架支架制作安装",{"$nulls":3},"计量单位",null,"kg","工程量",619.5]
["清单综合单价组成明细"]
["定额编号","定额项目名称","定额\n单位","数量","单价",{"$nulls":4},"合价"]
[{"$nulls":4},"人工费","材料费","机具费","管理费\n和利润",null,"人工费",null,"材料费","机具费","管理费\n和利润"]
["C4-13-1 换","铁构件制作、安装 一般铁构件 制作","100kg",0.01,671.98,501.64,51.31,352.53,null,6.72,null,5.02,0.51,3.53]
["C4-13-2 换","铁构件制作、安装 一般铁构件 安装","100kg",0.01,488.4,18.81,37.92,256.52,null,4.88,null,0.19,0.38,2.57]
["C12-2-49 换","一般钢结构 红丹防锈漆 第一遍 \u007f实际遍数(遍):2","100kg",0.01,31.45,28.3,19.7,20.75,null,0.31,null,0.28,0.2,0.21]
["人工单价",null,"小计",{"$nulls":6},11.91,null,5.49,1.09,6.31]
[null,null,"未计价材料费",{"$nulls":6},4.87]
["清单项目综合单价",{"$nulls":8},24.79]
["材\n料\n费\n明\n细","主要材料名称、规格、型号",{"$nulls":4},"单位","数量",null,"单价（元）",null,"合价（元）","暂估单价\n（元）","暂估合价\n（元）"]
[null,"圆钢 ",{"$nulls":4},"kg",0.0683,null,5.21,null,0.36]
[null,"扁钢 ",{"$nulls":4},"kg",0.1878,null,5.38,null,1.01]
[null,"角钢 ",{"$nulls":4},"kg",0.6404,null,5.1,null,3.27]
[null,"醇酸防锈漆 ",{"$nulls":4},"kg",0.018,null,13.34,null,0.24]
[null,"其他材料费",{"$nulls":7},"-",null,0.61,"-"]
[null,"材料费小计",{"$nulls":7},"-",null,5.49,"-"]
["注：1.如不使用省级或行业建设主管部门发布的计价依据，可不填定额编码、名称等；\n    2.招标文件提供了暂估单价的材料，按暂估的单价填入表内“暂估单价”栏及“暂估合价”栏。"]
[{"$nulls":10},"表-09"]
["综合单价分析表"]
["工程名称：电气工程-新蓝天幼儿园工程建设项目-地上",{"$nulls":7},"标段：",null,"第 27 页  共 75 页"]
["项目编码",null,"030408008001",null,"项目名称","防火堵洞",{"$nulls":3},"计量单位",null,"处","工程量",8]
["清单综合单价组成明细"]
["定额编号","定额项目名称","定额\n单位","数量","单价",{"$nulls":4},"合价"]
[{"$nulls":4},"人工费","材料费","机具费","管理费\n和利润",null,"人工费",null,"材料费","机具费","管理费\n和利润"]
["C4-8-225","电缆防火泥堵洞 (综合)","100kg",0.45,525.02,498.95,null,255.89,null,236.26,null,224.53,null,115.15]
["人工单价",null,"小计",{"$nulls":6},236.26,null,224.53,null,115.15]
[null,null,"未计价材料费",{"$nulls":6},210.6]
["清单项目综合单价",{"$nulls":8},575.94]
["材\n料\n费\n明\n细","主要材料名称、规格、型号",{"$nulls":4},"单位","数量",null,"单价（元）",null,"合价（元）","暂估单价\n（元）","暂估合价\n（元）"]
[null,"防火泥 ",{"$nulls":4},"kg",46.8,null,4.5,null,210.6]
[null,"其他材料费",{"$nulls":7},"-",null,13.99,"-"]
[null,"材料费小计",{"$nulls":7},"-",null,224.59,"-"]
{"$rows_empty":7}
["注：1.如不使用省级或行业建设主管部门发布的计价依据，可不填定额编码、名称等；\n    2.招标文件提供了暂估单价的材料，按暂估的单价填入表内“暂估单价”栏及“暂估合价”栏。"]
[{"$nulls":10},"表-09"]
["综合单价分析表"]
["工程名称：电气工程-新蓝天幼儿园工程建设项目-地上",{"$nulls":7},"标段：",null,"第 28 页  共 75 页"]
["项目编码",null,"030412004001",null,"项目名称","壁灯(荧光灯) 9W",{"$nulls":3},"计量单位",null,"套","工程量",9]
["清单综合单价组成明细"]
["定额编号","定额项目名称","定额\n单位","数量","单价",{"$nulls":4},"合价"]
[{"$nulls":4},"人工费","材料费","机具费","管理费\n和利润",null,"人工费",null,"材料费","机具费","管理费\n和利润"]
["C4-12-12","其他普通灯具安装 一般壁灯","10套",0.1,184.14,693.34,null,89.75,null,18.41,null,69.33,null,8.98]
["人工单价",null,"小计",{"$nulls":6},18.41,null,69.33,null,8.98]
[null,null,"未计价材料费",{"$nulls":6},67.27]
["清单项目综合单价",{"$nulls":8},96.72]
["材\n料\n费\n明\n细","主要材料名称、规格、型号",{"$nulls":4},"单位","数量",null,"单价（元）",null,"合价（元）","暂估单价\n（元）","暂估合价\n（元）"]
[null,"壁灯(荧光灯) 220V/9W,850lm",{"$nulls":4},"套",1.01,null,66.6,null,67.27]
[null,"其他材料费",{"$nulls":7},"-",null,2.07,"-"]
[null,"材料费小计",{"$nulls":7},"-",null,69.34,"-"]
{"$rows_empty":7}
["注：1.如不使用省级或行业建设主管部门发布的计价依据，可不填定额编码、名称等；\n    2.招标文件提供了暂估单价的材料，按暂估的单价填入表内“暂估单价”栏及“暂估合价”栏。"]
[{"$nulls":10},"表-09"]
["综合单价分析表"]
["工程名称：电气工程-新蓝天幼儿园工程建设项目-地上",{"$nulls":7},"标段：",null,"第 29 页  共 75 页"]
["项目编码",null,"030412005001",null,"项目名称","T5型单管荧光灯 220V/18W，1450LM",{"$nulls":3},"计量单位",null,"套","工程量",1]
["清单综合单价组成明细"]
["定额编号","定额项目名称","定额\n单位","数量","单价",{"$nulls":4},"合价"]
[{"$nulls":4},"人工费","材料费","机具费","管理费\n和利润",null,"人工费",null,"材料费","机具费","管理费\n和利润"]
["C4-12-245","普通成套型荧光灯具安装 吸顶式 单管","10套",0.1,197.43,491.49,null,96.23,null,19.74,null,49.15,null,9.62]
["人工单价",null,"小计",{"$nulls":6},19.74,null,49.15,null,9.62]
[null,null,"未计价材料费",{"$nulls":6},46.6]
["清单项目综合单价",{"$nulls":8},78.52]
["材\n料\n费\n明\n细","主要材料名称、规格、型号",{"$nulls":4},"单位","数量",null,"单价（元）",null,"合价（元）","暂估单价\n（元）","暂估合价\n（元）"]
[null,"T5型单管荧光灯 220V/18W，1450LM ",{"$nulls":4},"套",1.01,null,46.14,null,46.6]
[null,"其他材料费",{"$nulls":7},"-",null,2.56,"-"]
[null,"材料费小计",{"$nulls":7},"-",null,49.16,"-"]
{"$rows_empty":7}
["注：1.如不使用省级或行业建设主管部门发布的计价依据，可不填定额编码、名称等；\n    2.招标文件提供了暂估单价的材料，按暂估的单价填入表内“暂估单价”栏及“暂估合价”栏。"]
[{"$nulls":10},"表-09"]
["综合单价分析表"]
["工程名称：电气工程-新蓝天幼儿园工程建设项目-地上",{"$nulls":7},"标段：",null,"第 30 页  共 75 页"]
["项目编码",null,"030412005002",null,"项目名称","T5型单管荧光灯 220V/28W，2600LM",{"$nulls":3},"计量单位",null,"套","工程量",6]
["清单综合单价组成明细"]
["定额编号","定额项目名称","定额\n单位","数量","单价",{"$nulls":4},"合价"]
[{"$nulls":4},"人工费","材料费","机具费","管理费\n和利润",null,"人工费",null,"材料费","机具费","管理费\n和利润"]
["C4-12-239","普通成套型荧光灯具安装 吊链式 单管","10套",0.1,197.43,610.78,null,96.23,null,19.74,null,61.08,null,9.62]
["人工单价",null,"小计",{"$nulls":6},19.74,null,61.08,null,9.62]
[null,null,"未计价材料费",{"$nulls":6},46.6]
["清单项目综合单价",{"$nulls":8},90.44]
["材\n料\n费\n明\n细","主要材料名称、规格、型号",{"$nulls":4},"单位","数量",null,"单价（元）",null,"合价（元）","暂估单价\n（元）","暂估合价\n（元）"]
[null,"T5型单管荧光灯 220V/28W，2600LM 220V/1x28W,1x2600lm",{"$nulls":4},"套",1.01,null,46.14,null,46.6]
[null,"其他材料费",{"$nulls":7},"-",null,14.49,"-"]
[null,"材料费小计",{"$nulls":7},"-",null,61.09,"-"]
{"$rows_empty":7}
["注：1.如不使用省级或行业建设主管部门发布的计价依据，可不填定额编码、名称等；\n    2.招标文件提供了暂估单价的材料，按暂估的单价填入表内“暂估单价”栏及“暂估合价”栏。"]
[{"$nulls":10},"表-09"]
["综合单价分析表"]
["工程名称：电气工程-新蓝天幼儿园工程建设项目-地上",{"$nulls":7},"标段：",null,"第 31 页  共 75 页"]
["项目编码",null,"030404034001",null,"项目名称","照明开关",{"$nulls":3},"计量单位",null,"个","工程量",9]
["清单综合单价组成明细"]
["定额编号","定额项目名称","定额\n单位","数量","单价",{"$nulls":4},"合价"]
[{"$nulls":4},"人工费","材料费","机具费","管理费\n和利润",null,"人工费",null,"材料费","机具费","管理费\n和利润"]
["C4-4-116","照明开关安装 扳式暗开关(单控) 单联","10个",0.1,77.85,83.93,null,37.94,null,7.79,null,8.39,null,3.79]
["人工单价",null,"小计",{"$nulls":6},7.79,null,8.39,null,3.79]
[null,null,"未计价材料费",{"$nulls":6},7.92]
["清单项目综合单价",{"$nulls":8},19.97]
["材\n料\n费\n明\n细","主要材料名称、规格、型号",{"$nulls":4},"单位","数量",null,"单价（元）",null,"合价（元）","暂估单价\n（元）","暂估合价\n（元）"]
[null,"单联单控照明开关 10A,250V",{"$nulls":4},"个",1.02,null,7.76,null,7.92]
[null,"其他材料费",{"$nulls":7},"-",null,0.48,"-"]
[null,"材料费小计",{"$nulls":7},"-",null,8.4,"-"]
{"$rows_empty":7}
["注：1.如不使用省级或行业建设主管部门发布的计价依据，可不填定额编码、名称等；\n    2.招标文件提供了暂估单价的材料，按暂估的单价填入表内“暂估单价”栏及“暂估合价”栏。"]
[{"$nulls":10},"表-09"]
["综合单价分析表"]
["工程名称：电气工程-新蓝天幼儿园工程建设项目-地上",{"$nulls":7},"标段：",null,"第 32 页  共 75 页"]
["项目编码",null,"030404034002",null,"项目名称","单联双控开关",{"$nulls":3},"计量单位",null,"个","工程量",1]
["清单综合单价组成明细"]
["定额编号","定额项目名称","定额\n单位","数量","单价",{"$nulls":4},"合价"]
[{"$nulls":4},"人工费","材料费","机具费","管理费\n和利润",null,"人工费",null,"材料费","机具费","管理费\n和利润"]
["C4-4-122","照明开关安装 扳式暗开关(双控) 单联","10个",0.1,81.44,95.25,null,39.7,null,8.14,null,9.53,null,3.97]
["人工单价",null,"小计",{"$nulls":6},8.14,null,9.53,null,3.97]
[null,null,"未计价材料费",{"$nulls":6},8.94]
["清单项目综合单价",{"$nulls":8},21.64]
["材\n料\n费\n明\n细","主要材料名称、规格、型号",{"$nulls":4},"单位","数量",null,"单价（元）",null,"合价（元）","暂估单价\n（元）","暂估合价\n（元）"]
[null,"单联双控开关 ",{"$nulls":4},"个",1.02,null,8.76,null,8.94]
[null,"其他材料费",{"$nulls":7},"-",null,0.59,"-"]
[null,"材料费小计",{"$nulls":7},"-",null,9.53,"-"]
{"$rows_empty":7}
["注：1.如不使用省级或行业建设主管部门发布的计价依据，可不填定额编码、名称等；\n    2.招标文件提供了暂估单价的材料，按暂估的单价填入表内“暂估单价”栏及“暂估合价”栏。"]
[{"$nulls":10},"表-09"]
["综合单价分析表"]
["工程名称：电气工程-新蓝天幼儿园工程建设项目-地上",{"$nulls":7},"标段：",null,"第 33 页  共 75 页"]
["项目编码",null,"030404035001",null,"项目名称","暗装普通单相二、三孔插座,带保护门",{"$nulls":3},"计量单位",null,"个","工程量",9]
["清单综合单价组成明细"]
["定额编号","定额项目名称","定额\n单位","数量","单价",{"$nulls":4},"合价"]
[{"$nulls":4},"人工费","材料费","机具费","管理费\n和利润",null,"人工费",null,"材料费","机具费","管理费\n和利润"]
["C4-4-141","三相带接地暗插座安装(A以下) 16","10个",0.1,103.47,147.91,null,50.43,null,10.35,null,14.79,null,5.04]
["人工单价",null,"小计",{"$nulls":6},10.35,null,14.79,null,5.04]
[null,null,"未计价材料费",{"$nulls":6},13.97]
["清单项目综合单价",{"$nulls":8},30.18]
["材\n料\n费\n明\n细","主要材料名称、规格、型号",{"$nulls":4},"单位","数量",null,"单价（元）",null,"合价（元）","暂估单价\n（元）","暂估合价\n（元）"]
[null,"暗装普通单相二、三孔插座,带保护门 ",{"$nulls":4},"个",1.02,null,13.7,null,13.97]
[null,"其他材料费",{"$nulls":7},"-",null,0.82,"-"]
[null,"材料费小计",{"$nulls":7},"-",null,14.79,"-"]
{"$rows_empty":7}
["注：1.如不使用省级或行业建设主管部门发布的计价依据，可不填定额编码、名称等；\n    2.招标文件提供了暂估单价的材料，按暂估的单价填入表内“暂估单价”栏及“暂估合价”栏。"]
[{"$nulls":10},"表-09"]
["综合单价分析表"]
["工程名称：电气工程-新蓝天幼儿园工程建设项目-地上",{"$nulls":7},"标段：",null,"第 34 页  共 75 页"]
["项目编码",null,"030404031001",null,"项目名称","现场控制按钮",{"$nulls":3},"计量单位",null,"个","工程量",2]
["清单综合单价组成明细"]
["定额编号","定额项目名称","定额\n单位","数量","单价",{"$nulls":4},"合价"]
[{"$nulls":4},"人工费","材料费","机具费","管理费\n和利润",null,"人工费",null,"材料费","机具费","管理费\n和利润"]
["C4-4-92","门铃按钮安装 明装","10个",0.1,75.76,286.34,null,36.92,null,7.58,null,28.63,null,3.69]
["人工单价",null,"小计",{"$nulls":6},7.58,null,28.63,null,3.69]
[null,null,"未计价材料费",{"$nulls":6},26.47]
["清单项目综合单价",{"$nulls":8},39.9]
["材\n料\n费\n明\n细","主要材料名称、规格、型号",{"$nulls":4},"单位","数量",null,"单价（元）",null,"合价（元）","暂估单价\n（元）","暂估合价\n（元）"]
[null,"现场控制按钮 ",{"$nulls":4},"个",1.02,null,25.95,null,26.47]
[null,"其他材料费",{"$nulls":7},"-",null,2.18,"-"]
[null,"材料费小计",{"$nulls":7},"-",null,28.65,"-"]
{"$rows_empty":7}
["注：1.如不使用省级或行业建设主管部门发布的计价依据，可不填定额编码、名称等；\n    2.招标文件提供了暂估单价的材料，按暂估的单价填入表内“暂估单价”栏及“暂估合价”栏。"]
[{"$nulls":10},"表-09"]
["综合单价分析表"]
["工程名称：电气工程-新蓝天幼儿园工程建设项目-地上",{"$nulls":7},"标段：",null,"第 35 页  共 75 页"]
["项目编码",null,"030411006018",null,"项目名称","开关插座接线盒",{"$nulls":3},"计量单位",null,"个","工程量",23]
["清单综合单价组成明细"]
["定额编号","定额项目名称","定额\n单位","数量","单价",{"$nulls":4},"合价"]
[{"$nulls":4},"人工费","材料费","机具费","管理费\n和利润",null,"人工费",null,"材料费","机具费","管理费\n和利润"]
["C4-11-281","接线盒安装 开关(插座)盒 暗装","10个",0.1,43.99,26.08,null,21.44,null,4.4,null,2.61,null,2.14]
["人工单价",null,"小计",{"$nulls":6},4.4,null,2.61,null,2.14]
[null,null,"未计价材料费",{"$nulls":6},2.19]
["清单项目综合单价",{"$nulls":8},9.15]
["材\n料\n费\n明\n细","主要材料名称、规格、型号",{"$nulls":4},"单位","数量",null,"单价（元）",null,"合价（元）","暂估单价\n（元）","暂估合价\n（元）"]
[null,"开关插座接线盒 ",{"$nulls":4},"个",1.02,null,2.15,null,2.19]
[null,"其他材料费",{"$nulls":7},"-",null,0.41,"-"]
[null,"材料费小计",{"$nulls":7},"-",null,2.6,"-"]
{"$rows_empty":7}
["注：1.如不使用省级或行业建设主管部门发布的计价依据，可不填定额编码、名称等；\n    2.招标文件提供了暂估单价的材料，按暂估的单价填入表内“暂估单价”栏及“暂估合价”栏。"]
[{"$nulls":10},"表-09"]
["综合单价分析表"]
["工程名称：电气工程-新蓝天幼儿园工程建设项目-地上",{"$nulls":7},"标段：",null,"第 36 页  共 75 页"]
["项目编码",null,"030411006019",null,"项目名称","灯具接线盒",{"$nulls":3},"计量单位",null,"个","工程量",16]
["清单综合单价组成明细"]
["定额编号","定额项目名称","定额\n单位","数量","单价",{"$nulls":4},"合价"]
[{"$nulls":4},"人工费","材料费","机具费","管理费\n和利润",null,"人工费",null,"材料费","机具费","管理费\n和利润"]
["C4-11-282","接线盒安装 接线盒 暗装","10个",0.1,41.27,32.24,null,20.11,null,4.13,null,3.22,null,2.01]
["人工单价",null,"小计",{"$nulls":6},4.13,null,3.22,null,2.01]
[null,null,"未计价材料费",{"$nulls":6},2.19]
["清单项目综合单价",{"$nulls":8},9.36]
["材\n料\n费\n明\n细","主要材料名称、规格、型号",{"$nulls":4},"单位","数量",null,"单价（元）",null,"合价（元）","暂估单价\n（元）","暂估合价\n（元）"]
[null,"灯具接线盒 ",{"$nulls":4},"个",1.02,null,2.15,null,2.19]
[null,"其他材料费",{"$nulls":7},"-",null,1.03,"-"]
[null,"材料费小计",{"$nulls":7},"-",null,3.22,"-"]
{"$rows_empty":7}
["注：1.如不使用省级或行业建设主管部门发布的计价依据，可不填定额编码、名称等；\n    2.招标文件提供了暂估单价的材料，按暂估的单价填入表内“暂估单价”栏及“暂估合价”栏。"]
[{"$nulls":10},"表-09"]
["综合单价分析表"]
["工程名称：电气工程-新蓝天幼儿园工程建设项目-地上",{"$nulls":7},"标段：",null,"第 37 页  共 75 页"]
["项目编码",null,"030408001001",null,"项目名称","矿物电缆 BTLY-0.6/1kV--3x150+2x70",{"$nulls":3},"计量单位",null,"m","工程量",101.53]
["清单综合单价组成明细"]
["定额编号","定额项目名称","定额\n单位","数量","单价",{"$nulls":4},"合价"]
[{"$nulls":4},"人工费","材料费","机具费","管理费\n和利润",null,"人工费",null,"材料费","机具费","管理费\n和利润"]
["C4-8-21 *1.3","硬矿物绝缘电力电缆敷设 3~4芯(截面mm2以下) 185 \u007f五芯矿物电力电缆敷设 单价*1.3","100m",0.01,2260.87,61483.59,398.18,1296.02,null,22.61,null,614.84,3.98,12.96]
["人工单价",null,"小计",{"$nulls":6},22.61,null,614.84,3.98,12.96]
[null,null,"未计价材料费",{"$nulls":6},608.27]
["清单项目综合单价",{"$nulls":8},654.39]
["材\n料\n费\n明\n细","主要材料名称、规格、型号",{"$nulls":4},"单位","数量",null,"单价（元）",null,"合价（元）","暂估单价\n（元）","暂估合价\n（元）"]
[null,"矿物绝缘电缆 BTLY-3x150+2x70",{"$nulls":4},"m",1,null,608.27,null,608.27]
[null,"其他材料费",{"$nulls":7},"-",null,6.57,"-"]
[null,"材料费小计",{"$nulls":7},"-",null,614.84,"-"]
[]
[]
[]
[]
[]
["注：1.如不使用省级或行业建设主管部门发布的计价依据，可不填定额编码、名称等；\n    2.招标文件提供了暂估单价的材料，按暂估的单价填入表内“暂估单价”栏及“暂估合价”栏。"]
[{"$nulls":10},"表-09"]
["综合单价分析表"]
["工程名称：电气工程-新蓝天幼儿园工程建设项目-地上",{"$nulls":7},"标段：",null,"第 38 页  共 75 页"]
["项目编码",null,"030408001002",null,"项目名称","矿物电缆 BTLY-0.6/1kV--4x70+1x35",{"$nulls":3},"计量单位",null,"m","工程量",101.53]
["清单综合单价组成明细"]
["定额编号","定额项目名称","定额\n单位","数量","单价",{"$nulls":4},"合价"]
[{"$nulls":4},"人工费","材料费","机具费","管理费\n和利润",null,"人工费",null,"材料费","机具费","管理费\n和利润"]
["C4-8-19 *1.3","硬矿物绝缘电力电缆敷设 3~4芯(截面mm2以下) 70 \u007f五芯矿物电力电缆敷设 单价*1.3","100m",0.01,1227.32,22870.11,265.46,727.58,null,12.27,null,228.7,2.65,7.28]
["人工单价",null,"小计",{"$nulls":6},12.27,null,228.7,2.65,7.28]
[null,null,"未计价材料费",{"$nulls":6},222.16]
["清单项目综合单价",{"$nulls":8},250.9]
["材\n料\n费\n明\n细","主要材料名称、规格、型号",{"$nulls":4},"单位","数量",null,"单价（元）",null,"合价（元）","暂估单价\n（元）","暂估合价\n（元）"]
[null,"矿物绝缘电缆 BTLY-4x70+1x35",{"$nulls":4},"m",1,null,222.16,null,222.16]
[null,"其他材料费",{"$nulls":7},"-",null,6.54,"-"]
[null,"材料费小计",{"$nulls":7},"-",null,228.7,"-"]
[]
[]
[]
[]
[]
["注：1.如不使用省级或行业建设主管部门发布的计价依据，可不填定额编码、名称等；\n    2.招标文件提供了暂估单价的材料，按暂估的单价填入表内“暂估单价”栏及“暂估合价”栏。"]
[{"$nulls":10},"表-09"]
["综合单价分析表"]
["工程名称：电气工程-新蓝天幼儿园工程建设项目-地上",{"$nulls":7},"标段：",null,"第 39 页  共 75 页"]
["项目编码",null,"030408001003",null,"项目名称","矿物电缆 BTLY-0.6/1kV-4x35+1x16",{"$nulls":3},"计量单位",null,"m","工程量",31.2]
["清单综合单价组成明细"]
["定额编号","定额项目名称","定额\n单位","数量","单价",{"$nulls":4},"合价"]
[{"$nulls":4},"人工费","材料费","机具费","管理费\n和利润",null,"人工费",null,"材料费","机具费","管理费\n和利润"]
["C4-8-18 *1.3","硬矿物绝缘电力电缆敷设 3~4芯(截面mm2以下) 35 \u007f五芯矿物电力电缆敷设 单价*1.3","100m",0.01,920.17,24045.54,199.1,545.53,null,9.2,null,240.46,1.99,5.46]
["人工单价",null,"小计",{"$nulls":6},9.2,null,240.46,1.99,5.46]
[null,null,"未计价材料费",{"$nulls":6},234.93]
["清单项目综合单价",{"$nulls":8},257.1]
["材\n料\n费\n明\n细","主要材料名称、规格、型号",{"$nulls":4},"单位","数量",null,"单价（元）",null,"合价（元）","暂估单价\n（元）","暂估合价\n（元）"]
[null,"矿物绝缘电缆 BTLY-4X35+1X16",{"$nulls":4},"m",1,null,234.93,null,234.93]
[null,"其他材料费",{"$nulls":7},"-",null,5.52,"-"]
[null,"材料费小计",{"$nulls":7},"-",null,240.45,"-"]
[]
[]
[]
[]
[]
["注：1.如不使用省级或行业建设主管部门发布的计价依据，可不填定额编码、名称等；\n    2.招标文件提供了暂估单价的材料，按暂估的单价填入表内“暂估单价”栏及“暂估合价”栏。"]
[{"$nulls":10},"表-09"]
["综合单价分析表"]
["工程名称：电气工程-新蓝天幼儿园工程建设项目-地上",{"$nulls":7},"标段：",null,"第 40 页  共 75 页"]
["项目编码",null,"030408001004",null,"项目名称","矿物电缆 BTLY-0.6/1kV-5x16",{"$nulls":3},"计量单位",null,"m","工程量",291.72]
["清单综合单价组成明细"]
["定额编号","定额项目名称","定额\n单位","数量","单价",{"$nulls":4},"合价"]
[{"$nulls":4},"人工费","材料费","机具费","管理费\n和利润",null,"人工费",null,"材料费","机具费","管理费\n和利润"]
["C4-8-18 *1.3","硬矿物绝缘电力电缆敷设 3~4芯(截面mm2以下) 35 \u007f五芯矿物电力电缆敷设 单价*1.3","100m",0.01,920.17,6316.54,199.1,545.53,null,9.2,null,63.17,1.99,5.46]
["人工单价",null,"小计",{"$nulls":6},9.2,null,63.17,1.99,5.46]
[null,null,"未计价材料费",{"$nulls":6},57.64]
["清单项目综合单价",{"$nulls":8},79.81]
["材\n料\n费\n明\n细","主要材料名称、规格、型号",{"$nulls":4},"单位","数量",null,"单价（元）",null,"合价（元）","暂估单价\n（元）","暂估合价\n（元）"]
[null,"矿物绝缘电缆 BTLY-5x16",{"$nulls":4},"m",1,null,57.64,null,57.64]
[null,"其他材料费",{"$nulls":7},"-",null,5.52,"-"]
[null,"材料费小计",{"$nulls":7},"-",null,63.16,"-"]
[]
[]
[]
[]
[]
["注：1.如不使用省级或行业建设主管部门发布的计价依据，可不填定额编码、名称等；\n    2.招标文件提供了暂估单价的材料，按暂估的单价填入表内“暂估单价”栏及“暂估合价”栏。"]
[{"$nulls":10},"表-09"]
["综合单价分析表"]
["工程名称：电气工程-新蓝天幼儿园工程建设项目-地上",{"$nulls":7},"标段：",null,"第 41 页  共 75 页"]
["项目编码",null,"030408001005",null,"项目名称","电力电缆 WDZB-YJY-0.6/1kV-4x185+1x95",{"$nulls":3},"计量单位",null,"m","工程量",54.32]
["清单综合单价组成明细"]
["定额编号","定额项目名称","定额\n单位","数量","单价",{"$nulls":4},"合价"]
[{"$nulls":4},"人工费","材料费","机具费","管理费\n和利润",null,"人工费",null,"材料费","机具费","管理费\n和利润"]
["C4-8-5 *1.3","铜芯电力电缆敷设 电缆(截面mm2以下) 185 \u007f实际电缆芯数(芯):5","100m",0.01,1977.27,58066.94,260.01,1090.45,null,19.77,null,580.67,2.6,10.9]
["人工单价",null,"小计",{"$nulls":6},19.77,null,580.67,2.6,10.9]
[null,null,"未计价材料费",{"$nulls":6},579.08]
["清单项目综合单价",{"$nulls":8},613.95]
["材\n料\n费\n明\n细","主要材料名称、规格、型号",{"$nulls":4},"单位","数量",null,"单价（元）",null,"合价（元）","暂估单价\n（元）","暂估合价\n（元）"]
[null,"铜芯电缆 WDZB-YJY-4x185+1x95",{"$nulls":4},"m",1.01,null,573.35,null,579.08]
[null,"其他材料费",{"$nulls":7},"-",null,1.59,"-"]
[null,"材料费小计",{"$nulls":7},"-",null,580.67,"-"]
[]
[]
[]
[]
[]
[]
["注：1.如不使用省级或行业建设主管部门发布的计价依据，可不填定额编码、名称等；\n    2.招标文件提供了暂估单价的材料，按暂估的单价填入表内“暂估单价”栏及“暂估合价”栏。"]
[{"$nulls":10},"表-09"]
["综合单价分析表"]
["工程名称：电气工程-新蓝天幼儿园工程建设项目-地上",{"$nulls":7},"标段：",null,"第 42 页  共 75 页"]
["项目编码",null,"030408001006",null,"项目名称","电力电缆 WDZB-YJY-0.6/1kV-3x150+2x70",{"$nulls":3},"计量单位",null,"m","工程量",115.08]
["清单综合单价组成明细"]
["定额编号","定额项目名称","定额\n单位","数量","单价",{"$nulls":4},"合价"]
[{"$nulls":4},"人工费","材料费","机具费","管理费\n和利润",null,"人工费",null,"材料费","机具费","管理费\n和利润"]
["C4-8-5 *1.3","铜芯电力电缆敷设 电缆(截面mm2以下) 185 \u007f实际电缆芯数(芯):5","100m",0.01,1977.27,68227.54,260.01,1090.45,null,19.77,null,682.28,2.6,10.9]
["人工单价",null,"小计",{"$nulls":6},19.77,null,682.28,2.6,10.9]
[null,null,"未计价材料费",{"$nulls":6},680.69]
["清单项目综合单价",{"$nulls":8},715.55]
["材\n料\n费\n明\n细","主要材料名称、规格、型号",{"$nulls":4},"单位","数量",null,"单价（元）",null,"合价（元）","暂估单价\n（元）","暂估合价\n（元）"]
[null,"铜芯电缆 WDZB-YJY-3x150+2x70",{"$nulls":4},"m",1.01,null,673.95,null,680.69]
[null,"其他材料费",{"$nulls":7},"-",null,1.59,"-"]
[null,"材料费小计",{"$nulls":7},"-",null,682.28,"-"]
[]
[]
[]
[]
[]
[]
["注：1.如不使用省级或行业建设主管部门发布的计价依据，可不填定额编码、名称等；\n    2.招标文件提供了暂估单价的材料，按暂估的单价填入表内“暂估单价”栏及“暂估合价”栏。"]
[{"$nulls":10},"表-09"]
["综合单价分析表"]
["工程名称：电气工程-新蓝天幼儿园工程建设项目-地上",{"$nulls":7},"标段：",null,"第 43 页  共 75 页"]
["项目编码",null,"030408001007",null,"项目名称","电力电缆 WDZB-YJY-0.6/1kV-3x95+2x50",{"$nulls":3},"计量单位",null,"m","工程量",23.77]
["清单综合单价组成明细"]
["定额编号","定额项目名称","定额\n单位","数量","单价",{"$nulls":4},"合价"]
[{"$nulls":4},"人工费","材料费","机具费","管理费\n和利润",null,"人工费",null,"材料费","机具费","管理费\n和利润"]
["C4-8-4 *1.3","铜芯电力电缆敷设 电缆(截面mm2以下) 120 \u007f实际电缆芯数(芯):5","100m",0.01,1576.48,27496.24,131.98,832.7,null,15.76,null,274.96,1.32,8.33]
["人工单价",null,"小计",{"$nulls":6},15.76,null,274.96,1.32,8.33]
[null,null,"未计价材料费",{"$nulls":6},273.5]
["清单项目综合单价",{"$nulls":8},300.37]
["材\n料\n费\n明\n细","主要材料名称、规格、型号",{"$nulls":4},"单位","数量",null,"单价（元）",null,"合价（元）","暂估单价\n（元）","暂估合价\n（元）"]
[null,"铜芯电缆 WDZB-YJY-3x95+2x50",{"$nulls":4},"m",1.01,null,270.79,null,273.5]
[null,"其他材料费",{"$nulls":7},"-",null,1.45,"-"]
[null,"材料费小计",{"$nulls":7},"-",null,274.95,"-"]
[]
[]
[]
[]
[]
[]
["注：1.如不使用省级或行业建设主管部门发布的计价依据，可不填定额编码、名称等；\n    2.招标文件提供了暂估单价的材料，按暂估的单价填入表内“暂估单价”栏及“暂估合价”栏。"]
[{"$nulls":10},"表-09"]
["综合单价分析表"]
["工程名称：电气工程-新蓝天幼儿园工程建设项目-地上",{"$nulls":7},"标段：",null,"第 44 页  共 75 页"]
["项目编码",null,"030408001008",null,"项目名称","电力电缆 WDZB-YJY-0.6/1kV-3x50+2x25",{"$nulls":3},"计量单位",null,"m","工程量",35.56]
["清单综合单价组成明细"]
["定额编号","定额项目名称","定额\n单位","数量","单价",{"$nulls":4},"合价"]
[{"$nulls":4},"人工费","材料费","机具费","管理费\n和利润",null,"人工费",null,"材料费","机具费","管理费\n和利润"]
["C4-8-3 *1.3","铜芯电力电缆敷设 电缆(截面mm2以下) 70 \u007f实际电缆芯数(芯):5","100m",0.01,1073.37,15936.54,94.26,569.11,null,10.73,null,159.37,0.94,5.69]
["人工单价",null,"小计",{"$nulls":6},10.73,null,159.37,0.94,5.69]
[null,null,"未计价材料费",{"$nulls":6},157.99]
["清单项目综合单价",{"$nulls":8},176.73]
["材\n料\n费\n明\n细","主要材料名称、规格、型号",{"$nulls":4},"单位","数量",null,"单价（元）",null,"合价（元）","暂估单价\n（元）","暂估合价\n（元）"]
[null,"铜芯电缆 WDZB-YJY-3x50+2x25",{"$nulls":4},"m",1.01,null,156.43,null,157.99]
[null,"其他材料费",{"$nulls":7},"-",null,1.36,"-"]
[null,"材料费小计",{"$nulls":7},"-",null,159.35,"-"]
[]
[]
[]
[]
[]
[]
["注：1.如不使用省级或行业建设主管部门发布的计价依据，可不填定额编码、名称等；\n    2.招标文件提供了暂估单价的材料，按暂估的单价填入表内“暂估单价”栏及“暂估合价”栏。"]
[{"$nulls":10},"表-09"]
["综合单价分析表"]
["工程名称：电气工程-新蓝天幼儿园工程建设项目-地上",{"$nulls":7},"标段：",null,"第 45 页  共 75 页"]
["项目编码",null,"030408001009",null,"项目名称","电力电缆 WDZB-YJY-0.6/1kV-4x35+1x16",{"$nulls":3},"计量单位",null,"m","工程量",257.14]
["清单综合单价组成明细"]
["定额编号","定额项目名称","定额\n单位","数量","单价",{"$nulls":4},"合价"]
[{"$nulls":4},"人工费","材料费","机具费","管理费\n和利润",null,"人工费",null,"材料费","机具费","管理费\n和利润"]
["C4-8-2 *1.3","铜芯电力电缆敷设 电缆(截面mm2以下) 35 \u007f实际电缆芯数(芯):5","100m",0.01,804.73,17014.36,18.85,401.42,null,8.05,null,170.14,0.19,4.01]
["人工单价",null,"小计",{"$nulls":6},8.05,null,170.14,0.19,4.01]
[null,null,"未计价材料费",{"$nulls":6},169.68]
["清单项目综合单价",{"$nulls":8},182.39]
["材\n料\n费\n明\n细","主要材料名称、规格、型号",{"$nulls":4},"单位","数量",null,"单价（元）",null,"合价（元）","暂估单价\n（元）","暂估合价\n（元）"]
[null,"铜芯电缆 WDZB-YJY-4X35+1X16",{"$nulls":4},"m",1.01,null,168,null,169.68]
[null,"其他材料费",{"$nulls":7},"-",null,0.46,"-"]
[null,"材料费小计",{"$nulls":7},"-",null,170.14,"-"]
[]
[]
[]
[]
[]
[]
["注：1.如不使用省级或行业建设主管部门发布的计价依据，可不填定额编码、名称等；\n    2.招标文件提供了暂估单价的材料，按暂估的单价填入表内“暂估单价”栏及“暂估合价”栏。"]
[{"$nulls":10},"表-09"]
["综合单价分析表"]
["工程名称：电气工程-新蓝天幼儿园工程建设项目-地上",{"$nulls":7},"标段：",null,"第 46 页  共 75 页"]
["项目编码",null,"030408001010",null,"项目名称","电力电缆 WDZB-YJY-0.6/1kV-4x25+2x16",{"$nulls":3},"计量单位",null,"m","工程量",8.63]
["清单综合单价组成明细"]
["定额编号","定额项目名称","定额\n单位","数量","单价",{"$nulls":4},"合价"]
[{"$nulls":4},"人工费","材料费","机具费","管理费\n和利润",null,"人工费",null,"材料费","机具费","管理费\n和利润"]
["C4-8-2 *1.6","铜芯电力电缆敷设 电缆(截面mm2以下) 35 \u007f实际电缆芯数(芯):6","100m",0.01,990.43,11167.06,23.2,494.05,null,9.9,null,111.67,0.23,4.94]
["人工单价",null,"小计",{"$nulls":6},9.9,null,111.67,0.23,4.94]
[null,null,"未计价材料费",{"$nulls":6},111.1]
["清单项目综合单价",{"$nulls":8},126.75]
["材\n料\n费\n明\n细","主要材料名称、规格、型号",{"$nulls":4},"单位","数量",null,"单价（元）",null,"合价（元）","暂估单价\n（元）","暂估合价\n（元）"]
[null,"铜芯电缆 WDZB-YJY-4x25+2x16",{"$nulls":4},"m",1.01,null,110,null,111.1]
[null,"其他材料费",{"$nulls":7},"-",null,0.58,"-"]
[null,"材料费小计",{"$nulls":7},"-",null,111.68,"-"]
[]
[]
[]
[]
[]
[]
["注：1.如不使用省级或行业建设主管部门发布的计价依据，可不填定额编码、名称等；\n    2.招标文件提供了暂估单价的材料，按暂估的单价填入表内“暂估单价”栏及“暂估合价”栏。"]
[{"$nulls":10},"表-09"]
["综合单价分析表"]
["工程名称：电气工程-新蓝天幼儿园工程建设项目-地上",{"$nulls":7},"标段：",null,"第 47 页  共 75 页"]
["项目编码",null,"030408001011",null,"项目名称","电力电缆 WDZB-YJY-0.6/1kV-4x25+1x16",{"$nulls":3},"计量单位",null,"m","工程量",398.17]
["清单综合单价组成明细"]
["定额编号","定额项目名称","定额\n单位","数量","单价",{"$nulls":4},"合价"]
[{"$nulls":4},"人工费","材料费","机具费","管理费\n和利润",null,"人工费",null,"材料费","机具费","管理费\n和利润"]
["C4-8-2 *1.3","铜芯电力电缆敷设 电缆(截面mm2以下) 35 \u007f实际电缆芯数(芯):5","100m",0.01,804.73,11156.36,18.85,401.42,null,8.05,null,111.56,0.19,4.01]
["人工单价",null,"小计",{"$nulls":6},8.05,null,111.56,0.19,4.01]
[null,null,"未计价材料费",{"$nulls":6},111.1]
["清单项目综合单价",{"$nulls":8},123.81]
["材\n料\n费\n明\n细","主要材料名称、规格、型号",{"$nulls":4},"单位","数量",null,"单价（元）",null,"合价（元）","暂估单价\n（元）","暂估合价\n（元）"]
[null,"铜芯电缆 WDZB-YJY-4x25+1x16",{"$nulls":4},"m",1.01,null,110,null,111.1]
[null,"其他材料费",{"$nulls":7},"-",null,0.46,"-"]
[null,"材料费小计",{"$nulls":7},"-",null,111.56,"-"]
[]
[]
[]
[]
[]
[]
["注：1.如不使用省级或行业建设主管部门发布的计价依据，可不填定额编码、名称等；\n    2.招标文件提供了暂估单价的材料，按暂估的单价填入表内“暂估单价”栏及“暂估合价”栏。"]
[{"$nulls":10},"表-09"]
["综合单价分析表"]
["工程名称：电气工程-新蓝天幼儿园工程建设项目-地上",{"$nulls":7},"标段：",null,"第 48 页  共 75 页"]
["项目编码",null,"030408001012",null,"项目名称","电力电缆 WDZB-YJY-0.6/1kV-5x16",{"$nulls":3},"计量单位",null,"m","工程量",213.7]
["清单综合单价组成明细"]
["定额编号","定额项目名称","定额\n单位","数量","单价",{"$nulls":4},"合价"]
[{"$nulls":4},"人工费","材料费","机具费","管理费\n和利润",null,"人工费",null,"材料费","机具费","管理费\n和利润"]
["C4-8-2 *1.3","铜芯电力电缆敷设 电缆(截面mm2以下) 35 \u007f实际电缆芯数(芯):5","100m",0.01,804.73,8414.21,18.85,401.42,null,8.05,null,84.14,0.19,4.01]
["人工单价",null,"小计",{"$nulls":6},8.05,null,84.14,0.19,4.01]
[null,null,"未计价材料费",{"$nulls":6},83.68]
["清单项目综合单价",{"$nulls":8},96.39]
["材\n料\n费\n明\n细","主要材料名称、规格、型号",{"$nulls":4},"单位","数量",null,"单价（元）",null,"合价（元）","暂估单价\n（元）","暂估合价\n（元）"]
[null,"铜芯电缆 WDZB-YJY-5x16",{"$nulls":4},"m",1.01,null,82.85,null,83.68]
[null,"其他材料费",{"$nulls":7},"-",null,0.46,"-"]
[null,"材料费小计",{"$nulls":7},"-",null,84.14,"-"]
[]
[]
[]
[]
[]
[]
["注：1.如不使用省级或行业建设主管部门发布的计价依据，可不填定额编码、名称等；\n    2.招标文件提供了暂估单价的材料，按暂估的单价填入表内“暂估单价”栏及“暂估合价”栏。"]
[{"$nulls":10},"表-09"]
["综合单价分析表"]
["工程名称：电气工程-新蓝天幼儿园工程建设项目-地上",{"$nulls":7},"标段：",null,"第 49 页  共 75 页"]
["项目编码",null,"030408001013",null,"项目名称","电力电缆 WDZB-YJY-0.6/1kV-5x10",{"$nulls":3},"计量单位",null,"m","工程量",42.91]
["清单综合单价组成明细"]
["定额编号","定额项目名称","定额\n单位","数量","单价",{"$nulls":4},"合价"]
[{"$nulls":4},"人工费","材料费","机具费","管理费\n和利润",null,"人工费",null,"材料费","机具费","管理费\n和利润"]
["C4-8-1 *1.3","铜芯电力电缆敷设 电缆(截面mm2以下) 10 \u007f实际电缆芯数(芯):5","100m",0.01,420.5,4342.32,9.43,209.55,null,4.21,null,43.42,0.09,2.1]
["人工单价",null,"小计",{"$nulls":6},4.21,null,43.42,0.09,2.1]
[null,null,"未计价材料费",{"$nulls":6},43.14]
["清单项目综合单价",{"$nulls":8},49.82]
["材\n料\n费\n明\n细","主要材料名称、规格、型号",{"$nulls":4},"单位","数量",null,"单价（元）",null,"合价（元）","暂估单价\n（元）","暂估合价\n（元）"]
[null,"铜芯电缆 WDZB-YJY-5x10",{"$nulls":4},"m",1.01,null,42.71,null,43.14]
[null,"其他材料费",{"$nulls":7},"-",null,0.28,"-"]
[null,"材料费小计",{"$nulls":7},"-",null,43.42,"-"]
[]
[]
[]
[]
[]
[]
["注：1.如不使用省级或行业建设主管部门发布的计价依据，可不填定额编码、名称等；\n    2.招标文件提供了暂估单价的材料，按暂估的单价填入表内“暂估单价”栏及“暂估合价”栏。"]
[{"$nulls":10},"表-09"]
["综合单价分析表"]
["工程名称：电气工程-新蓝天幼儿园工程建设项目-地上",{"$nulls":7},"标段：",null,"第 50 页  共 75 页"]
["项目编码",null,"030408001014",null,"项目名称","电力电缆 WDZB-YJY-0.6/1kV-5x4",{"$nulls":3},"计量单位",null,"m","工程量",82.26]
["清单综合单价组成明细"]
["定额编号","定额项目名称","定额\n单位","数量","单价",{"$nulls":4},"合价"]
[{"$nulls":4},"人工费","材料费","机具费","管理费\n和利润",null,"人工费",null,"材料费","机具费","管理费\n和利润"]
["C4-8-1 换","铜芯电力电缆敷设 电缆(截面mm2以下) 10 \u007f6mm2以下电力电缆敷设 单价*0.6 \u007f实际电缆芯数(芯):5","100m",0.01,252.3,2138.17,5.66,125.73,null,2.52,null,21.38,0.06,1.26]
["人工单价",null,"小计",{"$nulls":6},2.52,null,21.38,0.06,1.26]
[null,null,"未计价材料费",{"$nulls":6},21.21]
["清单项目综合单价",{"$nulls":8},25.22]
["材\n料\n费\n明\n细","主要材料名称、规格、型号",{"$nulls":4},"单位","数量",null,"单价（元）",null,"合价（元）","暂估单价\n（元）","暂估合价\n（元）"]
[null,"铜芯电缆 WDZB-YJY-5x4",{"$nulls":4},"m",1.01,null,21,null,21.21]
[null,"其他材料费",{"$nulls":7},"-",null,0.18,"-"]
[null,"材料费小计",{"$nulls":7},"-",null,21.39,"-"]
[]
[]
[]
[]
[]
["注：1.如不使用省级或行业建设主管部门发布的计价依据，可不填定额编码、名称等；\n    2.招标文件提供了暂估单价的材料，按暂估的单价填入表内“暂估单价”栏及“暂估合价”栏。"]
[{"$nulls":10},"表-09"]
["综合单价分析表"]
["工程名称：电气工程-新蓝天幼儿园工程建设项目-地上",{"$nulls":7},"标段：",null,"第 51 页  共 75 页"]
["项目编码",null,"030408001015",null,"项目名称","电力电缆 WDZBN-YJY-5x16",{"$nulls":3},"计量单位",null,"m","工程量",14.37]
["清单综合单价组成明细"]
["定额编号","定额项目名称","定额\n单位","数量","单价",{"$nulls":4},"合价"]
[{"$nulls":4},"人工费","材料费","机具费","管理费\n和利润",null,"人工费",null,"材料费","机具费","管理费\n和利润"]
["C4-8-2 *1.3","铜芯电力电缆敷设 电缆(截面mm2以下) 35 \u007f实际电缆芯数(芯):5","100m",0.01,804.73,7284.02,18.85,401.42,null,8.05,null,72.84,0.19,4.01]
["人工单价",null,"小计",{"$nulls":6},8.05,null,72.84,0.19,4.01]
[null,null,"未计价材料费",{"$nulls":6},72.38]
["清单项目综合单价",{"$nulls":8},85.09]
["材\n料\n费\n明\n细","主要材料名称、规格、型号",{"$nulls":4},"单位","数量",null,"单价（元）",null,"合价（元）","暂估单价\n（元）","暂估合价\n（元）"]
[null,"铜芯电缆 WDZBN-YJY-5x16",{"$nulls":4},"m",1.01,null,71.66,null,72.38]
[null,"其他材料费",{"$nulls":7},"-",null,0.46,"-"]
[null,"材料费小计",{"$nulls":7},"-",null,72.84,"-"]
[]
[]
[]
[]
[]
[]
["注：1.如不使用省级或行业建设主管部门发布的计价依据，可不填定额编码、名称等；\n    2.招标文件提供了暂估单价的材料，按暂估的单价填入表内“暂估单价”栏及“暂估合价”栏。"]
[{"$nulls":10},"表-09"]
["综合单价分析表"]
["工程名称：电气工程-新蓝天幼儿园工程建设项目-地上",{"$nulls":7},"标段：",null,"第 52 页  共 75 页"]
["项目编码",null,"030408001016",null,"项目名称","电力电缆 WDZBN-YJY-0.6/1kV-3x4",{"$nulls":3},"计量单位",null,"m","工程量",31.41]
["清单综合单价组成明细"]
["定额编号","定额项目名称","定额\n单位","数量","单价",{"$nulls":4},"合价"]
[{"$nulls":4},"人工费","材料费","机具费","管理费\n和利润",null,"人工费",null,"材料费","机具费","管理费\n和利润"]
["C4-8-1 *0.6","铜芯电力电缆敷设 电缆(截面mm2以下) 10 \u007f6mm2以下电力电缆敷设 单价*0.6","100m",0.01,194.08,1260.56,4.35,96.72,null,1.94,null,12.61,0.04,0.97]
["人工单价",null,"小计",{"$nulls":6},1.94,null,12.61,0.04,0.97]
[null,null,"未计价材料费",{"$nulls":6},12.47]
["清单项目综合单价",{"$nulls":8},15.56]
["材\n料\n费\n明\n细","主要材料名称、规格、型号",{"$nulls":4},"单位","数量",null,"单价（元）",null,"合价（元）","暂估单价\n（元）","暂估合价\n（元）"]
[null,"铜芯电缆 WDZBN-YJY-3x4",{"$nulls":4},"m",1.01,null,12.35,null,12.47]
[null,"其他材料费",{"$nulls":7},"-",null,0.13,"-"]
[null,"材料费小计",{"$nulls":7},"-",null,12.6,"-"]
[]
[]
[]
[]
[]
["注：1.如不使用省级或行业建设主管部门发布的计价依据，可不填定额编码、名称等；\n    2.招标文件提供了暂估单价的材料，按暂估的单价填入表内“暂估单价”栏及“暂估合价”栏。"]
[{"$nulls":10},"表-09"]
["综合单价分析表"]
["工程名称：电气工程-新蓝天幼儿园工程建设项目-地上",{"$nulls":7},"标段：",null,"第 53 页  共 75 页"]
["项目编码",null,"030408001017",null,"项目名称","电力电缆 WDZBN-YJY-5x2.5",{"$nulls":3},"计量单位",null,"m","工程量",79.84]
["清单综合单价组成明细"]
["定额编号","定额项目名称","定额\n单位","数量","单价",{"$nulls":4},"合价"]
[{"$nulls":4},"人工费","材料费","机具费","管理费\n和利润",null,"人工费",null,"材料费","机具费","管理费\n和利润"]
["C4-8-1 换","铜芯电力电缆敷设 电缆(截面mm2以下) 10 \u007f6mm2以下电力电缆敷设 单价*0.6 \u007f实际电缆芯数(芯):5","100m",0.01,252.3,1333.2,5.66,125.73,null,2.52,null,13.33,0.06,1.26]
["人工单价",null,"小计",{"$nulls":6},2.52,null,13.33,0.06,1.26]
[null,null,"未计价材料费",{"$nulls":6},13.16]
["清单项目综合单价",{"$nulls":8},17.17]
["材\n料\n费\n明\n细","主要材料名称、规格、型号",{"$nulls":4},"单位","数量",null,"单价（元）",null,"合价（元）","暂估单价\n（元）","暂估合价\n（元）"]
[null,"铜芯电缆 WDZBN-YJY-5x2.5",{"$nulls":4},"m",1.01,null,13.03,null,13.16]
[null,"其他材料费",{"$nulls":7},"-",null,0.18,"-"]
[null,"材料费小计",{"$nulls":7},"-",null,13.34,"-"]
[]
[]
[]
[]
[]
["注：1.如不使用省级或行业建设主管部门发布的计价依据，可不填定额编码、名称等；\n    2.招标文件提供了暂估单价的材料，按暂估的单价填入表内“暂估单价”栏及“暂估合价”栏。"]
[{"$nulls":10},"表-09"]
["综合单价分析表"]
["工程名称：电气工程-新蓝天幼儿园工程建设项目-地上",{"$nulls":7},"标段：",null,"第 54 页  共 75 页"]
["项目编码",null,"030408006001",null,"项目名称","电力电缆头(16截面mm2以下)",{"$nulls":3},"计量单位",null,"个","工程量",24]
["清单综合单价组成明细"]
["定额编号","定额项目名称","定额\n单位","数量","单价",{"$nulls":4},"合价"]
[{"$nulls":4},"人工费","材料费","机具费","管理费\n和利润",null,"人工费",null,"材料费","机具费","管理费\n和利润"]
["C4-8-82","1kV以下户内干包式铜芯电力电缆终端头制作、安装 铜芯干包终端头(截面mm2以下) 16","个",1,34.33,47.95,null,16.74,null,34.33,null,47.95,null,16.74]
["人工单价",null,"小计",{"$nulls":6},34.33,null,47.95,null,16.74]
[null,null,"未计价材料费"]
["清单项目综合单价",{"$nulls":8},99.02]
["材\n料\n费\n明\n细","主要材料名称、规格、型号",{"$nulls":4},"单位","数量",null,"单价（元）",null,"合价（元）","暂估单价\n（元）","暂估合价\n（元）"]
[null,"其他材料费",{"$nulls":7},"-",null,47.97,"-"]
[null,"材料费小计",{"$nulls":7},"-",null,47.97,"-"]
[]
[]
[]
[]
[]
[]
["注：1.如不使用省级或行业建设主管部门发布的计价依据，可不填定额编码、名称等；\n    2.招标文件提供了暂估单价的材料，按暂估的单价填入表内“暂估单价”栏及“暂估合价”栏。"]
[{"$nulls":10},"表-09"]
["综合单价分析表"]
["工程名称：电气工程-新蓝天幼儿园工程建设项目-地上",{"$nulls":7},"标段：",null,"第 55 页  共 75 页"]
["项目编码",null,"030408006002",null,"项目名称","电力电缆头(35截面mm2以下)",{"$nulls":3},"计量单位",null,"个","工程量",20]
["清单综合单价组成明细"]
["定额编号","定额项目名称","定额\n单位","数量","单价",{"$nulls":4},"合价"]
[{"$nulls":4},"人工费","材料费","机具费","管理费\n和利润",null,"人工费",null,"材料费","机具费","管理费\n和利润"]
["C4-8-83","1kV以下户内干包式铜芯电力电缆终端头制作、安装 铜芯干包终端头(截面mm2以下) 35","个",1,62.82,61.65,null,30.61,null,62.82,null,61.65,null,30.61]
["人工单价",null,"小计",{"$nulls":6},62.82,null,61.65,null,30.61]
[null,null,"未计价材料费"]
["清单项目综合单价",{"$nulls":8},155.08]
["材\n料\n费\n明\n细","主要材料名称、规格、型号",{"$nulls":4},"单位","数量",null,"单价（元）",null,"合价（元）","暂估单价\n（元）","暂估合价\n（元）"]
[null,"其他材料费",{"$nulls":7},"-",null,61.65,"-"]
[null,"材料费小计",{"$nulls":7},"-",null,61.65,"-"]
[]
[]
[]
[]
[]
[]
["注：1.如不使用省级或行业建设主管部门发布的计价依据，可不填定额编码、名称等；\n    2.招标文件提供了暂估单价的材料，按暂估的单价填入表内“暂估单价”栏及“暂估合价”栏。"]
[{"$nulls":10},"表-09"]
["综合单价分析表"]
["工程名称：电气工程-新蓝天幼儿园工程建设项目-地上",{"$nulls":7},"标段：",null,"第 56 页  共 75 页"]
["项目编码",null,"030408006003",null,"项目名称","电力电缆头(70截面mm2以下)",{"$nulls":3},"计量单位",null,"个","工程量",4]
["清单综合单价组成明细"]
["定额编号","定额项目名称","定额\n单位","数量","单价",{"$nulls":4},"合价"]
[{"$nulls":4},"人工费","材料费","机具费","管理费\n和利润",null,"人工费",null,"材料费","机具费","管理费\n和利润"]
["C4-8-84","1kV以下户内干包式铜芯电力电缆终端头制作、安装 铜芯干包终端头(截面mm2以下) 70","个",1,81.15,75.85,null,39.55,null,81.15,null,75.85,null,39.55]
["人工单价",null,"小计",{"$nulls":6},81.15,null,75.85,null,39.55]
[null,null,"未计价材料费"]
["清单项目综合单价",{"$nulls":8},196.55]
["材\n料\n费\n明\n细","主要材料名称、规格、型号",{"$nulls":4},"单位","数量",null,"单价（元）",null,"合价（元）","暂估单价\n（元）","暂估合价\n（元）"]
[null,"其他材料费",{"$nulls":7},"-",null,75.87,"-"]
[null,"材料费小计",{"$nulls":7},"-",null,75.87,"-"]
[]
[]
[]
[]
[]
[]
["注：1.如不使用省级或行业建设主管部门发布的计价依据，可不填定额编码、名称等；\n    2.招标文件提供了暂估单价的材料，按暂估的单价填入表内“暂估单价”栏及“暂估合价”栏。"]
[{"$nulls":10},"表-09"]
["综合单价分析表"]
["工程名称：电气工程-新蓝天幼儿园工程建设项目-地上",{"$nulls":7},"标段：",null,"第 57 页  共 75 页"]
["项目编码",null,"030408006004",null,"项目名称","电力电缆头(120截面mm2以下)",{"$nulls":3},"计量单位",null,"个","工程量",2]
["清单综合单价组成明细"]
["定额编号","定额项目名称","定额\n单位","数量","单价",{"$nulls":4},"合价"]
[{"$nulls":4},"人工费","材料费","机具费","管理费\n和利润",null,"人工费",null,"材料费","机具费","管理费\n和利润"]
["C4-8-85","1kV以下户内干包式铜芯电力电缆终端头制作、安装 铜芯干包终端头(截面mm2以下) 120","个",1,100.68,104.74,null,49.08,null,100.68,null,104.74,null,49.08]
["人工单价",null,"小计",{"$nulls":6},100.68,null,104.74,null,49.08]
[null,null,"未计价材料费"]
["清单项目综合单价",{"$nulls":8},254.5]
["材\n料\n费\n明\n细","主要材料名称、规格、型号",{"$nulls":4},"单位","数量",null,"单价（元）",null,"合价（元）","暂估单价\n（元）","暂估合价\n（元）"]
[null,"其他材料费",{"$nulls":7},"-",null,104.76,"-"]
[null,"材料费小计",{"$nulls":7},"-",null,104.76,"-"]
[]
[]
[]
[]
[]
[]
["注：1.如不使用省级或行业建设主管部门发布的计价依据，可不填定额编码、名称等；\n    2.招标文件提供了暂估单价的材料，按暂估的单价填入表内“暂估单价”栏及“暂估合价”栏。"]
[{"$nulls":10},"表-09"]
["综合单价分析表"]
["工程名称：电气工程-新蓝天幼儿园工程建设项目-地上",{"$nulls":7},"标段：",null,"第 58 页  共 75 页"]
["项目编码",null,"030408006005",null,"项目名称","电力电缆头(185截面mm2以下)",{"$nulls":3},"计量单位",null,"个","工程量",6]
["清单综合单价组成明细"]
["定额编号","定额项目名称","定额\n单位","数量","单价",{"$nulls":4},"合价"]
[{"$nulls":4},"人工费","材料费","机具费","管理费\n和利润",null,"人工费",null,"材料费","机具费","管理费\n和利润"]
["C4-8-86","1kV以下户内干包式铜芯电力电缆终端头制作、安装 铜芯干包终端头(截面mm2以下) 185","个",1,116.52,132.2,null,56.79,null,116.52,null,132.2,null,56.79]
["人工单价",null,"小计",{"$nulls":6},116.52,null,132.2,null,56.79]
[null,null,"未计价材料费"]
["清单项目综合单价",{"$nulls":8},305.51]
["材\n料\n费\n明\n细","主要材料名称、规格、型号",{"$nulls":4},"单位","数量",null,"单价（元）",null,"合价（元）","暂估单价\n（元）","暂估合价\n（元）"]
[null,"其他材料费",{"$nulls":7},"-",null,132.2,"-"]
[null,"材料费小计",{"$nulls":7},"-",null,132.2,"-"]
[]
[]
[]
[]
[]
[]
["注：1.如不使用省级或行业建设主管部门发布的计价依据，可不填定额编码、名称等；\n    2.招标文件提供了暂估单价的材料，按暂估的单价填入表内“暂估单价”栏及“暂估合价”栏。"]
[{"$nulls":10},"表-09"]
["综合单价分析表"]
["工程名称：电气工程-新蓝天幼儿园工程建设项目-地上",{"$nulls":7},"标段：",null,"第 59 页  共 75 页"]
["项目编码",null,"030408001018",null,"项目名称","矿物绝缘电缆终端头安装 多芯(截面mm2以下) 35",{"$nulls":3},"计量单位",null,"个","工程量",14]
["清单综合单价组成明细"]
["定额编号","定额项目名称","定额\n单位","数量","单价",{"$nulls":4},"合价"]
[{"$nulls":4},"人工费","材料费","机具费","管理费\n和利润",null,"人工费",null,"材料费","机具费","管理费\n和利润"]
["C4-8-154","矿物绝缘电缆终端头安装 多芯(截面mm2以下) 35","个",1,43.06,83.85,3.12,22.51,null,43.06,null,83.85,3.12,22.51]
["人工单价",null,"小计",{"$nulls":6},43.06,null,83.85,3.12,22.51]
[null,null,"未计价材料费",{"$nulls":6},45]
["清单项目综合单价",{"$nulls":8},152.54]
["材\n料\n费\n明\n细","主要材料名称、规格、型号",{"$nulls":4},"单位","数量",null,"单价（元）",null,"合价（元）","暂估单价\n（元）","暂估合价\n（元）"]
[null,"矿物绝缘电缆终端头 35mm2以下",{"$nulls":4},"套",1,null,45,null,45]
[null,"其他材料费",{"$nulls":7},"-",null,38.85,"-"]
[null,"材料费小计",{"$nulls":7},"-",null,83.85,"-"]
[]
[]
[]
[]
[]
[]
["注：1.如不使用省级或行业建设主管部门发布的计价依据，可不填定额编码、名称等；\n    2.招标文件提供了暂估单价的材料，按暂估的单价填入表内“暂估单价”栏及“暂估合价”栏。"]
[{"$nulls":10},"表-09"]
["综合单价分析表"]
["工程名称：电气工程-新蓝天幼儿园工程建设项目-地上",{"$nulls":7},"标段：",null,"第 60 页  共 75 页"]
["项目编码",null,"030408001019",null,"项目名称","矿物绝缘电缆终端头安装 多芯(截面mm2以下) 70",{"$nulls":3},"计量单位",null,"个","工程量",2]
["清单综合单价组成明细"]
["定额编号","定额项目名称","定额\n单位","数量","单价",{"$nulls":4},"合价"]
[{"$nulls":4},"人工费","材料费","机具费","管理费\n和利润",null,"人工费",null,"材料费","机具费","管理费\n和利润"]
["C4-8-155","矿物绝缘电缆终端头安装 多芯(截面mm2以下) 70","个",1,57.62,169.27,3.91,29.99,null,57.62,null,169.27,3.91,29.99]
["人工单价",null,"小计",{"$nulls":6},57.62,null,169.27,3.91,29.99]
[null,null,"未计价材料费",{"$nulls":6},125]
["清单项目综合单价",{"$nulls":8},260.79]
["材\n料\n费\n明\n细","主要材料名称、规格、型号",{"$nulls":4},"单位","数量",null,"单价（元）",null,"合价（元）","暂估单价\n（元）","暂估合价\n（元）"]
[null,"矿物绝缘电缆终端头 70mm2以下",{"$nulls":4},"套",1,null,125,null,125]
[null,"其他材料费",{"$nulls":7},"-",null,44.27,"-"]
[null,"材料费小计",{"$nulls":7},"-",null,169.27,"-"]
[]
[]
[]
[]
[]
[]
["注：1.如不使用省级或行业建设主管部门发布的计价依据，可不填定额编码、名称等；\n    2.招标文件提供了暂估单价的材料，按暂估的单价填入表内“暂估单价”栏及“暂估合价”栏。"]
[{"$nulls":10},"表-09"]
["综合单价分析表"]
["工程名称：电气工程-新蓝天幼儿园工程建设项目-地上",{"$nulls":7},"标段：",null,"第 61 页  共 75 页"]
["项目编码",null,"030408001020",null,"项目名称","矿物绝缘电缆终端头安装 多芯(截面mm2以下) 120",{"$nulls":3},"计量单位",null,"个","工程量",2]
["清单综合单价组成明细"]
["定额编号","定额项目名称","定额\n单位","数量","单价",{"$nulls":4},"合价"]
[{"$nulls":4},"人工费","材料费","机具费","管理费\n和利润",null,"人工费",null,"材料费","机具费","管理费\n和利润"]
["C4-8-156","矿物绝缘电缆终端头安装 多芯(截面mm2以下) 120","个",1,84.51,145.74,4.3,43.28,null,84.51,null,145.74,4.3,43.28]
["人工单价",null,"小计",{"$nulls":6},84.51,null,145.74,4.3,43.28]
[null,null,"未计价材料费",{"$nulls":6},97.18]
["清单项目综合单价",{"$nulls":8},277.83]
["材\n料\n费\n明\n细","主要材料名称、规格、型号",{"$nulls":4},"单位","数量",null,"单价（元）",null,"合价（元）","暂估单价\n（元）","暂估合价\n（元）"]
[null,"矿物绝缘电缆终端头 120mm以下",{"$nulls":4},"套",1,null,97.18,null,97.18]
[null,"其他材料费",{"$nulls":7},"-",null,48.57,"-"]
[null,"材料费小计",{"$nulls":7},"-",null,145.75,"-"]
[]
[]
[]
[]
[]
[]
["注：1.如不使用省级或行业建设主管部门发布的计价依据，可不填定额编码、名称等；\n    2.招标文件提供了暂估单价的材料，按暂估的单价填入表内“暂估单价”栏及“暂估合价”栏。"]
[{"$nulls":10},"表-09"]
["综合单价分析表"]
["工程名称：电气工程-新蓝天幼儿园工程建设项目-地上",{"$nulls":7},"标段：",null,"第 62 页  共 75 页"]
["项目编码",null,"030411004012",null,"项目名称","配线 WDZB-BYJ-450/750V-2.5",{"$nulls":3},"计量单位",null,"m","工程量",1249.61]
["清单综合单价组成明细"]
["定额编号","定额项目名称","定额\n单位","数量","单价",{"$nulls":4},"合价"]
[{"$nulls":4},"人工费","材料费","机具费","管理费\n和利润",null,"人工费",null,"材料费","机具费","管理费\n和利润"]
["C4-11-215","硬绝缘导线管内穿线 导线截面(mm2以内) 2.5","100m单线",0.01,77.85,401.05,null,37.94,null,0.78,null,4.01,null,0.38]
["人工单价",null,"小计",{"$nulls":6},0.78,null,4.01,null,0.38]
[null,null,"未计价材料费",{"$nulls":6},3.85]
["清单项目综合单价",{"$nulls":8},5.17]
["材\n料\n费\n明\n细","主要材料名称、规格、型号",{"$nulls":4},"单位","数量",null,"单价（元）",null,"合价（元）","暂估单价\n（元）","暂估合价\n（元）"]
[null,"绝缘电线 WDZB-BYJ-2.5",{"$nulls":4},"m",1.1,null,3.5,null,3.85]
[null,"其他材料费",{"$nulls":7},"-",null,0.15,"-"]
[null,"材料费小计",{"$nulls":7},"-",null,4,"-"]
{"$rows_empty":7}
["注：1.如不使用省级或行业建设主管部门发布的计价依据，可不填定额编码、名称等；\n    2.招标文件提供了暂估单价的材料，按暂估的单价填入表内“暂估单价”栏及“暂估合价”栏。"]
[{"$nulls":10},"表-09"]
["综合单价分析表"]
["工程名称：电气工程-新蓝天幼儿园工程建设项目-地上",{"$nulls":7},"标段：",null,"第 63 页  共 75 页"]
["项目编码",null,"030411004013",null,"项目名称","配线 WDZB-BYJ-450/750V-2.5",{"$nulls":3},"计量单位",null,"m","工程量",588.28]
["清单综合单价组成明细"]
["定额编号","定额项目名称","定额\n单位","数量","单价",{"$nulls":4},"合价"]
[{"$nulls":4},"人工费","材料费","机具费","管理费\n和利润",null,"人工费",null,"材料费","机具费","管理费\n和利润"]
["C4-11-240","线槽配线 导线截面(mm2以内) 2.5","100m单线",0.01,92.05,378.8,null,44.87,null,0.92,null,3.79,null,0.45]
["人工单价",null,"小计",{"$nulls":6},0.92,null,3.79,null,0.45]
[null,null,"未计价材料费",{"$nulls":6},3.68]
["清单项目综合单价",{"$nulls":8},5.16]
["材\n料\n费\n明\n细","主要材料名称、规格、型号",{"$nulls":4},"单位","数量",null,"单价（元）",null,"合价（元）","暂估单价\n（元）","暂估合价\n（元）"]
[null,"绝缘电线 WDZB-BYJ-2.5",{"$nulls":4},"m",1.05,null,3.5,null,3.68]
[null,"其他材料费",{"$nulls":7},"-",null,0.12,"-"]
[null,"材料费小计",{"$nulls":7},"-",null,3.8,"-"]
{"$rows_empty":7}
["注：1.如不使用省级或行业建设主管部门发布的计价依据，可不填定额编码、名称等；\n    2.招标文件提供了暂估单价的材料，按暂估的单价填入表内“暂估单价”栏及“暂估合价”栏。"]
[{"$nulls":10},"表-09"]
["综合单价分析表"]
["工程名称：电气工程-新蓝天幼儿园工程建设项目-地上",{"$nulls":7},"标段：",null,"第 64 页  共 75 页"]
["项目编码",null,"030411004014",null,"项目名称","配线 WDZBN-BYJ-450/750V-2.5",{"$nulls":3},"计量单位",null,"m","工程量",58.13]
["清单综合单价组成明细"]
["定额编号","定额项目名称","定额\n单位","数量","单价",{"$nulls":4},"合价"]
[{"$nulls":4},"人工费","材料费","机具费","管理费\n和利润",null,"人工费",null,"材料费","机具费","管理费\n和利润"]
["C4-11-215","硬绝缘导线管内穿线 导线截面(mm2以内) 2.5","100m单线",0.01,77.85,588.05,null,37.94,null,0.78,null,5.88,null,0.38]
["人工单价",null,"小计",{"$nulls":6},0.78,null,5.88,null,0.38]
[null,null,"未计价材料费",{"$nulls":6},5.72]
["清单项目综合单价",{"$nulls":8},7.04]
["材\n料\n费\n明\n细","主要材料名称、规格、型号",{"$nulls":4},"单位","数量",null,"单价（元）",null,"合价（元）","暂估单价\n（元）","暂估合价\n（元）"]
[null,"绝缘电线 WDZBN-BYJ-2.5",{"$nulls":4},"m",1.1,null,5.2,null,5.72]
[null,"其他材料费",{"$nulls":7},"-",null,0.15,"-"]
[null,"材料费小计",{"$nulls":7},"-",null,5.87,"-"]
{"$rows_empty":7}
["注：1.如不使用省级或行业建设主管部门发布的计价依据，可不填定额编码、名称等；\n    2.招标文件提供了暂估单价的材料，按暂估的单价填入表内“暂估单价”栏及“暂估合价”栏。"]
[{"$nulls":10},"表-09"]
["综合单价分析表"]
["工程名称：电气工程-新蓝天幼儿园工程建设项目-地上",{"$nulls":7},"标段：",null,"第 65 页  共 75 页"]
["项目编码",null,"030411004015",null,"项目名称","配线 WDZB-BYJ-450/750V-10",{"$nulls":3},"计量单位",null,"m","工程量",31.69]
["清单综合单价组成明细"]
["定额编号","定额项目名称","定额\n单位","数量","单价",{"$nulls":4},"合价"]
[{"$nulls":4},"人工费","材料费","机具费","管理费\n和利润",null,"人工费",null,"材料费","机具费","管理费\n和利润"]
["C4-11-217","硬绝缘导线管内穿线 导线截面(mm2以内) 16","100m单线",0.01,93.49,914.64,null,45.57,null,0.93,null,9.15,null,0.46]
["人工单价",null,"小计",{"$nulls":6},0.93,null,9.15,null,0.46]
[null,null,"未计价材料费",{"$nulls":6},8.95]
["清单项目综合单价",{"$nulls":8},10.54]
["材\n料\n费\n明\n细","主要材料名称、规格、型号",{"$nulls":4},"单位","数量",null,"单价（元）",null,"合价（元）","暂估单价\n（元）","暂估合价\n（元）"]
[null,"绝缘电线 WDZB-BYJ-10",{"$nulls":4},"m",1.05,null,8.52,null,8.95]
[null,"其他材料费",{"$nulls":7},"-",null,0.21,"-"]
[null,"材料费小计",{"$nulls":7},"-",null,9.16,"-"]
{"$rows_empty":7}
["注：1.如不使用省级或行业建设主管部门发布的计价依据，可不填定额编码、名称等；\n    2.招标文件提供了暂估单价的材料，按暂估的单价填入表内“暂估单价”栏及“暂估合价”栏。"]
[{"$nulls":10},"表-09"]
["综合单价分析表"]
["工程名称：电气工程-新蓝天幼儿园工程建设项目-地上",{"$nulls":7},"标段：",null,"第 66 页  共 75 页"]
["项目编码",null,"030411004016",null,"项目名称","配线 WDZB-BYJ-450/750V-10",{"$nulls":3},"计量单位",null,"m","工程量",156.89]
["清单综合单价组成明细"]
["定额编号","定额项目名称","定额\n单位","数量","单价",{"$nulls":4},"合价"]
[{"$nulls":4},"人工费","材料费","机具费","管理费\n和利润",null,"人工费",null,"材料费","机具费","管理费\n和利润"]
["C4-11-242","线槽配线 导线截面(mm2以内) 16","100m单线",0.01,137.08,905.9,null,66.82,null,1.37,null,9.06,null,0.67]
["人工单价",null,"小计",{"$nulls":6},1.37,null,9.06,null,0.67]
[null,null,"未计价材料费",{"$nulls":6},8.95]
["清单项目综合单价",{"$nulls":8},11.1]
["材\n料\n费\n明\n细","主要材料名称、规格、型号",{"$nulls":4},"单位","数量",null,"单价（元）",null,"合价（元）","暂估单价\n（元）","暂估合价\n（元）"]
[null,"绝缘电线 WDZB-BYJ-10",{"$nulls":4},"m",1.05,null,8.52,null,8.95]
[null,"其他材料费",{"$nulls":7},"-",null,0.12,"-"]
[null,"材料费小计",{"$nulls":7},"-",null,9.07,"-"]
{"$rows_empty":7}
["注：1.如不使用省级或行业建设主管部门发布的计价依据，可不填定额编码、名称等；\n    2.招标文件提供了暂估单价的材料，按暂估的单价填入表内“暂估单价”栏及“暂估合价”栏。"]
[{"$nulls":10},"表-09"]
["综合单价分析表"]
["工程名称：电气工程-新蓝天幼儿园工程建设项目-地上",{"$nulls":7},"标段：",null,"第 67 页  共 75 页"]
["项目编码",null,"030411004017",null,"项目名称","配线 WDZB-RYJ-2x1.5",{"$nulls":3},"计量单位",null,"m","工程量",16.08]
["清单综合单价组成明细"]
["定额编号","定额项目名称","定额\n单位","数量","单价",{"$nulls":4},"合价"]
[{"$nulls":4},"人工费","材料费","机具费","管理费\n和利润",null,"人工费",null,"材料费","机具费","管理费\n和利润"]
["C4-11-225","多芯软导线管内穿线(芯以内) 二芯 导线截面(mm2以内) 1.5","100m/束",0.01,79.52,676.13,null,38.75,null,0.8,null,6.76,null,0.39]
["人工单价",null,"小计",{"$nulls":6},0.8,null,6.76,null,0.39]
[null,null,"未计价材料费",{"$nulls":6},6.61]
["清单项目综合单价",{"$nulls":8},7.94]
["材\n料\n费\n明\n细","主要材料名称、规格、型号",{"$nulls":4},"单位","数量",null,"单价（元）",null,"合价（元）","暂估单价\n（元）","暂估合价\n（元）"]
[null,"配线 WDZB-RYJ-2x1.5",{"$nulls":4},"m",1.08,null,6.12,null,6.61]
[null,"其他材料费",{"$nulls":7},"-",null,0.16,"-"]
[null,"材料费小计",{"$nulls":7},"-",null,6.77,"-"]
[]
[]
[]
[]
[]
[]
["注：1.如不使用省级或行业建设主管部门发布的计价依据，可不填定额编码、名称等；\n    2.招标文件提供了暂估单价的材料，按暂估的单价填入表内“暂估单价”栏及“暂估合价”栏。"]
[{"$nulls":10},"表-09"]
["综合单价分析表"]
["工程名称：电气工程-新蓝天幼儿园工程建设项目-地上",{"$nulls":7},"标段：",null,"第 68 页  共 75 页"]
["项目编码",null,"030411001007",null,"项目名称","镀锌电线管 MT16",{"$nulls":3},"计量单位",null,"m","工程量",13.68]
["清单综合单价组成明细"]
["定额编号","定额项目名称","定额\n单位","数量","单价",{"$nulls":4},"合价"]
[{"$nulls":4},"人工费","材料费","机具费","管理费\n和利润",null,"人工费",null,"材料费","机具费","管理费\n和利润"]
["C4-11-7","镀锌电线管砖、混凝土结构暗配 公称直径(mm以内) 15","100m",0.01,466.74,510.96,null,227.49,null,4.67,null,5.11,null,2.27]
["人工单价",null,"小计",{"$nulls":6},4.67,null,5.11,null,2.27]
[null,null,"未计价材料费",{"$nulls":6},4.16]
["清单项目综合单价",{"$nulls":8},12.05]
["材\n料\n费\n明\n细","主要材料名称、规格、型号",{"$nulls":4},"单位","数量",null,"单价（元）",null,"合价（元）","暂估单价\n（元）","暂估合价\n（元）"]
[null,"镀锌电线管 MT16",{"$nulls":4},"m",1.03,null,4.04,null,4.16]
[null,"其他材料费",{"$nulls":7},"-",null,0.97,"-"]
[null,"材料费小计",{"$nulls":7},"-",null,5.13,"-"]
[]
[]
[]
[]
[]
[]
["注：1.如不使用省级或行业建设主管部门发布的计价依据，可不填定额编码、名称等；\n    2.招标文件提供了暂估单价的材料，按暂估的单价填入表内“暂估单价”栏及“暂估合价”栏。"]
[{"$nulls":10},"表-09"]
["综合单价分析表"]
["工程名称：电气工程-新蓝天幼儿园工程建设项目-地上",{"$nulls":7},"标段：",null,"第 69 页  共 75 页"]
["项目编码",null,"030411001008",null,"项目名称","镀锌电线管 MT19",{"$nulls":3},"计量单位",null,"m","工程量",7731.65]
["清单综合单价组成明细"]
["定额编号","定额项目名称","定额\n单位","数量","单价",{"$nulls":4},"合价"]
[{"$nulls":4},"人工费","材料费","机具费","管理费\n和利润",null,"人工费",null,"材料费","机具费","管理费\n和利润"]
["C4-11-8","镀锌电线管砖、混凝土结构暗配 公称直径(mm以内) 20","100m",0.01,497.4,627.69,null,242.43,null,4.97,null,6.28,null,2.42]
["人工单价",null,"小计",{"$nulls":6},4.97,null,6.28,null,2.42]
[null,null,"未计价材料费",{"$nulls":6},5.12]
["清单项目综合单价",{"$nulls":8},13.68]
["材\n料\n费\n明\n细","主要材料名称、规格、型号",{"$nulls":4},"单位","数量",null,"单价（元）",null,"合价（元）","暂估单价\n（元）","暂估合价\n（元）"]
[null,"镀锌电线管 MT19",{"$nulls":4},"m",1.03,null,4.97,null,5.12]
[null,"其他材料费",{"$nulls":7},"-",null,1.15,"-"]
[null,"材料费小计",{"$nulls":7},"-",null,6.27,"-"]
[]
[]
[]
[]
[]
[]
["注：1.如不使用省级或行业建设主管部门发布的计价依据，可不填定额编码、名称等；\n    2.招标文件提供了暂估单价的材料，按暂估的单价填入表内“暂估单价”栏及“暂估合价”栏。"]
[{"$nulls":10},"表-09"]
["综合单价分析表"]
["工程名称：电气工程-新蓝天幼儿园工程建设项目-地上",{"$nulls":7},"标段：",null,"第 70 页  共 75 页"]
["项目编码",null,"030411001009",null,"项目名称","镀锌电线管 MT25",{"$nulls":3},"计量单位",null,"m","工程量",68.18]
["清单综合单价组成明细"]
["定额编号","定额项目名称","定额\n单位","数量","单价",{"$nulls":4},"合价"]
[{"$nulls":4},"人工费","材料费","机具费","管理费\n和利润",null,"人工费",null,"材料费","机具费","管理费\n和利润"]
["C4-11-9","镀锌电线管砖、混凝土结构暗配 公称直径(mm以内) 25","100m",0.01,716.79,818.47,3.45,351.05,null,7.17,null,8.18,0.03,3.51]
["人工单价",null,"小计",{"$nulls":6},7.17,null,8.18,0.03,3.51]
[null,null,"未计价材料费",{"$nulls":6},6.72]
["清单项目综合单价",{"$nulls":8},18.9]
["材\n料\n费\n明\n细","主要材料名称、规格、型号",{"$nulls":4},"单位","数量",null,"单价（元）",null,"合价（元）","暂估单价\n（元）","暂估合价\n（元）"]
[null,"镀锌电线管 MT25",{"$nulls":4},"m",1.03,null,6.52,null,6.72]
[null,"其他材料费",{"$nulls":7},"-",null,1.48,"-"]
[null,"材料费小计",{"$nulls":7},"-",null,8.2,"-"]
[]
[]
[]
[]
[]
[]
["注：1.如不使用省级或行业建设主管部门发布的计价依据，可不填定额编码、名称等；\n    2.招标文件提供了暂估单价的材料，按暂估的单价填入表内“暂估单价”栏及“暂估合价”栏。"]
[{"$nulls":10},"表-09"]
["综合单价分析表"]
["工程名称：电气工程-新蓝天幼儿园工程建设项目-地上",{"$nulls":7},"标段：",null,"第 71 页  共 75 页"]
["项目编码",null,"030411001010",null,"项目名称","镀锌电线管 MT32",{"$nulls":3},"计量单位",null,"m","工程量",812.25]
["清单综合单价组成明细"]
["定额编号","定额项目名称","定额\n单位","数量","单价",{"$nulls":4},"合价"]
[{"$nulls":4},"人工费","材料费","机具费","管理费\n和利润",null,"人工费",null,"材料费","机具费","管理费\n和利润"]
["C4-11-10","镀锌电线管砖、混凝土结构暗配 公称直径(mm以内) 32","100m",0.01,763.57,1059.39,3.45,373.84,null,7.64,null,10.59,0.03,3.74]
["人工单价",null,"小计",{"$nulls":6},7.64,null,10.59,0.03,3.74]
[null,null,"未计价材料费",{"$nulls":6},8.59]
["清单项目综合单价",{"$nulls":8},22]
["材\n料\n费\n明\n细","主要材料名称、规格、型号",{"$nulls":4},"单位","数量",null,"单价（元）",null,"合价（元）","暂估单价\n（元）","暂估合价\n（元）"]
[null,"镀锌电线管 MT32",{"$nulls":4},"m",1.03,null,8.34,null,8.59]
[null,"其他材料费",{"$nulls":7},"-",null,2,"-"]
[null,"材料费小计",{"$nulls":7},"-",null,10.59,"-"]
[]
[]
[]
[]
[]
[]
["注：1.如不使用省级或行业建设主管部门发布的计价依据，可不填定额编码、名称等；\n    2.招标文件提供了暂估单价的材料，按暂估的单价填入表内“暂估单价”栏及“暂估合价”栏。"]
[{"$nulls":10},"表-09"]
["综合单价分析表"]
["工程名称：电气工程-新蓝天幼儿园工程建设项目-地上",{"$nulls":7},"标段：",null,"第 72 页  共 75 页"]
["项目编码",null,"030411001011",null,"项目名称","镀锌电线管 MT40",{"$nulls":3},"计量单位",null,"m","工程量",18.96]
["清单综合单价组成明细"]
["定额编号","定额项目名称","定额\n单位","数量","单价",{"$nulls":4},"合价"]
[{"$nulls":4},"人工费","材料费","机具费","管理费\n和利润",null,"人工费",null,"材料费","机具费","管理费\n和利润"]
["C4-11-11","镀锌电线管砖、混凝土结构暗配 公称直径(mm以内) 40","100m",0.01,973.63,1587.17,7.47,478.19,null,9.74,null,15.87,0.07,4.78]
["人工单价",null,"小计",{"$nulls":6},9.74,null,15.87,0.07,4.78]
[null,null,"未计价材料费",{"$nulls":6},13.18]
["清单项目综合单价",{"$nulls":8},30.46]
["材\n料\n费\n明\n细","主要材料名称、规格、型号",{"$nulls":4},"单位","数量",null,"单价（元）",null,"合价（元）","暂估单价\n（元）","暂估合价\n（元）"]
[null,"镀锌电线管 MT40",{"$nulls":4},"m",1.03,null,12.8,null,13.18]
[null,"其他材料费",{"$nulls":7},"-",null,2.7,"-"]
[null,"材料费小计",{"$nulls":7},"-",null,15.88,"-"]
[]
[]
[]
[]
[]
[]
["注：1.如不使用省级或行业建设主管部门发布的计价依据，可不填定额编码、名称等；\n    2.招标文件提供了暂估单价的材料，按暂估的单价填入表内“暂估单价”栏及“暂估合价”栏。"]
[{"$nulls":10},"表-09"]
["综合单价分析表"]
["工程名称：电气工程-新蓝天幼儿园工程建设项目-地上",{"$nulls":7},"标段：",null,"第 73 页  共 75 页"]
["项目编码",null,"030411001012",null,"项目名称","镀锌电线管 MT50",{"$nulls":3},"计量单位",null,"m","工程量",56.18]
["清单综合单价组成明细"]
["定额编号","定额项目名称","定额\n单位","数量","单价",{"$nulls":4},"合价"]
[{"$nulls":4},"人工费","材料费","机具费","管理费\n和利润",null,"人工费",null,"材料费","机具费","管理费\n和利润"]
["C4-11-12","镀锌电线管砖、混凝土结构暗配 公称直径(mm以内) 50","100m",0.01,1039.66,1986.06,7.47,510.38,null,10.4,null,19.86,0.07,5.1]
["人工单价",null,"小计",{"$nulls":6},10.4,null,19.86,0.07,5.1]
[null,null,"未计价材料费",{"$nulls":6},16.42]
["清单项目综合单价",{"$nulls":8},35.44]
["材\n料\n费\n明\n细","主要材料名称、规格、型号",{"$nulls":4},"单位","数量",null,"单价（元）",null,"合价（元）","暂估单价\n（元）","暂估合价\n（元）"]
[null,"镀锌电线管 MT50",{"$nulls":4},"m",1.03,null,15.94,null,16.42]
[null,"其他材料费",{"$nulls":7},"-",null,3.44,"-"]
[null,"材料费小计",{"$nulls":7},"-",null,19.86,"-"]
[]
[]
[]
[]
[]
[]
["注：1.如不使用省级或行业建设主管部门发布的计价依据，可不填定额编码、名称等；\n    2.招标文件提供了暂估单价的材料，按暂估的单价填入表内“暂估单价”栏及“暂估合价”栏。"]
[{"$nulls":10},"表-09"]
["综合单价分析表"]
["工程名称：电气工程-新蓝天幼儿园工程建设项目-地上",{"$nulls":7},"标段：",null,"第 74 页  共 75 页"]
["项目编码",null,"031302007001",null,"项目名称","高层施工增加",{"$nulls":3},"计量单位",null,"项","工程量",1]
["清单综合单价组成明细"]
["定额编号","定额项目名称","定额\n单位","数量","单价",{"$nulls":4},"合价"]
[{"$nulls":4},"人工费","材料费","机具费","管理费\n和利润",null,"人工费",null,"材料费","机具费","管理费\n和利润"]
["BM249","高层建筑增加费_高度20m以上30m以下(含装在20m以上的变配电工程和动力工程)(电气设备安装工程)","元",1,2030.17,{"$nulls":4},2030.17]
["BM435","高层建筑增加费_高度20m以上30m以下(刷油、防腐蚀、绝热工程)","元",1,3.9,{"$nulls":4},3.9]
["BM371","高层建筑增加费_高度20m以上30m以下(给排水、采暖、燃气工程)","元",1]
["人工单价",null,"小计",{"$nulls":6},2034.07]
[null,null,"未计价材料费"]
["清单项目综合单价",{"$nulls":8},2034.07]
["材\n料\n费\n明\n细","主要材料名称、规格、型号",{"$nulls":4},"单位","数量",null,"单价（元）",null,"合价（元）","暂估单价\n（元）","暂估合价\n（元）"]
[null,"其他材料费",{"$nulls":7},"-",null,null,"-"]
[null,"材料费小计",{"$nulls":7},"-",null,null,"-"]
[]
["注：1.如不使用省级或行业建设主管部门发布的计价依据，可不填定额编码、名称等；\n    2.招标文件提供了暂估单价的材料，按暂估的单价填入表内“暂估单价”栏及“暂估合价”栏。"]
[{"$nulls":10},"表-09"]
["综合单价分析表"]
["工程名称：电气工程-新蓝天幼儿园工程建设项目-地上",{"$nulls":7},"标段：",null,"第 75 页  共 75 页"]
["项目编码",null,"031301017001",null,"项目名称","脚手架搭拆费",{"$nulls":3},"计量单位",null,"项","工程量",1]
["清单综合单价组成明细"]
["定额编号","定额项目名称","定额\n单位","数量","单价",{"$nulls":4},"合价"]
[{"$nulls":4},"人工费","材料费","机具费","管理费\n和利润",null,"人工费",null,"材料费","机具费","管理费\n和利润"]
["BM248","脚手架搭拆费(单独承担埋地或沟槽敷设线缆工程除外)(电气设备安装工程，除10章)","元",1,4060.34,{"$nulls":4},4060.34]
["BM434","脚手架搭拆费(刷油、防腐蚀、绝热工程)","元",1,23.38,{"$nulls":4},23.38]
["BM399","脚手架搭拆费(单独承担埋地管道工程除外)(给排水、采暖、燃气工程)","元",1]
["人工单价",null,"小计",{"$nulls":6},4083.72]
[null,null,"未计价材料费"]
["清单项目综合单价",{"$nulls":8},4083.72]
["材\n料\n费\n明\n细","主要材料名称、规格、型号",{"$nulls":4},"单位","数量",null,"单价（元）",null,"合价（元）","暂估单价\n（元）","暂估合价\n（元）"]
[null,"其他材料费",{"$nulls":7},"-",null,null,"-"]
[null,"材料费小计",{"$nulls":7},"-",null,null,"-"]
[]
[]
[]
["注：1.如不使用省级或行业建设主管部门发布的计价依据，可不填定额编码、名称等；\n    2.招标文件提供了暂估单价的材料，按暂估的单价填入表内“暂估单价”栏及“暂估合价”栏。"]
[{"$nulls":10},"表-09"]

{"sheet":"表-09 综合单价分析表（全费用）【电气工程-新蓝天幼儿园","index":9,"n_rows":1605,"n_cols":20,"rows_kept":1605,"merged":[[0,0,0,19],[1,0,1,10],[1,11,1,14],[1,15,1,19],[2,0,2,1],[2,2,2,3],[2,4,2,5],[2,6,2,9],[2,10,2,12],[2,13,2,15],[2,16,2,17],[2,18,2,19],[3,0,3,19],[4,4,4,11],[4,12,4,19],[5,10,5,11],[5,14,5,15],[6,10,6,11],[6,14,6,15],[7,0,7,1],[7,2,7,11],[7,14,7,15],[8,0,8,1],[8,2,8,11],[8,12,8,19],[9,0,9,11],[9,12,9,19],[10,1,10,8],[10,10,10,11],[10,12,10,13],[10,14,10,16],[10,18,10,19],[11,1,11,8],[11,10,11,11],[11,12,11,13],[11,14,11,16],[11,18,11,19],[12,1,12,11],[12,12,12,13],[12,14,12,16],[12,18,12,19],[13,1,13,11],[13,12,13,13],[13,14,13,16],[13,18,13,19],[14,1,14,8],[14,10,14,11],[14,12,14,13],[14,14,14,16],[14,18,14,19],[15,1,15,8],[15,10,15,11],[15,12,15,13],[15,14,15,16],[15,18,15,19],[16,1,16,8],[16,10,16,11],[16,12,16,13],[16,14,16,16],[16,18,16,19],[17,1,17,8],[17,10,17,11],[17,12,17,13],[17,14,17,16],[17,18,17,19],[18,1,18,8],[18,10,18,11],[18,12,18,13],[18,14,18,16],[18,18,18,19],[19,0,19,19],[20,0,20,10],[20,11,20,14],[20,15,20,19],[21,0,21,19],[22,0,22,10],[22,11,22,14],[22,15,22,19],[23,0,23,1],[23,2,23,3],[23,4,23,5],[23,6,23,9],[23,10,23,12],[23,13,23,15],[23,16,23,17],[23,18,23,19],[24,0,24,19],[25,4,25,11],[25,12,25,19],[26,10,26,11],[26,14,26,15],[27,10,27,11],[27,14,27,15],[28,10,28,11],[28,14,28,15],[29,0,29,1],[29,2,29,11],[29,14,29,15],[30,0,30,1],[30,2,30,11],[30,12,30,19],[31,0,31,11],[31,12,31,19],[32,1,32,8],[32,10,32,11],[32,12,32,13],[32,14,32,16],[32,18,32,19],[33,1,33,8],[33,10,33,11],[33,12,33,13],[33,14,33,16],[33,18,33,19],[34,1,34,11],[34,12,34,13],[34,14,34,16],[34,18,34,19],[35,1,35,11],[35,12,35,13],[35,14,35,16],[35,18,35,19],[36,1,36,8],[36,10,36,11],[36,12,36,13],[36,14,36,16],[36,18,36,19],[37,1,37,8],[37,10,37,11],[37,12,37,13],[37,14,37,16],[37,18,37,19],[38,1,38,8],[38,10,38,11],[38,12,38,13],[38,14,38,16],[38,18,38,19],[39,0,39,19],[40,0,40,10],[40,11,40,14],[40,15,40,19],[41,0,41,19],[42,0,42,10],[42,11,42,14],[42,15,42,19],[43,0,43,1],[43,2,43,3],[43,4,43,5],[43,6,43,9],[43,10,43,12],[43,13,43,15],[43,16,43,17],[43,18,43,19],[44,0,44,19],[45,4,45,11],[45,12,45,19],[46,10,46,11],[46,14,46,15],[47,10,47,11],[47,14,47,15],[48,10,48,11],[48,14,48,15],[49,0,49,1],[49,2,49,11],[49,14,49,15],[50,0,50,1],[50,2,50,11],[50,12,50,19],[51,0,51,11],[51,12,51,19],[52,1,52,8],[52,10,52,11],[52,12,52,13],[52,14,52,16],[52,18,52,19],[53,1,53,8],[53,10,53,11],[53,12,53,13],[53,14,53,16],[53,18,53,19],[54,1,54,11],[54,12,54,13],[54,14,54,16],[54,18,54,19],[55,1,55,11],[55,12,55,13],[55,14,55,16],[55,18,55,19],[56,1,56,8],[56,10,56,11],[56,12,56,13],[56,14,56,16],[56,18,56,19],[57,1,57,8],[57,10,57,11],[57,12,57,13],[57,14,57,16],[57,18,57,19],[58,1,58,8],[58,10,58,11],[58,12,58,13],[58,14,58,16],[58,18,58,19],[59,0,59,19],[60,0,60,10],[60,11,60,14],[60,15,60,19],[61,0,61,19],[62,0,62,10],[62,11,62,14],[62,15,62,19],[63,0,63,1],[63,2,63,3],[63,4,63,5],[63,6,63,9],[63,10,63,12],[63,13,63,15],[63,16,63,17],[63,18,63,19],[64,0,64,19],[65,4,65,11],[65,12,65,19],[66,10,66,11],[66,14,66,15],[67,10,67,11],[67,14,67,15],[68,10,68,11],[68,14,68,15],[69,10,69,11],[69,14,69,15],[70,0,70,1],[70,2,70,11],[70,14,70,15],[71,0,71,1],[71,2,71,11],[71,12,71,19],[72,0,72,11],[72,12,72,19],[73,1,73,8],[73,10,73,11],[73,12,73,13],[73,14,73,16],[73,18,73,19],[74,1,74,8],[74,10,74,11],[74,12,74,13],[74,14,74,16],[74,18,74,19],[75,1,75,11],[75,12,75,13],[75,14,75,16],[75,18,75,19],[76,1,76,11],[76,12,76,13],[76,14,76,16],[76,18,76,19],[77,0,77,19],[78,0,78,10],[78,11,78,14],[78,15,78,19],[79,0,79,19],[80,0,80,10],[80,11,80,14],[80,15,80,19],[81,0,81,1],[81,2,81,3],[81,4,81,5],[81,6,81,9],[81,10,81,12],[81,13,81,15],[81,16,81,17],[81,18,81,19],[82,0,82,19],[83,4,83,11],[83,12,83,19],[84,10,84,11],[84,14,84,15],[85,10,85,11],[85,14,85,15],[86,0,86,1],[86,2,86,11],[86,14,86,15],[87,0,87,1],[87,2,87,11],[87,12,87,19],[88,0,88,11],[88,12,88,19],[89,1,89,8],[89,10,89,11],[89,12,89,13],[89,14,89,16],[89,18,89,19],[90,1,90,8],[90,10,90,11],[90,12,90,13],[90,14,90,16],[90,18,90,19],[91,1,91,11],[91,12,91,13],[91,14,91,16],[91,18,91,19],[92,1,92,11],[92,12,92,13],[92,14,92,16],[92,18,92,19],[93,1,93,8],[93,10,93,11],[93,12,93,13],[93,14,93,16],[93,18,93,19],[94,1,94,8],[94,10,94,11],[94,12,94,13],[94,14,94,16],[94,18,94,19],[95,1,95,8],[95,10,95,11],[95,12,95,13],[95,14,95,16],[95,18,95,19],[96,1,96,8],[96,10,96,11],[96,12,96,13],[96,14,96,16],[96,18,96,19],[97,1,97,8],[97,10,97,11],[97,12,97,13],[97,14,97,16],[97,18,97,19],[98,0,98,19],[99,0,99,10],[99,11,99,14],[99,15,99,19],[100,0,100,19],[101,0,101,10],[101,11,101,14],[101,15,101,19],[102,0,102,1],[102,2,102,3],[102,4,102,5],[102,6,102,9],[102,10,102,12],[102,13,102,15],[102,16,102,17],[102,18,102,19],[103,0,103,19],[104,4,104,11],[104,12,104,19],[105,10,105,11],[105,14,105,15],[106,10,106,11],[106,14,106,15],[107,0,107,1],[107,2,107,11],[107,14,107,15],[108,0,108,1],[108,2,108,11],[108,12,108,19],[109,0,109,11],[109,12,109,19],[110,1,110,8],[110,10,110,11],[110,12,110,13],[110,14,110,16],[110,18,110,19],[111,1,111,8],[111,10,111,11],[111,12,111,13],[111,14,111,16],[111,18,111,19],[112,1,112,11],[112,12,112,13],[112,14,112,16],[112,18,112,19],[113,1,113,11],[113,12,113,13],[113,14,113,16],[113,18,113,19],[114,1,114,8],[114,10,114,11],[114,12,114,13],[114,14,114,16],[114,18,114,19],[115,1,115,8],[115,10,115,11],[115,12,115,13],[115,14,115,16],[115,18,115,19],[116,1,116,8],[116,10,116,11],[116,12,116,13],[116,14,116,16],[116,18,116,19],[117,1,117,8],[117,10,117,11],[117,12,117,13],[117,14,117,16],[117,18,117,19],[118,1,118,8],[118,10,118,11],[118,12,118,13],[118,14,118,16],[118,18,118,19],[119,0,119,19],[120,0,120,10],[120,11,120,14],[120,15,120,19],[121,0,121,19],[122,0,122,10],[122,11,122,14],[122,15,122,19],[123,0,123,1],[123,2,123,3],[123,4,123,5],[123,6,123,9],[123,10,123,12],[123,13,123,15],[123,16,123,17],[123,18,123,19],[124,0,124,19],[125,4,125,11],[125,12,125,19],[126,10,126,11],[126,14,126,15],[127,10,127,11],[127,14,127,15],[128,10,128,11],[128,14,128,15],[129,10,129,11],[129,14,129,15],[130,0,130,1],[130,2,130,11],[130,14,130,15],[131,0,131,1],[131,2,131,11],[131,12,131,19],[132,0,132,11],[132,12,132,19],[133,1,133,8],[133,10,133,11],[133,12,133,13],[133,14,133,16],[133,18,133,19],[134,1,134,8],[134,10,134,11],[134,12,134,13],[134,14,134,16],[134,18,134,19],[135,1,135,11],[135,12,135,13],[135,14,135,16],[135,18,135,19],[136,1,136,11],[136,12,136,13],[136,14,136,16],[136,18,136,19],[137,0,137,19],[138,0,138,10],[138,11,138,14],[138,15,138,19],[139,0,139,19],[140,0,140,10],[140,11,140,14],[140,15,140,19],[141,0,141,1],[141,2,141,3],[141,4,141,5],[141,6,141,9],[141,10,141,12],[141,13,141,15],[141,16,141,17],[141,18,141,19],[142,0,142,19],[143,4,143,11],[143,12,143,19],[144,10,144,11],[144,14,144,15],[145,10,145,11],[145,14,145,15],[146,10,146,11],[146,14,146,15],[147,10,147,11],[147,14,147,15],[148,0,148,1],[148,2,148,11],[148,14,148,15],[149,0,149,1],[149,2,149,11],[149,12,149,19],[150,0,150,11],[150,12,150,19],[151,1,151,8],[151,10,151,11],[151,12,151,13],[151,14,151,16],[151,18,151,19],[152,1,152,8],[152,10,152,11],[152,12,152,13],[152,14,152,16],[152,18,152,19],[153,1,153,11],[153,12,153,13],[153,14,153,16],[153,18,153,19],[154,1,154,11],[154,12,154,13],[154,14,154,16],[154,18,154,19],[155,0,155,19],[156,0,156,10],[156,11,156,14],[156,15,156,19],[157,0,157,19],[158,0,158,10],[158,11,158,14],[158,15,158,19],[159,0,159,1],[159,2,159,3],[159,4,159,5],[159,6,159,9],[159,10,159,12],[159,13,159,15],[159,16,159,17],[159,18,159,19],[160,0,160,19],[161,4,161,11],[161,12,161,19],[162,10,162,11],[162,14,162,15],[163,10,163,11],[163,14,163,15],[164,10,164,11],[164,14,164,15],[165,10,165,11],[165,14,165,15],[166,0,166,1],[166,2,166,11],[166,14,166,15],[167,0,167,1],[167,2,167,11],[167,12,167,19],[168,0,168,11],[168,12,168,19],[169,1,169,8],[169,10,169,11],[169,12,169,13],[169,14,169,16],[169,18,169,19],[170,1,170,8],[170,10,170,11],[170,12,170,13],[170,14,170,16],[170,18,170,19],[171,1,171,11],[171,12,171,13],[171,14,171,16],[171,18,171,19],[172,1,172,11],[172,12,172,13],[172,14,172,16],[172,18,172,19],[173,0,173,19],[174,0,174,10],[174,11,174,14],[174,15,174,19],[175,0,175,19],[176,0,176,10],[176,11,176,14],[176,15,176,19],[177,0,177,1],[177,2,177,3],[177,4,177,5],[177,6,177,9],[177,10,177,12],[177,13,177,15],[177,16,177,17],[177,18,177,19],[178,0,178,19],[179,4,179,11],[179,12,179,19],[180,10,180,11],[180,14,180,15],[181,10,181,11],[181,14,181,15],[182,10,182,11],[182,14,182,15],[183,0,183,1],[183,2,183,11],[183,14,183,15],[184,0,184,1],[184,2,184,11],[184,12,184,19],[185,0,185,11],[185,12,185,19],[186,1,186,8],[186,10,186,11],[186,12,186,13],[186,14,186,16],[186,18,186,19],[187,1,187,8],[187,10,187,11],[187,12,187,13],[187,14,187,16],[187,18,187,19],[188,1,188,11],[188,12,188,13],[188,14,188,16],[188,18,188,19],[189,1,189,11],[189,12,189,13],[189,14,189,16],[189,18,189,19],[190,1,190,8],[190,10,190,11],[190,12,190,13],[190,14,190,16],[190,18,190,19],[191,1,191,8],[191,10,191,11],[191,12,191,13],[191,14,191,16],[191,18,191,19],[192,1,192,8],[192,10,192,11],[192,12,192,13],[192,14,192,16],[192,18,192,19],[193,0,193,19],[194,0,194,10],[194,11,194,14],[194,15,194,19],[195,0,195,19],[196,0,196,10],[196,11,196,14],[196,15,196,19],[197,0,197,1],[197,2,197,3],[197,4,197,5],[197,6,197,9],[197,10,197,12],[197,13,197,15],[197,16,197,17],[197,18,197,19],[198,0,198,19],[199,4,199,11],[199,12,199,19],[200,10,200,11],[200,14,200,15],[201,10,201,11],[201,14,201,15],[202,0,202,1],[202,2,202,11],[202,14,202,15],[203,0,203,1],[203,2,203,11],[203,12,203,19],[204,0,204,11],[204,12,204,19],[205,1,205,8],[205,10,205,11],[205,12,205,13],[205,14,205,16],[205,18,205,19],[206,1,206,8],[206,10,206,11],[206,12,206,13],[206,14,206,16],[206,18,206,19],[207,1,207,11],[207,12,207,13],[207,14,207,16],[207,18,207,19],[208,1,208,11],[208,12,208,13],[208,14,208,16],[208,18,208,19],[209,1,209,8],[209,10,209,11],[209,12,209,13],[209,14,209,16],[209,18,209,19],[210,1,210,8],[210,10,210,11],[210,12,210,13],[210,14,210,16],[210,18,210,19],[211,1,211,8],[211,10,211,11],[211,12,211,13],[211,14,211,16],[211,18,211,19],[212,1,212,8],[212,10,212,11],[212,12,212,13],[212,14,212,16],[212,18,212,19],[213,1,213,8],[213,10,213,11],[213,12,213,13],[213,14,213,16],[213,18,213,19],[214,0,214,19],[215,0,215,10],[215,11,215,14],[215,15,215,19],[216,0,216,19],[217,0,217,10],[217,11,217,14],[217,15,217,19],[218,0,218,1],[218,2,218,3],[218,4,218,5],[218,6,218,9],[218,10,218,12],[218,13,218,15],[218,16,218,17],[218,18,218,19],[219,0,219,19],[220,4,220,11],[220,12,220,19],[221,10,221,11],[221,14,221,15],[222,10,222,11],[222,14,222,15],[223,10,223,11],[223,14,223,15],[224,0,224,1],[224,2,224,11],[224,14,224,15],[225,0,225,1],[225,2,225,11],[225,12,225,19],[226,0,226,11],[226,12,226,19],[227,1,227,8],[227,10,227,11],[227,12,227,13],[227,14,227,16],[227,18,227,19],[228,1,228,8],[228,10,228,11],[228,12,228,13],[228,14,228,16],[228,18,228,19],[229,1,229,11],[229,12,229,13],[229,14,229,16],[229,18,229,19],[230,1,230,11],[230,12,230,13],[230,14,230,16],[230,18,230,19],[231,1,231,8],[231,10,231,11],[231,12,231,13],[231,14,231,16],[231,18,231,19],[232,1,232,8],[232,10,232,11],[232,12,232,13],[232,14,232,16],[232,18,232,19],[233,0,233,19],[234,0,234,10],[234,11,234,14],[234,15,234,19],[235,0,235,19],[236,0,236,10],[236,11,236,14],[236,15,236,19],[237,0,237,1],[237,2,237,3],[237,4,237,5],[237,6,237,9],[237,10,237,12],[237,13,237,15],[237,16,237,17],[237,18,237,19],[238,0,238,19],[239,4,239,11],[239,12,239,19],[240,10,240,11],[240,14,240,15],[241,10,241,11],[241,14,241,15],[242,10,242,11],[242,14,242,15],[243,0,243,1],[243,2,243,11],[243,14,243,15],[244,0,244,1],[244,2,244,11],[244,12,244,19],[245,0,245,11],[245,12,245,19],[246,1,246,8],[246,10,246,11],[246,12,246,13],[246,14,246,16],[246,18,246,19],[247,1,247,8],[247,10,247,11],[247,12,247,13],[247,14,247,16],[247,18,247,19],[248,1,248,11],[248,12,248,13],[248,14,248,16],[248,18,248,19],[249,1,249,11],[249,12,249,13],[249,14,249,16],[249,18,249,19],[250,1,250,8],[250,10,250,11],[250,12,250,13],[250,14,250,16],[250,18,250,19],[251,1,251,8],[251,10,251,11],[251,12,251,13],[251,14,251,16],[251,18,251,19],[252,1,252,8],[252,10,252,11],[252,12,252,13],[252,14,252,16],[252,18,252,19],[253,0,253,19],[254,0,254,10],[254,11,254,14],[254,15,254,19],[255,0,255,19],[256,0,256,10],[256,11,256,14],[256,15,256,19],[257,0,257,1],[257,2,257,3],[257,4,257,5],[257,6,257,9],[257,10,257,12],[257,13,257,15],[257,16,257,17],[257,18,257,19],[258,0,258,19],[259,4,259,11],[259,12,259,19],[260,10,260,11],[260,14,260,15],[261,10,261,11],[261,14,261,15],[262,10,262,11],[262,14,262,15],[263,0,263,1],[263,2,263,11],[263,14,263,15],[264,0,264,1],[264,2,264,11],[264,12,264,19],[265,0,265,11],[265,12,265,19],[266,1,266,8],[266,10,266,11],[266,12,266,13],[266,14,266,16],[266,18,266,19],[267,1,267,8],[267,10,267,11],[267,12,267,13],[267,14,267,16],[267,18,267,19],[268,1,268,11],[268,12,268,13],[268,14,268,16],[268,18,268,19],[269,1,269,11],[269,12,269,13],[269,14,269,16],[269,18,269,19],[270,1,270,8],[270,10,270,11],[270,12,270,13],[270,14,270,16],[270,18,270,19],[271,1,271,8],[271,10,271,11],[271,12,271,13],[271,14,271,16],[271,18,271,19],[272,0,272,19],[273,0,273,10],[273,11,273,14],[273,15,273,19],[274,0,274,19],[275,0,275,10],[275,11,275,14],[275,15,275,19],[276,0,276,1],[276,2,276,3],[276,4,276,5],[276,6,276,9],[276,10,276,12],[276,13,276,15],[276,16,276,17],[276,18,276,19],[277,0,277,19],[278,4,278,11],[278,12,278,19],[279,10,279,11],[279,14,279,15],[280,10,280,11],[280,14,280,15],[281,10,281,11],[281,14,281,15],[282,0,282,1],[282,2,282,11],[282,14,282,15],[283,0,283,1],[283,2,283,11],[283,12,283,19],[284,0,284,11],[284,12,284,19],[285,1,285,8],[285,10,285,11],[285,12,285,13],[285,14,285,16],[285,18,285,19],[286,1,286,8],[286,10,286,11],[286,12,286,13],[286,14,286,16],[286,18,286,19],[287,1,287,11],[287,12,287,13],[287,14,287,16],[287,18,287,19],[288,1,288,11],[288,12,288,13],[288,14,288,16],[288,18,288,19],[289,1,289,8],[289,10,289,11],[289,12,289,13],[289,14,289,16],[289,18,289,19],[290,1,290,8],[290,10,290,11],[290,12,290,13],[290,14,290,16],[290,18,290,19],[291,1,291,8],[291,10,291,11],[291,12,291,13],[291,14,291,16],[291,18,291,19],[292,0,292,19],[293,0,293,10],[293,11,293,14],[293,15,293,19],[294,0,294,19],[295,0,295,10],[295,11,295,14],[295,15,295,19],[296,0,296,1],[296,2,296,3],[296,4,296,5],[296,6,296,9],[296,10,296,12],[296,13,296,15],[296,16,296,17],[296,18,296,19],[297,0,297,19],[298,4,298,11],[298,12,298,19],[299,10,299,11],[299,14,299,15],[300,10,300,11],[300,14,300,15],[301,0,301,1],[301,2,301,11],[301,14,301,15],[302,0,302,1],[302,2,302,11],[302,12,302,19],[303,0,303,11],[303,12,303,19],[304,1,304,8],[304,10,304,11],[304,12,304,13],[304,14,304,16],[304,18,304,19],[305,1,305,8],[305,10,305,11],[305,12,305,13],[305,14,305,16],[305,18,305,19],[306,1,306,11],[306,12,306,13],[306,14,306,16]],"merged_total":5976,"flags":["merged_cut"]}
["综合单价分析表"]
["工程名称：电气工程-新蓝天幼儿园工程建设项目-地上",{"$nulls":10},"标段：",{"$nulls":3},"第 1 页  共 78 页"]
["项目编码",null,"030404017025",null,"项目名称",null,"公共照明总箱 01F01AL.z",{"$nulls":3},"计量单位",null,null,"台",null,null,"工程量",null,1]
["清单综合单价组成明细"]
["定额编号","定额项目名称","定额\n单位","数量","单价",{"$nulls":7},"合价"]
[{"$nulls":4},"人工费","材料费","机具费","管理费","利润","规费","税金",null,"人工费","材料费","机具费",null,"管理费","利润","规费","税金"]
["C4-4-32","成套配电箱安装 悬挂式(半周长m以内) 1.5","台",1,220.56,4530.44,null,63.39,44.11,{"$nulls":3},220.56,4530.44,null,null,63.39,44.11]
["人工单价",null,"小计",{"$nulls":9},220.56,4530.44,null,null,63.39,44.11]
[null,null,"未计价材料费",{"$nulls":9},4500]
["清单项目综合单价",{"$nulls":11},4858.5]
["材\n料\n费\n明\n细","主要材料名称、规格、型号",{"$nulls":7},"单位","数量",null,"单价（元）",null,"合价（元）",null,null,"暂估单价\n（元）","暂估合价\n（元）"]
[null,"公共照明总箱 01F01AL.z 600x200x600(宽x深x高)",{"$nulls":7},"台",1,null,4500,null,4500]
[null,"其他材料费",{"$nulls":10},"-",null,30.46,null,null,"-"]
[null,"材料费小计",{"$nulls":10},"-",null,4530.46,null,null,"-"]
[]
[]
[]
[]
[]
["注：1.如不使用省级或行业建设主管部门发布的计价依据，可不填定额编码、名称等；\n    2.招标文件提供了暂估单价的材料，按暂估的单价填入表内“暂估单价”栏及“暂估合价”栏。"]
[{"$nulls":15},"表-09"]
["综合单价分析表"]
["工程名称：电气工程-新蓝天幼儿园工程建设项目-地上",{"$nulls":10},"标段：",{"$nulls":3},"第 2 页  共 78 页"]
["项目编码",null,"030404017026",null,"项目名称",null,"照明配电箱 01F01AL1",{"$nulls":3},"计量单位",null,null,"台",null,null,"工程量",null,1]
["清单综合单价组成明细"]
["定额编号","定额项目名称","定额\n单位","数量","单价",{"$nulls":7},"合价"]
[{"$nulls":4},"人工费","材料费","机具费","管理费","利润","规费","税金",null,"人工费","材料费","机具费",null,"管理费","利润","规费","税金"]
["C4-4-36","成套配电箱安装 嵌入式(半周长m以内) 1.5","台",1,176.46,3527.04,null,50.71,35.29,{"$nulls":3},176.46,3527.04,null,null,50.71,35.29]
["C4-4-192","端子板外部接线 无端子外部接线(mm2以内) 2.5","10个",3.3,20.12,23.38,null,5.78,4.02,{"$nulls":3},66.4,77.15,null,null,19.07,13.27]
["人工单价",null,"小计",{"$nulls":9},242.86,3604.19,null,null,69.78,48.56]
[null,null,"未计价材料费",{"$nulls":9},3500]
["清单项目综合单价",{"$nulls":11},3965.39]
["材\n料\n费\n明\n细","主要材料名称、规格、型号",{"$nulls":7},"单位","数量",null,"单价（元）",null,"合价（元）",null,null,"暂估单价\n（元）","暂估合价\n（元）"]
[null,"照明配电箱 01F01AL1 600x200x600(宽x深x高)",{"$nulls":7},"台",1,null,3500,null,3500]
[null,"其他材料费",{"$nulls":10},"-",null,104.19,null,null,"-"]
[null,"材料费小计",{"$nulls":10},"-",null,3604.19,null,null,"-"]
[]
[]
[]
["注：1.如不使用省级或行业建设主管部门发布的计价依据，可不填定额编码、名称等；\n    2.招标文件提供了暂估单价的材料，按暂估的单价填入表内“暂估单价”栏及“暂估合价”栏。"]
[{"$nulls":15},"表-09"]
["综合单价分析表"]
["工程名称：电气工程-新蓝天幼儿园工程建设项目-地上",{"$nulls":10},"标段：",{"$nulls":3},"第 3 页  共 78 页"]
["项目编码",null,"030404017027",null,"项目名称",null,"照明配电箱 02~3F01AL1",{"$nulls":3},"计量单位",null,null,"台",null,null,"工程量",null,2]
["清单综合单价组成明细"]
["定额编号","定额项目名称","定额\n单位","数量","单价",{"$nulls":7},"合价"]
[{"$nulls":4},"人工费","材料费","机具费","管理费","利润","规费","税金",null,"人工费","材料费","机具费",null,"管理费","利润","规费","税金"]
["C4-4-36","成套配电箱安装 嵌入式(半周长m以内) 1.5","台",1,176.46,3527.04,null,50.71,35.29,{"$nulls":3},176.46,3527.04,null,null,50.71,35.29]
["C4-4-192","端子板外部接线 无端子外部接线(mm2以内) 2.5","10个",6,20.12,23.38,null,5.78,4.02,{"$nulls":3},120.72,140.28,null,null,34.68,24.12]
["人工单价",null,"小计",{"$nulls":9},297.18,3667.32,null,null,85.39,59.41]
[null,null,"未计价材料费",{"$nulls":9},3500]
["清单项目综合单价",{"$nulls":11},4109.3]
["材\n料\n费\n明\n细","主要材料名称、规格、型号",{"$nulls":7},"单位","数量",null,"单价（元）",null,"合价（元）",null,null,"暂估单价\n（元）","暂估合价\n（元）"]
[null,"照明配电箱 02~3F01AL1 600x200x600(宽x深x高)",{"$nulls":7},"台",1,null,3500,null,3500]
[null,"其他材料费",{"$nulls":10},"-",null,167.33,null,null,"-"]
[null,"材料费小计",{"$nulls":10},"-",null,3667.33,null,null,"-"]
[]
[]
[]
["注：1.如不使用省级或行业建设主管部门发布的计价依据，可不填定额编码、名称等；\n    2.招标文件提供了暂估单价的材料，按暂估的单价填入表内“暂估单价”栏及“暂估合价”栏。"]
[{"$nulls":15},"表-09"]
["综合单价分析表"]
["工程名称：电气工程-新蓝天幼儿园工程建设项目-地上",{"$nulls":10},"标段：",{"$nulls":3},"第 4 页  共 78 页"]
["项目编码",null,"030404017028",null,"项目名称",null,"照明配电箱 04F01AL1",{"$nulls":3},"计量单位",null,null,"台",null,null,"工程量",null,1]
["清单综合单价组成明细"]
["定额编号","定额项目名称","定额\n单位","数量","单价",{"$nulls":7},"合价"]
[{"$nulls":4},"人工费","材料费","机具费","管理费","利润","规费","税金",null,"人工费","材料费","机具费",null,"管理费","利润","规费","税金"]
["C4-4-36","成套配电箱安装 嵌入式(半周长m以内) 1.5","台",1,176.46,5527.04,null,50.71,35.29,{"$nulls":3},176.46,5527.04,null,null,50.71,35.29]
["C4-4-192","端子板外部接线 无端子外部接线(mm2以内) 2.5","10个",3.6,20.12,23.38,null,5.78,4.02,{"$nulls":3},72.43,84.17,null,null,20.81,14.47]
["C4-4-183","压铜接线端子安装 导线截面(mm2以内) 16","10个",1.8,42.08,36.09,null,12.09,8.42,{"$nulls":3},75.74,64.96,null,null,21.76,15.16]
["人工单价",null,"小计",{"$nulls":9},324.63,5676.17,null,null,93.28,64.92]
[null,null,"未计价材料费",{"$nulls":9},5500]
["清单项目综合单价",{"$nulls":11},6159]
["材\n料\n费\n明\n细","主要材料名称、规格、型号",{"$nulls":7},"单位","数量",null,"单价（元）",null,"合价（元）",null,null,"暂估单价\n（元）","暂估合价\n（元）"]
[null,"照明配电箱 04F01AL1 600x200x600(宽x深x高)",{"$nulls":7},"台",1,null,5500,null,5500]
[null,"其他材料费",{"$nulls":10},"-",null,176.17,null,null,"-"]
[null,"材料费小计",{"$nulls":10},"-",null,5676.17,null,null,"-"]
["注：1.如不使用省级或行业建设主管部门发布的计价依据，可不填定额编码、名称等；\n    2.招标文件提供了暂估单价的材料，按暂估的单价填入表内“暂估单价”栏及“暂估合价”栏。"]
[{"$nulls":15},"表-09"]
["综合单价分析表"]
["工程名称：电气工程-新蓝天幼儿园工程建设项目-地上",{"$nulls":10},"标段：",{"$nulls":3},"第 5 页  共 78 页"]
["项目编码",null,"030404017029",null,"项目名称",null,"普通用电配电箱 02~03F01AL2",{"$nulls":3},"计量单位",null,null,"台",null,null,"工程量",null,2]
["清单综合单价组成明细"]
["定额编号","定额项目名称","定额\n单位","数量","单价",{"$nulls":7},"合价"]
[{"$nulls":4},"人工费","材料费","机具费","管理费","利润","规费","税金",null,"人工费","材料费","机具费",null,"管理费","利润","规费","税金"]
["C4-4-36","成套配电箱安装 嵌入式(半周长m以内) 1.5","台",1,176.46,3527.04,null,50.71,35.29,{"$nulls":3},176.46,3527.04,null,null,50.71,35.29]
["人工单价",null,"小计",{"$nulls":9},176.46,3527.04,null,null,50.71,35.29]
[null,null,"未计价材料费",{"$nulls":9},3500]
["清单项目综合单价",{"$nulls":11},3789.5]
["材\n料\n费\n明\n细","主要材料名称、规格、型号",{"$nulls":7},"单位","数量",null,"单价（元）",null,"合价（元）",null,null,"暂估单价\n（元）","暂估合价\n（元）"]
[null,"普通用电配电箱 02~03F01AL2 600x200x600(宽x深x高)",{"$nulls":7},"台",1,null,3500,null,3500]
[null,"其他材料费",{"$nulls":10},"-",null,27.04,null,null,"-"]
[null,"材料费小计",{"$nulls":10},"-",null,3527.04,null,null,"-"]
[]
[]
[]
[]
[]
["注：1.如不使用省级或行业建设主管部门发布的计价依据，可不填定额编码、名称等；\n    2.招标文件提供了暂估单价的材料，按暂估的单价填入表内“暂估单价”栏及“暂估合价”栏。"]
[{"$nulls":15},"表-09"]
["综合单价分析表"]
["工程名称：电气工程-新蓝天幼儿园工程建设项目-地上",{"$nulls":10},"标段：",{"$nulls":3},"第 6 页  共 78 页"]
["项目编码",null,"030404017030",null,"项目名称",null,"空调动力总配电箱 01F01AP.z",{"$nulls":3},"计量单位",null,null,"台",null,null,"工程量",null,1]
["清单综合单价组成明细"]
["定额编号","定额项目名称","定额\n单位","数量","单价",{"$nulls":7},"合价"]
[{"$nulls":4},"人工费","材料费","机具费","管理费","利润","规费","税金",null,"人工费","材料费","机具费",null,"管理费","利润","规费","税金"]
["C4-4-32","成套配电箱安装 悬挂式(半周长m以内) 1.5","台",1,220.56,4530.44,null,63.39,44.11,{"$nulls":3},220.56,4530.44,null,null,63.39,44.11]
["人工单价",null,"小计",{"$nulls":9},220.56,4530.44,null,null,63.39,44.11]
[null,null,"未计价材料费",{"$nulls":9},4500]
["清单项目综合单价",{"$nulls":11},4858.5]
["材\n料\n费\n明\n细","主要材料名称、规格、型号",{"$nulls":7},"单位","数量",null,"单价（元）",null,"合价（元）",null,null,"暂估单价\n（元）","暂估合价\n（元）"]
[null,"空调动力总配电箱 01F01AP.z 600x200x600(宽x深x高)",{"$nulls":7},"台",1,null,4500,null,4500]
[null,"其他材料费",{"$nulls":10},"-",null,30.46,null,null,"-"]
[null,"材料费小计",{"$nulls":10},"-",null,4530.46,null,null,"-"]
[]
[]
[]
[]
[]
["注：1.如不使用省级或行业建设主管部门发布的计价依据，可不填定额编码、名称等；\n    2.招标文件提供了暂估单价的材料，按暂估的单价填入表内“暂估单价”栏及“暂估合价”栏。"]
[{"$nulls":15},"表-09"]
["综合单价分析表"]
["工程名称：电气工程-新蓝天幼儿园工程建设项目-地上",{"$nulls":10},"标段：",{"$nulls":3},"第 7 页  共 78 页"]
["项目编码",null,"030404017031",null,"项目名称",null,"普通动力配电箱 01F01AP1",{"$nulls":3},"计量单位",null,null,"台",null,null,"工程量",null,1]
["清单综合单价组成明细"]
["定额编号","定额项目名称","定额\n单位","数量","单价",{"$nulls":7},"合价"]
[{"$nulls":4},"人工费","材料费","机具费","管理费","利润","规费","税金",null,"人工费","材料费","机具费",null,"管理费","利润","规费","税金"]
["C4-4-32","成套配电箱安装 悬挂式(半周长m以内) 1.5","台",1,220.56,2530.44,null,63.39,44.11,{"$nulls":3},220.56,2530.44,null,null,63.39,44.11]
["C4-4-192","端子板外部接线 无端子外部接线(mm2以内) 2.5","10个",1.2,20.12,23.38,null,5.78,4.02,{"$nulls":3},24.14,28.06,null,null,6.94,4.82]
["C4-4-194","端子板外部接线 有端子外部接线(mm2以内) 2.5","10个",2.5,30.66,36.14,null,8.81,6.13,{"$nulls":3},76.65,90.35,null,null,22.03,15.33]
["人工单价",null,"小计",{"$nulls":9},321.35,2648.85,null,null,92.36,64.26]
[null,null,"未计价材料费",{"$nulls":9},2500]
["清单项目综合单价",{"$nulls":11},3126.81]
["材\n料\n费\n明\n细","主要材料名称、规格、型号",{"$nulls":7},"单位","数量",null,"单价（元）",null,"合价（元）",null,null,"暂估单价\n（元）","暂估合价\n（元）"]
[null,"普通动力配电箱 01F01AP1 600x200x600(宽x深x高)",{"$nulls":7},"台",1,null,2500,null,2500]
[null,"其他材料费",{"$nulls":10},"-",null,148.88,null,null,"-"]
[null,"材料费小计",{"$nulls":10},"-",null,2648.88,null,null,"-"]
["注：1.如不使用省级或行业建设主管部门发布的计价依据，可不填定额编码、名称等；\n    2.招标文件提供了暂估单价的材料，按暂估的单价填入表内“暂估单价”栏及“暂估合价”栏。"]
[{"$nulls":15},"表-09"]
["综合单价分析表"]
["工程名称：电气工程-新蓝天幼儿园工程建设项目-地上",{"$nulls":10},"标段：",{"$nulls":3},"第 8 页  共 78 页"]
["项目编码",null,"030404017032",null,"项目名称",null,"普通动力配电箱 02~03F01AP1",{"$nulls":3},"计量单位",null,null,"台",null,null,"工程量",null,2]
["清单综合单价组成明细"]
["定额编号","定额项目名称","定额\n单位","数量","单价",{"$nulls":7},"合价"]
[{"$nulls":4},"人工费","材料费","机具费","管理费","利润","规费","税金",null,"人工费","材料费","机具费",null,"管理费","利润","规费","税金"]
["C4-4-36","成套配电箱安装 嵌入式(半周长m以内) 1.5",null,1,176.46,2527.04,null,50.71,35.29,{"$nulls":3},176.46,2527.04,null,null,50.71,35.29]
["C4-4-192","端子板外部接线 无端子外部接线(mm2以内) 2.5","10个",0.9,20.12,23.38,null,5.78,4.02,{"$nulls":3},18.11,21.04,null,null,5.2,3.62]
["C4-4-194","端子板外部接线 有端子外部接线(mm2以内) 2.5","10个",6,30.66,36.14,null,8.81,6.13,{"$nulls":3},183.96,216.84,null,null,52.86,36.78]
["人工单价",null,"小计",{"$nulls":9},378.53,2764.92,null,null,108.77,75.69]
[null,null,"未计价材料费",{"$nulls":9},2500]
["清单项目综合单价",{"$nulls":11},3327.91]
["材\n料\n费\n明\n细","主要材料名称、规格、型号",{"$nulls":7},"单位","数量",null,"单价（元）",null,"合价（元）",null,null,"暂估单价\n（元）","暂估合价\n（元）"]
[null,"普通动力配电箱 02~03F01AP1 600x200x600(宽x深x高)",{"$nulls":7},"台",1,null,2500,null,2500]
[null,"其他材料费",{"$nulls":10},"-",null,264.91,null,null,"-"]
[null,"材料费小计",{"$nulls":10},"-",null,2764.91,null,null,"-"]
["注：1.如不使用省级或行业建设主管部门发布的计价依据，可不填定额编码、名称等；\n    2.招标文件提供了暂估单价的材料，按暂估的单价填入表内“暂估单价”栏及“暂估合价”栏。"]
[{"$nulls":15},"表-09"]
["综合单价分析表"]
["工程名称：电气工程-新蓝天幼儿园工程建设项目-地上",{"$nulls":10},"标段：",{"$nulls":3},"第 9 页  共 78 页"]
["项目编码",null,"030404017033",null,"项目名称",null,"普通动力配电箱 04F01AP1",{"$nulls":3},"计量单位",null,null,"台",null,null,"工程量",null,1]
["清单综合单价组成明细"]
["定额编号","定额项目名称","定额\n单位","数量","单价",{"$nulls":7},"合价"]
[{"$nulls":4},"人工费","材料费","机具费","管理费","利润","规费","税金",null,"人工费","材料费","机具费",null,"管理费","利润","规费","税金"]
["C4-4-32","成套配电箱安装 悬挂式(半周长m以内) 1.5","台",1,220.56,2530.44,null,63.39,44.11,{"$nulls":3},220.56,2530.44,null,null,63.39,44.11]
["C4-4-192","端子板外部接线 无端子外部接线(mm2以内) 2.5","10个",0.6,20.12,23.38,null,5.78,4.02,{"$nulls":3},12.07,14.03,null,null,3.47,2.41]
["C4-4-194","端子板外部接线 有端子外部接线(mm2以内) 2.5","10个",8,30.66,36.14,null,8.81,6.13,{"$nulls":3},245.28,289.12,null,null,70.48,49.04]
["人工单价",null,"小计",{"$nulls":9},477.91,2833.59,null,null,137.34,95.56]
[null,null,"未计价材料费",{"$nulls":9},2500]
["清单项目综合单价",{"$nulls":11},3544.4]
["材\n料\n费\n明\n细","主要材料名称、规格、型号",{"$nulls":7},"单位","数量",null,"单价（元）",null,"合价（元）",null,null,"暂估单价\n（元）","暂估合价\n（元）"]
[null,"普通动力配电箱 04F01AP1 600x200x600(宽x深x高)",{"$nulls":7},"台",1,null,2500,null,2500]
[null,"其他材料费",{"$nulls":10},"-",null,333.59,null,null,"-"]
[null,"材料费小计",{"$nulls":10},"-",null,2833.59,null,null,"-"]
["注：1.如不使用省级或行业建设主管部门发布的计价依据，可不填定额编码、名称等；\n    2.招标文件提供了暂估单价的材料，按暂估的单价填入表内“暂估单价”栏及“暂估合价”栏。"]
[{"$nulls":15},"表-09"]
["综合单价分析表"]
["工程名称：电气工程-新蓝天幼儿园工程建设项目-地上",{"$nulls":10},"标段：",{"$nulls":3},"第 10 页  共 78 页"]
["项目编码",null,"030404017034",null,"项目名称",null,"客梯电源箱 05F01AT.dt1",{"$nulls":3},"计量单位",null,null,"台",null,null,"工程量",null,1]
["清单综合单价组成明细"]
["定额编号","定额项目名称","定额\n单位","数量","单价",{"$nulls":7},"合价"]
[{"$nulls":4},"人工费","材料费","机具费","管理费","利润","规费","税金",null,"人工费","材料费","机具费",null,"管理费","利润","规费","税金"]
["C4-4-32","成套配电箱安装 悬挂式(半周长m以内) 1.5","台",1,220.56,4530.44,null,63.39,44.11,{"$nulls":3},220.56,4530.44,null,null,63.39,44.11]
["C4-4-192","端子板外部接线 无端子外部接线(mm2以内) 2.5","10个",1.5,20.12,23.38,null,5.78,4.02,{"$nulls":3},30.18,35.07,null,null,8.67,6.03]
["人工单价",null,"小计",{"$nulls":9},250.74,4565.51,null,null,72.06,50.14]
[null,null,"未计价材料费",{"$nulls":9},4500]
["清单项目综合单价",{"$nulls":11},4938.45]
["材\n料\n费\n明\n细","主要材料名称、规格、型号",{"$nulls":7},"单位","数量",null,"单价（元）",null,"合价（元）",null,null,"暂估单价\n（元）","暂估合价\n（元）"]
[null,"客梯电源箱 05F01AT.dt1 600x200x600(宽x深x高)",{"$nulls":7},"台",1,null,4500,null,4500]
[null,"其他材料费",{"$nulls":10},"-",null,65.53,null,null,"-"]
[null,"材料费小计",{"$nulls":10},"-",null,4565.53,null,null,"-"]
[]
[]
[]
["注：1.如不使用省级或行业建设主管部门发布的计价依据，可不填定额编码、名称等；\n    2.招标文件提供了暂估单价的材料，按暂估的单价填入表内“暂估单价”栏及“暂估合价”栏。"]
[{"$nulls":15},"表-09"]
["综合单价分析表"]
["工程名称：电气工程-新蓝天幼儿园工程建设项目-地上",{"$nulls":10},"标段：",{"$nulls":3},"第 11 页  共 78 页"]
["项目编码",null,"030404017035",null,"项目名称",null,"厨房用电 01F01AP.cf",{"$nulls":3},"计量单位",null,null,"台",null,null,"工程量",null,1]
["清单综合单价组成明细"]
["定额编号","定额项目名称","定额\n单位","数量","单价",{"$nulls":7},"合价"]
[{"$nulls":4},"人工费","材料费","机具费","管理费","利润","规费","税金",null,"人工费","材料费","机具费",null,"管理费","利润","规费","税金"]
["C4-4-32","成套配电箱安装 悬挂式(半周长m以内) 1.5","台",1,220.56,5330.44,null,63.39,44.11,{"$nulls":3},220.56,5330.44,null,null,63.39,44.11]
["人工单价",null,"小计",{"$nulls":9},220.56,5330.44,null,null,63.39,44.11]
[null,null,"未计价材料费",{"$nulls":9},5300]
["清单项目综合单价",{"$nulls":11},5658.5]
["材\n料\n费\n明\n细","主要材料名称、规格、型号",{"$nulls":7},"单位","数量",null,"单价（元）",null,"合价（元）",null,null,"暂估单价\n（元）","暂估合价\n（元）"]
[null,"厨房用电 01F01AP.cf 600x200x600(宽x深x高)",{"$nulls":7},"台",1,null,5300,null,5300]
[null,"其他材料费",{"$nulls":10},"-",null,30.46,null,null,"-"]
[null,"材料费小计",{"$nulls":10},"-",null,5330.46,null,null,"-"]
[]
[]
[]
[]
[]
["注：1.如不使用省级或行业建设主管部门发布的计价依据，可不填定额编码、名称等；\n    2.招标文件提供了暂估单价的材料，按暂估的单价填入表内“暂估单价”栏及“暂估合价”栏。"]
[{"$nulls":15},"表-09"]
["综合单价分析表"]
["工程名称：电气工程-新蓝天幼儿园工程建设项目-地上",{"$nulls":10},"标段：",{"$nulls":3},"第 12 页  共 78 页"]
["项目编码",null,"030404017036",null,"项目名称",null,"消防兼安防控制室消防用电 01F01APE.xf",{"$nulls":3},"计量单位",null,null,"台",null,null,"工程量",null,1]
["清单综合单价组成明细"]
["定额编号","定额项目名称","定额\n单位","数量","单价",{"$nulls":7},"合价"]
[{"$nulls":4},"人工费","材料费","机具费","管理费","利润","规费","税金",null,"人工费","材料费","机具费",null,"管理费","利润","规费","税金"]
["C4-4-32","成套配电箱安装 悬挂式(半周长m以内) 1.5","台",1,220.56,4530.44,null,63.39,44.11,{"$nulls":3},220.56,4530.44,null,null,63.39,44.11]
["C4-4-192","端子板外部接线 无端子外部接线(mm2以内) 2.5","10个",0.3,20.12,23.38,null,5.78,4.02,{"$nulls":3},6.04,7.01,null,null,1.73,1.21]
["人工单价",null,"小计",{"$nulls":9},226.6,4537.45,null,null,65.12,45.32]
[null,null,"未计价材料费",{"$nulls":9},4500]
["清单项目综合单价",{"$nulls":11},4874.49]
["材\n料\n费\n明\n细","主要材料名称、规格、型号",{"$nulls":7},"单位","数量",null,"单价（元）",null,"合价（元）",null,null,"暂估单价\n（元）","暂估合价\n（元）"]
[null,"消防兼安防控制室消防用电 01F01APE.xf 600x200x600(宽x深x高)",{"$nulls":7},"台",1,null,4500,null,4500]
[null,"其他材料费",{"$nulls":10},"-",null,37.46,null,null,"-"]
[null,"材料费小计",{"$nulls":10},"-",null,4537.46,null,null,"-"]
[]
[]
["注：1.如不使用省级或行业建设主管部门发布的计价依据，可不填定额编码、名称等；\n    2.招标文件提供了暂估单价的材料，按暂估的单价填入表内“暂估单价”栏及“暂估合价”栏。"]
[{"$nulls":15},"表-09"]
["综合单价分析表"]
["工程名称：电气工程-新蓝天幼儿园工程建设项目-地上",{"$nulls":10},"标段：",{"$nulls":3},"第 13 页  共 78 页"]
["项目编码",null,"030404017037",null,"项目名称",null,"变电所用电 01F01APE.bds",{"$nulls":3},"计量单位",null,null,"台",null,null,"工程量",null,1]
["清单综合单价组成明细"]
["定额编号","定额项目名称","定额\n单位","数量","单价",{"$nulls":7},"合价"]
[{"$nulls":4},"人工费","材料费","机具费","管理费","利润","规费","税金",null,"人工费","材料费","机具费",null,"管理费","利润","规费","税金"]
["C4-4-32","成套配电箱安装 悬挂式(半周长m以内) 1.5","台",1,220.56,4330.44,null,63.39,44.11,{"$nulls":3},220.56,4330.44,null,null,63.39,44.11]
["C4-4-192","端子板外部接线 无端子外部接线(mm2以内) 2.5","10个",0.6,20.12,23.38,null,5.78,4.02,{"$nulls":3},12.07,14.03,null,null,3.47,2.41]
["人工单价",null,"小计",{"$nulls":9},232.63,4344.47,null,null,66.86,46.52]
[null,null,"未计价材料费",{"$nulls":9},4300]
["清单项目综合单价",{"$nulls":11},4690.48]
["材\n料\n费\n明\n细","主要材料名称、规格、型号",{"$nulls":7},"单位","数量",null,"单价（元）",null,"合价（元）",null,null,"暂估单价\n（元）","暂估合价\n（元）"]
[null,"变电所用电 01F01APE.bds 600x200x600(宽x深x高)",{"$nulls":7},"台",1,null,4300,null,4300]
[null,"其他材料费",{"$nulls":10},"-",null,44.48,null,null,"-"]
[null,"材料费小计",{"$nulls":10},"-",null,4344.48,null,null,"-"]
[]
[]
[]
["注：1.如不使用省级或行业建设主管部门发布的计价依据，可不填定额编码、名称等；\n    2.招标文件提供了暂估单价的材料，按暂估的单价填入表内“暂估单价”栏及“暂估合价”栏。"]
[{"$nulls":15},"表-09"]
["综合单价分析表"]
["工程名称：电气工程-新蓝天幼儿园工程建设项目-地上",{"$nulls":10},"标段：",{"$nulls":3},"第 14 页  共 78 页"]
["项目编码",null,"030404017038",null,"项目名称",null,"洗衣机间照明配电箱 01F01AL2",{"$nulls":3},"计量单位",null,null,"台",null,null,"工程量",null,1]
["清单综合单价组成明细"]
["定额编号","定额项目名称","定额\n单位","数量","单价",{"$nulls":7},"合价"]
[{"$nulls":4},"人工费","材料费","机具费","管理费","利润","规费","税金",null,"人工费","材料费","机具费",null,"管理费","利润","规费","税金"]
["C4-4-36","成套配电箱安装 嵌入式(半周长m以内) 1.5","台",1,176.46,13027.04,null,50.71,35.29,{"$nulls":3},176.46,13027.04,null,null,50.71,35.29]
["C4-4-192","端子板外部接线 无端子外部接线(mm2以内) 2.5","10个",0.6,20.12,23.38,null,5.78,4.02,{"$nulls":3},12.07,14.03,null,null,3.47,2.41]
["人工单价",null,"小计",{"$nulls":9},188.53,13041.07,null,null,54.18,37.7]
[null,null,"未计价材料费",{"$nulls":9},13000]
["清单项目综合单价",{"$nulls":11},13321.48]
["材\n料\n费\n明\n细","主要材料名称、规格、型号",{"$nulls":7},"单位","数量",null,"单价（元）",null,"合价（元）",null,null,"暂估单价\n（元）","暂估合价\n（元）"]
[null,"洗衣机间照明配电箱 01F01AL2 600x200x600(宽x深x高)",{"$nulls":7},"台",1,null,13000,null,13000]
[null,"其他材料费",{"$nulls":10},"-",null,41.06,null,null,"-"]
[null,"材料费小计",{"$nulls":10},"-",null,13041.06,null,null,"-"]
[]
[]
["注：1.如不使用省级或行业建设主管部门发布的计价依据，可不填定额编码、名称等；\n    2.招标文件提供了暂估单价的材料，按暂估的单价填入表内“暂估单价”栏及“暂估合价”栏。"]
[{"$nulls":15},"表-09"]
["综合单价分析表"]
["工程名称：电气工程-新蓝天幼儿园工程建设项目-地上",{"$nulls":10},"标段：",{"$nulls":3},"第 15 页  共 78 页"]
["项目编码",null,"030404017039",null,"项目名称",null,"保安室安防用电 01F01AT.af",{"$nulls":3},"计量单位",null,null,"台",null,null,"工程量",null,1]
["清单综合单价组成明细"]
["定额编号","定额项目名称","定额\n单位","数量","单价",{"$nulls":7},"合价"]
[{"$nulls":4},"人工费","材料费","机具费","管理费","利润","规费","税金",null,"人工费","材料费","机具费",null,"管理费","利润","规费","税金"]
["C4-4-36","成套配电箱安装 嵌入式(半周长m以内) 1.5","台",1,176.46,4527.04,null,50.71,35.29,{"$nulls":3},176.46,4527.04,null,null,50.71,35.29]
["C4-4-192","端子板外部接线 无端子外部接线(mm2以内) 2.5","10个",0.6,20.12,23.38,null,5.78,4.02,{"$nulls":3},12.07,14.03,null,null,3.47,2.41]
["人工单价",null,"小计",{"$nulls":9},188.53,4541.07,null,null,54.18,37.7]
[null,null,"未计价材料费",{"$nulls":9},4500]
["清单项目综合单价",{"$nulls":11},4821.48]
["材\n料\n费\n明\n细","主要材料名称、规格、型号",{"$nulls":7},"单位","数量",null,"单价（元）",null,"合价（元）",null,null,"暂估单价\n（元）","暂估合价\n（元）"]
[null,"保安室安防用电 01F01AT.af 600x200x600(宽x深x高)",{"$nulls":7},"台",1,null,4500,null,4500]
[null,"其他材料费",{"$nulls":10},"-",null,41.06,null,null,"-"]
[null,"材料费小计",{"$nulls":10},"-",null,4541.06,null,null,"-"]
[]
[]
[]
["注：1.如不使用省级或行业建设主管部门发布的计价依据，可不填定额编码、名称等；\n    2.招标文件提供了暂估单价的材料，按暂估的单价填入表内“暂估单价”栏及“暂估合价”栏。"]
[{"$nulls":15},"表-09"]
["综合单价分析表"]
["工程名称：电气工程-新蓝天幼儿园工程建设项目-地上",{"$nulls":10},"标段：",{"$nulls":3},"第 16 页  共 78 页"]
["项目编码",null,"030404017040",null,"项目名称",null,"应急照明配电箱 01F01ALE1",{"$nulls":3},"计量单位",null,null,"台",null,null,"工程量",null,1]
["清单综合单价组成明细"]
["定额编号","定额项目名称","定额\n单位","数量","单价",{"$nulls":7},"合价"]
[{"$nulls":4},"人工费","材料费","机具费","管理费","利润","规费","税金",null,"人工费","材料费","机具费",null,"管理费","利润","规费","税金"]
["C4-4-32","成套配电箱安装 悬挂式(半周长m以内) 1.5","台",1,220.56,6530.44,null,63.39,44.11,{"$nulls":3},220.56,6530.44,null,null,63.39,44.11]
["人工单价",null,"小计",{"$nulls":9},220.56,6530.44,null,null,63.39,44.11]
[null,null,"未计价材料费",{"$nulls":9},6500]
["清单项目综合单价",{"$nulls":11},6858.5]
["材\n料\n费\n明\n细","主要材料名称、规格、型号",{"$nulls":7},"单位","数量",null,"单价（元）",null,"合价（元）",null,null,"暂估单价\n（元）","暂估合价\n（元）"]
[null,"应急照明配电箱 01F01ALE1 ",{"$nulls":7},"台",1,null,6500,null,6500]
[null,"其他材料费",{"$nulls":10},"-",null,30.46,null,null,"-"]
[null,"材料费小计",{"$nulls":10},"-",null,6530.46,null,null,"-"]
[]
[]
[]
[]
[]
["注：1.如不使用省级或行业建设主管部门发布的计价依据，可不填定额编码、名称等；\n    2.招标文件提供了暂估单价的材料，按暂估的单价填入表内“暂估单价”栏及“暂估合价”栏。"]
[{"$nulls":15},"表-09"]
["综合单价分析表"]
["工程名称：电气工程-新蓝天幼儿园工程建设项目-地上",{"$nulls":10},"标段：",{"$nulls":3},"第 17 页  共 78 页"]
["项目编码",null,"030404017041",null,"项目名称",null,"A型应急照明集中电源 01F01ALE1.c1",{"$nulls":3},"计量单位",null,null,"台",null,null,"工程量",null,1]
["清单综合单价组成明细"]
["定额编号","定额项目名称","定额\n单位","数量","单价",{"$nulls":7},"合价"]
[{"$nulls":4},"人工费","材料费","机具费","管理费","利润","规费","税金",null,"人工费","材料费","机具费",null,"管理费","利润","规费","税金"]
["C4-4-32","成套配电箱安装 悬挂式(半周长m以内) 1.5","台",1,220.56,5530.44,null,63.39,44.11,{"$nulls":3},220.56,5530.44,null,null,63.39,44.11]
["人工单价",null,"小计",{"$nulls":9},220.56,5530.44,null,null,63.39,44.11]
[null,null,"未计价材料费",{"$nulls":9},5500]
["清单项目综合单价",{"$nulls":11},5858.5]
["材\n料\n费\n明\n细","主要材料名称、规格、型号",{"$nulls":7},"单位","数量",null,"单价（元）",null,"合价（元）",null,null,"暂估单价\n（元）","暂估合价\n（元）"]
[null,"A型应急照明集中电源 01F01ALE1.c1 500x690x220",{"$nulls":7},"台",1,null,5500,null,5500]
[null,"其他材料费",{"$nulls":10},"-",null,30.46,null,null,"-"]
[null,"材料费小计",{"$nulls":10},"-",null,5530.46,null,null,"-"]
[]
[]
[]
[]
[]
["注：1.如不使用省级或行业建设主管部门发布的计价依据，可不填定额编码、名称等；\n    2.招标文件提供了暂估单价的材料，按暂估的单价填入表内“暂估单价”栏及“暂估合价”栏。"]
[{"$nulls":15},"表-09"]
["综合单价分析表"]
["工程名称：电气工程-新蓝天幼儿园工程建设项目-地上",{"$nulls":10},"标段：",{"$nulls":3},"第 18 页  共 78 页"]
["项目编码",null,"030404017042",null,"项目名称",null,"A型应急照明集中电源 03F01ALE1.c1",{"$nulls":3},"计量单位",null,null,"台",null,null,"工程量",null,1]
["清单综合单价组成明细"]
["定额编号","定额项目名称","定额\n单位","数量","单价",{"$nulls":7},"合价"]
[{"$nulls":4},"人工费","材料费","机具费","管理费","利润","规费","税金",null,"人工费","材料费","机具费",null,"管理费","利润","规费","税金"]
["C4-4-32","成套配电箱安装 悬挂式(半周长m以内) 1.5","台",1,220.56,5530.44,null,63.39,44.11,{"$nulls":3},220.56,5530.44,null,null,63.39,44.11]
["人工单价",null,"小计",{"$nulls":9},220.56,5530.44,null,null,63.39,44.11]
[null,null,"未计价材料费",{"$nulls":9},5500]
["清单项目综合单价",{"$nulls":11},5858.5]
["材\n料\n费\n明\n细","主要材料名称、规格、型号",{"$nulls":7},"单位","数量",null,"单价（元）",null,"合价（元）",null,null,"暂估单价\n（元）","暂估合价\n（元）"]
[null,"A型应急照明集中电源 03F01ALE1.c1 500x690x220",{"$nulls":7},"台",1,null,5500,null,5500]
[null,"其他材料费",{"$nulls":10},"-",null,30.46,null,null,"-"]
[null,"材料费小计",{"$nulls":10},"-",null,5530.46,null,null,"-"]
[]
[]
[]
[]
[]
["注：1.如不使用省级或行业建设主管部门发布的计价依据，可不填定额编码、名称等；\n    2.招标文件提供了暂估单价的材料，按暂估的单价填入表内“暂估单价”栏及“暂估合价”栏。"]
[{"$nulls":15},"表-09"]
["综合单价分析表"]
["工程名称：电气工程-新蓝天幼儿园工程建设项目-地上",{"$nulls":10},"标段：",{"$nulls":3},"第 19 页  共 78 页"]
["项目编码",null,"030404017044",null,"项目名称",null,"防火卷帘门控制箱 01F01AC.fjm",{"$nulls":3},"计量单位",null,null,"台",null,null,"工程量",null,1]
["清单综合单价组成明细"]
["定额编号","定额项目名称","定额\n单位","数量","单价",{"$nulls":7},"合价"]
[{"$nulls":4},"人工费","材料费","机具费","管理费","利润","规费","税金",null,"人工费","材料费","机具费",null,"管理费","利润","规费","税金"]
["C4-4-31","成套配电箱安装 悬挂式(半周长m以内) 1","台",1,172.7,1078.95,null,49.63,34.54,{"$nulls":3},172.7,1078.95,null,null,49.63,34.54]
["人工单价",null,"小计",{"$nulls":9},172.7,1078.95,null,null,49.63,34.54]
[null,null,"未计价材料费",{"$nulls":9},1050.52]
["清单项目综合单价",{"$nulls":11},1335.82]
["材\n料\n费\n明\n细","主要材料名称、规格、型号",{"$nulls":7},"单位","数量",null,"单价（元）",null,"合价（元）",null,null,"暂估单价\n（元）","暂估合价\n（元）"]
[null,"防火卷帘门控制箱 01F01AC.fjm ",{"$nulls":7},"台",1,null,1050.52,null,1050.52]
[null,"其他材料费",{"$nulls":10},"-",null,28.45,null,null,"-"]
[null,"材料费小计",{"$nulls":10},"-",null,1078.97,null,null,"-"]
[]
[]
[]
[]
[]
[]
["注：1.如不使用省级或行业建设主管部门发布的计价依据，可不填定额编码、名称等；\n    2.招标文件提供了暂估单价的材料，按暂估的单价填入表内“暂估单价”栏及“暂估合价”栏。"]
[{"$nulls":15},"表-09"]
["综合单价分析表"]
["工程名称：电气工程-新蓝天幼儿园工程建设项目-地上",{"$nulls":10},"标段：",{"$nulls":3},"第 20 页  共 78 页"]
["项目编码",null,"030404017043",null,"项目名称",null,"电缆T接箱",{"$nulls":3},"计量单位",null,null,"台",null,null,"工程量",null,4]
["清单综合单价组成明细"]
["定额编号","定额项目名称","定额\n单位","数量","单价",{"$nulls":7},"合价"]
[{"$nulls":4},"人工费","材料费","机具费","管理费","利润","规费","税金",null,"人工费","材料费","机具费",null,"管理费","利润","规费","税金"]
["C4-8-233","电缆T接箱安装 悬挂式(半周长mm以内) 1500","10个",0.1,1174.89,4556.41,null,337.66,234.98,{"$nulls":3},117.49,455.64,null,null,33.77,23.5]
["人工单价",null,"小计",{"$nulls":9},117.49,455.64,null,null,33.77,23.5]
[null,null,"未计价材料费",{"$nulls":9},453.61]
["清单项目综合单价",{"$nulls":11},630.39]
["材\n料\n费\n明\n细","主要材料名称、规格、型号",{"$nulls":7},"单位","数量",null,"单价（元）",null,"合价（元）",null,null,"暂估单价\n（元）","暂估合价\n（元）"]
[null,"电缆T接箱 ",{"$nulls":7},"个",1,null,453.61,null,453.61]
[null,"其他材料费",{"$nulls":10},"-",null,2.04,null,null,"-"]
[null,"材料费小计",{"$nulls":10},"-",null,455.65,null,null,"-"]
[]
[]
[]
[]
[]
[]
["注：1.如不使用省级或行业建设主管部门发布的计价依据，可不填定额编码、名称等；\n    2.招标文件提供了暂估单价的材料，按暂估的单价填入表内“暂估单价”栏及“暂估合价”栏。"]
[{"$nulls":15},"表-09"]
["综合单价分析表"]
["工程名称：电气工程-新蓝天幼儿园工程建设项目-地上",{"$nulls":10},"标段：",{"$nulls":3},"第 21 页  共 78 页"]
["项目编码",null,"030411003008",null,"项目名称",null,"电缆桥架 CT100x50",{"$nulls":3},"计量单位",null,null,"m",null,null,"工程量",null,19.23]
["清单综合单价组成明细"]
["定额编号","定额项目名称","定额\n单位","数量","单价",{"$nulls":7},"合价"]
[{"$nulls":4},"人工费","材料费","机具费","管理费","利润","规费","税金",null,"人工费","材料费","机具费",null,"管理费","利润","规费","税金"]
["C4-11-171","钢制托盘式桥架安装(宽+高mm以下) 150","10m",0.1,172.45,344.2,6.32,51.38,35.75,{"$nulls":3},17.25,34.42,0.63,null,5.14,3.58]
["人工单价",null,"小计",{"$nulls":9},17.25,34.42,0.63,null,5.14,3.58]
[null,null,"未计价材料费",{"$nulls":9},32.54]
["清单项目综合单价",{"$nulls":11},61.01]
["材\n料\n费\n明\n细","主要材料名称、规格、型号",{"$nulls":7},"单位","数量",null,"单价（元）",null,"合价（元）",null,null,"暂估单价\n（元）","暂估合价\n（元）"]
[null,"钢制桥架 CT100x50",{"$nulls":7},"m",1.05,null,30.99,null,32.54]
[null,"其他材料费",{"$nulls":10},"-",null,1.88,null,null,"-"]
[null,"材料费小计",{"$nulls":10},"-",null,34.42,null,null,"-"]
[]
[]
[]
[]
[]
[]
["注：1.如不使用省级或行业建设主管部门发布的计价依据，可不填定额编码、名称等；\n    2.招标文件提供了暂估单价的材料，按暂估的单价填入表内“暂估单价”栏及“暂估合价”栏。"]
[{"$nulls":15},"表-09"]
["综合单价分析表"]
["工程名称：电气工程-新蓝天幼儿园工程建设项目-地上",{"$nulls":10},"标段：",{"$nulls":3},"第 22 页  共 78 页"]
["项目编码",null,"030411003005",null,"项目名称",null,"电缆桥架 CT200x100",{"$nulls":3},"计量单位",null,null,"m",null,null,"工程量",null,348.2]
["清单综合单价组成明细"]
["定额编号","定额项目名称","定额\n单位","数量","单价",{"$nulls":7},"合价"]
[{"$nulls":4},"人工费","材料费","机具费","管理费","利润","规费","税金",null,"人工费","材料费","机具费",null,"管理费","利润","规费","税金"]
["C4-11-172","钢制托盘式桥架安装(宽+高mm以下) 400","10m",0.1,284.55,656.13,12.74,85.44,59.46,{"$nulls":3},28.46,65.61,1.27,null,8.54,5.95]
["人工单价",null,"小计",{"$nulls":9},28.46,65.61,1.27,null,8.54,5.95]
[null,null,"未计价材料费",{"$nulls":9},63.71]
["清单项目综合单价",{"$nulls":11},109.83]
["材\n料\n费\n明\n细","主要材料名称、规格、型号",{"$nulls":7},"单位","数量",null,"单价（元）",null,"合价（元）",null,null,"暂估单价\n（元）","暂估合价\n（元）"]
[null,"钢制桥架 CT200x100",{"$nulls":7},"m",1.05,null,60.68,null,63.71]
[null,"其他材料费",{"$nulls":10},"-",null,1.9,null,null,"-"]
[null,"材料费小计",{"$nulls":10},"-",null,65.61,null,null,"-"]
[]
[]
[]
[]
[]
[]
["注：1.如不使用省级或行业建设主管部门发布的计价依据，可不填定额编码、名称等；\n    2.招标文件提供了暂估单价的材料，按暂估的单价填入表内“暂估单价”栏及“暂估合价”栏。"]
[{"$nulls":15},"表-09"]
["综合单价分析表"]
["工程名称：电气工程-新蓝天幼儿园工程建设项目-地上",{"$nulls":10},"标段：",{"$nulls":3},"第 23 页  共 78 页"]
["项目编码",null,"030411003006",null,"项目名称",null,"电缆桥架 CT300x150",{"$nulls":3},"计量单位",null,null,"m",null,null,"工程量",null,11.95]
["清单综合单价组成明细"]
["定额编号","定额项目名称","定额\n单位","数量","单价",{"$nulls":7},"合价"]
[{"$nulls":4},"人工费","材料费","机具费","管理费","利润","规费","税金",null,"人工费","材料费","机具费",null,"管理费","利润","规费","税金"]
["C4-11-173","钢制托盘式桥架安装(宽+高mm以下) 600","10m",0.1,453.4,1142.75,24.31,137.29,95.54,{"$nulls":3},45.34,114.28,2.43,null,13.73,9.55]
["人工单价",null,"小计",{"$nulls":9},45.34,114.28,2.43,null,13.73,9.55]
[null,null,"未计价材料费",{"$nulls":9},112.3]
["清单项目综合单价",{"$nulls":11},185.33]
["材\n料\n费\n明\n细","主要材料名称、规格、型号",{"$nulls":7},"单位","数量",null,"单价（元）",null,"合价（元）",null,null,"暂估单价\n（元）","暂估合价\n（元）"]
[null,"钢制桥架 CT300x150",{"$nulls":7},"m",1.05,null,106.95,null,112.3]
[null,"其他材料费",{"$nulls":10},"-",null,1.97,null,null,"-"]
[null,"材料费小计",{"$nulls":10},"-",null,114.27,null,null,"-"]
[]
[]
[]
[]
[]
[]
["注：1.如不使用省级或行业建设主管部门发布的计价依据，可不填定额编码、名称等；\n    2.招标文件提供了暂估单价的材料，按暂估的单价填入表内“暂估单价”栏及“暂估合价”栏。"]
[{"$nulls":15},"表-09"]
["综合单价分析表"]
["工程名称：电气工程-新蓝天幼儿园工程建设项目-地上",{"$nulls":10},"标段：",{"$nulls":3},"第 24 页  共 78 页"]
["项目编码",null,"030411003007",null,"项目名称",null,"电缆桥架 CT400x150",{"$nulls":3},"计量单位",null,null,"m",null,null,"工程量",null,44.32]
["清单综合单价组成明细"]
["定额编号","定额项目名称","定额\n单位","数量","单价",{"$nulls":7},"合价"]
[{"$nulls":4},"人工费","材料费","机具费","管理费","利润","规费","税金",null,"人工费","材料费","机具费",null,"管理费","利润","规费","税金"]
["C4-11-173","钢制托盘式桥架安装(宽+高mm以下) 600","10m",0.1,453.4,1682.34,24.31,137.29,95.54,{"$nulls":3},45.34,168.23,2.43,null,13.73,9.55]
["人工单价",null,"小计",{"$nulls":9},45.34,168.23,2.43,null,13.73,9.55]
[null,null,"未计价材料费",{"$nulls":9},166.26]
["清单项目综合单价",{"$nulls":11},239.29]
["材\n料\n费\n明\n细","主要材料名称、规格、型号",{"$nulls":7},"单位","数量",null,"单价（元）",null,"合价（元）",null,null,"暂估单价\n（元）","暂估合价\n（元）"]
[null,"钢制桥架 CT400x150",{"$nulls":7},"m",1.05,null,158.34,null,166.26]
[null,"其他材料费",{"$nulls":10},"-",null,1.97,null,null,"-"]
[null,"材料费小计",{"$nulls":10},"-",null,168.23,null,null,"-"]
[]
[]
[]
[]
[]
[]
["注：1.如不使用省级或行业建设主管部门发布的计价依据，可不填定额编码、名称等；\n    2.招标文件提供了暂估单价的材料，按暂估的单价填入表内“暂估单价”栏及“暂估合价”栏。"]
[{"$nulls":15},"表-09"]
["综合单价分析表"]
["工程名称：电气工程-新蓝天幼儿园工程建设项目-地上",{"$nulls":10},"标段：",{"$nulls":3},"第 25 页  共 78 页"]
["项目编码",null,"030411003009",null,"项目名称",null,"电缆桥架 CT500x200",{"$nulls":3},"计量单位",null,null,"m",null,null,"工程量",null,39.62]
["清单综合单价组成明细"]
["定额编号","定额项目名称","定额\n单位","数量","单价",{"$nulls":7},"合价"]
[{"$nulls":4},"人工费","材料费","机具费","管理费","利润","规费","税金",null,"人工费","材料费","机具费",null,"管理费","利润","规费","税金"]
["C4-11-174","钢制托盘式桥架安装(宽+高mm以下) 800","10m",0.1,606.61,2118.85,44.75,187.2,130.27,{"$nulls":3},60.66,211.89,4.48,null,18.72,13.03]
["人工单价",null,"小计",{"$nulls":9},60.66,211.89,4.48,null,18.72,13.03]
[null,null,"未计价材料费",{"$nulls":9},209.15]
["清单项目综合单价",{"$nulls":11},308.77]
["材\n料\n费\n明\n细","主要材料名称、规格、型号",{"$nulls":7},"单位","数量",null,"单价（元）",null,"合价（元）",null,null,"暂估单价\n（元）","暂估合价\n（元）"]
[null,"钢制桥架 CT500x200",{"$nulls":7},"m",1.05,null,199.19,null,209.15]
[null,"其他材料费",{"$nulls":10},"-",null,2.74,null,null,"-"]
[null,"材料费小计",{"$nulls":10},"-",null,211.89,null,null,"-"]
[]
[]
[]
[]
[]
[]
["注：1.如不使用省级或行业建设主管部门发布的计价依据，可不填定额编码、名称等；\n    2.招标文件提供了暂估单价的材料，按暂估的单价填入表内“暂估单价”栏及“暂估合价”栏。"]
[{"$nulls":15},"表-09"]
["综合单价分析表"]
["工程名称：电气工程-新蓝天幼儿园工程建设项目-地上",{"$nulls":10},"标段：",{"$nulls":3},"第 26 页  共 78 页"]
["项目编码",null,"030413001004",null,"项目名称",null,"桥架支架制作安装",{"$nulls":3},"计量单位",null,null,"kg",null,null,"工程量",null,619.5]
["清单综合单价组成明细"]
["定额编号","定额项目名称","定额\n单位","数量","单价",{"$nulls":7},"合价"]
[{"$nulls":4},"人工费","材料费","机具费","管理费","利润","规费","税金",null,"人工费","材料费","机具费",null,"管理费","利润","规费","税金"]
["C4-13-1 换","铁构件制作、安装 一般铁构件 制作","100kg",0.01,671.98,501.64,51.31,207.87,144.66,{"$nulls":3},6.72,5.02,0.51,null,2.08,1.45]
["C4-13-2 换","铁构件制作、安装 一般铁构件 安装","100kg",0.01,488.4,18.81,37.92,151.26,105.26,{"$nulls":3},4.88,0.19,0.38,null,1.51,1.05]
["C12-2-49 换","一般钢结构 红丹防锈漆 第一遍 \u007f实际遍数(遍):2","100kg",0.01,31.45,28.3,19.7,10.52,10.23,{"$nulls":3},0.31,0.28,0.2,null,0.11,0.1]
["人工单价",null,"小计",{"$nulls":9},11.91,5.49,1.09,null,3.7,2.6]
[null,null,"未计价材料费",{"$nulls":9},4.87]
["清单项目综合单价",{"$nulls":11},24.79]
["材\n料\n费\n明\n细","主要材料名称、规格、型号",{"$nulls":7},"单位","数量",null,"单价（元）",null,"合价（元）",null,null,"暂估单价\n（元）","暂估合价\n（元）"]
[null,"圆钢 ",{"$nulls":7},"kg",0.0683,null,5.21,null,0.36]
[null,"扁钢 ",{"$nulls":7},"kg",0.1878,null,5.38,null,1.01]
[null,"角钢 ",{"$nulls":7},"kg",0.6404,null,5.1,null,3.27]
[null,"醇酸防锈漆 ",{"$nulls":7},"kg",0.018,null,13.34,null,0.24]
[null,"其他材料费",{"$nulls":10},"-",null,0.61,null,null,"-"]
["注：1.如不使用省级或行业建设主管部门发布的计价依据，可不填定额编码、名称等；\n    2.招标文件提供了暂估单价的材料，按暂估的单价填入表内“暂估单价”栏及“暂估合价”栏。"]
[{"$nulls":15},"表-09"]
["综合单价分析表"]
["工程名称：电气工程-新蓝天幼儿园工程建设项目-地上",{"$nulls":10},"标段：",{"$nulls":3},"第 27 页  共 78 页"]
[null,"材料费小计",{"$nulls":10},"-",null,5.49,null,null,"-"]
{"$rows_empty":19}
["注：1.如不使用省级或行业建设主管部门发布的计价依据，可不填定额编码、名称等；\n    2.招标文件提供了暂估单价的材料，按暂估的单价填入表内“暂估单价”栏及“暂估合价”栏。"]
[{"$nulls":15},"表-09"]
["综合单价分析表"]
["工程名称：电气工程-新蓝天幼儿园工程建设项目-地上",{"$nulls":10},"标段：",{"$nulls":3},"第 28 页  共 78 页"]
["项目编码",null,"030408008001",null,"项目名称",null,"防火堵洞",{"$nulls":3},"计量单位",null,null,"处",null,null,"工程量",null,8]
["清单综合单价组成明细"]
["定额编号","定额项目名称","定额\n单位","数量","单价",{"$nulls":7},"合价"]
[{"$nulls":4},"人工费","材料费","机具费","管理费","利润","规费","税金",null,"人工费","材料费","机具费",null,"管理费","利润","规费","税金"]
["C4-8-225","电缆防火泥堵洞 (综合)","100kg",0.45,525.02,498.95,null,150.89,105,{"$nulls":3},236.26,224.53,null,null,67.9,47.25]
["人工单价",null,"小计",{"$nulls":9},236.26,224.53,null,null,67.9,47.25]
[null,null,"未计价材料费",{"$nulls":9},210.6]
["清单项目综合单价",{"$nulls":11},575.94]
["材\n料\n费\n明\n细","主要材料名称、规格、型号",{"$nulls":7},"单位","数量",null,"单价（元）",null,"合价（元）",null,null,"暂估单价\n（元）","暂估合价\n（元）"]
[null,"防火泥 ",{"$nulls":7},"kg",46.8,null,4.5,null,210.6]
[null,"其他材料费",{"$nulls":10},"-",null,13.99,null,null,"-"]
[null,"材料费小计",{"$nulls":10},"-",null,224.59,null,null,"-"]
{"$rows_empty":7}
["注：1.如不使用省级或行业建设主管部门发布的计价依据，可不填定额编码、名称等；\n    2.招标文件提供了暂估单价的材料，按暂估的单价填入表内“暂估单价”栏及“暂估合价”栏。"]
[{"$nulls":15},"表-09"]
["综合单价分析表"]
["工程名称：电气工程-新蓝天幼儿园工程建设项目-地上",{"$nulls":10},"标段：",{"$nulls":3},"第 29 页  共 78 页"]
["项目编码",null,"030412004001",null,"项目名称",null,"壁灯(荧光灯) 9W",{"$nulls":3},"计量单位",null,null,"套",null,null,"工程量",null,9]
["清单综合单价组成明细"]
["定额编号","定额项目名称","定额\n单位","数量","单价",{"$nulls":7},"合价"]
[{"$nulls":4},"人工费","材料费","机具费","管理费","利润","规费","税金",null,"人工费","材料费","机具费",null,"管理费","利润","规费","税金"]
["C4-12-12","其他普通灯具安装 一般壁灯","10套",0.1,184.14,693.34,null,52.92,36.83,{"$nulls":3},18.41,69.33,null,null,5.29,3.68]
["人工单价",null,"小计",{"$nulls":9},18.41,69.33,null,null,5.29,3.68]
[null,null,"未计价材料费",{"$nulls":9},67.27]
["清单项目综合单价",{"$nulls":11},96.72]
["材\n料\n费\n明\n细","主要材料名称、规格、型号",{"$nulls":7},"单位","数量",null,"单价（元）",null,"合价（元）",null,null,"暂估单价\n（元）","暂估合价\n（元）"]
[null,"壁灯(荧光灯) 220V/9W,850lm",{"$nulls":7},"套",1.01,null,66.6,null,67.27]
[null,"其他材料费",{"$nulls":10},"-",null,2.07,null,null,"-"]
[null,"材料费小计",{"$nulls":10},"-",null,69.34,null,null,"-"]
{"$rows_empty":7}
["注：1.如不使用省级或行业建设主管部门发布的计价依据，可不填定额编码、名称等；\n    2.招标文件提供了暂估单价的材料，按暂估的单价填入表内“暂估单价”栏及“暂估合价”栏。"]
[{"$nulls":15},"表-09"]
["综合单价分析表"]
["工程名称：电气工程-新蓝天幼儿园工程建设项目-地上",{"$nulls":10},"标段：",{"$nulls":3},"第 30 页  共 78 页"]
["项目编码",null,"030412005001",null,"项目名称",null,"T5型单管荧光灯 220V/18W，1450LM",{"$nulls":3},"计量单位",null,null,"套",null,null,"工程量",null,1]
["清单综合单价组成明细"]
["定额编号","定额项目名称","定额\n单位","数量","单价",{"$nulls":7},"合价"]
[{"$nulls":4},"人工费","材料费","机具费","管理费","利润","规费","税金",null,"人工费","材料费","机具费",null,"管理费","利润","规费","税金"]
["C4-12-245","普通成套型荧光灯具安装 吸顶式 单管","10套",0.1,197.43,491.49,null,56.74,39.49,{"$nulls":3},19.74,49.15,null,null,5.67,3.95]
["人工单价",null,"小计",{"$nulls":9},19.74,49.15,null,null,5.67,3.95]
[null,null,"未计价材料费",{"$nulls":9},46.6]
["清单项目综合单价",{"$nulls":11},78.52]
["材\n料\n费\n明\n细","主要材料名称、规格、型号",{"$nulls":7},"单位","数量",null,"单价（元）",null,"合价（元）",null,null,"暂估单价\n（元）","暂估合价\n（元）"]
[null,"T5型单管荧光灯 220V/18W，1450LM ",{"$nulls":7},"套",1.01,null,46.14,null,46.6]
[null,"其他材料费",{"$nulls":10},"-",null,2.56,null,null,"-"]
[null,"材料费小计",{"$nulls":10},"-",null,49.16,null,null,"-"]
[]
[]
[]
[]
[]
["注：1.如不使用省级或行业建设主管部门发布的计价依据，可不填定额编码、名称等；\n    2.招标文件提供了暂估单价的材料，按暂估的单价填入表内“暂估单价”栏及“暂估合价”栏。"]
[{"$nulls":15},"表-09"]
["综合单价分析表"]
["工程名称：电气工程-新蓝天幼儿园工程建设项目-地上",{"$nulls":10},"标段：",{"$nulls":3},"第 31 页  共 78 页"]
["项目编码",null,"030412005002",null,"项目名称",null,"T5型单管荧光灯 220V/28W，2600LM",{"$nulls":3},"计量单位",null,null,"套",null,null,"工程量",null,6]
["清单综合单价组成明细"]
["定额编号","定额项目名称","定额\n单位","数量","单价",{"$nulls":7},"合价"]
[{"$nulls":4},"人工费","材料费","机具费","管理费","利润","规费","税金",null,"人工费","材料费","机具费",null,"管理费","利润","规费","税金"]
["C4-12-239","普通成套型荧光灯具安装 吊链式 单管","10套",0.1,197.43,610.78,null,56.74,39.49,{"$nulls":3},19.74,61.08,null,null,5.67,3.95]
["人工单价",null,"小计",{"$nulls":9},19.74,61.08,null,null,5.67,3.95]
[null,null,"未计价材料费",{"$nulls":9},46.6]
["清单项目综合单价",{"$nulls":11},90.44]
["材\n料\n费\n明\n细","主要材料名称、规格、型号",{"$nulls":7},"单位","数量",null,"单价（元）",null,"合价（元）",null,null,"暂估单价\n（元）","暂估合价\n（元）"]
[null,"T5型单管荧光灯 220V/28W，2600LM 220V/1x28W,1x2600lm",{"$nulls":7},"套",1.01,null,46.14,null,46.6]
[null,"其他材料费",{"$nulls":10},"-",null,14.49,null,null,"-"]
[null,"材料费小计",{"$nulls":10},"-",null,61.09,null,null,"-"]
[]
[]
[]
[]
[]
["注：1.如不使用省级或行业建设主管部门发布的计价依据，可不填定额编码、名称等；\n    2.招标文件提供了暂估单价的材料，按暂估的单价填入表内“暂估单价”栏及“暂估合价”栏。"]
[{"$nulls":15},"表-09"]
["综合单价分析表"]
["工程名称：电气工程-新蓝天幼儿园工程建设项目-地上",{"$nulls":10},"标段：",{"$nulls":3},"第 32 页  共 78 页"]
["项目编码",null,"030404034001",null,"项目名称",null,"照明开关",{"$nulls":3},"计量单位",null,null,"个",null,null,"工程量",null,9]
["清单综合单价组成明细"]
["定额编号","定额项目名称","定额\n单位","数量","单价",{"$nulls":7},"合价"]
[{"$nulls":4},"人工费","材料费","机具费","管理费","利润","规费","税金",null,"人工费","材料费","机具费",null,"管理费","利润","规费","税金"]
["C4-4-116","照明开关安装 扳式暗开关(单控) 单联","10个",0.1,77.85,83.93,null,22.37,15.57,{"$nulls":3},7.79,8.39,null,null,2.24,1.56]
["人工单价",null,"小计",{"$nulls":9},7.79,8.39,null,null,2.24,1.56]
[null,null,"未计价材料费",{"$nulls":9},7.92]
["清单项目综合单价",{"$nulls":11},19.97]
["材\n料\n费\n明\n细","主要材料名称、规格、型号",{"$nulls":7},"单位","数量",null,"单价（元）",null,"合价（元）",null,null,"暂估单价\n（元）","暂估合价\n（元）"]
[null,"单联单控照明开关 10A,250V",{"$nulls":7},"个",1.02,null,7.76,null,7.92]
[null,"其他材料费",{"$nulls":10},"-",null,0.48,null,null,"-"]
[null,"材料费小计",{"$nulls":10},"-",null,8.4,null,null,"-"]
{"$rows_empty":7}
["注：1.如不使用省级或行业建设主管部门发布的计价依据，可不填定额编码、名称等；\n    2.招标文件提供了暂估单价的材料，按暂估的单价填入表内“暂估单价”栏及“暂估合价”栏。"]
[{"$nulls":15},"表-09"]
["综合单价分析表"]
["工程名称：电气工程-新蓝天幼儿园工程建设项目-地上",{"$nulls":10},"标段：",{"$nulls":3},"第 33 页  共 78 页"]
["项目编码",null,"030404034002",null,"项目名称",null,"单联双控开关",{"$nulls":3},"计量单位",null,null,"个",null,null,"工程量",null,1]
["清单综合单价组成明细"]
["定额编号","定额项目名称","定额\n单位","数量","单价",{"$nulls":7},"合价"]
[{"$nulls":4},"人工费","材料费","机具费","管理费","利润","规费","税金",null,"人工费","材料费","机具费",null,"管理费","利润","规费","税金"]
["C4-4-122","照明开关安装 扳式暗开关(双控) 单联","10个",0.1,81.44,95.25,null,23.41,16.29,{"$nulls":3},8.14,9.53,null,null,2.34,1.63]
["人工单价",null,"小计",{"$nulls":9},8.14,9.53,null,null,2.34,1.63]
[null,null,"未计价材料费",{"$nulls":9},8.94]
["清单项目综合单价",{"$nulls":11},21.64]
["材\n料\n费\n明\n细","主要材料名称、规格、型号",{"$nulls":7},"单位","数量",null,"单价（元）",null,"合价（元）",null,null,"暂估单价\n（元）","暂估合价\n（元）"]
[null,"单联双控开关 ",{"$nulls":7},"个",1.02,null,8.76,null,8.94]
[null,"其他材料费",{"$nulls":10},"-",null,0.59,null,null,"-"]
[null,"材料费小计",{"$nulls":10},"-",null,9.53,null,null,"-"]
{"$rows_empty":7}
["注：1.如不使用省级或行业建设主管部门发布的计价依据，可不填定额编码、名称等；\n    2.招标文件提供了暂估单价的材料，按暂估的单价填入表内“暂估单价”栏及“暂估合价”栏。"]
[{"$nulls":15},"表-09"]
["综合单价分析表"]
["工程名称：电气工程-新蓝天幼儿园工程建设项目-地上",{"$nulls":10},"标段：",{"$nulls":3},"第 34 页  共 78 页"]
["项目编码",null,"030404035001",null,"项目名称",null,"暗装普通单相二、三孔插座,带保护门",{"$nulls":3},"计量单位",null,null,"个",null,null,"工程量",null,9]
["清单综合单价组成明细"]
["定额编号","定额项目名称","定额\n单位","数量","单价",{"$nulls":7},"合价"]
[{"$nulls":4},"人工费","材料费","机具费","管理费","利润","规费","税金",null,"人工费","材料费","机具费",null,"管理费","利润","规费","税金"]
["C4-4-141","三相带接地暗插座安装(A以下) 16","10个",0.1,103.47,147.91,null,29.74,20.69,{"$nulls":3},10.35,14.79,null,null,2.97,2.07]
["人工单价",null,"小计",{"$nulls":9},10.35,14.79,null,null,2.97,2.07]
[null,null,"未计价材料费",{"$nulls":9},13.97]
["清单项目综合单价",{"$nulls":11},30.18]
["材\n料\n费\n明\n细","主要材料名称、规格、型号",{"$nulls":7},"单位","数量",null,"单价（元）",null,"合价（元）",null,null,"暂估单价\n（元）","暂估合价\n（元）"]
[null,"暗装普通单相二、三孔插座,带保护门 ",{"$nulls":7},"个",1.02,null,13.7,null,13.97]
[null,"其他材料费",{"$nulls":10},"-",null,0.82,null,null,"-"]
[null,"材料费小计",{"$nulls":10},"-",null,14.79,null,null,"-"]
[]
[]
[]
[]
[]
["注：1.如不使用省级或行业建设主管部门发布的计价依据，可不填定额编码、名称等；\n    2.招标文件提供了暂估单价的材料，按暂估的单价填入表内“暂估单价”栏及“暂估合价”栏。"]
[{"$nulls":15},"表-09"]
["综合单价分析表"]
["工程名称：电气工程-新蓝天幼儿园工程建设项目-地上",{"$nulls":10},"标段：",{"$nulls":3},"第 35 页  共 78 页"]
["项目编码",null,"030404031001",null,"项目名称",null,"现场控制按钮",{"$nulls":3},"计量单位",null,null,"个",null,null,"工程量",null,2]
["清单综合单价组成明细"]
["定额编号","定额项目名称","定额\n单位","数量","单价",{"$nulls":7},"合价"]
[{"$nulls":4},"人工费","材料费","机具费","管理费","利润","规费","税金",null,"人工费","材料费","机具费",null,"管理费","利润","规费","税金"]
["C4-4-92","门铃按钮安装 明装","10个",0.1,75.76,286.34,null,21.77,15.15,{"$nulls":3},7.58,28.63,null,null,2.18,1.52]
["人工单价",null,"小计",{"$nulls":9},7.58,28.63,null,null,2.18,1.52]
[null,null,"未计价材料费",{"$nulls":9},26.47]
["清单项目综合单价",{"$nulls":11},39.9]
["材\n料\n费\n明\n细","主要材料名称、规格、型号",{"$nulls":7},"单位","数量",null,"单价（元）",null,"合价（元）",null,null,"暂估单价\n（元）","暂估合价\n（元）"]
[null,"现场控制按钮 ",{"$nulls":7},"个",1.02,null,25.95,null,26.47]
[null,"其他材料费",{"$nulls":10},"-",null,2.18,null,null,"-"]
[null,"材料费小计",{"$nulls":10},"-",null,28.65,null,null,"-"]
{"$rows_empty":7}
["注：1.如不使用省级或行业建设主管部门发布的计价依据，可不填定额编码、名称等；\n    2.招标文件提供了暂估单价的材料，按暂估的单价填入表内“暂估单价”栏及“暂估合价”栏。"]
[{"$nulls":15},"表-09"]
["综合单价分析表"]
["工程名称：电气工程-新蓝天幼儿园工程建设项目-地上",{"$nulls":10},"标段：",{"$nulls":3},"第 36 页  共 78 页"]
["项目编码",null,"030411006018",null,"项目名称",null,"开关插座接线盒",{"$nulls":3},"计量单位",null,null,"个",null,null,"工程量",null,23]
["清单综合单价组成明细"]
["定额编号","定额项目名称","定额\n单位","数量","单价",{"$nulls":7},"合价"]
[{"$nulls":4},"人工费","材料费","机具费","管理费","利润","规费","税金",null,"人工费","材料费","机具费",null,"管理费","利润","规费","税金"]
["C4-11-281","接线盒安装 开关(插座)盒 暗装","10个",0.1,43.99,26.08,null,12.64,8.8,{"$nulls":3},4.4,2.61,null,null,1.26,0.88]
["人工单价",null,"小计",{"$nulls":9},4.4,2.61,null,null,1.26,0.88]
[null,null,"未计价材料费",{"$nulls":9},2.19]
["清单项目综合单价",{"$nulls":11},9.15]
["材\n料\n费\n明\n细","主要材料名称、规格、型号",{"$nulls":7},"单位","数量",null,"单价（元）",null,"合价（元）",null,null,"暂估单价\n（元）","暂估合价\n（元）"]
[null,"开关插座接线盒 ",{"$nulls":7},"个",1.02,null,2.15,null,2.19]
[null,"其他材料费",{"$nulls":10},"-",null,0.41,null,null,"-"]
[null,"材料费小计",{"$nulls":10},"-",null,2.6,null,null,"-"]
{"$rows_empty":7}
["注：1.如不使用省级或行业建设主管部门发布的计价依据，可不填定额编码、名称等；\n    2.招标文件提供了暂估单价的材料，按暂估的单价填入表内“暂估单价”栏及“暂估合价”栏。"]
[{"$nulls":15},"表-09"]
["综合单价分析表"]
["工程名称：电气工程-新蓝天幼儿园工程建设项目-地上",{"$nulls":10},"标段：",{"$nulls":3},"第 37 页  共 78 页"]
["项目编码",null,"030411006019",null,"项目名称",null,"灯具接线盒",{"$nulls":3},"计量单位",null,null,"个",null,null,"工程量",null,16]
["清单综合单价组成明细"]
["定额编号","定额项目名称","定额\n单位","数量","单价",{"$nulls":7},"合价"]
[{"$nulls":4},"人工费","材料费","机具费","管理费","利润","规费","税金",null,"人工费","材料费","机具费",null,"管理费","利润","规费","税金"]
["C4-11-282","接线盒安装 接线盒 暗装","10个",0.1,41.27,32.24,null,11.86,8.25,{"$nulls":3},4.13,3.22,null,null,1.19,0.83]
["人工单价",null,"小计",{"$nulls":9},4.13,3.22,null,null,1.19,0.83]
[null,null,"未计价材料费",{"$nulls":9},2.19]
["清单项目综合单价",{"$nulls":11},9.36]
["材\n料\n费\n明\n细","主要材料名称、规格、型号",{"$nulls":7},"单位","数量",null,"单价（元）",null,"合价（元）",null,null,"暂估单价\n（元）","暂估合价\n（元）"]
[null,"灯具接线盒 ",{"$nulls":7},"个",1.02,null,2.15,null,2.19]
[null,"其他材料费",{"$nulls":10},"-",null,1.03,null,null,"-"]
[null,"材料费小计",{"$nulls":10},"-",null,3.22,null,null,"-"]
{"$rows_empty":7}
["注：1.如不使用省级或行业建设主管部门发布的计价依据，可不填定额编码、名称等；\n    2.招标文件提供了暂估单价的材料，按暂估的单价填入表内“暂估单价”栏及“暂估合价”栏。"]
[{"$nulls":15},"表-09"]
["综合单价分析表"]
["工程名称：电气工程-新蓝天幼儿园工程建设项目-地上",{"$nulls":10},"标段：",{"$nulls":3},"第 38 页  共 78 页"]
["项目编码",null,"030408001001",null,"项目名称",null,"矿物电缆 BTLY-0.6/1kV--3x150+2x70",{"$nulls":3},"计量单位",null,null,"m",null,null,"工程量",null,101.53]
["清单综合单价组成明细"]
["定额编号","定额项目名称","定额\n单位","数量","单价",{"$nulls":7},"合价"]
[{"$nulls":4},"人工费","材料费","机具费","管理费","利润","规费","税金",null,"人工费","材料费","机具费",null,"管理费","利润","规费","税金"]
["C4-8-21 *1.3","硬矿物绝缘电力电缆敷设 3~4芯(截面mm2以下) 185 \u007f五芯矿物电力电缆敷设 单价*1.3","100m",0.01,2260.87,61483.59,398.18,764.21,531.81,{"$nulls":3},22.61,614.84,3.98,null,7.64,5.32]
["人工单价",null,"小计",{"$nulls":9},22.61,614.84,3.98,null,7.64,5.32]
[null,null,"未计价材料费",{"$nulls":9},608.27]
["清单项目综合单价",{"$nulls":11},654.39]
["材\n料\n费\n明\n细","主要材料名称、规格、型号",{"$nulls":7},"单位","数量",null,"单价（元）",null,"合价（元）",null,null,"暂估单价\n（元）","暂估合价\n（元）"]
[null,"矿物绝缘电缆 BTLY-3x150+2x70",{"$nulls":7},"m",1,null,608.27,null,608.27]
[null,"其他材料费",{"$nulls":10},"-",null,6.57,null,null,"-"]
[null,"材料费小计",{"$nulls":10},"-",null,614.84,null,null,"-"]
[]
[]
[]
["注：1.如不使用省级或行业建设主管部门发布的计价依据，可不填定额编码、名称等；\n    2.招标文件提供了暂估单价的材料，按暂估的单价填入表内“暂估单价”栏及“暂估合价”栏。"]
[{"$nulls":15},"表-09"]
["综合单价分析表"]
["工程名称：电气工程-新蓝天幼儿园工程建设项目-地上",{"$nulls":10},"标段：",{"$nulls":3},"第 39 页  共 78 页"]
["项目编码",null,"030408001002",null,"项目名称",null,"矿物电缆 BTLY-0.6/1kV--4x70+1x35",{"$nulls":3},"计量单位",null,null,"m",null,null,"工程量",null,101.53]
["清单综合单价组成明细"]
["定额编号","定额项目名称","定额\n单位","数量","单价",{"$nulls":7},"合价"]
[{"$nulls":4},"人工费","材料费","机具费","管理费","利润","规费","税金",null,"人工费","材料费","机具费",null,"管理费","利润","规费","税金"]
["C4-8-19 *1.3","硬矿物绝缘电力电缆敷设 3~4芯(截面mm2以下) 70 \u007f五芯矿物电力电缆敷设 单价*1.3","100m",0.01,1227.32,22870.11,265.46,429.02,298.56,{"$nulls":3},12.27,228.7,2.65,null,4.29,2.99]
["人工单价",null,"小计",{"$nulls":9},12.27,228.7,2.65,null,4.29,2.99]
[null,null,"未计价材料费",{"$nulls":9},222.16]
["清单项目综合单价",{"$nulls":11},250.9]
["材\n料\n费\n明\n细","主要材料名称、规格、型号",{"$nulls":7},"单位","数量",null,"单价（元）",null,"合价（元）",null,null,"暂估单价\n（元）","暂估合价\n（元）"]
[null,"矿物绝缘电缆 BTLY-4x70+1x35",{"$nulls":7},"m",1,null,222.16,null,222.16]
[null,"其他材料费",{"$nulls":10},"-",null,6.54,null,null,"-"]
[null,"材料费小计",{"$nulls":10},"-",null,228.7,null,null,"-"]
[]
[]
[]
["注：1.如不使用省级或行业建设主管部门发布的计价依据，可不填定额编码、名称等；\n    2.招标文件提供了暂估单价的材料，按暂估的单价填入表内“暂估单价”栏及“暂估合价”栏。"]
[{"$nulls":15},"表-09"]
["综合单价分析表"]
["工程名称：电气工程-新蓝天幼儿园工程建设项目-地上",{"$nulls":10},"标段：",{"$nulls":3},"第 40 页  共 78 页"]
["项目编码",null,"030408001003",null,"项目名称",null,"矿物电缆 BTLY-0.6/1kV-4x35+1x16",{"$nulls":3},"计量单位",null,null,"m",null,null,"工程量",null,31.2]
["清单综合单价组成明细"]
["定额编号","定额项目名称","定额\n单位","数量","单价",{"$nulls":7},"合价"]
[{"$nulls":4},"人工费","材料费","机具费","管理费","利润","规费","税金",null,"人工费","材料费","机具费",null,"管理费","利润","规费","税金"]
["C4-8-18 *1.3","硬矿物绝缘电力电缆敷设 3~4芯(截面mm2以下) 35 \u007f五芯矿物电力电缆敷设 单价*1.3","100m",0.01,920.17,24045.54,199.1,321.68,223.85,{"$nulls":3},9.2,240.46,1.99,null,3.22,2.24]
["人工单价",null,"小计",{"$nulls":9},9.2,240.46,1.99,null,3.22,2.24]
[null,null,"未计价材料费",{"$nulls":9},234.93]
["清单项目综合单价",{"$nulls":11},257.1]
["材\n料\n费\n明\n细","主要材料名称、规格、型号",{"$nulls":7},"单位","数量",null,"单价（元）",null,"合价（元）",null,null,"暂估单价\n（元）","暂估合价\n（元）"]
[null,"矿物绝缘电缆 BTLY-4X35+1X16",{"$nulls":7},"m",1,null,234.93,null,234.93]
[null,"其他材料费",{"$nulls":10},"-",null,5.52,null,null,"-"]
[null,"材料费小计",{"$nulls":10},"-",null,240.45,null,null,"-"]
[]
[]
[]
["注：1.如不使用省级或行业建设主管部门发布的计价依据，可不填定额编码、名称等；\n    2.招标文件提供了暂估单价的材料，按暂估的单价填入表内“暂估单价”栏及“暂估合价”栏。"]
[{"$nulls":15},"表-09"]
["综合单价分析表"]
["工程名称：电气工程-新蓝天幼儿园工程建设项目-地上",{"$nulls":10},"标段：",{"$nulls":3},"第 41 页  共 78 页"]
["项目编码",null,"030408001004",null,"项目名称",null,"矿物电缆 BTLY-0.6/1kV-5x16",{"$nulls":3},"计量单位",null,null,"m",null,null,"工程量",null,291.72]
["清单综合单价组成明细"]
["定额编号","定额项目名称","定额\n单位","数量","单价",{"$nulls":7},"合价"]
[{"$nulls":4},"人工费","材料费","机具费","管理费","利润","规费","税金",null,"人工费","材料费","机具费",null,"管理费","利润","规费","税金"]
["C4-8-18 *1.3","硬矿物绝缘电力电缆敷设 3~4芯(截面mm2以下) 35 \u007f五芯矿物电力电缆敷设 单价*1.3","100m",0.01,920.17,6316.54,199.1,321.68,223.85,{"$nulls":3},9.2,63.17,1.99,null,3.22,2.24]
["人工单价",null,"小计",{"$nulls":9},9.2,63.17,1.99,null,3.22,2.24]
[null,null,"未计价材料费",{"$nulls":9},57.64]
["清单项目综合单价",{"$nulls":11},79.81]
["材\n料\n费\n明\n细","主要材料名称、规格、型号",{"$nulls":7},"单位","数量",null,"单价（元）",null,"合价（元）",null,null,"暂估单价\n（元）","暂估合价\n（元）"]
[null,"矿物绝缘电缆 BTLY-5x16",{"$nulls":7},"m",1,null,57.64,null,57.64]
[null,"其他材料费",{"$nulls":10},"-",null,5.52,null,null,"-"]
[null,"材料费小计",{"$nulls":10},"-",null,63.16,null,null,"-"]
[]
[]
[]
["注：1.如不使用省级或行业建设主管部门发布的计价依据，可不填定额编码、名称等；\n    2.招标文件提供了暂估单价的材料，按暂估的单价填入表内“暂估单价”栏及“暂估合价”栏。"]
[{"$nulls":15},"表-09"]
["综合单价分析表"]
["工程名称：电气工程-新蓝天幼儿园工程建设项目-地上",{"$nulls":10},"标段：",{"$nulls":3},"第 42 页  共 78 页"]
["项目编码",null,"030408001005",null,"项目名称",null,"电力电缆 WDZB-YJY-0.6/1kV-4x185+1x95",{"$nulls":3},"计量单位",null,null,"m",null,null,"工程量",null,54.32]
["清单综合单价组成明细"]
["定额编号","定额项目名称","定额\n单位","数量","单价",{"$nulls":7},"合价"]
[{"$nulls":4},"人工费","材料费","机具费","管理费","利润","规费","税金",null,"人工费","材料费","机具费",null,"管理费","利润","规费","税金"]
["C4-8-5 *1.3","铜芯电力电缆敷设 电缆(截面mm2以下) 185 \u007f实际电缆芯数(芯):5","100m",0.01,1977.27,58066.94,260.01,642.99,447.46,{"$nulls":3},19.77,580.67,2.6,null,6.43,4.47]
["人工单价",null,"小计",{"$nulls":9},19.77,580.67,2.6,null,6.43,4.47]
[null,null,"未计价材料费",{"$nulls":9},579.08]
["清单项目综合单价",{"$nulls":11},613.95]
["材\n料\n费\n明\n细","主要材料名称、规格、型号",{"$nulls":7},"单位","数量",null,"单价（元）",null,"合价（元）",null,null,"暂估单价\n（元）","暂估合价\n（元）"]
[null,"铜芯电缆 WDZB-YJY-4x185+1x95",{"$nulls":7},"m",1.01,null,573.35,null,579.08]
[null,"其他材料费",{"$nulls":10},"-",null,1.59,null,null,"-"]
[null,"材料费小计",{"$nulls":10},"-",null,580.67,null,null,"-"]
[]
[]
[]
[]
["注：1.如不使用省级或行业建设主管部门发布的计价依据，可不填定额编码、名称等；\n    2.招标文件提供了暂估单价的材料，按暂估的单价填入表内“暂估单价”栏及“暂估合价”栏。"]
[{"$nulls":15},"表-09"]
["综合单价分析表"]
["工程名称：电气工程-新蓝天幼儿园工程建设项目-地上",{"$nulls":10},"标段：",{"$nulls":3},"第 43 页  共 78 页"]
["项目编码",null,"030408001006",null,"项目名称",null,"电力电缆 WDZB-YJY-0.6/1kV-3x150+2x70",{"$nulls":3},"计量单位",null,null,"m",null,null,"工程量",null,115.08]
["清单综合单价组成明细"]
["定额编号","定额项目名称","定额\n单位","数量","单价",{"$nulls":7},"合价"]
[{"$nulls":4},"人工费","材料费","机具费","管理费","利润","规费","税金",null,"人工费","材料费","机具费",null,"管理费","利润","规费","税金"]
["C4-8-5 *1.3","铜芯电力电缆敷设 电缆(截面mm2以下) 185 \u007f实际电缆芯数(芯):5","100m",0.01,1977.27,68227.54,260.01,642.99,447.46,{"$nulls":3},19.77,682.28,2.6,null,6.43,4.47]
["人工单价",null,"小计",{"$nulls":9},19.77,682.28,2.6,null,6.43,4.47]
[null,null,"未计价材料费",{"$nulls":9},680.69]
["清单项目综合单价",{"$nulls":11},715.55]
["材\n料\n费\n明\n细","主要材料名称、规格、型号",{"$nulls":7},"单位","数量",null,"单价（元）",null,"合价（元）",null,null,"暂估单价\n（元）","暂估合价\n（元）"]
[null,"铜芯电缆 WDZB-YJY-3x150+2x70",{"$nulls":7},"m",1.01,null,673.95,null,680.69]
[null,"其他材料费",{"$nulls":10},"-",null,1.59,null,null,"-"]
[null,"材料费小计",{"$nulls":10},"-",null,682.28,null,null,"-"]
[]
[]
[]
[]
["注：1.如不使用省级或行业建设主管部门发布的计价依据，可不填定额编码、名称等；\n    2.招标文件提供了暂估单价的材料，按暂估的单价填入表内“暂估单价”栏及“暂估合价”栏。"]
[{"$nulls":15},"表-09"]
["综合单价分析表"]
["工程名称：电气工程-新蓝天幼儿园工程建设项目-地上",{"$nulls":10},"标段：",{"$nulls":3},"第 44 页  共 78 页"]
["项目编码",null,"030408001007",null,"项目名称",null,"电力电缆 WDZB-YJY-0.6/1kV-3x95+2x50",{"$nulls":3},"计量单位",null,null,"m",null,null,"工程量",null,23.77]
["清单综合单价组成明细"]
["定额编号","定额项目名称","定额\n单位","数量","单价",{"$nulls":7},"合价"]
[{"$nulls":4},"人工费","材料费","机具费","管理费","利润","规费","税金",null,"人工费","材料费","机具费",null,"管理费","利润","规费","税金"]
["C4-8-4 *1.3","铜芯电力电缆敷设 电缆(截面mm2以下) 120 \u007f实际电缆芯数(芯):5","100m",0.01,1576.48,27496.24,131.98,491.01,341.69,{"$nulls":3},15.76,274.96,1.32,null,4.91,3.42]
["人工单价",null,"小计",{"$nulls":9},15.76,274.96,1.32,null,4.91,3.42]
[null,null,"未计价材料费",{"$nulls":9},273.5]
["清单项目综合单价",{"$nulls":11},300.37]
["材\n料\n费\n明\n细","主要材料名称、规格、型号",{"$nulls":7},"单位","数量",null,"单价（元）",null,"合价（元）",null,null,"暂估单价\n（元）","暂估合价\n（元）"]
[null,"铜芯电缆 WDZB-YJY-3x95+2x50",{"$nulls":7},"m",1.01,null,270.79,null,273.5]
[null,"其他材料费",{"$nulls":10},"-",null,1.45,null,null,"-"]
[null,"材料费小计",{"$nulls":10},"-",null,274.95,null,null,"-"]
[]
[]
[]
[]
["注：1.如不使用省级或行业建设主管部门发布的计价依据，可不填定额编码、名称等；\n    2.招标文件提供了暂估单价的材料，按暂估的单价填入表内“暂估单价”栏及“暂估合价”栏。"]
[{"$nulls":15},"表-09"]
["综合单价分析表"]
["工程名称：电气工程-新蓝天幼儿园工程建设项目-地上",{"$nulls":10},"标段：",{"$nulls":3},"第 45 页  共 78 页"]
["项目编码",null,"030408001008",null,"项目名称",null,"电力电缆 WDZB-YJY-0.6/1kV-3x50+2x25",{"$nulls":3},"计量单位",null,null,"m",null,null,"工程量",null,35.56]
["清单综合单价组成明细"]
["定额编号","定额项目名称","定额\n单位","数量","单价",{"$nulls":7},"合价"]
[{"$nulls":4},"人工费","材料费","机具费","管理费","利润","规费","税金",null,"人工费","材料费","机具费",null,"管理费","利润","规费","税金"]
["C4-8-3 *1.3","铜芯电力电缆敷设 电缆(截面mm2以下) 70 \u007f实际电缆芯数(芯):5","100m",0.01,1073.37,15936.54,94.26,335.58,233.53,{"$nulls":3},10.73,159.37,0.94,null,3.36,2.34]
["人工单价",null,"小计",{"$nulls":9},10.73,159.37,0.94,null,3.36,2.34]
[null,null,"未计价材料费",{"$nulls":9},157.99]
["清单项目综合单价",{"$nulls":11},176.73]
["材\n料\n费\n明\n细","主要材料名称、规格、型号",{"$nulls":7},"单位","数量",null,"单价（元）",null,"合价（元）",null,null,"暂估单价\n（元）","暂估合价\n（元）"]
[null,"铜芯电缆 WDZB-YJY-3x50+2x25",{"$nulls":7},"m",1.01,null,156.43,null,157.99]
[null,"其他材料费",{"$nulls":10},"-",null,1.36,null,null,"-"]
[null,"材料费小计",{"$nulls":10},"-",null,159.35,null,null,"-"]
[]
[]
[]
[]
["注：1.如不使用省级或行业建设主管部门发布的计价依据，可不填定额编码、名称等；\n    2.招标文件提供了暂估单价的材料，按暂估的单价填入表内“暂估单价”栏及“暂估合价”栏。"]
[{"$nulls":15},"表-09"]
["综合单价分析表"]
["工程名称：电气工程-新蓝天幼儿园工程建设项目-地上",{"$nulls":10},"标段：",{"$nulls":3},"第 46 页  共 78 页"]
["项目编码",null,"030408001009",null,"项目名称",null,"电力电缆 WDZB-YJY-0.6/1kV-4x35+1x16",{"$nulls":3},"计量单位",null,null,"m",null,null,"工程量",null,257.14]
["清单综合单价组成明细"]
["定额编号","定额项目名称","定额\n单位","数量","单价",{"$nulls":7},"合价"]
[{"$nulls":4},"人工费","材料费","机具费","管理费","利润","规费","税金",null,"人工费","材料费","机具费",null,"管理费","利润","规费","税金"]
["C4-8-2 *1.3","铜芯电力电缆敷设 电缆(截面mm2以下) 35 \u007f实际电缆芯数(芯):5","100m",0.01,804.73,17014.36,18.85,236.7,164.72,{"$nulls":3},8.05,170.14,0.19,null,2.37,1.65]
["人工单价",null,"小计",{"$nulls":9},8.05,170.14,0.19,null,2.37,1.65]
[null,null,"未计价材料费",{"$nulls":9},169.68]
["清单项目综合单价",{"$nulls":11},182.39]
["材\n料\n费\n明\n细","主要材料名称、规格、型号",{"$nulls":7},"单位","数量",null,"单价（元）",null,"合价（元）",null,null,"暂估单价\n（元）","暂估合价\n（元）"]
[null,"铜芯电缆 WDZB-YJY-4X35+1X16",{"$nulls":7},"m",1.01,null,168,null,169.68]
[null,"其他材料费",{"$nulls":10},"-",null,0.46,null,null,"-"]
[null,"材料费小计",{"$nulls":10},"-",null,170.14,null,null,"-"]
[]
[]
[]
[]
["注：1.如不使用省级或行业建设主管部门发布的计价依据，可不填定额编码、名称等；\n    2.招标文件提供了暂估单价的材料，按暂估的单价填入表内“暂估单价”栏及“暂估合价”栏。"]
[{"$nulls":15},"表-09"]
["综合单价分析表"]
["工程名称：电气工程-新蓝天幼儿园工程建设项目-地上",{"$nulls":10},"标段：",{"$nulls":3},"第 47 页  共 78 页"]
["项目编码",null,"030408001010",null,"项目名称",null,"电力电缆 WDZB-YJY-0.6/1kV-4x25+2x16",{"$nulls":3},"计量单位",null,null,"m",null,null,"工程量",null,8.63]
["清单综合单价组成明细"]
["定额编号","定额项目名称","定额\n单位","数量","单价",{"$nulls":7},"合价"]
[{"$nulls":4},"人工费","材料费","机具费","管理费","利润","规费","税金",null,"人工费","材料费","机具费",null,"管理费","利润","规费","税金"]
["C4-8-2 *1.6","铜芯电力电缆敷设 电缆(截面mm2以下) 35 \u007f实际电缆芯数(芯):6","100m",0.01,990.43,11167.06,23.2,291.32,202.73,{"$nulls":3},9.9,111.67,0.23,null,2.91,2.03]
["人工单价",null,"小计",{"$nulls":9},9.9,111.67,0.23,null,2.91,2.03]
[null,null,"未计价材料费",{"$nulls":9},111.1]
["清单项目综合单价",{"$nulls":11},126.75]
["材\n料\n费\n明\n细","主要材料名称、规格、型号",{"$nulls":7},"单位","数量",null,"单价（元）",null,"合价（元）",null,null,"暂估单价\n（元）","暂估合价\n（元）"]
[null,"铜芯电缆 WDZB-YJY-4x25+2x16",{"$nulls":7},"m",1.01,null,110,null,111.1]
[null,"其他材料费",{"$nulls":10},"-",null,0.58,null,null,"-"]
[null,"材料费小计",{"$nulls":10},"-",null,111.68,null,null,"-"]
[]
[]
[]
[]
["注：1.如不使用省级或行业建设主管部门发布的计价依据，可不填定额编码、名称等；\n    2.招标文件提供了暂估单价的材料，按暂估的单价填入表内“暂估单价”栏及“暂估合价”栏。"]
[{"$nulls":15},"表-09"]
["综合单价分析表"]
["工程名称：电气工程-新蓝天幼儿园工程建设项目-地上",{"$nulls":10},"标段：",{"$nulls":3},"第 48 页  共 78 页"]
["项目编码",null,"030408001011",null,"项目名称",null,"电力电缆 WDZB-YJY-0.6/1kV-4x25+1x16",{"$nulls":3},"计量单位",null,null,"m",null,null,"工程量",null,398.17]
["清单综合单价组成明细"]
["定额编号","定额项目名称","定额\n单位","数量","单价",{"$nulls":7},"合价"]
[{"$nulls":4},"人工费","材料费","机具费","管理费","利润","规费","税金",null,"人工费","材料费","机具费",null,"管理费","利润","规费","税金"]
["C4-8-2 *1.3","铜芯电力电缆敷设 电缆(截面mm2以下) 35 \u007f实际电缆芯数(芯):5","100m",0.01,804.73,11156.36,18.85,236.7,164.72,{"$nulls":3},8.05,111.56,0.19,null,2.37,1.65]
["人工单价",null,"小计",{"$nulls":9},8.05,111.56,0.19,null,2.37,1.65]
[null,null,"未计价材料费",{"$nulls":9},111.1]
["清单项目综合单价",{"$nulls":11},123.81]
["材\n料\n费\n明\n细","主要材料名称、规格、型号",{"$nulls":7},"单位","数量",null,"单价（元）",null,"合价（元）",null,null,"暂估单价\n（元）","暂估合价\n（元）"]
[null,"铜芯电缆 WDZB-YJY-4x25+1x16",{"$nulls":7},"m",1.01,null,110,null,111.1]
[null,"其他材料费",{"$nulls":10},"-",null,0.46,null,null,"-"]
[null,"材料费小计",{"$nulls":10},"-",null,111.56,null,null,"-"]
[]
[]
[]
[]
["注：1.如不使用省级或行业建设主管部门发布的计价依据，可不填定额编码、名称等；\n    2.招标文件提供了暂估单价的材料，按暂估的单价填入表内“暂估单价”栏及“暂估合价”栏。"]
[{"$nulls":15},"表-09"]
["综合单价分析表"]
["工程名称：电气工程-新蓝天幼儿园工程建设项目-地上",{"$nulls":10},"标段：",{"$nulls":3},"第 49 页  共 78 页"]
["项目编码",null,"030408001012",null,"项目名称",null,"电力电缆 WDZB-YJY-0.6/1kV-5x16",{"$nulls":3},"计量单位",null,null,"m",null,null,"工程量",null,213.7]
["清单综合单价组成明细"]
["定额编号","定额项目名称","定额\n单位","数量","单价",{"$nulls":7},"合价"]
[{"$nulls":4},"人工费","材料费","机具费","管理费","利润","规费","税金",null,"人工费","材料费","机具费",null,"管理费","利润","规费","税金"]
["C4-8-2 *1.3","铜芯电力电缆敷设 电缆(截面mm2以下) 35 \u007f实际电缆芯数(芯):5","100m",0.01,804.73,8414.21,18.85,236.7,164.72,{"$nulls":3},8.05,84.14,0.19,null,2.37,1.65]
["人工单价",null,"小计",{"$nulls":9},8.05,84.14,0.19,null,2.37,1.65]
[null,null,"未计价材料费",{"$nulls":9},83.68]
["清单项目综合单价",{"$nulls":11},96.39]
["材\n料\n费\n明\n细","主要材料名称、规格、型号",{"$nulls":7},"单位","数量",null,"单价（元）",null,"合价（元）",null,null,"暂估单价\n（元）","暂估合价\n（元）"]
[null,"铜芯电缆 WDZB-YJY-5x16",{"$nulls":7},"m",1.01,null,82.85,null,83.68]
[null,"其他材料费",{"$nulls":10},"-",null,0.46,null,null,"-"]
[null,"材料费小计",{"$nulls":10},"-",null,84.14,null,null,"-"]
[]
[]
[]
[]
["注：1.如不使用省级或行业建设主管部门发布的计价依据，可不填定额编码、名称等；\n    2.招标文件提供了暂估单价的材料，按暂估的单价填入表内“暂估单价”栏及“暂估合价”栏。"]
[{"$nulls":15},"表-09"]
["综合单价分析表"]
["工程名称：电气工程-新蓝天幼儿园工程建设项目-地上",{"$nulls":10},"标段：",{"$nulls":3},"第 50 页  共 78 页"]
["项目编码",null,"030408001013",null,"项目名称",null,"电力电缆 WDZB-YJY-0.6/1kV-5x10",{"$nulls":3},"计量单位",null,null,"m",null,null,"工程量",null,42.91]
["清单综合单价组成明细"]
["定额编号","定额项目名称","定额\n单位","数量","单价",{"$nulls":7},"合价"]
[{"$nulls":4},"人工费","材料费","机具费","管理费","利润","规费","税金",null,"人工费","材料费","机具费",null,"管理费","利润","规费","税金"]
["C4-8-1 *1.3","铜芯电力电缆敷设 电缆(截面mm2以下) 10 \u007f实际电缆芯数(芯):5","100m",0.01,420.5,4342.32,9.43,123.56,85.99,{"$nulls":3},4.21,43.42,0.09,null,1.24,0.86]
["人工单价",null,"小计",{"$nulls":9},4.21,43.42,0.09,null,1.24,0.86]
[null,null,"未计价材料费",{"$nulls":9},43.14]
["清单项目综合单价",{"$nulls":11},49.82]
["材\n料\n费\n明\n细","主要材料名称、规格、型号",{"$nulls":7},"单位","数量",null,"单价（元）",null,"合价（元）",null,null,"暂估单价\n（元）","暂估合价\n（元）"]
[null,"铜芯电缆 WDZB-YJY-5x10",{"$nulls":7},"m",1.01,null,42.71,null,43.14]
[null,"其他材料费",{"$nulls":10},"-",null,0.28,null,null,"-"]
[null,"材料费小计",{"$nulls":10},"-",null,43.42,null,null,"-"]
[]
[]
[]
[]
["注：1.如不使用省级或行业建设主管部门发布的计价依据，可不填定额编码、名称等；\n    2.招标文件提供了暂估单价的材料，按暂估的单价填入表内“暂估单价”栏及“暂估合价”栏。"]
[{"$nulls":15},"表-09"]
["综合单价分析表"]
["工程名称：电气工程-新蓝天幼儿园工程建设项目-地上",{"$nulls":10},"标段：",{"$nulls":3},"第 51 页  共 78 页"]
["项目编码",null,"030408001014",null,"项目名称",null,"电力电缆 WDZB-YJY-0.6/1kV-5x4",{"$nulls":3},"计量单位",null,null,"m",null,null,"工程量",null,82.26]
["清单综合单价组成明细"]
["定额编号","定额项目名称","定额\n单位","数量","单价",{"$nulls":7},"合价"]
[{"$nulls":4},"人工费","材料费","机具费","管理费","利润","规费","税金",null,"人工费","材料费","机具费",null,"管理费","利润","规费","税金"]
["C4-8-1 换","铜芯电力电缆敷设 电缆(截面mm2以下) 10 \u007f6mm2以下电力电缆敷设 单价*0.6 \u007f实际电缆芯数(芯):5","100m",0.01,252.3,2138.17,5.66,74.14,51.59,{"$nulls":3},2.52,21.38,0.06,null,0.74,0.52]
["人工单价",null,"小计",{"$nulls":9},2.52,21.38,0.06,null,0.74,0.52]
[null,null,"未计价材料费",{"$nulls":9},21.21]
["清单项目综合单价",{"$nulls":11},25.22]
["材\n料\n费\n明\n细","主要材料名称、规格、型号",{"$nulls":7},"单位","数量",null,"单价（元）",null,"合价（元）",null,null,"暂估单价\n（元）","暂估合价\n（元）"]
[null,"铜芯电缆 WDZB-YJY-5x4",{"$nulls":7},"m",1.01,null,21,null,21.21]
[null,"其他材料费",{"$nulls":10},"-",null,0.18,null,null,"-"]
[null,"材料费小计",{"$nulls":10},"-",null,21.39,null,null,"-"]
[]
[]
["注：1.如不使用省级或行业建设主管部门发布的计价依据，可不填定额编码、名称等；\n    2.招标文件提供了暂估单价的材料，按暂估的单价填入表内“暂估单价”栏及“暂估合价”栏。"]
[{"$nulls":15},"表-09"]
["综合单价分析表"]
["工程名称：电气工程-新蓝天幼儿园工程建设项目-地上",{"$nulls":10},"标段：",{"$nulls":3},"第 52 页  共 78 页"]
["项目编码",null,"030408001015",null,"项目名称",null,"电力电缆 WDZBN-YJY-5x16",{"$nulls":3},"计量单位",null,null,"m",null,null,"工程量",null,14.37]
["清单综合单价组成明细"]
["定额编号","定额项目名称","定额\n单位","数量","单价",{"$nulls":7},"合价"]
[{"$nulls":4},"人工费","材料费","机具费","管理费","利润","规费","税金",null,"人工费","材料费","机具费",null,"管理费","利润","规费","税金"]
["C4-8-2 *1.3","铜芯电力电缆敷设 电缆(截面mm2以下) 35 \u007f实际电缆芯数(芯):5","100m",0.01,804.73,7284.02,18.85,236.7,164.72,{"$nulls":3},8.05,72.84,0.19,null,2.37,1.65]
["人工单价",null,"小计",{"$nulls":9},8.05,72.84,0.19,null,2.37,1.65]
[null,null,"未计价材料费",{"$nulls":9},72.38]
["清单项目综合单价",{"$nulls":11},85.09]
["材\n料\n费\n明\n细","主要材料名称、规格、型号",{"$nulls":7},"单位","数量",null,"单价（元）",null,"合价（元）",null,null,"暂估单价\n（元）","暂估合价\n（元）"]
[null,"铜芯电缆 WDZBN-YJY-5x16",{"$nulls":7},"m",1.01,null,71.66,null,72.38]
[null,"其他材料费",{"$nulls":10},"-",null,0.46,null,null,"-"]
[null,"材料费小计",{"$nulls":10},"-",null,72.84,null,null,"-"]
[]
[]
[]
[]
[]
["注：1.如不使用省级或行业建设主管部门发布的计价依据，可不填定额编码、名称等；\n    2.招标文件提供了暂估单价的材料，按暂估的单价填入表内“暂估单价”栏及“暂估合价”栏。"]
[{"$nulls":15},"表-09"]
["综合单价分析表"]
["工程名称：电气工程-新蓝天幼儿园工程建设项目-地上",{"$nulls":10},"标段：",{"$nulls":3},"第 53 页  共 78 页"]
["项目编码",null,"030408001016",null,"项目名称",null,"电力电缆 WDZBN-YJY-0.6/1kV-3x4",{"$nulls":3},"计量单位",null,null,"m",null,null,"工程量",null,31.41]
["清单综合单价组成明细"]
["定额编号","定额项目名称","定额\n单位","数量","单价",{"$nulls":7},"合价"]
[{"$nulls":4},"人工费","材料费","机具费","管理费","利润","规费","税金",null,"人工费","材料费","机具费",null,"管理费","利润","规费","税金"]
["C4-8-1 *0.6","铜芯电力电缆敷设 电缆(截面mm2以下) 10 \u007f6mm2以下电力电缆敷设 单价*0.6","100m",0.01,194.08,1260.56,4.35,57.03,39.69,{"$nulls":3},1.94,12.61,0.04,null,0.57,0.4]
["人工单价",null,"小计",{"$nulls":9},1.94,12.61,0.04,null,0.57,0.4]
[null,null,"未计价材料费",{"$nulls":9},12.47]
["清单项目综合单价",{"$nulls":11},15.56]
["材\n料\n费\n明\n细","主要材料名称、规格、型号",{"$nulls":7},"单位","数量",null,"单价（元）",null,"合价（元）",null,null,"暂估单价\n（元）","暂估合价\n（元）"]
[null,"铜芯电缆 WDZBN-YJY-3x4",{"$nulls":7},"m",1.01,null,12.35,null,12.47]
[null,"其他材料费",{"$nulls":10},"-",null,0.13,null,null,"-"]
[null,"材料费小计",{"$nulls":10},"-",null,12.6,null,null,"-"]
[]
[]
[]
["注：1.如不使用省级或行业建设主管部门发布的计价依据，可不填定额编码、名称等；\n    2.招标文件提供了暂估单价的材料，按暂估的单价填入表内“暂估单价”栏及“暂估合价”栏。"]
[{"$nulls":15},"表-09"]
["综合单价分析表"]
["工程名称：电气工程-新蓝天幼儿园工程建设项目-地上",{"$nulls":10},"标段：",{"$nulls":3},"第 54 页  共 78 页"]
["项目编码",null,"030408001017",null,"项目名称",null,"电力电缆 WDZBN-YJY-5x2.5",{"$nulls":3},"计量单位",null,null,"m",null,null,"工程量",null,79.84]
["清单综合单价组成明细"]
["定额编号","定额项目名称","定额\n单位","数量","单价",{"$nulls":7},"合价"]
[{"$nulls":4},"人工费","材料费","机具费","管理费","利润","规费","税金",null,"人工费","材料费","机具费",null,"管理费","利润","规费","税金"]
["C4-8-1 换","铜芯电力电缆敷设 电缆(截面mm2以下) 10 \u007f6mm2以下电力电缆敷设 单价*0.6 \u007f实际电缆芯数(芯):5","100m",0.01,252.3,1333.2,5.66,74.14,51.59,{"$nulls":3},2.52,13.33,0.06,null,0.74,0.52]
["人工单价",null,"小计",{"$nulls":9},2.52,13.33,0.06,null,0.74,0.52]
[null,null,"未计价材料费",{"$nulls":9},13.16]
["清单项目综合单价",{"$nulls":11},17.17]
["材\n料\n费\n明\n细","主要材料名称、规格、型号",{"$nulls":7},"单位","数量",null,"单价（元）",null,"合价（元）",null,null,"暂估单价\n（元）","暂估合价\n（元）"]
[null,"铜芯电缆 WDZBN-YJY-5x2.5",{"$nulls":7},"m",1.01,null,13.03,null,13.16]
[null,"其他材料费",{"$nulls":10},"-",null,0.18,null,null,"-"]
[null,"材料费小计",{"$nulls":10},"-",null,13.34,null,null,"-"]
[]
[]
[]
["注：1.如不使用省级或行业建设主管部门发布的计价依据，可不填定额编码、名称等；\n    2.招标文件提供了暂估单价的材料，按暂估的单价填入表内“暂估单价”栏及“暂估合价”栏。"]
[{"$nulls":15},"表-09"]
["综合单价分析表"]
["工程名称：电气工程-新蓝天幼儿园工程建设项目-地上",{"$nulls":10},"标段：",{"$nulls":3},"第 55 页  共 78 页"]
["项目编码",null,"030408006001",null,"项目名称",null,"电力电缆头(16截面mm2以下)",{"$nulls":3},"计量单位",null,null,"个",null,null,"工程量",null,24]
["清单综合单价组成明细"]
["定额编号","定额项目名称","定额\n单位","数量","单价",{"$nulls":7},"合价"]
[{"$nulls":4},"人工费","材料费","机具费","管理费","利润","规费","税金",null,"人工费","材料费","机具费",null,"管理费","利润","规费","税金"]
["C4-8-82","1kV以下户内干包式铜芯电力电缆终端头制作、安装 铜芯干包终端头(截面mm2以下) 16","个",1,34.33,47.95,null,9.87,6.87,{"$nulls":3},34.33,47.95,null,null,9.87,6.87]
["人工单价",null,"小计",{"$nulls":9},34.33,47.95,null,null,9.87,6.87]
[null,null,"未计价材料费"]
["清单项目综合单价",{"$nulls":11},99.02]
["材\n料\n费\n明\n细","主要材料名称、规格、型号",{"$nulls":7},"单位","数量",null,"单价（元）",null,"合价（元）",null,null,"暂估单价\n（元）","暂估合价\n（元）"]
[null,"其他材料费",{"$nulls":10},"-",null,47.97,null,null,"-"]
[null,"材料费小计",{"$nulls":10},"-",null,47.97,null,null,"-"]
[]
[]
[]
[]
["注：1.如不使用省级或行业建设主管部门发布的计价依据，可不填定额编码、名称等；\n    2.招标文件提供了暂估单价的材料，按暂估的单价填入表内“暂估单价”栏及“暂估合价”栏。"]
[{"$nulls":15},"表-09"]
["综合单价分析表"]
["工程名称：电气工程-新蓝天幼儿园工程建设项目-地上",{"$nulls":10},"标段：",{"$nulls":3},"第 56 页  共 78 页"]
["项目编码",null,"030408006002",null,"项目名称",null,"电力电缆头(35截面mm2以下)",{"$nulls":3},"计量单位",null,null,"个",null,null,"工程量",null,20]
["清单综合单价组成明细"]
["定额编号","定额项目名称","定额\n单位","数量","单价",{"$nulls":7},"合价"]
[{"$nulls":4},"人工费","材料费","机具费","管理费","利润","规费","税金",null,"人工费","材料费","机具费",null,"管理费","利润","规费","税金"]
["C4-8-83","1kV以下户内干包式铜芯电力电缆终端头制作、安装 铜芯干包终端头(截面mm2以下) 35","个",1,62.82,61.65,null,18.05,12.56,{"$nulls":3},62.82,61.65,null,null,18.05,12.56]
["人工单价",null,"小计",{"$nulls":9},62.82,61.65,null,null,18.05,12.56]
[null,null,"未计价材料费"]
["清单项目综合单价",{"$nulls":11},155.08]
["材\n料\n费\n明\n细","主要材料名称、规格、型号",{"$nulls":7},"单位","数量",null,"单价（元）",null,"合价（元）",null,null,"暂估单价\n（元）","暂估合价\n（元）"]
[null,"其他材料费",{"$nulls":10},"-",null,61.65,null,null,"-"]
[null,"材料费小计",{"$nulls":10},"-",null,61.65,null,null,"-"]
[]
[]
[]
[]
["注：1.如不使用省级或行业建设主管部门发布的计价依据，可不填定额编码、名称等；\n    2.招标文件提供了暂估单价的材料，按暂估的单价填入表内“暂估单价”栏及“暂估合价”栏。"]
[{"$nulls":15},"表-09"]
["综合单价分析表"]
["工程名称：电气工程-新蓝天幼儿园工程建设项目-地上",{"$nulls":10},"标段：",{"$nulls":3},"第 57 页  共 78 页"]
["项目编码",null,"030408006003",null,"项目名称",null,"电力电缆头(70截面mm2以下)",{"$nulls":3},"计量单位",null,null,"个",null,null,"工程量",null,4]
["清单综合单价组成明细"]
["定额编号","定额项目名称","定额\n单位","数量","单价",{"$nulls":7},"合价"]
[{"$nulls":4},"人工费","材料费","机具费","管理费","利润","规费","税金",null,"人工费","材料费","机具费",null,"管理费","利润","规费","税金"]
["C4-8-84","1kV以下户内干包式铜芯电力电缆终端头制作、安装 铜芯干包终端头(截面mm2以下) 70","个",1,81.15,75.85,null,23.32,16.23,{"$nulls":3},81.15,75.85,null,null,23.32,16.23]
["人工单价",null,"小计",{"$nulls":9},81.15,75.85,null,null,23.32,16.23]
[null,null,"未计价材料费"]
["清单项目综合单价",{"$nulls":11},196.55]
["材\n料\n费\n明\n细","主要材料名称、规格、型号",{"$nulls":7},"单位","数量",null,"单价（元）",null,"合价（元）",null,null,"暂估单价\n（元）","暂估合价\n（元）"]
[null,"其他材料费",{"$nulls":10},"-",null,75.87,null,null,"-"]
[null,"材料费小计",{"$nulls":10},"-",null,75.87,null,null,"-"]
[]
[]
[]
[]
["注：1.如不使用省级或行业建设主管部门发布的计价依据，可不填定额编码、名称等；\n    2.招标文件提供了暂估单价的材料，按暂估的单价填入表内“暂估单价”栏及“暂估合价”栏。"]
[{"$nulls":15},"表-09"]
["综合单价分析表"]
["工程名称：电气工程-新蓝天幼儿园工程建设项目-地上",{"$nulls":10},"标段：",{"$nulls":3},"第 58 页  共 78 页"]
["项目编码",null,"030408006004",null,"项目名称",null,"电力电缆头(120截面mm2以下)",{"$nulls":3},"计量单位",null,null,"个",null,null,"工程量",null,2]
["清单综合单价组成明细"]
["定额编号","定额项目名称","定额\n单位","数量","单价",{"$nulls":7},"合价"]
[{"$nulls":4},"人工费","材料费","机具费","管理费","利润","规费","税金",null,"人工费","材料费","机具费",null,"管理费","利润","规费","税金"]
["C4-8-85","1kV以下户内干包式铜芯电力电缆终端头制作、安装 铜芯干包终端头(截面mm2以下) 120","个",1,100.68,104.74,null,28.94,20.14,{"$nulls":3},100.68,104.74,null,null,28.94,20.14]
["人工单价",null,"小计",{"$nulls":9},100.68,104.74,null,null,28.94,20.14]
[null,null,"未计价材料费"]
["清单项目综合单价",{"$nulls":11},254.5]
["材\n料\n费\n明\n细","主要材料名称、规格、型号",{"$nulls":7},"单位","数量",null,"单价（元）",null,"合价（元）",null,null,"暂估单价\n（元）","暂估合价\n（元）"]
[null,"其他材料费",{"$nulls":10},"-",null,104.76,null,null,"-"]
[null,"材料费小计",{"$nulls":10},"-",null,104.76,null,null,"-"]
[]
[]
[]
[]
["注：1.如不使用省级或行业建设主管部门发布的计价依据，可不填定额编码、名称等；\n    2.招标文件提供了暂估单价的材料，按暂估的单价填入表内“暂估单价”栏及“暂估合价”栏。"]
[{"$nulls":15},"表-09"]
["综合单价分析表"]
["工程名称：电气工程-新蓝天幼儿园工程建设项目-地上",{"$nulls":10},"标段：",{"$nulls":3},"第 59 页  共 78 页"]
["项目编码",null,"030408006005",null,"项目名称",null,"电力电缆头(185截面mm2以下)",{"$nulls":3},"计量单位",null,null,"个",null,null,"工程量",null,6]
["清单综合单价组成明细"]
["定额编号","定额项目名称","定额\n单位","数量","单价",{"$nulls":7},"合价"]
[{"$nulls":4},"人工费","材料费","机具费","管理费","利润","规费","税金",null,"人工费","材料费","机具费",null,"管理费","利润","规费","税金"]
["C4-8-86","1kV以下户内干包式铜芯电力电缆终端头制作、安装 铜芯干包终端头(截面mm2以下) 185","个",1,116.52,132.2,null,33.49,23.3,{"$nulls":3},116.52,132.2,null,null,33.49,23.3]
["人工单价",null,"小计",{"$nulls":9},116.52,132.2,null,null,33.49,23.3]
[null,null,"未计价材料费"]
["清单项目综合单价",{"$nulls":11},305.51]
["材\n料\n费\n明\n细","主要材料名称、规格、型号",{"$nulls":7},"单位","数量",null,"单价（元）",null,"合价（元）",null,null,"暂估单价\n（元）","暂估合价\n（元）"]
[null,"其他材料费",{"$nulls":10},"-",null,132.2,null,null,"-"]
[null,"材料费小计",{"$nulls":10},"-",null,132.2,null,null,"-"]
[]
[]
[]
[]
["注：1.如不使用省级或行业建设主管部门发布的计价依据，可不填定额编码、名称等；\n    2.招标文件提供了暂估单价的材料，按暂估的单价填入表内“暂估单价”栏及“暂估合价”栏。"]
[{"$nulls":15},"表-09"]
["综合单价分析表"]
["工程名称：电气工程-新蓝天幼儿园工程建设项目-地上",{"$nulls":10},"标段：",{"$nulls":3},"第 60 页  共 78 页"]
["项目编码",null,"030408001018",null,"项目名称",null,"矿物绝缘电缆终端头安装 多芯(截面mm2以下) 35",{"$nulls":3},"计量单位",null,null,"个",null,null,"工程量",null,14]
["清单综合单价组成明细"]
["定额编号","定额项目名称","定额\n单位","数量","单价",{"$nulls":7},"合价"]
[{"$nulls":4},"人工费","材料费","机具费","管理费","利润","规费","税金",null,"人工费","材料费","机具费",null,"管理费","利润","规费","税金"]
["C4-8-154","矿物绝缘电缆终端头安装 多芯(截面mm2以下) 35","个",1,43.06,83.85,3.12,13.27,9.24,{"$nulls":3},43.06,83.85,3.12,null,13.27,9.24]
["人工单价",null,"小计",{"$nulls":9},43.06,83.85,3.12,null,13.27,9.24]
[null,null,"未计价材料费",{"$nulls":9},45]
["清单项目综合单价",{"$nulls":11},152.54]
["材\n料\n费\n明\n细","主要材料名称、规格、型号",{"$nulls":7},"单位","数量",null,"单价（元）",null,"合价（元）",null,null,"暂估单价\n（元）","暂估合价\n（元）"]
[null,"矿物绝缘电缆终端头 35mm2以下",{"$nulls":7},"套",1,null,45,null,45]
[null,"其他材料费",{"$nulls":10},"-",null,38.85,null,null,"-"]
[null,"材料费小计",{"$nulls":10},"-",null,83.85,null,null,"-"]
[]
[]
[]
[]
[]
["注：1.如不使用省级或行业建设主管部门发布的计价依据，可不填定额编码、名称等；\n    2.招标文件提供了暂估单价的材料，按暂估的单价填入表内“暂估单价”栏及“暂估合价”栏。"]
[{"$nulls":15},"表-09"]
["综合单价分析表"]
["工程名称：电气工程-新蓝天幼儿园工程建设项目-地上",{"$nulls":10},"标段：",{"$nulls":3},"第 61 页  共 78 页"]
["项目编码",null,"030408001019",null,"项目名称",null,"矿物绝缘电缆终端头安装 多芯(截面mm2以下) 70",{"$nulls":3},"计量单位",null,null,"个",null,null,"工程量",null,2]
["清单综合单价组成明细"]
["定额编号","定额项目名称","定额\n单位","数量","单价",{"$nulls":7},"合价"]
[{"$nulls":4},"人工费","材料费","机具费","管理费","利润","规费","税金",null,"人工费","材料费","机具费",null,"管理费","利润","规费","税金"]
["C4-8-155","矿物绝缘电缆终端头安装 多芯(截面mm2以下) 70","个",1,57.62,169.27,3.91,17.68,12.31,{"$nulls":3},57.62,169.27,3.91,null,17.68,12.31]
["人工单价",null,"小计",{"$nulls":9},57.62,169.27,3.91,null,17.68,12.31]
[null,null,"未计价材料费",{"$nulls":9},125]
["清单项目综合单价",{"$nulls":11},260.79]
["材\n料\n费\n明\n细","主要材料名称、规格、型号",{"$nulls":7},"单位","数量",null,"单价（元）",null,"合价（元）",null,null,"暂估单价\n（元）","暂估合价\n（元）"]
[null,"矿物绝缘电缆终端头 70mm2以下",{"$nulls":7},"套",1,null,125,null,125]
[null,"其他材料费",{"$nulls":10},"-",null,44.27,null,null,"-"]
[null,"材料费小计",{"$nulls":10},"-",null,169.27,null,null,"-"]
[]
[]
[]
[]
[]
["注：1.如不使用省级或行业建设主管部门发布的计价依据，可不填定额编码、名称等；\n    2.招标文件提供了暂估单价的材料，按暂估的单价填入表内“暂估单价”栏及“暂估合价”栏。"]
[{"$nulls":15},"表-09"]
["综合单价分析表"]
["工程名称：电气工程-新蓝天幼儿园工程建设项目-地上",{"$nulls":10},"标段：",{"$nulls":3},"第 62 页  共 78 页"]
["项目编码",null,"030408001020",null,"项目名称",null,"矿物绝缘电缆终端头安装 多芯(截面mm2以下) 120",{"$nulls":3},"计量单位",null,null,"个",null,null,"工程量",null,2]
["清单综合单价组成明细"]
["定额编号","定额项目名称","定额\n单位","数量","单价",{"$nulls":7},"合价"]
[{"$nulls":4},"人工费","材料费","机具费","管理费","利润","规费","税金",null,"人工费","材料费","机具费",null,"管理费","利润","规费","税金"]
["C4-8-156","矿物绝缘电缆终端头安装 多芯(截面mm2以下) 120","个",1,84.51,145.74,4.3,25.52,17.76,{"$nulls":3},84.51,145.74,4.3,null,25.52,17.76]
["人工单价",null,"小计",{"$nulls":9},84.51,145.74,4.3,null,25.52,17.76]
[null,null,"未计价材料费",{"$nulls":9},97.18]
["清单项目综合单价",{"$nulls":11},277.83]
["材\n料\n费\n明\n细","主要材料名称、规格、型号",{"$nulls":7},"单位","数量",null,"单价（元）",null,"合价（元）",null,null,"暂估单价\n（元）","暂估合价\n（元）"]
[null,"矿物绝缘电缆终端头 120mm以下",{"$nulls":7},"套",1,null,97.18,null,97.18]
[null,"其他材料费",{"$nulls":10},"-",null,48.57,null,null,"-"]
[null,"材料费小计",{"$nulls":10},"-",null,145.75,null,null,"-"]
[]
[]
[]
[]
[]
["注：1.如不使用省级或行业建设主管部门发布的计价依据，可不填定额编码、名称等；\n    2.招标文件提供了暂估单价的材料，按暂估的单价填入表内“暂估单价”栏及“暂估合价”栏。"]
[{"$nulls":15},"表-09"]
["综合单价分析表"]
["工程名称：电气工程-新蓝天幼儿园工程建设项目-地上",{"$nulls":10},"标段：",{"$nulls":3},"第 63 页  共 78 页"]
["项目编码",null,"030411004012",null,"项目名称",null,"配线 WDZB-BYJ-450/750V-2.5",{"$nulls":3},"计量单位",null,null,"m",null,null,"工程量",null,1249.61]
["清单综合单价组成明细"]
["定额编号","定额项目名称","定额\n单位","数量","单价",{"$nulls":7},"合价"]
[{"$nulls":4},"人工费","材料费","机具费","管理费","利润","规费","税金",null,"人工费","材料费","机具费",null,"管理费","利润","规费","税金"]
["C4-11-215","硬绝缘导线管内穿线 导线截面(mm2以内) 2.5","100m单线",0.01,77.85,401.05,null,22.37,15.57,{"$nulls":3},0.78,4.01,null,null,0.22,0.16]
["人工单价",null,"小计",{"$nulls":9},0.78,4.01,null,null,0.22,0.16]
[null,null,"未计价材料费",{"$nulls":9},3.85]
["清单项目综合单价",{"$nulls":11},5.17]
["材\n料\n费\n明\n细","主要材料名称、规格、型号",{"$nulls":7},"单位","数量",null,"单价（元）",null,"合价（元）",null,null,"暂估单价\n（元）","暂估合价\n（元）"]
[null,"绝缘电线 WDZB-BYJ-2.5",{"$nulls":7},"m",1.1,null,3.5,null,3.85]
[null,"其他材料费",{"$nulls":10},"-",null,0.15,null,null,"-"]
[null,"材料费小计",{"$nulls":10},"-",null,4,null,null,"-"]
[]
[]
[]
[]
[]
["注：1.如不使用省级或行业建设主管部门发布的计价依据，可不填定额编码、名称等；\n    2.招标文件提供了暂估单价的材料，按暂估的单价填入表内“暂估单价”栏及“暂估合价”栏。"]
[{"$nulls":15},"表-09"]
["综合单价分析表"]
["工程名称：电气工程-新蓝天幼儿园工程建设项目-地上",{"$nulls":10},"标段：",{"$nulls":3},"第 64 页  共 78 页"]
["项目编码",null,"030411004013",null,"项目名称",null,"配线 WDZB-BYJ-450/750V-2.5",{"$nulls":3},"计量单位",null,null,"m",null,null,"工程量",null,588.28]
["清单综合单价组成明细"]
["定额编号","定额项目名称","定额\n单位","数量","单价",{"$nulls":7},"合价"]
[{"$nulls":4},"人工费","材料费","机具费","管理费","利润","规费","税金",null,"人工费","材料费","机具费",null,"管理费","利润","规费","税金"]
["C4-11-240","线槽配线 导线截面(mm2以内) 2.5","100m单线",0.01,92.05,378.8,null,26.46,18.41,{"$nulls":3},0.92,3.79,null,null,0.26,0.18]
["人工单价",null,"小计",{"$nulls":9},0.92,3.79,null,null,0.26,0.18]
[null,null,"未计价材料费",{"$nulls":9},3.68]
["清单项目综合单价",{"$nulls":11},5.16]
["材\n料\n费\n明\n细","主要材料名称、规格、型号",{"$nulls":7},"单位","数量",null,"单价（元）",null,"合价（元）",null,null,"暂估单价\n（元）","暂估合价\n（元）"]
[null,"绝缘电线 WDZB-BYJ-2.5",{"$nulls":7},"m",1.05,null,3.5,null,3.68]
[null,"其他材料费",{"$nulls":10},"-",null,0.12,null,null,"-"]
[null,"材料费小计",{"$nulls":10},"-",null,3.8,null,null,"-"]
[]
[]
[]
[]
[]
["注：1.如不使用省级或行业建设主管部门发布的计价依据，可不填定额编码、名称等；\n    2.招标文件提供了暂估单价的材料，按暂估的单价填入表内“暂估单价”栏及“暂估合价”栏。"]
[{"$nulls":15},"表-09"]
["综合单价分析表"]
["工程名称：电气工程-新蓝天幼儿园工程建设项目-地上",{"$nulls":10},"标段：",{"$nulls":3},"第 65 页  共 78 页"]
["项目编码",null,"030411004014",null,"项目名称",null,"配线 WDZBN-BYJ-450/750V-2.5",{"$nulls":3},"计量单位",null,null,"m",null,null,"工程量",null,58.13]
["清单综合单价组成明细"]
["定额编号","定额项目名称","定额\n单位","数量","单价",{"$nulls":7},"合价"]
[{"$nulls":4},"人工费","材料费","机具费","管理费","利润","规费","税金",null,"人工费","材料费","机具费",null,"管理费","利润","规费","税金"]
["C4-11-215","硬绝缘导线管内穿线 导线截面(mm2以内) 2.5","100m单线",0.01,77.85,588.05,null,22.37,15.57,{"$nulls":3},0.78,5.88,null,null,0.22,0.16]
["人工单价",null,"小计",{"$nulls":9},0.78,5.88,null,null,0.22,0.16]
[null,null,"未计价材料费",{"$nulls":9},5.72]
["清单项目综合单价",{"$nulls":11},7.04]
["材\n料\n费\n明\n细","主要材料名称、规格、型号",{"$nulls":7},"单位","数量",null,"单价（元）",null,"合价（元）",null,null,"暂估单价\n（元）","暂估合价\n（元）"]
[null,"绝缘电线 WDZBN-BYJ-2.5",{"$nulls":7},"m",1.1,null,5.2,null,5.72]
[null,"其他材料费",{"$nulls":10},"-",null,0.15,null,null,"-"]
[null,"材料费小计",{"$nulls":10},"-",null,5.87,null,null,"-"]
[]
[]
[]
[]
[]
["注：1.如不使用省级或行业建设主管部门发布的计价依据，可不填定额编码、名称等；\n    2.招标文件提供了暂估单价的材料，按暂估的单价填入表内“暂估单价”栏及“暂估合价”栏。"]
[{"$nulls":15},"表-09"]
["综合单价分析表"]
["工程名称：电气工程-新蓝天幼儿园工程建设项目-地上",{"$nulls":10},"标段：",{"$nulls":3},"第 66 页  共 78 页"]
["项目编码",null,"030411004015",null,"项目名称",null,"配线 WDZB-BYJ-450/750V-10",{"$nulls":3},"计量单位",null,null,"m",null,null,"工程量",null,31.69]
["清单综合单价组成明细"]
["定额编号","定额项目名称","定额\n单位","数量","单价",{"$nulls":7},"合价"]
[{"$nulls":4},"人工费","材料费","机具费","管理费","利润","规费","税金",null,"人工费","材料费","机具费",null,"管理费","利润","规费","税金"]
["C4-11-217","硬绝缘导线管内穿线 导线截面(mm2以内) 16","100m单线",0.01,93.49,914.64,null,26.87,18.7,{"$nulls":3},0.93,9.15,null,null,0.27,0.19]
["人工单价",null,"小计",{"$nulls":9},0.93,9.15,null,null,0.27,0.19]
[null,null,"未计价材料费",{"$nulls":9},8.95]
["清单项目综合单价",{"$nulls":11},10.54]
["材\n料\n费\n明\n细","主要材料名称、规格、型号",{"$nulls":7},"单位","数量",null,"单价（元）",null,"合价（元）",null,null,"暂估单价\n（元）","暂估合价\n（元）"]
[null,"绝缘电线 WDZB-BYJ-10",{"$nulls":7},"m",1.05,null,8.52,null,8.95]
[null,"其他材料费",{"$nulls":10},"-",null,0.21,null,null,"-"]
[null,"材料费小计",{"$nulls":10},"-",null,9.16,null,null,"-"]
[]
[]
[]
[]
[]
["注：1.如不使用省级或行业建设主管部门发布的计价依据，可不填定额编码、名称等；\n    2.招标文件提供了暂估单价的材料，按暂估的单价填入表内“暂估单价”栏及“暂估合价”栏。"]
[{"$nulls":15},"表-09"]
["综合单价分析表"]
["工程名称：电气工程-新蓝天幼儿园工程建设项目-地上",{"$nulls":10},"标段：",{"$nulls":3},"第 67 页  共 78 页"]
["项目编码",null,"030411004016",null,"项目名称",null,"配线 WDZB-BYJ-450/750V-10",{"$nulls":3},"计量单位",null,null,"m",null,null,"工程量",null,156.89]
["清单综合单价组成明细"]
["定额编号","定额项目名称","定额\n单位","数量","单价",{"$nulls":7},"合价"]
[{"$nulls":4},"人工费","材料费","机具费","管理费","利润","规费","税金",null,"人工费","材料费","机具费",null,"管理费","利润","规费","税金"]
["C4-11-242","线槽配线 导线截面(mm2以内) 16","100m单线",0.01,137.08,905.9,null,39.4,27.42,{"$nulls":3},1.37,9.06,null,null,0.39,0.27]
["人工单价",null,"小计",{"$nulls":9},1.37,9.06,null,null,0.39,0.27]
[null,null,"未计价材料费",{"$nulls":9},8.95]
["清单项目综合单价",{"$nulls":11},11.1]
["材\n料\n费\n明\n细","主要材料名称、规格、型号",{"$nulls":7},"单位","数量",null,"单价（元）",null,"合价（元）",null,null,"暂估单价\n（元）","暂估合价\n（元）"]
[null,"绝缘电线 WDZB-BYJ-10",{"$nulls":7},"m",1.05,null,8.52,null,8.95]
[null,"其他材料费",{"$nulls":10},"-",null,0.12,null,null,"-"]
[null,"材料费小计",{"$nulls":10},"-",null,9.07,null,null,"-"]
[]
[]
[]
[]
[]
["注：1.如不使用省级或行业建设主管部门发布的计价依据，可不填定额编码、名称等；\n    2.招标文件提供了暂估单价的材料，按暂估的单价填入表内“暂估单价”栏及“暂估合价”栏。"]
[{"$nulls":15},"表-09"]
["综合单价分析表"]
["工程名称：电气工程-新蓝天幼儿园工程建设项目-地上",{"$nulls":10},"标段：",{"$nulls":3},"第 68 页  共 78 页"]
["项目编码",null,"030411004017",null,"项目名称",null,"配线 WDZB-RYJ-2x1.5",{"$nulls":3},"计量单位",null,null,"m",null,null,"工程量",null,16.08]
["清单综合单价组成明细"]
["定额编号","定额项目名称","定额\n单位","数量","单价",{"$nulls":7},"合价"]
[{"$nulls":4},"人工费","材料费","机具费","管理费","利润","规费","税金",null,"人工费","材料费","机具费",null,"管理费","利润","规费","税金"]
["C4-11-225","多芯软导线管内穿线(芯以内) 二芯 导线截面(mm2以内) 1.5","100m/束",0.01,79.52,676.13,null,22.85,15.9,{"$nulls":3},0.8,6.76,null,null,0.23,0.16]
["人工单价",null,"小计",{"$nulls":9},0.8,6.76,null,null,0.23,0.16]
[null,null,"未计价材料费",{"$nulls":9},6.61]
["清单项目综合单价",{"$nulls":11},7.94]
["材\n料\n费\n明\n细","主要材料名称、规格、型号",{"$nulls":7},"单位","数量",null,"单价（元）",null,"合价（元）",null,null,"暂估单价\n（元）","暂估合价\n（元）"]
[null,"配线 WDZB-RYJ-2x1.5",{"$nulls":7},"m",1.08,null,6.12,null,6.61]
[null,"其他材料费",{"$nulls":10},"-",null,0.16,null,null,"-"]
[null,"材料费小计",{"$nulls":10},"-",null,6.77,null,null,"-"]
[]
[]
[]
[]
[]
["注：1.如不使用省级或行业建设主管部门发布的计价依据，可不填定额编码、名称等；\n    2.招标文件提供了暂估单价的材料，按暂估的单价填入表内“暂估单价”栏及“暂估合价”栏。"]
[{"$nulls":15},"表-09"]
["综合单价分析表"]
["工程名称：电气工程-新蓝天幼儿园工程建设项目-地上",{"$nulls":10},"标段：",{"$nulls":3},"第 69 页  共 78 页"]
["项目编码",null,"030411001007",null,"项目名称",null,"镀锌电线管 MT16",{"$nulls":3},"计量单位",null,null,"m",null,null,"工程量",null,13.68]
["清单综合单价组成明细"]
["定额编号","定额项目名称","定额\n单位","数量","单价",{"$nulls":7},"合价"]
[{"$nulls":4},"人工费","材料费","机具费","管理费","利润","规费","税金",null,"人工费","材料费","机具费",null,"管理费","利润","规费","税金"]
["C4-11-7","镀锌电线管砖、混凝土结构暗配 公称直径(mm以内) 15","100m",0.01,466.74,510.96,null,134.14,93.35,{"$nulls":3},4.67,5.11,null,null,1.34,0.93]
["人工单价",null,"小计",{"$nulls":9},4.67,5.11,null,null,1.34,0.93]
[null,null,"未计价材料费",{"$nulls":9},4.16]
["清单项目综合单价",{"$nulls":11},12.05]
["材\n料\n费\n明\n细","主要材料名称、规格、型号",{"$nulls":7},"单位","数量",null,"单价（元）",null,"合价（元）",null,null,"暂估单价\n（元）","暂估合价\n（元）"]
[null,"镀锌电线管 MT16",{"$nulls":7},"m",1.03,null,4.04,null,4.16]
[null,"其他材料费",{"$nulls":10},"-",null,0.97,null,null,"-"]
[null,"材料费小计",{"$nulls":10},"-",null,5.13,null,null,"-"]
[]
[]
[]
[]
[]
[]
["注：1.如不使用省级或行业建设主管部门发布的计价依据，可不填定额编码、名称等；\n    2.招标文件提供了暂估单价的材料，按暂估的单价填入表内“暂估单价”栏及“暂估合价”栏。"]
[{"$nulls":15},"表-09"]
["综合单价分析表"]
["工程名称：电气工程-新蓝天幼儿园工程建设项目-地上",{"$nulls":10},"标段：",{"$nulls":3},"第 70 页  共 78 页"]
["项目编码",null,"030411001008",null,"项目名称",null,"镀锌电线管 MT19",{"$nulls":3},"计量单位",null,null,"m",null,null,"工程量",null,7731.65]
["清单综合单价组成明细"]
["定额编号","定额项目名称","定额\n单位","数量","单价",{"$nulls":7},"合价"]
[{"$nulls":4},"人工费","材料费","机具费","管理费","利润","规费","税金",null,"人工费","材料费","机具费",null,"管理费","利润","规费","税金"]
["C4-11-8","镀锌电线管砖、混凝土结构暗配 公称直径(mm以内) 20","100m",0.01,497.4,627.69,null,142.95,99.48,{"$nulls":3},4.97,6.28,null,null,1.43,0.99]
["人工单价",null,"小计",{"$nulls":9},4.97,6.28,null,null,1.43,0.99]
[null,null,"未计价材料费",{"$nulls":9},5.12]
["清单项目综合单价",{"$nulls":11},13.68]
["材\n料\n费\n明\n细","主要材料名称、规格、型号",{"$nulls":7},"单位","数量",null,"单价（元）",null,"合价（元）",null,null,"暂估单价\n（元）","暂估合价\n（元）"]
[null,"镀锌电线管 MT19",{"$nulls":7},"m",1.03,null,4.97,null,5.12]
[null,"其他材料费",{"$nulls":10},"-",null,1.15,null,null,"-"]
[null,"材料费小计",{"$nulls":10},"-",null,6.27,null,null,"-"]
[]
[]
[]
[]
[]
[]
["注：1.如不使用省级或行业建设主管部门发布的计价依据，可不填定额编码、名称等；\n    2.招标文件提供了暂估单价的材料，按暂估的单价填入表内“暂估单价”栏及“暂估合价”栏。"]
[{"$nulls":15},"表-09"]
["综合单价分析表"]
["工程名称：电气工程-新蓝天幼儿园工程建设项目-地上",{"$nulls":10},"标段：",{"$nulls":3},"第 71 页  共 78 页"]
["项目编码",null,"030411001009",null,"项目名称",null,"镀锌电线管 MT25",{"$nulls":3},"计量单位",null,null,"m",null,null,"工程量",null,68.18]
["清单综合单价组成明细"]
["定额编号","定额项目名称","定额\n单位","数量","单价",{"$nulls":7},"合价"]
[{"$nulls":4},"人工费","材料费","机具费","管理费","利润","规费","税金",null,"人工费","材料费","机具费",null,"管理费","利润","规费","税金"]
["C4-11-9","镀锌电线管砖、混凝土结构暗配 公称直径(mm以内) 25","100m",0.01,716.79,818.47,3.45,207,144.05,{"$nulls":3},7.17,8.18,0.03,null,2.07,1.44]
["人工单价",null,"小计",{"$nulls":9},7.17,8.18,0.03,null,2.07,1.44]
[null,null,"未计价材料费",{"$nulls":9},6.72]
["清单项目综合单价",{"$nulls":11},18.9]
["材\n料\n费\n明\n细","主要材料名称、规格、型号",{"$nulls":7},"单位","数量",null,"单价（元）",null,"合价（元）",null,null,"暂估单价\n（元）","暂估合价\n（元）"]
[null,"镀锌电线管 MT25",{"$nulls":7},"m",1.03,null,6.52,null,6.72]
[null,"其他材料费",{"$nulls":10},"-",null,1.48,null,null,"-"]
[null,"材料费小计",{"$nulls":10},"-",null,8.2,null,null,"-"]
[]
[]
[]
[]
[]
[]
["注：1.如不使用省级或行业建设主管部门发布的计价依据，可不填定额编码、名称等；\n    2.招标文件提供了暂估单价的材料，按暂估的单价填入表内“暂估单价”栏及“暂估合价”栏。"]
[{"$nulls":15},"表-09"]
["综合单价分析表"]
["工程名称：电气工程-新蓝天幼儿园工程建设项目-地上",{"$nulls":10},"标段：",{"$nulls":3},"第 72 页  共 78 页"]
["项目编码",null,"030411001010",null,"项目名称",null,"镀锌电线管 MT32",{"$nulls":3},"计量单位",null,null,"m",null,null,"工程量",null,812.25]
["清单综合单价组成明细"]
["定额编号","定额项目名称","定额\n单位","数量","单价",{"$nulls":7},"合价"]
[{"$nulls":4},"人工费","材料费","机具费","管理费","利润","规费","税金",null,"人工费","材料费","机具费",null,"管理费","利润","规费","税金"]
["C4-11-10","镀锌电线管砖、混凝土结构暗配 公称直径(mm以内) 32","100m",0.01,763.57,1059.39,3.45,220.44,153.4,{"$nulls":3},7.64,10.59,0.03,null,2.2,1.53]
["人工单价",null,"小计",{"$nulls":9},7.64,10.59,0.03,null,2.2,1.53]
[null,null,"未计价材料费",{"$nulls":9},8.59]
["清单项目综合单价",{"$nulls":11},22]
["材\n料\n费\n明\n细","主要材料名称、规格、型号",{"$nulls":7},"单位","数量",null,"单价（元）",null,"合价（元）",null,null,"暂估单价\n（元）","暂估合价\n（元）"]
[null,"镀锌电线管 MT32",{"$nulls":7},"m",1.03,null,8.34,null,8.59]
[null,"其他材料费",{"$nulls":10},"-",null,2,null,null,"-"]
[null,"材料费小计",{"$nulls":10},"-",null,10.59,null,null,"-"]
[]
[]
[]
[]
[]
[]
["注：1.如不使用省级或行业建设主管部门发布的计价依据，可不填定额编码、名称等；\n    2.招标文件提供了暂估单价的材料，按暂估的单价填入表内“暂估单价”栏及“暂估合价”栏。"]
[{"$nulls":15},"表-09"]
["综合单价分析表"]
["工程名称：电气工程-新蓝天幼儿园工程建设项目-地上",{"$nulls":10},"标段：",{"$nulls":3},"第 73 页  共 78 页"]
["项目编码",null,"030411001011",null,"项目名称",null,"镀锌电线管 MT40",{"$nulls":3},"计量单位",null,null,"m",null,null,"工程量",null,18.96]
["清单综合单价组成明细"]
["定额编号","定额项目名称","定额\n单位","数量","单价",{"$nulls":7},"合价"]
[{"$nulls":4},"人工费","材料费","机具费","管理费","利润","规费","税金",null,"人工费","材料费","机具费",null,"管理费","利润","规费","税金"]
["C4-11-11","镀锌电线管砖、混凝土结构暗配 公称直径(mm以内) 40","100m",0.01,973.63,1587.17,7.47,281.97,196.22,{"$nulls":3},9.74,15.87,0.07,null,2.82,1.96]
["人工单价",null,"小计",{"$nulls":9},9.74,15.87,0.07,null,2.82,1.96]
[null,null,"未计价材料费",{"$nulls":9},13.18]
["清单项目综合单价",{"$nulls":11},30.46]
["材\n料\n费\n明\n细","主要材料名称、规格、型号",{"$nulls":7},"单位","数量",null,"单价（元）",null,"合价（元）",null,null,"暂估单价\n（元）","暂估合价\n（元）"]
[null,"镀锌电线管 MT40",{"$nulls":7},"m",1.03,null,12.8,null,13.18]
[null,"其他材料费",{"$nulls":10},"-",null,2.7,null,null,"-"]
[null,"材料费小计",{"$nulls":10},"-",null,15.88,null,null,"-"]
[]
[]
[]
[]
[]
[]
["注：1.如不使用省级或行业建设主管部门发布的计价依据，可不填定额编码、名称等；\n    2.招标文件提供了暂估单价的材料，按暂估的单价填入表内“暂估单价”栏及“暂估合价”栏。"]
[{"$nulls":15},"表-09"]
["综合单价分析表"]
["工程名称：电气工程-新蓝天幼儿园工程建设项目-地上",{"$nulls":10},"标段：",{"$nulls":3},"第 74 页  共 78 页"]
["项目编码",null,"030411001012",null,"项目名称",null,"镀锌电线管 MT50",{"$nulls":3},"计量单位",null,null,"m",null,null,"工程量",null,56.18]
["清单综合单价组成明细"]
["定额编号","定额项目名称","定额\n单位","数量","单价",{"$nulls":7},"合价"]
[{"$nulls":4},"人工费","材料费","机具费","管理费","利润","规费","税金",null,"人工费","材料费","机具费",null,"管理费","利润","规费","税金"]
["C4-11-12","镀锌电线管砖、混凝土结构暗配 公称直径(mm以内) 50","100m",0.01,1039.66,1986.06,7.47,300.95,209.43,{"$nulls":3},10.4,19.86,0.07,null,3.01,2.09]
["人工单价",null,"小计",{"$nulls":9},10.4,19.86,0.07,null,3.01,2.09]
[null,null,"未计价材料费",{"$nulls":9},16.42]
["清单项目综合单价",{"$nulls":11},35.44]
["材\n料\n费\n明\n细","主要材料名称、规格、型号",{"$nulls":7},"单位","数量",null,"单价（元）",null,"合价（元）",null,null,"暂估单价\n（元）","暂估合价\n（元）"]
[null,"镀锌电线管 MT50",{"$nulls":7},"m",1.03,null,15.94,null,16.42]
[null,"其他材料费",{"$nulls":10},"-",null,3.44,null,null,"-"]
[null,"材料费小计",{"$nulls":10},"-",null,19.86,null,null,"-"]
[]
[]
[]
[]
[]
[]
["注：1.如不使用省级或行业建设主管部门发布的计价依据，可不填定额编码、名称等；\n    2.招标文件提供了暂估单价的材料，按暂估的单价填入表内“暂估单价”栏及“暂估合价”栏。"]
[{"$nulls":15},"表-09"]
["综合单价分析表"]
["工程名称：电气工程-新蓝天幼儿园工程建设项目-地上",{"$nulls":10},"标段：",{"$nulls":3},"第 75 页  共 78 页"]
["项目编码",null,"031302007001",null,"项目名称",null,"高层施工增加",{"$nulls":3},"计量单位",null,null,"项",null,null,"工程量",null,1]
["清单综合单价组成明细"]
["定额编号","定额项目名称","定额\n单位","数量","单价",{"$nulls":7},"合价"]
[{"$nulls":4},"人工费","材料费","机具费","管理费","利润","规费","税金",null,"人工费","材料费","机具费",null,"管理费","利润","规费","税金"]
["BM249","高层建筑增加费_高度20m以上30m以下(含装在20m以上的变配电工程和动力工程)(电气设备安装工程)","元",1,2030.17,{"$nulls":7},2030.17]
["BM435","高层建筑增加费_高度20m以上30m以下(刷油、防腐蚀、绝热工程)","元",1,3.9,{"$nulls":7},3.9]
["BM371","高层建筑增加费_高度20m以上30m以下(给排水、采暖、燃气工程)","元",1]
["人工单价",null,"小计",{"$nulls":9},2034.07]
[null,null,"未计价材料费"]
["清单项目综合单价",{"$nulls":11},2034.07]
["材","主要材料名称、规格、型号",{"$nulls":7},"单位","数量",null,"单价（元）",null,"合价（元）",null,null,"暂估单价","暂估合价"]
["注：1.如不使用省级或行业建设主管部门发布的计价依据，可不填定额编码、名称等；\n    2.招标文件提供了暂估单价的材料，按暂估的单价填入表内“暂估单价”栏及“暂估合价”栏。"]
[{"$nulls":15},"表-09"]
["综合单价分析表"]
["工程名称：电气工程-新蓝天幼儿园工程建设项目-地上",{"$nulls":10},"标段：",{"$nulls":3},"第 76 页  共 78 页"]
["料\n费\n明\n细",{"$nulls":16},"（元）","（元）"]
[null,"其他材料费",{"$nulls":10},"-",{"$nulls":4},"-"]
[null,"材料费小计",{"$nulls":10},"-",{"$nulls":4},"-"]
{"$rows_empty":16}
["注：1.如不使用省级或行业建设主管部门发布的计价依据，可不填定额编码、名称等；\n    2.招标文件提供了暂估单价的材料，按暂估的单价填入表内“暂估单价”栏及“暂估合价”栏。"]
[{"$nulls":15},"表-09"]
["综合单价分析表"]
["工程名称：电气工程-新蓝天幼儿园工程建设项目-地上",{"$nulls":10},"标段：",{"$nulls":3},"第 77 页  共 78 页"]
["项目编码",null,"031301017001",null,"项目名称",null,"脚手架搭拆费",{"$nulls":3},"计量单位",null,null,"项",null,null,"工程量",null,1]
["清单综合单价组成明细"]
["定额编号","定额项目名称","定额\n单位","数量","单价",{"$nulls":7},"合价"]
[{"$nulls":4},"人工费","材料费","机具费","管理费","利润","规费","税金",null,"人工费","材料费","机具费",null,"管理费","利润","规费","税金"]
["BM248","脚手架搭拆费(单独承担埋地或沟槽敷设线缆工程除外)(电气设备安装工程，除10章)","元",1,4060.34,{"$nulls":7},4060.34]
["BM434","脚手架搭拆费(刷油、防腐蚀、绝热工程)","元",1,23.38,{"$nulls":7},23.38]
["BM399","脚手架搭拆费(单独承担埋地管道工程除外)(给排水、采暖、燃气工程)","元",1]
["人工单价",null,"小计",{"$nulls":9},4083.72]
[null,null,"未计价材料费"]
["清单项目综合单价",{"$nulls":11},4083.72]
["材\n料\n费","主要材料名称、规格、型号",{"$nulls":7},"单位","数量",null,"单价（元）",null,"合价（元）",null,null,"暂估单价\n（元）","暂估合价\n（元）"]
["注：1.如不使用省级或行业建设主管部门发布的计价依据，可不填定额编码、名称等；\n    2.招标文件提供了暂估单价的材料，按暂估的单价填入表内“暂估单价”栏及“暂估合价”栏。"]
[{"$nulls":15},"表-09"]
["综合单价分析表"]
["工程名称：电气工程-新蓝天幼儿园工程建设项目-地上",{"$nulls":10},"标段：",{"$nulls":3},"第 78 页  共 78 页"]
["明\n细","其他材料费",{"$nulls":10},"-",{"$nulls":4},"-"]
[null,"材料费小计",{"$nulls":10},"-",{"$nulls":4},"-"]
{"$rows_empty":18}
["注：1.如不使用省级或行业建设主管部门发布的计价依据，可不填定额编码、名称等；\n    2.招标文件提供了暂估单价的材料，按暂估的单价填入表内“暂估单价”栏及“暂估合价”栏。"]
[{"$nulls":15},"表-09"]

{"sheet":"表-11 总价措施项目清单与计价表【电气工程-新蓝天幼儿园","index":10,"n_rows":49,"n_cols":11,"rows_kept":49,"merged":[[0,0,0,10],[1,0,1,5],[1,6,1,7],[1,8,1,10],[2,5,2,6],[2,7,2,8],[3,5,3,6],[3,7,3,8],[4,5,4,6],[4,7,4,8],[5,5,5,6],[5,7,5,8],[6,5,6,6],[6,7,6,8],[7,5,7,6],[7,7,7,8],[8,5,8,6],[8,7,8,8],[9,5,9,6],[9,7,9,8],[10,5,10,6],[10,7,10,8],[11,5,11,6],[11,7,11,8],[12,0,12,5],[12,6,12,10],[13,0,13,5],[13,6,13,7],[13,8,13,10],[14,0,14,10],[15,0,15,5],[15,6,15,7],[15,8,15,10],[16,5,16,6],[16,7,16,8],[17,5,17,6],[17,7,17,8],[18,5,18,6],[18,7,18,8],[19,5,19,6],[19,7,19,8],[20,5,20,6],[20,7,20,8],[21,5,21,6],[21,7,21,8],[22,5,22,6],[22,7,22,8],[23,5,23,6],[23,7,23,8],[24,5,24,6],[24,7,24,8],[25,5,25,6],[25,7,25,8],[26,5,26,6],[26,7,26,8],[27,5,27,6],[27,7,27,8],[28,5,28,6],[28,7,28,8],[29,5,29,6],[29,7,29,8],[30,5,30,6],[30,7,30,8],[31,5,31,6],[31,7,31,8],[32,5,32,6],[32,7,32,8],[33,5,33,6],[33,7,33,8],[34,5,34,6],[34,7,34,8],[35,5,35,6],[35,7,35,8],[36,5,36,6],[36,7,36,8],[37,5,37,6],[37,7,37,8],[38,5,38,6],[38,7,38,8],[39,5,39,6],[39,7,39,8],[40,5,40,6],[40,7,40,8],[41,5,41,6],[41,7,41,8],[42,5,42,6],[42,7,42,8],[43,5,43,6],[43,7,43,8],[44,5,44,6],[44,7,44,8],[45,5,45,6],[45,7,45,8],[46,0,46,4],[46,5,46,6],[46,7,46,8],[47,0,47,5],[47,6,47,10],[48,0,48,5],[48,6,48,7],[48,8,48,10]]}
["总价措施项目清单与计价表"]
["工程名称：电气工程-新蓝天幼儿园工程建设项目-地上",{"$nulls":5},"标段：",null,"第 1 页  共 2 页"]
["序号","项目编码","项目名称","计算基础","费率\n(%)","金额\n(元)",null,"调整\n费率(%)",null,"调整后\n金额(元)","备注"]
["1","LSSGCSF00001","绿色施工安全防护措施费","分部分项人工费+分部分项机具费","19",19997.34,{"$nulls":4}," "]
["2","031301010001","安装与生产同时进行增加费用","分部分项人工费","0",{"$nulls":5}," "]
["3","031301011001","在有害身体健康环境中施工增加费","分部分项人工费","0",{"$nulls":5}," "]
["4","TSSGBWZJF001","在地下（暗）室、设备及大口径管道内等特殊施工部位进行施工增加费",null,"30",{"$nulls":5}," "]
["5","粤031302008001","赶工措施费","分部分项人工费+分部分项机具费","0",{"$nulls":5}," "]
["6","031302002001","夜间施工增加费",null,"20",{"$nulls":5}," "]
["7","JTGRSGZJF001","交通干扰工程施工增加费",null,"10",{"$nulls":5}," "]
["8","粤031302009001","文明工地增加费","分部分项人工费+分部分项机具费","0",{"$nulls":5}," "]
["9","DXGXJCJXF001","地下管线交叉降效费",{"$nulls":7}," "]
["编制人（造价人员）：",{"$nulls":5},"复核人（造价工程师）："]
[{"$nulls":8},"表-11"]
["总价措施项目清单与计价表"]
["工程名称：电气工程-新蓝天幼儿园工程建设项目-地上",{"$nulls":5},"标段：",null,"第 2 页  共 2 页"]
["序号","项目编码","项目名称","计算基础","费率\n(%)","金额\n(元)",null,"调整\n费率(%)",null,"调整后\n金额(元)","备注"]
[{"$nulls":10},"算"]
["10","QTFY00000001","其他费用",{"$nulls":7}," "]
{"$rows_empty":27}
["合    计",{"$nulls":4},19997.34]
["编制人（造价人员）：",{"$nulls":5},"复核人（造价工程师）："]
[{"$nulls":8},"表-11"]

{"sheet":"表-12 其他项目清单与计价汇总表【电气工程-新蓝天幼儿园","index":11,"n_rows":38,"n_cols":7,"rows_kept":38,"merged":[[0,0,0,4],[0,5,0,6],[1,0,1,6],[2,0,2,2],[2,3,2,4],[2,5,2,6],[3,2,3,3],[3,4,3,5],[4,2,4,3],[4,4,4,5],[5,2,5,3],[5,4,5,5],[6,2,6,3],[6,4,6,5],[7,2,7,3],[7,4,7,5],[8,2,8,3],[8,4,8,5],[9,2,9,3],[9,4,9,5],[10,2,10,3],[10,4,10,5],[11,2,11,3],[11,4,11,5],[12,2,12,3],[12,4,12,5],[13,2,13,3],[13,4,13,5],[14,2,14,3],[14,4,14,5],[15,2,15,3],[15,4,15,5],[16,2,16,3],[16,4,16,5],[17,2,17,3],[17,4,17,5],[18,2,18,3],[18,4,18,5],[19,2,19,3],[19,4,19,5],[20,2,20,3],[20,4,20,5],[21,2,21,3],[21,4,21,5],[22,2,22,3],[22,4,22,5],[23,2,23,3],[23,4,23,5],[24,2,24,3],[24,4,24,5],[25,2,25,3],[25,4,25,5],[26,2,26,3],[26,4,26,5],[27,2,27,3],[27,4,27,5],[28,2,28,3],[28,4,28,5],[29,2,29,3],[29,4,29,5],[30,2,30,3],[30,4,30,5],[31,2,31,3],[31,4,31,5],[32,2,32,3],[32,4,32,5],[33,2,33,3],[33,4,33,5],[34,2,34,3],[34,4,34,5],[35,2,35,3],[35,4,35,5],[36,0,36,6],[37,0,37,2],[37,3,37,4],[37,5,37,6]]}
[]
["其他项目清单与计价汇总表"]
["工程名称：电气工程-新蓝天幼儿园工程建设项目-地上",null,null,"标段：",null,"第 1 页  共 1 页"]
["序号","项目名称","金额（元）",null,"结算金额（元）",null,"备注"]
["1","暂列金额",{"$nulls":4},"明细详见表-12-1"]
["2","暂估价"]
["2.1","材料暂估价","—",{"$nulls":3},"明细详见表-12-2"]
["2.2","专业工程暂估价",{"$nulls":4},"明细详见表-12-3"]
["3","计日工",{"$nulls":4},"明细详见表-12-4"]
["4","总承包服务费",{"$nulls":4},"明细详见表-12-5"]
["5","预算包干费","10524.92"]
["6","工程优质费"]
["7","概算幅度差"]
["8","现场签证费用"]
["9","索赔费用"]
["10","其他费用"]
{"$rows_empty":19}
[null,"合  计","10524.92",{"$nulls":3},"—"]
["注：材料（工程设备）暂估单价进入清单项目综合单价，此处不汇总。"]
[{"$nulls":5},"表—12"]

{"sheet":"表-12-1 暂列金额表【电气工程-新蓝天幼儿园工程建设项","index":12,"n_rows":38,"n_cols":7,"rows_kept":38,"merged":[[0,0,0,4],[0,5,0,6],[1,0,1,6],[2,0,2,2],[2,3,2,4],[2,5,2,6],[3,2,3,3],[3,4,3,5],[4,2,4,3],[4,4,4,5],[5,2,5,3],[5,4,5,5],[6,2,6,3],[6,4,6,5],[7,2,7,3],[7,4,7,5],[8,2,8,3],[8,4,8,5],[9,2,9,3],[9,4,9,5],[10,2,10,3],[10,4,10,5],[11,2,11,3],[11,4,11,5],[12,2,12,3],[12,4,12,5],[13,2,13,3],[13,4,13,5],[14,2,14,3],[14,4,14,5],[15,2,15,3],[15,4,15,5],[16,2,16,3],[16,4,16,5],[17,2,17,3],[17,4,17,5],[18,2,18,3],[18,4,18,5],[19,2,19,3],[19,4,19,5],[20,2,20,3],[20,4,20,5],[21,2,21,3],[21,4,21,5],[22,2,22,3],[22,4,22,5],[23,2,23,3],[23,4,23,5],[24,2,24,3],[24,4,24,5],[25,2,25,3],[25,4,25,5],[26,2,26,3],[26,4,26,5],[27,2,27,3],[27,4,27,5],[28,2,28,3],[28,4,28,5],[29,2,29,3],[29,4,29,5],[30,2,30,3],[30,4,30,5],[31,2,31,3],[31,4,31,5],[32,2,32,3],[32,4,32,5],[33,2,33,3],[33,4,33,5],[34,2,34,3],[34,4,34,5],[35,0,35,3],[35,4,35,5],[36,0,36,6],[37,0,37,2],[37,3,37,4],[37,5,37,6]]}
[]
["暂列金额明细表"]
["工程名称：电气工程-新蓝天幼儿园工程建设项目-地上",null,null,"标段：",null,"第 1 页  共 1 页"]
["序号","名称","计量单位",null,"暂定金额（元）",null,"备注"]
["1"]
{"$rows_empty":30}
["合    计",{"$nulls":3},"0",null,"—"]
["注：此表由招标人填写，如不能详列，也可只列暂列金额总额，投标人应将上述暂列金额计入投标总价中。"]
[{"$nulls":5},"表—12—1"]

{"sheet":"表-12-2 材料(工程设备)暂估价及调整表【电气工程-新","index":13,"n_rows":38,"n_cols":14,"rows_kept":38,"merged":[[0,0,0,9],[0,10,0,13],[1,0,1,13],[2,0,2,6],[2,7,2,9],[2,10,2,13],[3,0,4,0],[3,1,4,1],[3,2,4,2],[3,3,3,4],[3,5,3,7],[3,8,3,10],[3,11,3,12],[4,6,4,7],[4,9,4,10],[5,6,5,7],[5,9,5,10],[6,6,6,7],[6,9,6,10],[7,6,7,7],[7,9,7,10],[8,6,8,7],[8,9,8,10],[9,6,9,7],[9,9,9,10],[10,6,10,7],[10,9,10,10],[11,6,11,7],[11,9,11,10],[12,6,12,7],[12,9,12,10],[13,6,13,7],[13,9,13,10],[14,6,14,7],[14,9,14,10],[15,6,15,7],[15,9,15,10],[16,6,16,7],[16,9,16,10],[17,6,17,7],[17,9,17,10],[18,6,18,7],[18,9,18,10],[19,6,19,7],[19,9,19,10],[20,6,20,7],[20,9,20,10],[21,6,21,7],[21,9,21,10],[22,6,22,7],[22,9,22,10],[23,6,23,7],[23,9,23,10],[24,6,24,7],[24,9,24,10],[25,6,25,7],[25,9,25,10],[26,6,26,7],[26,9,26,10],[27,6,27,7],[27,9,27,10],[28,6,28,7],[28,9,28,10],[29,6,29,7],[29,9,29,10],[30,6,30,7],[30,9,30,10],[31,6,31,7],[31,9,31,10],[32,6,32,7],[32,9,32,10],[33,6,33,7],[33,9,33,10],[34,6,34,7],[34,9,34,10],[35,0,35,2],[35,6,35,7],[35,9,35,10],[36,0,36,13],[37,0,37,6],[37,7,37,9],[37,10,37,13]]}
[]
["材料（工程设备）暂估单价及调整表"]
["工程名称：电气工程-新蓝天幼儿园工程建设项目-地上",{"$nulls":6},"标段：",null,null,"第 1 页  共 1 页"]
["序号","材料(工程设备)\n名称、规格、型号","计量单位","数量",null,"暂估（元）",null,null,"确认(元)",null,null,"差额±(元)",null,"备注"]
[{"$nulls":3},"暂估","确认","单价","合价",null,"单价","合价",null,"单价","合价"]
{"$rows_empty":30}
["合     计"]
["注：1.此表由招标人填写“暂估单价”，并在备注栏说明暂估价的材料、工程设备拟用在那些清单项目上，投标人应将上述材料、工程设备暂估单价计入工程量清单综合单价报价中"]
[{"$nulls":10},"表—12—2"]

{"sheet":"表-12-3 专业工程暂估价及结算价表【电气工程-新蓝天幼","index":14,"n_rows":37,"n_cols":9,"rows_kept":37,"merged":[[0,0,0,5],[0,6,0,8],[1,0,1,8],[2,0,2,3],[2,4,2,5],[2,6,2,8],[3,3,3,4],[3,5,3,6],[4,3,4,4],[4,5,4,6],[5,3,5,4],[5,5,5,6],[6,3,6,4],[6,5,6,6],[7,3,7,4],[7,5,7,6],[8,3,8,4],[8,5,8,6],[9,3,9,4],[9,5,9,6],[10,3,10,4],[10,5,10,6],[11,3,11,4],[11,5,11,6],[12,3,12,4],[12,5,12,6],[13,3,13,4],[13,5,13,6],[14,3,14,4],[14,5,14,6],[15,3,15,4],[15,5,15,6],[16,3,16,4],[16,5,16,6],[17,3,17,4],[17,5,17,6],[18,3,18,4],[18,5,18,6],[19,3,19,4],[19,5,19,6],[20,3,20,4],[20,5,20,6],[21,3,21,4],[21,5,21,6],[22,3,22,4],[22,5,22,6],[23,3,23,4],[23,5,23,6],[24,3,24,4],[24,5,24,6],[25,3,25,4],[25,5,25,6],[26,3,26,4],[26,5,26,6],[27,3,27,4],[27,5,27,6],[28,3,28,4],[28,5,28,6],[29,3,29,4],[29,5,29,6],[30,3,30,4],[30,5,30,6],[31,3,31,4],[31,5,31,6],[32,3,32,4],[32,5,32,6],[33,3,33,4],[33,5,33,6],[34,0,34,2],[34,3,34,4],[34,5,34,6],[35,0,35,8],[36,0,36,3],[36,4,36,5],[36,6,36,8]]}
[]
["专业工程暂估价及结算价表"]
["工程名称：电气工程-新蓝天幼儿园工程建设项目-地上",{"$nulls":3},"标段：",null,"第 1 页  共 1 页"]
["序号","工程名称","工程内容","暂估金额\n（元）",null,"结算金额\n(元)",null,"差额\n±(元)","备注"]
["1"]
{"$rows_empty":29}
["合    计",null,null,"0.00",{"$nulls":4},"—"]
["注：此表“暂估金额”由招标人填写，投标人应将“暂估金额”计入投标总价中。结算时按合同约定结算金额填写。"]
[{"$nulls":6},"表—12—3"]

{"sheet":"表-12-4 计日工表【电气工程-新蓝天幼儿园工程建设项目","index":15,"n_rows":38,"n_cols":10,"rows_kept":38,"merged":[[0,0,0,9],[1,0,1,4],[1,5,1,6],[1,7,1,9],[2,0,3,0],[2,1,3,1],[2,2,3,2],[2,3,3,3],[2,4,3,5],[2,6,3,7],[2,8,2,9],[4,4,4,5],[4,6,4,7],[5,4,5,5],[5,6,5,7],[6,0,6,7],[7,4,7,5],[7,6,7,7],[8,4,8,5],[8,6,8,7],[9,0,9,7],[10,4,10,5],[10,6,10,7],[11,4,11,5],[11,6,11,7],[12,0,12,7],[13,4,13,5],[13,6,13,7],[14,4,14,5],[14,6,14,7],[15,4,15,5],[15,6,15,7],[16,4,16,5],[16,6,16,7],[17,4,17,5],[17,6,17,7],[18,4,18,5],[18,6,18,7],[19,4,19,5],[19,6,19,7],[20,4,20,5],[20,6,20,7],[21,4,21,5],[21,6,21,7],[22,4,22,5],[22,6,22,7],[23,4,23,5],[23,6,23,7],[24,4,24,5],[24,6,24,7],[25,4,25,5],[25,6,25,7],[26,4,26,5],[26,6,26,7],[27,4,27,5],[27,6,27,7],[28,4,28,5],[28,6,28,7],[29,4,29,5],[29,6,29,7],[30,4,30,5],[30,6,30,7],[31,4,31,5],[31,6,31,7],[32,4,32,5],[32,6,32,7],[33,4,33,5],[33,6,33,7],[34,0,34,7],[35,0,35,7],[36,0,36,9],[37,0,37,4],[37,5,37,6],[37,7,37,9]]}
["计日工表"]
["工程名称：电气工程-新蓝天幼儿园工程建设项目-地上",{"$nulls":4},"标段：",null,"第 1 页  共 1 页"]
["编号","项目名称","单位","暂定数量","实际数量",null,"综合单价\n(元)",null,"合价（元）"]
[{"$nulls":8},"暂定","实际"]
["1","人工"]
["1.1"]
["人工小计"]
["2","材料"]
["2.1"]
["材料小计"]
["3","施工机具"]
["3.1"]
["施工机具小计"]
{"$rows_empty":21}
["4.企业管理费和利润"]
["总         计"]
["注：此表项目名称、暂定数量由招标人填写，编制招标控制价时，单价由招标人按有关计价规定确定；投标时，单价由投标人自主报价，按暂定数量计算合价计入投标总价中。结算时，按发承包双方确认的实际数量计算合价。"]
[{"$nulls":7},"表—12—4"]

{"sheet":"表-12-5 总承包服务费计价表【电气工程-新蓝天幼儿园工","index":16,"n_rows":38,"n_cols":9,"rows_kept":38,"merged":[[0,0,0,5],[0,6,0,8],[1,0,1,8],[2,0,2,3],[2,4,2,5],[2,6,2,8],[3,3,3,4],[3,5,3,6],[4,3,4,4],[4,5,4,6],[5,3,5,4],[5,5,5,6],[6,3,6,4],[6,5,6,6],[7,3,7,4],[7,5,7,6],[8,3,8,4],[8,5,8,6],[9,3,9,4],[9,5,9,6],[10,3,10,4],[10,5,10,6],[11,3,11,4],[11,5,11,6],[12,3,12,4],[12,5,12,6],[13,3,13,4],[13,5,13,6],[14,3,14,4],[14,5,14,6],[15,3,15,4],[15,5,15,6],[16,3,16,4],[16,5,16,6],[17,3,17,4],[17,5,17,6],[18,3,18,4],[18,5,18,6],[19,3,19,4],[19,5,19,6],[20,3,20,4],[20,5,20,6],[21,3,21,4],[21,5,21,6],[22,3,22,4],[22,5,22,6],[23,3,23,4],[23,5,23,6],[24,3,24,4],[24,5,24,6],[25,3,25,4],[25,5,25,6],[26,3,26,4],[26,5,26,6],[27,3,27,4],[27,5,27,6],[28,3,28,4],[28,5,28,6],[29,3,29,4],[29,5,29,6],[30,3,30,4],[30,5,30,6],[31,3,31,4],[31,5,31,6],[32,3,32,4],[32,5,32,6],[33,3,33,4],[33,5,33,6],[34,3,34,4],[34,5,34,6],[35,0,35,7],[36,0,36,8],[37,0,37,3],[37,4,37,5],[37,6,37,8]]}
[]
["总承包服务费计价表"]
["工程名称：电气工程-新蓝天幼儿园工程建设项目-地上",{"$nulls":3},"标段：",null,"第 1 页  共 1 页"]
["序号","项目名称","项目价值（元）","服务内容",null,"计算基础",null,"费率(%)","金额"]
["1"]
{"$rows_empty":30}
["合    计",{"$nulls":7},"0.00"]
["注：此表项目名称、服务内容由招标人填写，编制招标控制价时，费率及金额由招标人按有关计价规定确定；投标时，费率及金额由投标人自主报价，计入投标总价中。"]
[{"$nulls":6},"表—12—5"]

{"sheet":"表-13 规费、税金项目清单与计价表【电气工程-新蓝天幼儿","index":17,"n_rows":37,"n_cols":8,"rows_kept":37,"merged":[[0,0,0,7],[1,0,1,2],[1,3,1,5],[1,6,1,7],[2,2,2,3],[2,5,2,6],[3,2,3,3],[3,5,3,6],[4,2,4,3],[4,5,4,6],[5,2,5,3],[5,5,5,6],[6,2,6,3],[6,5,6,6],[7,2,7,3],[7,5,7,6],[8,2,8,3],[8,5,8,6],[9,2,9,3],[9,5,9,6],[10,2,10,3],[10,5,10,6],[11,2,11,3],[11,5,11,6],[12,2,12,3],[12,5,12,6],[13,2,13,3],[13,5,13,6],[14,2,14,3],[14,5,14,6],[15,2,15,3],[15,5,15,6],[16,2,16,3],[16,5,16,6],[17,2,17,3],[17,5,17,6],[18,2,18,3],[18,5,18,6],[19,2,19,3],[19,5,19,6],[20,2,20,3],[20,5,20,6],[21,2,21,3],[21,5,21,6],[22,2,22,3],[22,5,22,6],[23,2,23,3],[23,5,23,6],[24,2,24,3],[24,5,24,6],[25,2,25,3],[25,5,25,6],[26,2,26,3],[26,5,26,6],[27,2,27,3],[27,5,27,6],[28,2,28,3],[28,5,28,6],[29,2,29,3],[29,5,29,6],[30,2,30,3],[30,5,30,6],[31,2,31,3],[31,5,31,6],[32,2,32,3],[32,5,32,6],[33,2,33,3],[33,5,33,6],[34,0,34,6],[35,0,35,2],[35,3,35,7],[36,0,36,2],[36,3,36,5],[36,6,36,7]]}
["规费、税金项目清单与计价表"]
["工程名称：电气工程-新蓝天幼儿园工程建设项目-地上",null,null,"标段：",null,null,"第 1 页  共 1 页"]
["序号","项目名称","计算基础",null,"计算基数","计算费率\n(%)",null,"金额(元)"]
["1","增值税销项税额","下浮后税前造价",null,667005.99,"9",null,60030.54]
{"$rows_empty":30}
["合    计",{"$nulls":6},60030.54]
[" 编制人（造价人员）：",null,null,"复核人（造价工程师）："]
[{"$nulls":6},"表—13"]

{"sheet":"表-20 发包人提供材料和工程设备一览表【电气工程-新蓝天","index":18,"n_rows":37,"n_cols":10,"rows_kept":37,"merged":[[0,0,0,9],[1,0,1,4],[1,5,1,6],[1,7,1,9],[2,4,2,5],[2,6,2,7],[3,4,3,5],[3,6,3,7],[4,4,4,5],[4,6,4,7],[5,4,5,5],[5,6,5,7],[6,4,6,5],[6,6,6,7],[7,4,7,5],[7,6,7,7],[8,4,8,5],[8,6,8,7],[9,4,9,5],[9,6,9,7],[10,4,10,5],[10,6,10,7],[11,4,11,5],[11,6,11,7],[12,4,12,5],[12,6,12,7],[13,4,13,5],[13,6,13,7],[14,4,14,5],[14,6,14,7],[15,4,15,5],[15,6,15,7],[16,4,16,5],[16,6,16,7],[17,4,17,5],[17,6,17,7],[18,4,18,5],[18,6,18,7],[19,4,19,5],[19,6,19,7],[20,4,20,5],[20,6,20,7],[21,4,21,5],[21,6,21,7],[22,4,22,5],[22,6,22,7],[23,4,23,5],[23,6,23,7],[24,4,24,5],[24,6,24,7],[25,4,25,5],[25,6,25,7],[26,4,26,5],[26,6,26,7],[27,4,27,5],[27,6,27,7],[28,4,28,5],[28,6,28,7],[29,4,29,5],[29,6,29,7],[30,4,30,5],[30,6,30,7],[31,4,31,5],[31,6,31,7],[32,4,32,5],[32,6,32,7],[33,4,33,5],[33,6,33,7],[34,4,34,5],[34,6,34,7],[35,0,35,6],[35,7,35,9],[36,0,36,6],[36,7,36,9]]}
["发包人提供材料和工程设备一览表"]
["工程名称：电气工程-新蓝天幼儿园工程建设项目-地上",{"$nulls":4},"标段：",null,"第 1 页  共 1 页"]
["序号","材料(工程设备)\n名称、规格、型号","单位","数量","单价(元)",null,"交货方式",null,"送达地点","备注"]
{"$rows_empty":32}
["注：此表由招标人填写，供投标人在投标报价、确定总承包服务费时参考"]
[{"$nulls":7},"表-20"]

{"sheet":"表-21 承包人提供主要材料和工程设备一览表【电气工程-新","index":19,"n_rows":36,"n_cols":11,"rows_kept":36,"merged":[[0,0,0,10],[1,0,1,10],[2,0,2,5],[2,6,2,7],[2,8,2,10],[3,5,3,6],[3,7,3,8],[4,5,4,6],[4,7,4,8],[5,5,5,6],[5,7,5,8],[6,5,6,6],[6,7,6,8],[7,5,7,6],[7,7,7,8],[8,5,8,6],[8,7,8,8],[9,5,9,6],[9,7,9,8],[10,5,10,6],[10,7,10,8],[11,5,11,6],[11,7,11,8],[12,5,12,6],[12,7,12,8],[13,5,13,6],[13,7,13,8],[14,5,14,6],[14,7,14,8],[15,5,15,6],[15,7,15,8],[16,5,16,6],[16,7,16,8],[17,5,17,6],[17,7,17,8],[18,5,18,6],[18,7,18,8],[19,5,19,6],[19,7,19,8],[20,5,20,6],[20,7,20,8],[21,5,21,6],[21,7,21,8],[22,5,22,6],[22,7,22,8],[23,5,23,6],[23,7,23,8],[24,5,24,6],[24,7,24,8],[25,5,25,6],[25,7,25,8],[26,5,26,6],[26,7,26,8],[27,5,27,6],[27,7,27,8],[28,5,28,6],[28,7,28,8],[29,5,29,6],[29,7,29,8],[30,5,30,6],[30,7,30,8],[31,5,31,6],[31,7,31,8],[32,5,32,6],[32,7,32,8],[33,5,33,6],[33,7,33,8],[34,0,34,10],[35,0,35,5],[35,6,35,7],[35,8,35,10]]}
["承包人提供主要材料和工程设备一览表"]
["(适用于造价信息差额调整法)"]
["工程名称：电气工程-新蓝天幼儿园工程建设项目-地上",{"$nulls":5},"标段：",null,"第 1 页  共 1 页"]
["序号","名称、规格、型号","单位","数量","风险系数\n(%)","基准单价\n（元）",null,"投标单价",null,"发承包人\n确认单价\n(元)","备注"]
{"$rows_empty":30}
["注：1.此表由招标人填写除“投标单价”栏的内容，投标人在投标时自主确定投标单价。\n    2.基准单价应优先采用工程造价管理机构发布的单价，未发布的，通过市场调查确定其基准单价。"]
[{"$nulls":8},"表-21"]

{"sheet":"表-22 承包人提供主要材料和工程设备一览表【电气工程-新","index":20,"n_rows":35,"n_cols":8,"rows_kept":35,"merged":[[0,0,0,7],[1,0,1,7],[2,0,2,3],[2,4,2,5],[2,6,2,7],[3,3,3,4],[3,5,3,6],[4,3,4,4],[4,5,4,6],[5,3,5,4],[5,5,5,6],[6,3,6,4],[6,5,6,6],[7,3,7,4],[7,5,7,6],[8,3,8,4],[8,5,8,6],[9,3,9,4],[9,5,9,6],[10,3,10,4],[10,5,10,6],[11,3,11,4],[11,5,11,6],[12,3,12,4],[12,5,12,6],[13,3,13,4],[13,5,13,6],[14,3,14,4],[14,5,14,6],[15,3,15,4],[15,5,15,6],[16,3,16,4],[16,5,16,6],[17,3,17,4],[17,5,17,6],[18,3,18,4],[18,5,18,6],[19,3,19,4],[19,5,19,6],[20,3,20,4],[20,5,20,6],[21,3,21,4],[21,5,21,6],[22,3,22,4],[22,5,22,6],[23,3,23,4],[23,5,23,6],[24,3,24,4],[24,5,24,6],[25,3,25,4],[25,5,25,6],[26,3,26,4],[26,5,26,6],[27,3,27,4],[27,5,27,6],[28,3,28,4],[28,5,28,6],[29,3,29,4],[29,5,29,6],[30,3,30,4],[30,5,30,6],[31,3,31,4],[31,5,31,6],[32,0,32,1],[32,3,32,4],[32,5,32,6],[33,0,33,7],[34,0,34,3],[34,4,34,5],[34,6,34,7]]}
["承包人提供主要材料和工程设备一览表"]
["(适用于价格指数差额调整法)"]
["工程名称：电气工程-新蓝天幼儿园工程建设项目-地上",{"$nulls":3},"标段：",null,"第 1 页  共 1 页"]
["序号","名称、规格、型号","变值权重B","基本价格指数F0",null,"现行价格指数Ft",null,"备注"]
{"$rows_empty":27}
[null,"定值权重A",null,"—",null,"—"]
["合计",null,"1","—",null,"—"]
["注：1.此表“材料和工程设备名称”、“规格型号”、“基本价格指数”栏由招标人填写，基本价格指数应首先采用工程造价管理机构发布的价格指数，没有时，可采用发布的价格代替。\n    2.此表“变值权重”栏由投标人根据该项材料和工程设备价值在投标报价中所占的比例填写。\n    3.“现行价格指数”按约定的付款证书相关周期最后一天的前42天的各项材料和工程设备的价格指数填写，该指数应首先采用工程造价管理机构发布的价格指数，没有时，可采用发布的价格代替。"]
[{"$nulls":6},"表-22"]

{"sheet":"封-2 招标控制价封面【电气工程-新蓝天幼儿园工程建设项目_1","index":21,"n_rows":10,"n_cols":7,"rows_kept":10,"merged":[[0,0,0,1],[0,2,0,5],[1,0,1,6],[2,0,2,6],[3,1,3,2],[3,3,3,4],[3,5,3,6],[4,1,4,2],[4,3,4,4],[4,5,4,6],[5,1,5,2],[5,3,5,4],[5,5,5,6],[6,1,6,2],[6,3,6,4],[6,5,6,6],[7,1,7,2],[7,3,7,4],[7,5,7,6],[8,1,8,2],[8,5,8,6],[9,0,9,1],[9,2,9,5]]}
[null,null,"电气工程-新蓝天幼儿园工程建设项目-地下",{"$nulls":3},"工程"]
["招 标 控 制 价"]
[]
[null,"招  标  人：",null,"广东华吉建筑工程有限公司"]
[{"$nulls":3},"(单位盖章)"]
[null,"造价咨询人："]
[{"$nulls":3},"(单位盖章)"]
[{"$nulls":3},"年   月   日"]
[]
[{"$nulls":6},"封-2"]

{"sheet":"扉-2 招标控制价扉页【电气工程-新蓝天幼儿园工程建设项目_1","index":22,"n_rows":13,"n_cols":7,"rows_kept":13,"merged":[[0,1,0,5],[1,0,1,6],[2,0,2,1],[2,3,2,6],[3,0,3,1],[3,3,3,6],[4,0,4,1],[4,5,4,6],[5,0,5,1],[5,2,5,3],[5,5,5,6],[6,0,6,1],[6,2,6,3],[6,5,6,6],[7,0,7,1],[7,2,7,3],[7,5,7,6],[8,0,8,1],[8,2,8,3],[8,5,8,6],[9,0,9,1],[9,2,9,3],[9,5,9,6],[10,0,10,1],[10,2,10,3],[10,5,10,6],[11,0,11,1],[11,2,11,3],[11,5,11,6],[12,1,12,5]]}
[null,"电气工程-新蓝天幼儿园工程建设项目-地下",{"$nulls":4},"工程"]
["招 标 控 制 价"]
["招标控制价  ",null,"（小写）：","483,192.06"]
[null,null,"（大写）：","肆拾捌万叁仟壹佰玖拾贰元零陆分"]
[]
["招  标  人：",null,"黄诗晓",null,"造价咨询人："]
[null,null,"（单位盖章）",null,null,"(单位资质专用章)"]
["法定代表人  \n\n或其授权人：",null,"黄诗晓",null,"法定代表人  \n\n  或其授权人："]
[null,null,"(签字或盖章)",null,null,"(签字或盖章)"]
["编  制  人：",null,"黄诗晓",null,"复  核  人：","黄诗晓"]
[null,null,"(造价人员签字盖专用章)",null,null,"(造价工程师签字盖专用章)"]
["编 制 时 间：  ",{"$nulls":3},"复 核 时 间：  "]
[{"$nulls":6},"扉-2"]

{"sheet":"表-01 总说明【电气工程-新蓝天幼儿园工程建设项目-地下】","index":23,"n_rows":5,"n_cols":5,"rows_kept":5,"merged":[[0,0,0,4],[1,0,1,3],[2,0,3,4],[4,0,4,2]]}
["总  说  明"]
["工程名称：电气工程-新蓝天幼儿园工程建设项目-地下",{"$nulls":3},"第 1 页 共 1 页"]
["机电设备安装工程：\n本次结算范围为室内外电气系统、弱电系统、给排水系统、通风排烟系统、防雷系统、消防工程（含消防给水及消防自动报警系统）以及室外总平管网（含室外电气预埋及室外消防水、给排水管网、土方等）等配套设施工程，具体范围如下：\n（1）强电动力照明工程：强电动力照明工程计量地上、地下普通动力配电及照明、应急照明系统中各类配电箱设备，管线，电缆等；本次图纸中配电箱计进出线除注明外均按照距地1.5m计入工程量，配电柜按照落地安装计算；\n（2）弱电工程：弱电工程计量含地上、地下室内线管预埋；\n（3）防雷接地工程：防雷接地工程计量含地上、地下基础防雷接地系统及设备；\n（4）给排水工程：给排水工程计量含地上、地下（含生活水泵房）给排水管网、各类管道附件及水泵、水箱等设备，含卫生间管道及洁具（其中卫生间洁具为甲供）；\n（5）室外电气总平及园林给排水总平：电气总平含园林通信预埋管及弱电手孔井、低压配电预埋管及低压手孔井、门卫室电气系统等；给排水总平含生活给水，消防给水管道预埋及消火栓等设备，雨污管网及各类检查井，土方挖填等；\n（6）防排烟、通风工程：防排烟、通风工程计量含地上、地下各类通风管道及管道附件，离心风机，轴流风机等设备；\n（7）消防给水工程：消防给水工程计量含地上、地下（含水泵房）消火栓给水管网、自动喷淋管网各类管道附件及设备，自动喷淋管网含货架层管网及管道附件、设备计量；\n（8）消防自动报警工程：消防自动报警工程计量含地上地下自动报警系统管线、设备及消控室中设备。\n取费依据：\n1《建筑工程工程量清单计价规范》（GB50500-2013）\n2.《电气安装工程预算定额》\n3.《工程造价管理基础理论与相关法规》\n4.《电气工程识图与CAD》\n5.《建筑电气工程施工质量验收规范》（GB50303-2015）\n6.广联达BIM安装计量，斯维尔等相关预算软件的使用手册和教程\n7.相关电气工程预算的案例分析书籍和学术论文"]
[]
[{"$nulls":4},"表-01"]

{"sheet":"表-04 单位工程招标控制价汇总表【电气工程-新蓝天幼儿园_1","index":24,"n_rows":38,"n_cols":6,"rows_kept":38,"merged":[[0,0,0,5],[1,0,1,2],[1,4,1,5],[2,2,2,4],[3,2,3,4],[4,2,4,4],[5,2,5,4],[6,2,6,4],[7,2,7,4],[8,2,8,4],[9,2,9,4],[10,2,10,4],[11,2,11,4],[12,2,12,4],[13,2,13,4],[14,2,14,4],[15,2,15,4],[16,2,16,4],[17,2,17,4],[18,2,18,4],[19,2,19,4],[20,2,20,4],[21,2,21,4],[22,2,22,4],[23,2,23,4],[24,2,24,4],[25,2,25,4],[26,2,26,4],[27,2,27,4],[28,2,28,4],[29,2,29,4],[30,2,30,4],[31,2,31,4],[32,2,32,4],[33,2,33,4],[34,2,34,4],[35,0,35,1],[35,2,35,4],[36,0,36,5],[37,0,37,2],[37,4,37,5]]}
["单位工程招标控制价汇总表"]
["工程名称：电气工程-新蓝天幼儿园工程建设项目-地下",null,null,"标段：","第 1 页  共 1 页"]
["序号","汇总内容","金额:(元)",null,null,"其中：暂估价(元)"]
["1","分部分项合计","442125.37"]
["1.1","强电系统","330954.48"]
["1.2","防雷系统","111170.89"]
["2","措施合计","53895.96"]
["2.1","绿色施工安全防护措施费","20143.94"]
["2.2","其他措施费","33752.02"]
["3","其他项目","10602.07",null,null,"－"]
["3.1","暂列金额"]
["3.2","暂估价"]
["3.3","计日工"]
["3.4","总承包服务费"]
["3.5","预算包干费","10602.07"]
["3.6","工程优质费"]
["3.7","概算幅度差"]
["3.8","索赔费用"]
["3.9","现场签证费用"]
["3.10","其他费用"]
["4","税前工程造价","506623.40"]
["5","下浮造价","63327.93"]
["6","下浮后税前造价","443295.47"]
["7","增值税销项税额","39896.59",null,null,"－"]
["8","总造价","483192.06"]
["9","人工费","103148.79"]
{"$rows_empty":9}
["招标控制价合计=1+2+3+5",null,"483,192.06",null,null,"0.00"]
["注：本表适用于单位工程招标控制价或投标报价的汇总，如无单位工程划分，单项工程也使用本表汇总"]
[{"$nulls":4},"表—04"]

{"sheet":"表-08 分部分项工程和单价措施项目清单与计价表【电气工程_1","index":25,"n_rows":254,"n_cols":11,"rows_kept":254,"merged":[[0,0,0,10],[1,0,1,3],[1,4,1,7],[1,8,1,10],[2,0,4,0],[2,1,4,1],[2,2,4,2],[2,3,4,4],[2,5,4,5],[2,6,4,6],[2,7,2,10],[3,7,4,8],[3,9,4,9],[5,3,5,4],[5,7,5,8],[6,3,6,4],[6,7,6,8],[7,3,7,4],[7,7,7,8],[8,3,8,4],[8,7,8,8],[9,3,9,4],[9,7,9,8],[10,0,10,8],[11,0,11,10],[12,0,12,3],[12,4,12,7],[12,8,12,10],[13,0,13,10],[14,0,14,3],[14,4,14,7],[14,8,14,10],[15,0,17,0],[15,1,17,1],[15,2,17,2],[15,3,17,4],[15,5,17,5],[15,6,17,6],[15,7,15,10],[16,7,17,8],[16,9,17,9],[18,3,18,4],[18,7,18,8],[19,3,19,4],[19,7,19,8],[20,3,20,4],[20,7,20,8],[21,3,21,4],[21,7,21,8],[22,3,22,4],[22,7,22,8],[23,3,23,4],[23,7,23,8],[24,0,24,8],[25,0,25,10],[26,0,26,3],[26,4,26,7],[26,8,26,10],[27,0,27,10],[28,0,28,3],[28,4,28,7],[28,8,28,10],[29,0,31,0],[29,1,31,1],[29,2,31,2],[29,3,31,4],[29,5,31,5],[29,6,31,6],[29,7,29,10],[30,7,31,8],[30,9,31,9],[32,3,32,4],[32,7,32,8],[33,3,33,4],[33,7,33,8],[34,3,34,4],[34,7,34,8],[35,3,35,4],[35,7,35,8],[36,3,36,4],[36,7,36,8],[37,0,37,8],[38,0,38,10],[39,0,39,3],[39,4,39,7],[39,8,39,10],[40,0,40,10],[41,0,41,3],[41,4,41,7],[41,8,41,10],[42,0,44,0],[42,1,44,1],[42,2,44,2],[42,3,44,4],[42,5,44,5],[42,6,44,6],[42,7,42,10],[43,7,44,8],[43,9,44,9],[45,3,45,4],[45,7,45,8],[46,3,46,4],[46,7,46,8],[47,3,47,4],[47,7,47,8],[48,3,48,4],[48,7,48,8],[49,3,49,4],[49,7,49,8],[50,0,50,8],[51,0,51,10],[52,0,52,3],[52,4,52,7],[52,8,52,10],[53,0,53,10],[54,0,54,3],[54,4,54,7],[54,8,54,10],[55,0,57,0],[55,1,57,1],[55,2,57,2],[55,3,57,4],[55,5,57,5],[55,6,57,6],[55,7,55,10],[56,7,57,8],[56,9,57,9],[58,3,58,4],[58,7,58,8],[59,3,59,4],[59,7,59,8],[60,3,60,4],[60,7,60,8],[61,3,61,4],[61,7,61,8],[62,3,62,4],[62,7,62,8],[63,3,63,4],[63,7,63,8],[64,0,64,8],[65,0,65,10],[66,0,66,3],[66,4,66,7],[66,8,66,10],[67,0,67,10],[68,0,68,3],[68,4,68,7],[68,8,68,10],[69,0,71,0],[69,1,71,1],[69,2,71,2],[69,3,71,4],[69,5,71,5],[69,6,71,6],[69,7,69,10],[70,7,71,8],[70,9,71,9],[72,3,72,4],[72,7,72,8],[73,3,73,4],[73,7,73,8],[74,3,74,4],[74,7,74,8],[75,3,75,4],[75,7,75,8],[76,3,76,4],[76,7,76,8],[77,3,77,4],[77,7,77,8],[78,0,78,8],[79,0,79,10],[80,0,80,3],[80,4,80,7],[80,8,80,10],[81,0,81,10],[82,0,82,3],[82,4,82,7],[82,8,82,10],[83,0,85,0],[83,1,85,1],[83,2,85,2],[83,3,85,4],[83,5,85,5],[83,6,85,6],[83,7,83,10],[84,7,85,8],[84,9,85,9],[86,3,86,4],[86,7,86,8],[87,3,87,4],[87,7,87,8],[88,3,88,4],[88,7,88,8],[89,3,89,4],[89,7,89,8],[90,3,90,4],[90,7,90,8],[91,3,91,4],[91,7,91,8],[92,3,92,4],[92,7,92,8],[93,0,93,8],[94,0,94,10],[95,0,95,3],[95,4,95,7],[95,8,95,10],[96,0,96,10],[97,0,97,3],[97,4,97,7],[97,8,97,10],[98,0,100,0],[98,1,100,1],[98,2,100,2],[98,3,100,4],[98,5,100,5],[98,6,100,6],[98,7,98,10],[99,7,100,8],[99,9,100,9],[101,3,101,4],[101,7,101,8],[102,3,102,4],[102,7,102,8],[103,3,103,4],[103,7,103,8],[104,3,104,4],[104,7,104,8],[105,3,105,4],[105,7,105,8],[106,3,106,4],[106,7,106,8],[107,3,107,4],[107,7,107,8],[108,3,108,4],[108,7,108,8],[109,3,109,4],[109,7,109,8],[110,3,110,4],[110,7,110,8],[111,3,111,4],[111,7,111,8],[112,3,112,4],[112,7,112,8],[113,0,113,8],[114,0,114,10],[115,0,115,3],[115,4,115,7],[115,8,115,10],[116,0,116,10],[117,0,117,3],[117,4,117,7],[117,8,117,10],[118,0,120,0],[118,1,120,1],[118,2,120,2],[118,3,120,4],[118,5,120,5],[118,6,120,6],[118,7,118,10],[119,7,120,8],[119,9,120,9],[121,3,121,4],[121,7,121,8],[122,3,122,4],[122,7,122,8],[123,3,123,4],[123,7,123,8],[124,3,124,4],[124,7,124,8],[125,3,125,4],[125,7,125,8],[126,0,126,8],[127,0,127,10],[128,0,128,3],[128,4,128,7],[128,8,128,10],[129,0,129,10],[130,0,130,3],[130,4,130,7],[130,8,130,10],[131,0,133,0],[131,1,133,1],[131,2,133,2],[131,3,133,4],[131,5,133,5],[131,6,133,6],[131,7,131,10],[132,7,133,8],[132,9,133,9],[134,3,134,4],[134,7,134,8],[135,3,135,4],[135,7,135,8],[136,3,136,4],[136,7,136,8],[137,3,137,4],[137,7,137,8],[138,3,138,4],[138,7,138,8],[139,0,139,8],[140,0,140,10],[141,0,141,3],[141,4,141,7],[141,8,141,10],[142,0,142,10],[143,0,143,3],[143,4,143,7],[143,8,143,10],[144,0,146,0],[144,1,146,1],[144,2,146,2],[144,3,146,4],[144,5,146,5],[144,6,146,6],[144,7,144,10],[145,7,146,8],[145,9,146,9],[147,3,147,4],[147,7,147,8],[148,3,148,4],[148,7,148,8],[149,3,149,4],[149,7,149,8],[150,3,150,4],[150,7,150,8],[151,0,151,8],[152,0,152,10],[153,0,153,3],[153,4,153,7],[153,8,153,10],[154,0,154,10],[155,0,155,3],[155,4,155,7],[155,8,155,10],[156,0,158,0],[156,1,158,1],[156,2,158,2],[156,3,158,4],[156,5,158,5],[156,6,158,6],[156,7,156,10],[157,7,158,8],[157,9,158,9],[159,3,159,4],[159,7,159,8],[160,3,160,4],[160,7,160,8],[161,3,161,4],[161,7,161,8],[162,3,162,4],[162,7,162,8],[163,3,163,4],[163,7,163,8],[164,0,164,8],[165,0,165,10],[166,0,166,3],[166,4,166,7],[166,8,166,10],[167,0,167,10],[168,0,168,3],[168,4,168,7],[168,8,168,10],[169,0,171,0],[169,1,171,1],[169,2,171,2],[169,3,171,4],[169,5,171,5],[169,6,171,6],[169,7,169,10],[170,7,171,8],[170,9,171,9],[172,3,172,4],[172,7,172,8],[173,3,173,4],[173,7,173,8],[174,3,174,4],[174,7,174,8],[175,3,175,4],[175,7,175,8],[176,3,176,4],[176,7,176,8],[177,3,177,4],[177,7,177,8],[178,0,178,8],[179,0,179,10],[180,0,180,3],[180,4,180,7],[180,8,180,10],[181,0,181,10],[182,0,182,3],[182,4,182,7],[182,8,182,10],[183,0,185,0],[183,1,185,1],[183,2,185,2],[183,3,185,4],[183,5,185,5],[183,6,185,6],[183,7,183,10],[184,7,185,8],[184,9,185,9],[186,3,186,4],[186,7,186,8],[187,3,187,4],[187,7,187,8],[188,3,188,4],[188,7,188,8],[189,3,189,4],[189,7,189,8],[190,3,190,4],[190,7,190,8],[191,3,191,4],[191,7,191,8],[192,0,192,8],[193,0,193,10],[194,0,194,3],[194,4,194,7],[194,8,194,10],[195,0,195,10],[196,0,196,3],[196,4,196,7],[196,8,196,10],[197,0,199,0],[197,1,199,1],[197,2,199,2],[197,3,199,4],[197,5,199,5],[197,6,199,6],[197,7,197,10],[198,7,199,8],[198,9,199,9],[200,3,200,4],[200,7,200,8],[201,3,201,4],[201,7,201,8],[202,3,202,4],[202,7,202,8],[203,3,203,4],[203,7,203,8],[204,3,204,4],[204,7,204,8],[205,3,205,4],[205,7,205,8],[206,3,206,4],[206,7,206,8],[207,3,207,4],[207,7,207,8],[208,3,208,4],[208,7,208,8],[209,0,209,8],[210,0,210,10],[211,0,211,3],[211,4,211,7],[211,8,211,10],[212,0,212,10],[213,0,213,3],[213,4,213,7],[213,8,213,10],[214,0,216,0],[214,1,216,1],[214,2,216,2],[214,3,216,4],[214,5,216,5],[214,6,216,6],[214,7,214,10],[215,7,216,8],[215,9,216,9],[217,3,217,4],[217,7,217,8],[218,3,218,4],[218,7,218,8],[219,3,219,4],[219,7,219,8],[220,3,220,4],[220,7,220,8],[221,3,221,4],[221,7,221,8],[222,3,222,4],[222,7,222,8],[223,3,223,4],[223,7,223,8],[224,3,224,4],[224,7,224,8],[225,0,225,8],[226,0,226,10],[227,0,227,3],[227,4,227,7],[227,8,227,10],[228,0,228,10],[229,0,229,3],[229,4,229,7],[229,8,229,10],[230,0,232,0],[230,1,232,1],[230,2,232,2],[230,3,232,4],[230,5,232,5],[230,6,232,6],[230,7,230,10],[231,7,232,8],[231,9,232,9],[233,3,233,4],[233,7,233,8],[234,3,234,4],[234,7,234,8],[235,3,235,4],[235,7,235,8],[236,3,236,4],[236,7,236,8],[237,3,237,4],[237,7,237,8],[238,3,238,4],[238,7,238,8],[239,3,239,4],[239,7,239,8],[240,3,240,4],[240,7,240,8],[241,3,241,4],[241,7,241,8],[242,3,242,4],[242,7,242,8],[243,3,243,4],[243,7,243,8],[244,3,244,4],[244,7,244,8],[245,3,245,4],[245,7,245,8],[246,3,246,4],[246,7,246,8],[247,3,247,4],[247,7,247,8],[248,3,248,4],[248,7,248,8],[249,3,249,4],[249,7,249,8],[250,0,250,8],[251,0,251,8],[252,0,252,10],[253,0,253,3],[253,4,253,7],[253,8,253,10]]}
["分部分项工程和单价措施项目清单与计价表"]
["工程名称：电气工程-新蓝天幼儿园工程建设项目-地下",{"$nulls":3},"标段：",{"$nulls":3},"第 1 页  共 17 页"]
["序号","项目编码","项目名称","项目特征描述",null,"计量单位","工程量","金额（元）"]
[{"$nulls":7},"综合单价",null,"综合合价","其中"]
[{"$nulls":10},"暂估价"]
[null,null,"强电系统",{"$nulls":6},330954.48]
[1,"030404017001","弱电机房电源 01B01AT.rd","1.名称、型号:弱电机房电源 01B01AT.rd\n2.箱体尺寸:600x200X600(宽X深X高)\n3.底边距地明装1.4m明装\n4.接地\n5.满足设计、技术规范及参数要求与施工工艺要求\n6.ATSE具有隔离功能时,ATSE前面的进线隔离开关可取消",null,"台",1,4858.5,null,4858.5]
[2,"030404017002","生活水泵配电箱 01B01AT.shb","1.名称、型号:生活水泵配电箱 01B01AT.shb\n2.箱体尺寸:600x200X600(宽X深X高)\n3.底边距地明装1.4m明装\n4.接地\n5.满足设计、技术规范及参数要求与施工工艺要求\n6.模块严禁设置在配电箱内\n7.ATSE具有隔离功能时,ATSE前面的进线隔离开关可取消",null,"台",1,5658.5,null,5658.5]
[3,"030404017003","应急照明配电箱 01B01ALE1","1.名称、型号:应急照明配电箱 01B01ALE1\n2.箱体尺寸:600x200X600(宽X深X高)\n3.底边距地明装1.4m明装\n4.接地\n5.满足设计、技术规范及参数要求与施工工艺要求",null,"台",1,6858.5,null,6858.5]
[4,"030404017004","应急照明配电箱 01B02ALE1","1.名称、型号:应急照明配电箱 01B02ALE1\n2.箱体尺寸:600x200X600(宽X深X高)\n3.底边距地明装1.4m明装\n4.接地\n5.满足设计、技术规范及参数要求与施工工艺要求",null,"台",1,6858.5,null,6858.5]
["本页小计",{"$nulls":8},24234]
["注：为计取规费等的使用，可在表中增设其中：“定额人工费”。"]
[{"$nulls":8},"表—08"]
["分部分项工程和单价措施项目清单与计价表"]
["工程名称：电气工程-新蓝天幼儿园工程建设项目-地下",{"$nulls":3},"标段：",{"$nulls":3},"第 2 页  共 17 页"]
["序号","项目编码","项目名称","项目特征描述",null,"计量单位","工程量","金额（元）"]
[{"$nulls":7},"综合单价",null,"综合合价","其中"]
[{"$nulls":10},"暂估价"]
[5,"030404017005","消防水泵房配电箱 01B01APE.xfb","1.名称、型号:消防水泵房配电箱 01B01APE.xfb\n2.箱体尺寸:700x300x1600(宽x深x高)\n3.底边距地明装1.4m明装\n4.接地\n5.满足设计、技术规范及参数要求与施工工艺要求",null,"台",1,12429.49,null,12429.49]
[6,"030404017006","喷淋泵控制箱PLB","1.名称、型号:喷淋泵控制箱PLB\n2.接地\n3.满足设计、技术规范及参数要求与施工工艺要求",null,"台",1,1685.93,null,1685.93]
[7,"030404017007","室内消火栓泵控制箱SNXFB","1.名称、型号:室内消火栓泵控制箱SNXFB\n2.接地\n3.满足设计、技术规范及参数要求与施工工艺要求",null,"台",1,1685.93,null,1685.93]
[8,"030404017008","室外消火栓泵控制箱SWXFB","1.名称、型号:室外消火栓泵控制箱SWXFB\n2.接地\n3.满足设计、技术规范及参数要求与施工工艺要求",null,"台",1,2128.41,null,2128.41]
[9,"030404017009","消防稳压泵控制箱XFWB","1.名称、型号:消防稳压泵控制箱XFWB\n2.接地\n3.满足设计、技术规范及参数要求与施工工艺要求",null,"台",1,1965.94,null,1965.94]
[10,"030404017010","发电机房用电 01B01APE.fd","1.名称、型号:发电机房用电 01B01APE.fd\n2.箱体尺寸:600x200x600(宽x深x高)\n3.底边距地明装1.4m明装\n4.接地\n5.满足设计、技术规范及参数要求与施工工艺要求\n6.ATSE具有隔离功能时,ATSE前面的进线隔离开关可取消",null,"台",1,3858.5,null,3858.5]
["本页小计",{"$nulls":8},23754.2]
["注：为计取规费等的使用，可在表中增设其中：“定额人工费”。"]
[{"$nulls":8},"表—08"]
["分部分项工程和单价措施项目清单与计价表"]
["工程名称：电气工程-新蓝天幼儿园工程建设项目-地下",{"$nulls":3},"标段：",{"$nulls":3},"第 3 页  共 17 页"]
["序号","项目编码","项目名称","项目特征描述",null,"计量单位","工程量","金额（元）"]
[{"$nulls":7},"综合单价",null,"综合合价","其中"]
[{"$nulls":10},"暂估价"]
[11,"030404017011","消防电源总箱(主供) 01B01APE.z1","1.名称、型号:消防电源总箱(主供) 01B01APE.z1\n2.箱体尺寸:600x200x600(宽x深x高)\n3.底边距地明装1.4m明装\n4.接地\n5.满足设计、技术规范及参数要求与施工工艺要求\n6.重复接地参见15D503",null,"台",1,5858.5,null,5858.5]
[12,"030404017012","消防电源总箱(备供) 01B01APE.z2","1.名称、型号:消防电源总箱(备供) 01B01APE.z2\n2.箱体尺寸:600x200x600(宽x深x高)\n3.底边距地明装1.4m明装\n4.接地\n5.满足设计、技术规范及参数要求与施工工艺要求\n6.重复接地参见15D503",null,"台",1,5858.5,null,5858.5]
[13,"030404017013","消防风机配电箱 01B01APE1","1.名称、型号:消防风机配电箱 01B01APE1\n2.箱体尺寸:600x200x600(宽x深x高)\n3.底边距地明装1.4m明装\n4.接地\n5.满足设计、技术规范及参数要求与施工工艺要求",null,"台",1,2858.5,null,2858.5]
[14,"030404017014","排水泵配电箱 01B01APE.psb","1.名称、型号:排水泵配电箱 01B01APE.psb\n2.箱体尺寸:600x200x600(宽x深x高)\n3.底边距地明装1.4m明装\n4.接地\n5.满足设计、技术规范及参数要求与施工工艺要求",null,"台",1,5858.5,null,5858.5]
[15,"030404017015","排水泵控制箱 01B01APE.psb1~3","1.名称、型号:排水泵控制箱 01B01APE.psb1~3\n2.箱体尺寸:600x200x600(宽x深x高)\n3.底边距地明装1.4m明装\n4.接地\n5.满足设计、技术规范及参数要求与施工工艺要求",null,"台",3,1685.93,null,5057.79]
["本页小计",{"$nulls":8},25491.79]
["注：为计取规费等的使用，可在表中增设其中：“定额人工费”。"]
[{"$nulls":8},"表—08"]
["分部分项工程和单价措施项目清单与计价表"]
["工程名称：电气工程-新蓝天幼儿园工程建设项目-地下",{"$nulls":3},"标段：",{"$nulls":3},"第 4 页  共 17 页"]
["序号","项目编码","项目名称","项目特征描述",null,"计量单位","工程量","金额（元）"]
[{"$nulls":7},"综合单价",null,"综合合价","其中"]
[{"$nulls":10},"暂估价"]
[16,"030404017016","排水泵控制箱 01B02APE.psb4","1.名称、型号:排水泵控制箱 01B02APE.psb4\n2.箱体尺寸:600x200x600(宽x深x高)\n3.底边距地明装1.4m明装\n4.接地\n5.满足设计、技术规范及参数要求与施工工艺要求",null,"台",1,1243.46,null,1243.46]
[17,"030404017017","排水泵控制箱 01B01APE.psb4","1.名称、型号:排水泵控制箱 01B01APE.psb4\n2.箱体尺寸:600x200x600(宽x深x高)\n3.底边距地明装1.4m明装\n4.接地\n5.满足设计、技术规范及参数要求与施工工艺要求",null,"台",1,1080.99,null,1080.99]
[18,"030404017018","照明配电箱 01B01AL1","1.名称、型号:照明配电箱 01B01AL1\n2.箱体尺寸:600x200X600(宽X深X高)\n3.底边距地明装1.4m暗装\n4.接地\n5.满足设计、技术规范及参数要求与施工工艺要求",null,"台",1,4589.5,null,4589.5]
[19,"030404017019","照明配电箱 01B01AL2","1.名称、型号:照明配电箱 01B01AL2\n2.箱体尺寸:600x200X600(宽X深X高)\n3.底边距地明装1.4m暗装\n4.接地\n5.满足设计、技术规范及参数要求与施工工艺要求",null,"台",1,4589.5,null,4589.5]
[20,"030404017020","A型应急照明集中电源 01B01ALE1.c1","1.名称、型号:A型应急照明集中电源 01B01ALE1.c1\n2.箱体尺寸:500X690X220\n3.底边距地明装1.6m暗装\n4.接地\n5.满足设计、技术规范及参数要求与施工工艺要求",null,"台",1,5785.3,null,5785.3]
["本页小计",{"$nulls":8},17288.75]
["注：为计取规费等的使用，可在表中增设其中：“定额人工费”。"]
[{"$nulls":8},"表—08"]
["分部分项工程和单价措施项目清单与计价表"]
["工程名称：电气工程-新蓝天幼儿园工程建设项目-地下",{"$nulls":3},"标段：",{"$nulls":3},"第 5 页  共 17 页"]
["序号","项目编码","项目名称","项目特征描述",null,"计量单位","工程量","金额（元）"]
[{"$nulls":7},"综合单价",null,"综合合价","其中"]
[{"$nulls":10},"暂估价"]
[21,"030404017021","A型应急照明集中电源 01B02ALE1.c1","1.名称、型号:A型应急照明集中电源 01B02ALE1.c1\n2.箱体尺寸:500X690X220\n3.底边距地明装1.6m暗装\n4.接地\n5.满足设计、技术规范及参数要求与施工工艺要求",null,"台",1,5785.3,null,5785.3]
[22,"030411003005","电缆桥架 CT100x100","1.名称：电缆桥架 \n2.型号、规格:CT100x100\n3.材质:钢制  \n4.含配件（弯头、异径直通、三通、四通等）、接地等安装\n5.满足设计、技术规范及参数要求与施工工艺要求",null,"m",95.42,90.73,null,8657.46]
[23,"030411003001","电缆桥架 CT200x100","1.名称：电缆桥架 \n2.型号、规格:CT200x100\n3.材质:钢制  \n4.含配件（弯头、异径直通、三通、四通等）、接地、油漆、补漆、防火堵洞等安装\n5.满足设计、技术规范及参数要求与施工工艺要求",null,"m",55.26,109.83,null,6069.21]
[24,"030411003004","电缆桥架 CT300x150","1.名称：电缆桥架 \n2.型号、规格:CT300x150\n3.材质:钢制  \n4.含配件（弯头、异径直通、三通、四通等）、接地、油漆、补漆、防火堵洞等安装\n5.满足设计、技术规范及参数要求与施工工艺要求",null,"m",7.75,185.33,null,1436.31]
[25,"030411003003","电缆桥架 CT400x150","1.名称：电缆桥架 \n2.型号、规格:CT400*150\n3.材质:钢制  \n4.含配件（弯头、异径直通、三通、四通等）、接地、油漆、补漆、防火堵洞等安装\n5.满足设计、技术规范及参数要求与施工工艺要求",null,"m",1.3,239.29,null,311.08]
[26,"030413001001","桥架支架制作安装","1.名称:桥架支架制作安装\n2.材质:金属\n3.其他：满足设计和规范要求",null,"kg",183.33,24.79,null,4544.75]
["本页小计",{"$nulls":8},26804.11]
["注：为计取规费等的使用，可在表中增设其中：“定额人工费”。"]
[{"$nulls":8},"表—08"]
["分部分项工程和单价措施项目清单与计价表"]
["工程名称：电气工程-新蓝天幼儿园工程建设项目-地下",{"$nulls":3},"标段：",{"$nulls":3},"第 6 页  共 17 页"]
["序号","项目编码","项目名称","项目特征描述",null,"计量单位","工程量","金额（元）"]
[{"$nulls":7},"综合单价",null,"综合合价","其中"]
[{"$nulls":10},"暂估价"]
[27,"030408008001","防火堵洞","1.名称：楼板防火堵洞\n2.材质：防火堵泥、防火隔板\n3.部位：强弱电桥架、消防桥架\n4.其他：满足设计和规范要求",null,"处",2,230.37,null,460.74]
[28,"030412001001","LED吸顶灯 9W","1.名称:LED吸顶灯 \n2.规格:220V/9W,850lm\n3.安装形式：吸顶\n4.满足设计、技术规范及参数要求与施工工艺要求",null,"套",17,145.92,null,2480.64]
[29,"030412005001","T5型单管荧光灯-壁装 28W","1.名称：T5型单管荧光灯\n2.型号：220V/1x28W,1x2600lm\n3.规格：单管\n4.安装形式：壁装\n5.满足设计、技术规范及参数要求与施工工艺要求",null,"套",2,77.11,null,154.22]
[30,"030412005002","T5型单管荧光灯-吊链 28W","1.名称：T5型单管荧光灯\n2.型号：220V/1x28W,1x2600lm\n3.规格：单管\n4.安装形式：吊链\n5.满足设计、技术规范及参数要求与施工工艺要求",null,"套",56,89.04,null,4986.24]
[31,"030412005003","T5型三管荧光灯-吊链","1.名称：T5型三管荧光灯\n2.型号：220V/3x28W,1x2600lm\n3.规格：三管\n4.安装形式：吊链\n5.满足设计、技术规范及参数要求与施工工艺要求",null,"套",4,191.39,null,765.56]
[32,"030412005004","T5型双管荧光灯-壁装","1.名称：T5型双管荧光灯\n2.型号：220V/2x28W,2x2600lm\n3.规格：双管\n4.安装形式：壁装\n5.满足设计、技术规范及参数要求与施工工艺要求",null,"套",1,155.93,null,155.93]
["本页小计",{"$nulls":8},9003.33]
["注：为计取规费等的使用，可在表中增设其中：“定额人工费”。"]
[{"$nulls":8},"表—08"]
["分部分项工程和单价措施项目清单与计价表"]
["工程名称：电气工程-新蓝天幼儿园工程建设项目-地下",{"$nulls":3},"标段：",{"$nulls":3},"第 7 页  共 17 页"]
["序号","项目编码","项目名称","项目特征描述",null,"计量单位","工程量","金额（元）"]
[{"$nulls":7},"综合单价",null,"综合合价","其中"]
[{"$nulls":10},"暂估价"]
[33,"030412005005","T5型双管荧光灯-吊链","1.名称：T5型双管荧光灯\n2.型号：220V/2x28W,1x2600lm\n3.规格：双管\n4.安装形式：吊链\n5.满足设计、技术规范及参数要求与施工工艺要求",null,"套",9,191.39,null,1722.51]
[34,"030412004001","壁灯(荧光灯) 9W","1.名称:壁灯(荧光灯)\n2.规格:220V/9W,850lm\n3.安装形式:壁装式\n4.满足设计、技术规范及参数要求与施工工艺要求",null,"套",2,96.72,null,193.44]
[35,"030412004002","出口标志灯\"禁止入内\"标志灯","1.名称:出口标志灯\"禁止入内\"标志灯\n2.规格:LED光源,36V/1W\n3.安装形式:墙壁式\n4.满足设计、技术规范及参数要求与施工工艺要求",null,"套",1,133.01,null,133.01]
[36,"030412004003","单向疏散指示灯","1.名称:单向疏散指示灯\n2.规格:LED光源,36V/1W\n3.安装形式:壁装\n4.满足设计、技术规范及参数要求与施工工艺要求",null,"套",26,97.59,null,2537.34]
[37,"030412004004","单向疏散指示灯","1.名称:单向疏散指示灯\n2.规格:LED光源,36V/1W\n3.安装形式:吊装\n4.满足设计、技术规范及参数要求与施工工艺要求",null,"套",5,104.62,null,523.1]
[38,"030412004005","楼层指示标志灯","1.名称:楼层指示标志灯\n2.规格:LED光源,36V/1W\n3.安装形式:墙壁式\n4.满足设计、技术规范及参数要求与施工工艺要求",null,"套",3,143.53,null,430.59]
[39,"030412004006","疏散出口标志灯","1.名称:疏散出口标志灯\n2.规格:LED光源,36V/1W\n3.安装形式:墙壁式\n4.满足设计、技术规范及参数要求与施工工艺要求",null,"套",10,105.78,null,1057.8]
["本页小计",{"$nulls":8},6597.79]
["注：为计取规费等的使用，可在表中增设其中：“定额人工费”。"]
[{"$nulls":8},"表—08"]
["分部分项工程和单价措施项目清单与计价表"]
["工程名称：电气工程-新蓝天幼儿园工程建设项目-地下",{"$nulls":3},"标段：",{"$nulls":3},"第 8 页  共 17 页"]
["序号","项目编码","项目名称","项目特征描述",null,"计量单位","工程量","金额（元）"]
[{"$nulls":7},"综合单价",null,"综合合价","其中"]
[{"$nulls":10},"暂估价"]
[40,"030412004007","应急灯","1.名称:应急灯\n2.规格:LED光源,36V/7W,1X700lm\n3.安装形式:墙壁式\n4.满足设计、技术规范及参数要求与施工工艺要求",null,"套",42,152.6,null,6409.2]
[41,"030404034001","单联单控开关","1.名称:单联单控开关\n2.其他:满足设计和规范要求",null,"个",8,19.97,null,159.76]
[42,"030404034002","双联单控开关","1.名称:双联单控开关\n2.其他:满足设计和规范要求",null,"个",6,21.81,null,130.86]
[43,"030404034003","三联单控开关","1.名称:三联单控开关\n2.其他:满足设计和规范要求",null,"个",1,24.96,null,24.96]
[44,"030404034004","声、光感应式延时开关","1.名称: 声、光感应式延时开关\n2.其他:满足设计和规范要求",null,"个",6,47.41,null,284.46]
[45,"030404035001","暗装普通单相二、三孔插座,带保护门","1.名称:暗装普通单相二、三孔插座,带保护门\n2.其他：满足设计和规范要求",null,"个",5,30.18,null,150.9]
[46,"030404031001","现场控制按钮","1.名称:现场控制按钮\n2.其他：满足设计和规范要求",null,"个",6,39.9,null,239.4]
[47,"030404034005","照明面板开关","1.名称:照明面板开关\n2.其他:满足设计和规范要求",null,"个",1,165.06,null,165.06]
[48,"030404020001","低压熔断器","1.名称:低压熔断器\n2.其他:满足设计和规范要求",null,"个",1,134.91,null,134.91]
[49,"030411006001","开关插座接线盒","1.名称:开关插座接线盒\n2.材质:PVC\n3.其他：满足设计和规范要求",null,"个",33,9.15,null,301.95]
[50,"030411006002","灯具接线盒","1.名称:灯具接线盒\n2.材质:PVC\n3.其他：满足设计和规范要求",null,"个",91,9.36,null,851.76]
[51,"030411006003","钢制接线盒","1.名称:开关插座接线盒\n2.材质:钢制\n3.其他：满足设计和规范要求",null,"个",87,11.76,null,1023.12]
["本页小计",{"$nulls":8},9876.34]
["注：为计取规费等的使用，可在表中增设其中：“定额人工费”。"]
[{"$nulls":8},"表—08"]
["分部分项工程和单价措施项目清单与计价表"]
["工程名称：电气工程-新蓝天幼儿园工程建设项目-地下",{"$nulls":3},"标段：",{"$nulls":3},"第 9 页  共 17 页"]
["序号","项目编码","项目名称","项目特征描述",null,"计量单位","工程量","金额（元）"]
[{"$nulls":7},"综合单价",null,"综合合价","其中"]
[{"$nulls":10},"暂估价"]
[52,"030408001001","矿物电缆 BTLY-0.6/1.0kV-3x150+2x70","1.名称:硬矿物绝缘电力电缆\n2.型号:BTLY-0.6/1.0kV-3x150+2x70\n3.敷设方式、部位:电缆沟、桥架等敷设\n4.满足设计、技术规范及参数要求与施工工艺要求",null,"m",39.6,654.39,null,25913.84]
[53,"030408001002","矿物电缆 BTLY-0.6/1.0kV-4x70+1x35","1.名称:硬矿物绝缘电力电缆\n2.型号:BTLY-0.6/1.0kV-4x70+1x35\n3.敷设方式、部位:电缆沟、桥架等敷设\n4.满足设计、技术规范及参数要求与施工工艺要求",null,"m",44.62,250.9,null,11195.16]
[54,"030408001003","矿物电缆 BTLY-0.6/1.0kV-5x16","1.名称:硬矿物绝缘电力电缆\n2.型号:BTLY-0.6/1.0kV-5x16\n3.敷设方式、部位:电缆沟、桥架等敷设\n4.满足设计、技术规范及参数要求与施工工艺要求",null,"m",45.3,79.81,null,3615.39]
[55,"030408001024","电力电缆 WDZB-YJY-0.6/1.0kV-4x35+1x16","1.名称:铜芯电力电缆\n2.型号:WDZB-YJY-0.6/1.0kV-4x35+1x16\n3.敷设方式、部位:电缆沟、桥架等敷设\n4.满足设计、技术规范及参数要求与施工工艺要求",null,"m",29.96,182.39,null,5464.4]
[56,"030408001004","电力电缆 WDZB-YJY-0.6/1.0kV-5x16","1.名称:铜芯电力电缆\n2.型号:WDZB-YJY-0.6/1.0kV-5x16\n3.敷设方式、部位:电缆沟、桥架等敷设\n4.满足设计、技术规范及参数要求与施工工艺要求",null,"m",23.47,96.39,null,2262.27]
["本页小计",{"$nulls":8},48451.06]
["注：为计取规费等的使用，可在表中增设其中：“定额人工费”。"]
[{"$nulls":8},"表—08"]
["分部分项工程和单价措施项目清单与计价表"]
["工程名称：电气工程-新蓝天幼儿园工程建设项目-地下",{"$nulls":3},"标段：",{"$nulls":3},"第 10 页  共 17 页"]
["序号","项目编码","项目名称","项目特征描述",null,"计量单位","工程量","金额（元）"]
[{"$nulls":7},"综合单价",null,"综合合价","其中"]
[{"$nulls":10},"暂估价"]
[57,"030408001005","电力电缆 WDZB-YJY-0.6/1.0kV-5x10","1.名称:铜芯电力电缆\n2.型号:WDZB-YJY-0.6/1.0kV-5x10\n3.敷设方式、部位:电缆沟、桥架等敷设\n4.满足设计、技术规范及参数要求与施工工艺要求",null,"m",23.36,49.82,null,1163.8]
[58,"030408001006","电力电缆 WDZB-YJY-0.6/1.0kV-5x4","1.名称:铜芯电力电缆\n2.型号:WDZB-YJY-0.6/1.0kV-5x4\n3.敷设方式、部位:电缆沟、桥架等敷设\n4.满足设计、技术规范及参数要求与施工工艺要求",null,"m",13.04,25.22,null,328.87]
[59,"030408001007","电力电缆 WDZBN-YJY-0.6/1.0kV-5x2.5","1.名称:铜芯电力电缆\n2.型号:WDZBN-YJY-0.6/1.0kV-5x2.5\n3.敷设方式、部位:电缆沟、桥架等敷设\n4.满足设计、技术规范及参数要求与施工工艺要求",null,"m",18.33,17.17,null,314.73]
[60,"030408001008","电力电缆 WDZB-YJY-0.6/1.0kV-4x2.5","1.名称:铜芯电力电缆\n2.型号:WDZB-YJY-0.6/1.0kV-4x2.5\n3.敷设方式、部位:电缆沟、桥架等敷设\n4.满足设计、技术规范及参数要求与施工工艺要求",null,"m",63.85,14.6,null,932.21]
[61,"030408001023","电力电缆 WDZBN-YJY-0.6/1.0kV-3x50+2x25","1.名称:铜芯电力电缆\n2.型号:WDZBN-YJY-0.6/1.0kV-3x50+2x25\n3.敷设方式、部位:电缆沟、桥架等敷设\n4.满足设计、技术规范及参数要求与施工工艺要求",null,"m",19.27,203.3,null,3917.59]
["本页小计",{"$nulls":8},6657.2]
["注：为计取规费等的使用，可在表中增设其中：“定额人工费”。"]
[{"$nulls":8},"表—08"]
["分部分项工程和单价措施项目清单与计价表"]
["工程名称：电气工程-新蓝天幼儿园工程建设项目-地下",{"$nulls":3},"标段：",{"$nulls":3},"第 11 页  共 17 页"]
["序号","项目编码","项目名称","项目特征描述",null,"计量单位","工程量","金额（元）"]
[{"$nulls":7},"综合单价",null,"综合合价","其中"]
[{"$nulls":10},"暂估价"]
[62,"030408001010","电力电缆 WDZBN-YJY-0.6/1.0kV-3x35+2x16","1.名称:铜芯电力电缆\n2.型号:WDZBN-YJY-0.6/1.0kV-3x35+2x16\n3.敷设方式、部位:电缆沟、桥架等敷设\n4.满足设计、技术规范及参数要求与施工工艺要求",null,"m",40.42,146.91,null,5938.1]
[63,"030408001012","电力电缆 WDZBN-YJY-0.6/1.0kV-7x16","1.名称:铜芯电力电缆\n2.型号:WDZBN-YJY-0.6/1.0kV-7x16\n3.敷设方式、部位:电缆沟、桥架等敷设\n4.满足设计、技术规范及参数要求与施工工艺要求",null,"m",70.69,119.91,null,8476.44]
[64,"030408001013","电力电缆 WDZBN-YJY-0.6/1.0kV-5x16","1.名称:铜芯电力电缆\n2.型号:WDZBN-YJY-0.6/1.0kV-5x16\n3.敷设方式、部位:电缆沟、桥架等敷设\n4.满足设计、技术规范及参数要求与施工工艺要求",null,"m",99.9,79.06,null,7898.09]
[65,"030408001025","电力电缆 WDZBN-YJY-0.6/1.0kV-4x10","1.名称:铜芯电力电缆\n2.型号:WDZBN-YJY-0.6/1.0kV-4x10\n3.敷设方式、部位:电缆沟、桥架等敷设\n4.满足设计、技术规范及参数要求与施工工艺要求",null,"m",10.89,40.22,null,438]
["本页小计",{"$nulls":8},22750.63]
["注：为计取规费等的使用，可在表中增设其中：“定额人工费”。"]
[{"$nulls":8},"表—08"]
["分部分项工程和单价措施项目清单与计价表"]
["工程名称：电气工程-新蓝天幼儿园工程建设项目-地下",{"$nulls":3},"标段：",{"$nulls":3},"第 12 页  共 17 页"]
["序号","项目编码","项目名称","项目特征描述",null,"计量单位","工程量","金额（元）"]
[{"$nulls":7},"综合单价",null,"综合合价","其中"]
[{"$nulls":10},"暂估价"]
[66,"030408001015","电力电缆 WDZBN-YJY-0.6/1.0kV-7x6","1.名称:铜芯电力电缆\n2.型号:WDZBN-YJY-0.6/1.0kV-7x6\n3.敷设方式、部位:电缆沟、桥架等敷设\n4.满足设计、技术规范及参数要求与施工工艺要求",null,"m",47.74,38.22,null,1824.62]
[67,"030408001016","电力电缆 WDZBN-YJY-0.6/1.0kV-5x6","1.名称:铜芯电力电缆\n2.型号:WDZBN-YJY-0.6/1.0kV-5x6\n3.敷设方式、部位:电缆沟、桥架等敷设\n4.满足设计、技术规范及参数要求与施工工艺要求",null,"m",46.08,33.45,null,1541.38]
[68,"030408001017","电力电缆 WDZBN-YJY-0.6/1.0kV-5x4","1.名称:铜芯电力电缆\n2.型号:WDZBN-YJY-0.6/1.0kV-5x4\n3.敷设方式、部位:电缆沟、桥架等敷设\n4.满足设计、技术规范及参数要求与施工工艺要求",null,"m",192.12,24.2,null,4649.3]
[69,"030408001018","电力电缆 WDZBN-YJY-0.6/1.0kV-3x4","1.名称:铜芯电力电缆\n2.型号:WDZBN-YJY-0.6/1.0kV-3x4 \n3.敷设方式、部位:电缆沟、桥架等敷设\n4.满足设计、技术规范及参数要求与施工工艺要求",null,"m",21.65,15.56,null,336.87]
[70,"030408001019","电力电缆 WDZBN-YJY-0.6/1.0kV-4x2.5","1.名称:铜芯电力电缆\n2.型号:WDZBN-YJY-0.6/1.0kV-4x2.5\n3.敷设方式、部位:电缆沟、桥架等敷设\n4.满足设计、技术规范及参数要求与施工工艺要求",null,"m",90.29,15.7,null,1417.55]
["本页小计",{"$nulls":8},9769.72]
["注：为计取规费等的使用，可在表中增设其中：“定额人工费”。"]
[{"$nulls":8},"表—08"]
["分部分项工程和单价措施项目清单与计价表"]
["工程名称：电气工程-新蓝天幼儿园工程建设项目-地下",{"$nulls":3},"标段：",{"$nulls":3},"第 13 页  共 17 页"]
["序号","项目编码","项目名称","项目特征描述",null,"计量单位","工程量","金额（元）"]
[{"$nulls":7},"综合单价",null,"综合合价","其中"]
[{"$nulls":10},"暂估价"]
[71,"030408006001","电力电缆头(16截面mm2以下)","1.电力电缆头(16截面mm2以下)\n2.电力电缆头制作\n3.电力电缆头安装\n4.其他：满足设计和规范要求",null,"个",66,99.02,null,6535.32]
[72,"030408006002","电力电缆头(35截面mm2以下)","1.电力电缆头(35截面mm2以下)\n2.电力电缆头制作\n3.电力电缆头安装\n4.满足设计、技术规范及参数要求与施工工艺要求",null,"个",10,155.08,null,1550.8]
[73,"030408006003","电力电缆头(70截面mm2以下)","1.电力电缆头(70截面mm2以下)\n2.电力电缆头制作\n3.电力电缆头安装\n4.满足设计、技术规范及参数要求与施工工艺要求",null,"个",4,196.55,null,786.2]
[74,"030408001020","矿物绝缘电缆终端头安装 多芯(截面mm2以下) 35","1.矿物绝缘电缆终端头安装 多芯(截面mm2以下) 35\n2.矿物绝缘电缆终端头制作\n3.矿物绝缘电缆终端头电缆头安装\n4.满足设计、技术规范及参数要求与施工工艺要求",null,"个",4,152.54,null,610.16]
[75,"030408001021","矿物绝缘电缆终端头安装 多芯(截面mm2以下) 70","1.矿物绝缘电缆终端头安装 多芯(截面mm2以下) 70\n2.矿物绝缘电缆终端头制作\n3.矿物绝缘电缆终端头电缆头安装\n4.满足设计、技术规范及参数要求与施工工艺要求",null,"个",2,180.79,null,361.58]
[76,"030408001022","矿物绝缘电缆终端头安装 多芯(截面mm2以下) 150","1.矿物绝缘电缆终端头安装 多芯(截面mm2以下) 150\n2.矿物绝缘电缆终端头制作\n3.矿物绝缘电缆终端头电缆头安装\n4.满足设计、技术规范及参数要求与施工工艺要求",null,"个",2,225.65,null,451.3]
["本页小计",{"$nulls":8},10295.36]
["注：为计取规费等的使用，可在表中增设其中：“定额人工费”。"]
[{"$nulls":8},"表—08"]
["分部分项工程和单价措施项目清单与计价表"]
["工程名称：电气工程-新蓝天幼儿园工程建设项目-地下",{"$nulls":3},"标段：",{"$nulls":3},"第 14 页  共 17 页"]
["序号","项目编码","项目名称","项目特征描述",null,"计量单位","工程量","金额（元）"]
[{"$nulls":7},"综合单价",null,"综合合价","其中"]
[{"$nulls":10},"暂估价"]
[77,"030411004001","配线 WDZB-BYJ-450/750V-2.5","1.名称:铜芯绝缘导线 \n2.规格:WDZB-BYJ-450/750V-2.5\n3.敷设方式:管内穿线敷设  \n4.满足设计、技术规范及参数要求与施工工艺要求",null,"m",2637,5.17,null,13633.29]
[78,"030411004002","配线 WDZBN-BYJ-450/750V-2.5","1.名称:铜芯绝缘导线\n2.规格:WDZBN-BYJ-450/750V-2.5\n3.敷设方式:管内穿线敷设\n4.满足设计、技术规范及参数要求与施工工艺要求",null,"m",1862.88,7.04,null,13114.68]
[79,"030411004003","配线 WDZBN-RYJ-2x1.5","1.名称:铜芯绝缘导线\n2.规格:WDZBN-RYJ-2x1.5\n3.敷设方式:管内穿线敷设\n4.满足设计、技术规范及参数要求与施工工艺要求",null,"m",61.86,8.88,null,549.32]
[80,"030411001001","镀锌电线管 MT16","1.名称:镀锌电线管 \n2.规格:MT16\n3.敷设形式及部位:综合考虑\n4.满足设计、技术规范及参数要求与施工工艺要求",null,"m",54.66,20.99,null,1147.31]
[81,"030411001002","镀锌电线管 MT19","1.名称:镀锌电线管 \n2.规格:MT19\n3.敷设形式及部位:综合考虑\n4.刨沟槽、凿孔及其修复等\n5.接地、支吊架制作安装、除锈防腐\n6.满足设计、技术规范及参数要求与施工工艺要求",null,"m",1660.77,22.66,null,37633.05]
[82,"030411001003","镀锌电线管 MT25","1.名称:镀锌电线管 \n2.规格:MT25\n3.敷设形式及部位:综合考虑\n4.刨沟槽、凿孔及其修复等\n5.接地、支吊架制作安装、除锈防腐\n6.满足设计、技术规范及参数要求与施工工艺要求",null,"m",147.16,25.06,null,3687.83]
["本页小计",{"$nulls":8},69765.48]
["注：为计取规费等的使用，可在表中增设其中：“定额人工费”。"]
[{"$nulls":8},"表—08"]
["分部分项工程和单价措施项目清单与计价表"]
["工程名称：电气工程-新蓝天幼儿园工程建设项目-地下",{"$nulls":3},"标段：",{"$nulls":3},"第 15 页  共 17 页"]
["序号","项目编码","项目名称","项目特征描述",null,"计量单位","工程量","金额（元）"]
[{"$nulls":7},"综合单价",null,"综合合价","其中"]
[{"$nulls":10},"暂估价"]
[83,"030411001004","镀锌电线管 MT32","1.名称:镀锌电线管 \n2.规格:MT32\n3.敷设形式及部位:综合考虑\n4.刨沟槽、凿孔及其修复等\n5.接地、支吊架制作安装、除锈防腐\n6.满足设计、技术规范及参数要求与施工工艺要求",null,"m",67.1,28.14,null,1888.19]
[84,"030411001005","镀锌电线管 MT40","1.名称:镀锌电线管 \n2.规格:MT40\n3.敷设形式及部位:综合考虑\n4.满足设计、技术规范及参数要求与施工工艺要求",null,"m",6.43,34.67,null,222.93]
[85,"030411001006","镀锌电线管 MT50","1.名称:镀锌电线管 \n2.规格:MT50\n3.敷设形式及部位:综合考虑\n4.刨沟槽、凿孔及其修复等\n5.接地、支吊架制作安装、除锈防腐\n6.满足设计、技术规范及参数要求与施工工艺要求",null,"m",78.92,39.76,null,3137.86]
[86,"030411001007","金属软管 DN20","1.名称:金属软管\n2.规格:DN20\n3.敷设形式及部位:综合考虑\n4.满足设计、技术规范及参数要求与施工工艺要求",null,"m",103.6,31.49,null,3262.36]
[87,"031002003001","防护密闭套管 DN25","1.名称、类型:防护密闭套管 \n2.规格:DN25\n3.其他：满足设计和规范要求",null,"个",20,324.01,null,6480.2]
[88,"031002003002","防护密闭套管 DN50","1.名称、类型:防护密闭套管 \n2.规格:DN50\n3.其他：满足设计和规范要求",null,"个",8,324.01,null,2592.08]
[89,"031002003003","防护密闭套管 DN80","1.名称、类型:防护密闭套管 \n2.规格:DN80\n3.其他：满足设计和规范要求",null,"个",4,431.17,null,1724.68]
[90,"030414002001","送配电装置系统","1.名称：送配电装置系统调试",null,"系统",1,906.42,null,906.42]
[null,null,"防雷系统",{"$nulls":6},111170.89]
["本页小计",{"$nulls":8},20214.72]
["注：为计取规费等的使用，可在表中增设其中：“定额人工费”。"]
[{"$nulls":8},"表—08"]
["分部分项工程和单价措施项目清单与计价表"]
["工程名称：电气工程-新蓝天幼儿园工程建设项目-地下",{"$nulls":3},"标段：",{"$nulls":3},"第 16 页  共 17 页"]
["序号","项目编码","项目名称","项目特征描述",null,"计量单位","工程量","金额（元）"]
[{"$nulls":7},"综合单价",null,"综合合价","其中"]
[{"$nulls":10},"暂估价"]
[91,"030409004001","接地母线","1.名称：接地母线\n2.做法：利用基础底梁及基础底板两根主筋通长焊接做接地网(具体做法见图纸)\n3.其他满足设计、施工要求的内容",null,"m",930.47,22.2,null,20656.43]
[92,"030409004002","接地母线","1.名称：接地母线\n2.材质：-40*4铜排\n3.其他满足设计、施工要求的内容",null,"m",77.58,93.42,null,7247.52]
[93,"030409004003","接地母线","1.名称：接地母线\n2.材质：80*0.6铜排\n3.其他满足设计、施工要求的内容",null,"m",117.59,128.35,null,15092.68]
[94,"030409004004","桥架接地母线","1.名称：桥架接地母线\n2.材质：热镀锌扁钢40*4\n3.其他满足设计、施工要求的内容",null,"m",159.73,93.42,null,14921.98]
[95,"030409003001","避雷引下线","1.名称：避雷引下线敷设 （焊接钢筋根数综合考虑）\n2.敷设方式：利用建筑物主筋引下\n3.其他:完成符合设计要求和施工规范的所有相关内容",null,"m",167.4,18.78,null,3143.77]
[96,"030409003002","避雷引下线（至各层电井）","1.名称：避雷引下线敷设 （焊接钢筋根数综合考虑）\n2.敷设方式：热镀锌扁钢40*4\n3.其他:完成符合设计要求和施工规范的所有相关内容",null,"m",58.1,14.61,null,848.84]
[97,"030409003003","避雷引下线（至弱电机房）","1.名称：避雷引下线敷设 （焊接钢筋根数综合考虑）\n2.敷设方式：热镀锌扁钢50*5\n3.其他:完成符合设计要求和施工规范的所有相关内容",null,"m",10.8,17.23,null,186.08]
[98,"030409008003","局部等电位联结端子箱","1.名称：局部等电位箱安装\n2.敷设方式：嵌入式\n3.与引下线跨接处\n4.其他:完成符合设计要求和施工规范的所有相关内容",null,"台",8,73.86,null,590.88]
["本页小计",{"$nulls":8},62688.18]
["注：为计取规费等的使用，可在表中增设其中：“定额人工费”。"]
[{"$nulls":8},"表—08"]
["分部分项工程和单价措施项目清单与计价表"]
["工程名称：电气工程-新蓝天幼儿园工程建设项目-地下",{"$nulls":3},"标段：",{"$nulls":3},"第 17 页  共 17 页"]
["序号","项目编码","项目名称","项目特征描述",null,"计量单位","工程量","金额（元）"]
[{"$nulls":7},"综合单价",null,"综合合价","其中"]
[{"$nulls":10},"暂估价"]
[99,"030409008001","接地端子","1.名称：预埋接地端子\n2.规格型号：按设计要求\n3.其他:完成符合设计要求和施工规范的所有相关内容",null,"套",2,55.1,null,110.2]
[100,"030409008002","接地电阻测试端子","1.名称：接地电阻测试端子\n2.规格型号：按设计要求\n3.其他:完成符合设计要求和施工规范的所有相关内容",null,"套",3,55.1,null,165.3]
[101,"粤030409012001","桩承台接地（三连桩以内）","1.名称：桩承台接地\n2.规格型号：按设计要求\n3.其他:完成符合设计要求和施工规范的所有相关内容",null,"基",84,480.41,null,40354.44]
[102,"粤030409012002","桩承台接地（七连桩以内）","1.名称：桩承台接地\n2.规格型号：按设计要求\n3.其他:完成符合设计要求和施工规范的所有相关内容",null,"基",9,678.82,null,6109.38]
[103,"030414011001","防雷验收检测","1.建筑防雷验收检测  （含第三方检测等）包括当地政府验收需求的检测调试等一切费用，后期均不以任何理由增加关于防雷检测和验收等任何费用",null,"系统",1,1743.39,null,1743.39]
[null,null,"措施项目",{"$nulls":6},4010.54]
[104,"031302007001","高层施工增加",null,null,"项",1]
[105,"031301017001","脚手架搭拆费",null,null,"项",1,4010.54,null,4010.54]
{"$rows_empty":9}
["本页小计",{"$nulls":8},52493.25]
["合   计",{"$nulls":8},446135.91]
["注：为计取规费等的使用，可在表中增设其中：“定额人工费”。"]
[{"$nulls":8},"表—08"]

{"sheet":"表-08 分部分项工程和单价措施项目清单与计价表(含措施标_1","index":26,"n_rows":254,"n_cols":11,"rows_kept":254,"merged":[[0,0,0,10],[1,0,1,3],[1,4,1,7],[1,8,1,10],[2,0,4,0],[2,1,4,1],[2,2,4,2],[2,3,4,4],[2,5,4,5],[2,6,4,6],[2,7,2,10],[3,7,4,8],[3,9,4,9],[5,3,5,4],[5,7,5,8],[6,3,6,4],[6,7,6,8],[7,3,7,4],[7,7,7,8],[8,3,8,4],[8,7,8,8],[9,3,9,4],[9,7,9,8],[10,0,10,8],[11,0,11,10],[12,0,12,3],[12,4,12,7],[12,8,12,10],[13,0,13,10],[14,0,14,3],[14,4,14,7],[14,8,14,10],[15,0,17,0],[15,1,17,1],[15,2,17,2],[15,3,17,4],[15,5,17,5],[15,6,17,6],[15,7,15,10],[16,7,17,8],[16,9,17,9],[18,3,18,4],[18,7,18,8],[19,3,19,4],[19,7,19,8],[20,3,20,4],[20,7,20,8],[21,3,21,4],[21,7,21,8],[22,3,22,4],[22,7,22,8],[23,3,23,4],[23,7,23,8],[24,0,24,8],[25,0,25,10],[26,0,26,3],[26,4,26,7],[26,8,26,10],[27,0,27,10],[28,0,28,3],[28,4,28,7],[28,8,28,10],[29,0,31,0],[29,1,31,1],[29,2,31,2],[29,3,31,4],[29,5,31,5],[29,6,31,6],[29,7,29,10],[30,7,31,8],[30,9,31,9],[32,3,32,4],[32,7,32,8],[33,3,33,4],[33,7,33,8],[34,3,34,4],[34,7,34,8],[35,3,35,4],[35,7,35,8],[36,3,36,4],[36,7,36,8],[37,0,37,8],[38,0,38,10],[39,0,39,3],[39,4,39,7],[39,8,39,10],[40,0,40,10],[41,0,41,3],[41,4,41,7],[41,8,41,10],[42,0,44,0],[42,1,44,1],[42,2,44,2],[42,3,44,4],[42,5,44,5],[42,6,44,6],[42,7,42,10],[43,7,44,8],[43,9,44,9],[45,3,45,4],[45,7,45,8],[46,3,46,4],[46,7,46,8],[47,3,47,4],[47,7,47,8],[48,3,48,4],[48,7,48,8],[49,3,49,4],[49,7,49,8],[50,0,50,8],[51,0,51,10],[52,0,52,3],[52,4,52,7],[52,8,52,10],[53,0,53,10],[54,0,54,3],[54,4,54,7],[54,8,54,10],[55,0,57,0],[55,1,57,1],[55,2,57,2],[55,3,57,4],[55,5,57,5],[55,6,57,6],[55,7,55,10],[56,7,57,8],[56,9,57,9],[58,3,58,4],[58,7,58,8],[59,3,59,4],[59,7,59,8],[60,3,60,4],[60,7,60,8],[61,3,61,4],[61,7,61,8],[62,3,62,4],[62,7,62,8],[63,3,63,4],[63,7,63,8],[64,0,64,8],[65,0,65,10],[66,0,66,3],[66,4,66,7],[66,8,66,10],[67,0,67,10],[68,0,68,3],[68,4,68,7],[68,8,68,10],[69,0,71,0],[69,1,71,1],[69,2,71,2],[69,3,71,4],[69,5,71,5],[69,6,71,6],[69,7,69,10],[70,7,71,8],[70,9,71,9],[72,3,72,4],[72,7,72,8],[73,3,73,4],[73,7,73,8],[74,3,74,4],[74,7,74,8],[75,3,75,4],[75,7,75,8],[76,3,76,4],[76,7,76,8],[77,3,77,4],[77,7,77,8],[78,0,78,8],[79,0,79,10],[80,0,80,3],[80,4,80,7],[80,8,80,10],[81,0,81,10],[82,0,82,3],[82,4,82,7],[82,8,82,10],[83,0,85,0],[83,1,85,1],[83,2,85,2],[83,3,85,4],[83,5,85,5],[83,6,85,6],[83,7,83,10],[84,7,85,8],[84,9,85,9],[86,3,86,4],[86,7,86,8],[87,3,87,4],[87,7,87,8],[88,3,88,4],[88,7,88,8],[89,3,89,4],[89,7,89,8],[90,3,90,4],[90,7,90,8],[91,3,91,4],[91,7,91,8],[92,3,92,4],[92,7,92,8],[93,0,93,8],[94,0,94,10],[95,0,95,3],[95,4,95,7],[95,8,95,10],[96,0,96,10],[97,0,97,3],[97,4,97,7],[97,8,97,10],[98,0,100,0],[98,1,100,1],[98,2,100,2],[98,3,100,4],[98,5,100,5],[98,6,100,6],[98,7,98,10],[99,7,100,8],[99,9,100,9],[101,3,101,4],[101,7,101,8],[102,3,102,4],[102,7,102,8],[103,3,103,4],[103,7,103,8],[104,3,104,4],[104,7,104,8],[105,3,105,4],[105,7,105,8],[106,3,106,4],[106,7,106,8],[107,3,107,4],[107,7,107,8],[108,3,108,4],[108,7,108,8],[109,3,109,4],[109,7,109,8],[110,3,110,4],[110,7,110,8],[111,3,111,4],[111,7,111,8],[112,3,112,4],[112,7,112,8],[113,0,113,8],[114,0,114,10],[115,0,115,3],[115,4,115,7],[115,8,115,10],[116,0,116,10],[117,0,117,3],[117,4,117,7],[117,8,117,10],[118,0,120,0],[118,1,120,1],[118,2,120,2],[118,3,120,4],[118,5,120,5],[118,6,120,6],[118,7,118,10],[119,7,120,8],[119,9,120,9],[121,3,121,4],[121,7,121,8],[122,3,122,4],[122,7,122,8],[123,3,123,4],[123,7,123,8],[124,3,124,4],[124,7,124,8],[125,3,125,4],[125,7,125,8],[126,0,126,8],[127,0,127,10],[128,0,128,3],[128,4,128,7],[128,8,128,10],[129,0,129,10],[130,0,130,3],[130,4,130,7],[130,8,130,10],[131,0,133,0],[131,1,133,1],[131,2,133,2],[131,3,133,4],[131,5,133,5],[131,6,133,6],[131,7,131,10],[132,7,133,8],[132,9,133,9],[134,3,134,4],[134,7,134,8],[135,3,135,4],[135,7,135,8],[136,3,136,4],[136,7,136,8],[137,3,137,4],[137,7,137,8],[138,3,138,4],[138,7,138,8],[139,0,139,8],[140,0,140,10],[141,0,141,3],[141,4,141,7],[141,8,141,10],[142,0,142,10],[143,0,143,3],[143,4,143,7],[143,8,143,10],[144,0,146,0],[144,1,146,1],[144,2,146,2],[144,3,146,4],[144,5,146,5],[144,6,146,6],[144,7,144,10],[145,7,146,8],[145,9,146,9],[147,3,147,4],[147,7,147,8],[148,3,148,4],[148,7,148,8],[149,3,149,4],[149,7,149,8],[150,3,150,4],[150,7,150,8],[151,0,151,8],[152,0,152,10],[153,0,153,3],[153,4,153,7],[153,8,153,10],[154,0,154,10],[155,0,155,3],[155,4,155,7],[155,8,155,10],[156,0,158,0],[156,1,158,1],[156,2,158,2],[156,3,158,4],[156,5,158,5],[156,6,158,6],[156,7,156,10],[157,7,158,8],[157,9,158,9],[159,3,159,4],[159,7,159,8],[160,3,160,4],[160,7,160,8],[161,3,161,4],[161,7,161,8],[162,3,162,4],[162,7,162,8],[163,3,163,4],[163,7,163,8],[164,0,164,8],[165,0,165,10],[166,0,166,3],[166,4,166,7],[166,8,166,10],[167,0,167,10],[168,0,168,3],[168,4,168,7],[168,8,168,10],[169,0,171,0],[169,1,171,1],[169,2,171,2],[169,3,171,4],[169,5,171,5],[169,6,171,6],[169,7,169,10],[170,7,171,8],[170,9,171,9],[172,3,172,4],[172,7,172,8],[173,3,173,4],[173,7,173,8],[174,3,174,4],[174,7,174,8],[175,3,175,4],[175,7,175,8],[176,3,176,4],[176,7,176,8],[177,3,177,4],[177,7,177,8],[178,0,178,8],[179,0,179,10],[180,0,180,3],[180,4,180,7],[180,8,180,10],[181,0,181,10],[182,0,182,3],[182,4,182,7],[182,8,182,10],[183,0,185,0],[183,1,185,1],[183,2,185,2],[183,3,185,4],[183,5,185,5],[183,6,185,6],[183,7,183,10],[184,7,185,8],[184,9,185,9],[186,3,186,4],[186,7,186,8],[187,3,187,4],[187,7,187,8],[188,3,188,4],[188,7,188,8],[189,3,189,4],[189,7,189,8],[190,3,190,4],[190,7,190,8],[191,3,191,4],[191,7,191,8],[192,0,192,8],[193,0,193,10],[194,0,194,3],[194,4,194,7],[194,8,194,10],[195,0,195,10],[196,0,196,3],[196,4,196,7],[196,8,196,10],[197,0,199,0],[197,1,199,1],[197,2,199,2],[197,3,199,4],[197,5,199,5],[197,6,199,6],[197,7,197,10],[198,7,199,8],[198,9,199,9],[200,3,200,4],[200,7,200,8],[201,3,201,4],[201,7,201,8],[202,3,202,4],[202,7,202,8],[203,3,203,4],[203,7,203,8],[204,3,204,4],[204,7,204,8],[205,3,205,4],[205,7,205,8],[206,3,206,4],[206,7,206,8],[207,3,207,4],[207,7,207,8],[208,3,208,4],[208,7,208,8],[209,0,209,8],[210,0,210,10],[211,0,211,3],[211,4,211,7],[211,8,211,10],[212,0,212,10],[213,0,213,3],[213,4,213,7],[213,8,213,10],[214,0,216,0],[214,1,216,1],[214,2,216,2],[214,3,216,4],[214,5,216,5],[214,6,216,6],[214,7,214,10],[215,7,216,8],[215,9,216,9],[217,3,217,4],[217,7,217,8],[218,3,218,4],[218,7,218,8],[219,3,219,4],[219,7,219,8],[220,3,220,4],[220,7,220,8],[221,3,221,4],[221,7,221,8],[222,3,222,4],[222,7,222,8],[223,3,223,4],[223,7,223,8],[224,3,224,4],[224,7,224,8],[225,0,225,8],[226,0,226,10],[227,0,227,3],[227,4,227,7],[227,8,227,10],[228,0,228,10],[229,0,229,3],[229,4,229,7],[229,8,229,10],[230,0,232,0],[230,1,232,1],[230,2,232,2],[230,3,232,4],[230,5,232,5],[230,6,232,6],[230,7,230,10],[231,7,232,8],[231,9,232,9],[233,3,233,4],[233,7,233,8],[234,3,234,4],[234,7,234,8],[235,3,235,4],[235,7,235,8],[236,3,236,4],[236,7,236,8],[237,3,237,4],[237,7,237,8],[238,3,238,4],[238,7,238,8],[239,3,239,4],[239,7,239,8],[240,3,240,4],[240,7,240,8],[241,3,241,4],[241,7,241,8],[242,3,242,4],[242,7,242,8],[243,3,243,4],[243,7,243,8],[244,3,244,4],[244,7,244,8],[245,3,245,4],[245,7,245,8],[246,3,246,4],[246,7,246,8],[247,3,247,4],[247,7,247,8],[248,3,248,4],[248,7,248,8],[249,3,249,4],[249,7,249,8],[250,0,250,8],[251,0,251,8],[252,0,252,10],[253,0,253,3],[253,4,253,7],[253,8,253,10]]}
["分部分项工程和单价措施项目清单与计价表"]
["工程名称：电气工程-新蓝天幼儿园工程建设项目-地下",{"$nulls":3},"标段：",{"$nulls":3},"第 1 页  共 17 页"]
["序号","项目编码","项目名称","项目特征描述",null,"计量单位","工程量","金额（元）"]
[{"$nulls":7},"综合单价",null,"综合合价","其中"]
[{"$nulls":10},"暂估价"]
[null,null,"强电系统",{"$nulls":6},330954.48]
[1,"030404017001","弱电机房电源 01B01AT.rd","1.名称、型号:弱电机房电源 01B01AT.rd\n2.箱体尺寸:600x200X600(宽X深X高)\n3.底边距地明装1.4m明装\n4.接地\n5.满足设计、技术规范及参数要求与施工工艺要求\n6.ATSE具有隔离功能时,ATSE前面的进线隔离开关可取消",null,"台",1,4858.5,null,4858.5]
[2,"030404017002","生活水泵配电箱 01B01AT.shb","1.名称、型号:生活水泵配电箱 01B01AT.shb\n2.箱体尺寸:600x200X600(宽X深X高)\n3.底边距地明装1.4m明装\n4.接地\n5.满足设计、技术规范及参数要求与施工工艺要求\n6.模块严禁设置在配电箱内\n7.ATSE具有隔离功能时,ATSE前面的进线隔离开关可取消",null,"台",1,5658.5,null,5658.5]
[3,"030404017003","应急照明配电箱 01B01ALE1","1.名称、型号:应急照明配电箱 01B01ALE1\n2.箱体尺寸:600x200X600(宽X深X高)\n3.底边距地明装1.4m明装\n4.接地\n5.满足设计、技术规范及参数要求与施工工艺要求",null,"台",1,6858.5,null,6858.5]
[4,"030404017004","应急照明配电箱 01B02ALE1","1.名称、型号:应急照明配电箱 01B02ALE1\n2.箱体尺寸:600x200X600(宽X深X高)\n3.底边距地明装1.4m明装\n4.接地\n5.满足设计、技术规范及参数要求与施工工艺要求",null,"台",1,6858.5,null,6858.5]
["本页小计",{"$nulls":8},24234]
["注：为计取规费等的使用，可在表中增设其中：“定额人工费”。"]
[{"$nulls":8},"表—08"]
["分部分项工程和单价措施项目清单与计价表"]
["工程名称：电气工程-新蓝天幼儿园工程建设项目-地下",{"$nulls":3},"标段：",{"$nulls":3},"第 2 页  共 17 页"]
["序号","项目编码","项目名称","项目特征描述",null,"计量单位","工程量","金额（元）"]
[{"$nulls":7},"综合单价",null,"综合合价","其中"]
[{"$nulls":10},"暂估价"]
[5,"030404017005","消防水泵房配电箱 01B01APE.xfb","1.名称、型号:消防水泵房配电箱 01B01APE.xfb\n2.箱体尺寸:700x300x1600(宽x深x高)\n3.底边距地明装1.4m明装\n4.接地\n5.满足设计、技术规范及参数要求与施工工艺要求",null,"台",1,12429.49,null,12429.49]
[6,"030404017006","喷淋泵控制箱PLB","1.名称、型号:喷淋泵控制箱PLB\n2.接地\n3.满足设计、技术规范及参数要求与施工工艺要求",null,"台",1,1685.93,null,1685.93]
[7,"030404017007","室内消火栓泵控制箱SNXFB","1.名称、型号:室内消火栓泵控制箱SNXFB\n2.接地\n3.满足设计、技术规范及参数要求与施工工艺要求",null,"台",1,1685.93,null,1685.93]
[8,"030404017008","室外消火栓泵控制箱SWXFB","1.名称、型号:室外消火栓泵控制箱SWXFB\n2.接地\n3.满足设计、技术规范及参数要求与施工工艺要求",null,"台",1,2128.41,null,2128.41]
[9,"030404017009","消防稳压泵控制箱XFWB","1.名称、型号:消防稳压泵控制箱XFWB\n2.接地\n3.满足设计、技术规范及参数要求与施工工艺要求",null,"台",1,1965.94,null,1965.94]
[10,"030404017010","发电机房用电 01B01APE.fd","1.名称、型号:发电机房用电 01B01APE.fd\n2.箱体尺寸:600x200x600(宽x深x高)\n3.底边距地明装1.4m明装\n4.接地\n5.满足设计、技术规范及参数要求与施工工艺要求\n6.ATSE具有隔离功能时,ATSE前面的进线隔离开关可取消",null,"台",1,3858.5,null,3858.5]
["本页小计",{"$nulls":8},23754.2]
["注：为计取规费等的使用，可在表中增设其中：“定额人工费”。"]
[{"$nulls":8},"表—08"]
["分部分项工程和单价措施项目清单与计价表"]
["工程名称：电气工程-新蓝天幼儿园工程建设项目-地下",{"$nulls":3},"标段：",{"$nulls":3},"第 3 页  共 17 页"]
["序号","项目编码","项目名称","项目特征描述",null,"计量单位","工程量","金额（元）"]
[{"$nulls":7},"综合单价",null,"综合合价","其中"]
[{"$nulls":10},"暂估价"]
[11,"030404017011","消防电源总箱(主供) 01B01APE.z1","1.名称、型号:消防电源总箱(主供) 01B01APE.z1\n2.箱体尺寸:600x200x600(宽x深x高)\n3.底边距地明装1.4m明装\n4.接地\n5.满足设计、技术规范及参数要求与施工工艺要求\n6.重复接地参见15D503",null,"台",1,5858.5,null,5858.5]
[12,"030404017012","消防电源总箱(备供) 01B01APE.z2","1.名称、型号:消防电源总箱(备供) 01B01APE.z2\n2.箱体尺寸:600x200x600(宽x深x高)\n3.底边距地明装1.4m明装\n4.接地\n5.满足设计、技术规范及参数要求与施工工艺要求\n6.重复接地参见15D503",null,"台",1,5858.5,null,5858.5]
[13,"030404017013","消防风机配电箱 01B01APE1","1.名称、型号:消防风机配电箱 01B01APE1\n2.箱体尺寸:600x200x600(宽x深x高)\n3.底边距地明装1.4m明装\n4.接地\n5.满足设计、技术规范及参数要求与施工工艺要求",null,"台",1,2858.5,null,2858.5]
[14,"030404017014","排水泵配电箱 01B01APE.psb","1.名称、型号:排水泵配电箱 01B01APE.psb\n2.箱体尺寸:600x200x600(宽x深x高)\n3.底边距地明装1.4m明装\n4.接地\n5.满足设计、技术规范及参数要求与施工工艺要求",null,"台",1,5858.5,null,5858.5]
[15,"030404017015","排水泵控制箱 01B01APE.psb1~3","1.名称、型号:排水泵控制箱 01B01APE.psb1~3\n2.箱体尺寸:600x200x600(宽x深x高)\n3.底边距地明装1.4m明装\n4.接地\n5.满足设计、技术规范及参数要求与施工工艺要求",null,"台",3,1685.93,null,5057.79]
["本页小计",{"$nulls":8},25491.79]
["注：为计取规费等的使用，可在表中增设其中：“定额人工费”。"]
[{"$nulls":8},"表—08"]
["分部分项工程和单价措施项目清单与计价表"]
["工程名称：电气工程-新蓝天幼儿园工程建设项目-地下",{"$nulls":3},"标段：",{"$nulls":3},"第 4 页  共 17 页"]
["序号","项目编码","项目名称","项目特征描述",null,"计量单位","工程量","金额（元）"]
[{"$nulls":7},"综合单价",null,"综合合价","其中"]
[{"$nulls":10},"暂估价"]
[16,"030404017016","排水泵控制箱 01B02APE.psb4","1.名称、型号:排水泵控制箱 01B02APE.psb4\n2.箱体尺寸:600x200x600(宽x深x高)\n3.底边距地明装1.4m明装\n4.接地\n5.满足设计、技术规范及参数要求与施工工艺要求",null,"台",1,1243.46,null,1243.46]
[17,"030404017017","排水泵控制箱 01B01APE.psb4","1.名称、型号:排水泵控制箱 01B01APE.psb4\n2.箱体尺寸:600x200x600(宽x深x高)\n3.底边距地明装1.4m明装\n4.接地\n5.满足设计、技术规范及参数要求与施工工艺要求",null,"台",1,1080.99,null,1080.99]
[18,"030404017018","照明配电箱 01B01AL1","1.名称、型号:照明配电箱 01B01AL1\n2.箱体尺寸:600x200X600(宽X深X高)\n3.底边距地明装1.4m暗装\n4.接地\n5.满足设计、技术规范及参数要求与施工工艺要求",null,"台",1,4589.5,null,4589.5]
[19,"030404017019","照明配电箱 01B01AL2","1.名称、型号:照明配电箱 01B01AL2\n2.箱体尺寸:600x200X600(宽X深X高)\n3.底边距地明装1.4m暗装\n4.接地\n5.满足设计、技术规范及参数要求与施工工艺要求",null,"台",1,4589.5,null,4589.5]
[20,"030404017020","A型应急照明集中电源 01B01ALE1.c1","1.名称、型号:A型应急照明集中电源 01B01ALE1.c1\n2.箱体尺寸:500X690X220\n3.底边距地明装1.6m暗装\n4.接地\n5.满足设计、技术规范及参数要求与施工工艺要求",null,"台",1,5785.3,null,5785.3]
["本页小计",{"$nulls":8},17288.75]
["注：为计取规费等的使用，可在表中增设其中：“定额人工费”。"]
[{"$nulls":8},"表—08"]
["分部分项工程和单价措施项目清单与计价表"]
["工程名称：电气工程-新蓝天幼儿园工程建设项目-地下",{"$nulls":3},"标段：",{"$nulls":3},"第 5 页  共 17 页"]
["序号","项目编码","项目名称","项目特征描述",null,"计量单位","工程量","金额（元）"]
[{"$nulls":7},"综合单价",null,"综合合价","其中"]
[{"$nulls":10},"暂估价"]
[21,"030404017021","A型应急照明集中电源 01B02ALE1.c1","1.名称、型号:A型应急照明集中电源 01B02ALE1.c1\n2.箱体尺寸:500X690X220\n3.底边距地明装1.6m暗装\n4.接地\n5.满足设计、技术规范及参数要求与施工工艺要求",null,"台",1,5785.3,null,5785.3]
[22,"030411003005","电缆桥架 CT100x100","1.名称：电缆桥架 \n2.型号、规格:CT100x100\n3.材质:钢制  \n4.含配件（弯头、异径直通、三通、四通等）、接地等安装\n5.满足设计、技术规范及参数要求与施工工艺要求",null,"m",95.42,90.73,null,8657.46]
[23,"030411003001","电缆桥架 CT200x100","1.名称：电缆桥架 \n2.型号、规格:CT200x100\n3.材质:钢制  \n4.含配件（弯头、异径直通、三通、四通等）、接地、油漆、补漆、防火堵洞等安装\n5.满足设计、技术规范及参数要求与施工工艺要求",null,"m",55.26,109.83,null,6069.21]
[24,"030411003004","电缆桥架 CT300x150","1.名称：电缆桥架 \n2.型号、规格:CT300x150\n3.材质:钢制  \n4.含配件（弯头、异径直通、三通、四通等）、接地、油漆、补漆、防火堵洞等安装\n5.满足设计、技术规范及参数要求与施工工艺要求",null,"m",7.75,185.33,null,1436.31]
[25,"030411003003","电缆桥架 CT400x150","1.名称：电缆桥架 \n2.型号、规格:CT400*150\n3.材质:钢制  \n4.含配件（弯头、异径直通、三通、四通等）、接地、油漆、补漆、防火堵洞等安装\n5.满足设计、技术规范及参数要求与施工工艺要求",null,"m",1.3,239.29,null,311.08]
[26,"030413001001","桥架支架制作安装","1.名称:桥架支架制作安装\n2.材质:金属\n3.其他：满足设计和规范要求",null,"kg",183.33,24.79,null,4544.75]
["本页小计",{"$nulls":8},26804.11]
["注：为计取规费等的使用，可在表中增设其中：“定额人工费”。"]
[{"$nulls":8},"表—08"]
["分部分项工程和单价措施项目清单与计价表"]
["工程名称：电气工程-新蓝天幼儿园工程建设项目-地下",{"$nulls":3},"标段：",{"$nulls":3},"第 6 页  共 17 页"]
["序号","项目编码","项目名称","项目特征描述",null,"计量单位","工程量","金额（元）"]
[{"$nulls":7},"综合单价",null,"综合合价","其中"]
[{"$nulls":10},"暂估价"]
[27,"030408008001","防火堵洞","1.名称：楼板防火堵洞\n2.材质：防火堵泥、防火隔板\n3.部位：强弱电桥架、消防桥架\n4.其他：满足设计和规范要求",null,"处",2,230.37,null,460.74]
[28,"030412001001","LED吸顶灯 9W","1.名称:LED吸顶灯 \n2.规格:220V/9W,850lm\n3.安装形式：吸顶\n4.满足设计、技术规范及参数要求与施工工艺要求",null,"套",17,145.92,null,2480.64]
[29,"030412005001","T5型单管荧光灯-壁装 28W","1.名称：T5型单管荧光灯\n2.型号：220V/1x28W,1x2600lm\n3.规格：单管\n4.安装形式：壁装\n5.满足设计、技术规范及参数要求与施工工艺要求",null,"套",2,77.11,null,154.22]
[30,"030412005002","T5型单管荧光灯-吊链 28W","1.名称：T5型单管荧光灯\n2.型号：220V/1x28W,1x2600lm\n3.规格：单管\n4.安装形式：吊链\n5.满足设计、技术规范及参数要求与施工工艺要求",null,"套",56,89.04,null,4986.24]
[31,"030412005003","T5型三管荧光灯-吊链","1.名称：T5型三管荧光灯\n2.型号：220V/3x28W,1x2600lm\n3.规格：三管\n4.安装形式：吊链\n5.满足设计、技术规范及参数要求与施工工艺要求",null,"套",4,191.39,null,765.56]
[32,"030412005004","T5型双管荧光灯-壁装","1.名称：T5型双管荧光灯\n2.型号：220V/2x28W,2x2600lm\n3.规格：双管\n4.安装形式：壁装\n5.满足设计、技术规范及参数要求与施工工艺要求",null,"套",1,155.93,null,155.93]
["本页小计",{"$nulls":8},9003.33]
["注：为计取规费等的使用，可在表中增设其中：“定额人工费”。"]
[{"$nulls":8},"表—08"]
["分部分项工程和单价措施项目清单与计价表"]
["工程名称：电气工程-新蓝天幼儿园工程建设项目-地下",{"$nulls":3},"标段：",{"$nulls":3},"第 7 页  共 17 页"]
["序号","项目编码","项目名称","项目特征描述",null,"计量单位","工程量","金额（元）"]
[{"$nulls":7},"综合单价",null,"综合合价","其中"]
[{"$nulls":10},"暂估价"]
[33,"030412005005","T5型双管荧光灯-吊链","1.名称：T5型双管荧光灯\n2.型号：220V/2x28W,1x2600lm\n3.规格：双管\n4.安装形式：吊链\n5.满足设计、技术规范及参数要求与施工工艺要求",null,"套",9,191.39,null,1722.51]
[34,"030412004001","壁灯(荧光灯) 9W","1.名称:壁灯(荧光灯)\n2.规格:220V/9W,850lm\n3.安装形式:壁装式\n4.满足设计、技术规范及参数要求与施工工艺要求",null,"套",2,96.72,null,193.44]
[35,"030412004002","出口标志灯\"禁止入内\"标志灯","1.名称:出口标志灯\"禁止入内\"标志灯\n2.规格:LED光源,36V/1W\n3.安装形式:墙壁式\n4.满足设计、技术规范及参数要求与施工工艺要求",null,"套",1,133.01,null,133.01]
[36,"030412004003","单向疏散指示灯","1.名称:单向疏散指示灯\n2.规格:LED光源,36V/1W\n3.安装形式:壁装\n4.满足设计、技术规范及参数要求与施工工艺要求",null,"套",26,97.59,null,2537.34]
[37,"030412004004","单向疏散指示灯","1.名称:单向疏散指示灯\n2.规格:LED光源,36V/1W\n3.安装形式:吊装\n4.满足设计、技术规范及参数要求与施工工艺要求",null,"套",5,104.62,null,523.1]
[38,"030412004005","楼层指示标志灯","1.名称:楼层指示标志灯\n2.规格:LED光源,36V/1W\n3.安装形式:墙壁式\n4.满足设计、技术规范及参数要求与施工工艺要求",null,"套",3,143.53,null,430.59]
[39,"030412004006","疏散出口标志灯","1.名称:疏散出口标志灯\n2.规格:LED光源,36V/1W\n3.安装形式:墙壁式\n4.满足设计、技术规范及参数要求与施工工艺要求",null,"套",10,105.78,null,1057.8]
["本页小计",{"$nulls":8},6597.79]
["注：为计取规费等的使用，可在表中增设其中：“定额人工费”。"]
[{"$nulls":8},"表—08"]
["分部分项工程和单价措施项目清单与计价表"]
["工程名称：电气工程-新蓝天幼儿园工程建设项目-地下",{"$nulls":3},"标段：",{"$nulls":3},"第 8 页  共 17 页"]
["序号","项目编码","项目名称","项目特征描述",null,"计量单位","工程量","金额（元）"]
[{"$nulls":7},"综合单价",null,"综合合价","其中"]
[{"$nulls":10},"暂估价"]
[40,"030412004007","应急灯","1.名称:应急灯\n2.规格:LED光源,36V/7W,1X700lm\n3.安装形式:墙壁式\n4.满足设计、技术规范及参数要求与施工工艺要求",null,"套",42,152.6,null,6409.2]
[41,"030404034001","单联单控开关","1.名称:单联单控开关\n2.其他:满足设计和规范要求",null,"个",8,19.97,null,159.76]
[42,"030404034002","双联单控开关","1.名称:双联单控开关\n2.其他:满足设计和规范要求",null,"个",6,21.81,null,130.86]
[43,"030404034003","三联单控开关","1.名称:三联单控开关\n2.其他:满足设计和规范要求",null,"个",1,24.96,null,24.96]
[44,"030404034004","声、光感应式延时开关","1.名称: 声、光感应式延时开关\n2.其他:满足设计和规范要求",null,"个",6,47.41,null,284.46]
[45,"030404035001","暗装普通单相二、三孔插座,带保护门","1.名称:暗装普通单相二、三孔插座,带保护门\n2.其他：满足设计和规范要求",null,"个",5,30.18,null,150.9]
[46,"030404031001","现场控制按钮","1.名称:现场控制按钮\n2.其他：满足设计和规范要求",null,"个",6,39.9,null,239.4]
[47,"030404034005","照明面板开关","1.名称:照明面板开关\n2.其他:满足设计和规范要求",null,"个",1,165.06,null,165.06]
[48,"030404020001","低压熔断器","1.名称:低压熔断器\n2.其他:满足设计和规范要求",null,"个",1,134.91,null,134.91]
[49,"030411006001","开关插座接线盒","1.名称:开关插座接线盒\n2.材质:PVC\n3.其他：满足设计和规范要求",null,"个",33,9.15,null,301.95]
[50,"030411006002","灯具接线盒","1.名称:灯具接线盒\n2.材质:PVC\n3.其他：满足设计和规范要求",null,"个",91,9.36,null,851.76]
[51,"030411006003","钢制接线盒","1.名称:开关插座接线盒\n2.材质:钢制\n3.其他：满足设计和规范要求",null,"个",87,11.76,null,1023.12]
["本页小计",{"$nulls":8},9876.34]
["注：为计取规费等的使用，可在表中增设其中：“定额人工费”。"]
[{"$nulls":8},"表—08"]
["分部分项工程和单价措施项目清单与计价表"]
["工程名称：电气工程-新蓝天幼儿园工程建设项目-地下",{"$nulls":3},"标段：",{"$nulls":3},"第 9 页  共 17 页"]
["序号","项目编码","项目名称","项目特征描述",null,"计量单位","工程量","金额（元）"]
[{"$nulls":7},"综合单价",null,"综合合价","其中"]
[{"$nulls":10},"暂估价"]
[52,"030408001001","矿物电缆 BTLY-0.6/1.0kV-3x150+2x70","1.名称:硬矿物绝缘电力电缆\n2.型号:BTLY-0.6/1.0kV-3x150+2x70\n3.敷设方式、部位:电缆沟、桥架等敷设\n4.满足设计、技术规范及参数要求与施工工艺要求",null,"m",39.6,654.39,null,25913.84]
[53,"030408001002","矿物电缆 BTLY-0.6/1.0kV-4x70+1x35","1.名称:硬矿物绝缘电力电缆\n2.型号:BTLY-0.6/1.0kV-4x70+1x35\n3.敷设方式、部位:电缆沟、桥架等敷设\n4.满足设计、技术规范及参数要求与施工工艺要求",null,"m",44.62,250.9,null,11195.16]
[54,"030408001003","矿物电缆 BTLY-0.6/1.0kV-5x16","1.名称:硬矿物绝缘电力电缆\n2.型号:BTLY-0.6/1.0kV-5x16\n3.敷设方式、部位:电缆沟、桥架等敷设\n4.满足设计、技术规范及参数要求与施工工艺要求",null,"m",45.3,79.81,null,3615.39]
[55,"030408001024","电力电缆 WDZB-YJY-0.6/1.0kV-4x35+1x16","1.名称:铜芯电力电缆\n2.型号:WDZB-YJY-0.6/1.0kV-4x35+1x16\n3.敷设方式、部位:电缆沟、桥架等敷设\n4.满足设计、技术规范及参数要求与施工工艺要求",null,"m",29.96,182.39,null,5464.4]
[56,"030408001004","电力电缆 WDZB-YJY-0.6/1.0kV-5x16","1.名称:铜芯电力电缆\n2.型号:WDZB-YJY-0.6/1.0kV-5x16\n3.敷设方式、部位:电缆沟、桥架等敷设\n4.满足设计、技术规范及参数要求与施工工艺要求",null,"m",23.47,96.39,null,2262.27]
["本页小计",{"$nulls":8},48451.06]
["注：为计取规费等的使用，可在表中增设其中：“定额人工费”。"]
[{"$nulls":8},"表—08"]
["分部分项工程和单价措施项目清单与计价表"]
["工程名称：电气工程-新蓝天幼儿园工程建设项目-地下",{"$nulls":3},"标段：",{"$nulls":3},"第 10 页  共 17 页"]
["序号","项目编码","项目名称","项目特征描述",null,"计量单位","工程量","金额（元）"]
[{"$nulls":7},"综合单价",null,"综合合价","其中"]
[{"$nulls":10},"暂估价"]
[57,"030408001005","电力电缆 WDZB-YJY-0.6/1.0kV-5x10","1.名称:铜芯电力电缆\n2.型号:WDZB-YJY-0.6/1.0kV-5x10\n3.敷设方式、部位:电缆沟、桥架等敷设\n4.满足设计、技术规范及参数要求与施工工艺要求",null,"m",23.36,49.82,null,1163.8]
[58,"030408001006","电力电缆 WDZB-YJY-0.6/1.0kV-5x4","1.名称:铜芯电力电缆\n2.型号:WDZB-YJY-0.6/1.0kV-5x4\n3.敷设方式、部位:电缆沟、桥架等敷设\n4.满足设计、技术规范及参数要求与施工工艺要求",null,"m",13.04,25.22,null,328.87]
[59,"030408001007","电力电缆 WDZBN-YJY-0.6/1.0kV-5x2.5","1.名称:铜芯电力电缆\n2.型号:WDZBN-YJY-0.6/1.0kV-5x2.5\n3.敷设方式、部位:电缆沟、桥架等敷设\n4.满足设计、技术规范及参数要求与施工工艺要求",null,"m",18.33,17.17,null,314.73]
[60,"030408001008","电力电缆 WDZB-YJY-0.6/1.0kV-4x2.5","1.名称:铜芯电力电缆\n2.型号:WDZB-YJY-0.6/1.0kV-4x2.5\n3.敷设方式、部位:电缆沟、桥架等敷设\n4.满足设计、技术规范及参数要求与施工工艺要求",null,"m",63.85,14.6,null,932.21]
[61,"030408001023","电力电缆 WDZBN-YJY-0.6/1.0kV-3x50+2x25","1.名称:铜芯电力电缆\n2.型号:WDZBN-YJY-0.6/1.0kV-3x50+2x25\n3.敷设方式、部位:电缆沟、桥架等敷设\n4.满足设计、技术规范及参数要求与施工工艺要求",null,"m",19.27,203.3,null,3917.59]
["本页小计",{"$nulls":8},6657.2]
["注：为计取规费等的使用，可在表中增设其中：“定额人工费”。"]
[{"$nulls":8},"表—08"]
["分部分项工程和单价措施项目清单与计价表"]
["工程名称：电气工程-新蓝天幼儿园工程建设项目-地下",{"$nulls":3},"标段：",{"$nulls":3},"第 11 页  共 17 页"]
["序号","项目编码","项目名称","项目特征描述",null,"计量单位","工程量","金额（元）"]
[{"$nulls":7},"综合单价",null,"综合合价","其中"]
[{"$nulls":10},"暂估价"]
[62,"030408001010","电力电缆 WDZBN-YJY-0.6/1.0kV-3x35+2x16","1.名称:铜芯电力电缆\n2.型号:WDZBN-YJY-0.6/1.0kV-3x35+2x16\n3.敷设方式、部位:电缆沟、桥架等敷设\n4.满足设计、技术规范及参数要求与施工工艺要求",null,"m",40.42,146.91,null,5938.1]
[63,"030408001012","电力电缆 WDZBN-YJY-0.6/1.0kV-7x16","1.名称:铜芯电力电缆\n2.型号:WDZBN-YJY-0.6/1.0kV-7x16\n3.敷设方式、部位:电缆沟、桥架等敷设\n4.满足设计、技术规范及参数要求与施工工艺要求",null,"m",70.69,119.91,null,8476.44]
[64,"030408001013","电力电缆 WDZBN-YJY-0.6/1.0kV-5x16","1.名称:铜芯电力电缆\n2.型号:WDZBN-YJY-0.6/1.0kV-5x16\n3.敷设方式、部位:电缆沟、桥架等敷设\n4.满足设计、技术规范及参数要求与施工工艺要求",null,"m",99.9,79.06,null,7898.09]
[65,"030408001025","电力电缆 WDZBN-YJY-0.6/1.0kV-4x10","1.名称:铜芯电力电缆\n2.型号:WDZBN-YJY-0.6/1.0kV-4x10\n3.敷设方式、部位:电缆沟、桥架等敷设\n4.满足设计、技术规范及参数要求与施工工艺要求",null,"m",10.89,40.22,null,438]
["本页小计",{"$nulls":8},22750.63]
["注：为计取规费等的使用，可在表中增设其中：“定额人工费”。"]
[{"$nulls":8},"表—08"]
["分部分项工程和单价措施项目清单与计价表"]
["工程名称：电气工程-新蓝天幼儿园工程建设项目-地下",{"$nulls":3},"标段：",{"$nulls":3},"第 12 页  共 17 页"]
["序号","项目编码","项目名称","项目特征描述",null,"计量单位","工程量","金额（元）"]
[{"$nulls":7},"综合单价",null,"综合合价","其中"]
[{"$nulls":10},"暂估价"]
[66,"030408001015","电力电缆 WDZBN-YJY-0.6/1.0kV-7x6","1.名称:铜芯电力电缆\n2.型号:WDZBN-YJY-0.6/1.0kV-7x6\n3.敷设方式、部位:电缆沟、桥架等敷设\n4.满足设计、技术规范及参数要求与施工工艺要求",null,"m",47.74,38.22,null,1824.62]
[67,"030408001016","电力电缆 WDZBN-YJY-0.6/1.0kV-5x6","1.名称:铜芯电力电缆\n2.型号:WDZBN-YJY-0.6/1.0kV-5x6\n3.敷设方式、部位:电缆沟、桥架等敷设\n4.满足设计、技术规范及参数要求与施工工艺要求",null,"m",46.08,33.45,null,1541.38]
[68,"030408001017","电力电缆 WDZBN-YJY-0.6/1.0kV-5x4","1.名称:铜芯电力电缆\n2.型号:WDZBN-YJY-0.6/1.0kV-5x4\n3.敷设方式、部位:电缆沟、桥架等敷设\n4.满足设计、技术规范及参数要求与施工工艺要求",null,"m",192.12,24.2,null,4649.3]
[69,"030408001018","电力电缆 WDZBN-YJY-0.6/1.0kV-3x4","1.名称:铜芯电力电缆\n2.型号:WDZBN-YJY-0.6/1.0kV-3x4 \n3.敷设方式、部位:电缆沟、桥架等敷设\n4.满足设计、技术规范及参数要求与施工工艺要求",null,"m",21.65,15.56,null,336.87]
[70,"030408001019","电力电缆 WDZBN-YJY-0.6/1.0kV-4x2.5","1.名称:铜芯电力电缆\n2.型号:WDZBN-YJY-0.6/1.0kV-4x2.5\n3.敷设方式、部位:电缆沟、桥架等敷设\n4.满足设计、技术规范及参数要求与施工工艺要求",null,"m",90.29,15.7,null,1417.55]
["本页小计",{"$nulls":8},9769.72]
["注：为计取规费等的使用，可在表中增设其中：“定额人工费”。"]
[{"$nulls":8},"表—08"]
["分部分项工程和单价措施项目清单与计价表"]
["工程名称：电气工程-新蓝天幼儿园工程建设项目-地下",{"$nulls":3},"标段：",{"$nulls":3},"第 13 页  共 17 页"]
["序号","项目编码","项目名称","项目特征描述",null,"计量单位","工程量","金额（元）"]
[{"$nulls":7},"综合单价",null,"综合合价","其中"]
[{"$nulls":10},"暂估价"]
[71,"030408006001","电力电缆头(16截面mm2以下)","1.电力电缆头(16截面mm2以下)\n2.电力电缆头制作\n3.电力电缆头安装\n4.其他：满足设计和规范要求",null,"个",66,99.02,null,6535.32]
[72,"030408006002","电力电缆头(35截面mm2以下)","1.电力电缆头(35截面mm2以下)\n2.电力电缆头制作\n3.电力电缆头安装\n4.满足设计、技术规范及参数要求与施工工艺要求",null,"个",10,155.08,null,1550.8]
[73,"030408006003","电力电缆头(70截面mm2以下)","1.电力电缆头(70截面mm2以下)\n2.电力电缆头制作\n3.电力电缆头安装\n4.满足设计、技术规范及参数要求与施工工艺要求",null,"个",4,196.55,null,786.2]
[74,"030408001020","矿物绝缘电缆终端头安装 多芯(截面mm2以下) 35","1.矿物绝缘电缆终端头安装 多芯(截面mm2以下) 35\n2.矿物绝缘电缆终端头制作\n3.矿物绝缘电缆终端头电缆头安装\n4.满足设计、技术规范及参数要求与施工工艺要求",null,"个",4,152.54,null,610.16]
[75,"030408001021","矿物绝缘电缆终端头安装 多芯(截面mm2以下) 70","1.矿物绝缘电缆终端头安装 多芯(截面mm2以下) 70\n2.矿物绝缘电缆终端头制作\n3.矿物绝缘电缆终端头电缆头安装\n4.满足设计、技术规范及参数要求与施工工艺要求",null,"个",2,180.79,null,361.58]
[76,"030408001022","矿物绝缘电缆终端头安装 多芯(截面mm2以下) 150","1.矿物绝缘电缆终端头安装 多芯(截面mm2以下) 150\n2.矿物绝缘电缆终端头制作\n3.矿物绝缘电缆终端头电缆头安装\n4.满足设计、技术规范及参数要求与施工工艺要求",null,"个",2,225.65,null,451.3]
["本页小计",{"$nulls":8},10295.36]
["注：为计取规费等的使用，可在表中增设其中：“定额人工费”。"]
[{"$nulls":8},"表—08"]
["分部分项工程和单价措施项目清单与计价表"]
["工程名称：电气工程-新蓝天幼儿园工程建设项目-地下",{"$nulls":3},"标段：",{"$nulls":3},"第 14 页  共 17 页"]
["序号","项目编码","项目名称","项目特征描述",null,"计量单位","工程量","金额（元）"]
[{"$nulls":7},"综合单价",null,"综合合价","其中"]
[{"$nulls":10},"暂估价"]
[77,"030411004001","配线 WDZB-BYJ-450/750V-2.5","1.名称:铜芯绝缘导线 \n2.规格:WDZB-BYJ-450/750V-2.5\n3.敷设方式:管内穿线敷设  \n4.满足设计、技术规范及参数要求与施工工艺要求",null,"m",2637,5.17,null,13633.29]
[78,"030411004002","配线 WDZBN-BYJ-450/750V-2.5","1.名称:铜芯绝缘导线\n2.规格:WDZBN-BYJ-450/750V-2.5\n3.敷设方式:管内穿线敷设\n4.满足设计、技术规范及参数要求与施工工艺要求",null,"m",1862.88,7.04,null,13114.68]
[79,"030411004003","配线 WDZBN-RYJ-2x1.5","1.名称:铜芯绝缘导线\n2.规格:WDZBN-RYJ-2x1.5\n3.敷设方式:管内穿线敷设\n4.满足设计、技术规范及参数要求与施工工艺要求",null,"m",61.86,8.88,null,549.32]
[80,"030411001001","镀锌电线管 MT16","1.名称:镀锌电线管 \n2.规格:MT16\n3.敷设形式及部位:综合考虑\n4.满足设计、技术规范及参数要求与施工工艺要求",null,"m",54.66,20.99,null,1147.31]
[81,"030411001002","镀锌电线管 MT19","1.名称:镀锌电线管 \n2.规格:MT19\n3.敷设形式及部位:综合考虑\n4.刨沟槽、凿孔及其修复等\n5.接地、支吊架制作安装、除锈防腐\n6.满足设计、技术规范及参数要求与施工工艺要求",null,"m",1660.77,22.66,null,37633.05]
[82,"030411001003","镀锌电线管 MT25","1.名称:镀锌电线管 \n2.规格:MT25\n3.敷设形式及部位:综合考虑\n4.刨沟槽、凿孔及其修复等\n5.接地、支吊架制作安装、除锈防腐\n6.满足设计、技术规范及参数要求与施工工艺要求",null,"m",147.16,25.06,null,3687.83]
["本页小计",{"$nulls":8},69765.48]
["注：为计取规费等的使用，可在表中增设其中：“定额人工费”。"]
[{"$nulls":8},"表—08"]
["分部分项工程和单价措施项目清单与计价表"]
["工程名称：电气工程-新蓝天幼儿园工程建设项目-地下",{"$nulls":3},"标段：",{"$nulls":3},"第 15 页  共 17 页"]
["序号","项目编码","项目名称","项目特征描述",null,"计量单位","工程量","金额（元）"]
[{"$nulls":7},"综合单价",null,"综合合价","其中"]
[{"$nulls":10},"暂估价"]
[83,"030411001004","镀锌电线管 MT32","1.名称:镀锌电线管 \n2.规格:MT32\n3.敷设形式及部位:综合考虑\n4.刨沟槽、凿孔及其修复等\n5.接地、支吊架制作安装、除锈防腐\n6.满足设计、技术规范及参数要求与施工工艺要求",null,"m",67.1,28.14,null,1888.19]
[84,"030411001005","镀锌电线管 MT40","1.名称:镀锌电线管 \n2.规格:MT40\n3.敷设形式及部位:综合考虑\n4.满足设计、技术规范及参数要求与施工工艺要求",null,"m",6.43,34.67,null,222.93]
[85,"030411001006","镀锌电线管 MT50","1.名称:镀锌电线管 \n2.规格:MT50\n3.敷设形式及部位:综合考虑\n4.刨沟槽、凿孔及其修复等\n5.接地、支吊架制作安装、除锈防腐\n6.满足设计、技术规范及参数要求与施工工艺要求",null,"m",78.92,39.76,null,3137.86]
[86,"030411001007","金属软管 DN20","1.名称:金属软管\n2.规格:DN20\n3.敷设形式及部位:综合考虑\n4.满足设计、技术规范及参数要求与施工工艺要求",null,"m",103.6,31.49,null,3262.36]
[87,"031002003001","防护密闭套管 DN25","1.名称、类型:防护密闭套管 \n2.规格:DN25\n3.其他：满足设计和规范要求",null,"个",20,324.01,null,6480.2]
[88,"031002003002","防护密闭套管 DN50","1.名称、类型:防护密闭套管 \n2.规格:DN50\n3.其他：满足设计和规范要求",null,"个",8,324.01,null,2592.08]
[89,"031002003003","防护密闭套管 DN80","1.名称、类型:防护密闭套管 \n2.规格:DN80\n3.其他：满足设计和规范要求",null,"个",4,431.17,null,1724.68]
[90,"030414002001","送配电装置系统","1.名称：送配电装置系统调试",null,"系统",1,906.42,null,906.42]
[null,null,"防雷系统",{"$nulls":6},111170.89]
["本页小计",{"$nulls":8},20214.72]
["注：为计取规费等的使用，可在表中增设其中：“定额人工费”。"]
[{"$nulls":8},"表—08"]
["分部分项工程和单价措施项目清单与计价表"]
["工程名称：电气工程-新蓝天幼儿园工程建设项目-地下",{"$nulls":3},"标段：",{"$nulls":3},"第 16 页  共 17 页"]
["序号","项目编码","项目名称","项目特征描述",null,"计量单位","工程量","金额（元）"]
[{"$nulls":7},"综合单价",null,"综合合价","其中"]
[{"$nulls":10},"暂估价"]
[91,"030409004001","接地母线","1.名称：接地母线\n2.做法：利用基础底梁及基础底板两根主筋通长焊接做接地网(具体做法见图纸)\n3.其他满足设计、施工要求的内容",null,"m",930.47,22.2,null,20656.43]
[92,"030409004002","接地母线","1.名称：接地母线\n2.材质：-40*4铜排\n3.其他满足设计、施工要求的内容",null,"m",77.58,93.42,null,7247.52]
[93,"030409004003","接地母线","1.名称：接地母线\n2.材质：80*0.6铜排\n3.其他满足设计、施工要求的内容",null,"m",117.59,128.35,null,15092.68]
[94,"030409004004","桥架接地母线","1.名称：桥架接地母线\n2.材质：热镀锌扁钢40*4\n3.其他满足设计、施工要求的内容",null,"m",159.73,93.42,null,14921.98]
[95,"030409003001","避雷引下线","1.名称：避雷引下线敷设 （焊接钢筋根数综合考虑）\n2.敷设方式：利用建筑物主筋引下\n3.其他:完成符合设计要求和施工规范的所有相关内容",null,"m",167.4,18.78,null,3143.77]
[96,"030409003002","避雷引下线（至各层电井）","1.名称：避雷引下线敷设 （焊接钢筋根数综合考虑）\n2.敷设方式：热镀锌扁钢40*4\n3.其他:完成符合设计要求和施工规范的所有相关内容",null,"m",58.1,14.61,null,848.84]
[97,"030409003003","避雷引下线（至弱电机房）","1.名称：避雷引下线敷设 （焊接钢筋根数综合考虑）\n2.敷设方式：热镀锌扁钢50*5\n3.其他:完成符合设计要求和施工规范的所有相关内容",null,"m",10.8,17.23,null,186.08]
[98,"030409008003","局部等电位联结端子箱","1.名称：局部等电位箱安装\n2.敷设方式：嵌入式\n3.与引下线跨接处\n4.其他:完成符合设计要求和施工规范的所有相关内容",null,"台",8,73.86,null,590.88]
["本页小计",{"$nulls":8},62688.18]
["注：为计取规费等的使用，可在表中增设其中：“定额人工费”。"]
[{"$nulls":8},"表—08"]
["分部分项工程和单价措施项目清单与计价表"]
["工程名称：电气工程-新蓝天幼儿园工程建设项目-地下",{"$nulls":3},"标段：",{"$nulls":3},"第 17 页  共 17 页"]
["序号","项目编码","项目名称","项目特征描述",null,"计量单位","工程量","金额（元）"]
[{"$nulls":7},"综合单价",null,"综合合价","其中"]
[{"$nulls":10},"暂估价"]
[99,"030409008001","接地端子","1.名称：预埋接地端子\n2.规格型号：按设计要求\n3.其他:完成符合设计要求和施工规范的所有相关内容",null,"套",2,55.1,null,110.2]
[100,"030409008002","接地电阻测试端子","1.名称：接地电阻测试端子\n2.规格型号：按设计要求\n3.其他:完成符合设计要求和施工规范的所有相关内容",null,"套",3,55.1,null,165.3]
[101,"粤030409012001","桩承台接地（三连桩以内）","1.名称：桩承台接地\n2.规格型号：按设计要求\n3.其他:完成符合设计要求和施工规范的所有相关内容",null,"基",84,480.41,null,40354.44]
[102,"粤030409012002","桩承台接地（七连桩以内）","1.名称：桩承台接地\n2.规格型号：按设计要求\n3.其他:完成符合设计要求和施工规范的所有相关内容",null,"基",9,678.82,null,6109.38]
[103,"030414011001","防雷验收检测","1.建筑防雷验收检测  （含第三方检测等）包括当地政府验收需求的检测调试等一切费用，后期均不以任何理由增加关于防雷检测和验收等任何费用",null,"系统",1,1743.39,null,1743.39]
[null,null,"措施项目",{"$nulls":6},4010.54]
[null,"2","措施其他项目",{"$nulls":6},4010.54]
[104,"031302007001","高层施工增加",null,null,"项",1]
[105,"031301017001","脚手架搭拆费",null,null,"项",1,4010.54,null,4010.54]
{"$rows_empty":8}
["本页小计",{"$nulls":8},52493.25]
["合   计",{"$nulls":8},446135.91]
["注：为计取规费等的使用，可在表中增设其中：“定额人工费”。"]
[{"$nulls":8},"表—08"]

{"sheet":"表-08 分部分项工程和单价措施项目清单与计价表(含分部小_1","index":27,"n_rows":260,"n_cols":11,"rows_kept":260,"merged":[[0,0,0,10],[1,0,1,3],[1,4,1,7],[1,8,1,10],[2,0,4,0],[2,1,4,1],[2,2,4,2],[2,3,4,4],[2,5,4,5],[2,6,4,6],[2,7,2,10],[3,7,4,8],[3,9,4,9],[5,3,5,4],[5,7,5,8],[6,3,6,4],[6,7,6,8],[7,3,7,4],[7,7,7,8],[8,3,8,4],[8,7,8,8],[9,3,9,4],[9,7,9,8],[10,0,10,8],[11,0,11,10],[12,0,12,3],[12,4,12,7],[12,8,12,10],[13,0,13,10],[14,0,14,3],[14,4,14,7],[14,8,14,10],[15,0,17,0],[15,1,17,1],[15,2,17,2],[15,3,17,4],[15,5,17,5],[15,6,17,6],[15,7,15,10],[16,7,17,8],[16,9,17,9],[18,3,18,4],[18,7,18,8],[19,3,19,4],[19,7,19,8],[20,3,20,4],[20,7,20,8],[21,3,21,4],[21,7,21,8],[22,3,22,4],[22,7,22,8],[23,3,23,4],[23,7,23,8],[24,0,24,8],[25,0,25,10],[26,0,26,3],[26,4,26,7],[26,8,26,10],[27,0,27,10],[28,0,28,3],[28,4,28,7],[28,8,28,10],[29,0,31,0],[29,1,31,1],[29,2,31,2],[29,3,31,4],[29,5,31,5],[29,6,31,6],[29,7,29,10],[30,7,31,8],[30,9,31,9],[32,3,32,4],[32,7,32,8],[33,3,33,4],[33,7,33,8],[34,3,34,4],[34,7,34,8],[35,3,35,4],[35,7,35,8],[36,3,36,4],[36,7,36,8],[37,0,37,8],[38,0,38,10],[39,0,39,3],[39,4,39,7],[39,8,39,10],[40,0,40,10],[41,0,41,3],[41,4,41,7],[41,8,41,10],[42,0,44,0],[42,1,44,1],[42,2,44,2],[42,3,44,4],[42,5,44,5],[42,6,44,6],[42,7,42,10],[43,7,44,8],[43,9,44,9],[45,3,45,4],[45,7,45,8],[46,3,46,4],[46,7,46,8],[47,3,47,4],[47,7,47,8],[48,3,48,4],[48,7,48,8],[49,3,49,4],[49,7,49,8],[50,0,50,8],[51,0,51,10],[52,0,52,3],[52,4,52,7],[52,8,52,10],[53,0,53,10],[54,0,54,3],[54,4,54,7],[54,8,54,10],[55,0,57,0],[55,1,57,1],[55,2,57,2],[55,3,57,4],[55,5,57,5],[55,6,57,6],[55,7,55,10],[56,7,57,8],[56,9,57,9],[58,3,58,4],[58,7,58,8],[59,3,59,4],[59,7,59,8],[60,3,60,4],[60,7,60,8],[61,3,61,4],[61,7,61,8],[62,3,62,4],[62,7,62,8],[63,3,63,4],[63,7,63,8],[64,0,64,8],[65,0,65,10],[66,0,66,3],[66,4,66,7],[66,8,66,10],[67,0,67,10],[68,0,68,3],[68,4,68,7],[68,8,68,10],[69,0,71,0],[69,1,71,1],[69,2,71,2],[69,3,71,4],[69,5,71,5],[69,6,71,6],[69,7,69,10],[70,7,71,8],[70,9,71,9],[72,3,72,4],[72,7,72,8],[73,3,73,4],[73,7,73,8],[74,3,74,4],[74,7,74,8],[75,3,75,4],[75,7,75,8],[76,3,76,4],[76,7,76,8],[77,3,77,4],[77,7,77,8],[78,0,78,8],[79,0,79,10],[80,0,80,3],[80,4,80,7],[80,8,80,10],[81,0,81,10],[82,0,82,3],[82,4,82,7],[82,8,82,10],[83,0,85,0],[83,1,85,1],[83,2,85,2],[83,3,85,4],[83,5,85,5],[83,6,85,6],[83,7,83,10],[84,7,85,8],[84,9,85,9],[86,3,86,4],[86,7,86,8],[87,3,87,4],[87,7,87,8],[88,3,88,4],[88,7,88,8],[89,3,89,4],[89,7,89,8],[90,3,90,4],[90,7,90,8],[91,3,91,4],[91,7,91,8],[92,3,92,4],[92,7,92,8],[93,0,93,8],[94,0,94,10],[95,0,95,3],[95,4,95,7],[95,8,95,10],[96,0,96,10],[97,0,97,3],[97,4,97,7],[97,8,97,10],[98,0,100,0],[98,1,100,1],[98,2,100,2],[98,3,100,4],[98,5,100,5],[98,6,100,6],[98,7,98,10],[99,7,100,8],[99,9,100,9],[101,3,101,4],[101,7,101,8],[102,3,102,4],[102,7,102,8],[103,3,103,4],[103,7,103,8],[104,3,104,4],[104,7,104,8],[105,3,105,4],[105,7,105,8],[106,3,106,4],[106,7,106,8],[107,3,107,4],[107,7,107,8],[108,3,108,4],[108,7,108,8],[109,3,109,4],[109,7,109,8],[110,3,110,4],[110,7,110,8],[111,3,111,4],[111,7,111,8],[112,3,112,4],[112,7,112,8],[113,0,113,8],[114,0,114,10],[115,0,115,3],[115,4,115,7],[115,8,115,10],[116,0,116,10],[117,0,117,3],[117,4,117,7],[117,8,117,10],[118,0,120,0],[118,1,120,1],[118,2,120,2],[118,3,120,4],[118,5,120,5],[118,6,120,6],[118,7,118,10],[119,7,120,8],[119,9,120,9],[121,3,121,4],[121,7,121,8],[122,3,122,4],[122,7,122,8],[123,3,123,4],[123,7,123,8],[124,3,124,4],[124,7,124,8],[125,3,125,4],[125,7,125,8],[126,0,126,8],[127,0,127,10],[128,0,128,3],[128,4,128,7],[128,8,128,10],[129,0,129,10],[130,0,130,3],[130,4,130,7],[130,8,130,10],[131,0,133,0],[131,1,133,1],[131,2,133,2],[131,3,133,4],[131,5,133,5],[131,6,133,6],[131,7,131,10],[132,7,133,8],[132,9,133,9],[134,3,134,4],[134,7,134,8],[135,3,135,4],[135,7,135,8],[136,3,136,4],[136,7,136,8],[137,3,137,4],[137,7,137,8],[138,3,138,4],[138,7,138,8],[139,0,139,8],[140,0,140,10],[141,0,141,3],[141,4,141,7],[141,8,141,10],[142,0,142,10],[143,0,143,3],[143,4,143,7],[143,8,143,10],[144,0,146,0],[144,1,146,1],[144,2,146,2],[144,3,146,4],[144,5,146,5],[144,6,146,6],[144,7,144,10],[145,7,146,8],[145,9,146,9],[147,3,147,4],[147,7,147,8],[148,3,148,4],[148,7,148,8],[149,3,149,4],[149,7,149,8],[150,3,150,4],[150,7,150,8],[151,3,151,4],[151,7,151,8],[152,0,152,8],[153,0,153,10],[154,0,154,3],[154,4,154,7],[154,8,154,10],[155,0,155,10],[156,0,156,3],[156,4,156,7],[156,8,156,10],[157,0,159,0],[157,1,159,1],[157,2,159,2],[157,3,159,4],[157,5,159,5],[157,6,159,6],[157,7,157,10],[158,7,159,8],[158,9,159,9],[160,3,160,4],[160,7,160,8],[161,3,161,4],[161,7,161,8],[162,3,162,4],[162,7,162,8],[163,3,163,4],[163,7,163,8],[164,3,164,4],[164,7,164,8],[165,0,165,8],[166,0,166,10],[167,0,167,3],[167,4,167,7],[167,8,167,10],[168,0,168,10],[169,0,169,3],[169,4,169,7],[169,8,169,10],[170,0,172,0],[170,1,172,1],[170,2,172,2],[170,3,172,4],[170,5,172,5],[170,6,172,6],[170,7,170,10],[171,7,172,8],[171,9,172,9],[173,3,173,4],[173,7,173,8],[174,3,174,4],[174,7,174,8],[175,3,175,4],[175,7,175,8],[176,3,176,4],[176,7,176,8],[177,3,177,4],[177,7,177,8],[178,3,178,4],[178,7,178,8],[179,0,179,8],[180,0,180,10],[181,0,181,3],[181,4,181,7],[181,8,181,10],[182,0,182,10],[183,0,183,3],[183,4,183,7],[183,8,183,10],[184,0,186,0],[184,1,186,1],[184,2,186,2],[184,3,186,4],[184,5,186,5],[184,6,186,6],[184,7,184,10],[185,7,186,8],[185,9,186,9],[187,3,187,4],[187,7,187,8],[188,3,188,4],[188,7,188,8],[189,3,189,4],[189,7,189,8],[190,3,190,4],[190,7,190,8],[191,3,191,4],[191,7,191,8],[192,3,192,4],[192,7,192,8],[193,0,193,8],[194,0,194,10],[195,0,195,3],[195,4,195,7],[195,8,195,10],[196,0,196,10],[197,0,197,3],[197,4,197,7],[197,8,197,10],[198,0,200,0],[198,1,200,1],[198,2,200,2],[198,3,200,4],[198,5,200,5],[198,6,200,6],[198,7,198,10],[199,7,200,8],[199,9,200,9],[201,3,201,4],[201,7,201,8],[202,3,202,4],[202,7,202,8],[203,3,203,4],[203,7,203,8],[204,3,204,4],[204,7,204,8],[205,3,205,4],[205,7,205,8],[206,3,206,4],[206,7,206,8],[207,3,207,4],[207,7,207,8],[208,3,208,4],[208,7,208,8],[209,3,209,4],[209,7,209,8],[210,3,210,4],[210,7,210,8],[211,0,211,8],[212,0,212,10],[213,0,213,3],[213,4,213,7],[213,8,213,10],[214,0,214,10],[215,0,215,3],[215,4,215,7],[215,8,215,10],[216,0,218,0],[216,1,218,1],[216,2,218,2],[216,3,218,4],[216,5,218,5],[216,6,218,6],[216,7,216,10],[217,7,218,8],[217,9,218,9],[219,3,219,4],[219,7,219,8],[220,3,220,4],[220,7,220,8],[221,3,221,4],[221,7,221,8],[222,3,222,4],[222,7,222,8],[223,3,223,4],[223,7,223,8],[224,3,224,4],[224,7,224,8],[225,3,225,4],[225,7,225,8],[226,3,226,4],[226,7,226,8],[227,3,227,4],[227,7,227,8],[228,0,228,8],[229,0,229,10],[230,0,230,3],[230,4,230,7],[230,8,230,10],[231,0,231,10],[232,0,232,3],[232,4,232,7],[232,8,232,10],[233,0,235,0],[233,1,235,1],[233,2,235,2],[233,3,235,4],[233,5,235,5],[233,6,235,6],[233,7,233,10],[234,7,235,8],[234,9,235,9],[236,3,236,4],[236,7,236,8],[237,3,237,4],[237,7,237,8],[238,3,238,4],[238,7,238,8],[239,3,239,4],[239,7,239,8],[240,3,240,4],[240,7,240,8],[241,3,241,4],[241,7,241,8],[242,3,242,4],[242,7,242,8],[243,3,243,4],[243,7,243,8],[244,3,244,4],[244,7,244,8],[245,3,245,4],[245,7,245,8],[246,3,246,4],[246,7,246,8],[247,3,247,4],[247,7,247,8],[248,3,248,4],[248,7,248,8],[249,3,249,4],[249,7,249,8],[250,3,250,4],[250,7,250,8],[251,3,251,4],[251,7,251,8],[252,3,252,4],[252,7,252,8],[253,3,253,4],[253,7,253,8],[254,3,254,4],[254,7,254,8],[255,3,255,4],[255,7,255,8],[256,0,256,8],[257,0,257,8],[258,0,258,10],[259,0,259,3],[259,4,259,7],[259,8,259,10]]}
["分部分项工程和单价措施项目清单与计价表"]
["工程名称：电气工程-新蓝天幼儿园工程建设项目-地下",{"$nulls":3},"标段：",{"$nulls":3},"第 1 页  共 17 页"]
["序号","项目编码","项目名称","项目特征描述",null,"计量单位","工程量","金额（元）"]
[{"$nulls":7},"综合单价",null,"综合合价","其中"]
[{"$nulls":10},"暂估价"]
[null,null,"强电系统"]
[1,"030404017001","弱电机房电源 01B01AT.rd","1.名称、型号:弱电机房电源 01B01AT.rd\n2.箱体尺寸:600x200X600(宽X深X高)\n3.底边距地明装1.4m明装\n4.接地\n5.满足设计、技术规范及参数要求与施工工艺要求\n6.ATSE具有隔离功能时,ATSE前面的进线隔离开关可取消",null,"台",1,4858.5,null,4858.5]
[2,"030404017002","生活水泵配电箱 01B01AT.shb","1.名称、型号:生活水泵配电箱 01B01AT.shb\n2.箱体尺寸:600x200X600(宽X深X高)\n3.底边距地明装1.4m明装\n4.接地\n5.满足设计、技术规范及参数要求与施工工艺要求\n6.模块严禁设置在配电箱内\n7.ATSE具有隔离功能时,ATSE前面的进线隔离开关可取消",null,"台",1,5658.5,null,5658.5]
[3,"030404017003","应急照明配电箱 01B01ALE1","1.名称、型号:应急照明配电箱 01B01ALE1\n2.箱体尺寸:600x200X600(宽X深X高)\n3.底边距地明装1.4m明装\n4.接地\n5.满足设计、技术规范及参数要求与施工工艺要求",null,"台",1,6858.5,null,6858.5]
[4,"030404017004","应急照明配电箱 01B02ALE1","1.名称、型号:应急照明配电箱 01B02ALE1\n2.箱体尺寸:600x200X600(宽X深X高)\n3.底边距地明装1.4m明装\n4.接地\n5.满足设计、技术规范及参数要求与施工工艺要求",null,"台",1,6858.5,null,6858.5]
["本页小计",{"$nulls":8},24234]
["注：为计取规费等的使用，可在表中增设其中：“定额人工费”。"]
[{"$nulls":8},"表—08"]
["分部分项工程和单价措施项目清单与计价表"]
["工程名称：电气工程-新蓝天幼儿园工程建设项目-地下",{"$nulls":3},"标段：",{"$nulls":3},"第 2 页  共 17 页"]
["序号","项目编码","项目名称","项目特征描述",null,"计量单位","工程量","金额（元）"]
[{"$nulls":7},"综合单价",null,"综合合价","其中"]
[{"$nulls":10},"暂估价"]
[5,"030404017005","消防水泵房配电箱 01B01APE.xfb","1.名称、型号:消防水泵房配电箱 01B01APE.xfb\n2.箱体尺寸:700x300x1600(宽x深x高)\n3.底边距地明装1.4m明装\n4.接地\n5.满足设计、技术规范及参数要求与施工工艺要求",null,"台",1,12429.49,null,12429.49]
[6,"030404017006","喷淋泵控制箱PLB","1.名称、型号:喷淋泵控制箱PLB\n2.接地\n3.满足设计、技术规范及参数要求与施工工艺要求",null,"台",1,1685.93,null,1685.93]
[7,"030404017007","室内消火栓泵控制箱SNXFB","1.名称、型号:室内消火栓泵控制箱SNXFB\n2.接地\n3.满足设计、技术规范及参数要求与施工工艺要求",null,"台",1,1685.93,null,1685.93]
[8,"030404017008","室外消火栓泵控制箱SWXFB","1.名称、型号:室外消火栓泵控制箱SWXFB\n2.接地\n3.满足设计、技术规范及参数要求与施工工艺要求",null,"台",1,2128.41,null,2128.41]
[9,"030404017009","消防稳压泵控制箱XFWB","1.名称、型号:消防稳压泵控制箱XFWB\n2.接地\n3.满足设计、技术规范及参数要求与施工工艺要求",null,"台",1,1965.94,null,1965.94]
[10,"030404017010","发电机房用电 01B01APE.fd","1.名称、型号:发电机房用电 01B01APE.fd\n2.箱体尺寸:600x200x600(宽x深x高)\n3.底边距地明装1.4m明装\n4.接地\n5.满足设计、技术规范及参数要求与施工工艺要求\n6.ATSE具有隔离功能时,ATSE前面的进线隔离开关可取消",null,"台",1,3858.5,null,3858.5]
["本页小计",{"$nulls":8},23754.2]
["注：为计取规费等的使用，可在表中增设其中：“定额人工费”。"]
[{"$nulls":8},"表—08"]
["分部分项工程和单价措施项目清单与计价表"]
["工程名称：电气工程-新蓝天幼儿园工程建设项目-地下",{"$nulls":3},"标段：",{"$nulls":3},"第 3 页  共 17 页"]
["序号","项目编码","项目名称","项目特征描述",null,"计量单位","工程量","金额（元）"]
[{"$nulls":7},"综合单价",null,"综合合价","其中"]
[{"$nulls":10},"暂估价"]
[11,"030404017011","消防电源总箱(主供) 01B01APE.z1","1.名称、型号:消防电源总箱(主供) 01B01APE.z1\n2.箱体尺寸:600x200x600(宽x深x高)\n3.底边距地明装1.4m明装\n4.接地\n5.满足设计、技术规范及参数要求与施工工艺要求\n6.重复接地参见15D503",null,"台",1,5858.5,null,5858.5]
[12,"030404017012","消防电源总箱(备供) 01B01APE.z2","1.名称、型号:消防电源总箱(备供) 01B01APE.z2\n2.箱体尺寸:600x200x600(宽x深x高)\n3.底边距地明装1.4m明装\n4.接地\n5.满足设计、技术规范及参数要求与施工工艺要求\n6.重复接地参见15D503",null,"台",1,5858.5,null,5858.5]
[13,"030404017013","消防风机配电箱 01B01APE1","1.名称、型号:消防风机配电箱 01B01APE1\n2.箱体尺寸:600x200x600(宽x深x高)\n3.底边距地明装1.4m明装\n4.接地\n5.满足设计、技术规范及参数要求与施工工艺要求",null,"台",1,2858.5,null,2858.5]
[14,"030404017014","排水泵配电箱 01B01APE.psb","1.名称、型号:排水泵配电箱 01B01APE.psb\n2.箱体尺寸:600x200x600(宽x深x高)\n3.底边距地明装1.4m明装\n4.接地\n5.满足设计、技术规范及参数要求与施工工艺要求",null,"台",1,5858.5,null,5858.5]
[15,"030404017015","排水泵控制箱 01B01APE.psb1~3","1.名称、型号:排水泵控制箱 01B01APE.psb1~3\n2.箱体尺寸:600x200x600(宽x深x高)\n3.底边距地明装1.4m明装\n4.接地\n5.满足设计、技术规范及参数要求与施工工艺要求",null,"台",3,1685.93,null,5057.79]
["本页小计",{"$nulls":8},25491.79]
["注：为计取规费等的使用，可在表中增设其中：“定额人工费”。"]
[{"$nulls":8},"表—08"]
["分部分项工程和单价措施项目清单与计价表"]
["工程名称：电气工程-新蓝天幼儿园工程建设项目-地下",{"$nulls":3},"标段：",{"$nulls":3},"第 4 页  共 17 页"]
["序号","项目编码","项目名称","项目特征描述",null,"计量单位","工程量","金额（元）"]
[{"$nulls":7},"综合单价",null,"综合合价","其中"]
[{"$nulls":10},"暂估价"]
[16,"030404017016","排水泵控制箱 01B02APE.psb4","1.名称、型号:排水泵控制箱 01B02APE.psb4\n2.箱体尺寸:600x200x600(宽x深x高)\n3.底边距地明装1.4m明装\n4.接地\n5.满足设计、技术规范及参数要求与施工工艺要求",null,"台",1,1243.46,null,1243.46]
[17,"030404017017","排水泵控制箱 01B01APE.psb4","1.名称、型号:排水泵控制箱 01B01APE.psb4\n2.箱体尺寸:600x200x600(宽x深x高)\n3.底边距地明装1.4m明装\n4.接地\n5.满足设计、技术规范及参数要求与施工工艺要求",null,"台",1,1080.99,null,1080.99]
[18,"030404017018","照明配电箱 01B01AL1","1.名称、型号:照明配电箱 01B01AL1\n2.箱体尺寸:600x200X600(宽X深X高)\n3.底边距地明装1.4m暗装\n4.接地\n5.满足设计、技术规范及参数要求与施工工艺要求",null,"台",1,4589.5,null,4589.5]
[19,"030404017019","照明配电箱 01B01AL2","1.名称、型号:照明配电箱 01B01AL2\n2.箱体尺寸:600x200X600(宽X深X高)\n3.底边距地明装1.4m暗装\n4.接地\n5.满足设计、技术规范及参数要求与施工工艺要求",null,"台",1,4589.5,null,4589.5]
[20,"030404017020","A型应急照明集中电源 01B01ALE1.c1","1.名称、型号:A型应急照明集中电源 01B01ALE1.c1\n2.箱体尺寸:500X690X220\n3.底边距地明装1.6m暗装\n4.接地\n5.满足设计、技术规范及参数要求与施工工艺要求",null,"台",1,5785.3,null,5785.3]
["本页小计",{"$nulls":8},17288.75]
["注：为计取规费等的使用，可在表中增设其中：“定额人工费”。"]
[{"$nulls":8},"表—08"]
["分部分项工程和单价措施项目清单与计价表"]
["工程名称：电气工程-新蓝天幼儿园工程建设项目-地下",{"$nulls":3},"标段：",{"$nulls":3},"第 5 页  共 17 页"]
["序号","项目编码","项目名称","项目特征描述",null,"计量单位","工程量","金额（元）"]
[{"$nulls":7},"综合单价",null,"综合合价","其中"]
[{"$nulls":10},"暂估价"]
[21,"030404017021","A型应急照明集中电源 01B02ALE1.c1","1.名称、型号:A型应急照明集中电源 01B02ALE1.c1\n2.箱体尺寸:500X690X220\n3.底边距地明装1.6m暗装\n4.接地\n5.满足设计、技术规范及参数要求与施工工艺要求",null,"台",1,5785.3,null,5785.3]
[22,"030411003005","电缆桥架 CT100x100","1.名称：电缆桥架 \n2.型号、规格:CT100x100\n3.材质:钢制  \n4.含配件（弯头、异径直通、三通、四通等）、接地等安装\n5.满足设计、技术规范及参数要求与施工工艺要求",null,"m",95.42,90.73,null,8657.46]
[23,"030411003001","电缆桥架 CT200x100","1.名称：电缆桥架 \n2.型号、规格:CT200x100\n3.材质:钢制  \n4.含配件（弯头、异径直通、三通、四通等）、接地、油漆、补漆、防火堵洞等安装\n5.满足设计、技术规范及参数要求与施工工艺要求",null,"m",55.26,109.83,null,6069.21]
[24,"030411003004","电缆桥架 CT300x150","1.名称：电缆桥架 \n2.型号、规格:CT300x150\n3.材质:钢制  \n4.含配件（弯头、异径直通、三通、四通等）、接地、油漆、补漆、防火堵洞等安装\n5.满足设计、技术规范及参数要求与施工工艺要求",null,"m",7.75,185.33,null,1436.31]
[25,"030411003003","电缆桥架 CT400x150","1.名称：电缆桥架 \n2.型号、规格:CT400*150\n3.材质:钢制  \n4.含配件（弯头、异径直通、三通、四通等）、接地、油漆、补漆、防火堵洞等安装\n5.满足设计、技术规范及参数要求与施工工艺要求",null,"m",1.3,239.29,null,311.08]
[26,"030413001001","桥架支架制作安装","1.名称:桥架支架制作安装\n2.材质:金属\n3.其他：满足设计和规范要求",null,"kg",183.33,24.79,null,4544.75]
["本页小计",{"$nulls":8},26804.11]
["注：为计取规费等的使用，可在表中增设其中：“定额人工费”。"]
[{"$nulls":8},"表—08"]
["分部分项工程和单价措施项目清单与计价表"]
["工程名称：电气工程-新蓝天幼儿园工程建设项目-地下",{"$nulls":3},"标段：",{"$nulls":3},"第 6 页  共 17 页"]
["序号","项目编码","项目名称","项目特征描述",null,"计量单位","工程量","金额（元）"]
[{"$nulls":7},"综合单价",null,"综合合价","其中"]
[{"$nulls":10},"暂估价"]
[27,"030408008001","防火堵洞","1.名称：楼板防火堵洞\n2.材质：防火堵泥、防火隔板\n3.部位：强弱电桥架、消防桥架\n4.其他：满足设计和规范要求",null,"处",2,230.37,null,460.74]
[28,"030412001001","LED吸顶灯 9W","1.名称:LED吸顶灯 \n2.规格:220V/9W,850lm\n3.安装形式：吸顶\n4.满足设计、技术规范及参数要求与施工工艺要求",null,"套",17,145.92,null,2480.64]
[29,"030412005001","T5型单管荧光灯-壁装 28W","1.名称：T5型单管荧光灯\n2.型号：220V/1x28W,1x2600lm\n3.规格：单管\n4.安装形式：壁装\n5.满足设计、技术规范及参数要求与施工工艺要求",null,"套",2,77.11,null,154.22]
[30,"030412005002","T5型单管荧光灯-吊链 28W","1.名称：T5型单管荧光灯\n2.型号：220V/1x28W,1x2600lm\n3.规格：单管\n4.安装形式：吊链\n5.满足设计、技术规范及参数要求与施工工艺要求",null,"套",56,89.04,null,4986.24]
[31,"030412005003","T5型三管荧光灯-吊链","1.名称：T5型三管荧光灯\n2.型号：220V/3x28W,1x2600lm\n3.规格：三管\n4.安装形式：吊链\n5.满足设计、技术规范及参数要求与施工工艺要求",null,"套",4,191.39,null,765.56]
[32,"030412005004","T5型双管荧光灯-壁装","1.名称：T5型双管荧光灯\n2.型号：220V/2x28W,2x2600lm\n3.规格：双管\n4.安装形式：壁装\n5.满足设计、技术规范及参数要求与施工工艺要求",null,"套",1,155.93,null,155.93]
["本页小计",{"$nulls":8},9003.33]
["注：为计取规费等的使用，可在表中增设其中：“定额人工费”。"]
[{"$nulls":8},"表—08"]
["分部分项工程和单价措施项目清单与计价表"]
["工程名称：电气工程-新蓝天幼儿园工程建设项目-地下",{"$nulls":3},"标段：",{"$nulls":3},"第 7 页  共 17 页"]
["序号","项目编码","项目名称","项目特征描述",null,"计量单位","工程量","金额（元）"]
[{"$nulls":7},"综合单价",null,"综合合价","其中"]
[{"$nulls":10},"暂估价"]
[33,"030412005005","T5型双管荧光灯-吊链","1.名称：T5型双管荧光灯\n2.型号：220V/2x28W,1x2600lm\n3.规格：双管\n4.安装形式：吊链\n5.满足设计、技术规范及参数要求与施工工艺要求",null,"套",9,191.39,null,1722.51]
[34,"030412004001","壁灯(荧光灯) 9W","1.名称:壁灯(荧光灯)\n2.规格:220V/9W,850lm\n3.安装形式:壁装式\n4.满足设计、技术规范及参数要求与施工工艺要求",null,"套",2,96.72,null,193.44]
[35,"030412004002","出口标志灯\"禁止入内\"标志灯","1.名称:出口标志灯\"禁止入内\"标志灯\n2.规格:LED光源,36V/1W\n3.安装形式:墙壁式\n4.满足设计、技术规范及参数要求与施工工艺要求",null,"套",1,133.01,null,133.01]
[36,"030412004003","单向疏散指示灯","1.名称:单向疏散指示灯\n2.规格:LED光源,36V/1W\n3.安装形式:壁装\n4.满足设计、技术规范及参数要求与施工工艺要求",null,"套",26,97.59,null,2537.34]
[37,"030412004004","单向疏散指示灯","1.名称:单向疏散指示灯\n2.规格:LED光源,36V/1W\n3.安装形式:吊装\n4.满足设计、技术规范及参数要求与施工工艺要求",null,"套",5,104.62,null,523.1]
[38,"030412004005","楼层指示标志灯","1.名称:楼层指示标志灯\n2.规格:LED光源,36V/1W\n3.安装形式:墙壁式\n4.满足设计、技术规范及参数要求与施工工艺要求",null,"套",3,143.53,null,430.59]
[39,"030412004006","疏散出口标志灯","1.名称:疏散出口标志灯\n2.规格:LED光源,36V/1W\n3.安装形式:墙壁式\n4.满足设计、技术规范及参数要求与施工工艺要求",null,"套",10,105.78,null,1057.8]
["本页小计",{"$nulls":8},6597.79]
["注：为计取规费等的使用，可在表中增设其中：“定额人工费”。"]
[{"$nulls":8},"表—08"]
["分部分项工程和单价措施项目清单与计价表"]
["工程名称：电气工程-新蓝天幼儿园工程建设项目-地下",{"$nulls":3},"标段：",{"$nulls":3},"第 8 页  共 17 页"]
["序号","项目编码","项目名称","项目特征描述",null,"计量单位","工程量","金额（元）"]
[{"$nulls":7},"综合单价",null,"综合合价","其中"]
[{"$nulls":10},"暂估价"]
[40,"030412004007","应急灯","1.名称:应急灯\n2.规格:LED光源,36V/7W,1X700lm\n3.安装形式:墙壁式\n4.满足设计、技术规范及参数要求与施工工艺要求",null,"套",42,152.6,null,6409.2]
[41,"030404034001","单联单控开关","1.名称:单联单控开关\n2.其他:满足设计和规范要求",null,"个",8,19.97,null,159.76]
[42,"030404034002","双联单控开关","1.名称:双联单控开关\n2.其他:满足设计和规范要求",null,"个",6,21.81,null,130.86]
[43,"030404034003","三联单控开关","1.名称:三联单控开关\n2.其他:满足设计和规范要求",null,"个",1,24.96,null,24.96]
[44,"030404034004","声、光感应式延时开关","1.名称: 声、光感应式延时开关\n2.其他:满足设计和规范要求",null,"个",6,47.41,null,284.46]
[45,"030404035001","暗装普通单相二、三孔插座,带保护门","1.名称:暗装普通单相二、三孔插座,带保护门\n2.其他：满足设计和规范要求",null,"个",5,30.18,null,150.9]
[46,"030404031001","现场控制按钮","1.名称:现场控制按钮\n2.其他：满足设计和规范要求",null,"个",6,39.9,null,239.4]
[47,"030404034005","照明面板开关","1.名称:照明面板开关\n2.其他:满足设计和规范要求",null,"个",1,165.06,null,165.06]
[48,"030404020001","低压熔断器","1.名称:低压熔断器\n2.其他:满足设计和规范要求",null,"个",1,134.91,null,134.91]
[49,"030411006001","开关插座接线盒","1.名称:开关插座接线盒\n2.材质:PVC\n3.其他：满足设计和规范要求",null,"个",33,9.15,null,301.95]
[50,"030411006002","灯具接线盒","1.名称:灯具接线盒\n2.材质:PVC\n3.其他：满足设计和规范要求",null,"个",91,9.36,null,851.76]
[51,"030411006003","钢制接线盒","1.名称:开关插座接线盒\n2.材质:钢制\n3.其他：满足设计和规范要求",null,"个",87,11.76,null,1023.12]
["本页小计",{"$nulls":8},9876.34]
["注：为计取规费等的使用，可在表中增设其中：“定额人工费”。"]
[{"$nulls":8},"表—08"]
["分部分项工程和单价措施项目清单与计价表"]
["工程名称：电气工程-新蓝天幼儿园工程建设项目-地下",{"$nulls":3},"标段：",{"$nulls":3},"第 9 页  共 17 页"]
["序号","项目编码","项目名称","项目特征描述",null,"计量单位","工程量","金额（元）"]
[{"$nulls":7},"综合单价",null,"综合合价","其中"]
[{"$nulls":10},"暂估价"]
[52,"030408001001","矿物电缆 BTLY-0.6/1.0kV-3x150+2x70","1.名称:硬矿物绝缘电力电缆\n2.型号:BTLY-0.6/1.0kV-3x150+2x70\n3.敷设方式、部位:电缆沟、桥架等敷设\n4.满足设计、技术规范及参数要求与施工工艺要求",null,"m",39.6,654.39,null,25913.84]
[53,"030408001002","矿物电缆 BTLY-0.6/1.0kV-4x70+1x35","1.名称:硬矿物绝缘电力电缆\n2.型号:BTLY-0.6/1.0kV-4x70+1x35\n3.敷设方式、部位:电缆沟、桥架等敷设\n4.满足设计、技术规范及参数要求与施工工艺要求",null,"m",44.62,250.9,null,11195.16]
[54,"030408001003","矿物电缆 BTLY-0.6/1.0kV-5x16","1.名称:硬矿物绝缘电力电缆\n2.型号:BTLY-0.6/1.0kV-5x16\n3.敷设方式、部位:电缆沟、桥架等敷设\n4.满足设计、技术规范及参数要求与施工工艺要求",null,"m",45.3,79.81,null,3615.39]
[55,"030408001024","电力电缆 WDZB-YJY-0.6/1.0kV-4x35+1x16","1.名称:铜芯电力电缆\n2.型号:WDZB-YJY-0.6/1.0kV-4x35+1x16\n3.敷设方式、部位:电缆沟、桥架等敷设\n4.满足设计、技术规范及参数要求与施工工艺要求",null,"m",29.96,182.39,null,5464.4]
[56,"030408001004","电力电缆 WDZB-YJY-0.6/1.0kV-5x16","1.名称:铜芯电力电缆\n2.型号:WDZB-YJY-0.6/1.0kV-5x16\n3.敷设方式、部位:电缆沟、桥架等敷设\n4.满足设计、技术规范及参数要求与施工工艺要求",null,"m",23.47,96.39,null,2262.27]
["本页小计",{"$nulls":8},48451.06]
["注：为计取规费等的使用，可在表中增设其中：“定额人工费”。"]
[{"$nulls":8},"表—08"]
["分部分项工程和单价措施项目清单与计价表"]
["工程名称：电气工程-新蓝天幼儿园工程建设项目-地下",{"$nulls":3},"标段：",{"$nulls":3},"第 10 页  共 17 页"]
["序号","项目编码","项目名称","项目特征描述",null,"计量单位","工程量","金额（元）"]
[{"$nulls":7},"综合单价",null,"综合合价","其中"]
[{"$nulls":10},"暂估价"]
[57,"030408001005","电力电缆 WDZB-YJY-0.6/1.0kV-5x10","1.名称:铜芯电力电缆\n2.型号:WDZB-YJY-0.6/1.0kV-5x10\n3.敷设方式、部位:电缆沟、桥架等敷设\n4.满足设计、技术规范及参数要求与施工工艺要求",null,"m",23.36,49.82,null,1163.8]
[58,"030408001006","电力电缆 WDZB-YJY-0.6/1.0kV-5x4","1.名称:铜芯电力电缆\n2.型号:WDZB-YJY-0.6/1.0kV-5x4\n3.敷设方式、部位:电缆沟、桥架等敷设\n4.满足设计、技术规范及参数要求与施工工艺要求",null,"m",13.04,25.22,null,328.87]
[59,"030408001007","电力电缆 WDZBN-YJY-0.6/1.0kV-5x2.5","1.名称:铜芯电力电缆\n2.型号:WDZBN-YJY-0.6/1.0kV-5x2.5\n3.敷设方式、部位:电缆沟、桥架等敷设\n4.满足设计、技术规范及参数要求与施工工艺要求",null,"m",18.33,17.17,null,314.73]
[60,"030408001008","电力电缆 WDZB-YJY-0.6/1.0kV-4x2.5","1.名称:铜芯电力电缆\n2.型号:WDZB-YJY-0.6/1.0kV-4x2.5\n3.敷设方式、部位:电缆沟、桥架等敷设\n4.满足设计、技术规范及参数要求与施工工艺要求",null,"m",63.85,14.6,null,932.21]
[61,"030408001023","电力电缆 WDZBN-YJY-0.6/1.0kV-3x50+2x25","1.名称:铜芯电力电缆\n2.型号:WDZBN-YJY-0.6/1.0kV-3x50+2x25\n3.敷设方式、部位:电缆沟、桥架等敷设\n4.满足设计、技术规范及参数要求与施工工艺要求",null,"m",19.27,203.3,null,3917.59]
["本页小计",{"$nulls":8},6657.2]
["注：为计取规费等的使用，可在表中增设其中：“定额人工费”。"]
[{"$nulls":8},"表—08"]
["分部分项工程和单价措施项目清单与计价表"]
["工程名称：电气工程-新蓝天幼儿园工程建设项目-地下",{"$nulls":3},"标段：",{"$nulls":3},"第 11 页  共 17 页"]
["序号","项目编码","项目名称","项目特征描述",null,"计量单位","工程量","金额（元）"]
[{"$nulls":7},"综合单价",null,"综合合价","其中"]
[{"$nulls":10},"暂估价"]
[62,"030408001010","电力电缆 WDZBN-YJY-0.6/1.0kV-3x35+2x16","1.名称:铜芯电力电缆\n2.型号:WDZBN-YJY-0.6/1.0kV-3x35+2x16\n3.敷设方式、部位:电缆沟、桥架等敷设\n4.满足设计、技术规范及参数要求与施工工艺要求",null,"m",40.42,146.91,null,5938.1]
[63,"030408001012","电力电缆 WDZBN-YJY-0.6/1.0kV-7x16","1.名称:铜芯电力电缆\n2.型号:WDZBN-YJY-0.6/1.0kV-7x16\n3.敷设方式、部位:电缆沟、桥架等敷设\n4.满足设计、技术规范及参数要求与施工工艺要求",null,"m",70.69,119.91,null,8476.44]
[64,"030408001013","电力电缆 WDZBN-YJY-0.6/1.0kV-5x16","1.名称:铜芯电力电缆\n2.型号:WDZBN-YJY-0.6/1.0kV-5x16\n3.敷设方式、部位:电缆沟、桥架等敷设\n4.满足设计、技术规范及参数要求与施工工艺要求",null,"m",99.9,79.06,null,7898.09]
[65,"030408001025","电力电缆 WDZBN-YJY-0.6/1.0kV-4x10","1.名称:铜芯电力电缆\n2.型号:WDZBN-YJY-0.6/1.0kV-4x10\n3.敷设方式、部位:电缆沟、桥架等敷设\n4.满足设计、技术规范及参数要求与施工工艺要求",null,"m",10.89,40.22,null,438]
[66,"030408001015","电力电缆 WDZBN-YJY-0.6/1.0kV-7x6","1.名称:铜芯电力电缆\n2.型号:WDZBN-YJY-0.6/1.0kV-7x6\n3.敷设方式、部位:电缆沟、桥架等敷设\n4.满足设计、技术规范及参数要求与施工工艺要求",null,"m",47.74,38.22,null,1824.62]
["本页小计",{"$nulls":8},24575.25]
["注：为计取规费等的使用，可在表中增设其中：“定额人工费”。"]
[{"$nulls":8},"表—08"]
["分部分项工程和单价措施项目清单与计价表"]
["工程名称：电气工程-新蓝天幼儿园工程建设项目-地下",{"$nulls":3},"标段：",{"$nulls":3},"第 12 页  共 17 页"]
["序号","项目编码","项目名称","项目特征描述",null,"计量单位","工程量","金额（元）"]
[{"$nulls":7},"综合单价",null,"综合合价","其中"]
[{"$nulls":10},"暂估价"]
[67,"030408001016","电力电缆 WDZBN-YJY-0.6/1.0kV-5x6","1.名称:铜芯电力电缆\n2.型号:WDZBN-YJY-0.6/1.0kV-5x6\n3.敷设方式、部位:电缆沟、桥架等敷设\n4.满足设计、技术规范及参数要求与施工工艺要求",null,"m",46.08,33.45,null,1541.38]
[68,"030408001017","电力电缆 WDZBN-YJY-0.6/1.0kV-5x4","1.名称:铜芯电力电缆\n2.型号:WDZBN-YJY-0.6/1.0kV-5x4\n3.敷设方式、部位:电缆沟、桥架等敷设\n4.满足设计、技术规范及参数要求与施工工艺要求",null,"m",192.12,24.2,null,4649.3]
[69,"030408001018","电力电缆 WDZBN-YJY-0.6/1.0kV-3x4","1.名称:铜芯电力电缆\n2.型号:WDZBN-YJY-0.6/1.0kV-3x4 \n3.敷设方式、部位:电缆沟、桥架等敷设\n4.满足设计、技术规范及参数要求与施工工艺要求",null,"m",21.65,15.56,null,336.87]
[70,"030408001019","电力电缆 WDZBN-YJY-0.6/1.0kV-4x2.5","1.名称:铜芯电力电缆\n2.型号:WDZBN-YJY-0.6/1.0kV-4x2.5\n3.敷设方式、部位:电缆沟、桥架等敷设\n4.满足设计、技术规范及参数要求与施工工艺要求",null,"m",90.29,15.7,null,1417.55]
[71,"030408006001","电力电缆头(16截面mm2以下)","1.电力电缆头(16截面mm2以下)\n2.电力电缆头制作\n3.电力电缆头安装\n4.其他：满足设计和规范要求",null,"个",66,99.02,null,6535.32]
["本页小计",{"$nulls":8},14480.42]
["注：为计取规费等的使用，可在表中增设其中：“定额人工费”。"]
[{"$nulls":8},"表—08"]
["分部分项工程和单价措施项目清单与计价表"]
["工程名称：电气工程-新蓝天幼儿园工程建设项目-地下",{"$nulls":3},"标段：",{"$nulls":3},"第 13 页  共 17 页"]
["序号","项目编码","项目名称","项目特征描述",null,"计量单位","工程量","金额（元）"]
[{"$nulls":7},"综合单价",null,"综合合价","其中"]
[{"$nulls":10},"暂估价"]
[72,"030408006002","电力电缆头(35截面mm2以下)","1.电力电缆头(35截面mm2以下)\n2.电力电缆头制作\n3.电力电缆头安装\n4.满足设计、技术规范及参数要求与施工工艺要求",null,"个",10,155.08,null,1550.8]
[73,"030408006003","电力电缆头(70截面mm2以下)","1.电力电缆头(70截面mm2以下)\n2.电力电缆头制作\n3.电力电缆头安装\n4.满足设计、技术规范及参数要求与施工工艺要求",null,"个",4,196.55,null,786.2]
[74,"030408001020","矿物绝缘电缆终端头安装 多芯(截面mm2以下) 35","1.矿物绝缘电缆终端头安装 多芯(截面mm2以下) 35\n2.矿物绝缘电缆终端头制作\n3.矿物绝缘电缆终端头电缆头安装\n4.满足设计、技术规范及参数要求与施工工艺要求",null,"个",4,152.54,null,610.16]
[75,"030408001021","矿物绝缘电缆终端头安装 多芯(截面mm2以下) 70","1.矿物绝缘电缆终端头安装 多芯(截面mm2以下) 70\n2.矿物绝缘电缆终端头制作\n3.矿物绝缘电缆终端头电缆头安装\n4.满足设计、技术规范及参数要求与施工工艺要求",null,"个",2,180.79,null,361.58]
[76,"030408001022","矿物绝缘电缆终端头安装 多芯(截面mm2以下) 150","1.矿物绝缘电缆终端头安装 多芯(截面mm2以下) 150\n2.矿物绝缘电缆终端头制作\n3.矿物绝缘电缆终端头电缆头安装\n4.满足设计、技术规范及参数要求与施工工艺要求",null,"个",2,225.65,null,451.3]
[77,"030411004001","配线 WDZB-BYJ-450/750V-2.5","1.名称:铜芯绝缘导线 \n2.规格:WDZB-BYJ-450/750V-2.5\n3.敷设方式:管内穿线敷设  \n4.满足设计、技术规范及参数要求与施工工艺要求",null,"m",2637,5.17,null,13633.29]
["本页小计",{"$nulls":8},17393.33]
["注：为计取规费等的使用，可在表中增设其中：“定额人工费”。"]
[{"$nulls":8},"表—08"]
["分部分项工程和单价措施项目清单与计价表"]
["工程名称：电气工程-新蓝天幼儿园工程建设项目-地下",{"$nulls":3},"标段：",{"$nulls":3},"第 14 页  共 17 页"]
["序号","项目编码","项目名称","项目特征描述",null,"计量单位","工程量","金额（元）"]
[{"$nulls":7},"综合单价",null,"综合合价","其中"]
[{"$nulls":10},"暂估价"]
[78,"030411004002","配线 WDZBN-BYJ-450/750V-2.5","1.名称:铜芯绝缘导线\n2.规格:WDZBN-BYJ-450/750V-2.5\n3.敷设方式:管内穿线敷设\n4.满足设计、技术规范及参数要求与施工工艺要求",null,"m",1862.88,7.04,null,13114.68]
[79,"030411004003","配线 WDZBN-RYJ-2x1.5","1.名称:铜芯绝缘导线\n2.规格:WDZBN-RYJ-2x1.5\n3.敷设方式:管内穿线敷设\n4.满足设计、技术规范及参数要求与施工工艺要求",null,"m",61.86,8.88,null,549.32]
[80,"030411001001","镀锌电线管 MT16","1.名称:镀锌电线管 \n2.规格:MT16\n3.敷设形式及部位:综合考虑\n4.满足设计、技术规范及参数要求与施工工艺要求",null,"m",54.66,20.99,null,1147.31]
[81,"030411001002","镀锌电线管 MT19","1.名称:镀锌电线管 \n2.规格:MT19\n3.敷设形式及部位:综合考虑\n4.刨沟槽、凿孔及其修复等\n5.接地、支吊架制作安装、除锈防腐\n6.满足设计、技术规范及参数要求与施工工艺要求",null,"m",1660.77,22.66,null,37633.05]
[82,"030411001003","镀锌电线管 MT25","1.名称:镀锌电线管 \n2.规格:MT25\n3.敷设形式及部位:综合考虑\n4.刨沟槽、凿孔及其修复等\n5.接地、支吊架制作安装、除锈防腐\n6.满足设计、技术规范及参数要求与施工工艺要求",null,"m",147.16,25.06,null,3687.83]
[83,"030411001004","镀锌电线管 MT32","1.名称:镀锌电线管 \n2.规格:MT32\n3.敷设形式及部位:综合考虑\n4.刨沟槽、凿孔及其修复等\n5.接地、支吊架制作安装、除锈防腐\n6.满足设计、技术规范及参数要求与施工工艺要求",null,"m",67.1,28.14,null,1888.19]
["本页小计",{"$nulls":8},58020.38]
["注：为计取规费等的使用，可在表中增设其中：“定额人工费”。"]
[{"$nulls":8},"表—08"]
["分部分项工程和单价措施项目清单与计价表"]
["工程名称：电气工程-新蓝天幼儿园工程建设项目-地下",{"$nulls":3},"标段：",{"$nulls":3},"第 15 页  共 17 页"]
["序号","项目编码","项目名称","项目特征描述",null,"计量单位","工程量","金额（元）"]
[{"$nulls":7},"综合单价",null,"综合合价","其中"]
[{"$nulls":10},"暂估价"]
[84,"030411001005","镀锌电线管 MT40","1.名称:镀锌电线管 \n2.规格:MT40\n3.敷设形式及部位:综合考虑\n4.满足设计、技术规范及参数要求与施工工艺要求",null,"m",6.43,34.67,null,222.93]
[85,"030411001006","镀锌电线管 MT50","1.名称:镀锌电线管 \n2.规格:MT50\n3.敷设形式及部位:综合考虑\n4.刨沟槽、凿孔及其修复等\n5.接地、支吊架制作安装、除锈防腐\n6.满足设计、技术规范及参数要求与施工工艺要求",null,"m",78.92,39.76,null,3137.86]
[86,"030411001007","金属软管 DN20","1.名称:金属软管\n2.规格:DN20\n3.敷设形式及部位:综合考虑\n4.满足设计、技术规范及参数要求与施工工艺要求",null,"m",103.6,31.49,null,3262.36]
[87,"031002003001","防护密闭套管 DN25","1.名称、类型:防护密闭套管 \n2.规格:DN25\n3.其他：满足设计和规范要求",null,"个",20,324.01,null,6480.2]
[88,"031002003002","防护密闭套管 DN50","1.名称、类型:防护密闭套管 \n2.规格:DN50\n3.其他：满足设计和规范要求",null,"个",8,324.01,null,2592.08]
[89,"031002003003","防护密闭套管 DN80","1.名称、类型:防护密闭套管 \n2.规格:DN80\n3.其他：满足设计和规范要求",null,"个",4,431.17,null,1724.68]
[90,"030414002001","送配电装置系统","1.名称：送配电装置系统调试",null,"系统",1,906.42,null,906.42]
[null,null,"强电系统合计",{"$nulls":6},330954.48]
[null,null,"防雷系统"]
[91,"030409004001","接地母线","1.名称：接地母线\n2.做法：利用基础底梁及基础底板两根主筋通长焊接做接地网(具体做法见图纸)\n3.其他满足设计、施工要求的内容",null,"m",930.47,22.2,null,20656.43]
["本页小计",{"$nulls":8},38982.96]
["注：为计取规费等的使用，可在表中增设其中：“定额人工费”。"]
[{"$nulls":8},"表—08"]
["分部分项工程和单价措施项目清单与计价表"]
["工程名称：电气工程-新蓝天幼儿园工程建设项目-地下",{"$nulls":3},"标段：",{"$nulls":3},"第 16 页  共 17 页"]
["序号","项目编码","项目名称","项目特征描述",null,"计量单位","工程量","金额（元）"]
[{"$nulls":7},"综合单价",null,"综合合价","其中"]
[{"$nulls":10},"暂估价"]
[92,"030409004002","接地母线","1.名称：接地母线\n2.材质：-40*4铜排\n3.其他满足设计、施工要求的内容",null,"m",77.58,93.42,null,7247.52]
[93,"030409004003","接地母线","1.名称：接地母线\n2.材质：80*0.6铜排\n3.其他满足设计、施工要求的内容",null,"m",117.59,128.35,null,15092.68]
[94,"030409004004","桥架接地母线","1.名称：桥架接地母线\n2.材质：热镀锌扁钢40*4\n3.其他满足设计、施工要求的内容",null,"m",159.73,93.42,null,14921.98]
[95,"030409003001","避雷引下线","1.名称：避雷引下线敷设 （焊接钢筋根数综合考虑）\n2.敷设方式：利用建筑物主筋引下\n3.其他:完成符合设计要求和施工规范的所有相关内容",null,"m",167.4,18.78,null,3143.77]
[96,"030409003002","避雷引下线（至各层电井）","1.名称：避雷引下线敷设 （焊接钢筋根数综合考虑）\n2.敷设方式：热镀锌扁钢40*4\n3.其他:完成符合设计要求和施工规范的所有相关内容",null,"m",58.1,14.61,null,848.84]
[97,"030409003003","避雷引下线（至弱电机房）","1.名称：避雷引下线敷设 （焊接钢筋根数综合考虑）\n2.敷设方式：热镀锌扁钢50*5\n3.其他:完成符合设计要求和施工规范的所有相关内容",null,"m",10.8,17.23,null,186.08]
[98,"030409008003","局部等电位联结端子箱","1.名称：局部等电位箱安装\n2.敷设方式：嵌入式\n3.与引下线跨接处\n4.其他:完成符合设计要求和施工规范的所有相关内容",null,"台",8,73.86,null,590.88]
[99,"030409008001","接地端子","1.名称：预埋接地端子\n2.规格型号：按设计要求\n3.其他:完成符合设计要求和施工规范的所有相关内容",null,"套",2,55.1,null,110.2]
[100,"030409008002","接地电阻测试端子","1.名称：接地电阻测试端子\n2.规格型号：按设计要求\n3.其他:完成符合设计要求和施工规范的所有相关内容",null,"套",3,55.1,null,165.3]
["本页小计",{"$nulls":8},42307.25]
["注：为计取规费等的使用，可在表中增设其中：“定额人工费”。"]
[{"$nulls":8},"表—08"]
["分部分项工程和单价措施项目清单与计价表"]
["工程名称：电气工程-新蓝天幼儿园工程建设项目-地下",{"$nulls":3},"标段：",{"$nulls":3},"第 17 页  共 17 页"]
["序号","项目编码","项目名称","项目特征描述",null,"计量单位","工程量","金额（元）"]
[{"$nulls":7},"综合单价",null,"综合合价","其中"]
[{"$nulls":10},"暂估价"]
[101,"粤030409012001","桩承台接地（三连桩以内）","1.名称：桩承台接地\n2.规格型号：按设计要求\n3.其他:完成符合设计要求和施工规范的所有相关内容",null,"基",84,480.41,null,40354.44]
[102,"粤030409012002","桩承台接地（七连桩以内）","1.名称：桩承台接地\n2.规格型号：按设计要求\n3.其他:完成符合设计要求和施工规范的所有相关内容",null,"基",9,678.82,null,6109.38]
[103,"030414011001","防雷验收检测","1.建筑防雷验收检测  （含第三方检测等）包括当地政府验收需求的检测调试等一切费用，后期均不以任何理由增加关于防雷检测和验收等任何费用",null,"系统",1,1743.39,null,1743.39]
[null,null,"防雷系统合计",{"$nulls":6},111170.89]
[null,null,"分部分项合计",{"$nulls":6},442125.37]
[null,null,"措施项目"]
[104,"031302007001","高层施工增加",null,null,"项",1]
[105,"031301017001","脚手架搭拆费",null,null,"项",1,4010.54,null,4010.54]
[null,null,"单价措施合计",{"$nulls":6},4010.54]
{"$rows_empty":11}
["本页小计",{"$nulls":8},52217.75]
["合   计",{"$nulls":8},446135.91]
["注：为计取规费等的使用，可在表中增设其中：“定额人工费”。"]
[{"$nulls":8},"表—08"]

{"sheet":"表-09 综合单价分析表【电气工程-新蓝天幼儿园工程建设项_1","index":28,"n_rows":2348,"n_cols":14,"rows_kept":2348,"merged":[[0,0,0,13],[1,0,1,7],[1,8,1,9],[1,10,1,13],[2,0,2,1],[2,2,2,3],[2,5,2,8],[2,9,2,10],[3,0,3,13],[4,4,4,8],[4,9,4,13],[5,7,5,8],[5,9,5,10],[6,7,6,8],[6,9,6,10],[7,0,7,1],[7,2,7,8],[7,9,7,10],[8,0,8,1],[8,2,8,8],[8,9,8,13],[9,0,9,8],[9,9,9,13],[10,1,10,5],[10,7,10,8],[10,9,10,10],[11,1,11,5],[11,7,11,8],[11,9,11,10],[12,1,12,8],[12,9,12,10],[13,1,13,8],[13,9,13,10],[14,1,14,5],[14,7,14,8],[14,9,14,10],[15,1,15,5],[15,7,15,8],[15,9,15,10],[16,1,16,5],[16,7,16,8],[16,9,16,10],[17,1,17,5],[17,7,17,8],[17,9,17,10],[18,1,18,5],[18,7,18,8],[18,9,18,10],[19,1,19,5],[19,7,19,8],[19,9,19,10],[20,1,20,5],[20,7,20,8],[20,9,20,10],[21,0,21,13],[22,0,22,7],[22,8,22,9],[22,10,22,13],[23,0,23,13],[24,0,24,7],[24,8,24,9],[24,10,24,13],[25,0,25,1],[25,2,25,3],[25,5,25,8],[25,9,25,10],[26,0,26,13],[27,4,27,8],[27,9,27,13],[28,7,28,8],[28,9,28,10],[29,7,29,8],[29,9,29,10],[30,0,30,1],[30,2,30,8],[30,9,30,10],[31,0,31,1],[31,2,31,8],[31,9,31,13],[32,0,32,8],[32,9,32,13],[33,1,33,5],[33,7,33,8],[33,9,33,10],[34,1,34,5],[34,7,34,8],[34,9,34,10],[35,1,35,8],[35,9,35,10],[36,1,36,8],[36,9,36,10],[37,1,37,5],[37,7,37,8],[37,9,37,10],[38,1,38,5],[38,7,38,8],[38,9,38,10],[39,1,39,5],[39,7,39,8],[39,9,39,10],[40,1,40,5],[40,7,40,8],[40,9,40,10],[41,1,41,5],[41,7,41,8],[41,9,41,10],[42,1,42,5],[42,7,42,8],[42,9,42,10],[43,1,43,5],[43,7,43,8],[43,9,43,10],[44,0,44,13],[45,0,45,7],[45,8,45,9],[45,10,45,13],[46,0,46,13],[47,0,47,7],[47,8,47,9],[47,10,47,13],[48,0,48,1],[48,2,48,3],[48,5,48,8],[48,9,48,10],[49,0,49,13],[50,4,50,8],[50,9,50,13],[51,7,51,8],[51,9,51,10],[52,7,52,8],[52,9,52,10],[53,0,53,1],[53,2,53,8],[53,9,53,10],[54,0,54,1],[54,2,54,8],[54,9,54,13],[55,0,55,8],[55,9,55,13],[56,1,56,5],[56,7,56,8],[56,9,56,10],[57,1,57,5],[57,7,57,8],[57,9,57,10],[58,1,58,8],[58,9,58,10],[59,1,59,8],[59,9,59,10],[60,1,60,5],[60,7,60,8],[60,9,60,10],[61,1,61,5],[61,7,61,8],[61,9,61,10],[62,1,62,5],[62,7,62,8],[62,9,62,10],[63,1,63,5],[63,7,63,8],[63,9,63,10],[64,1,64,5],[64,7,64,8],[64,9,64,10],[65,1,65,5],[65,7,65,8],[65,9,65,10],[66,1,66,5],[66,7,66,8],[66,9,66,10],[67,0,67,13],[68,0,68,7],[68,8,68,9],[68,10,68,13],[69,0,69,13],[70,0,70,7],[70,8,70,9],[70,10,70,13],[71,0,71,1],[71,2,71,3],[71,5,71,8],[71,9,71,10],[72,0,72,13],[73,4,73,8],[73,9,73,13],[74,7,74,8],[74,9,74,10],[75,7,75,8],[75,9,75,10],[76,0,76,1],[76,2,76,8],[76,9,76,10],[77,0,77,1],[77,2,77,8],[77,9,77,13],[78,0,78,8],[78,9,78,13],[79,1,79,5],[79,7,79,8],[79,9,79,10],[80,1,80,5],[80,7,80,8],[80,9,80,10],[81,1,81,8],[81,9,81,10],[82,1,82,8],[82,9,82,10],[83,1,83,5],[83,7,83,8],[83,9,83,10],[84,1,84,5],[84,7,84,8],[84,9,84,10],[85,1,85,5],[85,7,85,8],[85,9,85,10],[86,1,86,5],[86,7,86,8],[86,9,86,10],[87,1,87,5],[87,7,87,8],[87,9,87,10],[88,1,88,5],[88,7,88,8],[88,9,88,10],[89,1,89,5],[89,7,89,8],[89,9,89,10],[90,0,90,13],[91,0,91,7],[91,8,91,9],[91,10,91,13],[92,0,92,13],[93,0,93,7],[93,8,93,9],[93,10,93,13],[94,0,94,1],[94,2,94,3],[94,5,94,8],[94,9,94,10],[95,0,95,13],[96,4,96,8],[96,9,96,13],[97,7,97,8],[97,9,97,10],[98,7,98,8],[98,9,98,10],[99,0,99,1],[99,2,99,8],[99,9,99,10],[100,0,100,1],[100,2,100,8],[100,9,100,13],[101,0,101,8],[101,9,101,13],[102,1,102,5],[102,7,102,8],[102,9,102,10],[103,1,103,5],[103,7,103,8],[103,9,103,10],[104,1,104,8],[104,9,104,10],[105,1,105,8],[105,9,105,10],[106,1,106,5],[106,7,106,8],[106,9,106,10],[107,1,107,5],[107,7,107,8],[107,9,107,10],[108,1,108,5],[108,7,108,8],[108,9,108,10],[109,1,109,5],[109,7,109,8],[109,9,109,10],[110,1,110,5],[110,7,110,8],[110,9,110,10],[111,1,111,5],[111,7,111,8],[111,9,111,10],[112,1,112,5],[112,7,112,8],[112,9,112,10],[113,0,113,13],[114,0,114,7],[114,8,114,9],[114,10,114,13],[115,0,115,13],[116,0,116,7],[116,8,116,9],[116,10,116,13],[117,0,117,1],[117,2,117,3],[117,5,117,8],[117,9,117,10],[118,0,118,13],[119,4,119,8],[119,9,119,13],[120,7,120,8],[120,9,120,10],[121,7,121,8],[121,9,121,10],[122,0,122,1],[122,2,122,8],[122,9,122,10],[123,0,123,1],[123,2,123,8],[123,9,123,13],[124,0,124,8],[124,9,124,13],[125,1,125,5],[125,7,125,8],[125,9,125,10],[126,1,126,5],[126,7,126,8],[126,9,126,10],[127,1,127,8],[127,9,127,10],[128,1,128,8],[128,9,128,10],[129,1,129,5],[129,7,129,8],[129,9,129,10],[130,1,130,5],[130,7,130,8],[130,9,130,10],[131,1,131,5],[131,7,131,8],[131,9,131,10],[132,1,132,5],[132,7,132,8],[132,9,132,10],[133,1,133,5],[133,7,133,8],[133,9,133,10],[134,1,134,5],[134,7,134,8],[134,9,134,10],[135,1,135,5],[135,7,135,8],[135,9,135,10],[136,0,136,13],[137,0,137,7],[137,8,137,9],[137,10,137,13],[138,0,138,13],[139,0,139,7],[139,8,139,9],[139,10,139,13],[140,0,140,1],[140,2,140,3],[140,5,140,8],[140,9,140,10],[141,0,141,13],[142,4,142,8],[142,9,142,13],[143,7,143,8],[143,9,143,10],[144,7,144,8],[144,9,144,10],[145,0,145,1],[145,2,145,8],[145,9,145,10],[146,0,146,1],[146,2,146,8],[146,9,146,13],[147,0,147,8],[147,9,147,13],[148,1,148,5],[148,7,148,8],[148,9,148,10],[149,1,149,5],[149,7,149,8],[149,9,149,10],[150,1,150,8],[150,9,150,10],[151,1,151,8],[151,9,151,10],[152,1,152,5],[152,7,152,8],[152,9,152,10],[153,1,153,5],[153,7,153,8],[153,9,153,10],[154,1,154,5],[154,7,154,8],[154,9,154,10],[155,1,155,5],[155,7,155,8],[155,9,155,10],[156,1,156,5],[156,7,156,8],[156,9,156,10],[157,1,157,5],[157,7,157,8],[157,9,157,10],[158,1,158,5],[158,7,158,8],[158,9,158,10],[159,0,159,13],[160,0,160,7],[160,8,160,9],[160,10,160,13],[161,0,161,13],[162,0,162,7],[162,8,162,9],[162,10,162,13],[163,0,163,1],[163,2,163,3],[163,5,163,8],[163,9,163,10],[164,0,164,13],[165,4,165,8],[165,9,165,13],[166,7,166,8],[166,9,166,10],[167,7,167,8],[167,9,167,10],[168,0,168,1],[168,2,168,8],[168,9,168,10],[169,0,169,1],[169,2,169,8],[169,9,169,13],[170,0,170,8],[170,9,170,13],[171,1,171,5],[171,7,171,8],[171,9,171,10],[172,1,172,5],[172,7,172,8],[172,9,172,10],[173,1,173,8],[173,9,173,10],[174,1,174,8],[174,9,174,10],[175,1,175,5],[175,7,175,8],[175,9,175,10],[176,1,176,5],[176,7,176,8],[176,9,176,10],[177,1,177,5],[177,7,177,8],[177,9,177,10],[178,1,178,5],[178,7,178,8],[178,9,178,10],[179,1,179,5],[179,7,179,8],[179,9,179,10],[180,1,180,5],[180,7,180,8],[180,9,180,10],[181,1,181,5],[181,7,181,8],[181,9,181,10],[182,0,182,13],[183,0,183,7],[183,8,183,9],[183,10,183,13],[184,0,184,13],[185,0,185,7],[185,8,185,9],[185,10,185,13],[186,0,186,1],[186,2,186,3],[186,5,186,8],[186,9,186,10],[187,0,187,13],[188,4,188,8],[188,9,188,13],[189,7,189,8],[189,9,189,10],[190,7,190,8],[190,9,190,10],[191,0,191,1],[191,2,191,8],[191,9,191,10],[192,0,192,1],[192,2,192,8],[192,9,192,13],[193,0,193,8],[193,9,193,13],[194,1,194,5],[194,7,194,8],[194,9,194,10],[195,1,195,5],[195,7,195,8],[195,9,195,10],[196,1,196,8],[196,9,196,10],[197,1,197,8],[197,9,197,10],[198,1,198,5],[198,7,198,8],[198,9,198,10],[199,1,199,5],[199,7,199,8],[199,9,199,10],[200,1,200,5],[200,7,200,8],[200,9,200,10],[201,1,201,5],[201,7,201,8],[201,9,201,10],[202,1,202,5],[202,7,202,8],[202,9,202,10],[203,1,203,5],[203,7,203,8],[203,9,203,10],[204,1,204,5],[204,7,204,8],[204,9,204,10],[205,0,205,13],[206,0,206,7],[206,8,206,9],[206,10,206,13],[207,0,207,13],[208,0,208,7],[208,8,208,9],[208,10,208,13],[209,0,209,1],[209,2,209,3],[209,5,209,8],[209,9,209,10],[210,0,210,13],[211,4,211,8],[211,9,211,13],[212,7,212,8],[212,9,212,10],[213,7,213,8],[213,9,213,10],[214,0,214,1],[214,2,214,8],[214,9,214,10],[215,0,215,1],[215,2,215,8],[215,9,215,13],[216,0,216,8],[216,9,216,13],[217,1,217,5],[217,7,217,8],[217,9,217,10],[218,1,218,5],[218,7,218,8],[218,9,218,10],[219,1,219,8],[219,9,219,10],[220,1,220,8],[220,9,220,10],[221,1,221,5],[221,7,221,8],[221,9,221,10],[222,1,222,5],[222,7,222,8],[222,9,222,10],[223,1,223,5],[223,7,223,8],[223,9,223,10],[224,1,224,5],[224,7,224,8],[224,9,224,10],[225,1,225,5],[225,7,225,8],[225,9,225,10],[226,1,226,5],[226,7,226,8],[226,9,226,10],[227,1,227,5],[227,7,227,8],[227,9,227,10],[228,0,228,13],[229,0,229,7],[229,8,229,9],[229,10,229,13],[230,0,230,13],[231,0,231,7],[231,8,231,9],[231,10,231,13],[232,0,232,1],[232,2,232,3],[232,5,232,8],[232,9,232,10],[233,0,233,13],[234,4,234,8],[234,9,234,13],[235,7,235,8],[235,9,235,10],[236,7,236,8],[236,9,236,10],[237,0,237,1],[237,2,237,8],[237,9,237,10],[238,0,238,1],[238,2,238,8],[238,9,238,13],[239,0,239,8],[239,9,239,13],[240,1,240,5],[240,7,240,8],[240,9,240,10],[241,1,241,5],[241,7,241,8],[241,9,241,10],[242,1,242,8],[242,9,242,10],[243,1,243,8],[243,9,243,10],[244,1,244,5],[244,7,244,8],[244,9,244,10],[245,1,245,5],[245,7,245,8],[245,9,245,10],[246,1,246,5],[246,7,246,8],[246,9,246,10],[247,1,247,5],[247,7,247,8],[247,9,247,10],[248,1,248,5],[248,7,248,8],[248,9,248,10],[249,1,249,5],[249,7,249,8],[249,9,249,10],[250,1,250,5],[250,7,250,8],[250,9,250,10],[251,0,251,13],[252,0,252,7],[252,8,252,9],[252,10,252,13],[253,0,253,13],[254,0,254,7],[254,8,254,9],[254,10,254,13],[255,0,255,1],[255,2,255,3],[255,5,255,8],[255,9,255,10],[256,0,256,13],[257,4,257,8],[257,9,257,13],[258,7,258,8],[258,9,258,10],[259,7,259,8],[259,9,259,10],[260,0,260,1],[260,2,260,8],[260,9,260,10],[261,0,261,1],[261,2,261,8],[261,9,261,13],[262,0,262,8],[262,9,262,13],[263,1,263,5],[263,7,263,8],[263,9,263,10],[264,1,264,5],[264,7,264,8],[264,9,264,10],[265,1,265,8],[265,9,265,10],[266,1,266,8],[266,9,266,10],[267,1,267,5],[267,7,267,8],[267,9,267,10],[268,1,268,5],[268,7,268,8],[268,9,268,10],[269,1,269,5],[269,7,269,8],[269,9,269,10],[270,1,270,5],[270,7,270,8],[270,9,270,10],[271,1,271,5],[271,7,271,8],[271,9,271,10],[272,1,272,5],[272,7,272,8],[272,9,272,10],[273,1,273,5],[273,7,273,8],[273,9,273,10],[274,0,274,13],[275,0,275,7],[275,8,275,9],[275,10,275,13],[276,0,276,13],[277,0,277,7],[277,8,277,9],[277,10,277,13],[278,0,278,1],[278,2,278,3],[278,5,278,8],[278,9,278,10],[279,0,279,13],[280,4,280,8],[280,9,280,13],[281,7,281,8],[281,9,281,10],[282,7,282,8],[282,9,282,10],[283,0,283,1],[283,2,283,8],[283,9,283,10],[284,0,284,1],[284,2,284,8],[284,9,284,13],[285,0,285,8],[285,9,285,13],[286,1,286,5],[286,7,286,8],[286,9,286,10],[287,1,287,5],[287,7,287,8],[287,9,287,10],[288,1,288,8],[288,9,288,10],[289,1,289,8],[289,9,289,10],[290,1,290,5],[290,7,290,8],[290,9,290,10],[291,1,291,5],[291,7,291,8],[291,9,291,10],[292,1,292,5],[292,7,292,8],[292,9,292,10],[293,1,293,5],[293,7,293,8],[293,9,293,10],[294,1,294,5],[294,7,294,8],[294,9,294,10],[295,1,295,5],[295,7,295,8],[295,9,295,10],[296,1,296,5],[296,7,296,8],[296,9,296,10],[297,0,297,13],[298,0,298,7],[298,8,298,9],[298,10,298,13],[299,0,299,13],[300,0,300,7],[300,8,300,9],[300,10,300,13],[301,0,301,1],[301,2,301,3],[301,5,301,8],[301,9,301,10],[302,0,302,13],[303,4,303,8],[303,9,303,13],[304,7,304,8],[304,9,304,10],[305,7,305,8],[305,9,305,10],[306,0,306,1],[306,2,306,8],[306,9,306,10],[307,0,307,1],[307,2,307,8],[307,9,307,13],[308,0,308,8],[308,9,308,13],[309,1,309,5],[309,7,309,8],[309,9,309,10],[310,1,310,5],[310,7,310,8],[310,9,310,10],[311,1,311,8],[311,9,311,10],[312,1,312,8],[312,9,312,10],[313,1,313,5],[313,7,313,8],[313,9,313,10],[314,1,314,5],[314,7,314,8],[314,9,314,10],[315,1,315,5],[315,7,315,8],[315,9,315,10],[316,1,316,5],[316,7,316,8],[316,9,316,10],[317,1,317,5],[317,7,317,8],[317,9,317,10],[318,1,318,5],[318,7,318,8],[318,9,318,10],[319,1,319,5],[319,7,319,8],[319,9,319,10],[320,0,320,13],[321,0,321,7],[321,8,321,9],[321,10,321,13],[322,0,322,13],[323,0,323,7],[323,8,323,9],[323,10,323,13],[324,0,324,1],[324,2,324,3],[324,5,324,8],[324,9,324,10],[325,0,325,13],[326,4,326,8],[326,9,326,13],[327,7,327,8],[327,9,327,10],[328,7,328,8],[328,9,328,10],[329,0,329,1],[329,2,329,8],[329,9,329,10],[330,0,330,1],[330,2,330,8],[330,9,330,13],[331,0,331,8],[331,9,331,13],[332,1,332,5],[332,7,332,8],[332,9,332,10],[333,1,333,5],[333,7,333,8],[333,9,333,10],[334,1,334,8],[334,9,334,10],[335,1,335,8],[335,9,335,10],[336,1,336,5],[336,7,336,8],[336,9,336,10],[337,1,337,5],[337,7,337,8],[337,9,337,10],[338,1,338,5],[338,7,338,8],[338,9,338,10],[339,1,339,5],[339,7,339,8],[339,9,339,10],[340,1,340,5],[340,7,340,8],[340,9,340,10],[341,1,341,5],[341,7,341,8],[341,9,341,10],[342,1,342,5],[342,7,342,8],[342,9,342,10],[343,0,343,13],[344,0,344,7],[344,8,344,9],[344,10,344,13],[345,0,345,13],[346,0,346,7],[346,8,346,9],[346,10,346,13],[347,0,347,1],[347,2,347,3],[347,5,347,8],[347,9,347,10],[348,0,348,13],[349,4,349,8],[349,9,349,13],[350,7,350,8],[350,9,350,10],[351,7,351,8],[351,9,351,10],[352,0,352,1],[352,2,352,8],[352,9,352,10],[353,0,353,1],[353,2,353,8],[353,9,353,13],[354,0,354,8],[354,9,354,13],[355,1,355,5],[355,7,355,8],[355,9,355,10],[356,1,356,5],[356,7,356,8],[356,9,356,10],[357,1,357,8],[357,9,357,10],[358,1,358,8],[358,9,358,10],[359,1,359,5],[359,7,359,8],[359,9,359,10],[360,1,360,5],[360,7,360,8],[360,9,360,10],[361,1,361,5],[361,7,361,8],[361,9,361,10],[362,1,362,5],[362,7,362,8],[362,9,362,10],[363,1,363,5],[363,7,363,8],[363,9,363,10],[364,1,364,5],[364,7,364,8],[364,9,364,10],[365,1,365,5],[365,7,365,8],[365,9,365,10],[366,0,366,13],[367,0,367,7],[367,8,367,9],[367,10,367,13],[368,0,368,13],[369,0,369,7],[369,8,369,9],[369,10,369,13],[370,0,370,1],[370,2,370,3],[370,5,370,8],[370,9,370,10],[371,0,371,13],[372,4,372,8],[372,9,372,13],[373,7,373,8],[373,9,373,10],[374,7,374,8],[374,9,374,10],[375,0,375,1],[375,2,375,8],[375,9,375,10],[376,0,376,1],[376,2,376,8],[376,9,376,13],[377,0,377,8],[377,9,377,13],[378,1,378,5],[378,7,378,8],[378,9,378,10],[379,1,379,5],[379,7,379,8],[379,9,379,10],[380,1,380,8],[380,9,380,10],[381,1,381,8],[381,9,381,10],[382,1,382,5],[382,7,382,8],[382,9,382,10],[383,1,383,5],[383,7,383,8],[383,9,383,10],[384,1,384,5],[384,7,384,8],[384,9,384,10],[385,1,385,5],[385,7,385,8],[385,9,385,10],[386,1,386,5],[386,7,386,8],[386,9,386,10],[387,1,387,5],[387,7,387,8],[387,9,387,10],[388,1,388,5],[388,7,388,8],[388,9,388,10],[389,0,389,13],[390,0,390,7],[390,8,390,9],[390,10,390,13],[391,0,391,13],[392,0,392,7],[392,8,392,9],[392,10,392,13],[393,0,393,1],[393,2,393,3],[393,5,393,8],[393,9,393,10],[394,0,394,13],[395,4,395,8],[395,9,395,13],[396,7,396,8],[396,9,396,10],[397,7,397,8]],"merged_total":6411,"flags":["merged_cut"]}
["综合单价分析表"]
["工程名称：电气工程-新蓝天幼儿园工程建设项目-地下",{"$nulls":7},"标段：",null,"第 1 页  共 105 页"]
["项目编码",null,"030404017001",null,"项目名称","弱电机房电源 01B01AT.rd",{"$nulls":3},"计量单位",null,"台","工程量",1]
["清单综合单价组成明细"]
["定额编号","定额项目名称","定额\n单位","数量","单价",{"$nulls":4},"合价"]
[{"$nulls":4},"人工费","材料费","机具费","管理费\n和利润",null,"人工费",null,"材料费","机具费","管理费\n和利润"]
["C4-4-32","成套配电箱安装 悬挂式(半周长m以内) 1.5","台",1,220.56,4530.44,null,107.5,null,220.56,null,4530.44,null,107.5]
["人工单价",null,"小计",{"$nulls":6},220.56,null,4530.44,null,107.5]
[null,null,"未计价材料费",{"$nulls":6},4500]
["清单项目综合单价",{"$nulls":8},4858.5]
["材\n料\n费\n明\n细","主要材料名称、规格、型号",{"$nulls":4},"单位","数量",null,"单价（元）",null,"合价（元）","暂估单价\n（元）","暂估合价\n（元）"]
[null,"弱电机房电源 01B01AT.rd ",{"$nulls":4},"台",1,null,4500,null,4500]
[null,"其他材料费",{"$nulls":7},"-",null,30.46,"-"]
[null,"材料费小计",{"$nulls":7},"-",null,4530.46,"-"]
{"$rows_empty":7}
["注：1.如不使用省级或行业建设主管部门发布的计价依据，可不填定额编码、名称等；\n    2.招标文件提供了暂估单价的材料，按暂估的单价填入表内“暂估单价”栏及“暂估合价”栏。"]
[{"$nulls":10},"表-09"]
["综合单价分析表"]
["工程名称：电气工程-新蓝天幼儿园工程建设项目-地下",{"$nulls":7},"标段：",null,"第 2 页  共 105 页"]
["项目编码",null,"030404017002",null,"项目名称","生活水泵配电箱 01B01AT.shb",{"$nulls":3},"计量单位",null,"台","工程量",1]
["清单综合单价组成明细"]
["定额编号","定额项目名称","定额\n单位","数量","单价",{"$nulls":4},"合价"]
[{"$nulls":4},"人工费","材料费","机具费","管理费\n和利润",null,"人工费",null,"材料费","机具费","管理费\n和利润"]
["C4-4-32","成套配电箱安装 悬挂式(半周长m以内) 1.5","台",1,220.56,5330.44,null,107.5,null,220.56,null,5330.44,null,107.5]
["人工单价",null,"小计",{"$nulls":6},220.56,null,5330.44,null,107.5]
[null,null,"未计价材料费",{"$nulls":6},5300]
["清单项目综合单价",{"$nulls":8},5658.5]
["材\n料\n费\n明\n细","主要材料名称、规格、型号",{"$nulls":4},"单位","数量",null,"单价（元）",null,"合价（元）","暂估单价\n（元）","暂估合价\n（元）"]
[null,"生活水泵配电箱 01B01AT.shb ",{"$nulls":4},"台",1,null,5300,null,5300]
[null,"其他材料费",{"$nulls":7},"-",null,30.46,"-"]
[null,"材料费小计",{"$nulls":7},"-",null,5330.46,"-"]
{"$rows_empty":7}
["注：1.如不使用省级或行业建设主管部门发布的计价依据，可不填定额编码、名称等；\n    2.招标文件提供了暂估单价的材料，按暂估的单价填入表内“暂估单价”栏及“暂估合价”栏。"]
[{"$nulls":10},"表-09"]
["综合单价分析表"]
["工程名称：电气工程-新蓝天幼儿园工程建设项目-地下",{"$nulls":7},"标段：",null,"第 3 页  共 105 页"]
["项目编码",null,"030404017003",null,"项目名称","应急照明配电箱 01B01ALE1",{"$nulls":3},"计量单位",null,"台","工程量",1]
["清单综合单价组成明细"]
["定额编号","定额项目名称","定额\n单位","数量","单价",{"$nulls":4},"合价"]
[{"$nulls":4},"人工费","材料费","机具费","管理费\n和利润",null,"人工费",null,"材料费","机具费","管理费\n和利润"]
["C4-4-32","成套配电箱安装 悬挂式(半周长m以内) 1.5","台",1,220.56,6530.44,null,107.5,null,220.56,null,6530.44,null,107.5]
["人工单价",null,"小计",{"$nulls":6},220.56,null,6530.44,null,107.5]
[null,null,"未计价材料费",{"$nulls":6},6500]
["清单项目综合单价",{"$nulls":8},6858.5]
["材\n料\n费\n明\n细","主要材料名称、规格、型号",{"$nulls":4},"单位","数量",null,"单价（元）",null,"合价（元）","暂估单价\n（元）","暂估合价\n（元）"]
[null,"应急照明配电箱 01B01ALE1 ",{"$nulls":4},"台",1,null,6500,null,6500]
[null,"其他材料费",{"$nulls":7},"-",null,30.46,"-"]
[null,"材料费小计",{"$nulls":7},"-",null,6530.46,"-"]
{"$rows_empty":7}
["注：1.如不使用省级或行业建设主管部门发布的计价依据，可不填定额编码、名称等；\n    2.招标文件提供了暂估单价的材料，按暂估的单价填入表内“暂估单价”栏及“暂估合价”栏。"]
[{"$nulls":10},"表-09"]
["综合单价分析表"]
["工程名称：电气工程-新蓝天幼儿园工程建设项目-地下",{"$nulls":7},"标段：",null,"第 4 页  共 105 页"]
["项目编码",null,"030404017004",null,"项目名称","应急照明配电箱 01B02ALE1",{"$nulls":3},"计量单位",null,"台","工程量",1]
["清单综合单价组成明细"]
["定额编号","定额项目名称","定额\n单位","数量","单价",{"$nulls":4},"合价"]
[{"$nulls":4},"人工费","材料费","机具费","管理费\n和利润",null,"人工费",null,"材料费","机具费","管理费\n和利润"]
["C4-4-32","成套配电箱安装 悬挂式(半周长m以内) 1.5","台",1,220.56,6530.44,null,107.5,null,220.56,null,6530.44,null,107.5]
["人工单价",null,"小计",{"$nulls":6},220.56,null,6530.44,null,107.5]
[null,null,"未计价材料费",{"$nulls":6},6500]
["清单项目综合单价",{"$nulls":8},6858.5]
["材\n料\n费\n明\n细","主要材料名称、规格、型号",{"$nulls":4},"单位","数量",null,"单价（元）",null,"合价（元）","暂估单价\n（元）","暂估合价\n（元）"]
[null,"应急照明配电箱 01B02ALE1 ",{"$nulls":4},"台",1,null,6500,null,6500]
[null,"其他材料费",{"$nulls":7},"-",null,30.46,"-"]
[null,"材料费小计",{"$nulls":7},"-",null,6530.46,"-"]
{"$rows_empty":7}
["注：1.如不使用省级或行业建设主管部门发布的计价依据，可不填定额编码、名称等；\n    2.招标文件提供了暂估单价的材料，按暂估的单价填入表内“暂估单价”栏及“暂估合价”栏。"]
[{"$nulls":10},"表-09"]
["综合单价分析表"]
["工程名称：电气工程-新蓝天幼儿园工程建设项目-地下",{"$nulls":7},"标段：",null,"第 5 页  共 105 页"]
["项目编码",null,"030404017005",null,"项目名称","消防水泵房配电箱 01B01APE.xfb",{"$nulls":3},"计量单位",null,"台","工程量",1]
["清单综合单价组成明细"]
["定额编号","定额项目名称","定额\n单位","数量","单价",{"$nulls":4},"合价"]
[{"$nulls":4},"人工费","材料费","机具费","管理费\n和利润",null,"人工费",null,"材料费","机具费","管理费\n和利润"]
["C4-4-33","成套配电箱安装 悬挂式(半周长m以内) 2.5","台",1,268.41,12020.62,6.48,133.98,null,268.41,null,12020.62,6.48,133.98]
["人工单价",null,"小计",{"$nulls":6},268.41,null,12020.62,6.48,133.98]
[null,null,"未计价材料费",{"$nulls":6},12000]
["清单项目综合单价",{"$nulls":8},12429.49]
["材\n料\n费\n明\n细","主要材料名称、规格、型号",{"$nulls":4},"单位","数量",null,"单价（元）",null,"合价（元）","暂估单价\n（元）","暂估合价\n（元）"]
[null,"消防水泵房配电箱 01B01APE.xfb ",{"$nulls":4},"台",1,null,12000,null,12000]
[null,"其他材料费",{"$nulls":7},"-",null,20.63,"-"]
[null,"材料费小计",{"$nulls":7},"-",null,12020.63,"-"]
{"$rows_empty":7}
["注：1.如不使用省级或行业建设主管部门发布的计价依据，可不填定额编码、名称等；\n    2.招标文件提供了暂估单价的材料，按暂估的单价填入表内“暂估单价”栏及“暂估合价”栏。"]
[{"$nulls":10},"表-09"]
["综合单价分析表"]
["工程名称：电气工程-新蓝天幼儿园工程建设项目-地下",{"$nulls":7},"标段：",null,"第 6 页  共 105 页"]
["项目编码",null,"030404017006",null,"项目名称","喷淋泵控制箱PLB",{"$nulls":3},"计量单位",null,"台","工程量",1]
["清单综合单价组成明细"]
["定额编号","定额项目名称","定额\n单位","数量","单价",{"$nulls":4},"合价"]
[{"$nulls":4},"人工费","材料费","机具费","管理费\n和利润",null,"人工费",null,"材料费","机具费","管理费\n和利润"]
["C4-4-32","成套配电箱安装 悬挂式(半周长m以内) 1.5","台",1,220.56,1357.87,null,107.5,null,220.56,null,1357.87,null,107.5]
["人工单价",null,"小计",{"$nulls":6},220.56,null,1357.87,null,107.5]
[null,null,"未计价材料费",{"$nulls":6},1327.43]
["清单项目综合单价",{"$nulls":8},1685.93]
["材\n料\n费\n明\n细","主要材料名称、规格、型号",{"$nulls":4},"单位","数量",null,"单价（元）",null,"合价（元）","暂估单价\n（元）","暂估合价\n（元）"]
[null,"喷淋泵控制箱PLB ",{"$nulls":4},"台",1,null,1327.43,null,1327.43]
[null,"其他材料费",{"$nulls":7},"-",null,30.46,"-"]
[null,"材料费小计",{"$nulls":7},"-",null,1357.89,"-"]
{"$rows_empty":7}
["注：1.如不使用省级或行业建设主管部门发布的计价依据，可不填定额编码、名称等；\n    2.招标文件提供了暂估单价的材料，按暂估的单价填入表内“暂估单价”栏及“暂估合价”栏。"]
[{"$nulls":10},"表-09"]
["综合单价分析表"]
["工程名称：电气工程-新蓝天幼儿园工程建设项目-地下",{"$nulls":7},"标段：",null,"第 7 页  共 105 页"]
["项目编码",null,"030404017007",null,"项目名称","室内消火栓泵控制箱SNXFB",{"$nulls":3},"计量单位",null,"台","工程量",1]
["清单综合单价组成明细"]
["定额编号","定额项目名称","定额\n单位","数量","单价",{"$nulls":4},"合价"]
[{"$nulls":4},"人工费","材料费","机具费","管理费\n和利润",null,"人工费",null,"材料费","机具费","管理费\n和利润"]
["C4-4-32","成套配电箱安装 悬挂式(半周长m以内) 1.5","台",1,220.56,1357.87,null,107.5,null,220.56,null,1357.87,null,107.5]
["人工单价",null,"小计",{"$nulls":6},220.56,null,1357.87,null,107.5]
[null,null,"未计价材料费",{"$nulls":6},1327.43]
["清单项目综合单价",{"$nulls":8},1685.93]
["材\n料\n费\n明\n细","主要材料名称、规格、型号",{"$nulls":4},"单位","数量",null,"单价（元）",null,"合价（元）","暂估单价\n（元）","暂估合价\n（元）"]
[null,"室内消火栓泵控制箱SNXFB ",{"$nulls":4},"台",1,null,1327.43,null,1327.43]
[null,"其他材料费",{"$nulls":7},"-",null,30.46,"-"]
[null,"材料费小计",{"$nulls":7},"-",null,1357.89,"-"]
{"$rows_empty":7}
["注：1.如不使用省级或行业建设主管部门发布的计价依据，可不填定额编码、名称等；\n    2.招标文件提供了暂估单价的材料，按暂估的单价填入表内“暂估单价”栏及“暂估合价”栏。"]
[{"$nulls":10},"表-09"]
["综合单价分析表"]
["工程名称：电气工程-新蓝天幼儿园工程建设项目-地下",{"$nulls":7},"标段：",null,"第 8 页  共 105 页"]
["项目编码",null,"030404017008",null,"项目名称","室外消火栓泵控制箱SWXFB",{"$nulls":3},"计量单位",null,"台","工程量",1]
["清单综合单价组成明细"]
["定额编号","定额项目名称","定额\n单位","数量","单价",{"$nulls":4},"合价"]
[{"$nulls":4},"人工费","材料费","机具费","管理费\n和利润",null,"人工费",null,"材料费","机具费","管理费\n和利润"]
["C4-4-32","成套配电箱安装 悬挂式(半周长m以内) 1.5","台",1,220.56,1800.35,null,107.5,null,220.56,null,1800.35,null,107.5]
["人工单价",null,"小计",{"$nulls":6},220.56,null,1800.35,null,107.5]
[null,null,"未计价材料费",{"$nulls":6},1769.91]
["清单项目综合单价",{"$nulls":8},2128.41]
["材\n料\n费\n明\n细","主要材料名称、规格、型号",{"$nulls":4},"单位","数量",null,"单价（元）",null,"合价（元）","暂估单价\n（元）","暂估合价\n（元）"]
[null,"室外消火栓泵控制箱SWXFB ",{"$nulls":4},"台",1,null,1769.91,null,1769.91]
[null,"其他材料费",{"$nulls":7},"-",null,30.46,"-"]
[null,"材料费小计",{"$nulls":7},"-",null,1800.37,"-"]
{"$rows_empty":7}
["注：1.如不使用省级或行业建设主管部门发布的计价依据，可不填定额编码、名称等；\n    2.招标文件提供了暂估单价的材料，按暂估的单价填入表内“暂估单价”栏及“暂估合价”栏。"]
[{"$nulls":10},"表-09"]
["综合单价分析表"]
["工程名称：电气工程-新蓝天幼儿园工程建设项目-地下",{"$nulls":7},"标段：",null,"第 9 页  共 105 页"]
["项目编码",null,"030404017009",null,"项目名称","消防稳压泵控制箱XFWB",{"$nulls":3},"计量单位",null,"台","工程量",1]
["清单综合单价组成明细"]
["定额编号","定额项目名称","定额\n单位","数量","单价",{"$nulls":4},"合价"]
[{"$nulls":4},"人工费","材料费","机具费","管理费\n和利润",null,"人工费",null,"材料费","机具费","管理费\n和利润"]
["C4-4-27","控制箱安装 悬挂式(半周长m以内) 1.5","台",1,116.41,1792.79,null,56.74,null,116.41,null,1792.79,null,56.74]
["人工单价",null,"小计",{"$nulls":6},116.41,null,1792.79,null,56.74]
[null,null,"未计价材料费",{"$nulls":6},1769.91]
["清单项目综合单价",{"$nulls":8},1965.94]
["材\n料\n费\n明\n细","主要材料名称、规格、型号",{"$nulls":4},"单位","数量",null,"单价（元）",null,"合价（元）","暂估单价\n（元）","暂估合价\n（元）"]
[null,"消防稳压泵控制箱XFWB ",{"$nulls":4},"台",1,null,1769.91,null,1769.91]
[null,"其他材料费",{"$nulls":7},"-",null,22.88,"-"]
[null,"材料费小计",{"$nulls":7},"-",null,1792.79,"-"]
{"$rows_empty":7}
["注：1.如不使用省级或行业建设主管部门发布的计价依据，可不填定额编码、名称等；\n    2.招标文件提供了暂估单价的材料，按暂估的单价填入表内“暂估单价”栏及“暂估合价”栏。"]
[{"$nulls":10},"表-09"]
["综合单价分析表"]
["工程名称：电气工程-新蓝天幼儿园工程建设项目-地下",{"$nulls":7},"标段：",null,"第 10 页  共 105 页"]
["项目编码",null,"030404017010",null,"项目名称","发电机房用电 01B01APE.fd",{"$nulls":3},"计量单位",null,"台","工程量",1]
["清单综合单价组成明细"]
["定额编号","定额项目名称","定额\n单位","数量","单价",{"$nulls":4},"合价"]
[{"$nulls":4},"人工费","材料费","机具费","管理费\n和利润",null,"人工费",null,"材料费","机具费","管理费\n和利润"]
["C4-4-32","成套配电箱安装 悬挂式(半周长m以内) 1.5","台",1,220.56,3530.44,null,107.5,null,220.56,null,3530.44,null,107.5]
["人工单价",null,"小计",{"$nulls":6},220.56,null,3530.44,null,107.5]
[null,null,"未计价材料费",{"$nulls":6},3500]
["清单项目综合单价",{"$nulls":8},3858.5]
["材\n料\n费\n明\n细","主要材料名称、规格、型号",{"$nulls":4},"单位","数量",null,"单价（元）",null,"合价（元）","暂估单价\n（元）","暂估合价\n（元）"]
[null,"发电机房用电 01B01APE.fd ",{"$nulls":4},"台",1,null,3500,null,3500]
[null,"其他材料费",{"$nulls":7},"-",null,30.46,"-"]
[null,"材料费小计",{"$nulls":7},"-",null,3530.46,"-"]
{"$rows_empty":7}
["注：1.如不使用省级或行业建设主管部门发布的计价依据，可不填定额编码、名称等；\n    2.招标文件提供了暂估单价的材料，按暂估的单价填入表内“暂估单价”栏及“暂估合价”栏。"]
[{"$nulls":10},"表-09"]
["综合单价分析表"]
["工程名称：电气工程-新蓝天幼儿园工程建设项目-地下",{"$nulls":7},"标段：",null,"第 11 页  共 105 页"]
["项目编码",null,"030404017011",null,"项目名称","消防电源总箱(主供) 01B01APE.z1",{"$nulls":3},"计量单位",null,"台","工程量",1]
["清单综合单价组成明细"]
["定额编号","定额项目名称","定额\n单位","数量","单价",{"$nulls":4},"合价"]
[{"$nulls":4},"人工费","材料费","机具费","管理费\n和利润",null,"人工费",null,"材料费","机具费","管理费\n和利润"]
["C4-4-32","成套配电箱安装 悬挂式(半周长m以内) 1.5","台",1,220.56,5530.44,null,107.5,null,220.56,null,5530.44,null,107.5]
["人工单价",null,"小计",{"$nulls":6},220.56,null,5530.44,null,107.5]
[null,null,"未计价材料费",{"$nulls":6},5500]
["清单项目综合单价",{"$nulls":8},5858.5]
["材\n料\n费\n明\n细","主要材料名称、规格、型号",{"$nulls":4},"单位","数量",null,"单价（元）",null,"合价（元）","暂估单价\n（元）","暂估合价\n（元）"]
[null,"消防电源总箱(主供) 01B01APE.z1 ",{"$nulls":4},"台",1,null,5500,null,5500]
[null,"其他材料费",{"$nulls":7},"-",null,30.46,"-"]
[null,"材料费小计",{"$nulls":7},"-",null,5530.46,"-"]
{"$rows_empty":7}
["注：1.如不使用省级或行业建设主管部门发布的计价依据，可不填定额编码、名称等；\n    2.招标文件提供了暂估单价的材料，按暂估的单价填入表内“暂估单价”栏及“暂估合价”栏。"]
[{"$nulls":10},"表-09"]
["综合单价分析表"]
["工程名称：电气工程-新蓝天幼儿园工程建设项目-地下",{"$nulls":7},"标段：",null,"第 12 页  共 105 页"]
["项目编码",null,"030404017012",null,"项目名称","消防电源总箱(备供) 01B01APE.z2",{"$nulls":3},"计量单位",null,"台","工程量",1]
["清单综合单价组成明细"]
["定额编号","定额项目名称","定额\n单位","数量","单价",{"$nulls":4},"合价"]
[{"$nulls":4},"人工费","材料费","机具费","管理费\n和利润",null,"人工费",null,"材料费","机具费","管理费\n和利润"]
["C4-4-32","成套配电箱安装 悬挂式(半周长m以内) 1.5","台",1,220.56,5530.44,null,107.5,null,220.56,null,5530.44,null,107.5]
["人工单价",null,"小计",{"$nulls":6},220.56,null,5530.44,null,107.5]
[null,null,"未计价材料费",{"$nulls":6},5500]
["清单项目综合单价",{"$nulls":8},5858.5]
["材\n料\n费\n明\n细","主要材料名称、规格、型号",{"$nulls":4},"单位","数量",null,"单价（元）",null,"合价（元）","暂估单价\n（元）","暂估合价\n（元）"]
[null,"消防电源总箱(备供) 01B01APE.z2 ",{"$nulls":4},"台",1,null,5500,null,5500]
[null,"其他材料费",{"$nulls":7},"-",null,30.46,"-"]
[null,"材料费小计",{"$nulls":7},"-",null,5530.46,"-"]
{"$rows_empty":7}
["注：1.如不使用省级或行业建设主管部门发布的计价依据，可不填定额编码、名称等；\n    2.招标文件提供了暂估单价的材料，按暂估的单价填入表内“暂估单价”栏及“暂估合价”栏。"]
[{"$nulls":10},"表-09"]
["综合单价分析表"]
["工程名称：电气工程-新蓝天幼儿园工程建设项目-地下",{"$nulls":7},"标段：",null,"第 13 页  共 105 页"]
["项目编码",null,"030404017013",null,"项目名称","消防风机配电箱 01B01APE1",{"$nulls":3},"计量单位",null,"台","工程量",1]
["清单综合单价组成明细"]
["定额编号","定额项目名称","定额\n单位","数量","单价",{"$nulls":4},"合价"]
[{"$nulls":4},"人工费","材料费","机具费","管理费\n和利润",null,"人工费",null,"材料费","机具费","管理费\n和利润"]
["C4-4-32","成套配电箱安装 悬挂式(半周长m以内) 1.5","台",1,220.56,2530.44,null,107.5,null,220.56,null,2530.44,null,107.5]
["人工单价",null,"小计",{"$nulls":6},220.56,null,2530.44,null,107.5]
[null,null,"未计价材料费",{"$nulls":6},2500]
["清单项目综合单价",{"$nulls":8},2858.5]
["材\n料\n费\n明\n细","主要材料名称、规格、型号",{"$nulls":4},"单位","数量",null,"单价（元）",null,"合价（元）","暂估单价\n（元）","暂估合价\n（元）"]
[null,"消防风机配电箱 01B01APE1 ",{"$nulls":4},"台",1,null,2500,null,2500]
[null,"其他材料费",{"$nulls":7},"-",null,30.46,"-"]
[null,"材料费小计",{"$nulls":7},"-",null,2530.46,"-"]
{"$rows_empty":7}
["注：1.如不使用省级或行业建设主管部门发布的计价依据，可不填定额编码、名称等；\n    2.招标文件提供了暂估单价的材料，按暂估的单价填入表内“暂估单价”栏及“暂估合价”栏。"]
[{"$nulls":10},"表-09"]
["综合单价分析表"]
["工程名称：电气工程-新蓝天幼儿园工程建设项目-地下",{"$nulls":7},"标段：",null,"第 14 页  共 105 页"]
["项目编码",null,"030404017014",null,"项目名称","排水泵配电箱 01B01APE.psb",{"$nulls":3},"计量单位",null,"台","工程量",1]
["清单综合单价组成明细"]
["定额编号","定额项目名称","定额\n单位","数量","单价",{"$nulls":4},"合价"]
[{"$nulls":4},"人工费","材料费","机具费","管理费\n和利润",null,"人工费",null,"材料费","机具费","管理费\n和利润"]
["C4-4-32","成套配电箱安装 悬挂式(半周长m以内) 1.5","台",1,220.56,5530.44,null,107.5,null,220.56,null,5530.44,null,107.5]
["人工单价",null,"小计",{"$nulls":6},220.56,null,5530.44,null,107.5]
[null,null,"未计价材料费",{"$nulls":6},5500]
["清单项目综合单价",{"$nulls":8},5858.5]
["材\n料\n费\n明\n细","主要材料名称、规格、型号",{"$nulls":4},"单位","数量",null,"单价（元）",null,"合价（元）","暂估单价\n（元）","暂估合价\n（元）"]
[null,"排水泵配电箱 01B01APE.psb ",{"$nulls":4},"台",1,null,5500,null,5500]
[null,"其他材料费",{"$nulls":7},"-",null,30.46,"-"]
[null,"材料费小计",{"$nulls":7},"-",null,5530.46,"-"]
{"$rows_empty":7}
["注：1.如不使用省级或行业建设主管部门发布的计价依据，可不填定额编码、名称等；\n    2.招标文件提供了暂估单价的材料，按暂估的单价填入表内“暂估单价”栏及“暂估合价”栏。"]
[{"$nulls":10},"表-09"]
["综合单价分析表"]
["工程名称：电气工程-新蓝天幼儿园工程建设项目-地下",{"$nulls":7},"标段：",null,"第 15 页  共 105 页"]
["项目编码",null,"030404017015",null,"项目名称","排水泵控制箱 01B01APE.psb1~3",{"$nulls":3},"计量单位",null,"台","工程量",3]
["清单综合单价组成明细"]
["定额编号","定额项目名称","定额\n单位","数量","单价",{"$nulls":4},"合价"]
[{"$nulls":4},"人工费","材料费","机具费","管理费\n和利润",null,"人工费",null,"材料费","机具费","管理费\n和利润"]
["C4-4-32","成套配电箱安装 悬挂式(半周长m以内) 1.5","台",1,220.56,1357.87,null,107.5,null,220.56,null,1357.87,null,107.5]
["人工单价",null,"小计",{"$nulls":6},220.56,null,1357.87,null,107.5]
[null,null,"未计价材料费",{"$nulls":6},1327.43]
["清单项目综合单价",{"$nulls":8},1685.93]
["材\n料\n费\n明\n细","主要材料名称、规格、型号",{"$nulls":4},"单位","数量",null,"单价（元）",null,"合价（元）","暂估单价\n（元）","暂估合价\n（元）"]
[null,"排水泵控制箱 01B01APE.psb1~3 ",{"$nulls":4},"台",1,null,1327.43,null,1327.43]
[null,"其他材料费",{"$nulls":7},"-",null,30.46,"-"]
[null,"材料费小计",{"$nulls":7},"-",null,1357.89,"-"]
{"$rows_empty":7}
["注：1.如不使用省级或行业建设主管部门发布的计价依据，可不填定额编码、名称等；\n    2.招标文件提供了暂估单价的材料，按暂估的单价填入表内“暂估单价”栏及“暂估合价”栏。"]
[{"$nulls":10},"表-09"]
["综合单价分析表"]
["工程名称：电气工程-新蓝天幼儿园工程建设项目-地下",{"$nulls":7},"标段：",null,"第 16 页  共 105 页"]
["项目编码",null,"030404017016",null,"项目名称","排水泵控制箱 01B02APE.psb4",{"$nulls":3},"计量单位",null,"台","工程量",1]
["清单综合单价组成明细"]
["定额编号","定额项目名称","定额\n单位","数量","单价",{"$nulls":4},"合价"]
[{"$nulls":4},"人工费","材料费","机具费","管理费\n和利润",null,"人工费",null,"材料费","机具费","管理费\n和利润"]
["C4-4-32","成套配电箱安装 悬挂式(半周长m以内) 1.5","台",1,220.56,915.4,null,107.5,null,220.56,null,915.4,null,107.5]
["人工单价",null,"小计",{"$nulls":6},220.56,null,915.4,null,107.5]
[null,null,"未计价材料费",{"$nulls":6},884.96]
["清单项目综合单价",{"$nulls":8},1243.46]
["材\n料\n费\n明\n细","主要材料名称、规格、型号",{"$nulls":4},"单位","数量",null,"单价（元）",null,"合价（元）","暂估单价\n（元）","暂估合价\n（元）"]
[null,"排水泵控制箱 01B02APE.psb4 ",{"$nulls":4},"台",1,null,884.96,null,884.96]
[null,"其他材料费",{"$nulls":7},"-",null,30.46,"-"]
[null,"材料费小计",{"$nulls":7},"-",null,915.42,"-"]
{"$rows_empty":7}
["注：1.如不使用省级或行业建设主管部门发布的计价依据，可不填定额编码、名称等；\n    2.招标文件提供了暂估单价的材料，按暂估的单价填入表内“暂估单价”栏及“暂估合价”栏。"]
[{"$nulls":10},"表-09"]
["综合单价分析表"]
["工程名称：电气工程-新蓝天幼儿园工程建设项目-地下",{"$nulls":7},"标段：",null,"第 17 页  共 105 页"]
["项目编码",null,"030404017017",null,"项目名称","排水泵控制箱 01B01APE.psb4",{"$nulls":3},"计量单位",null,"台","工程量",1]
["清单综合单价组成明细"]
["定额编号","定额项目名称","定额\n单位","数量","单价",{"$nulls":4},"合价"]
[{"$nulls":4},"人工费","材料费","机具费","管理费\n和利润",null,"人工费",null,"材料费","机具费","管理费\n和利润"]
["C4-4-27","控制箱安装 悬挂式(半周长m以内) 1.5","台",1,116.41,907.84,null,56.74,null,116.41,null,907.84,null,56.74]
["人工单价",null,"小计",{"$nulls":6},116.41,null,907.84,null,56.74]
[null,null,"未计价材料费",{"$nulls":6},884.96]
["清单项目综合单价",{"$nulls":8},1080.99]
["材\n料\n费\n明\n细","主要材料名称、规格、型号",{"$nulls":4},"单位","数量",null,"单价（元）",null,"合价（元）","暂估单价\n（元）","暂估合价\n（元）"]
[null,"排水泵控制箱 01B01APE.psb4 ",{"$nulls":4},"台",1,null,884.96,null,884.96]
[null,"其他材料费",{"$nulls":7},"-",null,22.88,"-"]
[null,"材料费小计",{"$nulls":7},"-",null,907.84,"-"]
{"$rows_empty":7}
["注：1.如不使用省级或行业建设主管部门发布的计价依据，可不填定额编码、名称等；\n    2.招标文件提供了暂估单价的材料，按暂估的单价填入表内“暂估单价”栏及“暂估合价”栏。"]
[{"$nulls":10},"表-09"]
["综合单价分析表"]
["工程名称：电气工程-新蓝天幼儿园工程建设项目-地下",{"$nulls":7},"标段：",null,"第 18 页  共 105 页"]
["项目编码",null,"030404017018",null,"项目名称","照明配电箱 01B01AL1",{"$nulls":3},"计量单位",null,"台","工程量",1]
["清单综合单价组成明细"]
["定额编号","定额项目名称","定额\n单位","数量","单价",{"$nulls":4},"合价"]
[{"$nulls":4},"人工费","材料费","机具费","管理费\n和利润",null,"人工费",null,"材料费","机具费","管理费\n和利润"]
["C4-4-36","成套配电箱安装 嵌入式(半周长m以内) 1.5","台",1,176.46,4327.04,null,86,null,176.46,null,4327.04,null,86]
["人工单价",null,"小计",{"$nulls":6},176.46,null,4327.04,null,86]
[null,null,"未计价材料费",{"$nulls":6},4300]
["清单项目综合单价",{"$nulls":8},4589.5]
["材\n料\n费\n明\n细","主要材料名称、规格、型号",{"$nulls":4},"单位","数量",null,"单价（元）",null,"合价（元）","暂估单价\n（元）","暂估合价\n（元）"]
[null,"照明配电箱 01B01AL1 ",{"$nulls":4},"台",1,null,4300,null,4300]
[null,"其他材料费",{"$nulls":7},"-",null,27.04,"-"]
[null,"材料费小计",{"$nulls":7},"-",null,4327.04,"-"]
{"$rows_empty":7}
["注：1.如不使用省级或行业建设主管部门发布的计价依据，可不填定额编码、名称等；\n    2.招标文件提供了暂估单价的材料，按暂估的单价填入表内“暂估单价”栏及“暂估合价”栏。"]
[{"$nulls":10},"表-09"]
["综合单价分析表"]
["工程名称：电气工程-新蓝天幼儿园工程建设项目-地下",{"$nulls":7},"标段：",null,"第 19 页  共 105 页"]
["项目编码",null,"030404017019",null,"项目名称","照明配电箱 01B01AL2",{"$nulls":3},"计量单位",null,"台","工程量",1]
["清单综合单价组成明细"]
["定额编号","定额项目名称","定额\n单位","数量","单价",{"$nulls":4},"合价"]
[{"$nulls":4},"人工费","材料费","机具费","管理费\n和利润",null,"人工费",null,"材料费","机具费","管理费\n和利润"]
["C4-4-36","成套配电箱安装 嵌入式(半周长m以内) 1.5","台",1,176.46,4327.04,null,86,null,176.46,null,4327.04,null,86]
["人工单价",null,"小计",{"$nulls":6},176.46,null,4327.04,null,86]
[null,null,"未计价材料费",{"$nulls":6},4300]
["清单项目综合单价",{"$nulls":8},4589.5]
["材\n料\n费\n明\n细","主要材料名称、规格、型号",{"$nulls":4},"单位","数量",null,"单价（元）",null,"合价（元）","暂估单价\n（元）","暂估合价\n（元）"]
[null,"照明配电箱 01B01AL2 ",{"$nulls":4},"台",1,null,4300,null,4300]
[null,"其他材料费",{"$nulls":7},"-",null,27.04,"-"]
[null,"材料费小计",{"$nulls":7},"-",null,4327.04,"-"]
{"$rows_empty":7}
["注：1.如不使用省级或行业建设主管部门发布的计价依据，可不填定额编码、名称等；\n    2.招标文件提供了暂估单价的材料，按暂估的单价填入表内“暂估单价”栏及“暂估合价”栏。"]
[{"$nulls":10},"表-09"]
["综合单价分析表"]
["工程名称：电气工程-新蓝天幼儿园工程建设项目-地下",{"$nulls":7},"标段：",null,"第 20 页  共 105 页"]
["项目编码",null,"030404017020",null,"项目名称","A型应急照明集中电源 01B01ALE1.c1",{"$nulls":3},"计量单位",null,"台","工程量",1]
["清单综合单价组成明细"]
["定额编号","定额项目名称","定额\n单位","数量","单价",{"$nulls":4},"合价"]
[{"$nulls":4},"人工费","材料费","机具费","管理费\n和利润",null,"人工费",null,"材料费","机具费","管理费\n和利润"]
["C4-4-31","成套配电箱安装 悬挂式(半周长m以内) 1","台",1,172.7,5528.43,null,84.17,null,172.7,null,5528.43,null,84.17]
["人工单价",null,"小计",{"$nulls":6},172.7,null,5528.43,null,84.17]
[null,null,"未计价材料费",{"$nulls":6},5500]
["清单项目综合单价",{"$nulls":8},5785.3]
["材\n料\n费\n明\n细","主要材料名称、规格、型号",{"$nulls":4},"单位","数量",null,"单价（元）",null,"合价（元）","暂估单价\n（元）","暂估合价\n（元）"]
[null,"A型应急照明集中电源 01B01ALE1.c1 ",{"$nulls":4},"台",1,null,5500,null,5500]
[null,"其他材料费",{"$nulls":7},"-",null,28.45,"-"]
[null,"材料费小计",{"$nulls":7},"-",null,5528.45,"-"]
{"$rows_empty":7}
["注：1.如不使用省级或行业建设主管部门发布的计价依据，可不填定额编码、名称等；\n    2.招标文件提供了暂估单价的材料，按暂估的单价填入表内“暂估单价”栏及“暂估合价”栏。"]
[{"$nulls":10},"表-09"]
["综合单价分析表"]
["工程名称：电气工程-新蓝天幼儿园工程建设项目-地下",{"$nulls":7},"标段：",null,"第 21 页  共 105 页"]
["项目编码",null,"030404017021",null,"项目名称","A型应急照明集中电源 01B02ALE1.c1",{"$nulls":3},"计量单位",null,"台","工程量",1]
["清单综合单价组成明细"]
["定额编号","定额项目名称","定额\n单位","数量","单价",{"$nulls":4},"合价"]
[{"$nulls":4},"人工费","材料费","机具费","管理费\n和利润",null,"人工费",null,"材料费","机具费","管理费\n和利润"]
["C4-4-31","成套配电箱安装 悬挂式(半周长m以内) 1","台",1,172.7,5528.43,null,84.17,null,172.7,null,5528.43,null,84.17]
["人工单价",null,"小计",{"$nulls":6},172.7,null,5528.43,null,84.17]
[null,null,"未计价材料费",{"$nulls":6},5500]
["清单项目综合单价",{"$nulls":8},5785.3]
["材\n料\n费\n明\n细","主要材料名称、规格、型号",{"$nulls":4},"单位","数量",null,"单价（元）",null,"合价（元）","暂估单价\n（元）","暂估合价\n（元）"]
[null,"A型应急照明集中电源 01B02ALE1.c1 ",{"$nulls":4},"台",1,null,5500,null,5500]
[null,"其他材料费",{"$nulls":7},"-",null,28.45,"-"]
[null,"材料费小计",{"$nulls":7},"-",null,5528.45,"-"]
{"$rows_empty":7}
["注：1.如不使用省级或行业建设主管部门发布的计价依据，可不填定额编码、名称等；\n    2.招标文件提供了暂估单价的材料，按暂估的单价填入表内“暂估单价”栏及“暂估合价”栏。"]
[{"$nulls":10},"表-09"]
["综合单价分析表"]
["工程名称：电气工程-新蓝天幼儿园工程建设项目-地下",{"$nulls":7},"标段：",null,"第 22 页  共 105 页"]
["项目编码",null,"030411003005",null,"项目名称","电缆桥架 CT100x100",{"$nulls":3},"计量单位",null,"m","工程量",95.42]
["清单综合单价组成明细"]
["定额编号","定额项目名称","定额\n单位","数量","单价",{"$nulls":4},"合价"]
[{"$nulls":4},"人工费","材料费","机具费","管理费\n和利润",null,"人工费",null,"材料费","机具费","管理费\n和利润"]
["C4-11-172","钢制托盘式桥架安装(宽+高mm以下) 400","10m",0.1,284.55,465.14,12.74,144.9,null,28.46,null,46.51,1.27,14.49]
["人工单价",null,"小计",{"$nulls":6},28.46,null,46.51,1.27,14.49]
[null,null,"未计价材料费",{"$nulls":6},44.61]
["清单项目综合单价",{"$nulls":8},90.73]
["材\n料\n费\n明\n细","主要材料名称、规格、型号",{"$nulls":4},"单位","数量",null,"单价（元）",null,"合价（元）","暂估单价\n（元）","暂估合价\n（元）"]
[null,"钢制桥架 CT100x100",{"$nulls":4},"m",1.05,null,42.49,null,44.61]
[null,"其他材料费",{"$nulls":7},"-",null,1.9,"-"]
[null,"材料费小计",{"$nulls":7},"-",null,46.51,"-"]
{"$rows_empty":7}
["注：1.如不使用省级或行业建设主管部门发布的计价依据，可不填定额编码、名称等；\n    2.招标文件提供了暂估单价的材料，按暂估的单价填入表内“暂估单价”栏及“暂估合价”栏。"]
[{"$nulls":10},"表-09"]
["综合单价分析表"]
["工程名称：电气工程-新蓝天幼儿园工程建设项目-地下",{"$nulls":7},"标段：",null,"第 23 页  共 105 页"]
["项目编码",null,"030411003001",null,"项目名称","电缆桥架 CT200x100",{"$nulls":3},"计量单位",null,"m","工程量",55.26]
["清单综合单价组成明细"]
["定额编号","定额项目名称","定额\n单位","数量","单价",{"$nulls":4},"合价"]
[{"$nulls":4},"人工费","材料费","机具费","管理费\n和利润",null,"人工费",null,"材料费","机具费","管理费\n和利润"]
["C4-11-172","钢制托盘式桥架安装(宽+高mm以下) 400","10m",0.1,284.55,656.13,12.74,144.9,null,28.46,null,65.61,1.27,14.49]
["人工单价",null,"小计",{"$nulls":6},28.46,null,65.61,1.27,14.49]
[null,null,"未计价材料费",{"$nulls":6},63.71]
["清单项目综合单价",{"$nulls":8},109.83]
["材\n料\n费\n明\n细","主要材料名称、规格、型号",{"$nulls":4},"单位","数量",null,"单价（元）",null,"合价（元）","暂估单价\n（元）","暂估合价\n（元）"]
[null,"钢制桥架 CT200x100",{"$nulls":4},"m",1.05,null,60.68,null,63.71]
[null,"其他材料费",{"$nulls":7},"-",null,1.9,"-"]
[null,"材料费小计",{"$nulls":7},"-",null,65.61,"-"]
{"$rows_empty":7}
["注：1.如不使用省级或行业建设主管部门发布的计价依据，可不填定额编码、名称等；\n    2.招标文件提供了暂估单价的材料，按暂估的单价填入表内“暂估单价”栏及“暂估合价”栏。"]
[{"$nulls":10},"表-09"]
["综合单价分析表"]
["工程名称：电气工程-新蓝天幼儿园工程建设项目-地下",{"$nulls":7},"标段：",null,"第 24 页  共 105 页"]
["项目编码",null,"030411003004",null,"项目名称","电缆桥架 CT300x150",{"$nulls":3},"计量单位",null,"m","工程量",7.75]
["清单综合单价组成明细"]
["定额编号","定额项目名称","定额\n单位","数量","单价",{"$nulls":4},"合价"]
[{"$nulls":4},"人工费","材料费","机具费","管理费\n和利润",null,"人工费",null,"材料费","机具费","管理费\n和利润"]
["C4-11-173","钢制托盘式桥架安装(宽+高mm以下) 600","10m",0.1,453.4,1142.75,24.31,232.83,null,45.34,null,114.28,2.43,23.28]
["人工单价",null,"小计",{"$nulls":6},45.34,null,114.28,2.43,23.28]
[null,null,"未计价材料费",{"$nulls":6},112.3]
["清单项目综合单价",{"$nulls":8},185.33]
["材\n料\n费\n明\n细","主要材料名称、规格、型号",{"$nulls":4},"单位","数量",null,"单价（元）",null,"合价（元）","暂估单价\n（元）","暂估合价\n（元）"]
[null,"钢制桥架 CT300x150",{"$nulls":4},"m",1.05,null,106.95,null,112.3]
[null,"其他材料费",{"$nulls":7},"-",null,1.97,"-"]
[null,"材料费小计",{"$nulls":7},"-",null,114.27,"-"]
{"$rows_empty":7}
["注：1.如不使用省级或行业建设主管部门发布的计价依据，可不填定额编码、名称等；\n    2.招标文件提供了暂估单价的材料，按暂估的单价填入表内“暂估单价”栏及“暂估合价”栏。"]
[{"$nulls":10},"表-09"]
["综合单价分析表"]
["工程名称：电气工程-新蓝天幼儿园工程建设项目-地下",{"$nulls":7},"标段：",null,"第 25 页  共 105 页"]
["项目编码",null,"030411003003",null,"项目名称","电缆桥架 CT400x150",{"$nulls":3},"计量单位",null,"m","工程量",1.3]
["清单综合单价组成明细"]
["定额编号","定额项目名称","定额\n单位","数量","单价",{"$nulls":4},"合价"]
[{"$nulls":4},"人工费","材料费","机具费","管理费\n和利润",null,"人工费",null,"材料费","机具费","管理费\n和利润"]
["C4-11-173","钢制托盘式桥架安装(宽+高mm以下) 600","10m",0.1,453.4,1682.34,24.31,232.83,null,45.34,null,168.23,2.43,23.28]
["人工单价",null,"小计",{"$nulls":6},45.34,null,168.23,2.43,23.28]
[null,null,"未计价材料费",{"$nulls":6},166.26]
["清单项目综合单价",{"$nulls":8},239.29]
["材\n料\n费\n明\n细","主要材料名称、规格、型号",{"$nulls":4},"单位","数量",null,"单价（元）",null,"合价（元）","暂估单价\n（元）","暂估合价\n（元）"]
[null,"钢制桥架 CT400x150",{"$nulls":4},"m",1.05,null,158.34,null,166.26]
[null,"其他材料费",{"$nulls":7},"-",null,1.97,"-"]
[null,"材料费小计",{"$nulls":7},"-",null,168.23,"-"]
{"$rows_empty":7}
["注：1.如不使用省级或行业建设主管部门发布的计价依据，可不填定额编码、名称等；\n    2.招标文件提供了暂估单价的材料，按暂估的单价填入表内“暂估单价”栏及“暂估合价”栏。"]
[{"$nulls":10},"表-09"]
["综合单价分析表"]
["工程名称：电气工程-新蓝天幼儿园工程建设项目-地下",{"$nulls":7},"标段：",null,"第 26 页  共 105 页"]
["项目编码",null,"030413001001",null,"项目名称","桥架支架制作安装",{"$nulls":3},"计量单位",null,"kg","工程量",183.33]
["清单综合单价组成明细"]
["定额编号","定额项目名称","定额\n单位","数量","单价",{"$nulls":4},"合价"]
[{"$nulls":4},"人工费","材料费","机具费","管理费\n和利润",null,"人工费",null,"材料费","机具费","管理费\n和利润"]
["C4-13-1 换","铁构件制作、安装 一般铁构件 制作","100kg",0.01,671.98,501.64,51.31,352.53,null,6.72,null,5.02,0.51,3.53]
["C4-13-2 换","铁构件制作、安装 一般铁构件 安装","100kg",0.01,488.4,18.81,37.92,256.52,null,4.88,null,0.19,0.38,2.57]
["C12-2-49 换","一般钢结构 红丹防锈漆 第一遍 \u007f实际遍数(遍):2","100kg",0.01,31.45,28.3,19.7,20.75,null,0.31,null,0.28,0.2,0.21]
["人工单价",null,"小计",{"$nulls":6},11.91,null,5.49,1.09,6.31]
[null,null,"未计价材料费",{"$nulls":6},4.87]
["清单项目综合单价",{"$nulls":8},24.79]
["材\n料\n费\n明\n细","主要材料名称、规格、型号",{"$nulls":4},"单位","数量",null,"单价（元）",null,"合价（元）","暂估单价\n（元）","暂估合价\n（元）"]
[null,"圆钢 ",{"$nulls":4},"kg",0.0683,null,5.21,null,0.36]
[null,"扁钢 ",{"$nulls":4},"kg",0.1878,null,5.38,null,1.01]
[null,"角钢 ",{"$nulls":4},"kg",0.6404,null,5.1,null,3.27]
[null,"醇酸防锈漆 ",{"$nulls":4},"kg",0.018,null,13.34,null,0.24]
[null,"其他材料费",{"$nulls":7},"-",null,0.61,"-"]
[null,"材料费小计",{"$nulls":7},"-",null,5.49,"-"]
["注：1.如不使用省级或行业建设主管部门发布的计价依据，可不填定额编码、名称等；\n    2.招标文件提供了暂估单价的材料，按暂估的单价填入表内“暂估单价”栏及“暂估合价”栏。"]
[{"$nulls":10},"表-09"]
["综合单价分析表"]
["工程名称：电气工程-新蓝天幼儿园工程建设项目-地下",{"$nulls":7},"标段：",null,"第 27 页  共 105 页"]
["项目编码",null,"030408008001",null,"项目名称","防火堵洞",{"$nulls":3},"计量单位",null,"处","工程量",2]
["清单综合单价组成明细"]
["定额编号","定额项目名称","定额\n单位","数量","单价",{"$nulls":4},"合价"]
[{"$nulls":4},"人工费","材料费","机具费","管理费\n和利润",null,"人工费",null,"材料费","机具费","管理费\n和利润"]
["C4-8-225","电缆防火泥堵洞 (综合)","100kg",0.18,525.02,498.95,null,255.89,null,94.5,null,89.81,null,46.06]
["人工单价",null,"小计",{"$nulls":6},94.5,null,89.81,null,46.06]
[null,null,"未计价材料费",{"$nulls":6},84.24]
["清单项目综合单价",{"$nulls":8},230.37]
["材\n料\n费\n明\n细","主要材料名称、规格、型号",{"$nulls":4},"单位","数量",null,"单价（元）",null,"合价（元）","暂估单价\n（元）","暂估合价\n（元）"]
[null,"防火泥 ",{"$nulls":4},"kg",18.72,null,4.5,null,84.24]
[null,"其他材料费",{"$nulls":7},"-",null,5.57,"-"]
[null,"材料费小计",{"$nulls":7},"-",null,89.81,"-"]
{"$rows_empty":7}
["注：1.如不使用省级或行业建设主管部门发布的计价依据，可不填定额编码、名称等；\n    2.招标文件提供了暂估单价的材料，按暂估的单价填入表内“暂估单价”栏及“暂估合价”栏。"]
[{"$nulls":10},"表-09"]
["综合单价分析表"]
["工程名称：电气工程-新蓝天幼儿园工程建设项目-地下",{"$nulls":7},"标段：",null,"第 28 页  共 105 页"]
["项目编码",null,"030412001001",null,"项目名称","LED吸顶灯 9W",{"$nulls":3},"计量单位",null,"套","工程量",17]
["清单综合单价组成明细"]
["定额编号","定额项目名称","定额\n单位","数量","单价",{"$nulls":4},"合价"]
[{"$nulls":4},"人工费","材料费","机具费","管理费\n和利润",null,"人工费",null,"材料费","机具费","管理费\n和利润"]
["C4-12-3","半圆球吸顶灯安装 灯罩直径(mm以内) 250","10套",0.1,196.63,1166.75,null,95.84,null,19.66,null,116.68,null,9.58]
["人工单价",null,"小计",{"$nulls":6},19.66,null,116.68,null,9.58]
[null,null,"未计价材料费",{"$nulls":6},113.91]
["清单项目综合单价",{"$nulls":8},145.92]
["材\n料\n费\n明\n细","主要材料名称、规格、型号",{"$nulls":4},"单位","数量",null,"单价（元）",null,"合价（元）","暂估单价\n（元）","暂估合价\n（元）"]
[null,"LED吸顶灯 220V/9W,850lm",{"$nulls":4},"套",1.01,null,112.78,null,113.91]
[null,"其他材料费",{"$nulls":7},"-",null,2.77,"-"]
[null,"材料费小计",{"$nulls":7},"-",null,116.68,"-"]
{"$rows_empty":7}
["注：1.如不使用省级或行业建设主管部门发布的计价依据，可不填定额编码、名称等；\n    2.招标文件提供了暂估单价的材料，按暂估的单价填入表内“暂估单价”栏及“暂估合价”栏。"]
[{"$nulls":10},"表-09"]
["综合单价分析表"]
["工程名称：电气工程-新蓝天幼儿园工程建设项目-地下",{"$nulls":7},"标段：",null,"第 29 页  共 105 页"]
["项目编码",null,"030412005001",null,"项目名称","T5型单管荧光灯-壁装 28W",{"$nulls":3},"计量单位",null,"套","工程量",2]
["清单综合单价组成明细"]
["定额编号","定额项目名称","定额\n单位","数量","单价",{"$nulls":4},"合价"]
[{"$nulls":4},"人工费","材料费","机具费","管理费\n和利润",null,"人工费",null,"材料费","机具费","管理费\n和利润"]
["C4-12-245","普通成套型荧光灯具安装 吸顶式 单管","10套",0.1,197.43,477.46,null,96.23,null,19.74,null,47.75,null,9.62]
["人工单价",null,"小计",{"$nulls":6},19.74,null,47.75,null,9.62]
[null,null,"未计价材料费",{"$nulls":6},45.2]
["清单项目综合单价",{"$nulls":8},77.11]
["材\n料\n费\n明\n细","主要材料名称、规格、型号",{"$nulls":4},"单位","数量",null,"单价（元）",null,"合价（元）","暂估单价\n（元）","暂估合价\n（元）"]
[null,"T5型单管荧光灯 220V/1x28W,1x2600lm",{"$nulls":4},"套",1.01,null,44.75,null,45.2]
[null,"其他材料费",{"$nulls":7},"-",null,2.56,"-"]
[null,"材料费小计",{"$nulls":7},"-",null,47.76,"-"]
{"$rows_empty":7}
["注：1.如不使用省级或行业建设主管部门发布的计价依据，可不填定额编码、名称等；\n    2.招标文件提供了暂估单价的材料，按暂估的单价填入表内“暂估单价”栏及“暂估合价”栏。"]
[{"$nulls":10},"表-09"]
["综合单价分析表"]
["工程名称：电气工程-新蓝天幼儿园工程建设项目-地下",{"$nulls":7},"标段：",null,"第 30 页  共 105 页"]
["项目编码",null,"030412005002",null,"项目名称","T5型单管荧光灯-吊链 28W",{"$nulls":3},"计量单位",null,"套","工程量",56]
["清单综合单价组成明细"]
["定额编号","定额项目名称","定额\n单位","数量","单价",{"$nulls":4},"合价"]
[{"$nulls":4},"人工费","材料费","机具费","管理费\n和利润",null,"人工费",null,"材料费","机具费","管理费\n和利润"]
["C4-12-239","普通成套型荧光灯具安装 吊链式 单管","10套",0.1,197.43,596.75,null,96.23,null,19.74,null,59.68,null,9.62]
["人工单价",null,"小计",{"$nulls":6},19.74,null,59.68,null,9.62]
[null,null,"未计价材料费",{"$nulls":6},45.2]
["清单项目综合单价",{"$nulls":8},89.04]
["材\n料\n费\n明\n细","主要材料名称、规格、型号",{"$nulls":4},"单位","数量",null,"单价（元）",null,"合价（元）","暂估单价\n（元）","暂估合价\n（元）"]
[null,"T5型单管荧光灯-吊链 220V/1x28W,1x2600lm",{"$nulls":4},"套",1.01,null,44.75,null,45.2]
[null,"其他材料费",{"$nulls":7},"-",null,14.49,"-"]
[null,"材料费小计",{"$nulls":7},"-",null,59.69,"-"]
{"$rows_empty":7}
["注：1.如不使用省级或行业建设主管部门发布的计价依据，可不填定额编码、名称等；\n    2.招标文件提供了暂估单价的材料，按暂估的单价填入表内“暂估单价”栏及“暂估合价”栏。"]
[{"$nulls":10},"表-09"]
["综合单价分析表"]
["工程名称：电气工程-新蓝天幼儿园工程建设项目-地下",{"$nulls":7},"标段：",null,"第 31 页  共 105 页"]
["项目编码",null,"030412005003",null,"项目名称","T5型三管荧光灯-吊链",{"$nulls":3},"计量单位",null,"套","工程量",4]
["清单综合单价组成明细"]
["定额编号","定额项目名称","定额\n单位","数量","单价",{"$nulls":4},"合价"]
[{"$nulls":4},"人工费","材料费","机具费","管理费\n和利润",null,"人工费",null,"材料费","机具费","管理费\n和利润"]
["C4-12-241","普通成套型荧光灯具安装 吊链式 三管","10套",0.1,277.78,1500.7,null,135.39,null,27.78,null,150.07,null,13.54]
["人工单价",null,"小计",{"$nulls":6},27.78,null,150.07,null,13.54]
[null,null,"未计价材料费",{"$nulls":6},135.59]
["清单项目综合单价",{"$nulls":8},191.39]
["材\n料\n费\n明\n细","主要材料名称、规格、型号",{"$nulls":4},"单位","数量",null,"单价（元）",null,"合价（元）","暂估单价\n（元）","暂估合价\n（元）"]
[null,"T5型三管荧光灯-吊链 220V/3x28W,1x2600lm",{"$nulls":4},"套",1.01,null,134.25,null,135.59]
[null,"其他材料费",{"$nulls":7},"-",null,14.49,"-"]
[null,"材料费小计",{"$nulls":7},"-",null,150.08,"-"]
{"$rows_empty":7}
["注：1.如不使用省级或行业建设主管部门发布的计价依据，可不填定额编码、名称等；\n    2.招标文件提供了暂估单价的材料，按暂估的单价填入表内“暂估单价”栏及“暂估合价”栏。"]
[{"$nulls":10},"表-09"]
["综合单价分析表"]
["工程名称：电气工程-新蓝天幼儿园工程建设项目-地下",{"$nulls":7},"标段：",null,"第 32 页  共 105 页"]
["项目编码",null,"030412005004",null,"项目名称","T5型双管荧光灯-壁装",{"$nulls":3},"计量单位",null,"套","工程量",1]
["清单综合单价组成明细"]
["定额编号","定额项目名称","定额\n单位","数量","单价",{"$nulls":4},"合价"]
[{"$nulls":4},"人工费","材料费","机具费","管理费\n和利润",null,"人工费",null,"材料费","机具费","管理费\n和利润"]
["C4-12-249","普通成套型荧光灯具安装 嵌入式 双管","10套",0.1,368.93,1010.58,null,179.82,null,36.89,null,101.06,null,17.98]
["人工单价",null,"小计",{"$nulls":6},36.89,null,101.06,null,17.98]
[null,null,"未计价材料费",{"$nulls":6},94.9]
["清单项目综合单价",{"$nulls":8},155.93]
["材\n料\n费\n明\n细","主要材料名称、规格、型号",{"$nulls":4},"单位","数量",null,"单价（元）",null,"合价（元）","暂估单价\n（元）","暂估合价\n（元）"]
[null,"T5型双管荧光灯-壁装 220V/2x28W,2x2600lm",{"$nulls":4},"套",1.01,null,93.96,null,94.9]
[null,"其他材料费",{"$nulls":7},"-",null,6.17,"-"]
[null,"材料费小计",{"$nulls":7},"-",null,101.07,"-"]
{"$rows_empty":7}
["注：1.如不使用省级或行业建设主管部门发布的计价依据，可不填定额编码、名称等；\n    2.招标文件提供了暂估单价的材料，按暂估的单价填入表内“暂估单价”栏及“暂估合价”栏。"]
[{"$nulls":10},"表-09"]
["综合单价分析表"]
["工程名称：电气工程-新蓝天幼儿园工程建设项目-地下",{"$nulls":7},"标段：",null,"第 33 页  共 105 页"]
["项目编码",null,"030412005005",null,"项目名称","T5型双管荧光灯-吊链",{"$nulls":3},"计量单位",null,"套","工程量",9]
["清单综合单价组成明细"]
["定额编号","定额项目名称","定额\n单位","数量","单价",{"$nulls":4},"合价"]
[{"$nulls":4},"人工费","材料费","机具费","管理费\n和利润",null,"人工费",null,"材料费","机具费","管理费\n和利润"]
["C4-12-241","普通成套型荧光灯具安装 吊链式 三管","10套",0.1,277.78,1500.7,null,135.39,null,27.78,null,150.07,null,13.54]
["人工单价",null,"小计",{"$nulls":6},27.78,null,150.07,null,13.54]
[null,null,"未计价材料费",{"$nulls":6},135.59]
["清单项目综合单价",{"$nulls":8},191.39]
["材\n料\n费\n明\n细","主要材料名称、规格、型号",{"$nulls":4},"单位","数量",null,"单价（元）",null,"合价（元）","暂估单价\n（元）","暂估合价\n（元）"]
[null,"T5型三管荧光灯-吊链 220V/2x28W,1x2600lm",{"$nulls":4},"套",1.01,null,134.25,null,135.59]
[null,"其他材料费",{"$nulls":7},"-",null,14.49,"-"]
[null,"材料费小计",{"$nulls":7},"-",null,150.08,"-"]
{"$rows_empty":7}
["注：1.如不使用省级或行业建设主管部门发布的计价依据，可不填定额编码、名称等；\n    2.招标文件提供了暂估单价的材料，按暂估的单价填入表内“暂估单价”栏及“暂估合价”栏。"]
[{"$nulls":10},"表-09"]
["综合单价分析表"]
["工程名称：电气工程-新蓝天幼儿园工程建设项目-地下",{"$nulls":7},"标段：",null,"第 34 页  共 105 页"]
["项目编码",null,"030412004001",null,"项目名称","壁灯(荧光灯) 9W",{"$nulls":3},"计量单位",null,"套","工程量",2]
["清单综合单价组成明细"]
["定额编号","定额项目名称","定额\n单位","数量","单价",{"$nulls":4},"合价"]
[{"$nulls":4},"人工费","材料费","机具费","管理费\n和利润",null,"人工费",null,"材料费","机具费","管理费\n和利润"]
["C4-12-12","其他普通灯具安装 一般壁灯","10套",0.1,184.14,693.34,null,89.75,null,18.41,null,69.33,null,8.98]
["人工单价",null,"小计",{"$nulls":6},18.41,null,69.33,null,8.98]
[null,null,"未计价材料费",{"$nulls":6},67.27]
["清单项目综合单价",{"$nulls":8},96.72]
["材\n料\n费\n明\n细","主要材料名称、规格、型号",{"$nulls":4},"单位","数量",null,"单价（元）",null,"合价（元）","暂估单价\n（元）","暂估合价\n（元）"]
[null,"壁灯(荧光灯) 220V/9W,850lm",{"$nulls":4},"套",1.01,null,66.6,null,67.27]
[null,"其他材料费",{"$nulls":7},"-",null,2.07,"-"]
[null,"材料费小计",{"$nulls":7},"-",null,69.34,"-"]
{"$rows_empty":7}
["注：1.如不使用省级或行业建设主管部门发布的计价依据，可不填定额编码、名称等；\n    2.招标文件提供了暂估单价的材料，按暂估的单价填入表内“暂估单价”栏及“暂估合价”栏。"]
[{"$nulls":10},"表-09"]
["综合单价分析表"]
["工程名称：电气工程-新蓝天幼儿园工程建设项目-地下",{"$nulls":7},"标段：",null,"第 35 页  共 105 页"]
["项目编码",null,"030412004002",null,"项目名称","出口标志灯\"禁止入内\"标志灯",{"$nulls":3},"计量单位",null,"套","工程量",1]
["清单综合单价组成明细"]
["定额编号","定额项目名称","定额\n单位","数量","单价",{"$nulls":4},"合价"]
[{"$nulls":4},"人工费","材料费","机具费","管理费\n和利润",null,"人工费",null,"材料费","机具费","管理费\n和利润"]
["C4-12-192","标志、诱导装饰灯具安装 墙壁式 示意图号:171、172、173、174","10套",0.1,233.04,983.51,null,113.59,null,23.3,null,98.35,null,11.36]
["人工单价",null,"小计",{"$nulls":6},23.3,null,98.35,null,11.36]
[null,null,"未计价材料费",{"$nulls":6},94.95]
["清单项目综合单价",{"$nulls":8},133.01]
["材\n料\n费\n明\n细","主要材料名称、规格、型号",{"$nulls":4},"单位","数量",null,"单价（元）",null,"合价（元）","暂估单价\n（元）","暂估合价\n（元）"]
[null,"出口标志灯\"禁止入内\"标志灯 LED光源,36V/1W",{"$nulls":4},"套",1.01,null,94.01,null,94.95]
[null,"其他材料费",{"$nulls":7},"-",null,3.4,"-"]
[null,"材料费小计",{"$nulls":7},"-",null,98.35,"-"]
[]
[]
[]
[]
[]
[]
["注：1.如不使用省级或行业建设主管部门发布的计价依据，可不填定额编码、名称等；\n    2.招标文件提供了暂估单价的材料，按暂估的单价填入表内“暂估单价”栏及“暂估合价”栏。"]
[{"$nulls":10},"表-09"]
["综合单价分析表"]
["工程名称：电气工程-新蓝天幼儿园工程建设项目-地下",{"$nulls":7},"标段：",null,"第 36 页  共 105 页"]
["项目编码",null,"030412004003",null,"项目名称","单向疏散指示灯",{"$nulls":3},"计量单位",null,"套","工程量",26]
["清单综合单价组成明细"]
["定额编号","定额项目名称","定额\n单位","数量","单价",{"$nulls":4},"合价"]
[{"$nulls":4},"人工费","材料费","机具费","管理费\n和利润",null,"人工费",null,"材料费","机具费","管理费\n和利润"]
["C4-12-192","标志、诱导装饰灯具安装 墙壁式 示意图号:171、172、173、174","10套",0.1,233.04,629.3,null,113.59,null,23.3,null,62.93,null,11.36]
["人工单价",null,"小计",{"$nulls":6},23.3,null,62.93,null,11.36]
[null,null,"未计价材料费",{"$nulls":6},59.53]
["清单项目综合单价",{"$nulls":8},97.59]
["材\n料\n费\n明\n细","主要材料名称、规格、型号",{"$nulls":4},"单位","数量",null,"单价（元）",null,"合价（元）","暂估单价\n（元）","暂估合价\n（元）"]
[null,"单向疏散指示灯 LED光源,36V/1W",{"$nulls":4},"套",1.01,null,58.94,null,59.53]
[null,"其他材料费",{"$nulls":7},"-",null,3.4,"-"]
[null,"材料费小计",{"$nulls":7},"-",null,62.93,"-"]
[]
[]
[]
[]
[]
[]
["注：1.如不使用省级或行业建设主管部门发布的计价依据，可不填定额编码、名称等；\n    2.招标文件提供了暂估单价的材料，按暂估的单价填入表内“暂估单价”栏及“暂估合价”栏。"]
[{"$nulls":10},"表-09"]
["综合单价分析表"]
["工程名称：电气工程-新蓝天幼儿园工程建设项目-地下",{"$nulls":7},"标段：",null,"第 37 页  共 105 页"]
["项目编码",null,"030412004004",null,"项目名称","单向疏散指示灯",{"$nulls":3},"计量单位",null,"套","工程量",5]
["清单综合单价组成明细"]
["定额编号","定额项目名称","定额\n单位","数量","单价",{"$nulls":4},"合价"]
[{"$nulls":4},"人工费","材料费","机具费","管理费\n和利润",null,"人工费",null,"材料费","机具费","管理费\n和利润"]
["C4-12-191","标志、诱导装饰灯具安装 吊杆式 示意图号:171、172、173、174","10套",0.1,273.21,639.83,null,133.16,null,27.32,null,63.98,null,13.32]
["人工单价",null,"小计",{"$nulls":6},27.32,null,63.98,null,13.32]
[null,null,"未计价材料费",{"$nulls":6},59.53]
["清单项目综合单价",{"$nulls":8},104.62]
["材\n料\n费\n明\n细","主要材料名称、规格、型号",{"$nulls":4},"单位","数量",null,"单价（元）",null,"合价（元）","暂估单价\n（元）","暂估合价\n（元）"]
[null,"单向疏散指示灯 ",{"$nulls":4},"套",1.01,null,58.94,null,59.53]
[null,"其他材料费",{"$nulls":7},"-",null,4.46,"-"]
[null,"材料费小计",{"$nulls":7},"-",null,63.99,"-"]
[]
[]
[]
[]
[]
[]
["注：1.如不使用省级或行业建设主管部门发布的计价依据，可不填定额编码、名称等；\n    2.招标文件提供了暂估单价的材料，按暂估的单价填入表内“暂估单价”栏及“暂估合价”栏。"]
[{"$nulls":10},"表-09"]
["综合单价分析表"]
["工程名称：电气工程-新蓝天幼儿园工程建设项目-地下",{"$nulls":7},"标段：",null,"第 38 页  共 105 页"]
["项目编码",null,"030412004005",null,"项目名称","楼层指示标志灯",{"$nulls":3},"计量单位",null,"套","工程量",3]
["清单综合单价组成明细"]
["定额编号","定额项目名称","定额\n单位","数量","单价",{"$nulls":4},"合价"]
[{"$nulls":4},"人工费","材料费","机具费","管理费\n和利润",null,"人工费",null,"材料费","机具费","管理费\n和利润"]
["C4-12-192","标志、诱导装饰灯具安装 墙壁式 示意图号:171、172、173、174","10套",0.1,233.04,1088.65,null,113.59,null,23.3,null,108.87,null,11.36]
["人工单价",null,"小计",{"$nulls":6},23.3,null,108.87,null,11.36]
[null,null,"未计价材料费",{"$nulls":6},105.46]
["清单项目综合单价",{"$nulls":8},143.53]
["材\n料\n费\n明\n细","主要材料名称、规格、型号",{"$nulls":4},"单位","数量",null,"单价（元）",null,"合价（元）","暂估单价\n（元）","暂估合价\n（元）"]
[null,"楼层指示标志灯 LED光源,36V/1W",{"$nulls":4},"套",1.01,null,104.42,null,105.46]
[null,"其他材料费",{"$nulls":7},"-",null,3.4,"-"]
[null,"材料费小计",{"$nulls":7},"-",null,108.86,"-"]
[]
[]
[]
[]
[]
[]
["注：1.如不使用省级或行业建设主管部门发布的计价依据，可不填定额编码、名称等；\n    2.招标文件提供了暂估单价的材料，按暂估的单价填入表内“暂估单价”栏及“暂估合价”栏。"]
[{"$nulls":10},"表-09"]
["综合单价分析表"]
["工程名称：电气工程-新蓝天幼儿园工程建设项目-地下",{"$nulls":7},"标段：",null,"第 39 页  共 105 页"]
["项目编码",null,"030412004006",null,"项目名称","疏散出口标志灯",{"$nulls":3},"计量单位",null,"套","工程量",10]
["清单综合单价组成明细"]
["定额编号","定额项目名称","定额\n单位","数量","单价",{"$nulls":4},"合价"]
[{"$nulls":4},"人工费","材料费","机具费","管理费\n和利润",null,"人工费",null,"材料费","机具费","管理费\n和利润"]
["C4-12-192","标志、诱导装饰灯具安装 墙壁式 示意图号:171、172、173、174","10套",0.1,233.04,711.19,null,113.59,null,23.3,null,71.12,null,11.36]
["人工单价",null,"小计",{"$nulls":6},23.3,null,71.12,null,11.36]
[null,null,"未计价材料费",{"$nulls":6},68.33]
["清单项目综合单价",{"$nulls":8},105.78]
["材\n料\n费\n明\n细","主要材料名称、规格、型号",{"$nulls":4},"单位","数量",null,"单价（元）",null,"合价（元）","暂估单价\n（元）","暂估合价\n（元）"]
[null,"疏散出口标志灯 LED光源,36V/1W",{"$nulls":4},"套",1.01,null,67.65,null,68.33]
[null,"其他材料费",{"$nulls":7},"-",null,2.8,"-"]
[null,"材料费小计",{"$nulls":7},"-",null,71.13,"-"]
[]
[]
[]
[]
[]
[]
["注：1.如不使用省级或行业建设主管部门发布的计价依据，可不填定额编码、名称等；\n    2.招标文件提供了暂估单价的材料，按暂估的单价填入表内“暂估单价”栏及“暂估合价”栏。"]
[{"$nulls":10},"表-09"]
["综合单价分析表"]
["工程名称：电气工程-新蓝天幼儿园工程建设项目-地下",{"$nulls":7},"标段：",null,"第 40 页  共 105 页"]
["项目编码",null,"030412004007",null,"项目名称","应急灯",{"$nulls":3},"计量单位",null,"套","工程量",42]
["清单综合单价组成明细"]
["定额编号","定额项目名称","定额\n单位","数量","单价",{"$nulls":4},"合价"]
[{"$nulls":4},"人工费","材料费","机具费","管理费\n和利润",null,"人工费",null,"材料费","机具费","管理费\n和利润"]
["C4-12-192","标志、诱导装饰灯具安装 墙壁式 示意图号:171、172、173、174","10套",0.1,233.04,1179.32,null,113.59,null,23.3,null,117.93,null,11.36]
["人工单价",null,"小计",{"$nulls":6},23.3,null,117.93,null,11.36]
[null,null,"未计价材料费",{"$nulls":6},115.14]
["清单项目综合单价",{"$nulls":8},152.6]
["材\n料\n费\n明\n细","主要材料名称、规格、型号",{"$nulls":4},"单位","数量",null,"单价（元）",null,"合价（元）","暂估单价\n（元）","暂估合价\n（元）"]
[null,"应急灯 LED光源,36V/7W,1X700lm",{"$nulls":4},"套",1.01,null,114,null,115.14]
[null,"其他材料费",{"$nulls":7},"-",null,2.8,"-"]
[null,"材料费小计",{"$nulls":7},"-",null,117.94,"-"]
[]
[]
[]
[]
[]
[]
["注：1.如不使用省级或行业建设主管部门发布的计价依据，可不填定额编码、名称等；\n    2.招标文件提供了暂估单价的材料，按暂估的单价填入表内“暂估单价”栏及“暂估合价”栏。"]
[{"$nulls":10},"表-09"]
["综合单价分析表"]
["工程名称：电气工程-新蓝天幼儿园工程建设项目-地下",{"$nulls":7},"标段：",null,"第 41 页  共 105 页"]
["项目编码",null,"030404034001",null,"项目名称","单联单控开关",{"$nulls":3},"计量单位",null,"个","工程量",8]
["清单综合单价组成明细"]
["定额编号","定额项目名称","定额\n单位","数量","单价",{"$nulls":4},"合价"]
[{"$nulls":4},"人工费","材料费","机具费","管理费\n和利润",null,"人工费",null,"材料费","机具费","管理费\n和利润"]
["C4-4-116","照明开关安装 扳式暗开关(单控) 单联","10个",0.1,77.85,83.93,null,37.94,null,7.79,null,8.39,null,3.79]
["人工单价",null,"小计",{"$nulls":6},7.79,null,8.39,null,3.79]
[null,null,"未计价材料费",{"$nulls":6},7.92]
["清单项目综合单价",{"$nulls":8},19.97]
["材\n料\n费\n明\n细","主要材料名称、规格、型号",{"$nulls":4},"单位","数量",null,"单价（元）",null,"合价（元）","暂估单价\n（元）","暂估合价\n（元）"]
[null,"单联单控照明开关 10A,250V",{"$nulls":4},"个",1.02,null,7.76,null,7.92]
[null,"其他材料费",{"$nulls":7},"-",null,0.48,"-"]
[null,"材料费小计",{"$nulls":7},"-",null,8.4,"-"]
{"$rows_empty":7}
["注：1.如不使用省级或行业建设主管部门发布的计价依据，可不填定额编码、名称等；\n    2.招标文件提供了暂估单价的材料，按暂估的单价填入表内“暂估单价”栏及“暂估合价”栏。"]
[{"$nulls":10},"表-09"]
["综合单价分析表"]
["工程名称：电气工程-新蓝天幼儿园工程建设项目-地下",{"$nulls":7},"标段：",null,"第 42 页  共 105 页"]
["项目编码",null,"030404034002",null,"项目名称","双联单控开关",{"$nulls":3},"计量单位",null,"个","工程量",6]
["清单综合单价组成明细"]
["定额编号","定额项目名称","定额\n单位","数量","单价",{"$nulls":4},"合价"]
[{"$nulls":4},"人工费","材料费","机具费","管理费\n和利润",null,"人工费",null,"材料费","机具费","管理费\n和利润"]
["C4-4-117","照明开关安装 扳式暗开关(单控) 双联","10个",0.1,81.44,96.95,null,39.7,null,8.14,null,9.7,null,3.97]
["人工单价",null,"小计",{"$nulls":6},8.14,null,9.7,null,3.97]
[null,null,"未计价材料费",{"$nulls":6},9.05]
["清单项目综合单价",{"$nulls":8},21.81]
["材\n料\n费\n明\n细","主要材料名称、规格、型号",{"$nulls":4},"单位","数量",null,"单价（元）",null,"合价（元）","暂估单价\n（元）","暂估合价\n（元）"]
[null,"双联单控照明开关 10A,250V",{"$nulls":4},"个",1.02,null,8.87,null,9.05]
[null,"其他材料费",{"$nulls":7},"-",null,0.65,"-"]
[null,"材料费小计",{"$nulls":7},"-",null,9.7,"-"]
{"$rows_empty":7}
["注：1.如不使用省级或行业建设主管部门发布的计价依据，可不填定额编码、名称等；\n    2.招标文件提供了暂估单价的材料，按暂估的单价填入表内“暂估单价”栏及“暂估合价”栏。"]
[{"$nulls":10},"表-09"]
["综合单价分析表"]
["工程名称：电气工程-新蓝天幼儿园工程建设项目-地下",{"$nulls":7},"标段：",null,"第 43 页  共 105 页"]
["项目编码",null,"030404034003",null,"项目名称","三联单控开关",{"$nulls":3},"计量单位",null,"个","工程量",1]
["清单综合单价组成明细"]
["定额编号","定额项目名称","定额\n单位","数量","单价",{"$nulls":4},"合价"]
[{"$nulls":4},"人工费","材料费","机具费","管理费\n和利润",null,"人工费",null,"材料费","机具费","管理费\n和利润"]
["C4-4-118","照明开关安装 扳式暗开关(单控) 三联","10个",0.1,81.44,128.44,null,39.7,null,8.14,null,12.84,null,3.97]
["人工单价",null,"小计",{"$nulls":6},8.14,null,12.84,null,3.97]
[null,null,"未计价材料费",{"$nulls":6},12.03]
["清单项目综合单价",{"$nulls":8},24.96]
["材\n料\n费\n明\n细","主要材料名称、规格、型号",{"$nulls":4},"单位","数量",null,"单价（元）",null,"合价（元）","暂估单价\n（元）","暂估合价\n（元）"]
[null,"三联单控照明开关 10A,250V",{"$nulls":4},"个",1.02,null,11.79,null,12.03]
[null,"其他材料费",{"$nulls":7},"-",null,0.82,"-"]
[null,"材料费小计",{"$nulls":7},"-",null,12.85,"-"]
{"$rows_empty":7}
["注：1.如不使用省级或行业建设主管部门发布的计价依据，可不填定额编码、名称等；\n    2.招标文件提供了暂估单价的材料，按暂估的单价填入表内“暂估单价”栏及“暂估合价”栏。"]
[{"$nulls":10},"表-09"]
["综合单价分析表"]
["工程名称：电气工程-新蓝天幼儿园工程建设项目-地下",{"$nulls":7},"标段：",null,"第 44 页  共 105 页"]
["项目编码",null,"030404034004",null,"项目名称","声、光感应式延时开关",{"$nulls":3},"计量单位",null,"个","工程量",6]
["清单综合单价组成明细"]
["定额编号","定额项目名称","定额\n单位","数量","单价",{"$nulls":4},"合价"]
[{"$nulls":4},"人工费","材料费","机具费","管理费\n和利润",null,"人工费",null,"材料费","机具费","管理费\n和利润"]
["C4-4-128","照明开关安装 声控(红外线感应)延时开关","10个",0.1,77.85,358.31,null,37.94,null,7.79,null,35.83,null,3.79]
["人工单价",null,"小计",{"$nulls":6},7.79,null,35.83,null,3.79]
[null,null,"未计价材料费",{"$nulls":6},35.35]
["清单项目综合单价",{"$nulls":8},47.41]
["材\n料\n费\n明\n细","主要材料名称、规格、型号",{"$nulls":4},"单位","数量",null,"单价（元）",null,"合价（元）","暂估单价\n（元）","暂估合价\n（元）"]
[null,"声、光感应式延时开关 10A,250V",{"$nulls":4},"个",1.02,null,34.66,null,35.35]
[null,"其他材料费",{"$nulls":7},"-",null,0.48,"-"]
[null,"材料费小计",{"$nulls":7},"-",null,35.83,"-"]
{"$rows_empty":7}
["注：1.如不使用省级或行业建设主管部门发布的计价依据，可不填定额编码、名称等；\n    2.招标文件提供了暂估单价的材料，按暂估的单价填入表内“暂估单价”栏及“暂估合价”栏。"]
[{"$nulls":10},"表-09"]
["综合单价分析表"]
["工程名称：电气工程-新蓝天幼儿园工程建设项目-地下",{"$nulls":7},"标段：",null,"第 45 页  共 105 页"]
["项目编码",null,"030404035001",null,"项目名称","暗装普通单相二、三孔插座,带保护门",{"$nulls":3},"计量单位",null,"个","工程量",5]
["清单综合单价组成明细"]
["定额编号","定额项目名称","定额\n单位","数量","单价",{"$nulls":4},"合价"]
[{"$nulls":4},"人工费","材料费","机具费","管理费\n和利润",null,"人工费",null,"材料费","机具费","管理费\n和利润"]
["C4-4-141","三相带接地暗插座安装(A以下) 16","10个",0.1,103.47,147.91,null,50.43,null,10.35,null,14.79,null,5.04]
["人工单价",null,"小计",{"$nulls":6},10.35,null,14.79,null,5.04]
[null,null,"未计价材料费",{"$nulls":6},13.97]
["清单项目综合单价",{"$nulls":8},30.18]
["材\n料\n费\n明\n细","主要材料名称、规格、型号",{"$nulls":4},"单位","数量",null,"单价（元）",null,"合价（元）","暂估单价\n（元）","暂估合价\n（元）"]
[null,"暗装普通单相二、三孔插座,带保护门 ",{"$nulls":4},"个",1.02,null,13.7,null,13.97]
[null,"其他材料费",{"$nulls":7},"-",null,0.82,"-"]
[null,"材料费小计",{"$nulls":7},"-",null,14.79,"-"]
{"$rows_empty":7}
["注：1.如不使用省级或行业建设主管部门发布的计价依据，可不填定额编码、名称等；\n    2.招标文件提供了暂估单价的材料，按暂估的单价填入表内“暂估单价”栏及“暂估合价”栏。"]
[{"$nulls":10},"表-09"]
["综合单价分析表"]
["工程名称：电气工程-新蓝天幼儿园工程建设项目-地下",{"$nulls":7},"标段：",null,"第 46 页  共 105 页"]
["项目编码",null,"030404031001",null,"项目名称","现场控制按钮",{"$nulls":3},"计量单位",null,"个","工程量",6]
["清单综合单价组成明细"]
["定额编号","定额项目名称","定额\n单位","数量","单价",{"$nulls":4},"合价"]
[{"$nulls":4},"人工费","材料费","机具费","管理费\n和利润",null,"人工费",null,"材料费","机具费","管理费\n和利润"]
["C4-4-92","门铃按钮安装 明装","10个",0.1,75.76,286.34,null,36.92,null,7.58,null,28.63,null,3.69]
["人工单价",null,"小计",{"$nulls":6},7.58,null,28.63,null,3.69]
[null,null,"未计价材料费",{"$nulls":6},26.47]
["清单项目综合单价",{"$nulls":8},39.9]
["材\n料\n费\n明\n细","主要材料名称、规格、型号",{"$nulls":4},"单位","数量",null,"单价（元）",null,"合价（元）","暂估单价\n（元）","暂估合价\n（元）"]
[null,"现场控制按钮 ",{"$nulls":4},"个",1.02,null,25.95,null,26.47]
[null,"其他材料费",{"$nulls":7},"-",null,2.18,"-"]
[null,"材料费小计",{"$nulls":7},"-",null,28.65,"-"]
{"$rows_empty":7}
["注：1.如不使用省级或行业建设主管部门发布的计价依据，可不填定额编码、名称等；\n    2.招标文件提供了暂估单价的材料，按暂估的单价填入表内“暂估单价”栏及“暂估合价”栏。"]
[{"$nulls":10},"表-09"]
["综合单价分析表"]
["工程名称：电气工程-新蓝天幼儿园工程建设项目-地下",{"$nulls":7},"标段：",null,"第 47 页  共 105 页"]
["项目编码",null,"030404034005",null,"项目名称","照明面板开关",{"$nulls":3},"计量单位",null,"个","工程量",1]
["清单综合单价组成明细"]
["定额编号","定额项目名称","定额\n单位","数量","单价",{"$nulls":4},"合价"]
[{"$nulls":4},"人工费","材料费","机具费","管理费\n和利润",null,"人工费",null,"材料费","机具费","管理费\n和利润"]
["C4-4-116","照明开关安装 扳式暗开关(单控) 单联","10个",0.1,77.85,1534.78,null,37.94,null,7.79,null,153.48,null,3.79]
["人工单价",null,"小计",{"$nulls":6},7.79,null,153.48,null,3.79]
[null,null,"未计价材料费",{"$nulls":6},153]
["清单项目综合单价",{"$nulls":8},165.06]
["材\n料\n费\n明\n细","主要材料名称、规格、型号",{"$nulls":4},"单位","数量",null,"单价（元）",null,"合价（元）","暂估单价\n（元）","暂估合价\n（元）"]
[null,"照明面板开关 ",{"$nulls":4},"个",1.02,null,150,null,153]
[null,"其他材料费",{"$nulls":7},"-",null,0.48,"-"]
[null,"材料费小计",{"$nulls":7},"-",null,153.48,"-"]
{"$rows_empty":7}
["注：1.如不使用省级或行业建设主管部门发布的计价依据，可不填定额编码、名称等；\n    2.招标文件提供了暂估单价的材料，按暂估的单价填入表内“暂估单价”栏及“暂估合价”栏。"]
[{"$nulls":10},"表-09"]
["综合单价分析表"]
["工程名称：电气工程-新蓝天幼儿园工程建设项目-地下",{"$nulls":7},"标段：",null,"第 48 页  共 105 页"]
["项目编码",null,"030404020001",null,"项目名称","低压熔断器",{"$nulls":3},"计量单位",null,"个","工程量",1]
["清单综合单价组成明细"]
["定额编号","定额项目名称","定额\n单位","数量","单价",{"$nulls":4},"合价"]
[{"$nulls":4},"人工费","材料费","机具费","管理费\n和利润",null,"人工费",null,"材料费","机具费","管理费\n和利润"]
["C4-4-70","低压熔断器安装 管式","个",1,66.02,36.72,null,32.17,null,66.02,null,36.72,null,32.17]
["人工单价",null,"小计",{"$nulls":6},66.02,null,36.72,null,32.17]
[null,null,"未计价材料费",{"$nulls":6},33.22]
["清单项目综合单价",{"$nulls":8},134.91]
["材\n料\n费\n明\n细","主要材料名称、规格、型号",{"$nulls":4},"单位","数量",null,"单价（元）",null,"合价（元）","暂估单价\n（元）","暂估合价\n（元）"]
[null,"低压熔断器 ",{"$nulls":4},"个",1.01,null,32.89,null,33.22]
[null,"其他材料费",{"$nulls":7},"-",null,3.5,"-"]
[null,"材料费小计",{"$nulls":7},"-",null,36.72,"-"]
{"$rows_empty":7}
["注：1.如不使用省级或行业建设主管部门发布的计价依据，可不填定额编码、名称等；\n    2.招标文件提供了暂估单价的材料，按暂估的单价填入表内“暂估单价”栏及“暂估合价”栏。"]
[{"$nulls":10},"表-09"]
["综合单价分析表"]
["工程名称：电气工程-新蓝天幼儿园工程建设项目-地下",{"$nulls":7},"标段：",null,"第 49 页  共 105 页"]
["项目编码",null,"030411006001",null,"项目名称","开关插座接线盒",{"$nulls":3},"计量单位",null,"个","工程量",33]
["清单综合单价组成明细"]
["定额编号","定额项目名称","定额\n单位","数量","单价",{"$nulls":4},"合价"]
[{"$nulls":4},"人工费","材料费","机具费","管理费\n和利润",null,"人工费",null,"材料费","机具费","管理费\n和利润"]
["C4-11-281","接线盒安装 开关(插座)盒 暗装","10个",0.1,43.99,26.08,null,21.44,null,4.4,null,2.61,null,2.14]
["人工单价",null,"小计",{"$nulls":6},4.4,null,2.61,null,2.14]
[null,null,"未计价材料费",{"$nulls":6},2.19]
["清单项目综合单价",{"$nulls":8},9.15]
["材\n料\n费\n明\n细","主要材料名称、规格、型号",{"$nulls":4},"单位","数量",null,"单价（元）",null,"合价（元）","暂估单价\n（元）","暂估合价\n（元）"]
[null,"开关插座接线盒 ",{"$nulls":4},"个",1.02,null,2.15,null,2.19]
[null,"其他材料费",{"$nulls":7},"-",null,0.41,"-"]
[null,"材料费小计",{"$nulls":7},"-",null,2.6,"-"]
{"$rows_empty":7}
["注：1.如不使用省级或行业建设主管部门发布的计价依据，可不填定额编码、名称等；\n    2.招标文件提供了暂估单价的材料，按暂估的单价填入表内“暂估单价”栏及“暂估合价”栏。"]
[{"$nulls":10},"表-09"]
["综合单价分析表"]
["工程名称：电气工程-新蓝天幼儿园工程建设项目-地下",{"$nulls":7},"标段：",null,"第 50 页  共 105 页"]
["项目编码",null,"030411006002",null,"项目名称","灯具接线盒",{"$nulls":3},"计量单位",null,"个","工程量",91]
["清单综合单价组成明细"]
["定额编号","定额项目名称","定额\n单位","数量","单价",{"$nulls":4},"合价"]
[{"$nulls":4},"人工费","材料费","机具费","管理费\n和利润",null,"人工费",null,"材料费","机具费","管理费\n和利润"]
["C4-11-282","接线盒安装 接线盒 暗装","10个",0.1,41.27,32.24,null,20.11,null,4.13,null,3.22,null,2.01]
["人工单价",null,"小计",{"$nulls":6},4.13,null,3.22,null,2.01]
[null,null,"未计价材料费",{"$nulls":6},2.19]
["清单项目综合单价",{"$nulls":8},9.36]
["材\n料\n费\n明\n细","主要材料名称、规格、型号",{"$nulls":4},"单位","数量",null,"单价（元）",null,"合价（元）","暂估单价\n（元）","暂估合价\n（元）"]
[null,"接线盒 ",{"$nulls":4},"个",1.02,null,2.15,null,2.19]
[null,"其他材料费",{"$nulls":7},"-",null,1.03,"-"]
[null,"材料费小计",{"$nulls":7},"-",null,3.22,"-"]
{"$rows_empty":7}
["注：1.如不使用省级或行业建设主管部门发布的计价依据，可不填定额编码、名称等；\n    2.招标文件提供了暂估单价的材料，按暂估的单价填入表内“暂估单价”栏及“暂估合价”栏。"]
[{"$nulls":10},"表-09"]
["综合单价分析表"]
["工程名称：电气工程-新蓝天幼儿园工程建设项目-地下",{"$nulls":7},"标段：",null,"第 51 页  共 105 页"]
["项目编码",null,"030411006003",null,"项目名称","钢制接线盒",{"$nulls":3},"计量单位",null,"个","工程量",87]
["清单综合单价组成明细"]
["定额编号","定额项目名称","定额\n单位","数量","单价",{"$nulls":4},"合价"]
[{"$nulls":4},"人工费","材料费","机具费","管理费\n和利润",null,"人工费",null,"材料费","机具费","管理费\n和利润"]
["C4-11-282","接线盒安装 接线盒 暗装","10个",0.1,41.27,56.21,null,20.11,null,4.13,null,5.62,null,2.01]
["人工单价",null,"小计",{"$nulls":6},4.13,null,5.62,null,2.01]
[null,null,"未计价材料费",{"$nulls":6},4.59]
["清单项目综合单价",{"$nulls":8},11.76]
["材\n料\n费\n明\n细","主要材料名称、规格、型号",{"$nulls":4},"单位","数量",null,"单价（元）",null,"合价（元）","暂估单价\n（元）","暂估合价\n（元）"]
[null,"钢制接线盒 ",{"$nulls":4},"个",1.02,null,4.5,null,4.59]
[null,"其他材料费",{"$nulls":7},"-",null,1.03,"-"]
[null,"材料费小计",{"$nulls":7},"-",null,5.62,"-"]
{"$rows_empty":7}
["注：1.如不使用省级或行业建设主管部门发布的计价依据，可不填定额编码、名称等；\n    2.招标文件提供了暂估单价的材料，按暂估的单价填入表内“暂估单价”栏及“暂估合价”栏。"]
[{"$nulls":10},"表-09"]
["综合单价分析表"]
["工程名称：电气工程-新蓝天幼儿园工程建设项目-地下",{"$nulls":7},"标段：",null,"第 52 页  共 105 页"]
["项目编码",null,"030408001001",null,"项目名称","矿物电缆 BTLY-0.6/1.0kV-3x150+2x70",{"$nulls":3},"计量单位",null,"m","工程量",39.6]
["清单综合单价组成明细"]
["定额编号","定额项目名称","定额\n单位","数量","单价",{"$nulls":4},"合价"]
[{"$nulls":4},"人工费","材料费","机具费","管理费\n和利润",null,"人工费",null,"材料费","机具费","管理费\n和利润"]
["C4-8-21 *1.3","硬矿物绝缘电力电缆敷设 3~4芯(截面mm2以下) 185 \u007f五芯矿物电力电缆敷设 单价*1.3","100m",0.01,2260.87,61483.59,398.18,1296.02,null,22.61,null,614.84,3.98,12.96]
["人工单价",null,"小计",{"$nulls":6},22.61,null,614.84,3.98,12.96]
[null,null,"未计价材料费",{"$nulls":6},608.27]
["清单项目综合单价",{"$nulls":8},654.39]
["材\n料\n费\n明\n细","主要材料名称、规格、型号",{"$nulls":4},"单位","数量",null,"单价（元）",null,"合价（元）","暂估单价\n（元）","暂估合价\n（元）"]
[null,"矿物绝缘电缆 BTLY-3x150+2x70",{"$nulls":4},"m",1,null,608.27,null,608.27]
[null,"其他材料费",{"$nulls":7},"-",null,6.57,"-"]
[null,"材料费小计",{"$nulls":7},"-",null,614.84,"-"]
[]
[]
[]
[]
[]
["注：1.如不使用省级或行业建设主管部门发布的计价依据，可不填定额编码、名称等；\n    2.招标文件提供了暂估单价的材料，按暂估的单价填入表内“暂估单价”栏及“暂估合价”栏。"]
[{"$nulls":10},"表-09"]
["综合单价分析表"]
["工程名称：电气工程-新蓝天幼儿园工程建设项目-地下",{"$nulls":7},"标段：",null,"第 53 页  共 105 页"]
["项目编码",null,"030408001002",null,"项目名称","矿物电缆 BTLY-0.6/1.0kV-4x70+1x35",{"$nulls":3},"计量单位",null,"m","工程量",44.62]
["清单综合单价组成明细"]
["定额编号","定额项目名称","定额\n单位","数量","单价",{"$nulls":4},"合价"]
[{"$nulls":4},"人工费","材料费","机具费","管理费\n和利润",null,"人工费",null,"材料费","机具费","管理费\n和利润"]
["C4-8-19 *1.3","硬矿物绝缘电力电缆敷设 3~4芯(截面mm2以下) 70 \u007f五芯矿物电力电缆敷设 单价*1.3","100m",0.01,1227.32,22870.11,265.46,727.58,null,12.27,null,228.7,2.65,7.28]
["人工单价",null,"小计",{"$nulls":6},12.27,null,228.7,2.65,7.28]
[null,null,"未计价材料费",{"$nulls":6},222.16]
["清单项目综合单价",{"$nulls":8},250.9]
["材\n料\n费\n明\n细","主要材料名称、规格、型号",{"$nulls":4},"单位","数量",null,"单价（元）",null,"合价（元）","暂估单价\n（元）","暂估合价\n（元）"]
[null,"矿物绝缘电缆 BTLY-4x70+1x35",{"$nulls":4},"m",1,null,222.16,null,222.16]
[null,"其他材料费",{"$nulls":7},"-",null,6.54,"-"]
[null,"材料费小计",{"$nulls":7},"-",null,228.7,"-"]
[]
[]
[]
[]
[]
["注：1.如不使用省级或行业建设主管部门发布的计价依据，可不填定额编码、名称等；\n    2.招标文件提供了暂估单价的材料，按暂估的单价填入表内“暂估单价”栏及“暂估合价”栏。"]
[{"$nulls":10},"表-09"]
["综合单价分析表"]
["工程名称：电气工程-新蓝天幼儿园工程建设项目-地下",{"$nulls":7},"标段：",null,"第 54 页  共 105 页"]
["项目编码",null,"030408001003",null,"项目名称","矿物电缆 BTLY-0.6/1.0kV-5x16",{"$nulls":3},"计量单位",null,"m","工程量",45.3]
["清单综合单价组成明细"]
["定额编号","定额项目名称","定额\n单位","数量","单价",{"$nulls":4},"合价"]
[{"$nulls":4},"人工费","材料费","机具费","管理费\n和利润",null,"人工费",null,"材料费","机具费","管理费\n和利润"]
["C4-8-18 *1.3","硬矿物绝缘电力电缆敷设 3~4芯(截面mm2以下) 35 \u007f五芯矿物电力电缆敷设 单价*1.3","100m",0.01,920.17,6316.54,199.1,545.53,null,9.2,null,63.17,1.99,5.46]
["人工单价",null,"小计",{"$nulls":6},9.2,null,63.17,1.99,5.46]
[null,null,"未计价材料费",{"$nulls":6},57.64]
["清单项目综合单价",{"$nulls":8},79.81]
["材\n料\n费\n明\n细","主要材料名称、规格、型号",{"$nulls":4},"单位","数量",null,"单价（元）",null,"合价（元）","暂估单价\n（元）","暂估合价\n（元）"]
[null,"矿物绝缘电缆 BTLY-5x16",{"$nulls":4},"m",1,null,57.64,null,57.64]
[null,"其他材料费",{"$nulls":7},"-",null,5.52,"-"]
[null,"材料费小计",{"$nulls":7},"-",null,63.16,"-"]
[]
[]
[]
[]
[]
["注：1.如不使用省级或行业建设主管部门发布的计价依据，可不填定额编码、名称等；\n    2.招标文件提供了暂估单价的材料，按暂估的单价填入表内“暂估单价”栏及“暂估合价”栏。"]
[{"$nulls":10},"表-09"]
["综合单价分析表"]
["工程名称：电气工程-新蓝天幼儿园工程建设项目-地下",{"$nulls":7},"标段：",null,"第 55 页  共 105 页"]
["项目编码",null,"030408001024",null,"项目名称","电力电缆 WDZB-YJY-0.6/1.0kV-4x35+1x16",{"$nulls":3},"计量单位",null,"m","工程量",29.96]
["清单综合单价组成明细"]
["定额编号","定额项目名称","定额\n单位","数量","单价",{"$nulls":4},"合价"]
[{"$nulls":4},"人工费","材料费","机具费","管理费\n和利润",null,"人工费",null,"材料费","机具费","管理费\n和利润"]
["C4-8-2 *1.3","铜芯电力电缆敷设 电缆(截面mm2以下) 35 \u007f实际电缆芯数(芯):5","100m",0.01,804.73,17014.36,18.85,401.42,null,8.05,null,170.14,0.19,4.01]
["人工单价",null,"小计",{"$nulls":6},8.05,null,170.14,0.19,4.01]
[null,null,"未计价材料费",{"$nulls":6},169.68]
["清单项目综合单价",{"$nulls":8},182.39]
["材\n料\n费\n明\n细","主要材料名称、规格、型号",{"$nulls":4},"单位","数量",null,"单价（元）",null,"合价（元）","暂估单价\n（元）","暂估合价\n（元）"]
[null,"铜芯电缆 WDZB-YJY-4x35+1x16",{"$nulls":4},"m",1.01,null,168,null,169.68]
[null,"其他材料费",{"$nulls":7},"-",null,0.46,"-"]
[null,"材料费小计",{"$nulls":7},"-",null,170.14,"-"]
[]
[]
[]
[]
[]
[]
["注：1.如不使用省级或行业建设主管部门发布的计价依据，可不填定额编码、名称等；\n    2.招标文件提供了暂估单价的材料，按暂估的单价填入表内“暂估单价”栏及“暂估合价”栏。"]
[{"$nulls":10},"表-09"]
["综合单价分析表"]
["工程名称：电气工程-新蓝天幼儿园工程建设项目-地下",{"$nulls":7},"标段：",null,"第 56 页  共 105 页"]
["项目编码",null,"030408001004",null,"项目名称","电力电缆 WDZB-YJY-0.6/1.0kV-5x16",{"$nulls":3},"计量单位",null,"m","工程量",23.47]
["清单综合单价组成明细"]
["定额编号","定额项目名称","定额\n单位","数量","单价",{"$nulls":4},"合价"]
[{"$nulls":4},"人工费","材料费","机具费","管理费\n和利润",null,"人工费",null,"材料费","机具费","管理费\n和利润"]
["C4-8-2 *1.3","铜芯电力电缆敷设 电缆(截面mm2以下) 35 \u007f实际电缆芯数(芯):5","100m",0.01,804.73,8414.21,18.85,401.42,null,8.05,null,84.14,0.19,4.01]
["人工单价",null,"小计",{"$nulls":6},8.05,null,84.14,0.19,4.01]
[null,null,"未计价材料费",{"$nulls":6},83.68]
["清单项目综合单价",{"$nulls":8},96.39]
["材\n料\n费\n明\n细","主要材料名称、规格、型号",{"$nulls":4},"单位","数量",null,"单价（元）",null,"合价（元）","暂估单价\n（元）","暂估合价\n（元）"]
[null,"铜芯电缆 WDZB-YJY-5x16",{"$nulls":4},"m",1.01,null,82.85,null,83.68]
[null,"其他材料费",{"$nulls":7},"-",null,0.46,"-"]
[null,"材料费小计",{"$nulls":7},"-",null,84.14,"-"]
[]
[]
[]
[]
[]
[]
["注：1.如不使用省级或行业建设主管部门发布的计价依据，可不填定额编码、名称等；\n    2.招标文件提供了暂估单价的材料，按暂估的单价填入表内“暂估单价”栏及“暂估合价”栏。"]
[{"$nulls":10},"表-09"]
["综合单价分析表"]
["工程名称：电气工程-新蓝天幼儿园工程建设项目-地下",{"$nulls":7},"标段：",null,"第 57 页  共 105 页"]
["项目编码",null,"030408001005",null,"项目名称","电力电缆 WDZB-YJY-0.6/1.0kV-5x10",{"$nulls":3},"计量单位",null,"m","工程量",23.36]
["清单综合单价组成明细"]
["定额编号","定额项目名称","定额\n单位","数量","单价",{"$nulls":4},"合价"]
[{"$nulls":4},"人工费","材料费","机具费","管理费\n和利润",null,"人工费",null,"材料费","机具费","管理费\n和利润"]
["C4-8-1 *1.3","铜芯电力电缆敷设 电缆(截面mm2以下) 10 \u007f实际电缆芯数(芯):5","100m",0.01,420.5,4342.32,9.43,209.55,null,4.21,null,43.42,0.09,2.1]
["人工单价",null,"小计",{"$nulls":6},4.21,null,43.42,0.09,2.1]
[null,null,"未计价材料费",{"$nulls":6},43.14]
["清单项目综合单价",{"$nulls":8},49.82]
["材\n料\n费\n明\n细","主要材料名称、规格、型号",{"$nulls":4},"单位","数量",null,"单价（元）",null,"合价（元）","暂估单价\n（元）","暂估合价\n（元）"]
[null,"铜芯电缆 WDZB-YJY-5x10",{"$nulls":4},"m",1.01,null,42.71,null,43.14]
[null,"其他材料费",{"$nulls":7},"-",null,0.28,"-"]
[null,"材料费小计",{"$nulls":7},"-",null,43.42,"-"]
[]
[]
[]
[]
[]
[]
["注：1.如不使用省级或行业建设主管部门发布的计价依据，可不填定额编码、名称等；\n    2.招标文件提供了暂估单价的材料，按暂估的单价填入表内“暂估单价”栏及“暂估合价”栏。"]
[{"$nulls":10},"表-09"]
["综合单价分析表"]
["工程名称：电气工程-新蓝天幼儿园工程建设项目-地下",{"$nulls":7},"标段：",null,"第 58 页  共 105 页"]
["项目编码",null,"030408001006",null,"项目名称","电力电缆 WDZB-YJY-0.6/1.0kV-5x4",{"$nulls":3},"计量单位",null,"m","工程量",13.04]
["清单综合单价组成明细"]
["定额编号","定额项目名称","定额\n单位","数量","单价",{"$nulls":4},"合价"]
[{"$nulls":4},"人工费","材料费","机具费","管理费\n和利润",null,"人工费",null,"材料费","机具费","管理费\n和利润"]
["C4-8-1 换","铜芯电力电缆敷设 电缆(截面mm2以下) 10 \u007f6mm2以下电力电缆敷设 单价*0.6 \u007f实际电缆芯数(芯):5","100m",0.01,252.3,2138.17,5.66,125.73,null,2.52,null,21.38,0.06,1.26]
["人工单价",null,"小计",{"$nulls":6},2.52,null,21.38,0.06,1.26]
[null,null,"未计价材料费",{"$nulls":6},21.21]
["清单项目综合单价",{"$nulls":8},25.22]
["材\n料\n费\n明\n细","主要材料名称、规格、型号",{"$nulls":4},"单位","数量",null,"单价（元）",null,"合价（元）","暂估单价\n（元）","暂估合价\n（元）"]
[null,"铜芯电缆 WDZB-YJY-5x4",{"$nulls":4},"m",1.01,null,21,null,21.21]
[null,"其他材料费",{"$nulls":7},"-",null,0.18,"-"]
[null,"材料费小计",{"$nulls":7},"-",null,21.39,"-"]
[]
[]
[]
[]
[]
["注：1.如不使用省级或行业建设主管部门发布的计价依据，可不填定额编码、名称等；\n    2.招标文件提供了暂估单价的材料，按暂估的单价填入表内“暂估单价”栏及“暂估合价”栏。"]
[{"$nulls":10},"表-09"]
["综合单价分析表"]
["工程名称：电气工程-新蓝天幼儿园工程建设项目-地下",{"$nulls":7},"标段：",null,"第 59 页  共 105 页"]
["项目编码",null,"030408001007",null,"项目名称","电力电缆 WDZBN-YJY-0.6/1.0kV-5x2.5",{"$nulls":3},"计量单位",null,"m","工程量",18.33]
["清单综合单价组成明细"]
["定额编号","定额项目名称","定额\n单位","数量","单价",{"$nulls":4},"合价"]
[{"$nulls":4},"人工费","材料费","机具费","管理费\n和利润",null,"人工费",null,"材料费","机具费","管理费\n和利润"]
["C4-8-1 换","铜芯电力电缆敷设 电缆(截面mm2以下) 10 \u007f6mm2以下电力电缆敷设 单价*0.6 \u007f实际电缆芯数(芯):5","100m",0.01,252.3,1333.2,5.66,125.73,null,2.52,null,13.33,0.06,1.26]
["人工单价",null,"小计",{"$nulls":6},2.52,null,13.33,0.06,1.26]
[null,null,"未计价材料费",{"$nulls":6},13.16]
["清单项目综合单价",{"$nulls":8},17.17]
["材\n料\n费\n明\n细","主要材料名称、规格、型号",{"$nulls":4},"单位","数量",null,"单价（元）",null,"合价（元）","暂估单价\n（元）","暂估合价\n（元）"]
[null,"铜芯电缆 WDZBN-YJY-5x2.5",{"$nulls":4},"m",1.01,null,13.03,null,13.16]
[null,"其他材料费",{"$nulls":7},"-",null,0.18,"-"]
[null,"材料费小计",{"$nulls":7},"-",null,13.34,"-"]
[]
[]
[]
[]
[]
["注：1.如不使用省级或行业建设主管部门发布的计价依据，可不填定额编码、名称等；\n    2.招标文件提供了暂估单价的材料，按暂估的单价填入表内“暂估单价”栏及“暂估合价”栏。"]
[{"$nulls":10},"表-09"]
["综合单价分析表"]
["工程名称：电气工程-新蓝天幼儿园工程建设项目-地下",{"$nulls":7},"标段：",null,"第 60 页  共 105 页"]
["项目编码",null,"030408001008",null,"项目名称","电力电缆 WDZB-YJY-0.6/1.0kV-4x2.5",{"$nulls":3},"计量单位",null,"m","工程量",63.85]
["清单综合单价组成明细"]
["定额编号","定额项目名称","定额\n单位","数量","单价",{"$nulls":4},"合价"]
[{"$nulls":4},"人工费","材料费","机具费","管理费\n和利润",null,"人工费",null,"材料费","机具费","管理费\n和利润"]
["C4-8-1 *0.6","铜芯电力电缆敷设 电缆(截面mm2以下) 10 \u007f6mm2以下电力电缆敷设 单价*0.6","100m",0.01,194.08,1164.61,4.35,96.72,null,1.94,null,11.65,0.04,0.97]
["人工单价",null,"小计",{"$nulls":6},1.94,null,11.65,0.04,0.97]
[null,null,"未计价材料费",{"$nulls":6},11.51]
["清单项目综合单价",{"$nulls":8},14.6]
["材\n料\n费\n明\n细","主要材料名称、规格、型号",{"$nulls":4},"单位","数量",null,"单价（元）",null,"合价（元）","暂估单价\n（元）","暂估合价\n（元）"]
[null,"铜芯电缆 WDZB-YJY-4x2.5",{"$nulls":4},"m",1.01,null,11.4,null,11.51]
[null,"其他材料费",{"$nulls":7},"-",null,0.13,"-"]
[null,"材料费小计",{"$nulls":7},"-",null,11.64,"-"]
[]
[]
[]
[]
[]
["注：1.如不使用省级或行业建设主管部门发布的计价依据，可不填定额编码、名称等；\n    2.招标文件提供了暂估单价的材料，按暂估的单价填入表内“暂估单价”栏及“暂估合价”栏。"]
[{"$nulls":10},"表-09"]
["综合单价分析表"]
["工程名称：电气工程-新蓝天幼儿园工程建设项目-地下",{"$nulls":7},"标段：",null,"第 61 页  共 105 页"]
["项目编码",null,"030408001023",null,"项目名称","电力电缆 WDZBN-YJY-0.6/1.0kV-3x50+2x25",{"$nulls":3},"计量单位",null,"m","工程量",19.27]
["清单综合单价组成明细"]
["定额编号","定额项目名称","定额\n单位","数量","单价",{"$nulls":4},"合价"]
[{"$nulls":4},"人工费","材料费","机具费","管理费\n和利润",null,"人工费",null,"材料费","机具费","管理费\n和利润"]
["C4-8-3 *1.3","铜芯电力电缆敷设 电缆(截面mm2以下) 70 \u007f实际电缆芯数(芯):5","100m",0.01,1073.37,18592.84,94.26,569.11,null,10.73,null,185.93,0.94,5.69]
["人工单价",null,"小计",{"$nulls":6},10.73,null,185.93,0.94,5.69]
[null,null,"未计价材料费",{"$nulls":6},184.56]
["清单项目综合单价",{"$nulls":8},203.3]
["材\n料\n费\n明\n细","主要材料名称、规格、型号",{"$nulls":4},"单位","数量",null,"单价（元）",null,"合价（元）","暂估单价\n（元）","暂估合价\n（元）"]
[null,"铜芯电缆 WDZBN-YJY-3x50+2x25",{"$nulls":4},"m",1.01,null,182.73,null,184.56]
[null,"其他材料费",{"$nulls":7},"-",null,1.36,"-"]
[null,"材料费小计",{"$nulls":7},"-",null,185.92,"-"]
[]
[]
[]
[]
[]
[]
["注：1.如不使用省级或行业建设主管部门发布的计价依据，可不填定额编码、名称等；\n    2.招标文件提供了暂估单价的材料，按暂估的单价填入表内“暂估单价”栏及“暂估合价”栏。"]
[{"$nulls":10},"表-09"]
["综合单价分析表"]
["工程名称：电气工程-新蓝天幼儿园工程建设项目-地下",{"$nulls":7},"标段：",null,"第 62 页  共 105 页"]
["项目编码",null,"030408001010",null,"项目名称","电力电缆 WDZBN-YJY-0.6/1.0kV-3x35+2x16",{"$nulls":3},"计量单位",null,"m","工程量",40.42]
["清单综合单价组成明细"]
["定额编号","定额项目名称","定额\n单位","数量","单价",{"$nulls":4},"合价"]
[{"$nulls":4},"人工费","材料费","机具费","管理费\n和利润",null,"人工费",null,"材料费","机具费","管理费\n和利润"]
["C4-8-2 *1.3","铜芯电力电缆敷设 电缆(截面mm2以下) 35 \u007f实际电缆芯数(芯):5","100m",0.01,804.73,13466.23,18.85,401.42,null,8.05,null,134.66,0.19,4.01]
["人工单价",null,"小计",{"$nulls":6},8.05,null,134.66,0.19,4.01]
[null,null,"未计价材料费",{"$nulls":6},134.2]
["清单项目综合单价",{"$nulls":8},146.91]
["材\n料\n费\n明\n细","主要材料名称、规格、型号",{"$nulls":4},"单位","数量",null,"单价（元）",null,"合价（元）","暂估单价\n（元）","暂估合价\n（元）"]
[null,"铜芯电缆 WDZBN-YJY-3x35+2x16",{"$nulls":4},"m",1.01,null,132.87,null,134.2]
[null,"其他材料费",{"$nulls":7},"-",null,0.46,"-"]
[null,"材料费小计",{"$nulls":7},"-",null,134.66,"-"]
[]
[]
[]
[]
[]
[]
["注：1.如不使用省级或行业建设主管部门发布的计价依据，可不填定额编码、名称等；\n    2.招标文件提供了暂估单价的材料，按暂估的单价填入表内“暂估单价”栏及“暂估合价”栏。"]
[{"$nulls":10},"表-09"]
["综合单价分析表"]
["工程名称：电气工程-新蓝天幼儿园工程建设项目-地下",{"$nulls":7},"标段：",null,"第 63 页  共 105 页"]
["项目编码",null,"030408001012",null,"项目名称","电力电缆 WDZBN-YJY-0.6/1.0kV-7x16",{"$nulls":3},"计量单位",null,"m","工程量",70.69]
["清单综合单价组成明细"]
["定额编号","定额项目名称","定额\n单位","数量","单价",{"$nulls":4},"合价"]
[{"$nulls":4},"人工费","材料费","机具费","管理费\n和利润",null,"人工费",null,"材料费","机具费","管理费\n和利润"]
["C4-8-2 *1.9","铜芯电力电缆敷设 电缆(截面mm2以下) 35 \u007f实际电缆芯数(芯):7","100m",0.01,1176.14,10201.08,27.55,586.68,null,11.76,null,102.01,0.28,5.87]
["人工单价",null,"小计",{"$nulls":6},11.76,null,102.01,0.28,5.87]
[null,null,"未计价材料费",{"$nulls":6},101.33]
["清单项目综合单价",{"$nulls":8},119.91]
["材\n料\n费\n明\n细","主要材料名称、规格、型号",{"$nulls":4},"单位","数量",null,"单价（元）",null,"合价（元）","暂估单价\n（元）","暂估合价\n（元）"]
[null,"铜芯电缆 WDZBN-YJY-7x16",{"$nulls":4},"m",1.01,null,100.33,null,101.33]
[null,"其他材料费",{"$nulls":7},"-",null,0.67,"-"]
[null,"材料费小计",{"$nulls":7},"-",null,102,"-"]
[]
[]
[]
[]
[]
[]
["注：1.如不使用省级或行业建设主管部门发布的计价依据，可不填定额编码、名称等；\n    2.招标文件提供了暂估单价的材料，按暂估的单价填入表内“暂估单价”栏及“暂估合价”栏。"]
[{"$nulls":10},"表-09"]
["综合单价分析表"]
["工程名称：电气工程-新蓝天幼儿园工程建设项目-地下",{"$nulls":7},"标段：",null,"第 64 页  共 105 页"]
["项目编码",null,"030408001013",null,"项目名称","电力电缆 WDZBN-YJY-0.6/1.0kV-5x16",{"$nulls":3},"计量单位",null,"m","工程量",99.9]
["清单综合单价组成明细"]
["定额编号","定额项目名称","定额\n单位","数量","单价",{"$nulls":4},"合价"]
[{"$nulls":4},"人工费","材料费","机具费","管理费\n和利润",null,"人工费",null,"材料费","机具费","管理费\n和利润"]
["C4-8-1 *1.3","铜芯电力电缆敷设 电缆(截面mm2以下) 10 \u007f实际电缆芯数(芯):5","100m",0.01,420.5,7266.27,9.43,209.55,null,4.21,null,72.66,0.09,2.1]
["人工单价",null,"小计",{"$nulls":6},4.21,null,72.66,0.09,2.1]
[null,null,"未计价材料费",{"$nulls":6},72.38]
["清单项目综合单价",{"$nulls":8},79.06]
["材\n料\n费\n明\n细","主要材料名称、规格、型号",{"$nulls":4},"单位","数量",null,"单价（元）",null,"合价（元）","暂估单价\n（元）","暂估合价\n（元）"]
[null,"铜芯电缆 WDZBN-YJY-5x16",{"$nulls":4},"m",1.01,null,71.66,null,72.38]
[null,"其他材料费",{"$nulls":7},"-",null,0.28,"-"]
[null,"材料费小计",{"$nulls":7},"-",null,72.66,"-"]
[]
[]
[]
[]
[]
[]
["注：1.如不使用省级或行业建设主管部门发布的计价依据，可不填定额编码、名称等；\n    2.招标文件提供了暂估单价的材料，按暂估的单价填入表内“暂估单价”栏及“暂估合价”栏。"]
[{"$nulls":10},"表-09"]
["综合单价分析表"]
["工程名称：电气工程-新蓝天幼儿园工程建设项目-地下",{"$nulls":7},"标段：",null,"第 65 页  共 105 页"]
["项目编码",null,"030408001025",null,"项目名称","电力电缆 WDZBN-YJY-0.6/1.0kV-4x10",{"$nulls":3},"计量单位",null,"m","工程量",10.89]
["清单综合单价组成明细"]
["定额编号","定额项目名称","定额\n单位","数量","单价",{"$nulls":4},"合价"]
[{"$nulls":4},"人工费","材料费","机具费","管理费\n和利润",null,"人工费",null,"材料费","机具费","管理费\n和利润"]
["C4-8-1","铜芯电力电缆敷设 电缆(截面mm2以下) 10","100m",0.01,323.46,3529.74,7.25,161.19,null,3.23,null,35.3,0.07,1.61]
["人工单价",null,"小计",{"$nulls":6},3.23,null,35.3,0.07,1.61]
[null,null,"未计价材料费",{"$nulls":6},35.08]
["清单项目综合单价",{"$nulls":8},40.22]
["材\n料\n费\n明\n细","主要材料名称、规格、型号",{"$nulls":4},"单位","数量",null,"单价（元）",null,"合价（元）","暂估单价\n（元）","暂估合价\n（元）"]
[null,"铜芯电缆 WDZBN-YJY-4x10",{"$nulls":4},"m",1.01,null,34.73,null,35.08]
[null,"其他材料费",{"$nulls":7},"-",null,0.22,"-"]
[null,"材料费小计",{"$nulls":7},"-",null,35.3,"-"]
{"$rows_empty":7}
["注：1.如不使用省级或行业建设主管部门发布的计价依据，可不填定额编码、名称等；\n    2.招标文件提供了暂估单价的材料，按暂估的单价填入表内“暂估单价”栏及“暂估合价”栏。"]
[{"$nulls":10},"表-09"]
["综合单价分析表"]
["工程名称：电气工程-新蓝天幼儿园工程建设项目-地下",{"$nulls":7},"标段：",null,"第 66 页  共 105 页"]
["项目编码",null,"030408001015",null,"项目名称","电力电缆 WDZBN-YJY-0.6/1.0kV-7x6",{"$nulls":3},"计量单位",null,"m","工程量",47.74]
["清单综合单价组成明细"]
["定额编号","定额项目名称","定额\n单位","数量","单价",{"$nulls":4},"合价"]
[{"$nulls":4},"人工费","材料费","机具费","管理费\n和利润",null,"人工费",null,"材料费","机具费","管理费\n和利润"]
["C4-8-1 换","铜芯电力电缆敷设 电缆(截面mm2以下) 10 \u007f6mm2以下电力电缆敷设 单价*0.6 \u007f实际电缆芯数(芯):7","100m",0.01,368.75,3261.14,8.27,183.76,null,3.69,null,32.61,0.08,1.84]
["人工单价",null,"小计",{"$nulls":6},3.69,null,32.61,0.08,1.84]
[null,null,"未计价材料费",{"$nulls":6},32.36]
["清单项目综合单价",{"$nulls":8},38.22]
["材\n料\n费\n明\n细","主要材料名称、规格、型号",{"$nulls":4},"单位","数量",null,"单价（元）",null,"合价（元）","暂估单价\n（元）","暂估合价\n（元）"]
[null,"铜芯电缆 WDZBN-YJY-7x6",{"$nulls":4},"m",1.01,null,32.04,null,32.36]
[null,"其他材料费",{"$nulls":7},"-",null,0.24,"-"]
[null,"材料费小计",{"$nulls":7},"-",null,32.6,"-"]
[]
[]
[]
[]
[]
["注：1.如不使用省级或行业建设主管部门发布的计价依据，可不填定额编码、名称等；\n    2.招标文件提供了暂估单价的材料，按暂估的单价填入表内“暂估单价”栏及“暂估合价”栏。"]
[{"$nulls":10},"表-09"]
["综合单价分析表"]
["工程名称：电气工程-新蓝天幼儿园工程建设项目-地下",{"$nulls":7},"标段：",null,"第 67 页  共 105 页"]
["项目编码",null,"030408001016",null,"项目名称","电力电缆 WDZBN-YJY-0.6/1.0kV-5x6",{"$nulls":3},"计量单位",null,"m","工程量",46.08]
["清单综合单价组成明细"]
["定额编号","定额项目名称","定额\n单位","数量","单价",{"$nulls":4},"合价"]
[{"$nulls":4},"人工费","材料费","机具费","管理费\n和利润",null,"人工费",null,"材料费","机具费","管理费\n和利润"]
["C4-8-1 换","铜芯电力电缆敷设 电缆(截面mm2以下) 10 \u007f6mm2以下电力电缆敷设 单价*0.6 \u007f实际电缆芯数(芯):5","100m",0.01,252.3,2961.32,5.66,125.73,null,2.52,null,29.61,0.06,1.26]
["人工单价",null,"小计",{"$nulls":6},2.52,null,29.61,0.06,1.26]
[null,null,"未计价材料费",{"$nulls":6},29.44]
["清单项目综合单价",{"$nulls":8},33.45]
["材\n料\n费\n明\n细","主要材料名称、规格、型号",{"$nulls":4},"单位","数量",null,"单价（元）",null,"合价（元）","暂估单价\n（元）","暂估合价\n（元）"]
[null,"铜芯电缆 WDZBN-YJY-5x6",{"$nulls":4},"m",1.01,null,29.15,null,29.44]
[null,"其他材料费",{"$nulls":7},"-",null,0.18,"-"]
[null,"材料费小计",{"$nulls":7},"-",null,29.62,"-"]
[]
[]
[]
[]
[]
["注：1.如不使用省级或行业建设主管部门发布的计价依据，可不填定额编码、名称等；\n    2.招标文件提供了暂估单价的材料，按暂估的单价填入表内“暂估单价”栏及“暂估合价”栏。"]
[{"$nulls":10},"表-09"]
["综合单价分析表"]
["工程名称：电气工程-新蓝天幼儿园工程建设项目-地下",{"$nulls":7},"标段：",null,"第 68 页  共 105 页"]
["项目编码",null,"030408001017",null,"项目名称","电力电缆 WDZBN-YJY-0.6/1.0kV-5x4",{"$nulls":3},"计量单位",null,"m","工程量",192.12]
["清单综合单价组成明细"]
["定额编号","定额项目名称","定额\n单位","数量","单价",{"$nulls":4},"合价"]
[{"$nulls":4},"人工费","材料费","机具费","管理费\n和利润",null,"人工费",null,"材料费","机具费","管理费\n和利润"]
["C4-8-1 换","铜芯电力电缆敷设 电缆(截面mm2以下) 10 \u007f6mm2以下电力电缆敷设 单价*0.6 \u007f实际电缆芯数(芯):5","100m",0.01,252.3,2036.16,5.66,125.73,null,2.52,null,20.36,0.06,1.26]
["人工单价",null,"小计",{"$nulls":6},2.52,null,20.36,0.06,1.26]
[null,null,"未计价材料费",{"$nulls":6},20.19]
["清单项目综合单价",{"$nulls":8},24.2]
["材\n料\n费\n明\n细","主要材料名称、规格、型号",{"$nulls":4},"单位","数量",null,"单价（元）",null,"合价（元）","暂估单价\n（元）","暂估合价\n（元）"]
[null,"铜芯电缆 WDZBN-YJY-5x4",{"$nulls":4},"m",1.01,null,19.99,null,20.19]
[null,"其他材料费",{"$nulls":7},"-",null,0.18,"-"]
[null,"材料费小计",{"$nulls":7},"-",null,20.37,"-"]
[]
[]
[]
[]
[]
["注：1.如不使用省级或行业建设主管部门发布的计价依据，可不填定额编码、名称等；\n    2.招标文件提供了暂估单价的材料，按暂估的单价填入表内“暂估单价”栏及“暂估合价”栏。"]
[{"$nulls":10},"表-09"]
["综合单价分析表"]
["工程名称：电气工程-新蓝天幼儿园工程建设项目-地下",{"$nulls":7},"标段：",null,"第 69 页  共 105 页"]
["项目编码",null,"030408001018",null,"项目名称","电力电缆 WDZBN-YJY-0.6/1.0kV-3x4",{"$nulls":3},"计量单位",null,"m","工程量",21.65]
["清单综合单价组成明细"]
["定额编号","定额项目名称","定额\n单位","数量","单价",{"$nulls":4},"合价"]
[{"$nulls":4},"人工费","材料费","机具费","管理费\n和利润",null,"人工费",null,"材料费","机具费","管理费\n和利润"]
["C4-8-1 *0.6","铜芯电力电缆敷设 电缆(截面mm2以下) 10 \u007f6mm2以下电力电缆敷设 单价*0.6","100m",0.01,194.08,1260.56,4.35,96.72,null,1.94,null,12.61,0.04,0.97]
["人工单价",null,"小计",{"$nulls":6},1.94,null,12.61,0.04,0.97]
[null,null,"未计价材料费",{"$nulls":6},12.47]
["清单项目综合单价",{"$nulls":8},15.56]
["材\n料\n费\n明\n细","主要材料名称、规格、型号",{"$nulls":4},"单位","数量",null,"单价（元）",null,"合价（元）","暂估单价\n（元）","暂估合价\n（元）"]
[null,"铜芯电缆 WDZBN-YJY-3x4",{"$nulls":4},"m",1.01,null,12.35,null,12.47]
[null,"其他材料费",{"$nulls":7},"-",null,0.13,"-"]
[null,"材料费小计",{"$nulls":7},"-",null,12.6,"-"]
[]
[]
[]
[]
[]
["注：1.如不使用省级或行业建设主管部门发布的计价依据，可不填定额编码、名称等；\n    2.招标文件提供了暂估单价的材料，按暂估的单价填入表内“暂估单价”栏及“暂估合价”栏。"]
[{"$nulls":10},"表-09"]
["综合单价分析表"]
["工程名称：电气工程-新蓝天幼儿园工程建设项目-地下",{"$nulls":7},"标段：",null,"第 70 页  共 105 页"]
["项目编码",null,"030408001019",null,"项目名称","电力电缆 WDZBN-YJY-0.6/1.0kV-4x2.5",{"$nulls":3},"计量单位",null,"m","工程量",90.29]
["清单综合单价组成明细"]
["定额编号","定额项目名称","定额\n单位","数量","单价",{"$nulls":4},"合价"]
[{"$nulls":4},"人工费","材料费","机具费","管理费\n和利润",null,"人工费",null,"材料费","机具费","管理费\n和利润"]
["C4-8-1 *0.6","铜芯电力电缆敷设 电缆(截面mm2以下) 10 \u007f6mm2以下电力电缆敷设 单价*0.6","100m",0.01,194.08,1274.7,4.35,96.72,null,1.94,null,12.75,0.04,0.97]
["人工单价",null,"小计",{"$nulls":6},1.94,null,12.75,0.04,0.97]
[null,null,"未计价材料费",{"$nulls":6},12.61]
["清单项目综合单价",{"$nulls":8},15.7]
["材\n料\n费\n明\n细","主要材料名称、规格、型号",{"$nulls":4},"单位","数量",null,"单价（元）",null,"合价（元）","暂估单价\n（元）","暂估合价\n（元）"]
[null,"铜芯电缆 WDZBN-YJY-4x2.5",{"$nulls":4},"m",1.01,null,12.49,null,12.61]
[null,"其他材料费",{"$nulls":7},"-",null,0.13,"-"]
[null,"材料费小计",{"$nulls":7},"-",null,12.74,"-"]
[]
[]
[]
[]
[]
["注：1.如不使用省级或行业建设主管部门发布的计价依据，可不填定额编码、名称等；\n    2.招标文件提供了暂估单价的材料，按暂估的单价填入表内“暂估单价”栏及“暂估合价”栏。"]
[{"$nulls":10},"表-09"]
["综合单价分析表"]
["工程名称：电气工程-新蓝天幼儿园工程建设项目-地下",{"$nulls":7},"标段：",null,"第 71 页  共 105 页"]
["项目编码",null,"030408006001",null,"项目名称","电力电缆头(16截面mm2以下)",{"$nulls":3},"计量单位",null,"个","工程量",66]
["清单综合单价组成明细"]
["定额编号","定额项目名称","定额\n单位","数量","单价",{"$nulls":4},"合价"]
[{"$nulls":4},"人工费","材料费","机具费","管理费\n和利润",null,"人工费",null,"材料费","机具费","管理费\n和利润"]
["C4-8-82","1kV以下户内干包式铜芯电力电缆终端头制作、安装 铜芯干包终端头(截面mm2以下) 16","个",1,34.33,47.95,null,16.74,null,34.33,null,47.95,null,16.74]
["人工单价",null,"小计",{"$nulls":6},34.33,null,47.95,null,16.74]
[null,null,"未计价材料费"]
["清单项目综合单价",{"$nulls":8},99.02]
["材\n料\n费\n明\n细","主要材料名称、规格、型号",{"$nulls":4},"单位","数量",null,"单价（元）",null,"合价（元）","暂估单价\n（元）","暂估合价\n（元）"]
[null,"其他材料费",{"$nulls":7},"-",null,47.97,"-"]
[null,"材料费小计",{"$nulls":7},"-",null,47.97,"-"]
[]
[]
[]
[]
[]
[]
["注：1.如不使用省级或行业建设主管部门发布的计价依据，可不填定额编码、名称等；\n    2.招标文件提供了暂估单价的材料，按暂估的单价填入表内“暂估单价”栏及“暂估合价”栏。"]
[{"$nulls":10},"表-09"]
["综合单价分析表"]
["工程名称：电气工程-新蓝天幼儿园工程建设项目-地下",{"$nulls":7},"标段：",null,"第 72 页  共 105 页"]
["项目编码",null,"030408006002",null,"项目名称","电力电缆头(35截面mm2以下)",{"$nulls":3},"计量单位",null,"个","工程量",10]
["清单综合单价组成明细"]
["定额编号","定额项目名称","定额\n单位","数量","单价",{"$nulls":4},"合价"]
[{"$nulls":4},"人工费","材料费","机具费","管理费\n和利润",null,"人工费",null,"材料费","机具费","管理费\n和利润"]
["C4-8-83","1kV以下户内干包式铜芯电力电缆终端头制作、安装 铜芯干包终端头(截面mm2以下) 35","个",1,62.82,61.65,null,30.61,null,62.82,null,61.65,null,30.61]
["人工单价",null,"小计",{"$nulls":6},62.82,null,61.65,null,30.61]
[null,null,"未计价材料费"]
["清单项目综合单价",{"$nulls":8},155.08]
["材\n料\n费\n明\n细","主要材料名称、规格、型号",{"$nulls":4},"单位","数量",null,"单价（元）",null,"合价（元）","暂估单价\n（元）","暂估合价\n（元）"]
[null,"其他材料费",{"$nulls":7},"-",null,61.65,"-"]
[null,"材料费小计",{"$nulls":7},"-",null,61.65,"-"]
[]
[]
[]
[]
[]
[]
["注：1.如不使用省级或行业建设主管部门发布的计价依据，可不填定额编码、名称等；\n    2.招标文件提供了暂估单价的材料，按暂估的单价填入表内“暂估单价”栏及“暂估合价”栏。"]
[{"$nulls":10},"表-09"]
["综合单价分析表"]
["工程名称：电气工程-新蓝天幼儿园工程建设项目-地下",{"$nulls":7},"标段：",null,"第 73 页  共 105 页"]
["项目编码",null,"030408006003",null,"项目名称","电力电缆头(70截面mm2以下)",{"$nulls":3},"计量单位",null,"个","工程量",4]
["清单综合单价组成明细"]
["定额编号","定额项目名称","定额\n单位","数量","单价",{"$nulls":4},"合价"]
[{"$nulls":4},"人工费","材料费","机具费","管理费\n和利润",null,"人工费",null,"材料费","机具费","管理费\n和利润"]
["C4-8-84","1kV以下户内干包式铜芯电力电缆终端头制作、安装 铜芯干包终端头(截面mm2以下) 70","个",1,81.15,75.85,null,39.55,null,81.15,null,75.85,null,39.55]
["人工单价",null,"小计",{"$nulls":6},81.15,null,75.85,null,39.55]
[null,null,"未计价材料费"]
["清单项目综合单价",{"$nulls":8},196.55]
["材\n料\n费\n明\n细","主要材料名称、规格、型号",{"$nulls":4},"单位","数量",null,"单价（元）",null,"合价（元）","暂估单价\n（元）","暂估合价\n（元）"]
[null,"其他材料费",{"$nulls":7},"-",null,75.87,"-"]
[null,"材料费小计",{"$nulls":7},"-",null,75.87,"-"]
[]
[]
[]
[]
[]
[]
["注：1.如不使用省级或行业建设主管部门发布的计价依据，可不填定额编码、名称等；\n    2.招标文件提供了暂估单价的材料，按暂估的单价填入表内“暂估单价”栏及“暂估合价”栏。"]
[{"$nulls":10},"表-09"]
["综合单价分析表"]
["工程名称：电气工程-新蓝天幼儿园工程建设项目-地下",{"$nulls":7},"标段：",null,"第 74 页  共 105 页"]
["项目编码",null,"030408001020",null,"项目名称","矿物绝缘电缆终端头安装 多芯(截面mm2以下) 35",{"$nulls":3},"计量单位",null,"个","工程量",4]
["清单综合单价组成明细"]
["定额编号","定额项目名称","定额\n单位","数量","单价",{"$nulls":4},"合价"]
[{"$nulls":4},"人工费","材料费","机具费","管理费\n和利润",null,"人工费",null,"材料费","机具费","管理费\n和利润"]
["C4-8-154","矿物绝缘电缆终端头安装 多芯(截面mm2以下) 35","个",1,43.06,83.85,3.12,22.51,null,43.06,null,83.85,3.12,22.51]
["人工单价",null,"小计",{"$nulls":6},43.06,null,83.85,3.12,22.51]
[null,null,"未计价材料费",{"$nulls":6},45]
["清单项目综合单价",{"$nulls":8},152.54]
["材\n料\n费\n明\n细","主要材料名称、规格、型号",{"$nulls":4},"单位","数量",null,"单价（元）",null,"合价（元）","暂估单价\n（元）","暂估合价\n（元）"]
[null,"矿物绝缘电缆终端头 35mm2以下",{"$nulls":4},"套",1,null,45,null,45]
[null,"其他材料费",{"$nulls":7},"-",null,38.85,"-"]
[null,"材料费小计",{"$nulls":7},"-",null,83.85,"-"]
[]
[]
[]
[]
[]
[]
["注：1.如不使用省级或行业建设主管部门发布的计价依据，可不填定额编码、名称等；\n    2.招标文件提供了暂估单价的材料，按暂估的单价填入表内“暂估单价”栏及“暂估合价”栏。"]
[{"$nulls":10},"表-09"]
["综合单价分析表"]
["工程名称：电气工程-新蓝天幼儿园工程建设项目-地下",{"$nulls":7},"标段：",null,"第 75 页  共 105 页"]
["项目编码",null,"030408001021",null,"项目名称","矿物绝缘电缆终端头安装 多芯(截面mm2以下) 70",{"$nulls":3},"计量单位",null,"个","工程量",2]
["清单综合单价组成明细"]
["定额编号","定额项目名称","定额\n单位","数量","单价",{"$nulls":4},"合价"]
[{"$nulls":4},"人工费","材料费","机具费","管理费\n和利润",null,"人工费",null,"材料费","机具费","管理费\n和利润"]
["C4-8-155","矿物绝缘电缆终端头安装 多芯(截面mm2以下) 70","个",1,57.62,89.27,3.91,29.99,null,57.62,null,89.27,3.91,29.99]
["人工单价",null,"小计",{"$nulls":6},57.62,null,89.27,3.91,29.99]
[null,null,"未计价材料费",{"$nulls":6},45]
["清单项目综合单价",{"$nulls":8},180.79]
["材\n料\n费\n明\n细","主要材料名称、规格、型号",{"$nulls":4},"单位","数量",null,"单价（元）",null,"合价（元）","暂估单价\n（元）","暂估合价\n（元）"]
[null,"矿物绝缘电缆终端头 35mm2以下",{"$nulls":4},"套",1,null,45,null,45]
[null,"其他材料费",{"$nulls":7},"-",null,44.27,"-"]
[null,"材料费小计",{"$nulls":7},"-",null,89.27,"-"]
[]
[]
[]
[]
[]
[]
["注：1.如不使用省级或行业建设主管部门发布的计价依据，可不填定额编码、名称等；\n    2.招标文件提供了暂估单价的材料，按暂估的单价填入表内“暂估单价”栏及“暂估合价”栏。"]
[{"$nulls":10},"表-09"]
["综合单价分析表"]
["工程名称：电气工程-新蓝天幼儿园工程建设项目-地下",{"$nulls":7},"标段：",null,"第 76 页  共 105 页"]
["项目编码",null,"030408001022",null,"项目名称","矿物绝缘电缆终端头安装 多芯(截面mm2以下) 150",{"$nulls":3},"计量单位",null,"个","工程量",2]
["清单综合单价组成明细"]
["定额编号","定额项目名称","定额\n单位","数量","单价",{"$nulls":4},"合价"]
[{"$nulls":4},"人工费","材料费","机具费","管理费\n和利润",null,"人工费",null,"材料费","机具费","管理费\n和利润"]
["C4-8-156","矿物绝缘电缆终端头安装 多芯(截面mm2以下) 120","个",1,84.51,93.56,4.3,43.28,null,84.51,null,93.56,4.3,43.28]
["人工单价",null,"小计",{"$nulls":6},84.51,null,93.56,4.3,43.28]
[null,null,"未计价材料费",{"$nulls":6},45]
["清单项目综合单价",{"$nulls":8},225.65]
["材\n料\n费\n明\n细","主要材料名称、规格、型号",{"$nulls":4},"单位","数量",null,"单价（元）",null,"合价（元）","暂估单价\n（元）","暂估合价\n（元）"]
[null,"矿物绝缘电缆终端头 35mm2以下",{"$nulls":4},"套",1,null,45,null,45]
[null,"其他材料费",{"$nulls":7},"-",null,48.57,"-"]
[null,"材料费小计",{"$nulls":7},"-",null,93.57,"-"]
[]
[]
[]
[]
[]
[]
["注：1.如不使用省级或行业建设主管部门发布的计价依据，可不填定额编码、名称等；\n    2.招标文件提供了暂估单价的材料，按暂估的单价填入表内“暂估单价”栏及“暂估合价”栏。"]
[{"$nulls":10},"表-09"]
["综合单价分析表"]
["工程名称：电气工程-新蓝天幼儿园工程建设项目-地下",{"$nulls":7},"标段：",null,"第 77 页  共 105 页"]
["项目编码",null,"030411004001",null,"项目名称","配线 WDZB-BYJ-450/750V-2.5",{"$nulls":3},"计量单位",null,"m","工程量",2637]
["清单综合单价组成明细"]
["定额编号","定额项目名称","定额\n单位","数量","单价",{"$nulls":4},"合价"]
[{"$nulls":4},"人工费","材料费","机具费","管理费\n和利润",null,"人工费",null,"材料费","机具费","管理费\n和利润"]
["C4-11-215","硬绝缘导线管内穿线 导线截面(mm2以内) 2.5","100m单线",0.01,77.85,401.05,null,37.94,null,0.78,null,4.01,null,0.38]
["人工单价",null,"小计",{"$nulls":6},0.78,null,4.01,null,0.38]
[null,null,"未计价材料费",{"$nulls":6},3.85]
["清单项目综合单价",{"$nulls":8},5.17]
["材\n料\n费\n明\n细","主要材料名称、规格、型号",{"$nulls":4},"单位","数量",null,"单价（元）",null,"合价（元）","暂估单价\n（元）","暂估合价\n（元）"]
[null,"绝缘电线 WDZB-BYJ-2.5",{"$nulls":4},"m",1.1,null,3.5,null,3.85]
[null,"其他材料费",{"$nulls":7},"-",null,0.15,"-"]
[null,"材料费小计",{"$nulls":7},"-",null,4,"-"]
{"$rows_empty":7}
["注：1.如不使用省级或行业建设主管部门发布的计价依据，可不填定额编码、名称等；\n    2.招标文件提供了暂估单价的材料，按暂估的单价填入表内“暂估单价”栏及“暂估合价”栏。"]
[{"$nulls":10},"表-09"]
["综合单价分析表"]
["工程名称：电气工程-新蓝天幼儿园工程建设项目-地下",{"$nulls":7},"标段：",null,"第 78 页  共 105 页"]
["项目编码",null,"030411004002",null,"项目名称","配线 WDZBN-BYJ-450/750V-2.5",{"$nulls":3},"计量单位",null,"m","工程量",1862.88]
["清单综合单价组成明细"]
["定额编号","定额项目名称","定额\n单位","数量","单价",{"$nulls":4},"合价"]
[{"$nulls":4},"人工费","材料费","机具费","管理费\n和利润",null,"人工费",null,"材料费","机具费","管理费\n和利润"]
["C4-11-215","硬绝缘导线管内穿线 导线截面(mm2以内) 2.5","100m单线",0.01,77.85,588.05,null,37.94,null,0.78,null,5.88,null,0.38]
["人工单价",null,"小计",{"$nulls":6},0.78,null,5.88,null,0.38]
[null,null,"未计价材料费",{"$nulls":6},5.72]
["清单项目综合单价",{"$nulls":8},7.04]
["材\n料\n费\n明\n细","主要材料名称、规格、型号",{"$nulls":4},"单位","数量",null,"单价（元）",null,"合价（元）","暂估单价\n（元）","暂估合价\n（元）"]
[null,"绝缘电线 WDZBN-BYJ-2.5",{"$nulls":4},"m",1.1,null,5.2,null,5.72]
[null,"其他材料费",{"$nulls":7},"-",null,0.15,"-"]
[null,"材料费小计",{"$nulls":7},"-",null,5.87,"-"]
{"$rows_empty":7}
["注：1.如不使用省级或行业建设主管部门发布的计价依据，可不填定额编码、名称等；\n    2.招标文件提供了暂估单价的材料，按暂估的单价填入表内“暂估单价”栏及“暂估合价”栏。"]
[{"$nulls":10},"表-09"]
["综合单价分析表"]
["工程名称：电气工程-新蓝天幼儿园工程建设项目-地下",{"$nulls":7},"标段：",null,"第 79 页  共 105 页"]
["项目编码",null,"030411004003",null,"项目名称","配线 WDZBN-RYJ-2x1.5",{"$nulls":3},"计量单位",null,"m","工程量",61.86]
["清单综合单价组成明细"]
["定额编号","定额项目名称","定额\n单位","数量","单价",{"$nulls":4},"合价"]
[{"$nulls":4},"人工费","材料费","机具费","管理费\n和利润",null,"人工费",null,"材料费","机具费","管理费\n和利润"]
["C4-11-225","多芯软导线管内穿线(芯以内) 二芯 导线截面(mm2以内) 1.5","100m/束",0.01,79.52,769.93,null,38.75,null,0.8,null,7.7,null,0.39]
["人工单价",null,"小计",{"$nulls":6},0.8,null,7.7,null,0.39]
[null,null,"未计价材料费",{"$nulls":6},7.55]
["清单项目综合单价",{"$nulls":8},8.88]
["材\n料\n费\n明\n细","主要材料名称、规格、型号",{"$nulls":4},"单位","数量",null,"单价（元）",null,"合价（元）","暂估单价\n（元）","暂估合价\n（元）"]
[null,"多股铜芯聚氯乙烯绝缘导线 WDZBN-RYJ-2x1.5",{"$nulls":4},"m",1.08,null,6.99,null,7.55]
[null,"其他材料费",{"$nulls":7},"-",null,0.16,"-"]
[null,"材料费小计",{"$nulls":7},"-",null,7.71,"-"]
[]
[]
[]
[]
[]
[]
["注：1.如不使用省级或行业建设主管部门发布的计价依据，可不填定额编码、名称等；\n    2.招标文件提供了暂估单价的材料，按暂估的单价填入表内“暂估单价”栏及“暂估合价”栏。"]
[{"$nulls":10},"表-09"]
["综合单价分析表"]
["工程名称：电气工程-新蓝天幼儿园工程建设项目-地下",{"$nulls":7},"标段：",null,"第 80 页  共 105 页"]
["项目编码",null,"030411001001",null,"项目名称","镀锌电线管 MT16",{"$nulls":3},"计量单位",null,"m","工程量",54.66]
["清单综合单价组成明细"]
["定额编号","定额项目名称","定额\n单位","数量","单价",{"$nulls":4},"合价"]
[{"$nulls":4},"人工费","材料费","机具费","管理费\n和利润",null,"人工费",null,"材料费","机具费","管理费\n和利润"]
["C4-11-1","镀锌电线管砖、混凝土结构明配 公称直径(mm以内) 15","100m",0.01,1025.29,574,null,499.73,null,10.25,null,5.74,null,5]
["人工单价",null,"小计",{"$nulls":6},10.25,null,5.74,null,5]
[null,null,"未计价材料费",{"$nulls":6},4.16]
["清单项目综合单价",{"$nulls":8},20.99]
["材\n料\n费\n明\n细","主要材料名称、规格、型号",{"$nulls":4},"单位","数量",null,"单价（元）",null,"合价（元）","暂估单价\n（元）","暂估合价\n（元）"]
[null,"镀锌电线管 MT16",{"$nulls":4},"m",1.03,null,4.04,null,4.16]
[null,"其他材料费",{"$nulls":7},"-",null,1.58,"-"]
[null,"材料费小计",{"$nulls":7},"-",null,5.74,"-"]
[]
[]
[]
[]
[]
[]
["注：1.如不使用省级或行业建设主管部门发布的计价依据，可不填定额编码、名称等；\n    2.招标文件提供了暂估单价的材料，按暂估的单价填入表内“暂估单价”栏及“暂估合价”栏。"]
[{"$nulls":10},"表-09"]
["综合单价分析表"]
["工程名称：电气工程-新蓝天幼儿园工程建设项目-地下",{"$nulls":7},"标段：",null,"第 81 页  共 105 页"]
["项目编码",null,"030411001002",null,"项目名称","镀锌电线管 MT19",{"$nulls":3},"计量单位",null,"m","工程量",1660.77]
["清单综合单价组成明细"]
["定额编号","定额项目名称","定额\n单位","数量","单价",{"$nulls":4},"合价"]
[{"$nulls":4},"人工费","材料费","机具费","管理费\n和利润",null,"人工费",null,"材料费","机具费","管理费\n和利润"]
["C4-11-2","镀锌电线管砖、混凝土结构明配 公称直径(mm以内) 20","100m",0.01,1057.22,693.33,null,515.29,null,10.57,null,6.93,null,5.15]
["人工单价",null,"小计",{"$nulls":6},10.57,null,6.93,null,5.15]
[null,null,"未计价材料费",{"$nulls":6},5.12]
["清单项目综合单价",{"$nulls":8},22.66]
["材\n料\n费\n明\n细","主要材料名称、规格、型号",{"$nulls":4},"单位","数量",null,"单价（元）",null,"合价（元）","暂估单价\n（元）","暂估合价\n（元）"]
[null,"镀锌电线管 MT19",{"$nulls":4},"m",1.03,null,4.97,null,5.12]
[null,"其他材料费",{"$nulls":7},"-",null,1.79,"-"]
[null,"材料费小计",{"$nulls":7},"-",null,6.91,"-"]
[]
[]
[]
[]
[]
[]
["注：1.如不使用省级或行业建设主管部门发布的计价依据，可不填定额编码、名称等；\n    2.招标文件提供了暂估单价的材料，按暂估的单价填入表内“暂估单价”栏及“暂估合价”栏。"]
[{"$nulls":10},"表-09"]
["综合单价分析表"]
["工程名称：电气工程-新蓝天幼儿园工程建设项目-地下",{"$nulls":7},"标段：",null,"第 82 页  共 105 页"]
["项目编码",null,"030411001003",null,"项目名称","镀锌电线管 MT25",{"$nulls":3},"计量单位",null,"m","工程量",147.16]
["清单综合单价组成明细"]
["定额编号","定额项目名称","定额\n单位","数量","单价",{"$nulls":4},"合价"]
[{"$nulls":4},"人工费","材料费","机具费","管理费\n和利润",null,"人工费",null,"材料费","机具费","管理费\n和利润"]
["C4-11-3","镀锌电线管砖、混凝土结构明配 公称直径(mm以内) 25","100m",0.01,1096.35,870.24,3.45,536.04,null,10.96,null,8.7,0.03,5.36]
["人工单价",null,"小计",{"$nulls":6},10.96,null,8.7,0.03,5.36]
[null,null,"未计价材料费",{"$nulls":6},6.72]
["清单项目综合单价",{"$nulls":8},25.06]
["材\n料\n费\n明\n细","主要材料名称、规格、型号",{"$nulls":4},"单位","数量",null,"单价（元）",null,"合价（元）","暂估单价\n（元）","暂估合价\n（元）"]
[null,"镀锌电线管 MT25",{"$nulls":4},"m",1.03,null,6.52,null,6.72]
[null,"其他材料费",{"$nulls":7},"-",null,2,"-"]
[null,"材料费小计",{"$nulls":7},"-",null,8.72,"-"]
[]
[]
[]
[]
[]
[]
["注：1.如不使用省级或行业建设主管部门发布的计价依据，可不填定额编码、名称等；\n    2.招标文件提供了暂估单价的材料，按暂估的单价填入表内“暂估单价”栏及“暂估合价”栏。"]
[{"$nulls":10},"表-09"]
["综合单价分析表"]
["工程名称：电气工程-新蓝天幼儿园工程建设项目-地下",{"$nulls":7},"标段：",null,"第 83 页  共 105 页"]
["项目编码",null,"030411001004",null,"项目名称","镀锌电线管 MT32",{"$nulls":3},"计量单位",null,"m","工程量",67.1]
["清单综合单价组成明细"]
["定额编号","定额项目名称","定额\n单位","数量","单价",{"$nulls":4},"合价"]
[{"$nulls":4},"人工费","材料费","机具费","管理费\n和利润",null,"人工费",null,"材料费","机具费","管理费\n和利润"]
["C4-11-4","镀锌电线管砖、混凝土结构明配 公称直径(mm以内) 32","100m",0.01,1135.71,1120.11,3.45,555.22,null,11.36,null,11.2,0.03,5.55]
["人工单价",null,"小计",{"$nulls":6},11.36,null,11.2,0.03,5.55]
[null,null,"未计价材料费",{"$nulls":6},8.59]
["清单项目综合单价",{"$nulls":8},28.14]
["材\n料\n费\n明\n细","主要材料名称、规格、型号",{"$nulls":4},"单位","数量",null,"单价（元）",null,"合价（元）","暂估单价\n（元）","暂估合价\n（元）"]
[null,"镀锌电线管 MT32",{"$nulls":4},"m",1.03,null,8.34,null,8.59]
[null,"其他材料费",{"$nulls":7},"-",null,2.61,"-"]
[null,"材料费小计",{"$nulls":7},"-",null,11.2,"-"]
[]
[]
[]
[]
[]
[]
["注：1.如不使用省级或行业建设主管部门发布的计价依据，可不填定额编码、名称等；\n    2.招标文件提供了暂估单价的材料，按暂估的单价填入表内“暂估单价”栏及“暂估合价”栏。"]
[{"$nulls":10},"表-09"]
["综合单价分析表"]
["工程名称：电气工程-新蓝天幼儿园工程建设项目-地下",{"$nulls":7},"标段：",null,"第 84 页  共 105 页"]
["项目编码",null,"030411001005",null,"项目名称","镀锌电线管 MT40",{"$nulls":3},"计量单位",null,"m","工程量",6.43]
["清单综合单价组成明细"]
["定额编号","定额项目名称","定额\n单位","数量","单价",{"$nulls":4},"合价"]
[{"$nulls":4},"人工费","材料费","机具费","管理费\n和利润",null,"人工费",null,"材料费","机具费","管理费\n和利润"]
["C4-11-5","镀锌电线管砖、混凝土结构明配 公称直径(mm以内) 40","100m",0.01,1208.51,1658.37,7.47,592.67,null,12.09,null,16.58,0.07,5.93]
["人工单价",null,"小计",{"$nulls":6},12.09,null,16.58,0.07,5.93]
[null,null,"未计价材料费",{"$nulls":6},13.18]
["清单项目综合单价",{"$nulls":8},34.67]
["材\n料\n费\n明\n细","主要材料名称、规格、型号",{"$nulls":4},"单位","数量",null,"单价（元）",null,"合价（元）","暂估单价\n（元）","暂估合价\n（元）"]
[null,"镀锌电线管 MT40",{"$nulls":4},"m",1.03,null,12.8,null,13.18]
[null,"其他材料费",{"$nulls":7},"-",null,3.42,"-"]
[null,"材料费小计",{"$nulls":7},"-",null,16.6,"-"]
[]
[]
[]
[]
[]
[]
["注：1.如不使用省级或行业建设主管部门发布的计价依据，可不填定额编码、名称等；\n    2.招标文件提供了暂估单价的材料，按暂估的单价填入表内“暂估单价”栏及“暂估合价”栏。"]
[{"$nulls":10},"表-09"]
["综合单价分析表"]
["工程名称：电气工程-新蓝天幼儿园工程建设项目-地下",{"$nulls":7},"标段：",null,"第 85 页  共 105 页"]
["项目编码",null,"030411001006",null,"项目名称","镀锌电线管 MT50",{"$nulls":3},"计量单位",null,"m","工程量",78.92]
["清单综合单价组成明细"]
["定额编号","定额项目名称","定额\n单位","数量","单价",{"$nulls":4},"合价"]
[{"$nulls":4},"人工费","材料费","机具费","管理费\n和利润",null,"人工费",null,"材料费","机具费","管理费\n和利润"]
["C4-11-6","镀锌电线管砖、混凝土结构明配 公称直径(mm以内) 50","100m",0.01,1272.62,2072.16,7.47,623.92,null,12.73,null,20.72,0.07,6.24]
["人工单价",null,"小计",{"$nulls":6},12.73,null,20.72,0.07,6.24]
[null,null,"未计价材料费",{"$nulls":6},16.42]
["清单项目综合单价",{"$nulls":8},39.76]
["材\n料\n费\n明\n细","主要材料名称、规格、型号",{"$nulls":4},"单位","数量",null,"单价（元）",null,"合价（元）","暂估单价\n（元）","暂估合价\n（元）"]
[null,"镀锌电线管 MT50",{"$nulls":4},"m",1.03,null,15.94,null,16.42]
[null,"其他材料费",{"$nulls":7},"-",null,4.3,"-"]
[null,"材料费小计",{"$nulls":7},"-",null,20.72,"-"]
[]
[]
[]
[]
[]
[]
["注：1.如不使用省级或行业建设主管部门发布的计价依据，可不填定额编码、名称等；\n    2.招标文件提供了暂估单价的材料，按暂估的单价填入表内“暂估单价”栏及“暂估合价”栏。"]
[{"$nulls":10},"表-09"]
["综合单价分析表"]
["工程名称：电气工程-新蓝天幼儿园工程建设项目-地下",{"$nulls":7},"标段：",null,"第 86 页  共 105 页"]
["项目编码",null,"030411001007",null,"项目名称","金属软管 DN20",{"$nulls":3},"计量单位",null,"m","工程量",103.6]
["清单综合单价组成明细"]
["定额编号","定额项目名称","定额\n单位","数量","单价",{"$nulls":4},"合价"]
[{"$nulls":4},"人工费","材料费","机具费","管理费\n和利润",null,"人工费",null,"材料费","机具费","管理费\n和利润"]
["C4-11-133","金属软管敷设公称管径(mm以内) 20 每根管长(mm) ≤1000","10m",0.1,96.69,171.04,null,47.13,null,9.67,null,17.1,null,4.71]
["人工单价",null,"小计",{"$nulls":6},9.67,null,17.1,null,4.71]
[null,null,"未计价材料费",{"$nulls":6},7.02]
["清单项目综合单价",{"$nulls":8},31.49]
["材\n料\n费\n明\n细","主要材料名称、规格、型号",{"$nulls":4},"单位","数量",null,"单价（元）",null,"合价（元）","暂估单价\n（元）","暂估合价\n（元）"]
[null,"金属软管 DN20",{"$nulls":4},"m",1.03,null,6.82,null,7.02]
[null,"其他材料费",{"$nulls":7},"-",null,10.08,"-"]
[null,"材料费小计",{"$nulls":7},"-",null,17.1,"-"]
[]
[]
[]
[]
[]
[]
["注：1.如不使用省级或行业建设主管部门发布的计价依据，可不填定额编码、名称等；\n    2.招标文件提供了暂估单价的材料，按暂估的单价填入表内“暂估单价”栏及“暂估合价”栏。"]
[{"$nulls":10},"表-09"]
["综合单价分析表"]
["工程名称：电气工程-新蓝天幼儿园工程建设项目-地下",{"$nulls":7},"标段：",null,"第 87 页  共 105 页"]
["项目编码",null,"031002003001",null,"项目名称","防护密闭套管 DN25",{"$nulls":3},"计量单位",null,"个","工程量",20]
["清单综合单价组成明细"]
["定额编号","定额项目名称","定额\n单位","数量","单价",{"$nulls":4},"合价"]
[{"$nulls":4},"人工费","材料费","机具费","管理费\n和利润",null,"人工费",null,"材料费","机具费","管理费\n和利润"]
["C10-2-45","柔性防水套管制作 公称直径(mm以内) 50","个",1,95.06,108.6,21.58,55.66,null,95.06,null,108.6,21.58,55.66]
["C10-2-62","柔性防水套管安装 公称直径(mm以内) 50","个",1,28.45,1.08,null,13.58,null,28.45,null,1.08,null,13.58]
["人工单价",null,"小计",{"$nulls":6},123.51,null,109.68,21.58,69.24]
[null,null,"未计价材料费",{"$nulls":6},87.44]
["清单项目综合单价",{"$nulls":8},324.01]
["材\n料\n费\n明\n细","主要材料名称、规格、型号",{"$nulls":4},"单位","数量",null,"单价（元）",null,"合价（元）","暂估单价\n（元）","暂估合价\n（元）"]
[null,"钢板 ",{"$nulls":4},"kg",13.5,null,5.33,null,71.96]
[null,"焊接钢管 DN25",{"$nulls":4},"kg",4.4,null,3.52,null,15.49]
[null,"其他材料费",{"$nulls":7},"-",null,22.24,"-"]
[null,"材料费小计",{"$nulls":7},"-",null,109.69,"-"]
[]
[]
[]
[]
["注：1.如不使用省级或行业建设主管部门发布的计价依据，可不填定额编码、名称等；\n    2.招标文件提供了暂估单价的材料，按暂估的单价填入表内“暂估单价”栏及“暂估合价”栏。"]
[{"$nulls":10},"表-09"]
["综合单价分析表"]
["工程名称：电气工程-新蓝天幼儿园工程建设项目-地下",{"$nulls":7},"标段：",null,"第 88 页  共 105 页"]
["项目编码",null,"031002003002",null,"项目名称","防护密闭套管 DN50",{"$nulls":3},"计量单位",null,"个","工程量",8]
["清单综合单价组成明细"]
["定额编号","定额项目名称","定额\n单位","数量","单价",{"$nulls":4},"合价"]
[{"$nulls":4},"人工费","材料费","机具费","管理费\n和利润",null,"人工费",null,"材料费","机具费","管理费\n和利润"]
["C10-2-45","柔性防水套管制作 公称直径(mm以内) 50","个",1,95.06,108.6,21.58,55.66,null,95.06,null,108.6,21.58,55.66]
["C10-2-62","柔性防水套管安装 公称直径(mm以内) 50","个",1,28.45,1.08,null,13.58,null,28.45,null,1.08,null,13.58]
["人工单价",null,"小计",{"$nulls":6},123.51,null,109.68,21.58,69.24]
[null,null,"未计价材料费",{"$nulls":6},87.44]
["清单项目综合单价",{"$nulls":8},324.01]
["材\n料\n费\n明\n细","主要材料名称、规格、型号",{"$nulls":4},"单位","数量",null,"单价（元）",null,"合价（元）","暂估单价\n（元）","暂估合价\n（元）"]
[null,"钢板 ",{"$nulls":4},"kg",13.5,null,5.33,null,71.96]
[null,"焊接钢管 DN50",{"$nulls":4},"kg",4.4,null,3.52,null,15.49]
[null,"其他材料费",{"$nulls":7},"-",null,22.24,"-"]
[null,"材料费小计",{"$nulls":7},"-",null,109.69,"-"]
[]
[]
[]
[]
["注：1.如不使用省级或行业建设主管部门发布的计价依据，可不填定额编码、名称等；\n    2.招标文件提供了暂估单价的材料，按暂估的单价填入表内“暂估单价”栏及“暂估合价”栏。"]
[{"$nulls":10},"表-09"]
["综合单价分析表"]
["工程名称：电气工程-新蓝天幼儿园工程建设项目-地下",{"$nulls":7},"标段：",null,"第 89 页  共 105 页"]
["项目编码",null,"031002003003",null,"项目名称","防护密闭套管 DN80",{"$nulls":3},"计量单位",null,"个","工程量",4]
["清单综合单价组成明细"]
["定额编号","定额项目名称","定额\n单位","数量","单价",{"$nulls":4},"合价"]
[{"$nulls":4},"人工费","材料费","机具费","管理费\n和利润",null,"人工费",null,"材料费","机具费","管理费\n和利润"]
["C10-2-46","柔性防水套管制作 公称直径(mm以内) 80","个",1,113.5,174.09,27.58,67.33,null,113.5,null,174.09,27.58,67.33]
["C10-2-63","柔性防水套管安装 公称直径(mm以内) 150","个",1,32,1.4,null,15.27,null,32,null,1.4,null,15.27]
["人工单价",null,"小计",{"$nulls":6},145.5,null,175.49,27.58,82.6]
[null,null,"未计价材料费",{"$nulls":6},145.72]
["清单项目综合单价",{"$nulls":8},431.17]
["材\n料\n费\n明\n细","主要材料名称、规格、型号",{"$nulls":4},"单位","数量",null,"单价（元）",null,"合价（元）","暂估单价\n（元）","暂估合价\n（元）"]
[null,"钢板 ",{"$nulls":4},"kg",21.4,null,5.33,null,114.06]
[null,"焊接钢管 DN80",{"$nulls":4},"kg",6.54,null,4.84,null,31.65]
[null,"其他材料费",{"$nulls":7},"-",null,29.77,"-"]
[null,"材料费小计",{"$nulls":7},"-",null,175.48,"-"]
[]
[]
[]
[]
["注：1.如不使用省级或行业建设主管部门发布的计价依据，可不填定额编码、名称等；\n    2.招标文件提供了暂估单价的材料，按暂估的单价填入表内“暂估单价”栏及“暂估合价”栏。"]
[{"$nulls":10},"表-09"]
["综合单价分析表"]
["工程名称：电气工程-新蓝天幼儿园工程建设项目-地下",{"$nulls":7},"标段：",null,"第 90 页  共 105 页"]
["项目编码",null,"030414002001",null,"项目名称","送配电装置系统",{"$nulls":3},"计量单位",null,"系统","工程量",1]
["清单综合单价组成明细"]
["定额编号","定额项目名称","定额\n单位","数量","单价",{"$nulls":4},"合价"]
[{"$nulls":4},"人工费","材料费","机具费","管理费\n和利润",null,"人工费",null,"材料费","机具费","管理费\n和利润"]
["C4-14-12","送配电装置系统调试 (综合) 1kV以下交流供电","系统",1,560.6,null,48.8,297.02,null,560.6,null,null,48.8,297.02]
["人工单价",null,"小计",{"$nulls":6},560.6,null,null,48.8,297.02]
[null,null,"未计价材料费"]
["清单项目综合单价",{"$nulls":8},906.42]
["材\n料\n费\n明\n细","主要材料名称、规格、型号",{"$nulls":4},"单位","数量",null,"单价（元）",null,"合价（元）","暂估单价\n（元）","暂估合价\n（元）"]
{"$rows_empty":8}
["注：1.如不使用省级或行业建设主管部门发布的计价依据，可不填定额编码、名称等；\n    2.招标文件提供了暂估单价的材料，按暂估的单价填入表内“暂估单价”栏及“暂估合价”栏。"]
[{"$nulls":10},"表-09"]
["综合单价分析表"]
["工程名称：电气工程-新蓝天幼儿园工程建设项目-地下",{"$nulls":7},"标段：",null,"第 91 页  共 105 页"]
["项目编码",null,"030409004001",null,"项目名称","接地母线",{"$nulls":3},"计量单位",null,"m","工程量",930.47]
["清单综合单价组成明细"]
["定额编号","定额项目名称","定额\n单位","数量","单价",{"$nulls":4},"合价"]
[{"$nulls":4},"人工费","材料费","机具费","管理费\n和利润",null,"人工费",null,"材料费","机具费","管理费\n和利润"]
["C4-9-18","接地母线敷设 户内接地母线敷设","10m",0.1,131.33,16.01,7.13,67.48,null,13.13,null,1.6,0.71,6.75]
["人工单价",null,"小计",{"$nulls":6},13.13,null,1.6,0.71,6.75]
[null,null,"未计价材料费"]
["清单项目综合单价",{"$nulls":8},22.2]
["材\n料\n费\n明\n细","主要材料名称、规格、型号",{"$nulls":4},"单位","数量",null,"单价（元）",null,"合价（元）","暂估单价\n（元）","暂估合价\n（元）"]
[null,"其他材料费",{"$nulls":7},"-",null,1.6,"-"]
[null,"材料费小计",{"$nulls":7},"-",null,1.6,"-"]
{"$rows_empty":8}
["注：1.如不使用省级或行业建设主管部门发布的计价依据，可不填定额编码、名称等；\n    2.招标文件提供了暂估单价的材料，按暂估的单价填入表内“暂估单价”栏及“暂估合价”栏。"]
[{"$nulls":10},"表-09"]
["综合单价分析表"]
["工程名称：电气工程-新蓝天幼儿园工程建设项目-地下",{"$nulls":7},"标段：",null,"第 92 页  共 105 页"]
["项目编码",null,"030409004002",null,"项目名称","接地母线",{"$nulls":3},"计量单位",null,"m","工程量",77.58]
["清单综合单价组成明细"]
["定额编号","定额项目名称","定额\n单位","数量","单价",{"$nulls":4},"合价"]
[{"$nulls":4},"人工费","材料费","机具费","管理费\n和利润",null,"人工费",null,"材料费","机具费","管理费\n和利润"]
["C4-9-18","接地母线敷设 户内接地母线敷设","10m",0.1,131.33,728.22,7.13,67.48,null,13.13,null,72.82,0.71,6.75]
["人工单价",null,"小计",{"$nulls":6},13.13,null,72.82,0.71,6.75]
[null,null,"未计价材料费",{"$nulls":6},71.64]
["清单项目综合单价",{"$nulls":8},93.42]
["材\n料\n费\n明\n细","主要材料名称、规格、型号",{"$nulls":4},"单位","数量",null,"单价（元）",null,"合价（元）","暂估单价\n（元）","暂估合价\n（元）"]
[null,"接地母线 -40*4铜排",{"$nulls":4},"m",1.05,null,68.23,null,71.64]
[null,"其他材料费",{"$nulls":7},"-",null,1.18,"-"]
[null,"材料费小计",{"$nulls":7},"-",null,72.82,"-"]
{"$rows_empty":7}
["注：1.如不使用省级或行业建设主管部门发布的计价依据，可不填定额编码、名称等；\n    2.招标文件提供了暂估单价的材料，按暂估的单价填入表内“暂估单价”栏及“暂估合价”栏。"]
[{"$nulls":10},"表-09"]
["综合单价分析表"]
["工程名称：电气工程-新蓝天幼儿园工程建设项目-地下",{"$nulls":7},"标段：",null,"第 93 页  共 105 页"]
["项目编码",null,"030409004003",null,"项目名称","接地母线",{"$nulls":3},"计量单位",null,"m","工程量",117.59]
["清单综合单价组成明细"]
["定额编号","定额项目名称","定额\n单位","数量","单价",{"$nulls":4},"合价"]
[{"$nulls":4},"人工费","材料费","机具费","管理费\n和利润",null,"人工费",null,"材料费","机具费","管理费\n和利润"]
["C4-9-18","接地母线敷设 户内接地母线敷设","10m",0.1,131.33,1077.55,7.13,67.48,null,13.13,null,107.76,0.71,6.75]
["人工单价",null,"小计",{"$nulls":6},13.13,null,107.76,0.71,6.75]
[null,null,"未计价材料费",{"$nulls":6},106.58]
["清单项目综合单价",{"$nulls":8},128.35]
["材\n料\n费\n明\n细","主要材料名称、规格、型号",{"$nulls":4},"单位","数量",null,"单价（元）",null,"合价（元）","暂估单价\n（元）","暂估合价\n（元）"]
[null,"接地母线 80*0.6铜排",{"$nulls":4},"m",1.05,null,101.5,null,106.58]
[null,"其他材料费",{"$nulls":7},"-",null,1.18,"-"]
[null,"材料费小计",{"$nulls":7},"-",null,107.76,"-"]
{"$rows_empty":7}
["注：1.如不使用省级或行业建设主管部门发布的计价依据，可不填定额编码、名称等；\n    2.招标文件提供了暂估单价的材料，按暂估的单价填入表内“暂估单价”栏及“暂估合价”栏。"]
[{"$nulls":10},"表-09"]
["综合单价分析表"]
["工程名称：电气工程-新蓝天幼儿园工程建设项目-地下",{"$nulls":7},"标段：",null,"第 94 页  共 105 页"]
["项目编码",null,"030409004004",null,"项目名称","桥架接地母线",{"$nulls":3},"计量单位",null,"m","工程量",159.73]
["清单综合单价组成明细"]
["定额编号","定额项目名称","定额\n单位","数量","单价",{"$nulls":4},"合价"]
[{"$nulls":4},"人工费","材料费","机具费","管理费\n和利润",null,"人工费",null,"材料费","机具费","管理费\n和利润"]
["C4-9-18","接地母线敷设 户内接地母线敷设","10m",0.1,131.33,728.22,7.13,67.48,null,13.13,null,72.82,0.71,6.75]
["人工单价",null,"小计",{"$nulls":6},13.13,null,72.82,0.71,6.75]
[null,null,"未计价材料费",{"$nulls":6},71.64]
["清单项目综合单价",{"$nulls":8},93.42]
["材\n料\n费\n明\n细","主要材料名称、规格、型号",{"$nulls":4},"单位","数量",null,"单价（元）",null,"合价（元）","暂估单价\n（元）","暂估合价\n（元）"]
[null,"桥架接地母线 -40*4铜排",{"$nulls":4},"m",1.05,null,68.23,null,71.64]
[null,"其他材料费",{"$nulls":7},"-",null,1.18,"-"]
[null,"材料费小计",{"$nulls":7},"-",null,72.82,"-"]
{"$rows_empty":7}
["注：1.如不使用省级或行业建设主管部门发布的计价依据，可不填定额编码、名称等；\n    2.招标文件提供了暂估单价的材料，按暂估的单价填入表内“暂估单价”栏及“暂估合价”栏。"]
[{"$nulls":10},"表-09"]
["综合单价分析表"]
["工程名称：电气工程-新蓝天幼儿园工程建设项目-地下",{"$nulls":7},"标段：",null,"第 95 页  共 105 页"]
["项目编码",null,"030409003001",null,"项目名称","避雷引下线",{"$nulls":3},"计量单位",null,"m","工程量",167.4]
["清单综合单价组成明细"]
["定额编号","定额项目名称","定额\n单位","数量","单价",{"$nulls":4},"合价"]
[{"$nulls":4},"人工费","材料费","机具费","管理费\n和利润",null,"人工费",null,"材料费","机具费","管理费\n和利润"]
["C4-9-23","避雷引下线敷设 利用建筑物主筋引下","10m",0.1,78.94,9.67,40.84,58.38,null,7.89,null,0.97,4.08,5.84]
["人工单价",null,"小计",{"$nulls":6},7.89,null,0.97,4.08,5.84]
[null,null,"未计价材料费"]
["清单项目综合单价",{"$nulls":8},18.78]
["材\n料\n费\n明\n细","主要材料名称、规格、型号",{"$nulls":4},"单位","数量",null,"单价（元）",null,"合价（元）","暂估单价\n（元）","暂估合价\n（元）"]
[null,"其他材料费",{"$nulls":7},"-",null,0.97,"-"]
[null,"材料费小计",{"$nulls":7},"-",null,0.97,"-"]
{"$rows_empty":8}
["注：1.如不使用省级或行业建设主管部门发布的计价依据，可不填定额编码、名称等；\n    2.招标文件提供了暂估单价的材料，按暂估的单价填入表内“暂估单价”栏及“暂估合价”栏。"]
[{"$nulls":10},"表-09"]
["综合单价分析表"]
["工程名称：电气工程-新蓝天幼儿园工程建设项目-地下",{"$nulls":7},"标段：",null,"第 96 页  共 105 页"]
["项目编码",null,"030409003002",null,"项目名称","避雷引下线（至各层电井）",{"$nulls":3},"计量单位",null,"m","工程量",58.1]
["清单综合单价组成明细"]
["定额编号","定额项目名称","定额\n单位","数量","单价",{"$nulls":4},"合价"]
[{"$nulls":4},"人工费","材料费","机具费","管理费\n和利润",null,"人工费",null,"材料费","机具费","管理费\n和利润"]
["C4-9-21","避雷引下线敷设 利用金属构件引下","10m",0.1,16.37,114.02,5.19,10.51,null,1.64,null,11.4,0.52,1.05]
["人工单价",null,"小计",{"$nulls":6},1.64,null,11.4,0.52,1.05]
[null,null,"未计价材料费",{"$nulls":6},10.87]
["清单项目综合单价",{"$nulls":8},14.61]
["材\n料\n费\n明\n细","主要材料名称、规格、型号",{"$nulls":4},"单位","数量",null,"单价（元）",null,"合价（元）","暂估单价\n（元）","暂估合价\n（元）"]
[null,"热镀锌扁钢40*4 ",{"$nulls":4},"m",1.05,null,10.35,null,10.87]
[null,"其他材料费",{"$nulls":7},"-",null,0.53,"-"]
[null,"材料费小计",{"$nulls":7},"-",null,11.4,"-"]
{"$rows_empty":7}
["注：1.如不使用省级或行业建设主管部门发布的计价依据，可不填定额编码、名称等；\n    2.招标文件提供了暂估单价的材料，按暂估的单价填入表内“暂估单价”栏及“暂估合价”栏。"]
[{"$nulls":10},"表-09"]
["综合单价分析表"]
["工程名称：电气工程-新蓝天幼儿园工程建设项目-地下",{"$nulls":7},"标段：",null,"第 97 页  共 105 页"]
["项目编码",null,"030409003003",null,"项目名称","避雷引下线（至弱电机房）",{"$nulls":3},"计量单位",null,"m","工程量",10.8]
["清单综合单价组成明细"]
["定额编号","定额项目名称","定额\n单位","数量","单价",{"$nulls":4},"合价"]
[{"$nulls":4},"人工费","材料费","机具费","管理费\n和利润",null,"人工费",null,"材料费","机具费","管理费\n和利润"]
["C4-9-21","避雷引下线敷设 利用金属构件引下","10m",0.1,16.37,140.27,5.19,10.51,null,1.64,null,14.03,0.52,1.05]
["人工单价",null,"小计",{"$nulls":6},1.64,null,14.03,0.52,1.05]
[null,null,"未计价材料费",{"$nulls":6},13.49]
["清单项目综合单价",{"$nulls":8},17.23]
["材\n料\n费\n明\n细","主要材料名称、规格、型号",{"$nulls":4},"单位","数量",null,"单价（元）",null,"合价（元）","暂估单价\n（元）","暂估合价\n（元）"]
[null,"热镀锌扁钢50*5 ",{"$nulls":4},"m",1.05,null,12.85,null,13.49]
[null,"其他材料费",{"$nulls":7},"-",null,0.53,"-"]
[null,"材料费小计",{"$nulls":7},"-",null,14.02,"-"]
{"$rows_empty":7}
["注：1.如不使用省级或行业建设主管部门发布的计价依据，可不填定额编码、名称等；\n    2.招标文件提供了暂估单价的材料，按暂估的单价填入表内“暂估单价”栏及“暂估合价”栏。"]
[{"$nulls":10},"表-09"]
["综合单价分析表"]
["工程名称：电气工程-新蓝天幼儿园工程建设项目-地下",{"$nulls":7},"标段：",null,"第 98 页  共 105 页"]
["项目编码",null,"030409008003",null,"项目名称","局部等电位联结端子箱",{"$nulls":3},"计量单位",null,"台","工程量",8]
["清单综合单价组成明细"]
["定额编号","定额项目名称","定额\n单位","数量","单价",{"$nulls":4},"合价"]
[{"$nulls":4},"人工费","材料费","机具费","管理费\n和利润",null,"人工费",null,"材料费","机具费","管理费\n和利润"]
["C4-9-73","等电位端子箱安装 端子箱暗装(半周长mm以内) 300","个",1,30.9,27.9,null,15.06,null,30.9,null,27.9,null,15.06]
["人工单价",null,"小计",{"$nulls":6},30.9,null,27.9,null,15.06]
[null,null,"未计价材料费",{"$nulls":6},27]
["清单项目综合单价",{"$nulls":8},73.86]
["材\n料\n费\n明\n细","主要材料名称、规格、型号",{"$nulls":4},"单位","数量",null,"单价（元）",null,"合价（元）","暂估单价\n（元）","暂估合价\n（元）"]
[null,"局部等电位联结端子箱 ",{"$nulls":4},"台",1,null,27,null,27]
[null,"其他材料费",{"$nulls":7},"-",null,0.9,"-"]
[null,"材料费小计",{"$nulls":7},"-",null,27.9,"-"]
[]
[]
[]
[]
[]
[]
["注：1.如不使用省级或行业建设主管部门发布的计价依据，可不填定额编码、名称等；\n    2.招标文件提供了暂估单价的材料，按暂估的单价填入表内“暂估单价”栏及“暂估合价”栏。"]
[{"$nulls":10},"表-09"]
["综合单价分析表"]
["工程名称：电气工程-新蓝天幼儿园工程建设项目-地下",{"$nulls":7},"标段：",null,"第 99 页  共 105 页"]
["项目编码",null,"030409008001",null,"项目名称","接地端子",{"$nulls":3},"计量单位",null,"套","工程量",2]
["清单综合单价组成明细"]
["定额编号","定额项目名称","定额\n单位","数量","单价",{"$nulls":4},"合价"]
[{"$nulls":4},"人工费","材料费","机具费","管理费\n和利润",null,"人工费",null,"材料费","机具费","管理费\n和利润"]
["C4-9-90","断接卡子制作、安装","10套",0.1,345.06,37.63,0.1,168.23,null,34.51,null,3.76,0.01,16.82]
["人工单价",null,"小计",{"$nulls":6},34.51,null,3.76,0.01,16.82]
[null,null,"未计价材料费"]
["清单项目综合单价",{"$nulls":8},55.1]
["材\n料\n费\n明\n细","主要材料名称、规格、型号",{"$nulls":4},"单位","数量",null,"单价（元）",null,"合价（元）","暂估单价\n（元）","暂估合价\n（元）"]
[null,"其他材料费",{"$nulls":7},"-",null,3.76,"-"]
[null,"材料费小计",{"$nulls":7},"-",null,3.76,"-"]
{"$rows_empty":8}
["注：1.如不使用省级或行业建设主管部门发布的计价依据，可不填定额编码、名称等；\n    2.招标文件提供了暂估单价的材料，按暂估的单价填入表内“暂估单价”栏及“暂估合价”栏。"]
[{"$nulls":10},"表-09"]
["综合单价分析表"]
["工程名称：电气工程-新蓝天幼儿园工程建设项目-地下",{"$nulls":7},"标段：",null,"第 100 页  共 105 页"]
["项目编码",null,"030409008002",null,"项目名称","接地电阻测试端子",{"$nulls":3},"计量单位",null,"套","工程量",3]
["清单综合单价组成明细"]
["定额编号","定额项目名称","定额\n单位","数量","单价",{"$nulls":4},"合价"]
[{"$nulls":4},"人工费","材料费","机具费","管理费\n和利润",null,"人工费",null,"材料费","机具费","管理费\n和利润"]
["C4-9-90","断接卡子制作、安装","10套",0.1,345.06,37.63,0.1,168.23,null,34.51,null,3.76,0.01,16.82]
["人工单价",null,"小计",{"$nulls":6},34.51,null,3.76,0.01,16.82]
[null,null,"未计价材料费"]
["清单项目综合单价",{"$nulls":8},55.1]
["材\n料\n费\n明\n细","主要材料名称、规格、型号",{"$nulls":4},"单位","数量",null,"单价（元）",null,"合价（元）","暂估单价\n（元）","暂估合价\n（元）"]
[null,"其他材料费",{"$nulls":7},"-",null,3.76,"-"]
[null,"材料费小计",{"$nulls":7},"-",null,3.76,"-"]
{"$rows_empty":8}
["注：1.如不使用省级或行业建设主管部门发布的计价依据，可不填定额编码、名称等；\n    2.招标文件提供了暂估单价的材料，按暂估的单价填入表内“暂估单价”栏及“暂估合价”栏。"]
[{"$nulls":10},"表-09"]
["综合单价分析表"]
["工程名称：电气工程-新蓝天幼儿园工程建设项目-地下",{"$nulls":7},"标段：",null,"第 101 页  共 105 页"]
["项目编码",null,"粤030409012001",null,"项目名称","桩承台接地（三连桩以内）",{"$nulls":3},"计量单位",null,"基","工程量",84]
["清单综合单价组成明细"]
["定额编号","定额项目名称","定额\n单位","数量","单价",{"$nulls":4},"合价"]
[{"$nulls":4},"人工费","材料费","机具费","管理费\n和利润",null,"人工费",null,"材料费","机具费","管理费\n和利润"]
["C4-9-82","桩承台接地线安装 三连桩","基",1,235.06,80.54,33.78,131.03,null,235.06,null,80.54,33.78,131.03]
["人工单价",null,"小计",{"$nulls":6},235.06,null,80.54,33.78,131.03]
[null,null,"未计价材料费"]
["清单项目综合单价",{"$nulls":8},480.41]
["材\n料\n费\n明\n细","主要材料名称、规格、型号",{"$nulls":4},"单位","数量",null,"单价（元）",null,"合价（元）","暂估单价\n（元）","暂估合价\n（元）"]
[null,"其他材料费",{"$nulls":7},"-",null,80.54,"-"]
[null,"材料费小计",{"$nulls":7},"-",null,80.54,"-"]
{"$rows_empty":8}
["注：1.如不使用省级或行业建设主管部门发布的计价依据，可不填定额编码、名称等；\n    2.招标文件提供了暂估单价的材料，按暂估的单价填入表内“暂估单价”栏及“暂估合价”栏。"]
[{"$nulls":10},"表-09"]
["综合单价分析表"]
["工程名称：电气工程-新蓝天幼儿园工程建设项目-地下",{"$nulls":7},"标段：",null,"第 102 页  共 105 页"]
["项目编码",null,"粤030409012002",null,"项目名称","桩承台接地（七连桩以内）",{"$nulls":3},"计量单位",null,"基","工程量",9]
["清单综合单价组成明细"]
["定额编号","定额项目名称","定额\n单位","数量","单价",{"$nulls":4},"合价"]
[{"$nulls":4},"人工费","材料费","机具费","管理费\n和利润",null,"人工费",null,"材料费","机具费","管理费\n和利润"]
["C4-9-83","桩承台接地线安装 七连桩","基",1,332.21,113.73,47.71,185.17,null,332.21,null,113.73,47.71,185.17]
["人工单价",null,"小计",{"$nulls":6},332.21,null,113.73,47.71,185.17]
[null,null,"未计价材料费"]
["清单项目综合单价",{"$nulls":8},678.82]
["材\n料\n费\n明\n细","主要材料名称、规格、型号",{"$nulls":4},"单位","数量",null,"单价（元）",null,"合价（元）","暂估单价\n（元）","暂估合价\n（元）"]
[null,"其他材料费",{"$nulls":7},"-",null,113.73,"-"]
[null,"材料费小计",{"$nulls":7},"-",null,113.73,"-"]
{"$rows_empty":8}
["注：1.如不使用省级或行业建设主管部门发布的计价依据，可不填定额编码、名称等；\n    2.招标文件提供了暂估单价的材料，按暂估的单价填入表内“暂估单价”栏及“暂估合价”栏。"]
[{"$nulls":10},"表-09"]
["综合单价分析表"]
["工程名称：电气工程-新蓝天幼儿园工程建设项目-地下",{"$nulls":7},"标段：",null,"第 103 页  共 105 页"]
["项目编码",null,"030414011001",null,"项目名称","防雷验收检测",{"$nulls":3},"计量单位",null,"系统","工程量",1]
["清单综合单价组成明细"]
["定额编号","定额项目名称","定额\n单位","数量","单价",{"$nulls":4},"合价"]
[{"$nulls":4},"人工费","材料费","机具费","管理费\n和利润",null,"人工费",null,"材料费","机具费","管理费\n和利润"]
["C4-14-49","接地装置调试 接地网","系统",1,879.58,null,292.53,571.28,null,879.58,null,null,292.53,571.28]
["人工单价",null,"小计",{"$nulls":6},879.58,null,null,292.53,571.28]
[null,null,"未计价材料费"]
["清单项目综合单价",{"$nulls":8},1743.39]
["材\n料\n费\n明\n细","主要材料名称、规格、型号",{"$nulls":4},"单位","数量",null,"单价（元）",null,"合价（元）","暂估单价\n（元）","暂估合价\n（元）"]
{"$rows_empty":8}
["注：1.如不使用省级或行业建设主管部门发布的计价依据，可不填定额编码、名称等；\n    2.招标文件提供了暂估单价的材料，按暂估的单价填入表内“暂估单价”栏及“暂估合价”栏。"]
[{"$nulls":10},"表-09"]
["综合单价分析表"]
["工程名称：电气工程-新蓝天幼儿园工程建设项目-地下",{"$nulls":7},"标段：",null,"第 104 页  共 105 页"]
["项目编码",null,"031302007001",null,"项目名称","高层施工增加",{"$nulls":3},"计量单位",null,"项","工程量",1]
["清单综合单价组成明细"]
["定额编号","定额项目名称","定额\n单位","数量","单价",{"$nulls":4},"合价"]
[{"$nulls":4},"人工费","材料费","机具费","管理费\n和利润",null,"人工费",null,"材料费","机具费","管理费\n和利润"]
[null,null,"未计价材料费"]
["清单项目综合单价"]
["材\n料\n费\n明\n细","主要材料名称、规格、型号",{"$nulls":4},"单位","数量",null,"单价（元）",null,"合价（元）","暂估单价\n（元）","暂估合价\n（元）"]
{"$rows_empty":10}
["注：1.如不使用省级或行业建设主管部门发布的计价依据，可不填定额编码、名称等；\n    2.招标文件提供了暂估单价的材料，按暂估的单价填入表内“暂估单价”栏及“暂估合价”栏。"]
[{"$nulls":10},"表-09"]
["综合单价分析表"]
["工程名称：电气工程-新蓝天幼儿园工程建设项目-地下",{"$nulls":7},"标段：",null,"第 105 页  共 105 页"]
["项目编码",null,"031301017001",null,"项目名称","脚手架搭拆费",{"$nulls":3},"计量单位",null,"项","工程量",1]
["清单综合单价组成明细"]
["定额编号","定额项目名称","定额\n单位","数量","单价",{"$nulls":4},"合价"]
[{"$nulls":4},"人工费","材料费","机具费","管理费\n和利润",null,"人工费",null,"材料费","机具费","管理费\n和利润"]
["BM248","脚手架搭拆费(单独承担埋地或沟槽敷设线缆工程除外)(电气设备安装工程，除10章)","元",1,3801.61,{"$nulls":4},3801.61]
["BM434","脚手架搭拆费(刷油、防腐蚀、绝热工程)","元",1,6.92,{"$nulls":4},6.92]
["BM399","脚手架搭拆费(单独承担埋地管道工程除外)(给排水、采暖、燃气工程)","元",1,202.01,{"$nulls":4},202.01]
["人工单价",null,"小计",{"$nulls":6},4010.54]
[null,null,"未计价材料费"]
["清单项目综合单价",{"$nulls":8},4010.54]
["材\n料\n费\n明\n细","主要材料名称、规格、型号",{"$nulls":4},"单位","数量",null,"单价（元）",null,"合价（元）","暂估单价\n（元）","暂估合价\n（元）"]
[null,"其他材料费",{"$nulls":7},"-",null,null,"-"]
[null,"材料费小计",{"$nulls":7},"-",null,null,"-"]
[]
[]
[]
["注：1.如不使用省级或行业建设主管部门发布的计价依据，可不填定额编码、名称等；\n    2.招标文件提供了暂估单价的材料，按暂估的单价填入表内“暂估单价”栏及“暂估合价”栏。"]
[{"$nulls":10},"表-09"]

{"sheet":"表-09 综合单价分析表（全费用）【电气工程-新蓝天幼儿园_1","index":29,"n_rows":2269,"n_cols":20,"rows_kept":2269,"merged":[[0,0,0,19],[1,0,1,10],[1,11,1,14],[1,15,1,19],[2,0,2,1],[2,2,2,3],[2,4,2,5],[2,6,2,9],[2,10,2,12],[2,13,2,15],[2,16,2,17],[2,18,2,19],[3,0,3,19],[4,4,4,11],[4,12,4,19],[5,10,5,11],[5,14,5,15],[6,10,6,11],[6,14,6,15],[7,0,7,1],[7,2,7,11],[7,14,7,15],[8,0,8,1],[8,2,8,11],[8,12,8,19],[9,0,9,11],[9,12,9,19],[10,1,10,8],[10,10,10,11],[10,12,10,13],[10,14,10,16],[10,18,10,19],[11,1,11,8],[11,10,11,11],[11,12,11,13],[11,14,11,16],[11,18,11,19],[12,1,12,11],[12,12,12,13],[12,14,12,16],[12,18,12,19],[13,1,13,11],[13,12,13,13],[13,14,13,16],[13,18,13,19],[14,1,14,8],[14,10,14,11],[14,12,14,13],[14,14,14,16],[14,18,14,19],[15,1,15,8],[15,10,15,11],[15,12,15,13],[15,14,15,16],[15,18,15,19],[16,1,16,8],[16,10,16,11],[16,12,16,13],[16,14,16,16],[16,18,16,19],[17,1,17,8],[17,10,17,11],[17,12,17,13],[17,14,17,16],[17,18,17,19],[18,1,18,8],[18,10,18,11],[18,12,18,13],[18,14,18,16],[18,18,18,19],[19,0,19,19],[20,0,20,10],[20,11,20,14],[20,15,20,19],[21,0,21,19],[22,0,22,10],[22,11,22,14],[22,15,22,19],[23,0,23,1],[23,2,23,3],[23,4,23,5],[23,6,23,9],[23,10,23,12],[23,13,23,15],[23,16,23,17],[23,18,23,19],[24,0,24,19],[25,4,25,11],[25,12,25,19],[26,10,26,11],[26,14,26,15],[27,10,27,11],[27,14,27,15],[28,0,28,1],[28,2,28,11],[28,14,28,15],[29,0,29,1],[29,2,29,11],[29,12,29,19],[30,0,30,11],[30,12,30,19],[31,1,31,8],[31,10,31,11],[31,12,31,13],[31,14,31,16],[31,18,31,19],[32,1,32,8],[32,10,32,11],[32,12,32,13],[32,14,32,16],[32,18,32,19],[33,1,33,11],[33,12,33,13],[33,14,33,16],[33,18,33,19],[34,1,34,11],[34,12,34,13],[34,14,34,16],[34,18,34,19],[35,1,35,8],[35,10,35,11],[35,12,35,13],[35,14,35,16],[35,18,35,19],[36,1,36,8],[36,10,36,11],[36,12,36,13],[36,14,36,16],[36,18,36,19],[37,1,37,8],[37,10,37,11],[37,12,37,13],[37,14,37,16],[37,18,37,19],[38,1,38,8],[38,10,38,11],[38,12,38,13],[38,14,38,16],[38,18,38,19],[39,1,39,8],[39,10,39,11],[39,12,39,13],[39,14,39,16],[39,18,39,19],[40,0,40,19],[41,0,41,10],[41,11,41,14],[41,15,41,19],[42,0,42,19],[43,0,43,10],[43,11,43,14],[43,15,43,19],[44,0,44,1],[44,2,44,3],[44,4,44,5],[44,6,44,9],[44,10,44,12],[44,13,44,15],[44,16,44,17],[44,18,44,19],[45,0,45,19],[46,4,46,11],[46,12,46,19],[47,10,47,11],[47,14,47,15],[48,10,48,11],[48,14,48,15],[49,0,49,1],[49,2,49,11],[49,14,49,15],[50,0,50,1],[50,2,50,11],[50,12,50,19],[51,0,51,11],[51,12,51,19],[52,1,52,8],[52,10,52,11],[52,12,52,13],[52,14,52,16],[52,18,52,19],[53,1,53,8],[53,10,53,11],[53,12,53,13],[53,14,53,16],[53,18,53,19],[54,1,54,11],[54,12,54,13],[54,14,54,16],[54,18,54,19],[55,1,55,11],[55,12,55,13],[55,14,55,16],[55,18,55,19],[56,1,56,8],[56,10,56,11],[56,12,56,13],[56,14,56,16],[56,18,56,19],[57,1,57,8],[57,10,57,11],[57,12,57,13],[57,14,57,16],[57,18,57,19],[58,1,58,8],[58,10,58,11],[58,12,58,13],[58,14,58,16],[58,18,58,19],[59,1,59,8],[59,10,59,11],[59,12,59,13],[59,14,59,16],[59,18,59,19],[60,1,60,8],[60,10,60,11],[60,12,60,13],[60,14,60,16],[60,18,60,19],[61,0,61,19],[62,0,62,10],[62,11,62,14],[62,15,62,19],[63,0,63,19],[64,0,64,10],[64,11,64,14],[64,15,64,19],[65,0,65,1],[65,2,65,3],[65,4,65,5],[65,6,65,9],[65,10,65,12],[65,13,65,15],[65,16,65,17],[65,18,65,19],[66,0,66,19],[67,4,67,11],[67,12,67,19],[68,10,68,11],[68,14,68,15],[69,10,69,11],[69,14,69,15],[70,0,70,1],[70,2,70,11],[70,14,70,15],[71,0,71,1],[71,2,71,11],[71,12,71,19],[72,0,72,11],[72,12,72,19],[73,1,73,8],[73,10,73,11],[73,12,73,13],[73,14,73,16],[73,18,73,19],[74,1,74,8],[74,10,74,11],[74,12,74,13],[74,14,74,16],[74,18,74,19],[75,1,75,11],[75,12,75,13],[75,14,75,16],[75,18,75,19],[76,1,76,11],[76,12,76,13],[76,14,76,16],[76,18,76,19],[77,1,77,8],[77,10,77,11],[77,12,77,13],[77,14,77,16],[77,18,77,19],[78,1,78,8],[78,10,78,11],[78,12,78,13],[78,14,78,16],[78,18,78,19],[79,1,79,8],[79,10,79,11],[79,12,79,13],[79,14,79,16],[79,18,79,19],[80,1,80,8],[80,10,80,11],[80,12,80,13],[80,14,80,16],[80,18,80,19],[81,1,81,8],[81,10,81,11],[81,12,81,13],[81,14,81,16],[81,18,81,19],[82,0,82,19],[83,0,83,10],[83,11,83,14],[83,15,83,19],[84,0,84,19],[85,0,85,10],[85,11,85,14],[85,15,85,19],[86,0,86,1],[86,2,86,3],[86,4,86,5],[86,6,86,9],[86,10,86,12],[86,13,86,15],[86,16,86,17],[86,18,86,19],[87,0,87,19],[88,4,88,11],[88,12,88,19],[89,10,89,11],[89,14,89,15],[90,10,90,11],[90,14,90,15],[91,0,91,1],[91,2,91,11],[91,14,91,15],[92,0,92,1],[92,2,92,11],[92,12,92,19],[93,0,93,11],[93,12,93,19],[94,1,94,8],[94,10,94,11],[94,12,94,13],[94,14,94,16],[94,18,94,19],[95,1,95,8],[95,10,95,11],[95,12,95,13],[95,14,95,16],[95,18,95,19],[96,1,96,11],[96,12,96,13],[96,14,96,16],[96,18,96,19],[97,1,97,11],[97,12,97,13],[97,14,97,16],[97,18,97,19],[98,1,98,8],[98,10,98,11],[98,12,98,13],[98,14,98,16],[98,18,98,19],[99,1,99,8],[99,10,99,11],[99,12,99,13],[99,14,99,16],[99,18,99,19],[100,1,100,8],[100,10,100,11],[100,12,100,13],[100,14,100,16],[100,18,100,19],[101,1,101,8],[101,10,101,11],[101,12,101,13],[101,14,101,16],[101,18,101,19],[102,1,102,8],[102,10,102,11],[102,12,102,13],[102,14,102,16],[102,18,102,19],[103,0,103,19],[104,0,104,10],[104,11,104,14],[104,15,104,19],[105,0,105,19],[106,0,106,10],[106,11,106,14],[106,15,106,19],[107,0,107,1],[107,2,107,3],[107,4,107,5],[107,6,107,9],[107,10,107,12],[107,13,107,15],[107,16,107,17],[107,18,107,19],[108,0,108,19],[109,4,109,11],[109,12,109,19],[110,10,110,11],[110,14,110,15],[111,10,111,11],[111,14,111,15],[112,0,112,1],[112,2,112,11],[112,14,112,15],[113,0,113,1],[113,2,113,11],[113,12,113,19],[114,0,114,11],[114,12,114,19],[115,1,115,8],[115,10,115,11],[115,12,115,13],[115,14,115,16],[115,18,115,19],[116,1,116,8],[116,10,116,11],[116,12,116,13],[116,14,116,16],[116,18,116,19],[117,1,117,11],[117,12,117,13],[117,14,117,16],[117,18,117,19],[118,1,118,11],[118,12,118,13],[118,14,118,16],[118,18,118,19],[119,1,119,8],[119,10,119,11],[119,12,119,13],[119,14,119,16],[119,18,119,19],[120,1,120,8],[120,10,120,11],[120,12,120,13],[120,14,120,16],[120,18,120,19],[121,1,121,8],[121,10,121,11],[121,12,121,13],[121,14,121,16],[121,18,121,19],[122,1,122,8],[122,10,122,11],[122,12,122,13],[122,14,122,16],[122,18,122,19],[123,1,123,8],[123,10,123,11],[123,12,123,13],[123,14,123,16],[123,18,123,19],[124,1,124,8],[124,10,124,11],[124,12,124,13],[124,14,124,16],[124,18,124,19],[125,0,125,19],[126,0,126,10],[126,11,126,14],[126,15,126,19],[127,0,127,19],[128,0,128,10],[128,11,128,14],[128,15,128,19],[129,0,129,1],[129,2,129,3],[129,4,129,5],[129,6,129,9],[129,10,129,12],[129,13,129,15],[129,16,129,17],[129,18,129,19],[130,0,130,19],[131,4,131,11],[131,12,131,19],[132,10,132,11],[132,14,132,15],[133,10,133,11],[133,14,133,15],[134,0,134,1],[134,2,134,11],[134,14,134,15],[135,0,135,1],[135,2,135,11],[135,12,135,19],[136,0,136,11],[136,12,136,19],[137,1,137,8],[137,10,137,11],[137,12,137,13],[137,14,137,16],[137,18,137,19],[138,1,138,8],[138,10,138,11],[138,12,138,13],[138,14,138,16],[138,18,138,19],[139,1,139,11],[139,12,139,13],[139,14,139,16],[139,18,139,19],[140,1,140,11],[140,12,140,13],[140,14,140,16],[140,18,140,19],[141,1,141,8],[141,10,141,11],[141,12,141,13],[141,14,141,16],[141,18,141,19],[142,1,142,8],[142,10,142,11],[142,12,142,13],[142,14,142,16],[142,18,142,19],[143,1,143,8],[143,10,143,11],[143,12,143,13],[143,14,143,16],[143,18,143,19],[144,1,144,8],[144,10,144,11],[144,12,144,13],[144,14,144,16],[144,18,144,19],[145,1,145,8],[145,10,145,11],[145,12,145,13],[145,14,145,16],[145,18,145,19],[146,0,146,19],[147,0,147,10],[147,11,147,14],[147,15,147,19],[148,0,148,19],[149,0,149,10],[149,11,149,14],[149,15,149,19],[150,0,150,1],[150,2,150,3],[150,4,150,5],[150,6,150,9],[150,10,150,12],[150,13,150,15],[150,16,150,17],[150,18,150,19],[151,0,151,19],[152,4,152,11],[152,12,152,19],[153,10,153,11],[153,14,153,15],[154,10,154,11],[154,14,154,15],[155,0,155,1],[155,2,155,11],[155,14,155,15],[156,0,156,1],[156,2,156,11],[156,12,156,19],[157,0,157,11],[157,12,157,19],[158,1,158,8],[158,10,158,11],[158,12,158,13],[158,14,158,16],[158,18,158,19],[159,1,159,8],[159,10,159,11],[159,12,159,13],[159,14,159,16],[159,18,159,19],[160,1,160,11],[160,12,160,13],[160,14,160,16],[160,18,160,19],[161,1,161,11],[161,12,161,13],[161,14,161,16],[161,18,161,19],[162,1,162,8],[162,10,162,11],[162,12,162,13],[162,14,162,16],[162,18,162,19],[163,1,163,8],[163,10,163,11],[163,12,163,13],[163,14,163,16],[163,18,163,19],[164,1,164,8],[164,10,164,11],[164,12,164,13],[164,14,164,16],[164,18,164,19],[165,1,165,8],[165,10,165,11],[165,12,165,13],[165,14,165,16],[165,18,165,19],[166,1,166,8],[166,10,166,11],[166,12,166,13],[166,14,166,16],[166,18,166,19],[167,0,167,19],[168,0,168,10],[168,11,168,14],[168,15,168,19],[169,0,169,19],[170,0,170,10],[170,11,170,14],[170,15,170,19],[171,0,171,1],[171,2,171,3],[171,4,171,5],[171,6,171,9],[171,10,171,12],[171,13,171,15],[171,16,171,17],[171,18,171,19],[172,0,172,19],[173,4,173,11],[173,12,173,19],[174,10,174,11],[174,14,174,15],[175,10,175,11],[175,14,175,15],[176,0,176,1],[176,2,176,11],[176,14,176,15],[177,0,177,1],[177,2,177,11],[177,12,177,19],[178,0,178,11],[178,12,178,19],[179,1,179,8],[179,10,179,11],[179,12,179,13],[179,14,179,16],[179,18,179,19],[180,1,180,8],[180,10,180,11],[180,12,180,13],[180,14,180,16],[180,18,180,19],[181,1,181,11],[181,12,181,13],[181,14,181,16],[181,18,181,19],[182,1,182,11],[182,12,182,13],[182,14,182,16],[182,18,182,19],[183,1,183,8],[183,10,183,11],[183,12,183,13],[183,14,183,16],[183,18,183,19],[184,1,184,8],[184,10,184,11],[184,12,184,13],[184,14,184,16],[184,18,184,19],[185,1,185,8],[185,10,185,11],[185,12,185,13],[185,14,185,16],[185,18,185,19],[186,1,186,8],[186,10,186,11],[186,12,186,13],[186,14,186,16],[186,18,186,19],[187,1,187,8],[187,10,187,11],[187,12,187,13],[187,14,187,16],[187,18,187,19],[188,1,188,8],[188,10,188,11],[188,12,188,13],[188,14,188,16],[188,18,188,19],[189,0,189,19],[190,0,190,10],[190,11,190,14],[190,15,190,19],[191,0,191,19],[192,0,192,10],[192,11,192,14],[192,15,192,19],[193,0,193,1],[193,2,193,3],[193,4,193,5],[193,6,193,9],[193,10,193,12],[193,13,193,15],[193,16,193,17],[193,18,193,19],[194,0,194,19],[195,4,195,11],[195,12,195,19],[196,10,196,11],[196,14,196,15],[197,10,197,11],[197,14,197,15],[198,0,198,1],[198,2,198,11],[198,14,198,15],[199,0,199,1],[199,2,199,11],[199,12,199,19],[200,0,200,11],[200,12,200,19],[201,1,201,8],[201,10,201,11],[201,12,201,13],[201,14,201,16],[201,18,201,19],[202,1,202,8],[202,10,202,11],[202,12,202,13],[202,14,202,16],[202,18,202,19],[203,1,203,11],[203,12,203,13],[203,14,203,16],[203,18,203,19],[204,1,204,11],[204,12,204,13],[204,14,204,16],[204,18,204,19],[205,1,205,8],[205,10,205,11],[205,12,205,13],[205,14,205,16],[205,18,205,19],[206,1,206,8],[206,10,206,11],[206,12,206,13],[206,14,206,16],[206,18,206,19],[207,1,207,8],[207,10,207,11],[207,12,207,13],[207,14,207,16],[207,18,207,19],[208,1,208,8],[208,10,208,11],[208,12,208,13],[208,14,208,16],[208,18,208,19],[209,1,209,8],[209,10,209,11],[209,12,209,13],[209,14,209,16],[209,18,209,19],[210,0,210,19],[211,0,211,10],[211,11,211,14],[211,15,211,19],[212,0,212,19],[213,0,213,10],[213,11,213,14],[213,15,213,19],[214,0,214,1],[214,2,214,3],[214,4,214,5],[214,6,214,9],[214,10,214,12],[214,13,214,15],[214,16,214,17],[214,18,214,19],[215,0,215,19],[216,4,216,11],[216,12,216,19],[217,10,217,11],[217,14,217,15],[218,10,218,11],[218,14,218,15],[219,0,219,1],[219,2,219,11],[219,14,219,15],[220,0,220,1],[220,2,220,11],[220,12,220,19],[221,0,221,11],[221,12,221,19],[222,1,222,8],[222,10,222,11],[222,12,222,13],[222,14,222,16],[222,18,222,19],[223,1,223,8],[223,10,223,11],[223,12,223,13],[223,14,223,16],[223,18,223,19],[224,1,224,11],[224,12,224,13],[224,14,224,16],[224,18,224,19],[225,1,225,11],[225,12,225,13],[225,14,225,16],[225,18,225,19],[226,1,226,8],[226,10,226,11],[226,12,226,13],[226,14,226,16],[226,18,226,19],[227,1,227,8],[227,10,227,11],[227,12,227,13],[227,14,227,16],[227,18,227,19],[228,1,228,8],[228,10,228,11],[228,12,228,13],[228,14,228,16],[228,18,228,19],[229,1,229,8],[229,10,229,11],[229,12,229,13],[229,14,229,16],[229,18,229,19],[230,1,230,8],[230,10,230,11],[230,12,230,13],[230,14,230,16],[230,18,230,19],[231,0,231,19],[232,0,232,10],[232,11,232,14],[232,15,232,19],[233,0,233,19],[234,0,234,10],[234,11,234,14],[234,15,234,19],[235,0,235,1],[235,2,235,3],[235,4,235,5],[235,6,235,9],[235,10,235,12],[235,13,235,15],[235,16,235,17],[235,18,235,19],[236,0,236,19],[237,4,237,11],[237,12,237,19],[238,10,238,11],[238,14,238,15],[239,10,239,11],[239,14,239,15],[240,0,240,1],[240,2,240,11],[240,14,240,15],[241,0,241,1],[241,2,241,11],[241,12,241,19],[242,0,242,11],[242,12,242,19],[243,1,243,8],[243,10,243,11],[243,12,243,13],[243,14,243,16],[243,18,243,19],[244,1,244,8],[244,10,244,11],[244,12,244,13],[244,14,244,16],[244,18,244,19],[245,1,245,11],[245,12,245,13],[245,14,245,16],[245,18,245,19],[246,1,246,11],[246,12,246,13],[246,14,246,16],[246,18,246,19],[247,1,247,8],[247,10,247,11],[247,12,247,13],[247,14,247,16],[247,18,247,19],[248,1,248,8],[248,10,248,11],[248,12,248,13],[248,14,248,16],[248,18,248,19],[249,1,249,8],[249,10,249,11],[249,12,249,13],[249,14,249,16],[249,18,249,19],[250,1,250,8],[250,10,250,11],[250,12,250,13],[250,14,250,16],[250,18,250,19],[251,1,251,8],[251,10,251,11],[251,12,251,13],[251,14,251,16],[251,18,251,19],[252,0,252,19],[253,0,253,10],[253,11,253,14],[253,15,253,19],[254,0,254,19],[255,0,255,10],[255,11,255,14],[255,15,255,19],[256,0,256,1],[256,2,256,3],[256,4,256,5],[256,6,256,9],[256,10,256,12],[256,13,256,15],[256,16,256,17],[256,18,256,19],[257,0,257,19],[258,4,258,11],[258,12,258,19],[259,10,259,11],[259,14,259,15],[260,10,260,11],[260,14,260,15],[261,0,261,1],[261,2,261,11],[261,14,261,15],[262,0,262,1],[262,2,262,11],[262,12,262,19],[263,0,263,11],[263,12,263,19],[264,1,264,8],[264,10,264,11],[264,12,264,13],[264,14,264,16],[264,18,264,19],[265,1,265,8],[265,10,265,11],[265,12,265,13],[265,14,265,16],[265,18,265,19],[266,1,266,11],[266,12,266,13],[266,14,266,16],[266,18,266,19],[267,1,267,11],[267,12,267,13],[267,14,267,16],[267,18,267,19],[268,1,268,8],[268,10,268,11],[268,12,268,13],[268,14,268,16],[268,18,268,19],[269,1,269,8],[269,10,269,11],[269,12,269,13],[269,14,269,16],[269,18,269,19],[270,1,270,8],[270,10,270,11],[270,12,270,13],[270,14,270,16],[270,18,270,19],[271,1,271,8],[271,10,271,11],[271,12,271,13],[271,14,271,16],[271,18,271,19],[272,1,272,8],[272,10,272,11],[272,12,272,13],[272,14,272,16],[272,18,272,19],[273,0,273,19],[274,0,274,10],[274,11,274,14],[274,15,274,19],[275,0,275,19],[276,0,276,10],[276,11,276,14],[276,15,276,19],[277,0,277,1],[277,2,277,3],[277,4,277,5],[277,6,277,9],[277,10,277,12],[277,13,277,15],[277,16,277,17],[277,18,277,19],[278,0,278,19],[279,4,279,11],[279,12,279,19],[280,10,280,11],[280,14,280,15],[281,10,281,11],[281,14,281,15],[282,0,282,1],[282,2,282,11],[282,14,282,15],[283,0,283,1],[283,2,283,11],[283,12,283,19],[284,0,284,11],[284,12,284,19],[285,1,285,8]],"merged_total":8578,"flags":["merged_cut"]}
["综合单价分析表"]
["工程名称：电气工程-新蓝天幼儿园工程建设项目-地下",{"$nulls":10},"标段：",{"$nulls":3},"第 1 页  共 107 页"]
["项目编码",null,"030404017001",null,"项目名称",null,"弱电机房电源 01B01AT.rd",{"$nulls":3},"计量单位",null,null,"台",null,null,"工程量",null,1]
["清单综合单价组成明细"]
["定额编号","定额项目名称","定额\n单位","数量","单价",{"$nulls":7},"合价"]
[{"$nulls":4},"人工费","材料费","机具费","管理费","利润","规费","税金",null,"人工费","材料费","机具费",null,"管理费","利润","规费","税金"]
["C4-4-32","成套配电箱安装 悬挂式(半周长m以内) 1.5","台",1,220.56,4530.44,null,63.39,44.11,{"$nulls":3},220.56,4530.44,null,null,63.39,44.11]
["人工单价",null,"小计",{"$nulls":9},220.56,4530.44,null,null,63.39,44.11]
[null,null,"未计价材料费",{"$nulls":9},4500]
["清单项目综合单价",{"$nulls":11},4858.5]
["材\n料\n费\n明\n细","主要材料名称、规格、型号",{"$nulls":7},"单位","数量",null,"单价（元）",null,"合价（元）",null,null,"暂估单价\n（元）","暂估合价\n（元）"]
[null,"弱电机房电源 01B01AT.rd ",{"$nulls":7},"台",1,null,4500,null,4500]
[null,"其他材料费",{"$nulls":10},"-",null,30.46,null,null,"-"]
[null,"材料费小计",{"$nulls":10},"-",null,4530.46,null,null,"-"]
[]
[]
[]
[]
[]
["注：1.如不使用省级或行业建设主管部门发布的计价依据，可不填定额编码、名称等；\n    2.招标文件提供了暂估单价的材料，按暂估的单价填入表内“暂估单价”栏及“暂估合价”栏。"]
[{"$nulls":15},"表-09"]
["综合单价分析表"]
["工程名称：电气工程-新蓝天幼儿园工程建设项目-地下",{"$nulls":10},"标段：",{"$nulls":3},"第 2 页  共 107 页"]
["项目编码",null,"030404017002",null,"项目名称",null,"生活水泵配电箱 01B01AT.shb",{"$nulls":3},"计量单位",null,null,"台",null,null,"工程量",null,1]
["清单综合单价组成明细"]
["定额编号","定额项目名称","定额\n单位","数量","单价",{"$nulls":7},"合价"]
[{"$nulls":4},"人工费","材料费","机具费","管理费","利润","规费","税金",null,"人工费","材料费","机具费",null,"管理费","利润","规费","税金"]
["C4-4-32","成套配电箱安装 悬挂式(半周长m以内) 1.5","台",1,220.56,5330.44,null,63.39,44.11,{"$nulls":3},220.56,5330.44,null,null,63.39,44.11]
["人工单价",null,"小计",{"$nulls":9},220.56,5330.44,null,null,63.39,44.11]
[null,null,"未计价材料费",{"$nulls":9},5300]
["清单项目综合单价",{"$nulls":11},5658.5]
["材\n料\n费\n明\n细","主要材料名称、规格、型号",{"$nulls":7},"单位","数量",null,"单价（元）",null,"合价（元）",null,null,"暂估单价\n（元）","暂估合价\n（元）"]
[null,"生活水泵配电箱 01B01AT.shb ",{"$nulls":7},"台",1,null,5300,null,5300]
[null,"其他材料费",{"$nulls":10},"-",null,30.46,null,null,"-"]
[null,"材料费小计",{"$nulls":10},"-",null,5330.46,null,null,"-"]
[]
[]
[]
[]
[]
["注：1.如不使用省级或行业建设主管部门发布的计价依据，可不填定额编码、名称等；\n    2.招标文件提供了暂估单价的材料，按暂估的单价填入表内“暂估单价”栏及“暂估合价”栏。"]
[{"$nulls":15},"表-09"]
["综合单价分析表"]
["工程名称：电气工程-新蓝天幼儿园工程建设项目-地下",{"$nulls":10},"标段：",{"$nulls":3},"第 3 页  共 107 页"]
["项目编码",null,"030404017003",null,"项目名称",null,"应急照明配电箱 01B01ALE1",{"$nulls":3},"计量单位",null,null,"台",null,null,"工程量",null,1]
["清单综合单价组成明细"]
["定额编号","定额项目名称","定额\n单位","数量","单价",{"$nulls":7},"合价"]
[{"$nulls":4},"人工费","材料费","机具费","管理费","利润","规费","税金",null,"人工费","材料费","机具费",null,"管理费","利润","规费","税金"]
["C4-4-32","成套配电箱安装 悬挂式(半周长m以内) 1.5","台",1,220.56,6530.44,null,63.39,44.11,{"$nulls":3},220.56,6530.44,null,null,63.39,44.11]
["人工单价",null,"小计",{"$nulls":9},220.56,6530.44,null,null,63.39,44.11]
[null,null,"未计价材料费",{"$nulls":9},6500]
["清单项目综合单价",{"$nulls":11},6858.5]
["材\n料\n费\n明\n细","主要材料名称、规格、型号",{"$nulls":7},"单位","数量",null,"单价（元）",null,"合价（元）",null,null,"暂估单价\n（元）","暂估合价\n（元）"]
[null,"应急照明配电箱 01B01ALE1 ",{"$nulls":7},"台",1,null,6500,null,6500]
[null,"其他材料费",{"$nulls":10},"-",null,30.46,null,null,"-"]
[null,"材料费小计",{"$nulls":10},"-",null,6530.46,null,null,"-"]
[]
[]
[]
[]
[]
["注：1.如不使用省级或行业建设主管部门发布的计价依据，可不填定额编码、名称等；\n    2.招标文件提供了暂估单价的材料，按暂估的单价填入表内“暂估单价”栏及“暂估合价”栏。"]
[{"$nulls":15},"表-09"]
["综合单价分析表"]
["工程名称：电气工程-新蓝天幼儿园工程建设项目-地下",{"$nulls":10},"标段：",{"$nulls":3},"第 4 页  共 107 页"]
["项目编码",null,"030404017004",null,"项目名称",null,"应急照明配电箱 01B02ALE1",{"$nulls":3},"计量单位",null,null,"台",null,null,"工程量",null,1]
["清单综合单价组成明细"]
["定额编号","定额项目名称","定额\n单位","数量","单价",{"$nulls":7},"合价"]
[{"$nulls":4},"人工费","材料费","机具费","管理费","利润","规费","税金",null,"人工费","材料费","机具费",null,"管理费","利润","规费","税金"]
["C4-4-32","成套配电箱安装 悬挂式(半周长m以内) 1.5","台",1,220.56,6530.44,null,63.39,44.11,{"$nulls":3},220.56,6530.44,null,null,63.39,44.11]
["人工单价",null,"小计",{"$nulls":9},220.56,6530.44,null,null,63.39,44.11]
[null,null,"未计价材料费",{"$nulls":9},6500]
["清单项目综合单价",{"$nulls":11},6858.5]
["材\n料\n费\n明\n细","主要材料名称、规格、型号",{"$nulls":7},"单位","数量",null,"单价（元）",null,"合价（元）",null,null,"暂估单价\n（元）","暂估合价\n（元）"]
[null,"应急照明配电箱 01B02ALE1 ",{"$nulls":7},"台",1,null,6500,null,6500]
[null,"其他材料费",{"$nulls":10},"-",null,30.46,null,null,"-"]
[null,"材料费小计",{"$nulls":10},"-",null,6530.46,null,null,"-"]
[]
[]
[]
[]
[]
["注：1.如不使用省级或行业建设主管部门发布的计价依据，可不填定额编码、名称等；\n    2.招标文件提供了暂估单价的材料，按暂估的单价填入表内“暂估单价”栏及“暂估合价”栏。"]
[{"$nulls":15},"表-09"]
["综合单价分析表"]
["工程名称：电气工程-新蓝天幼儿园工程建设项目-地下",{"$nulls":10},"标段：",{"$nulls":3},"第 5 页  共 107 页"]
["项目编码",null,"030404017005",null,"项目名称",null,"消防水泵房配电箱 01B01APE.xfb",{"$nulls":3},"计量单位",null,null,"台",null,null,"工程量",null,1]
["清单综合单价组成明细"]
["定额编号","定额项目名称","定额\n单位","数量","单价",{"$nulls":7},"合价"]
[{"$nulls":4},"人工费","材料费","机具费","管理费","利润","规费","税金",null,"人工费","材料费","机具费",null,"管理费","利润","规费","税金"]
["C4-4-33","成套配电箱安装 悬挂式(半周长m以内) 2.5","台",1,268.41,12020.62,6.48,79,54.98,{"$nulls":3},268.41,12020.62,6.48,null,79,54.98]
["人工单价",null,"小计",{"$nulls":9},268.41,12020.62,6.48,null,79,54.98]
[null,null,"未计价材料费",{"$nulls":9},12000]
["清单项目综合单价",{"$nulls":11},12429.49]
["材\n料\n费\n明\n细","主要材料名称、规格、型号",{"$nulls":7},"单位","数量",null,"单价（元）",null,"合价（元）",null,null,"暂估单价\n（元）","暂估合价\n（元）"]
[null,"消防水泵房配电箱 01B01APE.xfb ",{"$nulls":7},"台",1,null,12000,null,12000]
[null,"其他材料费",{"$nulls":10},"-",null,20.63,null,null,"-"]
[null,"材料费小计",{"$nulls":10},"-",null,12020.63,null,null,"-"]
[]
[]
[]
[]
[]
["注：1.如不使用省级或行业建设主管部门发布的计价依据，可不填定额编码、名称等；\n    2.招标文件提供了暂估单价的材料，按暂估的单价填入表内“暂估单价”栏及“暂估合价”栏。"]
[{"$nulls":15},"表-09"]
["综合单价分析表"]
["工程名称：电气工程-新蓝天幼儿园工程建设项目-地下",{"$nulls":10},"标段：",{"$nulls":3},"第 6 页  共 107 页"]
["项目编码",null,"030404017006",null,"项目名称",null,"喷淋泵控制箱PLB",{"$nulls":3},"计量单位",null,null,"台",null,null,"工程量",null,1]
["清单综合单价组成明细"]
["定额编号","定额项目名称","定额\n单位","数量","单价",{"$nulls":7},"合价"]
[{"$nulls":4},"人工费","材料费","机具费","管理费","利润","规费","税金",null,"人工费","材料费","机具费",null,"管理费","利润","规费","税金"]
["C4-4-32","成套配电箱安装 悬挂式(半周长m以内) 1.5","台",1,220.56,1357.87,null,63.39,44.11,{"$nulls":3},220.56,1357.87,null,null,63.39,44.11]
["人工单价",null,"小计",{"$nulls":9},220.56,1357.87,null,null,63.39,44.11]
[null,null,"未计价材料费",{"$nulls":9},1327.43]
["清单项目综合单价",{"$nulls":11},1685.93]
["材\n料\n费\n明\n细","主要材料名称、规格、型号",{"$nulls":7},"单位","数量",null,"单价（元）",null,"合价（元）",null,null,"暂估单价\n（元）","暂估合价\n（元）"]
[null,"喷淋泵控制箱PLB ",{"$nulls":7},"台",1,null,1327.43,null,1327.43]
[null,"其他材料费",{"$nulls":10},"-",null,30.46,null,null,"-"]
[null,"材料费小计",{"$nulls":10},"-",null,1357.89,null,null,"-"]
[]
[]
[]
[]
[]
[]
["注：1.如不使用省级或行业建设主管部门发布的计价依据，可不填定额编码、名称等；\n    2.招标文件提供了暂估单价的材料，按暂估的单价填入表内“暂估单价”栏及“暂估合价”栏。"]
[{"$nulls":15},"表-09"]
["综合单价分析表"]
["工程名称：电气工程-新蓝天幼儿园工程建设项目-地下",{"$nulls":10},"标段：",{"$nulls":3},"第 7 页  共 107 页"]
["项目编码",null,"030404017007",null,"项目名称",null,"室内消火栓泵控制箱SNXFB",{"$nulls":3},"计量单位",null,null,"台",null,null,"工程量",null,1]
["清单综合单价组成明细"]
["定额编号","定额项目名称","定额\n单位","数量","单价",{"$nulls":7},"合价"]
[{"$nulls":4},"人工费","材料费","机具费","管理费","利润","规费","税金",null,"人工费","材料费","机具费",null,"管理费","利润","规费","税金"]
["C4-4-32","成套配电箱安装 悬挂式(半周长m以内) 1.5","台",1,220.56,1357.87,null,63.39,44.11,{"$nulls":3},220.56,1357.87,null,null,63.39,44.11]
["人工单价",null,"小计",{"$nulls":9},220.56,1357.87,null,null,63.39,44.11]
[null,null,"未计价材料费",{"$nulls":9},1327.43]
["清单项目综合单价",{"$nulls":11},1685.93]
["材\n料\n费\n明\n细","主要材料名称、规格、型号",{"$nulls":7},"单位","数量",null,"单价（元）",null,"合价（元）",null,null,"暂估单价\n（元）","暂估合价\n（元）"]
[null,"室内消火栓泵控制箱SNXFB ",{"$nulls":7},"台",1,null,1327.43,null,1327.43]
[null,"其他材料费",{"$nulls":10},"-",null,30.46,null,null,"-"]
[null,"材料费小计",{"$nulls":10},"-",null,1357.89,null,null,"-"]
[]
[]
[]
[]
[]
["注：1.如不使用省级或行业建设主管部门发布的计价依据，可不填定额编码、名称等；\n    2.招标文件提供了暂估单价的材料，按暂估的单价填入表内“暂估单价”栏及“暂估合价”栏。"]
[{"$nulls":15},"表-09"]
["综合单价分析表"]
["工程名称：电气工程-新蓝天幼儿园工程建设项目-地下",{"$nulls":10},"标段：",{"$nulls":3},"第 8 页  共 107 页"]
["项目编码",null,"030404017008",null,"项目名称",null,"室外消火栓泵控制箱SWXFB",{"$nulls":3},"计量单位",null,null,"台",null,null,"工程量",null,1]
["清单综合单价组成明细"]
["定额编号","定额项目名称","定额\n单位","数量","单价",{"$nulls":7},"合价"]
[{"$nulls":4},"人工费","材料费","机具费","管理费","利润","规费","税金",null,"人工费","材料费","机具费",null,"管理费","利润","规费","税金"]
["C4-4-32","成套配电箱安装 悬挂式(半周长m以内) 1.5","台",1,220.56,1800.35,null,63.39,44.11,{"$nulls":3},220.56,1800.35,null,null,63.39,44.11]
["人工单价",null,"小计",{"$nulls":9},220.56,1800.35,null,null,63.39,44.11]
[null,null,"未计价材料费",{"$nulls":9},1769.91]
["清单项目综合单价",{"$nulls":11},2128.41]
["材\n料\n费\n明\n细","主要材料名称、规格、型号",{"$nulls":7},"单位","数量",null,"单价（元）",null,"合价（元）",null,null,"暂估单价\n（元）","暂估合价\n（元）"]
[null,"室外消火栓泵控制箱SWXFB ",{"$nulls":7},"台",1,null,1769.91,null,1769.91]
[null,"其他材料费",{"$nulls":10},"-",null,30.46,null,null,"-"]
[null,"材料费小计",{"$nulls":10},"-",null,1800.37,null,null,"-"]
[]
[]
[]
[]
[]
["注：1.如不使用省级或行业建设主管部门发布的计价依据，可不填定额编码、名称等；\n    2.招标文件提供了暂估单价的材料，按暂估的单价填入表内“暂估单价”栏及“暂估合价”栏。"]
[{"$nulls":15},"表-09"]
["综合单价分析表"]
["工程名称：电气工程-新蓝天幼儿园工程建设项目-地下",{"$nulls":10},"标段：",{"$nulls":3},"第 9 页  共 107 页"]
["项目编码",null,"030404017009",null,"项目名称",null,"消防稳压泵控制箱XFWB",{"$nulls":3},"计量单位",null,null,"台",null,null,"工程量",null,1]
["清单综合单价组成明细"]
["定额编号","定额项目名称","定额\n单位","数量","单价",{"$nulls":7},"合价"]
[{"$nulls":4},"人工费","材料费","机具费","管理费","利润","规费","税金",null,"人工费","材料费","机具费",null,"管理费","利润","规费","税金"]
["C4-4-27","控制箱安装 悬挂式(半周长m以内) 1.5","台",1,116.41,1792.79,null,33.46,23.28,{"$nulls":3},116.41,1792.79,null,null,33.46,23.28]
["人工单价",null,"小计",{"$nulls":9},116.41,1792.79,null,null,33.46,23.28]
[null,null,"未计价材料费",{"$nulls":9},1769.91]
["清单项目综合单价",{"$nulls":11},1965.94]
["材\n料\n费\n明\n细","主要材料名称、规格、型号",{"$nulls":7},"单位","数量",null,"单价（元）",null,"合价（元）",null,null,"暂估单价\n（元）","暂估合价\n（元）"]
[null,"消防稳压泵控制箱XFWB ",{"$nulls":7},"台",1,null,1769.91,null,1769.91]
[null,"其他材料费",{"$nulls":10},"-",null,22.88,null,null,"-"]
[null,"材料费小计",{"$nulls":10},"-",null,1792.79,null,null,"-"]
[]
[]
[]
[]
[]
[]
["注：1.如不使用省级或行业建设主管部门发布的计价依据，可不填定额编码、名称等；\n    2.招标文件提供了暂估单价的材料，按暂估的单价填入表内“暂估单价”栏及“暂估合价”栏。"]
[{"$nulls":15},"表-09"]
["综合单价分析表"]
["工程名称：电气工程-新蓝天幼儿园工程建设项目-地下",{"$nulls":10},"标段：",{"$nulls":3},"第 10 页  共 107 页"]
["项目编码",null,"030404017010",null,"项目名称",null,"发电机房用电 01B01APE.fd",{"$nulls":3},"计量单位",null,null,"台",null,null,"工程量",null,1]
["清单综合单价组成明细"]
["定额编号","定额项目名称","定额\n单位","数量","单价",{"$nulls":7},"合价"]
[{"$nulls":4},"人工费","材料费","机具费","管理费","利润","规费","税金",null,"人工费","材料费","机具费",null,"管理费","利润","规费","税金"]
["C4-4-32","成套配电箱安装 悬挂式(半周长m以内) 1.5","台",1,220.56,3530.44,null,63.39,44.11,{"$nulls":3},220.56,3530.44,null,null,63.39,44.11]
["人工单价",null,"小计",{"$nulls":9},220.56,3530.44,null,null,63.39,44.11]
[null,null,"未计价材料费",{"$nulls":9},3500]
["清单项目综合单价",{"$nulls":11},3858.5]
["材\n料\n费\n明\n细","主要材料名称、规格、型号",{"$nulls":7},"单位","数量",null,"单价（元）",null,"合价（元）",null,null,"暂估单价\n（元）","暂估合价\n（元）"]
[null,"发电机房用电 01B01APE.fd ",{"$nulls":7},"台",1,null,3500,null,3500]
[null,"其他材料费",{"$nulls":10},"-",null,30.46,null,null,"-"]
[null,"材料费小计",{"$nulls":10},"-",null,3530.46,null,null,"-"]
[]
[]
[]
[]
[]
["注：1.如不使用省级或行业建设主管部门发布的计价依据，可不填定额编码、名称等；\n    2.招标文件提供了暂估单价的材料，按暂估的单价填入表内“暂估单价”栏及“暂估合价”栏。"]
[{"$nulls":15},"表-09"]
["综合单价分析表"]
["工程名称：电气工程-新蓝天幼儿园工程建设项目-地下",{"$nulls":10},"标段：",{"$nulls":3},"第 11 页  共 107 页"]
["项目编码",null,"030404017011",null,"项目名称",null,"消防电源总箱(主供) 01B01APE.z1",{"$nulls":3},"计量单位",null,null,"台",null,null,"工程量",null,1]
["清单综合单价组成明细"]
["定额编号","定额项目名称","定额\n单位","数量","单价",{"$nulls":7},"合价"]
[{"$nulls":4},"人工费","材料费","机具费","管理费","利润","规费","税金",null,"人工费","材料费","机具费",null,"管理费","利润","规费","税金"]
["C4-4-32","成套配电箱安装 悬挂式(半周长m以内) 1.5","台",1,220.56,5530.44,null,63.39,44.11,{"$nulls":3},220.56,5530.44,null,null,63.39,44.11]
["人工单价",null,"小计",{"$nulls":9},220.56,5530.44,null,null,63.39,44.11]
[null,null,"未计价材料费",{"$nulls":9},5500]
["清单项目综合单价",{"$nulls":11},5858.5]
["材\n料\n费\n明\n细","主要材料名称、规格、型号",{"$nulls":7},"单位","数量",null,"单价（元）",null,"合价（元）",null,null,"暂估单价\n（元）","暂估合价\n（元）"]
[null,"消防电源总箱(主供) 01B01APE.z1 ",{"$nulls":7},"台",1,null,5500,null,5500]
[null,"其他材料费",{"$nulls":10},"-",null,30.46,null,null,"-"]
[null,"材料费小计",{"$nulls":10},"-",null,5530.46,null,null,"-"]
[]
[]
[]
[]
[]
["注：1.如不使用省级或行业建设主管部门发布的计价依据，可不填定额编码、名称等；\n    2.招标文件提供了暂估单价的材料，按暂估的单价填入表内“暂估单价”栏及“暂估合价”栏。"]
[{"$nulls":15},"表-09"]
["综合单价分析表"]
["工程名称：电气工程-新蓝天幼儿园工程建设项目-地下",{"$nulls":10},"标段：",{"$nulls":3},"第 12 页  共 107 页"]
["项目编码",null,"030404017012",null,"项目名称",null,"消防电源总箱(备供) 01B01APE.z2",{"$nulls":3},"计量单位",null,null,"台",null,null,"工程量",null,1]
["清单综合单价组成明细"]
["定额编号","定额项目名称","定额\n单位","数量","单价",{"$nulls":7},"合价"]
[{"$nulls":4},"人工费","材料费","机具费","管理费","利润","规费","税金",null,"人工费","材料费","机具费",null,"管理费","利润","规费","税金"]
["C4-4-32","成套配电箱安装 悬挂式(半周长m以内) 1.5","台",1,220.56,5530.44,null,63.39,44.11,{"$nulls":3},220.56,5530.44,null,null,63.39,44.11]
["人工单价",null,"小计",{"$nulls":9},220.56,5530.44,null,null,63.39,44.11]
[null,null,"未计价材料费",{"$nulls":9},5500]
["清单项目综合单价",{"$nulls":11},5858.5]
["材\n料\n费\n明\n细","主要材料名称、规格、型号",{"$nulls":7},"单位","数量",null,"单价（元）",null,"合价（元）",null,null,"暂估单价\n（元）","暂估合价\n（元）"]
[null,"消防电源总箱(备供) 01B01APE.z2 ",{"$nulls":7},"台",1,null,5500,null,5500]
[null,"其他材料费",{"$nulls":10},"-",null,30.46,null,null,"-"]
[null,"材料费小计",{"$nulls":10},"-",null,5530.46,null,null,"-"]
[]
[]
[]
[]
[]
["注：1.如不使用省级或行业建设主管部门发布的计价依据，可不填定额编码、名称等；\n    2.招标文件提供了暂估单价的材料，按暂估的单价填入表内“暂估单价”栏及“暂估合价”栏。"]
[{"$nulls":15},"表-09"]
["综合单价分析表"]
["工程名称：电气工程-新蓝天幼儿园工程建设项目-地下",{"$nulls":10},"标段：",{"$nulls":3},"第 13 页  共 107 页"]
["项目编码",null,"030404017013",null,"项目名称",null,"消防风机配电箱 01B01APE1",{"$nulls":3},"计量单位",null,null,"台",null,null,"工程量",null,1]
["清单综合单价组成明细"]
["定额编号","定额项目名称","定额\n单位","数量","单价",{"$nulls":7},"合价"]
[{"$nulls":4},"人工费","材料费","机具费","管理费","利润","规费","税金",null,"人工费","材料费","机具费",null,"管理费","利润","规费","税金"]
["C4-4-32","成套配电箱安装 悬挂式(半周长m以内) 1.5","台",1,220.56,2530.44,null,63.39,44.11,{"$nulls":3},220.56,2530.44,null,null,63.39,44.11]
["人工单价",null,"小计",{"$nulls":9},220.56,2530.44,null,null,63.39,44.11]
[null,null,"未计价材料费",{"$nulls":9},2500]
["清单项目综合单价",{"$nulls":11},2858.5]
["材\n料\n费\n明\n细","主要材料名称、规格、型号",{"$nulls":7},"单位","数量",null,"单价（元）",null,"合价（元）",null,null,"暂估单价\n（元）","暂估合价\n（元）"]
[null,"消防风机配电箱 01B01APE1 ",{"$nulls":7},"台",1,null,2500,null,2500]
[null,"其他材料费",{"$nulls":10},"-",null,30.46,null,null,"-"]
[null,"材料费小计",{"$nulls":10},"-",null,2530.46,null,null,"-"]
[]
[]
[]
[]
[]
["注：1.如不使用省级或行业建设主管部门发布的计价依据，可不填定额编码、名称等；\n    2.招标文件提供了暂估单价的材料，按暂估的单价填入表内“暂估单价”栏及“暂估合价”栏。"]
[{"$nulls":15},"表-09"]
["综合单价分析表"]
["工程名称：电气工程-新蓝天幼儿园工程建设项目-地下",{"$nulls":10},"标段：",{"$nulls":3},"第 14 页  共 107 页"]
["项目编码",null,"030404017014",null,"项目名称",null,"排水泵配电箱 01B01APE.psb",{"$nulls":3},"计量单位",null,null,"台",null,null,"工程量",null,1]
["清单综合单价组成明细"]
["定额编号","定额项目名称","定额\n单位","数量","单价",{"$nulls":7},"合价"]
[{"$nulls":4},"人工费","材料费","机具费","管理费","利润","规费","税金",null,"人工费","材料费","机具费",null,"管理费","利润","规费","税金"]
["C4-4-32","成套配电箱安装 悬挂式(半周长m以内) 1.5","台",1,220.56,5530.44,null,63.39,44.11,{"$nulls":3},220.56,5530.44,null,null,63.39,44.11]
["人工单价",null,"小计",{"$nulls":9},220.56,5530.44,null,null,63.39,44.11]
[null,null,"未计价材料费",{"$nulls":9},5500]
["清单项目综合单价",{"$nulls":11},5858.5]
["材\n料\n费\n明\n细","主要材料名称、规格、型号",{"$nulls":7},"单位","数量",null,"单价（元）",null,"合价（元）",null,null,"暂估单价\n（元）","暂估合价\n（元）"]
[null,"排水泵配电箱 01B01APE.psb ",{"$nulls":7},"台",1,null,5500,null,5500]
[null,"其他材料费",{"$nulls":10},"-",null,30.46,null,null,"-"]
[null,"材料费小计",{"$nulls":10},"-",null,5530.46,null,null,"-"]
[]
[]
[]
[]
[]
["注：1.如不使用省级或行业建设主管部门发布的计价依据，可不填定额编码、名称等；\n    2.招标文件提供了暂估单价的材料，按暂估的单价填入表内“暂估单价”栏及“暂估合价”栏。"]
[{"$nulls":15},"表-09"]
["综合单价分析表"]
["工程名称：电气工程-新蓝天幼儿园工程建设项目-地下",{"$nulls":10},"标段：",{"$nulls":3},"第 15 页  共 107 页"]
["项目编码",null,"030404017015",null,"项目名称",null,"排水泵控制箱 01B01APE.psb1~3",{"$nulls":3},"计量单位",null,null,"台",null,null,"工程量",null,3]
["清单综合单价组成明细"]
["定额编号","定额项目名称","定额\n单位","数量","单价",{"$nulls":7},"合价"]
[{"$nulls":4},"人工费","材料费","机具费","管理费","利润","规费","税金",null,"人工费","材料费","机具费",null,"管理费","利润","规费","税金"]
["C4-4-32","成套配电箱安装 悬挂式(半周长m以内) 1.5","台",1,220.56,1357.87,null,63.39,44.11,{"$nulls":3},220.56,1357.87,null,null,63.39,44.11]
["人工单价",null,"小计",{"$nulls":9},220.56,1357.87,null,null,63.39,44.11]
[null,null,"未计价材料费",{"$nulls":9},1327.43]
["清单项目综合单价",{"$nulls":11},1685.93]
["材\n料\n费\n明\n细","主要材料名称、规格、型号",{"$nulls":7},"单位","数量",null,"单价（元）",null,"合价（元）",null,null,"暂估单价\n（元）","暂估合价\n（元）"]
[null,"排水泵控制箱 01B01APE.psb1~3 ",{"$nulls":7},"台",1,null,1327.43,null,1327.43]
[null,"其他材料费",{"$nulls":10},"-",null,30.46,null,null,"-"]
[null,"材料费小计",{"$nulls":10},"-",null,1357.89,null,null,"-"]
[]
[]
[]
[]
[]
["注：1.如不使用省级或行业建设主管部门发布的计价依据，可不填定额编码、名称等；\n    2.招标文件提供了暂估单价的材料，按暂估的单价填入表内“暂估单价”栏及“暂估合价”栏。"]
[{"$nulls":15},"表-09"]
["综合单价分析表"]
["工程名称：电气工程-新蓝天幼儿园工程建设项目-地下",{"$nulls":10},"标段：",{"$nulls":3},"第 16 页  共 107 页"]
["项目编码",null,"030404017016",null,"项目名称",null,"排水泵控制箱 01B02APE.psb4",{"$nulls":3},"计量单位",null,null,"台",null,null,"工程量",null,1]
["清单综合单价组成明细"]
["定额编号","定额项目名称","定额\n单位","数量","单价",{"$nulls":7},"合价"]
[{"$nulls":4},"人工费","材料费","机具费","管理费","利润","规费","税金",null,"人工费","材料费","机具费",null,"管理费","利润","规费","税金"]
["C4-4-32","成套配电箱安装 悬挂式(半周长m以内) 1.5","台",1,220.56,915.4,null,63.39,44.11,{"$nulls":3},220.56,915.4,null,null,63.39,44.11]
["人工单价",null,"小计",{"$nulls":9},220.56,915.4,null,null,63.39,44.11]
[null,null,"未计价材料费",{"$nulls":9},884.96]
["清单项目综合单价",{"$nulls":11},1243.46]
["材\n料\n费\n明\n细","主要材料名称、规格、型号",{"$nulls":7},"单位","数量",null,"单价（元）",null,"合价（元）",null,null,"暂估单价\n（元）","暂估合价\n（元）"]
[null,"排水泵控制箱 01B02APE.psb4 ",{"$nulls":7},"台",1,null,884.96,null,884.96]
[null,"其他材料费",{"$nulls":10},"-",null,30.46,null,null,"-"]
[null,"材料费小计",{"$nulls":10},"-",null,915.42,null,null,"-"]
[]
[]
[]
[]
[]
["注：1.如不使用省级或行业建设主管部门发布的计价依据，可不填定额编码、名称等；\n    2.招标文件提供了暂估单价的材料，按暂估的单价填入表内“暂估单价”栏及“暂估合价”栏。"]
[{"$nulls":15},"表-09"]
["综合单价分析表"]
["工程名称：电气工程-新蓝天幼儿园工程建设项目-地下",{"$nulls":10},"标段：",{"$nulls":3},"第 17 页  共 107 页"]
["项目编码",null,"030404017017",null,"项目名称",null,"排水泵控制箱 01B01APE.psb4",{"$nulls":3},"计量单位",null,null,"台",null,null,"工程量",null,1]
["清单综合单价组成明细"]
["定额编号","定额项目名称","定额\n单位","数量","单价",{"$nulls":7},"合价"]
[{"$nulls":4},"人工费","材料费","机具费","管理费","利润","规费","税金",null,"人工费","材料费","机具费",null,"管理费","利润","规费","税金"]
["C4-4-27","控制箱安装 悬挂式(半周长m以内) 1.5","台",1,116.41,907.84,null,33.46,23.28,{"$nulls":3},116.41,907.84,null,null,33.46,23.28]
["人工单价",null,"小计",{"$nulls":9},116.41,907.84,null,null,33.46,23.28]
[null,null,"未计价材料费",{"$nulls":9},884.96]
["清单项目综合单价",{"$nulls":11},1080.99]
["材\n料\n费\n明\n细","主要材料名称、规格、型号",{"$nulls":7},"单位","数量",null,"单价（元）",null,"合价（元）",null,null,"暂估单价\n（元）","暂估合价\n（元）"]
[null,"排水泵控制箱 01B01APE.psb4 ",{"$nulls":7},"台",1,null,884.96,null,884.96]
[null,"其他材料费",{"$nulls":10},"-",null,22.88,null,null,"-"]
[null,"材料费小计",{"$nulls":10},"-",null,907.84,null,null,"-"]
[]
[]
[]
[]
[]
[]
["注：1.如不使用省级或行业建设主管部门发布的计价依据，可不填定额编码、名称等；\n    2.招标文件提供了暂估单价的材料，按暂估的单价填入表内“暂估单价”栏及“暂估合价”栏。"]
[{"$nulls":15},"表-09"]
["综合单价分析表"]
["工程名称：电气工程-新蓝天幼儿园工程建设项目-地下",{"$nulls":10},"标段：",{"$nulls":3},"第 18 页  共 107 页"]
["项目编码",null,"030404017018",null,"项目名称",null,"照明配电箱 01B01AL1",{"$nulls":3},"计量单位",null,null,"台",null,null,"工程量",null,1]
["清单综合单价组成明细"]
["定额编号","定额项目名称","定额\n单位","数量","单价",{"$nulls":7},"合价"]
[{"$nulls":4},"人工费","材料费","机具费","管理费","利润","规费","税金",null,"人工费","材料费","机具费",null,"管理费","利润","规费","税金"]
["C4-4-36","成套配电箱安装 嵌入式(半周长m以内) 1.5","台",1,176.46,4327.04,null,50.71,35.29,{"$nulls":3},176.46,4327.04,null,null,50.71,35.29]
["人工单价",null,"小计",{"$nulls":9},176.46,4327.04,null,null,50.71,35.29]
[null,null,"未计价材料费",{"$nulls":9},4300]
["清单项目综合单价",{"$nulls":11},4589.5]
["材\n料\n费\n明\n细","主要材料名称、规格、型号",{"$nulls":7},"单位","数量",null,"单价（元）",null,"合价（元）",null,null,"暂估单价\n（元）","暂估合价\n（元）"]
[null,"照明配电箱 01B01AL1 ",{"$nulls":7},"台",1,null,4300,null,4300]
[null,"其他材料费",{"$nulls":10},"-",null,27.04,null,null,"-"]
[null,"材料费小计",{"$nulls":10},"-",null,4327.04,null,null,"-"]
[]
[]
[]
[]
[]
["注：1.如不使用省级或行业建设主管部门发布的计价依据，可不填定额编码、名称等；\n    2.招标文件提供了暂估单价的材料，按暂估的单价填入表内“暂估单价”栏及“暂估合价”栏。"]
[{"$nulls":15},"表-09"]
["综合单价分析表"]
["工程名称：电气工程-新蓝天幼儿园工程建设项目-地下",{"$nulls":10},"标段：",{"$nulls":3},"第 19 页  共 107 页"]
["项目编码",null,"030404017019",null,"项目名称",null,"照明配电箱 01B01AL2",{"$nulls":3},"计量单位",null,null,"台",null,null,"工程量",null,1]
["清单综合单价组成明细"]
["定额编号","定额项目名称","定额\n单位","数量","单价",{"$nulls":7},"合价"]
[{"$nulls":4},"人工费","材料费","机具费","管理费","利润","规费","税金",null,"人工费","材料费","机具费",null,"管理费","利润","规费","税金"]
["C4-4-36","成套配电箱安装 嵌入式(半周长m以内) 1.5","台",1,176.46,4327.04,null,50.71,35.29,{"$nulls":3},176.46,4327.04,null,null,50.71,35.29]
["人工单价",null,"小计",{"$nulls":9},176.46,4327.04,null,null,50.71,35.29]
[null,null,"未计价材料费",{"$nulls":9},4300]
["清单项目综合单价",{"$nulls":11},4589.5]
["材\n料\n费\n明\n细","主要材料名称、规格、型号",{"$nulls":7},"单位","数量",null,"单价（元）",null,"合价（元）",null,null,"暂估单价\n（元）","暂估合价\n（元）"]
[null,"照明配电箱 01B01AL2 ",{"$nulls":7},"台",1,null,4300,null,4300]
[null,"其他材料费",{"$nulls":10},"-",null,27.04,null,null,"-"]
[null,"材料费小计",{"$nulls":10},"-",null,4327.04,null,null,"-"]
[]
[]
[]
[]
[]
["注：1.如不使用省级或行业建设主管部门发布的计价依据，可不填定额编码、名称等；\n    2.招标文件提供了暂估单价的材料，按暂估的单价填入表内“暂估单价”栏及“暂估合价”栏。"]
[{"$nulls":15},"表-09"]
["综合单价分析表"]
["工程名称：电气工程-新蓝天幼儿园工程建设项目-地下",{"$nulls":10},"标段：",{"$nulls":3},"第 20 页  共 107 页"]
["项目编码",null,"030404017020",null,"项目名称",null,"A型应急照明集中电源 01B01ALE1.c1",{"$nulls":3},"计量单位",null,null,"台",null,null,"工程量",null,1]
["清单综合单价组成明细"]
["定额编号","定额项目名称","定额\n单位","数量","单价",{"$nulls":7},"合价"]
[{"$nulls":4},"人工费","材料费","机具费","管理费","利润","规费","税金",null,"人工费","材料费","机具费",null,"管理费","利润","规费","税金"]
["C4-4-31","成套配电箱安装 悬挂式(半周长m以内) 1","台",1,172.7,5528.43,null,49.63,34.54,{"$nulls":3},172.7,5528.43,null,null,49.63,34.54]
["人工单价",null,"小计",{"$nulls":9},172.7,5528.43,null,null,49.63,34.54]
[null,null,"未计价材料费",{"$nulls":9},5500]
["清单项目综合单价",{"$nulls":11},5785.3]
["材\n料\n费\n明\n细","主要材料名称、规格、型号",{"$nulls":7},"单位","数量",null,"单价（元）",null,"合价（元）",null,null,"暂估单价\n（元）","暂估合价\n（元）"]
[null,"A型应急照明集中电源 01B01ALE1.c1 ",{"$nulls":7},"台",1,null,5500,null,5500]
[null,"其他材料费",{"$nulls":10},"-",null,28.45,null,null,"-"]
[null,"材料费小计",{"$nulls":10},"-",null,5528.45,null,null,"-"]
[]
[]
[]
[]
[]
["注：1.如不使用省级或行业建设主管部门发布的计价依据，可不填定额编码、名称等；\n    2.招标文件提供了暂估单价的材料，按暂估的单价填入表内“暂估单价”栏及“暂估合价”栏。"]
[{"$nulls":15},"表-09"]
["综合单价分析表"]
["工程名称：电气工程-新蓝天幼儿园工程建设项目-地下",{"$nulls":10},"标段：",{"$nulls":3},"第 21 页  共 107 页"]
["项目编码",null,"030404017021",null,"项目名称",null,"A型应急照明集中电源 01B02ALE1.c1",{"$nulls":3},"计量单位",null,null,"台",null,null,"工程量",null,1]
["清单综合单价组成明细"]
["定额编号","定额项目名称","定额\n单位","数量","单价",{"$nulls":7},"合价"]
[{"$nulls":4},"人工费","材料费","机具费","管理费","利润","规费","税金",null,"人工费","材料费","机具费",null,"管理费","利润","规费","税金"]
["C4-4-31","成套配电箱安装 悬挂式(半周长m以内) 1","台",1,172.7,5528.43,null,49.63,34.54,{"$nulls":3},172.7,5528.43,null,null,49.63,34.54]
["人工单价",null,"小计",{"$nulls":9},172.7,5528.43,null,null,49.63,34.54]
[null,null,"未计价材料费",{"$nulls":9},5500]
["清单项目综合单价",{"$nulls":11},5785.3]
["材\n料\n费\n明\n细","主要材料名称、规格、型号",{"$nulls":7},"单位","数量",null,"单价（元）",null,"合价（元）",null,null,"暂估单价\n（元）","暂估合价\n（元）"]
[null,"A型应急照明集中电源 01B02ALE1.c1 ",{"$nulls":7},"台",1,null,5500,null,5500]
[null,"其他材料费",{"$nulls":10},"-",null,28.45,null,null,"-"]
[null,"材料费小计",{"$nulls":10},"-",null,5528.45,null,null,"-"]
[]
[]
[]
[]
[]
["注：1.如不使用省级或行业建设主管部门发布的计价依据，可不填定额编码、名称等；\n    2.招标文件提供了暂估单价的材料，按暂估的单价填入表内“暂估单价”栏及“暂估合价”栏。"]
[{"$nulls":15},"表-09"]
["综合单价分析表"]
["工程名称：电气工程-新蓝天幼儿园工程建设项目-地下",{"$nulls":10},"标段：",{"$nulls":3},"第 22 页  共 107 页"]
["项目编码",null,"030411003005",null,"项目名称",null,"电缆桥架 CT100x100",{"$nulls":3},"计量单位",null,null,"m",null,null,"工程量",null,95.42]
["清单综合单价组成明细"]
["定额编号","定额项目名称","定额\n单位","数量","单价",{"$nulls":7},"合价"]
[{"$nulls":4},"人工费","材料费","机具费","管理费","利润","规费","税金",null,"人工费","材料费","机具费",null,"管理费","利润","规费","税金"]
["C4-11-172","钢制托盘式桥架安装(宽+高mm以下) 400","10m",0.1,284.55,465.14,12.74,85.44,59.46,{"$nulls":3},28.46,46.51,1.27,null,8.54,5.95]
["人工单价",null,"小计",{"$nulls":9},28.46,46.51,1.27,null,8.54,5.95]
[null,null,"未计价材料费",{"$nulls":9},44.61]
["清单项目综合单价",{"$nulls":11},90.73]
["材\n料\n费\n明\n细","主要材料名称、规格、型号",{"$nulls":7},"单位","数量",null,"单价（元）",null,"合价（元）",null,null,"暂估单价\n（元）","暂估合价\n（元）"]
[null,"钢制桥架 CT100x100",{"$nulls":7},"m",1.05,null,42.49,null,44.61]
[null,"其他材料费",{"$nulls":10},"-",null,1.9,null,null,"-"]
[null,"材料费小计",{"$nulls":10},"-",null,46.51,null,null,"-"]
[]
[]
[]
[]
[]
[]
["注：1.如不使用省级或行业建设主管部门发布的计价依据，可不填定额编码、名称等；\n    2.招标文件提供了暂估单价的材料，按暂估的单价填入表内“暂估单价”栏及“暂估合价”栏。"]
[{"$nulls":15},"表-09"]
["综合单价分析表"]
["工程名称：电气工程-新蓝天幼儿园工程建设项目-地下",{"$nulls":10},"标段：",{"$nulls":3},"第 23 页  共 107 页"]
["项目编码",null,"030411003001",null,"项目名称",null,"电缆桥架 CT200x100",{"$nulls":3},"计量单位",null,null,"m",null,null,"工程量",null,55.26]
["清单综合单价组成明细"]
["定额编号","定额项目名称","定额\n单位","数量","单价",{"$nulls":7},"合价"]
[{"$nulls":4},"人工费","材料费","机具费","管理费","利润","规费","税金",null,"人工费","材料费","机具费",null,"管理费","利润","规费","税金"]
["C4-11-172","钢制托盘式桥架安装(宽+高mm以下) 400","10m",0.1,284.55,656.13,12.74,85.44,59.46,{"$nulls":3},28.46,65.61,1.27,null,8.54,5.95]
["人工单价",null,"小计",{"$nulls":9},28.46,65.61,1.27,null,8.54,5.95]
[null,null,"未计价材料费",{"$nulls":9},63.71]
["清单项目综合单价",{"$nulls":11},109.83]
["材\n料\n费\n明\n细","主要材料名称、规格、型号",{"$nulls":7},"单位","数量",null,"单价（元）",null,"合价（元）",null,null,"暂估单价\n（元）","暂估合价\n（元）"]
[null,"钢制桥架 CT200x100",{"$nulls":7},"m",1.05,null,60.68,null,63.71]
[null,"其他材料费",{"$nulls":10},"-",null,1.9,null,null,"-"]
[null,"材料费小计",{"$nulls":10},"-",null,65.61,null,null,"-"]
[]
[]
[]
[]
[]
[]
["注：1.如不使用省级或行业建设主管部门发布的计价依据，可不填定额编码、名称等；\n    2.招标文件提供了暂估单价的材料，按暂估的单价填入表内“暂估单价”栏及“暂估合价”栏。"]
[{"$nulls":15},"表-09"]
["综合单价分析表"]
["工程名称：电气工程-新蓝天幼儿园工程建设项目-地下",{"$nulls":10},"标段：",{"$nulls":3},"第 24 页  共 107 页"]
["项目编码",null,"030411003004",null,"项目名称",null,"电缆桥架 CT300x150",{"$nulls":3},"计量单位",null,null,"m",null,null,"工程量",null,7.75]
["清单综合单价组成明细"]
["定额编号","定额项目名称","定额\n单位","数量","单价",{"$nulls":7},"合价"]
[{"$nulls":4},"人工费","材料费","机具费","管理费","利润","规费","税金",null,"人工费","材料费","机具费",null,"管理费","利润","规费","税金"]
["C4-11-173","钢制托盘式桥架安装(宽+高mm以下) 600","10m",0.1,453.4,1142.75,24.31,137.29,95.54,{"$nulls":3},45.34,114.28,2.43,null,13.73,9.55]
["人工单价",null,"小计",{"$nulls":9},45.34,114.28,2.43,null,13.73,9.55]
[null,null,"未计价材料费",{"$nulls":9},112.3]
["清单项目综合单价",{"$nulls":11},185.33]
["材\n料\n费\n明\n细","主要材料名称、规格、型号",{"$nulls":7},"单位","数量",null,"单价（元）",null,"合价（元）",null,null,"暂估单价\n（元）","暂估合价\n（元）"]
[null,"钢制桥架 CT300x150",{"$nulls":7},"m",1.05,null,106.95,null,112.3]
[null,"其他材料费",{"$nulls":10},"-",null,1.97,null,null,"-"]
[null,"材料费小计",{"$nulls":10},"-",null,114.27,null,null,"-"]
[]
[]
[]
[]
[]
[]
["注：1.如不使用省级或行业建设主管部门发布的计价依据，可不填定额编码、名称等；\n    2.招标文件提供了暂估单价的材料，按暂估的单价填入表内“暂估单价”栏及“暂估合价”栏。"]
[{"$nulls":15},"表-09"]
["综合单价分析表"]
["工程名称：电气工程-新蓝天幼儿园工程建设项目-地下",{"$nulls":10},"标段：",{"$nulls":3},"第 25 页  共 107 页"]
["项目编码",null,"030411003003",null,"项目名称",null,"电缆桥架 CT400x150",{"$nulls":3},"计量单位",null,null,"m",null,null,"工程量",null,1.3]
["清单综合单价组成明细"]
["定额编号","定额项目名称","定额\n单位","数量","单价",{"$nulls":7},"合价"]
[{"$nulls":4},"人工费","材料费","机具费","管理费","利润","规费","税金",null,"人工费","材料费","机具费",null,"管理费","利润","规费","税金"]
["C4-11-173","钢制托盘式桥架安装(宽+高mm以下) 600","10m",0.1,453.4,1682.34,24.31,137.29,95.54,{"$nulls":3},45.34,168.23,2.43,null,13.73,9.55]
["人工单价",null,"小计",{"$nulls":9},45.34,168.23,2.43,null,13.73,9.55]
[null,null,"未计价材料费",{"$nulls":9},166.26]
["清单项目综合单价",{"$nulls":11},239.29]
["材\n料\n费\n明\n细","主要材料名称、规格、型号",{"$nulls":7},"单位","数量",null,"单价（元）",null,"合价（元）",null,null,"暂估单价\n（元）","暂估合价\n（元）"]
[null,"钢制桥架 CT400x150",{"$nulls":7},"m",1.05,null,158.34,null,166.26]
[null,"其他材料费",{"$nulls":10},"-",null,1.97,null,null,"-"]
[null,"材料费小计",{"$nulls":10},"-",null,168.23,null,null,"-"]
[]
[]
[]
[]
[]
[]
["注：1.如不使用省级或行业建设主管部门发布的计价依据，可不填定额编码、名称等；\n    2.招标文件提供了暂估单价的材料，按暂估的单价填入表内“暂估单价”栏及“暂估合价”栏。"]
[{"$nulls":15},"表-09"]
["综合单价分析表"]
["工程名称：电气工程-新蓝天幼儿园工程建设项目-地下",{"$nulls":10},"标段：",{"$nulls":3},"第 26 页  共 107 页"]
["项目编码",null,"030413001001",null,"项目名称",null,"桥架支架制作安装",{"$nulls":3},"计量单位",null,null,"kg",null,null,"工程量",null,183.33]
["清单综合单价组成明细"]
["定额编号","定额项目名称","定额\n单位","数量","单价",{"$nulls":7},"合价"]
[{"$nulls":4},"人工费","材料费","机具费","管理费","利润","规费","税金",null,"人工费","材料费","机具费",null,"管理费","利润","规费","税金"]
["C4-13-1 换","铁构件制作、安装 一般铁构件 制作","100kg",0.01,671.98,501.64,51.31,207.87,144.66,{"$nulls":3},6.72,5.02,0.51,null,2.08,1.45]
["C4-13-2 换","铁构件制作、安装 一般铁构件 安装","100kg",0.01,488.4,18.81,37.92,151.26,105.26,{"$nulls":3},4.88,0.19,0.38,null,1.51,1.05]
["C12-2-49 换","一般钢结构 红丹防锈漆 第一遍 \u007f实际遍数(遍):2","100kg",0.01,31.45,28.3,19.7,10.52,10.23,{"$nulls":3},0.31,0.28,0.2,null,0.11,0.1]
["人工单价",null,"小计",{"$nulls":9},11.91,5.49,1.09,null,3.7,2.6]
[null,null,"未计价材料费",{"$nulls":9},4.87]
["清单项目综合单价",{"$nulls":11},24.79]
["材\n料\n费\n明\n细","主要材料名称、规格、型号",{"$nulls":7},"单位","数量",null,"单价（元）",null,"合价（元）",null,null,"暂估单价\n（元）","暂估合价\n（元）"]
[null,"圆钢 ",{"$nulls":7},"kg",0.0683,null,5.21,null,0.36]
[null,"扁钢 ",{"$nulls":7},"kg",0.1878,null,5.38,null,1.01]
[null,"角钢 ",{"$nulls":7},"kg",0.6404,null,5.1,null,3.27]
[null,"醇酸防锈漆 ",{"$nulls":7},"kg",0.018,null,13.34,null,0.24]
[null,"其他材料费",{"$nulls":10},"-",null,0.61,null,null,"-"]
["注：1.如不使用省级或行业建设主管部门发布的计价依据，可不填定额编码、名称等；\n    2.招标文件提供了暂估单价的材料，按暂估的单价填入表内“暂估单价”栏及“暂估合价”栏。"]
[{"$nulls":15},"表-09"]
["综合单价分析表"]
["工程名称：电气工程-新蓝天幼儿园工程建设项目-地下",{"$nulls":10},"标段：",{"$nulls":3},"第 27 页  共 107 页"]
[null,"材料费小计",{"$nulls":10},"-",null,5.49,null,null,"-"]
{"$rows_empty":19}
["注：1.如不使用省级或行业建设主管部门发布的计价依据，可不填定额编码、名称等；\n    2.招标文件提供了暂估单价的材料，按暂估的单价填入表内“暂估单价”栏及“暂估合价”栏。"]
[{"$nulls":15},"表-09"]
["综合单价分析表"]
["工程名称：电气工程-新蓝天幼儿园工程建设项目-地下",{"$nulls":10},"标段：",{"$nulls":3},"第 28 页  共 107 页"]
["项目编码",null,"030408008001",null,"项目名称",null,"防火堵洞",{"$nulls":3},"计量单位",null,null,"处",null,null,"工程量",null,2]
["清单综合单价组成明细"]
["定额编号","定额项目名称","定额\n单位","数量","单价",{"$nulls":7},"合价"]
[{"$nulls":4},"人工费","材料费","机具费","管理费","利润","规费","税金",null,"人工费","材料费","机具费",null,"管理费","利润","规费","税金"]
["C4-8-225","电缆防火泥堵洞 (综合)","100kg",0.18,525.02,498.95,null,150.89,105,{"$nulls":3},94.5,89.81,null,null,27.16,18.9]
["人工单价",null,"小计",{"$nulls":9},94.5,89.81,null,null,27.16,18.9]
[null,null,"未计价材料费",{"$nulls":9},84.24]
["清单项目综合单价",{"$nulls":11},230.37]
["材\n料\n费\n明\n细","主要材料名称、规格、型号",{"$nulls":7},"单位","数量",null,"单价（元）",null,"合价（元）",null,null,"暂估单价\n（元）","暂估合价\n（元）"]
[null,"防火泥 ",{"$nulls":7},"kg",18.72,null,4.5,null,84.24]
[null,"其他材料费",{"$nulls":10},"-",null,5.57,null,null,"-"]
[null,"材料费小计",{"$nulls":10},"-",null,89.81,null,null,"-"]
{"$rows_empty":7}
["注：1.如不使用省级或行业建设主管部门发布的计价依据，可不填定额编码、名称等；\n    2.招标文件提供了暂估单价的材料，按暂估的单价填入表内“暂估单价”栏及“暂估合价”栏。"]
[{"$nulls":15},"表-09"]
["综合单价分析表"]
["工程名称：电气工程-新蓝天幼儿园工程建设项目-地下",{"$nulls":10},"标段：",{"$nulls":3},"第 29 页  共 107 页"]
["项目编码",null,"030412001001",null,"项目名称",null,"LED吸顶灯 9W",{"$nulls":3},"计量单位",null,null,"套",null,null,"工程量",null,17]
["清单综合单价组成明细"]
["定额编号","定额项目名称","定额\n单位","数量","单价",{"$nulls":7},"合价"]
[{"$nulls":4},"人工费","材料费","机具费","管理费","利润","规费","税金",null,"人工费","材料费","机具费",null,"管理费","利润","规费","税金"]
["C4-12-3","半圆球吸顶灯安装 灯罩直径(mm以内) 250","10套",0.1,196.63,1166.75,null,56.51,39.33,{"$nulls":3},19.66,116.68,null,null,5.65,3.93]
["人工单价",null,"小计",{"$nulls":9},19.66,116.68,null,null,5.65,3.93]
[null,null,"未计价材料费",{"$nulls":9},113.91]
["清单项目综合单价",{"$nulls":11},145.92]
["材\n料\n费\n明\n细","主要材料名称、规格、型号",{"$nulls":7},"单位","数量",null,"单价（元）",null,"合价（元）",null,null,"暂估单价\n（元）","暂估合价\n（元）"]
[null,"LED吸顶灯 220V/9W,850lm",{"$nulls":7},"套",1.01,null,112.78,null,113.91]
[null,"其他材料费",{"$nulls":10},"-",null,2.77,null,null,"-"]
[null,"材料费小计",{"$nulls":10},"-",null,116.68,null,null,"-"]
{"$rows_empty":7}
["注：1.如不使用省级或行业建设主管部门发布的计价依据，可不填定额编码、名称等；\n    2.招标文件提供了暂估单价的材料，按暂估的单价填入表内“暂估单价”栏及“暂估合价”栏。"]
[{"$nulls":15},"表-09"]
["综合单价分析表"]
["工程名称：电气工程-新蓝天幼儿园工程建设项目-地下",{"$nulls":10},"标段：",{"$nulls":3},"第 30 页  共 107 页"]
["项目编码",null,"030412005001",null,"项目名称",null,"T5型单管荧光灯-壁装 28W",{"$nulls":3},"计量单位",null,null,"套",null,null,"工程量",null,2]
["清单综合单价组成明细"]
["定额编号","定额项目名称","定额\n单位","数量","单价",{"$nulls":7},"合价"]
[{"$nulls":4},"人工费","材料费","机具费","管理费","利润","规费","税金",null,"人工费","材料费","机具费",null,"管理费","利润","规费","税金"]
["C4-12-245","普通成套型荧光灯具安装 吸顶式 单管","10套",0.1,197.43,477.46,null,56.74,39.49,{"$nulls":3},19.74,47.75,null,null,5.67,3.95]
["人工单价",null,"小计",{"$nulls":9},19.74,47.75,null,null,5.67,3.95]
[null,null,"未计价材料费",{"$nulls":9},45.2]
["清单项目综合单价",{"$nulls":11},77.11]
["材\n料\n费\n明\n细","主要材料名称、规格、型号",{"$nulls":7},"单位","数量",null,"单价（元）",null,"合价（元）",null,null,"暂估单价\n（元）","暂估合价\n（元）"]
[null,"T5型单管荧光灯 220V/1x28W,1x2600lm",{"$nulls":7},"套",1.01,null,44.75,null,45.2]
[null,"其他材料费",{"$nulls":10},"-",null,2.56,null,null,"-"]
[null,"材料费小计",{"$nulls":10},"-",null,47.76,null,null,"-"]
[]
[]
[]
[]
[]
[]
["注：1.如不使用省级或行业建设主管部门发布的计价依据，可不填定额编码、名称等；\n    2.招标文件提供了暂估单价的材料，按暂估的单价填入表内“暂估单价”栏及“暂估合价”栏。"]
[{"$nulls":15},"表-09"]
["综合单价分析表"]
["工程名称：电气工程-新蓝天幼儿园工程建设项目-地下",{"$nulls":10},"标段：",{"$nulls":3},"第 31 页  共 107 页"]
["项目编码",null,"030412005002",null,"项目名称",null,"T5型单管荧光灯-吊链 28W",{"$nulls":3},"计量单位",null,null,"套",null,null,"工程量",null,56]
["清单综合单价组成明细"]
["定额编号","定额项目名称","定额\n单位","数量","单价",{"$nulls":7},"合价"]
[{"$nulls":4},"人工费","材料费","机具费","管理费","利润","规费","税金",null,"人工费","材料费","机具费",null,"管理费","利润","规费","税金"]
["C4-12-239","普通成套型荧光灯具安装 吊链式 单管","10套",0.1,197.43,596.75,null,56.74,39.49,{"$nulls":3},19.74,59.68,null,null,5.67,3.95]
["人工单价",null,"小计",{"$nulls":9},19.74,59.68,null,null,5.67,3.95]
[null,null,"未计价材料费",{"$nulls":9},45.2]
["清单项目综合单价",{"$nulls":11},89.04]
["材\n料\n费\n明\n细","主要材料名称、规格、型号",{"$nulls":7},"单位","数量",null,"单价（元）",null,"合价（元）",null,null,"暂估单价\n（元）","暂估合价\n（元）"]
[null,"T5型单管荧光灯-吊链 220V/1x28W,1x2600lm",{"$nulls":7},"套",1.01,null,44.75,null,45.2]
[null,"其他材料费",{"$nulls":10},"-",null,14.49,null,null,"-"]
[null,"材料费小计",{"$nulls":10},"-",null,59.69,null,null,"-"]
[]
[]
[]
[]
[]
[]
["注：1.如不使用省级或行业建设主管部门发布的计价依据，可不填定额编码、名称等；\n    2.招标文件提供了暂估单价的材料，按暂估的单价填入表内“暂估单价”栏及“暂估合价”栏。"]
[{"$nulls":15},"表-09"]
["综合单价分析表"]
["工程名称：电气工程-新蓝天幼儿园工程建设项目-地下",{"$nulls":10},"标段：",{"$nulls":3},"第 32 页  共 107 页"]
["项目编码",null,"030412005003",null,"项目名称",null,"T5型三管荧光灯-吊链",{"$nulls":3},"计量单位",null,null,"套",null,null,"工程量",null,4]
["清单综合单价组成明细"]
["定额编号","定额项目名称","定额\n单位","数量","单价",{"$nulls":7},"合价"]
[{"$nulls":4},"人工费","材料费","机具费","管理费","利润","规费","税金",null,"人工费","材料费","机具费",null,"管理费","利润","规费","税金"]
["C4-12-241","普通成套型荧光灯具安装 吊链式 三管","10套",0.1,277.78,1500.7,null,79.83,55.56,{"$nulls":3},27.78,150.07,null,null,7.98,5.56]
["人工单价",null,"小计",{"$nulls":9},27.78,150.07,null,null,7.98,5.56]
[null,null,"未计价材料费",{"$nulls":9},135.59]
["清单项目综合单价",{"$nulls":11},191.39]
["材\n料\n费\n明\n细","主要材料名称、规格、型号",{"$nulls":7},"单位","数量",null,"单价（元）",null,"合价（元）",null,null,"暂估单价\n（元）","暂估合价\n（元）"]
[null,"T5型三管荧光灯-吊链 220V/3x28W,1x2600lm",{"$nulls":7},"套",1.01,null,134.25,null,135.59]
[null,"其他材料费",{"$nulls":10},"-",null,14.49,null,null,"-"]
[null,"材料费小计",{"$nulls":10},"-",null,150.08,null,null,"-"]
[]
[]
[]
[]
[]
[]
["注：1.如不使用省级或行业建设主管部门发布的计价依据，可不填定额编码、名称等；\n    2.招标文件提供了暂估单价的材料，按暂估的单价填入表内“暂估单价”栏及“暂估合价”栏。"]
[{"$nulls":15},"表-09"]
["综合单价分析表"]
["工程名称：电气工程-新蓝天幼儿园工程建设项目-地下",{"$nulls":10},"标段：",{"$nulls":3},"第 33 页  共 107 页"]
["项目编码",null,"030412005004",null,"项目名称",null,"T5型双管荧光灯-壁装",{"$nulls":3},"计量单位",null,null,"套",null,null,"工程量",null,1]
["清单综合单价组成明细"]
["定额编号","定额项目名称","定额\n单位","数量","单价",{"$nulls":7},"合价"]
[{"$nulls":4},"人工费","材料费","机具费","管理费","利润","规费","税金",null,"人工费","材料费","机具费",null,"管理费","利润","规费","税金"]
["C4-12-249","普通成套型荧光灯具安装 嵌入式 双管","10套",0.1,368.93,1010.58,null,106.03,73.79,{"$nulls":3},36.89,101.06,null,null,10.6,7.38]
["人工单价",null,"小计",{"$nulls":9},36.89,101.06,null,null,10.6,7.38]
[null,null,"未计价材料费",{"$nulls":9},94.9]
["清单项目综合单价",{"$nulls":11},155.93]
["材\n料\n费\n明\n细","主要材料名称、规格、型号",{"$nulls":7},"单位","数量",null,"单价（元）",null,"合价（元）",null,null,"暂估单价\n（元）","暂估合价\n（元）"]
[null,"T5型双管荧光灯-壁装 220V/2x28W,2x2600lm",{"$nulls":7},"套",1.01,null,93.96,null,94.9]
[null,"其他材料费",{"$nulls":10},"-",null,6.17,null,null,"-"]
[null,"材料费小计",{"$nulls":10},"-",null,101.07,null,null,"-"]
[]
[]
[]
[]
[]
[]
["注：1.如不使用省级或行业建设主管部门发布的计价依据，可不填定额编码、名称等；\n    2.招标文件提供了暂估单价的材料，按暂估的单价填入表内“暂估单价”栏及“暂估合价”栏。"]
[{"$nulls":15},"表-09"]
["综合单价分析表"]
["工程名称：电气工程-新蓝天幼儿园工程建设项目-地下",{"$nulls":10},"标段：",{"$nulls":3},"第 34 页  共 107 页"]
["项目编码",null,"030412005005",null,"项目名称",null,"T5型双管荧光灯-吊链",{"$nulls":3},"计量单位",null,null,"套",null,null,"工程量",null,9]
["清单综合单价组成明细"]
["定额编号","定额项目名称","定额\n单位","数量","单价",{"$nulls":7},"合价"]
[{"$nulls":4},"人工费","材料费","机具费","管理费","利润","规费","税金",null,"人工费","材料费","机具费",null,"管理费","利润","规费","税金"]
["C4-12-241","普通成套型荧光灯具安装 吊链式 三管","10套",0.1,277.78,1500.7,null,79.83,55.56,{"$nulls":3},27.78,150.07,null,null,7.98,5.56]
["人工单价",null,"小计",{"$nulls":9},27.78,150.07,null,null,7.98,5.56]
[null,null,"未计价材料费",{"$nulls":9},135.59]
["清单项目综合单价",{"$nulls":11},191.39]
["材\n料\n费\n明\n细","主要材料名称、规格、型号",{"$nulls":7},"单位","数量",null,"单价（元）",null,"合价（元）",null,null,"暂估单价\n（元）","暂估合价\n（元）"]
[null,"T5型三管荧光灯-吊链 220V/2x28W,1x2600lm",{"$nulls":7},"套",1.01,null,134.25,null,135.59]
[null,"其他材料费",{"$nulls":10},"-",null,14.49,null,null,"-"]
[null,"材料费小计",{"$nulls":10},"-",null,150.08,null,null,"-"]
[]
[]
[]
[]
[]
[]
["注：1.如不使用省级或行业建设主管部门发布的计价依据，可不填定额编码、名称等；\n    2.招标文件提供了暂估单价的材料，按暂估的单价填入表内“暂估单价”栏及“暂估合价”栏。"]
[{"$nulls":15},"表-09"]
["综合单价分析表"]
["工程名称：电气工程-新蓝天幼儿园工程建设项目-地下",{"$nulls":10},"标段：",{"$nulls":3},"第 35 页  共 107 页"]
["项目编码",null,"030412004001",null,"项目名称",null,"壁灯(荧光灯) 9W",{"$nulls":3},"计量单位",null,null,"套",null,null,"工程量",null,2]
["清单综合单价组成明细"]
["定额编号","定额项目名称","定额\n单位","数量","单价",{"$nulls":7},"合价"]
[{"$nulls":4},"人工费","材料费","机具费","管理费","利润","规费","税金",null,"人工费","材料费","机具费",null,"管理费","利润","规费","税金"]
["C4-12-12","其他普通灯具安装 一般壁灯","10套",0.1,184.14,693.34,null,52.92,36.83,{"$nulls":3},18.41,69.33,null,null,5.29,3.68]
["人工单价",null,"小计",{"$nulls":9},18.41,69.33,null,null,5.29,3.68]
[null,null,"未计价材料费",{"$nulls":9},67.27]
["清单项目综合单价",{"$nulls":11},96.72]
["材\n料\n费\n明\n细","主要材料名称、规格、型号",{"$nulls":7},"单位","数量",null,"单价（元）",null,"合价（元）",null,null,"暂估单价\n（元）","暂估合价\n（元）"]
[null,"壁灯(荧光灯) 220V/9W,850lm",{"$nulls":7},"套",1.01,null,66.6,null,67.27]
[null,"其他材料费",{"$nulls":10},"-",null,2.07,null,null,"-"]
[null,"材料费小计",{"$nulls":10},"-",null,69.34,null,null,"-"]
{"$rows_empty":7}
["注：1.如不使用省级或行业建设主管部门发布的计价依据，可不填定额编码、名称等；\n    2.招标文件提供了暂估单价的材料，按暂估的单价填入表内“暂估单价”栏及“暂估合价”栏。"]
[{"$nulls":15},"表-09"]
["综合单价分析表"]
["工程名称：电气工程-新蓝天幼儿园工程建设项目-地下",{"$nulls":10},"标段：",{"$nulls":3},"第 36 页  共 107 页"]
["项目编码",null,"030412004002",null,"项目名称",null,"出口标志灯\"禁止入内\"标志灯",{"$nulls":3},"计量单位",null,null,"套",null,null,"工程量",null,1]
["清单综合单价组成明细"]
["定额编号","定额项目名称","定额\n单位","数量","单价",{"$nulls":7},"合价"]
[{"$nulls":4},"人工费","材料费","机具费","管理费","利润","规费","税金",null,"人工费","材料费","机具费",null,"管理费","利润","规费","税金"]
["C4-12-192","标志、诱导装饰灯具安装 墙壁式 示意图号:171、172、173、174","10套",0.1,233.04,983.51,null,66.98,46.61,{"$nulls":3},23.3,98.35,null,null,6.7,4.66]
["人工单价",null,"小计",{"$nulls":9},23.3,98.35,null,null,6.7,4.66]
[null,null,"未计价材料费",{"$nulls":9},94.95]
["清单项目综合单价",{"$nulls":11},133.01]
["材\n料\n费\n明\n细","主要材料名称、规格、型号",{"$nulls":7},"单位","数量",null,"单价（元）",null,"合价（元）",null,null,"暂估单价\n（元）","暂估合价\n（元）"]
[null,"出口标志灯\"禁止入内\"标志灯 LED光源,36V/1W",{"$nulls":7},"套",1.01,null,94.01,null,94.95]
[null,"其他材料费",{"$nulls":10},"-",null,3.4,null,null,"-"]
[null,"材料费小计",{"$nulls":10},"-",null,98.35,null,null,"-"]
[]
[]
[]
[]
[]
["注：1.如不使用省级或行业建设主管部门发布的计价依据，可不填定额编码、名称等；\n    2.招标文件提供了暂估单价的材料，按暂估的单价填入表内“暂估单价”栏及“暂估合价”栏。"]
[{"$nulls":15},"表-09"]
["综合单价分析表"]
["工程名称：电气工程-新蓝天幼儿园工程建设项目-地下",{"$nulls":10},"标段：",{"$nulls":3},"第 37 页  共 107 页"]
["项目编码",null,"030412004003",null,"项目名称",null,"单向疏散指示灯",{"$nulls":3},"计量单位",null,null,"套",null,null,"工程量",null,26]
["清单综合单价组成明细"]
["定额编号","定额项目名称","定额\n单位","数量","单价",{"$nulls":7},"合价"]
[{"$nulls":4},"人工费","材料费","机具费","管理费","利润","规费","税金",null,"人工费","材料费","机具费",null,"管理费","利润","规费","税金"]
["C4-12-192","标志、诱导装饰灯具安装 墙壁式 示意图号:171、172、173、174","10套",0.1,233.04,629.3,null,66.98,46.61,{"$nulls":3},23.3,62.93,null,null,6.7,4.66]
["人工单价",null,"小计",{"$nulls":9},23.3,62.93,null,null,6.7,4.66]
[null,null,"未计价材料费",{"$nulls":9},59.53]
["清单项目综合单价",{"$nulls":11},97.59]
["材\n料\n费\n明\n细","主要材料名称、规格、型号",{"$nulls":7},"单位","数量",null,"单价（元）",null,"合价（元）",null,null,"暂估单价\n（元）","暂估合价\n（元）"]
[null,"单向疏散指示灯 LED光源,36V/1W",{"$nulls":7},"套",1.01,null,58.94,null,59.53]
[null,"其他材料费",{"$nulls":10},"-",null,3.4,null,null,"-"]
[null,"材料费小计",{"$nulls":10},"-",null,62.93,null,null,"-"]
[]
[]
[]
[]
[]
["注：1.如不使用省级或行业建设主管部门发布的计价依据，可不填定额编码、名称等；\n    2.招标文件提供了暂估单价的材料，按暂估的单价填入表内“暂估单价”栏及“暂估合价”栏。"]
[{"$nulls":15},"表-09"]
["综合单价分析表"]
["工程名称：电气工程-新蓝天幼儿园工程建设项目-地下",{"$nulls":10},"标段：",{"$nulls":3},"第 38 页  共 107 页"]
["项目编码",null,"030412004004",null,"项目名称",null,"单向疏散指示灯",{"$nulls":3},"计量单位",null,null,"套",null,null,"工程量",null,5]
["清单综合单价组成明细"]
["定额编号","定额项目名称","定额\n单位","数量","单价",{"$nulls":7},"合价"]
[{"$nulls":4},"人工费","材料费","机具费","管理费","利润","规费","税金",null,"人工费","材料费","机具费",null,"管理费","利润","规费","税金"]
["C4-12-191","标志、诱导装饰灯具安装 吊杆式 示意图号:171、172、173、174","10套",0.1,273.21,639.83,null,78.52,54.64,{"$nulls":3},27.32,63.98,null,null,7.85,5.46]
["人工单价",null,"小计",{"$nulls":9},27.32,63.98,null,null,7.85,5.46]
[null,null,"未计价材料费",{"$nulls":9},59.53]
["清单项目综合单价",{"$nulls":11},104.62]
["材\n料\n费\n明\n细","主要材料名称、规格、型号",{"$nulls":7},"单位","数量",null,"单价（元）",null,"合价（元）",null,null,"暂估单价\n（元）","暂估合价\n（元）"]
[null,"单向疏散指示灯 ",{"$nulls":7},"套",1.01,null,58.94,null,59.53]
[null,"其他材料费",{"$nulls":10},"-",null,4.46,null,null,"-"]
[null,"材料费小计",{"$nulls":10},"-",null,63.99,null,null,"-"]
[]
[]
[]
[]
[]
["注：1.如不使用省级或行业建设主管部门发布的计价依据，可不填定额编码、名称等；\n    2.招标文件提供了暂估单价的材料，按暂估的单价填入表内“暂估单价”栏及“暂估合价”栏。"]
[{"$nulls":15},"表-09"]
["综合单价分析表"]
["工程名称：电气工程-新蓝天幼儿园工程建设项目-地下",{"$nulls":10},"标段：",{"$nulls":3},"第 39 页  共 107 页"]
["项目编码",null,"030412004005",null,"项目名称",null,"楼层指示标志灯",{"$nulls":3},"计量单位",null,null,"套",null,null,"工程量",null,3]
["清单综合单价组成明细"]
["定额编号","定额项目名称","定额\n单位","数量","单价",{"$nulls":7},"合价"]
[{"$nulls":4},"人工费","材料费","机具费","管理费","利润","规费","税金",null,"人工费","材料费","机具费",null,"管理费","利润","规费","税金"]
["C4-12-192","标志、诱导装饰灯具安装 墙壁式 示意图号:171、172、173、174","10套",0.1,233.04,1088.65,null,66.98,46.61,{"$nulls":3},23.3,108.87,null,null,6.7,4.66]
["人工单价",null,"小计",{"$nulls":9},23.3,108.87,null,null,6.7,4.66]
[null,null,"未计价材料费",{"$nulls":9},105.46]
["清单项目综合单价",{"$nulls":11},143.53]
["材\n料\n费\n明\n细","主要材料名称、规格、型号",{"$nulls":7},"单位","数量",null,"单价（元）",null,"合价（元）",null,null,"暂估单价\n（元）","暂估合价\n（元）"]
[null,"楼层指示标志灯 LED光源,36V/1W",{"$nulls":7},"套",1.01,null,104.42,null,105.46]
[null,"其他材料费",{"$nulls":10},"-",null,3.4,null,null,"-"]
[null,"材料费小计",{"$nulls":10},"-",null,108.86,null,null,"-"]
[]
[]
[]
[]
[]
["注：1.如不使用省级或行业建设主管部门发布的计价依据，可不填定额编码、名称等；\n    2.招标文件提供了暂估单价的材料，按暂估的单价填入表内“暂估单价”栏及“暂估合价”栏。"]
[{"$nulls":15},"表-09"]
["综合单价分析表"]
["工程名称：电气工程-新蓝天幼儿园工程建设项目-地下",{"$nulls":10},"标段：",{"$nulls":3},"第 40 页  共 107 页"]
["项目编码",null,"030412004006",null,"项目名称",null,"疏散出口标志灯",{"$nulls":3},"计量单位",null,null,"套",null,null,"工程量",null,10]
["清单综合单价组成明细"]
["定额编号","定额项目名称","定额\n单位","数量","单价",{"$nulls":7},"合价"]
[{"$nulls":4},"人工费","材料费","机具费","管理费","利润","规费","税金",null,"人工费","材料费","机具费",null,"管理费","利润","规费","税金"]
["C4-12-192","标志、诱导装饰灯具安装 墙壁式 示意图号:171、172、173、174","10套",0.1,233.04,711.19,null,66.98,46.61,{"$nulls":3},23.3,71.12,null,null,6.7,4.66]
["人工单价",null,"小计",{"$nulls":9},23.3,71.12,null,null,6.7,4.66]
[null,null,"未计价材料费",{"$nulls":9},68.33]
["清单项目综合单价",{"$nulls":11},105.78]
["材\n料\n费\n明\n细","主要材料名称、规格、型号",{"$nulls":7},"单位","数量",null,"单价（元）",null,"合价（元）",null,null,"暂估单价\n（元）","暂估合价\n（元）"]
[null,"疏散出口标志灯 LED光源,36V/1W",{"$nulls":7},"套",1.01,null,67.65,null,68.33]
[null,"其他材料费",{"$nulls":10},"-",null,2.8,null,null,"-"]
[null,"材料费小计",{"$nulls":10},"-",null,71.13,null,null,"-"]
[]
[]
[]
[]
[]
["注：1.如不使用省级或行业建设主管部门发布的计价依据，可不填定额编码、名称等；\n    2.招标文件提供了暂估单价的材料，按暂估的单价填入表内“暂估单价”栏及“暂估合价”栏。"]
[{"$nulls":15},"表-09"]
["综合单价分析表"]
["工程名称：电气工程-新蓝天幼儿园工程建设项目-地下",{"$nulls":10},"标段：",{"$nulls":3},"第 41 页  共 107 页"]
["项目编码",null,"030412004007",null,"项目名称",null,"应急灯",{"$nulls":3},"计量单位",null,null,"套",null,null,"工程量",null,42]
["清单综合单价组成明细"]
["定额编号","定额项目名称","定额\n单位","数量","单价",{"$nulls":7},"合价"]
[{"$nulls":4},"人工费","材料费","机具费","管理费","利润","规费","税金",null,"人工费","材料费","机具费",null,"管理费","利润","规费","税金"]
["C4-12-192","标志、诱导装饰灯具安装 墙壁式 示意图号:171、172、173、174","10套",0.1,233.04,1179.32,null,66.98,46.61,{"$nulls":3},23.3,117.93,null,null,6.7,4.66]
["人工单价",null,"小计",{"$nulls":9},23.3,117.93,null,null,6.7,4.66]
[null,null,"未计价材料费",{"$nulls":9},115.14]
["清单项目综合单价",{"$nulls":11},152.6]
["材\n料\n费\n明\n细","主要材料名称、规格、型号",{"$nulls":7},"单位","数量",null,"单价（元）",null,"合价（元）",null,null,"暂估单价\n（元）","暂估合价\n（元）"]
[null,"应急灯 LED光源,36V/7W,1X700lm",{"$nulls":7},"套",1.01,null,114,null,115.14]
[null,"其他材料费",{"$nulls":10},"-",null,2.8,null,null,"-"]
[null,"材料费小计",{"$nulls":10},"-",null,117.94,null,null,"-"]
[]
[]
[]
[]
[]
["注：1.如不使用省级或行业建设主管部门发布的计价依据，可不填定额编码、名称等；\n    2.招标文件提供了暂估单价的材料，按暂估的单价填入表内“暂估单价”栏及“暂估合价”栏。"]
[{"$nulls":15},"表-09"]
["综合单价分析表"]
["工程名称：电气工程-新蓝天幼儿园工程建设项目-地下",{"$nulls":10},"标段：",{"$nulls":3},"第 42 页  共 107 页"]
["项目编码",null,"030404034001",null,"项目名称",null,"单联单控开关",{"$nulls":3},"计量单位",null,null,"个",null,null,"工程量",null,8]
["清单综合单价组成明细"]
["定额编号","定额项目名称","定额\n单位","数量","单价",{"$nulls":7},"合价"]
[{"$nulls":4},"人工费","材料费","机具费","管理费","利润","规费","税金",null,"人工费","材料费","机具费",null,"管理费","利润","规费","税金"]
["C4-4-116","照明开关安装 扳式暗开关(单控) 单联","10个",0.1,77.85,83.93,null,22.37,15.57,{"$nulls":3},7.79,8.39,null,null,2.24,1.56]
["人工单价",null,"小计",{"$nulls":9},7.79,8.39,null,null,2.24,1.56]
[null,null,"未计价材料费",{"$nulls":9},7.92]
["清单项目综合单价",{"$nulls":11},19.97]
["材\n料\n费\n明\n细","主要材料名称、规格、型号",{"$nulls":7},"单位","数量",null,"单价（元）",null,"合价（元）",null,null,"暂估单价\n（元）","暂估合价\n（元）"]
[null,"单联单控照明开关 10A,250V",{"$nulls":7},"个",1.02,null,7.76,null,7.92]
[null,"其他材料费",{"$nulls":10},"-",null,0.48,null,null,"-"]
[null,"材料费小计",{"$nulls":10},"-",null,8.4,null,null,"-"]
{"$rows_empty":7}
["注：1.如不使用省级或行业建设主管部门发布的计价依据，可不填定额编码、名称等；\n    2.招标文件提供了暂估单价的材料，按暂估的单价填入表内“暂估单价”栏及“暂估合价”栏。"]
[{"$nulls":15},"表-09"]
["综合单价分析表"]
["工程名称：电气工程-新蓝天幼儿园工程建设项目-地下",{"$nulls":10},"标段：",{"$nulls":3},"第 43 页  共 107 页"]
["项目编码",null,"030404034002",null,"项目名称",null,"双联单控开关",{"$nulls":3},"计量单位",null,null,"个",null,null,"工程量",null,6]
["清单综合单价组成明细"]
["定额编号","定额项目名称","定额\n单位","数量","单价",{"$nulls":7},"合价"]
[{"$nulls":4},"人工费","材料费","机具费","管理费","利润","规费","税金",null,"人工费","材料费","机具费",null,"管理费","利润","规费","税金"]
["C4-4-117","照明开关安装 扳式暗开关(单控) 双联","10个",0.1,81.44,96.95,null,23.41,16.29,{"$nulls":3},8.14,9.7,null,null,2.34,1.63]
["人工单价",null,"小计",{"$nulls":9},8.14,9.7,null,null,2.34,1.63]
[null,null,"未计价材料费",{"$nulls":9},9.05]
["清单项目综合单价",{"$nulls":11},21.81]
["材\n料\n费\n明\n细","主要材料名称、规格、型号",{"$nulls":7},"单位","数量",null,"单价（元）",null,"合价（元）",null,null,"暂估单价\n（元）","暂估合价\n（元）"]
[null,"双联单控照明开关 10A,250V",{"$nulls":7},"个",1.02,null,8.87,null,9.05]
[null,"其他材料费",{"$nulls":10},"-",null,0.65,null,null,"-"]
[null,"材料费小计",{"$nulls":10},"-",null,9.7,null,null,"-"]
{"$rows_empty":7}
["注：1.如不使用省级或行业建设主管部门发布的计价依据，可不填定额编码、名称等；\n    2.招标文件提供了暂估单价的材料，按暂估的单价填入表内“暂估单价”栏及“暂估合价”栏。"]
[{"$nulls":15},"表-09"]
["综合单价分析表"]
["工程名称：电气工程-新蓝天幼儿园工程建设项目-地下",{"$nulls":10},"标段：",{"$nulls":3},"第 44 页  共 107 页"]
["项目编码",null,"030404034003",null,"项目名称",null,"三联单控开关",{"$nulls":3},"计量单位",null,null,"个",null,null,"工程量",null,1]
["清单综合单价组成明细"]
["定额编号","定额项目名称","定额\n单位","数量","单价",{"$nulls":7},"合价"]
[{"$nulls":4},"人工费","材料费","机具费","管理费","利润","规费","税金",null,"人工费","材料费","机具费",null,"管理费","利润","规费","税金"]
["C4-4-118","照明开关安装 扳式暗开关(单控) 三联","10个",0.1,81.44,128.44,null,23.41,16.29,{"$nulls":3},8.14,12.84,null,null,2.34,1.63]
["人工单价",null,"小计",{"$nulls":9},8.14,12.84,null,null,2.34,1.63]
[null,null,"未计价材料费",{"$nulls":9},12.03]
["清单项目综合单价",{"$nulls":11},24.96]
["材\n料\n费\n明\n细","主要材料名称、规格、型号",{"$nulls":7},"单位","数量",null,"单价（元）",null,"合价（元）",null,null,"暂估单价\n（元）","暂估合价\n（元）"]
[null,"三联单控照明开关 10A,250V",{"$nulls":7},"个",1.02,null,11.79,null,12.03]
[null,"其他材料费",{"$nulls":10},"-",null,0.82,null,null,"-"]
[null,"材料费小计",{"$nulls":10},"-",null,12.85,null,null,"-"]
{"$rows_empty":7}
["注：1.如不使用省级或行业建设主管部门发布的计价依据，可不填定额编码、名称等；\n    2.招标文件提供了暂估单价的材料，按暂估的单价填入表内“暂估单价”栏及“暂估合价”栏。"]
[{"$nulls":15},"表-09"]
["综合单价分析表"]
["工程名称：电气工程-新蓝天幼儿园工程建设项目-地下",{"$nulls":10},"标段：",{"$nulls":3},"第 45 页  共 107 页"]
["项目编码",null,"030404034004",null,"项目名称",null,"声、光感应式延时开关",{"$nulls":3},"计量单位",null,null,"个",null,null,"工程量",null,6]
["清单综合单价组成明细"]
["定额编号","定额项目名称","定额\n单位","数量","单价",{"$nulls":7},"合价"]
[{"$nulls":4},"人工费","材料费","机具费","管理费","利润","规费","税金",null,"人工费","材料费","机具费",null,"管理费","利润","规费","税金"]
["C4-4-128","照明开关安装 声控(红外线感应)延时开关","10个",0.1,77.85,358.31,null,22.37,15.57,{"$nulls":3},7.79,35.83,null,null,2.24,1.56]
["人工单价",null,"小计",{"$nulls":9},7.79,35.83,null,null,2.24,1.56]
[null,null,"未计价材料费",{"$nulls":9},35.35]
["清单项目综合单价",{"$nulls":11},47.41]
["材\n料\n费\n明\n细","主要材料名称、规格、型号",{"$nulls":7},"单位","数量",null,"单价（元）",null,"合价（元）",null,null,"暂估单价\n（元）","暂估合价\n（元）"]
[null,"声、光感应式延时开关 10A,250V",{"$nulls":7},"个",1.02,null,34.66,null,35.35]
[null,"其他材料费",{"$nulls":10},"-",null,0.48,null,null,"-"]
[null,"材料费小计",{"$nulls":10},"-",null,35.83,null,null,"-"]
[]
[]
[]
[]
[]
[]
["注：1.如不使用省级或行业建设主管部门发布的计价依据，可不填定额编码、名称等；\n    2.招标文件提供了暂估单价的材料，按暂估的单价填入表内“暂估单价”栏及“暂估合价”栏。"]
[{"$nulls":15},"表-09"]
["综合单价分析表"]
["工程名称：电气工程-新蓝天幼儿园工程建设项目-地下",{"$nulls":10},"标段：",{"$nulls":3},"第 46 页  共 107 页"]
["项目编码",null,"030404035001",null,"项目名称",null,"暗装普通单相二、三孔插座,带保护门",{"$nulls":3},"计量单位",null,null,"个",null,null,"工程量",null,5]
["清单综合单价组成明细"]
["定额编号","定额项目名称","定额\n单位","数量","单价",{"$nulls":7},"合价"]
[{"$nulls":4},"人工费","材料费","机具费","管理费","利润","规费","税金",null,"人工费","材料费","机具费",null,"管理费","利润","规费","税金"]
["C4-4-141","三相带接地暗插座安装(A以下) 16","10个",0.1,103.47,147.91,null,29.74,20.69,{"$nulls":3},10.35,14.79,null,null,2.97,2.07]
["人工单价",null,"小计",{"$nulls":9},10.35,14.79,null,null,2.97,2.07]
[null,null,"未计价材料费",{"$nulls":9},13.97]
["清单项目综合单价",{"$nulls":11},30.18]
["材\n料\n费\n明\n细","主要材料名称、规格、型号",{"$nulls":7},"单位","数量",null,"单价（元）",null,"合价（元）",null,null,"暂估单价\n（元）","暂估合价\n（元）"]
[null,"暗装普通单相二、三孔插座,带保护门 ",{"$nulls":7},"个",1.02,null,13.7,null,13.97]
[null,"其他材料费",{"$nulls":10},"-",null,0.82,null,null,"-"]
[null,"材料费小计",{"$nulls":10},"-",null,14.79,null,null,"-"]
[]
[]
[]
[]
[]
["注：1.如不使用省级或行业建设主管部门发布的计价依据，可不填定额编码、名称等；\n    2.招标文件提供了暂估单价的材料，按暂估的单价填入表内“暂估单价”栏及“暂估合价”栏。"]
[{"$nulls":15},"表-09"]
["综合单价分析表"]
["工程名称：电气工程-新蓝天幼儿园工程建设项目-地下",{"$nulls":10},"标段：",{"$nulls":3},"第 47 页  共 107 页"]
["项目编码",null,"030404031001",null,"项目名称",null,"现场控制按钮",{"$nulls":3},"计量单位",null,null,"个",null,null,"工程量",null,6]
["清单综合单价组成明细"]
["定额编号","定额项目名称","定额\n单位","数量","单价",{"$nulls":7},"合价"]
[{"$nulls":4},"人工费","材料费","机具费","管理费","利润","规费","税金",null,"人工费","材料费","机具费",null,"管理费","利润","规费","税金"]
["C4-4-92","门铃按钮安装 明装","10个",0.1,75.76,286.34,null,21.77,15.15,{"$nulls":3},7.58,28.63,null,null,2.18,1.52]
["人工单价",null,"小计",{"$nulls":9},7.58,28.63,null,null,2.18,1.52]
[null,null,"未计价材料费",{"$nulls":9},26.47]
["清单项目综合单价",{"$nulls":11},39.9]
["材\n料\n费\n明\n细","主要材料名称、规格、型号",{"$nulls":7},"单位","数量",null,"单价（元）",null,"合价（元）",null,null,"暂估单价\n（元）","暂估合价\n（元）"]
[null,"现场控制按钮 ",{"$nulls":7},"个",1.02,null,25.95,null,26.47]
[null,"其他材料费",{"$nulls":10},"-",null,2.18,null,null,"-"]
[null,"材料费小计",{"$nulls":10},"-",null,28.65,null,null,"-"]
{"$rows_empty":7}
["注：1.如不使用省级或行业建设主管部门发布的计价依据，可不填定额编码、名称等；\n    2.招标文件提供了暂估单价的材料，按暂估的单价填入表内“暂估单价”栏及“暂估合价”栏。"]
[{"$nulls":15},"表-09"]
["综合单价分析表"]
["工程名称：电气工程-新蓝天幼儿园工程建设项目-地下",{"$nulls":10},"标段：",{"$nulls":3},"第 48 页  共 107 页"]
["项目编码",null,"030404034005",null,"项目名称",null,"照明面板开关",{"$nulls":3},"计量单位",null,null,"个",null,null,"工程量",null,1]
["清单综合单价组成明细"]
["定额编号","定额项目名称","定额\n单位","数量","单价",{"$nulls":7},"合价"]
[{"$nulls":4},"人工费","材料费","机具费","管理费","利润","规费","税金",null,"人工费","材料费","机具费",null,"管理费","利润","规费","税金"]
["C4-4-116","照明开关安装 扳式暗开关(单控) 单联","10个",0.1,77.85,1534.78,null,22.37,15.57,{"$nulls":3},7.79,153.48,null,null,2.24,1.56]
["人工单价",null,"小计",{"$nulls":9},7.79,153.48,null,null,2.24,1.56]
[null,null,"未计价材料费",{"$nulls":9},153]
["清单项目综合单价",{"$nulls":11},165.06]
["材\n料\n费\n明\n细","主要材料名称、规格、型号",{"$nulls":7},"单位","数量",null,"单价（元）",null,"合价（元）",null,null,"暂估单价\n（元）","暂估合价\n（元）"]
[null,"照明面板开关 ",{"$nulls":7},"个",1.02,null,150,null,153]
[null,"其他材料费",{"$nulls":10},"-",null,0.48,null,null,"-"]
[null,"材料费小计",{"$nulls":10},"-",null,153.48,null,null,"-"]
{"$rows_empty":7}
["注：1.如不使用省级或行业建设主管部门发布的计价依据，可不填定额编码、名称等；\n    2.招标文件提供了暂估单价的材料，按暂估的单价填入表内“暂估单价”栏及“暂估合价”栏。"]
[{"$nulls":15},"表-09"]
["综合单价分析表"]
["工程名称：电气工程-新蓝天幼儿园工程建设项目-地下",{"$nulls":10},"标段：",{"$nulls":3},"第 49 页  共 107 页"]
["项目编码",null,"030404020001",null,"项目名称",null,"低压熔断器",{"$nulls":3},"计量单位",null,null,"个",null,null,"工程量",null,1]
["清单综合单价组成明细"]
["定额编号","定额项目名称","定额\n单位","数量","单价",{"$nulls":7},"合价"]
[{"$nulls":4},"人工费","材料费","机具费","管理费","利润","规费","税金",null,"人工费","材料费","机具费",null,"管理费","利润","规费","税金"]
["C4-4-70","低压熔断器安装 管式","个",1,66.02,36.72,null,18.97,13.2,{"$nulls":3},66.02,36.72,null,null,18.97,13.2]
["人工单价",null,"小计",{"$nulls":9},66.02,36.72,null,null,18.97,13.2]
[null,null,"未计价材料费",{"$nulls":9},33.22]
["清单项目综合单价",{"$nulls":11},134.91]
["材\n料\n费\n明\n细","主要材料名称、规格、型号",{"$nulls":7},"单位","数量",null,"单价（元）",null,"合价（元）",null,null,"暂估单价\n（元）","暂估合价\n（元）"]
[null,"低压熔断器 ",{"$nulls":7},"个",1.01,null,32.89,null,33.22]
[null,"其他材料费",{"$nulls":10},"-",null,3.5,null,null,"-"]
[null,"材料费小计",{"$nulls":10},"-",null,36.72,null,null,"-"]
{"$rows_empty":7}
["注：1.如不使用省级或行业建设主管部门发布的计价依据，可不填定额编码、名称等；\n    2.招标文件提供了暂估单价的材料，按暂估的单价填入表内“暂估单价”栏及“暂估合价”栏。"]
[{"$nulls":15},"表-09"]
["综合单价分析表"]
["工程名称：电气工程-新蓝天幼儿园工程建设项目-地下",{"$nulls":10},"标段：",{"$nulls":3},"第 50 页  共 107 页"]
["项目编码",null,"030411006001",null,"项目名称",null,"开关插座接线盒",{"$nulls":3},"计量单位",null,null,"个",null,null,"工程量",null,33]
["清单综合单价组成明细"]
["定额编号","定额项目名称","定额\n单位","数量","单价",{"$nulls":7},"合价"]
[{"$nulls":4},"人工费","材料费","机具费","管理费","利润","规费","税金",null,"人工费","材料费","机具费",null,"管理费","利润","规费","税金"]
["C4-11-281","接线盒安装 开关(插座)盒 暗装","10个",0.1,43.99,26.08,null,12.64,8.8,{"$nulls":3},4.4,2.61,null,null,1.26,0.88]
["人工单价",null,"小计",{"$nulls":9},4.4,2.61,null,null,1.26,0.88]
[null,null,"未计价材料费",{"$nulls":9},2.19]
["清单项目综合单价",{"$nulls":11},9.15]
["材\n料\n费\n明\n细","主要材料名称、规格、型号",{"$nulls":7},"单位","数量",null,"单价（元）",null,"合价（元）",null,null,"暂估单价\n（元）","暂估合价\n（元）"]
[null,"开关插座接线盒 ",{"$nulls":7},"个",1.02,null,2.15,null,2.19]
[null,"其他材料费",{"$nulls":10},"-",null,0.41,null,null,"-"]
[null,"材料费小计",{"$nulls":10},"-",null,2.6,null,null,"-"]
{"$rows_empty":7}
["注：1.如不使用省级或行业建设主管部门发布的计价依据，可不填定额编码、名称等；\n    2.招标文件提供了暂估单价的材料，按暂估的单价填入表内“暂估单价”栏及“暂估合价”栏。"]
[{"$nulls":15},"表-09"]
["综合单价分析表"]
["工程名称：电气工程-新蓝天幼儿园工程建设项目-地下",{"$nulls":10},"标段：",{"$nulls":3},"第 51 页  共 107 页"]
["项目编码",null,"030411006002",null,"项目名称",null,"灯具接线盒",{"$nulls":3},"计量单位",null,null,"个",null,null,"工程量",null,91]
["清单综合单价组成明细"]
["定额编号","定额项目名称","定额\n单位","数量","单价",{"$nulls":7},"合价"]
[{"$nulls":4},"人工费","材料费","机具费","管理费","利润","规费","税金",null,"人工费","材料费","机具费",null,"管理费","利润","规费","税金"]
["C4-11-282","接线盒安装 接线盒 暗装","10个",0.1,41.27,32.24,null,11.86,8.25,{"$nulls":3},4.13,3.22,null,null,1.19,0.83]
["人工单价",null,"小计",{"$nulls":9},4.13,3.22,null,null,1.19,0.83]
[null,null,"未计价材料费",{"$nulls":9},2.19]
["清单项目综合单价",{"$nulls":11},9.36]
["材\n料\n费\n明\n细","主要材料名称、规格、型号",{"$nulls":7},"单位","数量",null,"单价（元）",null,"合价（元）",null,null,"暂估单价\n（元）","暂估合价\n（元）"]
[null,"接线盒 ",{"$nulls":7},"个",1.02,null,2.15,null,2.19]
[null,"其他材料费",{"$nulls":10},"-",null,1.03,null,null,"-"]
[null,"材料费小计",{"$nulls":10},"-",null,3.22,null,null,"-"]
{"$rows_empty":7}
["注：1.如不使用省级或行业建设主管部门发布的计价依据，可不填定额编码、名称等；\n    2.招标文件提供了暂估单价的材料，按暂估的单价填入表内“暂估单价”栏及“暂估合价”栏。"]
[{"$nulls":15},"表-09"]
["综合单价分析表"]
["工程名称：电气工程-新蓝天幼儿园工程建设项目-地下",{"$nulls":10},"标段：",{"$nulls":3},"第 52 页  共 107 页"]
["项目编码",null,"030411006003",null,"项目名称",null,"钢制接线盒",{"$nulls":3},"计量单位",null,null,"个",null,null,"工程量",null,87]
["清单综合单价组成明细"]
["定额编号","定额项目名称","定额\n单位","数量","单价",{"$nulls":7},"合价"]
[{"$nulls":4},"人工费","材料费","机具费","管理费","利润","规费","税金",null,"人工费","材料费","机具费",null,"管理费","利润","规费","税金"]
["C4-11-282","接线盒安装 接线盒 暗装","10个",0.1,41.27,56.21,null,11.86,8.25,{"$nulls":3},4.13,5.62,null,null,1.19,0.83]
["人工单价",null,"小计",{"$nulls":9},4.13,5.62,null,null,1.19,0.83]
[null,null,"未计价材料费",{"$nulls":9},4.59]
["清单项目综合单价",{"$nulls":11},11.76]
["材\n料\n费\n明\n细","主要材料名称、规格、型号",{"$nulls":7},"单位","数量",null,"单价（元）",null,"合价（元）",null,null,"暂估单价\n（元）","暂估合价\n（元）"]
[null,"钢制接线盒 ",{"$nulls":7},"个",1.02,null,4.5,null,4.59]
[null,"其他材料费",{"$nulls":10},"-",null,1.03,null,null,"-"]
[null,"材料费小计",{"$nulls":10},"-",null,5.62,null,null,"-"]
{"$rows_empty":7}
["注：1.如不使用省级或行业建设主管部门发布的计价依据，可不填定额编码、名称等；\n    2.招标文件提供了暂估单价的材料，按暂估的单价填入表内“暂估单价”栏及“暂估合价”栏。"]
[{"$nulls":15},"表-09"]
["综合单价分析表"]
["工程名称：电气工程-新蓝天幼儿园工程建设项目-地下",{"$nulls":10},"标段：",{"$nulls":3},"第 53 页  共 107 页"]
["项目编码",null,"030408001001",null,"项目名称",null,"矿物电缆 BTLY-0.6/1.0kV-3x150+2x70",{"$nulls":3},"计量单位",null,null,"m",null,null,"工程量",null,39.6]
["清单综合单价组成明细"]
["定额编号","定额项目名称","定额\n单位","数量","单价",{"$nulls":7},"合价"]
[{"$nulls":4},"人工费","材料费","机具费","管理费","利润","规费","税金",null,"人工费","材料费","机具费",null,"管理费","利润","规费","税金"]
["C4-8-21 *1.3","硬矿物绝缘电力电缆敷设 3~4芯(截面mm2以下) 185 \u007f五芯矿物电力电缆敷设 单价*1.3","100m",0.01,2260.87,61483.59,398.18,764.21,531.81,{"$nulls":3},22.61,614.84,3.98,null,7.64,5.32]
["人工单价",null,"小计",{"$nulls":9},22.61,614.84,3.98,null,7.64,5.32]
[null,null,"未计价材料费",{"$nulls":9},608.27]
["清单项目综合单价",{"$nulls":11},654.39]
["材\n料\n费\n明\n细","主要材料名称、规格、型号",{"$nulls":7},"单位","数量",null,"单价（元）",null,"合价（元）",null,null,"暂估单价\n（元）","暂估合价\n（元）"]
[null,"矿物绝缘电缆 BTLY-3x150+2x70",{"$nulls":7},"m",1,null,608.27,null,608.27]
[null,"其他材料费",{"$nulls":10},"-",null,6.57,null,null,"-"]
[null,"材料费小计",{"$nulls":10},"-",null,614.84,null,null,"-"]
[]
[]
[]
["注：1.如不使用省级或行业建设主管部门发布的计价依据，可不填定额编码、名称等；\n    2.招标文件提供了暂估单价的材料，按暂估的单价填入表内“暂估单价”栏及“暂估合价”栏。"]
[{"$nulls":15},"表-09"]
["综合单价分析表"]
["工程名称：电气工程-新蓝天幼儿园工程建设项目-地下",{"$nulls":10},"标段：",{"$nulls":3},"第 54 页  共 107 页"]
["项目编码",null,"030408001002",null,"项目名称",null,"矿物电缆 BTLY-0.6/1.0kV-4x70+1x35",{"$nulls":3},"计量单位",null,null,"m",null,null,"工程量",null,44.62]
["清单综合单价组成明细"]
["定额编号","定额项目名称","定额\n单位","数量","单价",{"$nulls":7},"合价"]
[{"$nulls":4},"人工费","材料费","机具费","管理费","利润","规费","税金",null,"人工费","材料费","机具费",null,"管理费","利润","规费","税金"]
["C4-8-19 *1.3","硬矿物绝缘电力电缆敷设 3~4芯(截面mm2以下) 70 \u007f五芯矿物电力电缆敷设 单价*1.3","100m",0.01,1227.32,22870.11,265.46,429.02,298.56,{"$nulls":3},12.27,228.7,2.65,null,4.29,2.99]
["人工单价",null,"小计",{"$nulls":9},12.27,228.7,2.65,null,4.29,2.99]
[null,null,"未计价材料费",{"$nulls":9},222.16]
["清单项目综合单价",{"$nulls":11},250.9]
["材\n料\n费\n明\n细","主要材料名称、规格、型号",{"$nulls":7},"单位","数量",null,"单价（元）",null,"合价（元）",null,null,"暂估单价\n（元）","暂估合价\n（元）"]
[null,"矿物绝缘电缆 BTLY-4x70+1x35",{"$nulls":7},"m",1,null,222.16,null,222.16]
[null,"其他材料费",{"$nulls":10},"-",null,6.54,null,null,"-"]
[null,"材料费小计",{"$nulls":10},"-",null,228.7,null,null,"-"]
[]
[]
[]
["注：1.如不使用省级或行业建设主管部门发布的计价依据，可不填定额编码、名称等；\n    2.招标文件提供了暂估单价的材料，按暂估的单价填入表内“暂估单价”栏及“暂估合价”栏。"]
[{"$nulls":15},"表-09"]
["综合单价分析表"]
["工程名称：电气工程-新蓝天幼儿园工程建设项目-地下",{"$nulls":10},"标段：",{"$nulls":3},"第 55 页  共 107 页"]
["项目编码",null,"030408001003",null,"项目名称",null,"矿物电缆 BTLY-0.6/1.0kV-5x16",{"$nulls":3},"计量单位",null,null,"m",null,null,"工程量",null,45.3]
["清单综合单价组成明细"]
["定额编号","定额项目名称","定额\n单位","数量","单价",{"$nulls":7},"合价"]
[{"$nulls":4},"人工费","材料费","机具费","管理费","利润","规费","税金",null,"人工费","材料费","机具费",null,"管理费","利润","规费","税金"]
["C4-8-18 *1.3","硬矿物绝缘电力电缆敷设 3~4芯(截面mm2以下) 35 \u007f五芯矿物电力电缆敷设 单价*1.3","100m",0.01,920.17,6316.54,199.1,321.68,223.85,{"$nulls":3},9.2,63.17,1.99,null,3.22,2.24]
["人工单价",null,"小计",{"$nulls":9},9.2,63.17,1.99,null,3.22,2.24]
[null,null,"未计价材料费",{"$nulls":9},57.64]
["清单项目综合单价",{"$nulls":11},79.81]
["材\n料\n费\n明\n细","主要材料名称、规格、型号",{"$nulls":7},"单位","数量",null,"单价（元）",null,"合价（元）",null,null,"暂估单价\n（元）","暂估合价\n（元）"]
[null,"矿物绝缘电缆 BTLY-5x16",{"$nulls":7},"m",1,null,57.64,null,57.64]
[null,"其他材料费",{"$nulls":10},"-",null,5.52,null,null,"-"]
[null,"材料费小计",{"$nulls":10},"-",null,63.16,null,null,"-"]
[]
[]
[]
["注：1.如不使用省级或行业建设主管部门发布的计价依据，可不填定额编码、名称等；\n    2.招标文件提供了暂估单价的材料，按暂估的单价填入表内“暂估单价”栏及“暂估合价”栏。"]
[{"$nulls":15},"表-09"]
["综合单价分析表"]
["工程名称：电气工程-新蓝天幼儿园工程建设项目-地下",{"$nulls":10},"标段：",{"$nulls":3},"第 56 页  共 107 页"]
["项目编码",null,"030408001024",null,"项目名称",null,"电力电缆 WDZB-YJY-0.6/1.0kV-4x35+1x16",{"$nulls":3},"计量单位",null,null,"m",null,null,"工程量",null,29.96]
["清单综合单价组成明细"]
["定额编号","定额项目名称","定额\n单位","数量","单价",{"$nulls":7},"合价"]
[{"$nulls":4},"人工费","材料费","机具费","管理费","利润","规费","税金",null,"人工费","材料费","机具费",null,"管理费","利润","规费","税金"]
["C4-8-2 *1.3","铜芯电力电缆敷设 电缆(截面mm2以下) 35 \u007f实际电缆芯数(芯):5","100m",0.01,804.73,17014.36,18.85,236.7,164.72,{"$nulls":3},8.05,170.14,0.19,null,2.37,1.65]
["人工单价",null,"小计",{"$nulls":9},8.05,170.14,0.19,null,2.37,1.65]
[null,null,"未计价材料费",{"$nulls":9},169.68]
["清单项目综合单价",{"$nulls":11},182.39]
["材\n料\n费\n明\n细","主要材料名称、规格、型号",{"$nulls":7},"单位","数量",null,"单价（元）",null,"合价（元）",null,null,"暂估单价\n（元）","暂估合价\n（元）"]
[null,"铜芯电缆 WDZB-YJY-4x35+1x16",{"$nulls":7},"m",1.01,null,168,null,169.68]
[null,"其他材料费",{"$nulls":10},"-",null,0.46,null,null,"-"]
[null,"材料费小计",{"$nulls":10},"-",null,170.14,null,null,"-"]
[]
[]
[]
[]
["注：1.如不使用省级或行业建设主管部门发布的计价依据，可不填定额编码、名称等；\n    2.招标文件提供了暂估单价的材料，按暂估的单价填入表内“暂估单价”栏及“暂估合价”栏。"]
[{"$nulls":15},"表-09"]
["综合单价分析表"]
["工程名称：电气工程-新蓝天幼儿园工程建设项目-地下",{"$nulls":10},"标段：",{"$nulls":3},"第 57 页  共 107 页"]
["项目编码",null,"030408001004",null,"项目名称",null,"电力电缆 WDZB-YJY-0.6/1.0kV-5x16",{"$nulls":3},"计量单位",null,null,"m",null,null,"工程量",null,23.47]
["清单综合单价组成明细"]
["定额编号","定额项目名称","定额\n单位","数量","单价",{"$nulls":7},"合价"]
[{"$nulls":4},"人工费","材料费","机具费","管理费","利润","规费","税金",null,"人工费","材料费","机具费",null,"管理费","利润","规费","税金"]
["C4-8-2 *1.3","铜芯电力电缆敷设 电缆(截面mm2以下) 35 \u007f实际电缆芯数(芯):5","100m",0.01,804.73,8414.21,18.85,236.7,164.72,{"$nulls":3},8.05,84.14,0.19,null,2.37,1.65]
["人工单价",null,"小计",{"$nulls":9},8.05,84.14,0.19,null,2.37,1.65]
[null,null,"未计价材料费",{"$nulls":9},83.68]
["清单项目综合单价",{"$nulls":11},96.39]
["材\n料\n费\n明\n细","主要材料名称、规格、型号",{"$nulls":7},"单位","数量",null,"单价（元）",null,"合价（元）",null,null,"暂估单价\n（元）","暂估合价\n（元）"]
[null,"铜芯电缆 WDZB-YJY-5x16",{"$nulls":7},"m",1.01,null,82.85,null,83.68]
[null,"其他材料费",{"$nulls":10},"-",null,0.46,null,null,"-"]
[null,"材料费小计",{"$nulls":10},"-",null,84.14,null,null,"-"]
[]
[]
[]
[]
["注：1.如不使用省级或行业建设主管部门发布的计价依据，可不填定额编码、名称等；\n    2.招标文件提供了暂估单价的材料，按暂估的单价填入表内“暂估单价”栏及“暂估合价”栏。"]
[{"$nulls":15},"表-09"]
["综合单价分析表"]
["工程名称：电气工程-新蓝天幼儿园工程建设项目-地下",{"$nulls":10},"标段：",{"$nulls":3},"第 58 页  共 107 页"]
["项目编码",null,"030408001005",null,"项目名称",null,"电力电缆 WDZB-YJY-0.6/1.0kV-5x10",{"$nulls":3},"计量单位",null,null,"m",null,null,"工程量",null,23.36]
["清单综合单价组成明细"]
["定额编号","定额项目名称","定额\n单位","数量","单价",{"$nulls":7},"合价"]
[{"$nulls":4},"人工费","材料费","机具费","管理费","利润","规费","税金",null,"人工费","材料费","机具费",null,"管理费","利润","规费","税金"]
["C4-8-1 *1.3","铜芯电力电缆敷设 电缆(截面mm2以下) 10 \u007f实际电缆芯数(芯):5","100m",0.01,420.5,4342.32,9.43,123.56,85.99,{"$nulls":3},4.21,43.42,0.09,null,1.24,0.86]
["人工单价",null,"小计",{"$nulls":9},4.21,43.42,0.09,null,1.24,0.86]
[null,null,"未计价材料费",{"$nulls":9},43.14]
["清单项目综合单价",{"$nulls":11},49.82]
["材\n料\n费\n明\n细","主要材料名称、规格、型号",{"$nulls":7},"单位","数量",null,"单价（元）",null,"合价（元）",null,null,"暂估单价\n（元）","暂估合价\n（元）"]
[null,"铜芯电缆 WDZB-YJY-5x10",{"$nulls":7},"m",1.01,null,42.71,null,43.14]
[null,"其他材料费",{"$nulls":10},"-",null,0.28,null,null,"-"]
[null,"材料费小计",{"$nulls":10},"-",null,43.42,null,null,"-"]
[]
[]
[]
[]
["注：1.如不使用省级或行业建设主管部门发布的计价依据，可不填定额编码、名称等；\n    2.招标文件提供了暂估单价的材料，按暂估的单价填入表内“暂估单价”栏及“暂估合价”栏。"]
[{"$nulls":15},"表-09"]
["综合单价分析表"]
["工程名称：电气工程-新蓝天幼儿园工程建设项目-地下",{"$nulls":10},"标段：",{"$nulls":3},"第 59 页  共 107 页"]
["项目编码",null,"030408001006",null,"项目名称",null,"电力电缆 WDZB-YJY-0.6/1.0kV-5x4",{"$nulls":3},"计量单位",null,null,"m",null,null,"工程量",null,13.04]
["清单综合单价组成明细"]
["定额编号","定额项目名称","定额\n单位","数量","单价",{"$nulls":7},"合价"]
[{"$nulls":4},"人工费","材料费","机具费","管理费","利润","规费","税金",null,"人工费","材料费","机具费",null,"管理费","利润","规费","税金"]
["C4-8-1 换","铜芯电力电缆敷设 电缆(截面mm2以下) 10 \u007f6mm2以下电力电缆敷设 单价*0.6 \u007f实际电缆芯数(芯):5","100m",0.01,252.3,2138.17,5.66,74.14,51.59,{"$nulls":3},2.52,21.38,0.06,null,0.74,0.52]
["人工单价",null,"小计",{"$nulls":9},2.52,21.38,0.06,null,0.74,0.52]
[null,null,"未计价材料费",{"$nulls":9},21.21]
["清单项目综合单价",{"$nulls":11},25.22]
["材\n料\n费\n明\n细","主要材料名称、规格、型号",{"$nulls":7},"单位","数量",null,"单价（元）",null,"合价（元）",null,null,"暂估单价\n（元）","暂估合价\n（元）"]
[null,"铜芯电缆 WDZB-YJY-5x4",{"$nulls":7},"m",1.01,null,21,null,21.21]
[null,"其他材料费",{"$nulls":10},"-",null,0.18,null,null,"-"]
[null,"材料费小计",{"$nulls":10},"-",null,21.39,null,null,"-"]
[]
[]
["注：1.如不使用省级或行业建设主管部门发布的计价依据，可不填定额编码、名称等；\n    2.招标文件提供了暂估单价的材料，按暂估的单价填入表内“暂估单价”栏及“暂估合价”栏。"]
[{"$nulls":15},"表-09"]
["综合单价分析表"]
["工程名称：电气工程-新蓝天幼儿园工程建设项目-地下",{"$nulls":10},"标段：",{"$nulls":3},"第 60 页  共 107 页"]
["项目编码",null,"030408001007",null,"项目名称",null,"电力电缆 WDZBN-YJY-0.6/1.0kV-5x2.5",{"$nulls":3},"计量单位",null,null,"m",null,null,"工程量",null,18.33]
["清单综合单价组成明细"]
["定额编号","定额项目名称","定额\n单位","数量","单价",{"$nulls":7},"合价"]
[{"$nulls":4},"人工费","材料费","机具费","管理费","利润","规费","税金",null,"人工费","材料费","机具费",null,"管理费","利润","规费","税金"]
["C4-8-1 换","铜芯电力电缆敷设 电缆(截面mm2以下) 10 \u007f6mm2以下电力电缆敷设 单价*0.6 \u007f实际电缆芯数(芯):5","100m",0.01,252.3,1333.2,5.66,74.14,51.59,{"$nulls":3},2.52,13.33,0.06,null,0.74,0.52]
["人工单价",null,"小计",{"$nulls":9},2.52,13.33,0.06,null,0.74,0.52]
[null,null,"未计价材料费",{"$nulls":9},13.16]
["清单项目综合单价",{"$nulls":11},17.17]
["材\n料\n费\n明\n细","主要材料名称、规格、型号",{"$nulls":7},"单位","数量",null,"单价（元）",null,"合价（元）",null,null,"暂估单价\n（元）","暂估合价\n（元）"]
[null,"铜芯电缆 WDZBN-YJY-5x2.5",{"$nulls":7},"m",1.01,null,13.03,null,13.16]
[null,"其他材料费",{"$nulls":10},"-",null,0.18,null,null,"-"]
[null,"材料费小计",{"$nulls":10},"-",null,13.34,null,null,"-"]
[]
[]
["注：1.如不使用省级或行业建设主管部门发布的计价依据，可不填定额编码、名称等；\n    2.招标文件提供了暂估单价的材料，按暂估的单价填入表内“暂估单价”栏及“暂估合价”栏。"]
[{"$nulls":15},"表-09"]
["综合单价分析表"]
["工程名称：电气工程-新蓝天幼儿园工程建设项目-地下",{"$nulls":10},"标段：",{"$nulls":3},"第 61 页  共 107 页"]
["项目编码",null,"030408001008",null,"项目名称",null,"电力电缆 WDZB-YJY-0.6/1.0kV-4x2.5",{"$nulls":3},"计量单位",null,null,"m",null,null,"工程量",null,63.85]
["清单综合单价组成明细"]
["定额编号","定额项目名称","定额\n单位","数量","单价",{"$nulls":7},"合价"]
[{"$nulls":4},"人工费","材料费","机具费","管理费","利润","规费","税金",null,"人工费","材料费","机具费",null,"管理费","利润","规费","税金"]
["C4-8-1 *0.6","铜芯电力电缆敷设 电缆(截面mm2以下) 10 \u007f6mm2以下电力电缆敷设 单价*0.6","100m",0.01,194.08,1164.61,4.35,57.03,39.69,{"$nulls":3},1.94,11.65,0.04,null,0.57,0.4]
["人工单价",null,"小计",{"$nulls":9},1.94,11.65,0.04,null,0.57,0.4]
[null,null,"未计价材料费",{"$nulls":9},11.51]
["清单项目综合单价",{"$nulls":11},14.6]
["材\n料\n费\n明\n细","主要材料名称、规格、型号",{"$nulls":7},"单位","数量",null,"单价（元）",null,"合价（元）",null,null,"暂估单价\n（元）","暂估合价\n（元）"]
[null,"铜芯电缆 WDZB-YJY-4x2.5",{"$nulls":7},"m",1.01,null,11.4,null,11.51]
[null,"其他材料费",{"$nulls":10},"-",null,0.13,null,null,"-"]
[null,"材料费小计",{"$nulls":10},"-",null,11.64,null,null,"-"]
[]
[]
[]
["注：1.如不使用省级或行业建设主管部门发布的计价依据，可不填定额编码、名称等；\n    2.招标文件提供了暂估单价的材料，按暂估的单价填入表内“暂估单价”栏及“暂估合价”栏。"]
[{"$nulls":15},"表-09"]
["综合单价分析表"]
["工程名称：电气工程-新蓝天幼儿园工程建设项目-地下",{"$nulls":10},"标段：",{"$nulls":3},"第 62 页  共 107 页"]
["项目编码",null,"030408001023",null,"项目名称",null,"电力电缆 WDZBN-YJY-0.6/1.0kV-3x50+2x25",{"$nulls":3},"计量单位",null,null,"m",null,null,"工程量",null,19.27]
["清单综合单价组成明细"]
["定额编号","定额项目名称","定额\n单位","数量","单价",{"$nulls":7},"合价"]
[{"$nulls":4},"人工费","材料费","机具费","管理费","利润","规费","税金",null,"人工费","材料费","机具费",null,"管理费","利润","规费","税金"]
["C4-8-3 *1.3","铜芯电力电缆敷设 电缆(截面mm2以下) 70 \u007f实际电缆芯数(芯):5","100m",0.01,1073.37,18592.84,94.26,335.58,233.53,{"$nulls":3},10.73,185.93,0.94,null,3.36,2.34]
["人工单价",null,"小计",{"$nulls":9},10.73,185.93,0.94,null,3.36,2.34]
[null,null,"未计价材料费",{"$nulls":9},184.56]
["清单项目综合单价",{"$nulls":11},203.3]
["材\n料\n费\n明\n细","主要材料名称、规格、型号",{"$nulls":7},"单位","数量",null,"单价（元）",null,"合价（元）",null,null,"暂估单价\n（元）","暂估合价\n（元）"]
[null,"铜芯电缆 WDZBN-YJY-3x50+2x25",{"$nulls":7},"m",1.01,null,182.73,null,184.56]
[null,"其他材料费",{"$nulls":10},"-",null,1.36,null,null,"-"]
[null,"材料费小计",{"$nulls":10},"-",null,185.92,null,null,"-"]
[]
[]
[]
[]
["注：1.如不使用省级或行业建设主管部门发布的计价依据，可不填定额编码、名称等；\n    2.招标文件提供了暂估单价的材料，按暂估的单价填入表内“暂估单价”栏及“暂估合价”栏。"]
[{"$nulls":15},"表-09"]
["综合单价分析表"]
["工程名称：电气工程-新蓝天幼儿园工程建设项目-地下",{"$nulls":10},"标段：",{"$nulls":3},"第 63 页  共 107 页"]
["项目编码",null,"030408001010",null,"项目名称",null,"电力电缆 WDZBN-YJY-0.6/1.0kV-3x35+2x16",{"$nulls":3},"计量单位",null,null,"m",null,null,"工程量",null,40.42]
["清单综合单价组成明细"]
["定额编号","定额项目名称","定额\n单位","数量","单价",{"$nulls":7},"合价"]
[{"$nulls":4},"人工费","材料费","机具费","管理费","利润","规费","税金",null,"人工费","材料费","机具费",null,"管理费","利润","规费","税金"]
["C4-8-2 *1.3","铜芯电力电缆敷设 电缆(截面mm2以下) 35 \u007f实际电缆芯数(芯):5","100m",0.01,804.73,13466.23,18.85,236.7,164.72,{"$nulls":3},8.05,134.66,0.19,null,2.37,1.65]
["人工单价",null,"小计",{"$nulls":9},8.05,134.66,0.19,null,2.37,1.65]
[null,null,"未计价材料费",{"$nulls":9},134.2]
["清单项目综合单价",{"$nulls":11},146.91]
["材\n料\n费\n明\n细","主要材料名称、规格、型号",{"$nulls":7},"单位","数量",null,"单价（元）",null,"合价（元）",null,null,"暂估单价\n（元）","暂估合价\n（元）"]
[null,"铜芯电缆 WDZBN-YJY-3x35+2x16",{"$nulls":7},"m",1.01,null,132.87,null,134.2]
[null,"其他材料费",{"$nulls":10},"-",null,0.46,null,null,"-"]
[null,"材料费小计",{"$nulls":10},"-",null,134.66,null,null,"-"]
[]
[]
[]
[]
["注：1.如不使用省级或行业建设主管部门发布的计价依据，可不填定额编码、名称等；\n    2.招标文件提供了暂估单价的材料，按暂估的单价填入表内“暂估单价”栏及“暂估合价”栏。"]
[{"$nulls":15},"表-09"]
["综合单价分析表"]
["工程名称：电气工程-新蓝天幼儿园工程建设项目-地下",{"$nulls":10},"标段：",{"$nulls":3},"第 64 页  共 107 页"]
["项目编码",null,"030408001012",null,"项目名称",null,"电力电缆 WDZBN-YJY-0.6/1.0kV-7x16",{"$nulls":3},"计量单位",null,null,"m",null,null,"工程量",null,70.69]
["清单综合单价组成明细"]
["定额编号","定额项目名称","定额\n单位","数量","单价",{"$nulls":7},"合价"]
[{"$nulls":4},"人工费","材料费","机具费","管理费","利润","规费","税金",null,"人工费","材料费","机具费",null,"管理费","利润","规费","税金"]
["C4-8-2 *1.9","铜芯电力电缆敷设 电缆(截面mm2以下) 35 \u007f实际电缆芯数(芯):7","100m",0.01,1176.14,10201.08,27.55,345.94,240.74,{"$nulls":3},11.76,102.01,0.28,null,3.46,2.41]
["人工单价",null,"小计",{"$nulls":9},11.76,102.01,0.28,null,3.46,2.41]
[null,null,"未计价材料费",{"$nulls":9},101.33]
["清单项目综合单价",{"$nulls":11},119.91]
["材\n料\n费\n明\n细","主要材料名称、规格、型号",{"$nulls":7},"单位","数量",null,"单价（元）",null,"合价（元）",null,null,"暂估单价\n（元）","暂估合价\n（元）"]
[null,"铜芯电缆 WDZBN-YJY-7x16",{"$nulls":7},"m",1.01,null,100.33,null,101.33]
[null,"其他材料费",{"$nulls":10},"-",null,0.67,null,null,"-"]
[null,"材料费小计",{"$nulls":10},"-",null,102,null,null,"-"]
[]
[]
[]
[]
["注：1.如不使用省级或行业建设主管部门发布的计价依据，可不填定额编码、名称等；\n    2.招标文件提供了暂估单价的材料，按暂估的单价填入表内“暂估单价”栏及“暂估合价”栏。"]
[{"$nulls":15},"表-09"]
["综合单价分析表"]
["工程名称：电气工程-新蓝天幼儿园工程建设项目-地下",{"$nulls":10},"标段：",{"$nulls":3},"第 65 页  共 107 页"]
["项目编码",null,"030408001013",null,"项目名称",null,"电力电缆 WDZBN-YJY-0.6/1.0kV-5x16",{"$nulls":3},"计量单位",null,null,"m",null,null,"工程量",null,99.9]
["清单综合单价组成明细"]
["定额编号","定额项目名称","定额\n单位","数量","单价",{"$nulls":7},"合价"]
[{"$nulls":4},"人工费","材料费","机具费","管理费","利润","规费","税金",null,"人工费","材料费","机具费",null,"管理费","利润","规费","税金"]
["C4-8-1 *1.3","铜芯电力电缆敷设 电缆(截面mm2以下) 10 \u007f实际电缆芯数(芯):5","100m",0.01,420.5,7266.27,9.43,123.56,85.99,{"$nulls":3},4.21,72.66,0.09,null,1.24,0.86]
["人工单价",null,"小计",{"$nulls":9},4.21,72.66,0.09,null,1.24,0.86]
[null,null,"未计价材料费",{"$nulls":9},72.38]
["清单项目综合单价",{"$nulls":11},79.06]
["材\n料\n费\n明\n细","主要材料名称、规格、型号",{"$nulls":7},"单位","数量",null,"单价（元）",null,"合价（元）",null,null,"暂估单价\n（元）","暂估合价\n（元）"]
[null,"铜芯电缆 WDZBN-YJY-5x16",{"$nulls":7},"m",1.01,null,71.66,null,72.38]
[null,"其他材料费",{"$nulls":10},"-",null,0.28,null,null,"-"]
[null,"材料费小计",{"$nulls":10},"-",null,72.66,null,null,"-"]
[]
[]
[]
[]
["注：1.如不使用省级或行业建设主管部门发布的计价依据，可不填定额编码、名称等；\n    2.招标文件提供了暂估单价的材料，按暂估的单价填入表内“暂估单价”栏及“暂估合价”栏。"]
[{"$nulls":15},"表-09"]
["综合单价分析表"]
["工程名称：电气工程-新蓝天幼儿园工程建设项目-地下",{"$nulls":10},"标段：",{"$nulls":3},"第 66 页  共 107 页"]
["项目编码",null,"030408001025",null,"项目名称",null,"电力电缆 WDZBN-YJY-0.6/1.0kV-4x10",{"$nulls":3},"计量单位",null,null,"m",null,null,"工程量",null,10.89]
["清单综合单价组成明细"]
["定额编号","定额项目名称","定额\n单位","数量","单价",{"$nulls":7},"合价"]
[{"$nulls":4},"人工费","材料费","机具费","管理费","利润","规费","税金",null,"人工费","材料费","机具费",null,"管理费","利润","规费","税金"]
["C4-8-1","铜芯电力电缆敷设 电缆(截面mm2以下) 10","100m",0.01,323.46,3529.74,7.25,95.05,66.14,{"$nulls":3},3.23,35.3,0.07,null,0.95,0.66]
["人工单价",null,"小计",{"$nulls":9},3.23,35.3,0.07,null,0.95,0.66]
[null,null,"未计价材料费",{"$nulls":9},35.08]
["清单项目综合单价",{"$nulls":11},40.22]
["材\n料\n费\n明\n细","主要材料名称、规格、型号",{"$nulls":7},"单位","数量",null,"单价（元）",null,"合价（元）",null,null,"暂估单价\n（元）","暂估合价\n（元）"]
[null,"铜芯电缆 WDZBN-YJY-4x10",{"$nulls":7},"m",1.01,null,34.73,null,35.08]
[null,"其他材料费",{"$nulls":10},"-",null,0.22,null,null,"-"]
[null,"材料费小计",{"$nulls":10},"-",null,35.3,null,null,"-"]
[]
[]
[]
[]
[]
["注：1.如不使用省级或行业建设主管部门发布的计价依据，可不填定额编码、名称等；\n    2.招标文件提供了暂估单价的材料，按暂估的单价填入表内“暂估单价”栏及“暂估合价”栏。"]
[{"$nulls":15},"表-09"]
["综合单价分析表"]
["工程名称：电气工程-新蓝天幼儿园工程建设项目-地下",{"$nulls":10},"标段：",{"$nulls":3},"第 67 页  共 107 页"]
["项目编码",null,"030408001015",null,"项目名称",null,"电力电缆 WDZBN-YJY-0.6/1.0kV-7x6",{"$nulls":3},"计量单位",null,null,"m",null,null,"工程量",null,47.74]
["清单综合单价组成明细"]
["定额编号","定额项目名称","定额\n单位","数量","单价",{"$nulls":7},"合价"]
[{"$nulls":4},"人工费","材料费","机具费","管理费","利润","规费","税金",null,"人工费","材料费","机具费",null,"管理费","利润","规费","税金"]
["C4-8-1 换","铜芯电力电缆敷设 电缆(截面mm2以下) 10 \u007f6mm2以下电力电缆敷设 单价*0.6 \u007f实际电缆芯数(芯):7","100m",0.01,368.75,3261.14,8.27,108.36,75.4,{"$nulls":3},3.69,32.61,0.08,null,1.08,0.75]
["人工单价",null,"小计",{"$nulls":9},3.69,32.61,0.08,null,1.08,0.75]
[null,null,"未计价材料费",{"$nulls":9},32.36]
["清单项目综合单价",{"$nulls":11},38.22]
["材\n料\n费\n明\n细","主要材料名称、规格、型号",{"$nulls":7},"单位","数量",null,"单价（元）",null,"合价（元）",null,null,"暂估单价\n（元）","暂估合价\n（元）"]
[null,"铜芯电缆 WDZBN-YJY-7x6",{"$nulls":7},"m",1.01,null,32.04,null,32.36]
[null,"其他材料费",{"$nulls":10},"-",null,0.24,null,null,"-"]
[null,"材料费小计",{"$nulls":10},"-",null,32.6,null,null,"-"]
[]
[]
["注：1.如不使用省级或行业建设主管部门发布的计价依据，可不填定额编码、名称等；\n    2.招标文件提供了暂估单价的材料，按暂估的单价填入表内“暂估单价”栏及“暂估合价”栏。"]
[{"$nulls":15},"表-09"]
["综合单价分析表"]
["工程名称：电气工程-新蓝天幼儿园工程建设项目-地下",{"$nulls":10},"标段：",{"$nulls":3},"第 68 页  共 107 页"]
["项目编码",null,"030408001016",null,"项目名称",null,"电力电缆 WDZBN-YJY-0.6/1.0kV-5x6",{"$nulls":3},"计量单位",null,null,"m",null,null,"工程量",null,46.08]
["清单综合单价组成明细"]
["定额编号","定额项目名称","定额\n单位","数量","单价",{"$nulls":7},"合价"]
[{"$nulls":4},"人工费","材料费","机具费","管理费","利润","规费","税金",null,"人工费","材料费","机具费",null,"管理费","利润","规费","税金"]
["C4-8-1 换","铜芯电力电缆敷设 电缆(截面mm2以下) 10 \u007f6mm2以下电力电缆敷设 单价*0.6 \u007f实际电缆芯数(芯):5","100m",0.01,252.3,2961.32,5.66,74.14,51.59,{"$nulls":3},2.52,29.61,0.06,null,0.74,0.52]
["人工单价",null,"小计",{"$nulls":9},2.52,29.61,0.06,null,0.74,0.52]
[null,null,"未计价材料费",{"$nulls":9},29.44]
["清单项目综合单价",{"$nulls":11},33.45]
["材\n料\n费\n明\n细","主要材料名称、规格、型号",{"$nulls":7},"单位","数量",null,"单价（元）",null,"合价（元）",null,null,"暂估单价\n（元）","暂估合价\n（元）"]
[null,"铜芯电缆 WDZBN-YJY-5x6",{"$nulls":7},"m",1.01,null,29.15,null,29.44]
[null,"其他材料费",{"$nulls":10},"-",null,0.18,null,null,"-"]
[null,"材料费小计",{"$nulls":10},"-",null,29.62,null,null,"-"]
[]
[]
["注：1.如不使用省级或行业建设主管部门发布的计价依据，可不填定额编码、名称等；\n    2.招标文件提供了暂估单价的材料，按暂估的单价填入表内“暂估单价”栏及“暂估合价”栏。"]
[{"$nulls":15},"表-09"]
["综合单价分析表"]
["工程名称：电气工程-新蓝天幼儿园工程建设项目-地下",{"$nulls":10},"标段：",{"$nulls":3},"第 69 页  共 107 页"]
["项目编码",null,"030408001017",null,"项目名称",null,"电力电缆 WDZBN-YJY-0.6/1.0kV-5x4",{"$nulls":3},"计量单位",null,null,"m",null,null,"工程量",null,192.12]
["清单综合单价组成明细"]
["定额编号","定额项目名称","定额\n单位","数量","单价",{"$nulls":7},"合价"]
[{"$nulls":4},"人工费","材料费","机具费","管理费","利润","规费","税金",null,"人工费","材料费","机具费",null,"管理费","利润","规费","税金"]
["C4-8-1 换","铜芯电力电缆敷设 电缆(截面mm2以下) 10 \u007f6mm2以下电力电缆敷设 单价*0.6 \u007f实际电缆芯数(芯):5","100m",0.01,252.3,2036.16,5.66,74.14,51.59,{"$nulls":3},2.52,20.36,0.06,null,0.74,0.52]
["人工单价",null,"小计",{"$nulls":9},2.52,20.36,0.06,null,0.74,0.52]
[null,null,"未计价材料费",{"$nulls":9},20.19]
["清单项目综合单价",{"$nulls":11},24.2]
["材\n料\n费\n明\n细","主要材料名称、规格、型号",{"$nulls":7},"单位","数量",null,"单价（元）",null,"合价（元）",null,null,"暂估单价\n（元）","暂估合价\n（元）"]
[null,"铜芯电缆 WDZBN-YJY-5x4",{"$nulls":7},"m",1.01,null,19.99,null,20.19]
[null,"其他材料费",{"$nulls":10},"-",null,0.18,null,null,"-"]
[null,"材料费小计",{"$nulls":10},"-",null,20.37,null,null,"-"]
[]
[]
["注：1.如不使用省级或行业建设主管部门发布的计价依据，可不填定额编码、名称等；\n    2.招标文件提供了暂估单价的材料，按暂估的单价填入表内“暂估单价”栏及“暂估合价”栏。"]
[{"$nulls":15},"表-09"]
["综合单价分析表"]
["工程名称：电气工程-新蓝天幼儿园工程建设项目-地下",{"$nulls":10},"标段：",{"$nulls":3},"第 70 页  共 107 页"]
["项目编码",null,"030408001018",null,"项目名称",null,"电力电缆 WDZBN-YJY-0.6/1.0kV-3x4",{"$nulls":3},"计量单位",null,null,"m",null,null,"工程量",null,21.65]
["清单综合单价组成明细"]
["定额编号","定额项目名称","定额\n单位","数量","单价",{"$nulls":7},"合价"]
[{"$nulls":4},"人工费","材料费","机具费","管理费","利润","规费","税金",null,"人工费","材料费","机具费",null,"管理费","利润","规费","税金"]
["C4-8-1 *0.6","铜芯电力电缆敷设 电缆(截面mm2以下) 10 \u007f6mm2以下电力电缆敷设 单价*0.6","100m",0.01,194.08,1260.56,4.35,57.03,39.69,{"$nulls":3},1.94,12.61,0.04,null,0.57,0.4]
["人工单价",null,"小计",{"$nulls":9},1.94,12.61,0.04,null,0.57,0.4]
[null,null,"未计价材料费",{"$nulls":9},12.47]
["清单项目综合单价",{"$nulls":11},15.56]
["材\n料\n费\n明\n细","主要材料名称、规格、型号",{"$nulls":7},"单位","数量",null,"单价（元）",null,"合价（元）",null,null,"暂估单价\n（元）","暂估合价\n（元）"]
[null,"铜芯电缆 WDZBN-YJY-3x4",{"$nulls":7},"m",1.01,null,12.35,null,12.47]
[null,"其他材料费",{"$nulls":10},"-",null,0.13,null,null,"-"]
[null,"材料费小计",{"$nulls":10},"-",null,12.6,null,null,"-"]
[]
[]
[]
["注：1.如不使用省级或行业建设主管部门发布的计价依据，可不填定额编码、名称等；\n    2.招标文件提供了暂估单价的材料，按暂估的单价填入表内“暂估单价”栏及“暂估合价”栏。"]
[{"$nulls":15},"表-09"]
["综合单价分析表"]
["工程名称：电气工程-新蓝天幼儿园工程建设项目-地下",{"$nulls":10},"标段：",{"$nulls":3},"第 71 页  共 107 页"]
["项目编码",null,"030408001019",null,"项目名称",null,"电力电缆 WDZBN-YJY-0.6/1.0kV-4x2.5",{"$nulls":3},"计量单位",null,null,"m",null,null,"工程量",null,90.29]
["清单综合单价组成明细"]
["定额编号","定额项目名称","定额\n单位","数量","单价",{"$nulls":7},"合价"]
[{"$nulls":4},"人工费","材料费","机具费","管理费","利润","规费","税金",null,"人工费","材料费","机具费",null,"管理费","利润","规费","税金"]
["C4-8-1 *0.6","铜芯电力电缆敷设 电缆(截面mm2以下) 10 \u007f6mm2以下电力电缆敷设 单价*0.6","100m",0.01,194.08,1274.7,4.35,57.03,39.69,{"$nulls":3},1.94,12.75,0.04,null,0.57,0.4]
["人工单价",null,"小计",{"$nulls":9},1.94,12.75,0.04,null,0.57,0.4]
[null,null,"未计价材料费",{"$nulls":9},12.61]
["清单项目综合单价",{"$nulls":11},15.7]
["材\n料\n费\n明\n细","主要材料名称、规格、型号",{"$nulls":7},"单位","数量",null,"单价（元）",null,"合价（元）",null,null,"暂估单价\n（元）","暂估合价\n（元）"]
[null,"铜芯电缆 WDZBN-YJY-4x2.5",{"$nulls":7},"m",1.01,null,12.49,null,12.61]
[null,"其他材料费",{"$nulls":10},"-",null,0.13,null,null,"-"]
[null,"材料费小计",{"$nulls":10},"-",null,12.74,null,null,"-"]
[]
[]
[]
["注：1.如不使用省级或行业建设主管部门发布的计价依据，可不填定额编码、名称等；\n    2.招标文件提供了暂估单价的材料，按暂估的单价填入表内“暂估单价”栏及“暂估合价”栏。"]
[{"$nulls":15},"表-09"]
["综合单价分析表"]
["工程名称：电气工程-新蓝天幼儿园工程建设项目-地下",{"$nulls":10},"标段：",{"$nulls":3},"第 72 页  共 107 页"]
["项目编码",null,"030408006001",null,"项目名称",null,"电力电缆头(16截面mm2以下)",{"$nulls":3},"计量单位",null,null,"个",null,null,"工程量",null,66]
["清单综合单价组成明细"]
["定额编号","定额项目名称","定额\n单位","数量","单价",{"$nulls":7},"合价"]
[{"$nulls":4},"人工费","材料费","机具费","管理费","利润","规费","税金",null,"人工费","材料费","机具费",null,"管理费","利润","规费","税金"]
["C4-8-82","1kV以下户内干包式铜芯电力电缆终端头制作、安装 铜芯干包终端头(截面mm2以下) 16","个",1,34.33,47.95,null,9.87,6.87,{"$nulls":3},34.33,47.95,null,null,9.87,6.87]
["人工单价",null,"小计",{"$nulls":9},34.33,47.95,null,null,9.87,6.87]
[null,null,"未计价材料费"]
["清单项目综合单价",{"$nulls":11},99.02]
["材\n料\n费\n明\n细","主要材料名称、规格、型号",{"$nulls":7},"单位","数量",null,"单价（元）",null,"合价（元）",null,null,"暂估单价\n（元）","暂估合价\n（元）"]
[null,"其他材料费",{"$nulls":10},"-",null,47.97,null,null,"-"]
[null,"材料费小计",{"$nulls":10},"-",null,47.97,null,null,"-"]
[]
[]
[]
[]
["注：1.如不使用省级或行业建设主管部门发布的计价依据，可不填定额编码、名称等；\n    2.招标文件提供了暂估单价的材料，按暂估的单价填入表内“暂估单价”栏及“暂估合价”栏。"]
[{"$nulls":15},"表-09"]
["综合单价分析表"]
["工程名称：电气工程-新蓝天幼儿园工程建设项目-地下",{"$nulls":10},"标段：",{"$nulls":3},"第 73 页  共 107 页"]
["项目编码",null,"030408006002",null,"项目名称",null,"电力电缆头(35截面mm2以下)",{"$nulls":3},"计量单位",null,null,"个",null,null,"工程量",null,10]
["清单综合单价组成明细"]
["定额编号","定额项目名称","定额\n单位","数量","单价",{"$nulls":7},"合价"]
[{"$nulls":4},"人工费","材料费","机具费","管理费","利润","规费","税金",null,"人工费","材料费","机具费",null,"管理费","利润","规费","税金"]
["C4-8-83","1kV以下户内干包式铜芯电力电缆终端头制作、安装 铜芯干包终端头(截面mm2以下) 35","个",1,62.82,61.65,null,18.05,12.56,{"$nulls":3},62.82,61.65,null,null,18.05,12.56]
["人工单价",null,"小计",{"$nulls":9},62.82,61.65,null,null,18.05,12.56]
[null,null,"未计价材料费"]
["清单项目综合单价",{"$nulls":11},155.08]
["材\n料\n费\n明\n细","主要材料名称、规格、型号",{"$nulls":7},"单位","数量",null,"单价（元）",null,"合价（元）",null,null,"暂估单价\n（元）","暂估合价\n（元）"]
[null,"其他材料费",{"$nulls":10},"-",null,61.65,null,null,"-"]
[null,"材料费小计",{"$nulls":10},"-",null,61.65,null,null,"-"]
[]
[]
[]
[]
["注：1.如不使用省级或行业建设主管部门发布的计价依据，可不填定额编码、名称等；\n    2.招标文件提供了暂估单价的材料，按暂估的单价填入表内“暂估单价”栏及“暂估合价”栏。"]
[{"$nulls":15},"表-09"]
["综合单价分析表"]
["工程名称：电气工程-新蓝天幼儿园工程建设项目-地下",{"$nulls":10},"标段：",{"$nulls":3},"第 74 页  共 107 页"]
["项目编码",null,"030408006003",null,"项目名称",null,"电力电缆头(70截面mm2以下)",{"$nulls":3},"计量单位",null,null,"个",null,null,"工程量",null,4]
["清单综合单价组成明细"]
["定额编号","定额项目名称","定额\n单位","数量","单价",{"$nulls":7},"合价"]
[{"$nulls":4},"人工费","材料费","机具费","管理费","利润","规费","税金",null,"人工费","材料费","机具费",null,"管理费","利润","规费","税金"]
["C4-8-84","1kV以下户内干包式铜芯电力电缆终端头制作、安装 铜芯干包终端头(截面mm2以下) 70","个",1,81.15,75.85,null,23.32,16.23,{"$nulls":3},81.15,75.85,null,null,23.32,16.23]
["人工单价",null,"小计",{"$nulls":9},81.15,75.85,null,null,23.32,16.23]
[null,null,"未计价材料费"]
["清单项目综合单价",{"$nulls":11},196.55]
["材\n料\n费\n明\n细","主要材料名称、规格、型号",{"$nulls":7},"单位","数量",null,"单价（元）",null,"合价（元）",null,null,"暂估单价\n（元）","暂估合价\n（元）"]
[null,"其他材料费",{"$nulls":10},"-",null,75.87,null,null,"-"]
[null,"材料费小计",{"$nulls":10},"-",null,75.87,null,null,"-"]
[]
[]
[]
[]
["注：1.如不使用省级或行业建设主管部门发布的计价依据，可不填定额编码、名称等；\n    2.招标文件提供了暂估单价的材料，按暂估的单价填入表内“暂估单价”栏及“暂估合价”栏。"]
[{"$nulls":15},"表-09"]
["综合单价分析表"]
["工程名称：电气工程-新蓝天幼儿园工程建设项目-地下",{"$nulls":10},"标段：",{"$nulls":3},"第 75 页  共 107 页"]
["项目编码",null,"030408001020",null,"项目名称",null,"矿物绝缘电缆终端头安装 多芯(截面mm2以下) 35",{"$nulls":3},"计量单位",null,null,"个",null,null,"工程量",null,4]
["清单综合单价组成明细"]
["定额编号","定额项目名称","定额\n单位","数量","单价",{"$nulls":7},"合价"]
[{"$nulls":4},"人工费","材料费","机具费","管理费","利润","规费","税金",null,"人工费","材料费","机具费",null,"管理费","利润","规费","税金"]
["C4-8-154","矿物绝缘电缆终端头安装 多芯(截面mm2以下) 35","个",1,43.06,83.85,3.12,13.27,9.24,{"$nulls":3},43.06,83.85,3.12,null,13.27,9.24]
["人工单价",null,"小计",{"$nulls":9},43.06,83.85,3.12,null,13.27,9.24]
[null,null,"未计价材料费",{"$nulls":9},45]
["清单项目综合单价",{"$nulls":11},152.54]
["材\n料\n费\n明\n细","主要材料名称、规格、型号",{"$nulls":7},"单位","数量",null,"单价（元）",null,"合价（元）",null,null,"暂估单价\n（元）","暂估合价\n（元）"]
[null,"矿物绝缘电缆终端头 35mm2以下",{"$nulls":7},"套",1,null,45,null,45]
[null,"其他材料费",{"$nulls":10},"-",null,38.85,null,null,"-"]
[null,"材料费小计",{"$nulls":10},"-",null,83.85,null,null,"-"]
[]
[]
[]
[]
[]
["注：1.如不使用省级或行业建设主管部门发布的计价依据，可不填定额编码、名称等；\n    2.招标文件提供了暂估单价的材料，按暂估的单价填入表内“暂估单价”栏及“暂估合价”栏。"]
[{"$nulls":15},"表-09"]
["综合单价分析表"]
["工程名称：电气工程-新蓝天幼儿园工程建设项目-地下",{"$nulls":10},"标段：",{"$nulls":3},"第 76 页  共 107 页"]
["项目编码",null,"030408001021",null,"项目名称",null,"矿物绝缘电缆终端头安装 多芯(截面mm2以下) 70",{"$nulls":3},"计量单位",null,null,"个",null,null,"工程量",null,2]
["清单综合单价组成明细"]
["定额编号","定额项目名称","定额\n单位","数量","单价",{"$nulls":7},"合价"]
[{"$nulls":4},"人工费","材料费","机具费","管理费","利润","规费","税金",null,"人工费","材料费","机具费",null,"管理费","利润","规费","税金"]
["C4-8-155","矿物绝缘电缆终端头安装 多芯(截面mm2以下) 70","个",1,57.62,89.27,3.91,17.68,12.31,{"$nulls":3},57.62,89.27,3.91,null,17.68,12.31]
["人工单价",null,"小计",{"$nulls":9},57.62,89.27,3.91,null,17.68,12.31]
[null,null,"未计价材料费",{"$nulls":9},45]
["清单项目综合单价",{"$nulls":11},180.79]
["材\n料\n费\n明\n细","主要材料名称、规格、型号",{"$nulls":7},"单位","数量",null,"单价（元）",null,"合价（元）",null,null,"暂估单价\n（元）","暂估合价\n（元）"]
[null,"矿物绝缘电缆终端头 35mm2以下",{"$nulls":7},"套",1,null,45,null,45]
[null,"其他材料费",{"$nulls":10},"-",null,44.27,null,null,"-"]
[null,"材料费小计",{"$nulls":10},"-",null,89.27,null,null,"-"]
[]
[]
[]
[]
[]
["注：1.如不使用省级或行业建设主管部门发布的计价依据，可不填定额编码、名称等；\n    2.招标文件提供了暂估单价的材料，按暂估的单价填入表内“暂估单价”栏及“暂估合价”栏。"]
[{"$nulls":15},"表-09"]
["综合单价分析表"]
["工程名称：电气工程-新蓝天幼儿园工程建设项目-地下",{"$nulls":10},"标段：",{"$nulls":3},"第 77 页  共 107 页"]
["项目编码",null,"030408001022",null,"项目名称",null,"矿物绝缘电缆终端头安装 多芯(截面mm2以下) 150",{"$nulls":3},"计量单位",null,null,"个",null,null,"工程量",null,2]
["清单综合单价组成明细"]
["定额编号","定额项目名称","定额\n单位","数量","单价",{"$nulls":7},"合价"]
[{"$nulls":4},"人工费","材料费","机具费","管理费","利润","规费","税金",null,"人工费","材料费","机具费",null,"管理费","利润","规费","税金"]
["C4-8-156","矿物绝缘电缆终端头安装 多芯(截面mm2以下) 120","个",1,84.51,93.56,4.3,25.52,17.76,{"$nulls":3},84.51,93.56,4.3,null,25.52,17.76]
["人工单价",null,"小计",{"$nulls":9},84.51,93.56,4.3,null,25.52,17.76]
[null,null,"未计价材料费",{"$nulls":9},45]
["清单项目综合单价",{"$nulls":11},225.65]
["材\n料\n费\n明\n细","主要材料名称、规格、型号",{"$nulls":7},"单位","数量",null,"单价（元）",null,"合价（元）",null,null,"暂估单价\n（元）","暂估合价\n（元）"]
[null,"矿物绝缘电缆终端头 35mm2以下",{"$nulls":7},"套",1,null,45,null,45]
[null,"其他材料费",{"$nulls":10},"-",null,48.57,null,null,"-"]
[null,"材料费小计",{"$nulls":10},"-",null,93.57,null,null,"-"]
[]
[]
[]
[]
[]
["注：1.如不使用省级或行业建设主管部门发布的计价依据，可不填定额编码、名称等；\n    2.招标文件提供了暂估单价的材料，按暂估的单价填入表内“暂估单价”栏及“暂估合价”栏。"]
[{"$nulls":15},"表-09"]
["综合单价分析表"]
["工程名称：电气工程-新蓝天幼儿园工程建设项目-地下",{"$nulls":10},"标段：",{"$nulls":3},"第 78 页  共 107 页"]
["项目编码",null,"030411004001",null,"项目名称",null,"配线 WDZB-BYJ-450/750V-2.5",{"$nulls":3},"计量单位",null,null,"m",null,null,"工程量",null,2637]
["清单综合单价组成明细"]
["定额编号","定额项目名称","定额\n单位","数量","单价",{"$nulls":7},"合价"]
[{"$nulls":4},"人工费","材料费","机具费","管理费","利润","规费","税金",null,"人工费","材料费","机具费",null,"管理费","利润","规费","税金"]
["C4-11-215","硬绝缘导线管内穿线 导线截面(mm2以内) 2.5","100m单线",0.01,77.85,401.05,null,22.37,15.57,{"$nulls":3},0.78,4.01,null,null,0.22,0.16]
["人工单价",null,"小计",{"$nulls":9},0.78,4.01,null,null,0.22,0.16]
[null,null,"未计价材料费",{"$nulls":9},3.85]
["清单项目综合单价",{"$nulls":11},5.17]
["材\n料\n费\n明\n细","主要材料名称、规格、型号",{"$nulls":7},"单位","数量",null,"单价（元）",null,"合价（元）",null,null,"暂估单价\n（元）","暂估合价\n（元）"]
[null,"绝缘电线 WDZB-BYJ-2.5",{"$nulls":7},"m",1.1,null,3.5,null,3.85]
[null,"其他材料费",{"$nulls":10},"-",null,0.15,null,null,"-"]
[null,"材料费小计",{"$nulls":10},"-",null,4,null,null,"-"]
[]
[]
[]
[]
[]
["注：1.如不使用省级或行业建设主管部门发布的计价依据，可不填定额编码、名称等；\n    2.招标文件提供了暂估单价的材料，按暂估的单价填入表内“暂估单价”栏及“暂估合价”栏。"]
[{"$nulls":15},"表-09"]
["综合单价分析表"]
["工程名称：电气工程-新蓝天幼儿园工程建设项目-地下",{"$nulls":10},"标段：",{"$nulls":3},"第 79 页  共 107 页"]
["项目编码",null,"030411004002",null,"项目名称",null,"配线 WDZBN-BYJ-450/750V-2.5",{"$nulls":3},"计量单位",null,null,"m",null,null,"工程量",null,1862.88]
["清单综合单价组成明细"]
["定额编号","定额项目名称","定额\n单位","数量","单价",{"$nulls":7},"合价"]
[{"$nulls":4},"人工费","材料费","机具费","管理费","利润","规费","税金",null,"人工费","材料费","机具费",null,"管理费","利润","规费","税金"]
["C4-11-215","硬绝缘导线管内穿线 导线截面(mm2以内) 2.5","100m单线",0.01,77.85,588.05,null,22.37,15.57,{"$nulls":3},0.78,5.88,null,null,0.22,0.16]
["人工单价",null,"小计",{"$nulls":9},0.78,5.88,null,null,0.22,0.16]
[null,null,"未计价材料费",{"$nulls":9},5.72]
["清单项目综合单价",{"$nulls":11},7.04]
["材\n料\n费\n明\n细","主要材料名称、规格、型号",{"$nulls":7},"单位","数量",null,"单价（元）",null,"合价（元）",null,null,"暂估单价\n（元）","暂估合价\n（元）"]
[null,"绝缘电线 WDZBN-BYJ-2.5",{"$nulls":7},"m",1.1,null,5.2,null,5.72]
[null,"其他材料费",{"$nulls":10},"-",null,0.15,null,null,"-"]
[null,"材料费小计",{"$nulls":10},"-",null,5.87,null,null,"-"]
[]
[]
[]
[]
[]
["注：1.如不使用省级或行业建设主管部门发布的计价依据，可不填定额编码、名称等；\n    2.招标文件提供了暂估单价的材料，按暂估的单价填入表内“暂估单价”栏及“暂估合价”栏。"]
[{"$nulls":15},"表-09"]
["综合单价分析表"]
["工程名称：电气工程-新蓝天幼儿园工程建设项目-地下",{"$nulls":10},"标段：",{"$nulls":3},"第 80 页  共 107 页"]
["项目编码",null,"030411004003",null,"项目名称",null,"配线 WDZBN-RYJ-2x1.5",{"$nulls":3},"计量单位",null,null,"m",null,null,"工程量",null,61.86]
["清单综合单价组成明细"]
["定额编号","定额项目名称","定额\n单位","数量","单价",{"$nulls":7},"合价"]
[{"$nulls":4},"人工费","材料费","机具费","管理费","利润","规费","税金",null,"人工费","材料费","机具费",null,"管理费","利润","规费","税金"]
["C4-11-225","多芯软导线管内穿线(芯以内) 二芯 导线截面(mm2以内) 1.5","100m/束",0.01,79.52,769.93,null,22.85,15.9,{"$nulls":3},0.8,7.7,null,null,0.23,0.16]
["人工单价",null,"小计",{"$nulls":9},0.8,7.7,null,null,0.23,0.16]
[null,null,"未计价材料费",{"$nulls":9},7.55]
["清单项目综合单价",{"$nulls":11},8.88]
["材\n料\n费\n明\n细","主要材料名称、规格、型号",{"$nulls":7},"单位","数量",null,"单价（元）",null,"合价（元）",null,null,"暂估单价\n（元）","暂估合价\n（元）"]
[null,"多股铜芯聚氯乙烯绝缘导线 WDZBN-RYJ-2x1.5",{"$nulls":7},"m",1.08,null,6.99,null,7.55]
[null,"其他材料费",{"$nulls":10},"-",null,0.16,null,null,"-"]
[null,"材料费小计",{"$nulls":10},"-",null,7.71,null,null,"-"]
[]
[]
[]
[]
[]
["注：1.如不使用省级或行业建设主管部门发布的计价依据，可不填定额编码、名称等；\n    2.招标文件提供了暂估单价的材料，按暂估的单价填入表内“暂估单价”栏及“暂估合价”栏。"]
[{"$nulls":15},"表-09"]
["综合单价分析表"]
["工程名称：电气工程-新蓝天幼儿园工程建设项目-地下",{"$nulls":10},"标段：",{"$nulls":3},"第 81 页  共 107 页"]
["项目编码",null,"030411001001",null,"项目名称",null,"镀锌电线管 MT16",{"$nulls":3},"计量单位",null,null,"m",null,null,"工程量",null,54.66]
["清单综合单价组成明细"]
["定额编号","定额项目名称","定额\n单位","数量","单价",{"$nulls":7},"合价"]
[{"$nulls":4},"人工费","材料费","机具费","管理费","利润","规费","税金",null,"人工费","材料费","机具费",null,"管理费","利润","规费","税金"]
["C4-11-1","镀锌电线管砖、混凝土结构明配 公称直径(mm以内) 15","100m",0.01,1025.29,574,null,294.67,205.06,{"$nulls":3},10.25,5.74,null,null,2.95,2.05]
["人工单价",null,"小计",{"$nulls":9},10.25,5.74,null,null,2.95,2.05]
[null,null,"未计价材料费",{"$nulls":9},4.16]
["清单项目综合单价",{"$nulls":11},20.99]
["材\n料\n费\n明\n细","主要材料名称、规格、型号",{"$nulls":7},"单位","数量",null,"单价（元）",null,"合价（元）",null,null,"暂估单价\n（元）","暂估合价\n（元）"]
[null,"镀锌电线管 MT16",{"$nulls":7},"m",1.03,null,4.04,null,4.16]
[null,"其他材料费",{"$nulls":10},"-",null,1.58,null,null,"-"]
[null,"材料费小计",{"$nulls":10},"-",null,5.74,null,null,"-"]
[]
[]
[]
[]
[]
[]
["注：1.如不使用省级或行业建设主管部门发布的计价依据，可不填定额编码、名称等；\n    2.招标文件提供了暂估单价的材料，按暂估的单价填入表内“暂估单价”栏及“暂估合价”栏。"]
[{"$nulls":15},"表-09"]
["综合单价分析表"]
["工程名称：电气工程-新蓝天幼儿园工程建设项目-地下",{"$nulls":10},"标段：",{"$nulls":3},"第 82 页  共 107 页"]
["项目编码",null,"030411001002",null,"项目名称",null,"镀锌电线管 MT19",{"$nulls":3},"计量单位",null,null,"m",null,null,"工程量",null,1660.77]
["清单综合单价组成明细"]
["定额编号","定额项目名称","定额\n单位","数量","单价",{"$nulls":7},"合价"]
[{"$nulls":4},"人工费","材料费","机具费","管理费","利润","规费","税金",null,"人工费","材料费","机具费",null,"管理费","利润","规费","税金"]
["C4-11-2","镀锌电线管砖、混凝土结构明配 公称直径(mm以内) 20","100m",0.01,1057.22,693.33,null,303.85,211.44,{"$nulls":3},10.57,6.93,null,null,3.04,2.11]
["人工单价",null,"小计",{"$nulls":9},10.57,6.93,null,null,3.04,2.11]
[null,null,"未计价材料费",{"$nulls":9},5.12]
["清单项目综合单价",{"$nulls":11},22.66]
["材\n料\n费\n明\n细","主要材料名称、规格、型号",{"$nulls":7},"单位","数量",null,"单价（元）",null,"合价（元）",null,null,"暂估单价\n（元）","暂估合价\n（元）"]
[null,"镀锌电线管 MT19",{"$nulls":7},"m",1.03,null,4.97,null,5.12]
[null,"其他材料费",{"$nulls":10},"-",null,1.79,null,null,"-"]
[null,"材料费小计",{"$nulls":10},"-",null,6.91,null,null,"-"]
[]
[]
[]
[]
[]
[]
["注：1.如不使用省级或行业建设主管部门发布的计价依据，可不填定额编码、名称等；\n    2.招标文件提供了暂估单价的材料，按暂估的单价填入表内“暂估单价”栏及“暂估合价”栏。"]
[{"$nulls":15},"表-09"]
["综合单价分析表"]
["工程名称：电气工程-新蓝天幼儿园工程建设项目-地下",{"$nulls":10},"标段：",{"$nulls":3},"第 83 页  共 107 页"]
["项目编码",null,"030411001003",null,"项目名称",null,"镀锌电线管 MT25",{"$nulls":3},"计量单位",null,null,"m",null,null,"工程量",null,147.16]
["清单综合单价组成明细"]
["定额编号","定额项目名称","定额\n单位","数量","单价",{"$nulls":7},"合价"]
[{"$nulls":4},"人工费","材料费","机具费","管理费","利润","规费","税金",null,"人工费","材料费","机具费",null,"管理费","利润","规费","税金"]
["C4-11-3","镀锌电线管砖、混凝土结构明配 公称直径(mm以内) 25","100m",0.01,1096.35,870.24,3.45,316.08,219.96,{"$nulls":3},10.96,8.7,0.03,null,3.16,2.2]
["人工单价",null,"小计",{"$nulls":9},10.96,8.7,0.03,null,3.16,2.2]
[null,null,"未计价材料费",{"$nulls":9},6.72]
["清单项目综合单价",{"$nulls":11},25.06]
["材\n料\n费\n明\n细","主要材料名称、规格、型号",{"$nulls":7},"单位","数量",null,"单价（元）",null,"合价（元）",null,null,"暂估单价\n（元）","暂估合价\n（元）"]
[null,"镀锌电线管 MT25",{"$nulls":7},"m",1.03,null,6.52,null,6.72]
[null,"其他材料费",{"$nulls":10},"-",null,2,null,null,"-"]
[null,"材料费小计",{"$nulls":10},"-",null,8.72,null,null,"-"]
[]
[]
[]
[]
[]
[]
["注：1.如不使用省级或行业建设主管部门发布的计价依据，可不填定额编码、名称等；\n    2.招标文件提供了暂估单价的材料，按暂估的单价填入表内“暂估单价”栏及“暂估合价”栏。"]
[{"$nulls":15},"表-09"]
["综合单价分析表"]
["工程名称：电气工程-新蓝天幼儿园工程建设项目-地下",{"$nulls":10},"标段：",{"$nulls":3},"第 84 页  共 107 页"]
["项目编码",null,"030411001004",null,"项目名称",null,"镀锌电线管 MT32",{"$nulls":3},"计量单位",null,null,"m",null,null,"工程量",null,67.1]
["清单综合单价组成明细"]
["定额编号","定额项目名称","定额\n单位","数量","单价",{"$nulls":7},"合价"]
[{"$nulls":4},"人工费","材料费","机具费","管理费","利润","规费","税金",null,"人工费","材料费","机具费",null,"管理费","利润","规费","税金"]
["C4-11-4","镀锌电线管砖、混凝土结构明配 公称直径(mm以内) 32","100m",0.01,1135.71,1120.11,3.45,327.39,227.83,{"$nulls":3},11.36,11.2,0.03,null,3.27,2.28]
["人工单价",null,"小计",{"$nulls":9},11.36,11.2,0.03,null,3.27,2.28]
[null,null,"未计价材料费",{"$nulls":9},8.59]
["清单项目综合单价",{"$nulls":11},28.14]
["材\n料\n费\n明\n细","主要材料名称、规格、型号",{"$nulls":7},"单位","数量",null,"单价（元）",null,"合价（元）",null,null,"暂估单价\n（元）","暂估合价\n（元）"]
[null,"镀锌电线管 MT32",{"$nulls":7},"m",1.03,null,8.34,null,8.59]
[null,"其他材料费",{"$nulls":10},"-",null,2.61,null,null,"-"]
[null,"材料费小计",{"$nulls":10},"-",null,11.2,null,null,"-"]
[]
[]
[]
[]
[]
[]
["注：1.如不使用省级或行业建设主管部门发布的计价依据，可不填定额编码、名称等；\n    2.招标文件提供了暂估单价的材料，按暂估的单价填入表内“暂估单价”栏及“暂估合价”栏。"]
[{"$nulls":15},"表-09"]
["综合单价分析表"]
["工程名称：电气工程-新蓝天幼儿园工程建设项目-地下",{"$nulls":10},"标段：",{"$nulls":3},"第 85 页  共 107 页"]
["项目编码",null,"030411001005",null,"项目名称",null,"镀锌电线管 MT40",{"$nulls":3},"计量单位",null,null,"m",null,null,"工程量",null,6.43]
["清单综合单价组成明细"]
["定额编号","定额项目名称","定额\n单位","数量","单价",{"$nulls":7},"合价"]
[{"$nulls":4},"人工费","材料费","机具费","管理费","利润","规费","税金",null,"人工费","材料费","机具费",null,"管理费","利润","规费","税金"]
["C4-11-5","镀锌电线管砖、混凝土结构明配 公称直径(mm以内) 40","100m",0.01,1208.51,1658.37,7.47,349.47,243.2,{"$nulls":3},12.09,16.58,0.07,null,3.49,2.43]
["人工单价",null,"小计",{"$nulls":9},12.09,16.58,0.07,null,3.49,2.43]
[null,null,"未计价材料费",{"$nulls":9},13.18]
["清单项目综合单价",{"$nulls":11},34.67]
["材\n料\n费\n明\n细","主要材料名称、规格、型号",{"$nulls":7},"单位","数量",null,"单价（元）",null,"合价（元）",null,null,"暂估单价\n（元）","暂估合价\n（元）"]
[null,"镀锌电线管 MT40",{"$nulls":7},"m",1.03,null,12.8,null,13.18]
[null,"其他材料费",{"$nulls":10},"-",null,3.42,null,null,"-"]
[null,"材料费小计",{"$nulls":10},"-",null,16.6,null,null,"-"]
[]
[]
[]
[]
[]
[]
["注：1.如不使用省级或行业建设主管部门发布的计价依据，可不填定额编码、名称等；\n    2.招标文件提供了暂估单价的材料，按暂估的单价填入表内“暂估单价”栏及“暂估合价”栏。"]
[{"$nulls":15},"表-09"]
["综合单价分析表"]
["工程名称：电气工程-新蓝天幼儿园工程建设项目-地下",{"$nulls":10},"标段：",{"$nulls":3},"第 86 页  共 107 页"]
["项目编码",null,"030411001006",null,"项目名称",null,"镀锌电线管 MT50",{"$nulls":3},"计量单位",null,null,"m",null,null,"工程量",null,78.92]
["清单综合单价组成明细"]
["定额编号","定额项目名称","定额\n单位","数量","单价",{"$nulls":7},"合价"]
[{"$nulls":4},"人工费","材料费","机具费","管理费","利润","规费","税金",null,"人工费","材料费","机具费",null,"管理费","利润","规费","税金"]
["C4-11-6","镀锌电线管砖、混凝土结构明配 公称直径(mm以内) 50","100m",0.01,1272.62,2072.16,7.47,367.9,256.02,{"$nulls":3},12.73,20.72,0.07,null,3.68,2.56]
["人工单价",null,"小计",{"$nulls":9},12.73,20.72,0.07,null,3.68,2.56]
[null,null,"未计价材料费",{"$nulls":9},16.42]
["清单项目综合单价",{"$nulls":11},39.76]
["材\n料\n费\n明\n细","主要材料名称、规格、型号",{"$nulls":7},"单位","数量",null,"单价（元）",null,"合价（元）",null,null,"暂估单价\n（元）","暂估合价\n（元）"]
[null,"镀锌电线管 MT50",{"$nulls":7},"m",1.03,null,15.94,null,16.42]
[null,"其他材料费",{"$nulls":10},"-",null,4.3,null,null,"-"]
[null,"材料费小计",{"$nulls":10},"-",null,20.72,null,null,"-"]
[]
[]
[]
[]
[]
[]
["注：1.如不使用省级或行业建设主管部门发布的计价依据，可不填定额编码、名称等；\n    2.招标文件提供了暂估单价的材料，按暂估的单价填入表内“暂估单价”栏及“暂估合价”栏。"]
[{"$nulls":15},"表-09"]
["综合单价分析表"]
["工程名称：电气工程-新蓝天幼儿园工程建设项目-地下",{"$nulls":10},"标段：",{"$nulls":3},"第 87 页  共 107 页"]
["项目编码",null,"030411001007",null,"项目名称",null,"金属软管 DN20",{"$nulls":3},"计量单位",null,null,"m",null,null,"工程量",null,103.6]
["清单综合单价组成明细"]
["定额编号","定额项目名称","定额\n单位","数量","单价",{"$nulls":7},"合价"]
[{"$nulls":4},"人工费","材料费","机具费","管理费","利润","规费","税金",null,"人工费","材料费","机具费",null,"管理费","利润","规费","税金"]
["C4-11-133","金属软管敷设公称管径(mm以内) 20 每根管长(mm) ≤1000","10m",0.1,96.69,171.04,null,27.79,19.34,{"$nulls":3},9.67,17.1,null,null,2.78,1.93]
["人工单价",null,"小计",{"$nulls":9},9.67,17.1,null,null,2.78,1.93]
[null,null,"未计价材料费",{"$nulls":9},7.02]
["清单项目综合单价",{"$nulls":11},31.49]
["材\n料\n费\n明\n细","主要材料名称、规格、型号",{"$nulls":7},"单位","数量",null,"单价（元）",null,"合价（元）",null,null,"暂估单价\n（元）","暂估合价\n（元）"]
[null,"金属软管 DN20",{"$nulls":7},"m",1.03,null,6.82,null,7.02]
[null,"其他材料费",{"$nulls":10},"-",null,10.08,null,null,"-"]
[null,"材料费小计",{"$nulls":10},"-",null,17.1,null,null,"-"]
[]
[]
[]
[]
[]
["注：1.如不使用省级或行业建设主管部门发布的计价依据，可不填定额编码、名称等；\n    2.招标文件提供了暂估单价的材料，按暂估的单价填入表内“暂估单价”栏及“暂估合价”栏。"]
[{"$nulls":15},"表-09"]
["综合单价分析表"]
["工程名称：电气工程-新蓝天幼儿园工程建设项目-地下",{"$nulls":10},"标段：",{"$nulls":3},"第 88 页  共 107 页"]
["项目编码",null,"031002003001",null,"项目名称",null,"防护密闭套管 DN25",{"$nulls":3},"计量单位",null,null,"个",null,null,"工程量",null,20]
["清单综合单价组成明细"]
["定额编号","定额项目名称","定额\n单位","数量","单价",{"$nulls":7},"合价"]
[{"$nulls":4},"人工费","材料费","机具费","管理费","利润","规费","税金",null,"人工费","材料费","机具费",null,"管理费","利润","规费","税金"]
["C10-2-45","柔性防水套管制作 公称直径(mm以内) 50","个",1,95.06,108.6,21.58,32.33,23.33,{"$nulls":3},95.06,108.6,21.58,null,32.33,23.33]
["C10-2-62","柔性防水套管安装 公称直径(mm以内) 50","个",1,28.45,1.08,null,7.89,5.69,{"$nulls":3},28.45,1.08,null,null,7.89,5.69]
["人工单价",null,"小计",{"$nulls":9},123.51,109.68,21.58,null,40.22,29.02]
[null,null,"未计价材料费",{"$nulls":9},87.44]
["清单项目综合单价",{"$nulls":11},324.01]
["材\n料\n费\n明\n细","主要材料名称、规格、型号",{"$nulls":7},"单位","数量",null,"单价（元）",null,"合价（元）",null,null,"暂估单价\n（元）","暂估合价\n（元）"]
[null,"钢板 ",{"$nulls":7},"kg",13.5,null,5.33,null,71.96]
[null,"焊接钢管 DN25",{"$nulls":7},"kg",4.4,null,3.52,null,15.49]
[null,"其他材料费",{"$nulls":10},"-",null,22.24,null,null,"-"]
[null,"材料费小计",{"$nulls":10},"-",null,109.69,null,null,"-"]
[]
[]
[]
["注：1.如不使用省级或行业建设主管部门发布的计价依据，可不填定额编码、名称等；\n    2.招标文件提供了暂估单价的材料，按暂估的单价填入表内“暂估单价”栏及“暂估合价”栏。"]
[{"$nulls":15},"表-09"]
["综合单价分析表"]
["工程名称：电气工程-新蓝天幼儿园工程建设项目-地下",{"$nulls":10},"标段：",{"$nulls":3},"第 89 页  共 107 页"]
["项目编码",null,"031002003002",null,"项目名称",null,"防护密闭套管 DN50",{"$nulls":3},"计量单位",null,null,"个",null,null,"工程量",null,8]
["清单综合单价组成明细"]
["定额编号","定额项目名称","定额\n单位","数量","单价",{"$nulls":7},"合价"]
[{"$nulls":4},"人工费","材料费","机具费","管理费","利润","规费","税金",null,"人工费","材料费","机具费",null,"管理费","利润","规费","税金"]
["C10-2-45","柔性防水套管制作 公称直径(mm以内) 50","个",1,95.06,108.6,21.58,32.33,23.33,{"$nulls":3},95.06,108.6,21.58,null,32.33,23.33]
["C10-2-62","柔性防水套管安装 公称直径(mm以内) 50","个",1,28.45,1.08,null,7.89,5.69,{"$nulls":3},28.45,1.08,null,null,7.89,5.69]
["人工单价",null,"小计",{"$nulls":9},123.51,109.68,21.58,null,40.22,29.02]
[null,null,"未计价材料费",{"$nulls":9},87.44]
["清单项目综合单价",{"$nulls":11},324.01]
["材\n料\n费\n明\n细","主要材料名称、规格、型号",{"$nulls":7},"单位","数量",null,"单价（元）",null,"合价（元）",null,null,"暂估单价\n（元）","暂估合价\n（元）"]
[null,"钢板 ",{"$nulls":7},"kg",13.5,null,5.33,null,71.96]
[null,"焊接钢管 DN50",{"$nulls":7},"kg",4.4,null,3.52,null,15.49]
[null,"其他材料费",{"$nulls":10},"-",null,22.24,null,null,"-"]
[null,"材料费小计",{"$nulls":10},"-",null,109.69,null,null,"-"]
[]
[]
[]
["注：1.如不使用省级或行业建设主管部门发布的计价依据，可不填定额编码、名称等；\n    2.招标文件提供了暂估单价的材料，按暂估的单价填入表内“暂估单价”栏及“暂估合价”栏。"]
[{"$nulls":15},"表-09"]
["综合单价分析表"]
["工程名称：电气工程-新蓝天幼儿园工程建设项目-地下",{"$nulls":10},"标段：",{"$nulls":3},"第 90 页  共 107 页"]
["项目编码",null,"031002003003",null,"项目名称",null,"防护密闭套管 DN80",{"$nulls":3},"计量单位",null,null,"个",null,null,"工程量",null,4]
["清单综合单价组成明细"]
["定额编号","定额项目名称","定额\n单位","数量","单价",{"$nulls":7},"合价"]
[{"$nulls":4},"人工费","材料费","机具费","管理费","利润","规费","税金",null,"人工费","材料费","机具费",null,"管理费","利润","规费","税金"]
["C10-2-46","柔性防水套管制作 公称直径(mm以内) 80","个",1,113.5,174.09,27.58,39.11,28.22,{"$nulls":3},113.5,174.09,27.58,null,39.11,28.22]
["C10-2-63","柔性防水套管安装 公称直径(mm以内) 150","个",1,32,1.4,null,8.87,6.4,{"$nulls":3},32,1.4,null,null,8.87,6.4]
["人工单价",null,"小计",{"$nulls":9},145.5,175.49,27.58,null,47.98,34.62]
[null,null,"未计价材料费",{"$nulls":9},145.72]
["清单项目综合单价",{"$nulls":11},431.17]
["材\n料\n费\n明\n细","主要材料名称、规格、型号",{"$nulls":7},"单位","数量",null,"单价（元）",null,"合价（元）",null,null,"暂估单价\n（元）","暂估合价\n（元）"]
[null,"钢板 ",{"$nulls":7},"kg",21.4,null,5.33,null,114.06]
[null,"焊接钢管 DN80",{"$nulls":7},"kg",6.54,null,4.84,null,31.65]
[null,"其他材料费",{"$nulls":10},"-",null,29.77,null,null,"-"]
[null,"材料费小计",{"$nulls":10},"-",null,175.48,null,null,"-"]
[]
[]
[]
["注：1.如不使用省级或行业建设主管部门发布的计价依据，可不填定额编码、名称等；\n    2.招标文件提供了暂估单价的材料，按暂估的单价填入表内“暂估单价”栏及“暂估合价”栏。"]
[{"$nulls":15},"表-09"]
["综合单价分析表"]
["工程名称：电气工程-新蓝天幼儿园工程建设项目-地下",{"$nulls":10},"标段：",{"$nulls":3},"第 91 页  共 107 页"]
["项目编码",null,"030414002001",null,"项目名称",null,"送配电装置系统",{"$nulls":3},"计量单位",null,null,"系统",null,null,"工程量",null,1]
["清单综合单价组成明细"]
["定额编号","定额项目名称","定额\n单位","数量","单价",{"$nulls":7},"合价"]
[{"$nulls":4},"人工费","材料费","机具费","管理费","利润","规费","税金",null,"人工费","材料费","机具费",null,"管理费","利润","规费","税金"]
["C4-14-12","送配电装置系统调试 (综合) 1kV以下交流供电","系统",1,560.6,null,48.8,175.14,121.88,{"$nulls":3},560.6,null,48.8,null,175.14,121.88]
["人工单价",null,"小计",{"$nulls":9},560.6,null,48.8,null,175.14,121.88]
[null,null,"未计价材料费"]
["清单项目综合单价",{"$nulls":11},906.42]
["材\n料\n费\n明\n细","主要材料名称、规格、型号",{"$nulls":7},"单位","数量",null,"单价（元）",null,"合价（元）",null,null,"暂估单价\n（元）","暂估合价\n（元）"]
{"$rows_empty":7}
["注：1.如不使用省级或行业建设主管部门发布的计价依据，可不填定额编码、名称等；\n    2.招标文件提供了暂估单价的材料，按暂估的单价填入表内“暂估单价”栏及“暂估合价”栏。"]
[{"$nulls":15},"表-09"]
["综合单价分析表"]
["工程名称：电气工程-新蓝天幼儿园工程建设项目-地下",{"$nulls":10},"标段：",{"$nulls":3},"第 92 页  共 107 页"]
["项目编码",null,"030409004001",null,"项目名称",null,"接地母线",{"$nulls":3},"计量单位",null,null,"m",null,null,"工程量",null,930.47]
["清单综合单价组成明细"]
["定额编号","定额项目名称","定额\n单位","数量","单价",{"$nulls":7},"合价"]
[{"$nulls":4},"人工费","材料费","机具费","管理费","利润","规费","税金",null,"人工费","材料费","机具费",null,"管理费","利润","规费","税金"]
["C4-9-18","接地母线敷设 户内接地母线敷设","10m",0.1,131.33,16.01,7.13,39.79,27.69,{"$nulls":3},13.13,1.6,0.71,null,3.98,2.77]
["人工单价",null,"小计",{"$nulls":9},13.13,1.6,0.71,null,3.98,2.77]
[null,null,"未计价材料费"]
["清单项目综合单价",{"$nulls":11},22.2]
["材\n料\n费\n明\n细","主要材料名称、规格、型号",{"$nulls":7},"单位","数量",null,"单价（元）",null,"合价（元）",null,null,"暂估单价\n（元）","暂估合价\n（元）"]
[null,"其他材料费",{"$nulls":10},"-",null,1.6,null,null,"-"]
[null,"材料费小计",{"$nulls":10},"-",null,1.6,null,null,"-"]
{"$rows_empty":8}
["注：1.如不使用省级或行业建设主管部门发布的计价依据，可不填定额编码、名称等；\n    2.招标文件提供了暂估单价的材料，按暂估的单价填入表内“暂估单价”栏及“暂估合价”栏。"]
[{"$nulls":15},"表-09"]
["综合单价分析表"]
["工程名称：电气工程-新蓝天幼儿园工程建设项目-地下",{"$nulls":10},"标段：",{"$nulls":3},"第 93 页  共 107 页"]
["项目编码",null,"030409004002",null,"项目名称",null,"接地母线",{"$nulls":3},"计量单位",null,null,"m",null,null,"工程量",null,77.58]
["清单综合单价组成明细"]
["定额编号","定额项目名称","定额\n单位","数量","单价",{"$nulls":7},"合价"]
[{"$nulls":4},"人工费","材料费","机具费","管理费","利润","规费","税金",null,"人工费","材料费","机具费",null,"管理费","利润","规费","税金"]
["C4-9-18","接地母线敷设 户内接地母线敷设","10m",0.1,131.33,728.22,7.13,39.79,27.69,{"$nulls":3},13.13,72.82,0.71,null,3.98,2.77]
["人工单价",null,"小计",{"$nulls":9},13.13,72.82,0.71,null,3.98,2.77]
[null,null,"未计价材料费",{"$nulls":9},71.64]
["清单项目综合单价",{"$nulls":11},93.42]
["材\n料\n费\n明\n细","主要材料名称、规格、型号",{"$nulls":7},"单位","数量",null,"单价（元）",null,"合价（元）",null,null,"暂估单价\n（元）","暂估合价\n（元）"]
[null,"接地母线 -40*4铜排",{"$nulls":7},"m",1.05,null,68.23,null,71.64]
[null,"其他材料费",{"$nulls":10},"-",null,1.18,null,null,"-"]
[null,"材料费小计",{"$nulls":10},"-",null,72.82,null,null,"-"]
{"$rows_empty":7}
["注：1.如不使用省级或行业建设主管部门发布的计价依据，可不填定额编码、名称等；\n    2.招标文件提供了暂估单价的材料，按暂估的单价填入表内“暂估单价”栏及“暂估合价”栏。"]
[{"$nulls":15},"表-09"]
["综合单价分析表"]
["工程名称：电气工程-新蓝天幼儿园工程建设项目-地下",{"$nulls":10},"标段：",{"$nulls":3},"第 94 页  共 107 页"]
["项目编码",null,"030409004003",null,"项目名称",null,"接地母线",{"$nulls":3},"计量单位",null,null,"m",null,null,"工程量",null,117.59]
["清单综合单价组成明细"]
["定额编号","定额项目名称","定额\n单位","数量","单价",{"$nulls":7},"合价"]
[{"$nulls":4},"人工费","材料费","机具费","管理费","利润","规费","税金",null,"人工费","材料费","机具费",null,"管理费","利润","规费","税金"]
["C4-9-18","接地母线敷设 户内接地母线敷设","10m",0.1,131.33,1077.55,7.13,39.79,27.69,{"$nulls":3},13.13,107.76,0.71,null,3.98,2.77]
["人工单价",null,"小计",{"$nulls":9},13.13,107.76,0.71,null,3.98,2.77]
[null,null,"未计价材料费",{"$nulls":9},106.58]
["清单项目综合单价",{"$nulls":11},128.35]
["材\n料\n费\n明\n细","主要材料名称、规格、型号",{"$nulls":7},"单位","数量",null,"单价（元）",null,"合价（元）",null,null,"暂估单价\n（元）","暂估合价\n（元）"]
[null,"接地母线 80*0.6铜排",{"$nulls":7},"m",1.05,null,101.5,null,106.58]
[null,"其他材料费",{"$nulls":10},"-",null,1.18,null,null,"-"]
[null,"材料费小计",{"$nulls":10},"-",null,107.76,null,null,"-"]
{"$rows_empty":7}
["注：1.如不使用省级或行业建设主管部门发布的计价依据，可不填定额编码、名称等；\n    2.招标文件提供了暂估单价的材料，按暂估的单价填入表内“暂估单价”栏及“暂估合价”栏。"]
[{"$nulls":15},"表-09"]
["综合单价分析表"]
["工程名称：电气工程-新蓝天幼儿园工程建设项目-地下",{"$nulls":10},"标段：",{"$nulls":3},"第 95 页  共 107 页"]
["项目编码",null,"030409004004",null,"项目名称",null,"桥架接地母线",{"$nulls":3},"计量单位",null,null,"m",null,null,"工程量",null,159.73]
["清单综合单价组成明细"]
["定额编号","定额项目名称","定额\n单位","数量","单价",{"$nulls":7},"合价"]
[{"$nulls":4},"人工费","材料费","机具费","管理费","利润","规费","税金",null,"人工费","材料费","机具费",null,"管理费","利润","规费","税金"]
["C4-9-18","接地母线敷设 户内接地母线敷设","10m",0.1,131.33,728.22,7.13,39.79,27.69,{"$nulls":3},13.13,72.82,0.71,null,3.98,2.77]
["人工单价",null,"小计",{"$nulls":9},13.13,72.82,0.71,null,3.98,2.77]
[null,null,"未计价材料费",{"$nulls":9},71.64]
["清单项目综合单价",{"$nulls":11},93.42]
["材\n料\n费\n明\n细","主要材料名称、规格、型号",{"$nulls":7},"单位","数量",null,"单价（元）",null,"合价（元）",null,null,"暂估单价\n（元）","暂估合价\n（元）"]
[null,"桥架接地母线 -40*4铜排",{"$nulls":7},"m",1.05,null,68.23,null,71.64]
[null,"其他材料费",{"$nulls":10},"-",null,1.18,null,null,"-"]
[null,"材料费小计",{"$nulls":10},"-",null,72.82,null,null,"-"]
{"$rows_empty":7}
["注：1.如不使用省级或行业建设主管部门发布的计价依据，可不填定额编码、名称等；\n    2.招标文件提供了暂估单价的材料，按暂估的单价填入表内“暂估单价”栏及“暂估合价”栏。"]
[{"$nulls":15},"表-09"]
["综合单价分析表"]
["工程名称：电气工程-新蓝天幼儿园工程建设项目-地下",{"$nulls":10},"标段：",{"$nulls":3},"第 96 页  共 107 页"]
["项目编码",null,"030409003001",null,"项目名称",null,"避雷引下线",{"$nulls":3},"计量单位",null,null,"m",null,null,"工程量",null,167.4]
["清单综合单价组成明细"]
["定额编号","定额项目名称","定额\n单位","数量","单价",{"$nulls":7},"合价"]
[{"$nulls":4},"人工费","材料费","机具费","管理费","利润","规费","税金",null,"人工费","材料费","机具费",null,"管理费","利润","规费","税金"]
["C4-9-23","避雷引下线敷设 利用建筑物主筋引下","10m",0.1,78.94,9.67,40.84,34.42,23.96,{"$nulls":3},7.89,0.97,4.08,null,3.44,2.4]
["人工单价",null,"小计",{"$nulls":9},7.89,0.97,4.08,null,3.44,2.4]
[null,null,"未计价材料费"]
["清单项目综合单价",{"$nulls":11},18.78]
["材\n料\n费\n明\n细","主要材料名称、规格、型号",{"$nulls":7},"单位","数量",null,"单价（元）",null,"合价（元）",null,null,"暂估单价\n（元）","暂估合价\n（元）"]
[null,"其他材料费",{"$nulls":10},"-",null,0.97,null,null,"-"]
[null,"材料费小计",{"$nulls":10},"-",null,0.97,null,null,"-"]
{"$rows_empty":8}
["注：1.如不使用省级或行业建设主管部门发布的计价依据，可不填定额编码、名称等；\n    2.招标文件提供了暂估单价的材料，按暂估的单价填入表内“暂估单价”栏及“暂估合价”栏。"]
[{"$nulls":15},"表-09"]
["综合单价分析表"]
["工程名称：电气工程-新蓝天幼儿园工程建设项目-地下",{"$nulls":10},"标段：",{"$nulls":3},"第 97 页  共 107 页"]
["项目编码",null,"030409003002",null,"项目名称",null,"避雷引下线（至各层电井）",{"$nulls":3},"计量单位",null,null,"m",null,null,"工程量",null,58.1]
["清单综合单价组成明细"]
["定额编号","定额项目名称","定额\n单位","数量","单价",{"$nulls":7},"合价"]
[{"$nulls":4},"人工费","材料费","机具费","管理费","利润","规费","税金",null,"人工费","材料费","机具费",null,"管理费","利润","规费","税金"]
["C4-9-21","避雷引下线敷设 利用金属构件引下","10m",0.1,16.37,114.02,5.19,6.2,4.31,{"$nulls":3},1.64,11.4,0.52,null,0.62,0.43]
["人工单价",null,"小计",{"$nulls":9},1.64,11.4,0.52,null,0.62,0.43]
[null,null,"未计价材料费",{"$nulls":9},10.87]
["清单项目综合单价",{"$nulls":11},14.61]
["材\n料\n费\n明\n细","主要材料名称、规格、型号",{"$nulls":7},"单位","数量",null,"单价（元）",null,"合价（元）",null,null,"暂估单价\n（元）","暂估合价\n（元）"]
[null,"热镀锌扁钢40*4 ",{"$nulls":7},"m",1.05,null,10.35,null,10.87]
[null,"其他材料费",{"$nulls":10},"-",null,0.53,null,null,"-"]
[null,"材料费小计",{"$nulls":10},"-",null,11.4,null,null,"-"]
[]
[]
[]
[]
[]
[]
["注：1.如不使用省级或行业建设主管部门发布的计价依据，可不填定额编码、名称等；\n    2.招标文件提供了暂估单价的材料，按暂估的单价填入表内“暂估单价”栏及“暂估合价”栏。"]
[{"$nulls":15},"表-09"]
["综合单价分析表"]
["工程名称：电气工程-新蓝天幼儿园工程建设项目-地下",{"$nulls":10},"标段：",{"$nulls":3},"第 98 页  共 107 页"]
["项目编码",null,"030409003003",null,"项目名称",null,"避雷引下线（至弱电机房）",{"$nulls":3},"计量单位",null,null,"m",null,null,"工程量",null,10.8]
["清单综合单价组成明细"]
["定额编号","定额项目名称","定额\n单位","数量","单价",{"$nulls":7},"合价"]
[{"$nulls":4},"人工费","材料费","机具费","管理费","利润","规费","税金",null,"人工费","材料费","机具费",null,"管理费","利润","规费","税金"]
["C4-9-21","避雷引下线敷设 利用金属构件引下","10m",0.1,16.37,140.27,5.19,6.2,4.31,{"$nulls":3},1.64,14.03,0.52,null,0.62,0.43]
["人工单价",null,"小计",{"$nulls":9},1.64,14.03,0.52,null,0.62,0.43]
[null,null,"未计价材料费",{"$nulls":9},13.49]
["清单项目综合单价",{"$nulls":11},17.23]
["材\n料\n费\n明\n细","主要材料名称、规格、型号",{"$nulls":7},"单位","数量",null,"单价（元）",null,"合价（元）",null,null,"暂估单价\n（元）","暂估合价\n（元）"]
[null,"热镀锌扁钢50*5 ",{"$nulls":7},"m",1.05,null,12.85,null,13.49]
[null,"其他材料费",{"$nulls":10},"-",null,0.53,null,null,"-"]
[null,"材料费小计",{"$nulls":10},"-",null,14.02,null,null,"-"]
[]
[]
[]
[]
[]
[]
["注：1.如不使用省级或行业建设主管部门发布的计价依据，可不填定额编码、名称等；\n    2.招标文件提供了暂估单价的材料，按暂估的单价填入表内“暂估单价”栏及“暂估合价”栏。"]
[{"$nulls":15},"表-09"]
["综合单价分析表"]
["工程名称：电气工程-新蓝天幼儿园工程建设项目-地下",{"$nulls":10},"标段：",{"$nulls":3},"第 99 页  共 107 页"]
["项目编码",null,"030409008003",null,"项目名称",null,"局部等电位联结端子箱",{"$nulls":3},"计量单位",null,null,"台",null,null,"工程量",null,8]
["清单综合单价组成明细"]
["定额编号","定额项目名称","定额\n单位","数量","单价",{"$nulls":7},"合价"]
[{"$nulls":4},"人工费","材料费","机具费","管理费","利润","规费","税金",null,"人工费","材料费","机具费",null,"管理费","利润","规费","税金"]
["C4-9-73","等电位端子箱安装 端子箱暗装(半周长mm以内) 300","个",1,30.9,27.9,null,8.88,6.18,{"$nulls":3},30.9,27.9,null,null,8.88,6.18]
["人工单价",null,"小计",{"$nulls":9},30.9,27.9,null,null,8.88,6.18]
[null,null,"未计价材料费",{"$nulls":9},27]
["清单项目综合单价",{"$nulls":11},73.86]
["材\n料\n费\n明\n细","主要材料名称、规格、型号",{"$nulls":7},"单位","数量",null,"单价（元）",null,"合价（元）",null,null,"暂估单价\n（元）","暂估合价\n（元）"]
[null,"局部等电位联结端子箱 ",{"$nulls":7},"台",1,null,27,null,27]
[null,"其他材料费",{"$nulls":10},"-",null,0.9,null,null,"-"]
[null,"材料费小计",{"$nulls":10},"-",null,27.9,null,null,"-"]
[]
[]
[]
[]
[]
["注：1.如不使用省级或行业建设主管部门发布的计价依据，可不填定额编码、名称等；\n    2.招标文件提供了暂估单价的材料，按暂估的单价填入表内“暂估单价”栏及“暂估合价”栏。"]
[{"$nulls":15},"表-09"]
["综合单价分析表"]
["工程名称：电气工程-新蓝天幼儿园工程建设项目-地下",{"$nulls":10},"标段：",{"$nulls":3},"第 100 页  共 107 页"]
["项目编码",null,"030409008001",null,"项目名称",null,"接地端子",{"$nulls":3},"计量单位",null,null,"套",null,null,"工程量",null,2]
["清单综合单价组成明细"]
["定额编号","定额项目名称","定额\n单位","数量","单价",{"$nulls":7},"合价"]
[{"$nulls":4},"人工费","材料费","机具费","管理费","利润","规费","税金",null,"人工费","材料费","机具费",null,"管理费","利润","规费","税金"]
["C4-9-90","断接卡子制作、安装","10套",0.1,345.06,37.63,0.1,99.2,69.03,{"$nulls":3},34.51,3.76,0.01,null,9.92,6.9]
["人工单价",null,"小计",{"$nulls":9},34.51,3.76,0.01,null,9.92,6.9]
[null,null,"未计价材料费"]
["清单项目综合单价",{"$nulls":11},55.1]
["材\n料\n费\n明\n细","主要材料名称、规格、型号",{"$nulls":7},"单位","数量",null,"单价（元）",null,"合价（元）",null,null,"暂估单价\n（元）","暂估合价\n（元）"]
[null,"其他材料费",{"$nulls":10},"-",null,3.76,null,null,"-"]
[null,"材料费小计",{"$nulls":10},"-",null,3.76,null,null,"-"]
{"$rows_empty":8}
["注：1.如不使用省级或行业建设主管部门发布的计价依据，可不填定额编码、名称等；\n    2.招标文件提供了暂估单价的材料，按暂估的单价填入表内“暂估单价”栏及“暂估合价”栏。"]
[{"$nulls":15},"表-09"]
["综合单价分析表"]
["工程名称：电气工程-新蓝天幼儿园工程建设项目-地下",{"$nulls":10},"标段：",{"$nulls":3},"第 101 页  共 107 页"]
["项目编码",null,"030409008002",null,"项目名称",null,"接地电阻测试端子",{"$nulls":3},"计量单位",null,null,"套",null,null,"工程量",null,3]
["清单综合单价组成明细"]
["定额编号","定额项目名称","定额\n单位","数量","单价",{"$nulls":7},"合价"]
[{"$nulls":4},"人工费","材料费","机具费","管理费","利润","规费","税金",null,"人工费","材料费","机具费",null,"管理费","利润","规费","税金"]
["C4-9-90","断接卡子制作、安装","10套",0.1,345.06,37.63,0.1,99.2,69.03,{"$nulls":3},34.51,3.76,0.01,null,9.92,6.9]
["人工单价",null,"小计",{"$nulls":9},34.51,3.76,0.01,null,9.92,6.9]
[null,null,"未计价材料费"]
["清单项目综合单价",{"$nulls":11},55.1]
["材\n料\n费\n明\n细","主要材料名称、规格、型号",{"$nulls":7},"单位","数量",null,"单价（元）",null,"合价（元）",null,null,"暂估单价\n（元）","暂估合价\n（元）"]
[null,"其他材料费",{"$nulls":10},"-",null,3.76,null,null,"-"]
[null,"材料费小计",{"$nulls":10},"-",null,3.76,null,null,"-"]
{"$rows_empty":8}
["注：1.如不使用省级或行业建设主管部门发布的计价依据，可不填定额编码、名称等；\n    2.招标文件提供了暂估单价的材料，按暂估的单价填入表内“暂估单价”栏及“暂估合价”栏。"]
[{"$nulls":15},"表-09"]
["综合单价分析表"]
["工程名称：电气工程-新蓝天幼儿园工程建设项目-地下",{"$nulls":10},"标段：",{"$nulls":3},"第 102 页  共 107 页"]
["项目编码",null,"粤030409012001",null,"项目名称",null,"桩承台接地（三连桩以内）",{"$nulls":3},"计量单位",null,null,"基",null,null,"工程量",null,84]
["清单综合单价组成明细"]
["定额编号","定额项目名称","定额\n单位","数量","单价",{"$nulls":7},"合价"]
[{"$nulls":4},"人工费","材料费","机具费","管理费","利润","规费","税金",null,"人工费","材料费","机具费",null,"管理费","利润","规费","税金"]
["C4-9-82","桩承台接地线安装 三连桩","基",1,235.06,80.54,33.78,77.26,53.77,{"$nulls":3},235.06,80.54,33.78,null,77.26,53.77]
["人工单价",null,"小计",{"$nulls":9},235.06,80.54,33.78,null,77.26,53.77]
[null,null,"未计价材料费"]
["清单项目综合单价",{"$nulls":11},480.41]
["材\n料\n费\n明\n细","主要材料名称、规格、型号",{"$nulls":7},"单位","数量",null,"单价（元）",null,"合价（元）",null,null,"暂估单价\n（元）","暂估合价\n（元）"]
[null,"其他材料费",{"$nulls":10},"-",null,80.54,null,null,"-"]
[null,"材料费小计",{"$nulls":10},"-",null,80.54,null,null,"-"]
{"$rows_empty":8}
["注：1.如不使用省级或行业建设主管部门发布的计价依据，可不填定额编码、名称等；\n    2.招标文件提供了暂估单价的材料，按暂估的单价填入表内“暂估单价”栏及“暂估合价”栏。"]
[{"$nulls":15},"表-09"]
["综合单价分析表"]
["工程名称：电气工程-新蓝天幼儿园工程建设项目-地下",{"$nulls":10},"标段：",{"$nulls":3},"第 103 页  共 107 页"]
["项目编码",null,"粤030409012002",null,"项目名称",null,"桩承台接地（七连桩以内）",{"$nulls":3},"计量单位",null,null,"基",null,null,"工程量",null,9]
["清单综合单价组成明细"]
["定额编号","定额项目名称","定额\n单位","数量","单价",{"$nulls":7},"合价"]
[{"$nulls":4},"人工费","材料费","机具费","管理费","利润","规费","税金",null,"人工费","材料费","机具费",null,"管理费","利润","规费","税金"]
["C4-9-83","桩承台接地线安装 七连桩","基",1,332.21,113.73,47.71,109.19,75.98,{"$nulls":3},332.21,113.73,47.71,null,109.19,75.98]
["人工单价",null,"小计",{"$nulls":9},332.21,113.73,47.71,null,109.19,75.98]
[null,null,"未计价材料费"]
["清单项目综合单价",{"$nulls":11},678.82]
["材\n料\n费\n明\n细","主要材料名称、规格、型号",{"$nulls":7},"单位","数量",null,"单价（元）",null,"合价（元）",null,null,"暂估单价\n（元）","暂估合价\n（元）"]
[null,"其他材料费",{"$nulls":10},"-",null,113.73,null,null,"-"]
[null,"材料费小计",{"$nulls":10},"-",null,113.73,null,null,"-"]
{"$rows_empty":8}
["注：1.如不使用省级或行业建设主管部门发布的计价依据，可不填定额编码、名称等；\n    2.招标文件提供了暂估单价的材料，按暂估的单价填入表内“暂估单价”栏及“暂估合价”栏。"]
[{"$nulls":15},"表-09"]
["综合单价分析表"]
["工程名称：电气工程-新蓝天幼儿园工程建设项目-地下",{"$nulls":10},"标段：",{"$nulls":3},"第 104 页  共 107 页"]
["项目编码",null,"030414011001",null,"项目名称",null,"防雷验收检测",{"$nulls":3},"计量单位",null,null,"系统",null,null,"工程量",null,1]
["清单综合单价组成明细"]
["定额编号","定额项目名称","定额\n单位","数量","单价",{"$nulls":7},"合价"]
[{"$nulls":4},"人工费","材料费","机具费","管理费","利润","规费","税金",null,"人工费","材料费","机具费",null,"管理费","利润","规费","税金"]
["C4-14-49","接地装置调试 接地网","系统",1,879.58,null,292.53,336.86,234.42,{"$nulls":3},879.58,null,292.53,null,336.86,234.42]
["人工单价",null,"小计",{"$nulls":9},879.58,null,292.53,null,336.86,234.42]
[null,null,"未计价材料费"]
["清单项目综合单价",{"$nulls":11},1743.39]
["材\n料\n费\n明\n细","主要材料名称、规格、型号",{"$nulls":7},"单位","数量",null,"单价（元）",null,"合价（元）",null,null,"暂估单价\n（元）","暂估合价\n（元）"]
{"$rows_empty":8}
["注：1.如不使用省级或行业建设主管部门发布的计价依据，可不填定额编码、名称等；\n    2.招标文件提供了暂估单价的材料，按暂估的单价填入表内“暂估单价”栏及“暂估合价”栏。"]
[{"$nulls":15},"表-09"]
["综合单价分析表"]
["工程名称：电气工程-新蓝天幼儿园工程建设项目-地下",{"$nulls":10},"标段：",{"$nulls":3},"第 105 页  共 107 页"]
["项目编码",null,"031302007001",null,"项目名称",null,"高层施工增加",{"$nulls":3},"计量单位",null,null,"项",null,null,"工程量",null,1]
["清单综合单价组成明细"]
["定额编号","定额项目名称","定额\n单位","数量","单价",{"$nulls":7},"合价"]
[{"$nulls":4},"人工费","材料费","机具费","管理费","利润","规费","税金",null,"人工费","材料费","机具费",null,"管理费","利润","规费","税金"]
[null,null,"未计价材料费"]
["清单项目综合单价"]
["材\n料\n费\n明\n细","主要材料名称、规格、型号",{"$nulls":7},"单位","数量",null,"单价（元）",null,"合价（元）",null,null,"暂估单价\n（元）","暂估合价\n（元）"]
{"$rows_empty":11}
["注：1.如不使用省级或行业建设主管部门发布的计价依据，可不填定额编码、名称等；\n    2.招标文件提供了暂估单价的材料，按暂估的单价填入表内“暂估单价”栏及“暂估合价”栏。"]
[{"$nulls":15},"表-09"]
["综合单价分析表"]
["工程名称：电气工程-新蓝天幼儿园工程建设项目-地下",{"$nulls":10},"标段：",{"$nulls":3},"第 106 页  共 107 页"]
["项目编码",null,"031301017001",null,"项目名称",null,"脚手架搭拆费",{"$nulls":3},"计量单位",null,null,"项",null,null,"工程量",null,1]
["清单综合单价组成明细"]
["定额编号","定额项目名称","定额\n单位","数量","单价",{"$nulls":7},"合价"]
[{"$nulls":4},"人工费","材料费","机具费","管理费","利润","规费","税金",null,"人工费","材料费","机具费",null,"管理费","利润","规费","税金"]
["BM248","脚手架搭拆费(单独承担埋地或沟槽敷设线缆工程除外)(电气设备安装工程，除10章)","元",1,3801.61,{"$nulls":7},3801.61]
["BM434","脚手架搭拆费(刷油、防腐蚀、绝热工程)","元",1,6.92,{"$nulls":7},6.92]
["BM399","脚手架搭拆费(单独承担埋地管道工程除外)(给排水、采暖、燃气工程)","元",1,202.01,{"$nulls":7},202.01]
["人工单价",null,"小计",{"$nulls":9},4010.54]
[null,null,"未计价材料费"]
["清单项目综合单价",{"$nulls":11},4010.54]
["材\n料\n费","主要材料名称、规格、型号",{"$nulls":7},"单位","数量",null,"单价（元）",null,"合价（元）",null,null,"暂估单价\n（元）","暂估合价\n（元）"]
["注：1.如不使用省级或行业建设主管部门发布的计价依据，可不填定额编码、名称等；\n    2.招标文件提供了暂估单价的材料，按暂估的单价填入表内“暂估单价”栏及“暂估合价”栏。"]
[{"$nulls":15},"表-09"]
["综合单价分析表"]
["工程名称：电气工程-新蓝天幼儿园工程建设项目-地下",{"$nulls":10},"标段：",{"$nulls":3},"第 107 页  共 107 页"]
["明\n细","其他材料费",{"$nulls":10},"-",{"$nulls":4},"-"]
[null,"材料费小计",{"$nulls":10},"-",{"$nulls":4},"-"]
{"$rows_empty":18}
["注：1.如不使用省级或行业建设主管部门发布的计价依据，可不填定额编码、名称等；\n    2.招标文件提供了暂估单价的材料，按暂估的单价填入表内“暂估单价”栏及“暂估合价”栏。"]
[{"$nulls":15},"表-09"]

{"sheet":"表-11 总价措施项目清单与计价表【电气工程-新蓝天幼儿园_1","index":30,"n_rows":49,"n_cols":11,"rows_kept":49,"merged":[[0,0,0,10],[1,0,1,5],[1,6,1,7],[1,8,1,10],[2,5,2,6],[2,7,2,8],[3,5,3,6],[3,7,3,8],[4,5,4,6],[4,7,4,8],[5,5,5,6],[5,7,5,8],[6,5,6,6],[6,7,6,8],[7,5,7,6],[7,7,7,8],[8,5,8,6],[8,7,8,8],[9,5,9,6],[9,7,9,8],[10,5,10,6],[10,7,10,8],[11,5,11,6],[11,7,11,8],[12,0,12,5],[12,6,12,10],[13,0,13,5],[13,6,13,7],[13,8,13,10],[14,0,14,10],[15,0,15,5],[15,6,15,7],[15,8,15,10],[16,5,16,6],[16,7,16,8],[17,5,17,6],[17,7,17,8],[18,5,18,6],[18,7,18,8],[19,5,19,6],[19,7,19,8],[20,5,20,6],[20,7,20,8],[21,5,21,6],[21,7,21,8],[22,5,22,6],[22,7,22,8],[23,5,23,6],[23,7,23,8],[24,5,24,6],[24,7,24,8],[25,5,25,6],[25,7,25,8],[26,5,26,6],[26,7,26,8],[27,5,27,6],[27,7,27,8],[28,5,28,6],[28,7,28,8],[29,5,29,6],[29,7,29,8],[30,5,30,6],[30,7,30,8],[31,5,31,6],[31,7,31,8],[32,5,32,6],[32,7,32,8],[33,5,33,6],[33,7,33,8],[34,5,34,6],[34,7,34,8],[35,5,35,6],[35,7,35,8],[36,5,36,6],[36,7,36,8],[37,5,37,6],[37,7,37,8],[38,5,38,6],[38,7,38,8],[39,5,39,6],[39,7,39,8],[40,5,40,6],[40,7,40,8],[41,5,41,6],[41,7,41,8],[42,5,42,6],[42,7,42,8],[43,5,43,6],[43,7,43,8],[44,5,44,6],[44,7,44,8],[45,5,45,6],[45,7,45,8],[46,0,46,4],[46,5,46,6],[46,7,46,8],[47,0,47,5],[47,6,47,10],[48,0,48,5],[48,6,48,7],[48,8,48,10]]}
["总价措施项目清单与计价表"]
["工程名称：电气工程-新蓝天幼儿园工程建设项目-地下",{"$nulls":5},"标段：",null,"第 1 页  共 2 页"]
["序号","项目编码","项目名称","计算基础","费率\n(%)","金额\n(元)",null,"调整\n费率(%)",null,"调整后\n金额(元)","备注"]
["1","LSSGCSF00001","绿色施工安全防护措施费","分部分项人工费+分部分项机具费","19",20143.94]
["2","031301010001","安装与生产同时进行增加费用","分部分项人工费","0",{"$nulls":5}," "]
["3","031301011001","在有害身体健康环境中施工增加费","分部分项人工费","0",{"$nulls":5}," "]
["4","TSSGBWZJF001","在地下（暗）室、设备及大口径管道内等特殊施工部位进行施工增加费","分部分项人工费","30",29741.48,{"$nulls":4}," "]
["5","粤031302008001","赶工措施费","分部分项人工费+分部分项机具费","0",{"$nulls":5}," "]
["6","031302002001","夜间施工增加费",null,"20",{"$nulls":5}," "]
["7","JTGRSGZJF001","交通干扰工程施工增加费",null,"10",{"$nulls":5}," "]
["8","粤031302009001","文明工地增加费","分部分项人工费+分部分项机具费","0",{"$nulls":5}," "]
["9","DXGXJCJXF001","地下管线交叉降效费",{"$nulls":7}," "]
["编制人（造价人员）：",{"$nulls":5},"复核人（造价工程师）："]
[{"$nulls":8},"表-11"]
["总价措施项目清单与计价表"]
["工程名称：电气工程-新蓝天幼儿园工程建设项目-地下",{"$nulls":5},"标段：",null,"第 2 页  共 2 页"]
["序号","项目编码","项目名称","计算基础","费率\n(%)","金额\n(元)",null,"调整\n费率(%)",null,"调整后\n金额(元)","备注"]
[{"$nulls":10},"算"]
["10","QTFY00000001","其他费用",{"$nulls":7}," "]
{"$rows_empty":27}
["合    计",{"$nulls":4},49885.42]
["编制人（造价人员）：",{"$nulls":5},"复核人（造价工程师）："]
[{"$nulls":8},"表-11"]

{"sheet":"表-12 其他项目清单与计价汇总表【电气工程-新蓝天幼儿园_1","index":31,"n_rows":38,"n_cols":7,"rows_kept":38,"merged":[[0,0,0,4],[0,5,0,6],[1,0,1,6],[2,0,2,2],[2,3,2,4],[2,5,2,6],[3,2,3,3],[3,4,3,5],[4,2,4,3],[4,4,4,5],[5,2,5,3],[5,4,5,5],[6,2,6,3],[6,4,6,5],[7,2,7,3],[7,4,7,5],[8,2,8,3],[8,4,8,5],[9,2,9,3],[9,4,9,5],[10,2,10,3],[10,4,10,5],[11,2,11,3],[11,4,11,5],[12,2,12,3],[12,4,12,5],[13,2,13,3],[13,4,13,5],[14,2,14,3],[14,4,14,5],[15,2,15,3],[15,4,15,5],[16,2,16,3],[16,4,16,5],[17,2,17,3],[17,4,17,5],[18,2,18,3],[18,4,18,5],[19,2,19,3],[19,4,19,5],[20,2,20,3],[20,4,20,5],[21,2,21,3],[21,4,21,5],[22,2,22,3],[22,4,22,5],[23,2,23,3],[23,4,23,5],[24,2,24,3],[24,4,24,5],[25,2,25,3],[25,4,25,5],[26,2,26,3],[26,4,26,5],[27,2,27,3],[27,4,27,5],[28,2,28,3],[28,4,28,5],[29,2,29,3],[29,4,29,5],[30,2,30,3],[30,4,30,5],[31,2,31,3],[31,4,31,5],[32,2,32,3],[32,4,32,5],[33,2,33,3],[33,4,33,5],[34,2,34,3],[34,4,34,5],[35,2,35,3],[35,4,35,5],[36,0,36,6],[37,0,37,2],[37,3,37,4],[37,5,37,6]]}
[]
["其他项目清单与计价汇总表"]
["工程名称：电气工程-新蓝天幼儿园工程建设项目-地下",null,null,"标段：",null,"第 1 页  共 1 页"]
["序号","项目名称","金额（元）",null,"结算金额（元）",null,"备注"]
["1","暂列金额",{"$nulls":4},"明细详见表-12-1"]
["2","暂估价"]
["2.1","材料暂估价","—",{"$nulls":3},"明细详见表-12-2"]
["2.2","专业工程暂估价",{"$nulls":4},"明细详见表-12-3"]
["3","计日工",{"$nulls":4},"明细详见表-12-4"]
["4","总承包服务费",{"$nulls":4},"明细详见表-12-5"]
["5","预算包干费","10602.07"]
["6","工程优质费"]
["7","概算幅度差"]
["8","现场签证费用"]
["9","索赔费用"]
["10","其他费用"]
{"$rows_empty":19}
[null,"合  计","10602.07",{"$nulls":3},"—"]
["注：材料（工程设备）暂估单价进入清单项目综合单价，此处不汇总。"]
[{"$nulls":5},"表—12"]

{"sheet":"表-12-1 暂列金额表【电气工程-新蓝天幼儿园工程建设项_1","index":32,"n_rows":38,"n_cols":7,"rows_kept":38,"merged":[[0,0,0,4],[0,5,0,6],[1,0,1,6],[2,0,2,2],[2,3,2,4],[2,5,2,6],[3,2,3,3],[3,4,3,5],[4,2,4,3],[4,4,4,5],[5,2,5,3],[5,4,5,5],[6,2,6,3],[6,4,6,5],[7,2,7,3],[7,4,7,5],[8,2,8,3],[8,4,8,5],[9,2,9,3],[9,4,9,5],[10,2,10,3],[10,4,10,5],[11,2,11,3],[11,4,11,5],[12,2,12,3],[12,4,12,5],[13,2,13,3],[13,4,13,5],[14,2,14,3],[14,4,14,5],[15,2,15,3],[15,4,15,5],[16,2,16,3],[16,4,16,5],[17,2,17,3],[17,4,17,5],[18,2,18,3],[18,4,18,5],[19,2,19,3],[19,4,19,5],[20,2,20,3],[20,4,20,5],[21,2,21,3],[21,4,21,5],[22,2,22,3],[22,4,22,5],[23,2,23,3],[23,4,23,5],[24,2,24,3],[24,4,24,5],[25,2,25,3],[25,4,25,5],[26,2,26,3],[26,4,26,5],[27,2,27,3],[27,4,27,5],[28,2,28,3],[28,4,28,5],[29,2,29,3],[29,4,29,5],[30,2,30,3],[30,4,30,5],[31,2,31,3],[31,4,31,5],[32,2,32,3],[32,4,32,5],[33,2,33,3],[33,4,33,5],[34,2,34,3],[34,4,34,5],[35,0,35,3],[35,4,35,5],[36,0,36,6],[37,0,37,2],[37,3,37,4],[37,5,37,6]]}
[]
["暂列金额明细表"]
["工程名称：电气工程-新蓝天幼儿园工程建设项目-地下",null,null,"标段：",null,"第 1 页  共 1 页"]
["序号","名称","计量单位",null,"暂定金额（元）",null,"备注"]
["1"]
{"$rows_empty":30}
["合    计",{"$nulls":3},"0",null,"—"]
["注：此表由招标人填写，如不能详列，也可只列暂列金额总额，投标人应将上述暂列金额计入投标总价中。"]
[{"$nulls":5},"表—12—1"]

{"sheet":"表-12-2 材料(工程设备)暂估价及调整表【电气工程-新_1","index":33,"n_rows":38,"n_cols":14,"rows_kept":38,"merged":[[0,0,0,9],[0,10,0,13],[1,0,1,13],[2,0,2,6],[2,7,2,9],[2,10,2,13],[3,0,4,0],[3,1,4,1],[3,2,4,2],[3,3,3,4],[3,5,3,7],[3,8,3,10],[3,11,3,12],[4,6,4,7],[4,9,4,10],[5,6,5,7],[5,9,5,10],[6,6,6,7],[6,9,6,10],[7,6,7,7],[7,9,7,10],[8,6,8,7],[8,9,8,10],[9,6,9,7],[9,9,9,10],[10,6,10,7],[10,9,10,10],[11,6,11,7],[11,9,11,10],[12,6,12,7],[12,9,12,10],[13,6,13,7],[13,9,13,10],[14,6,14,7],[14,9,14,10],[15,6,15,7],[15,9,15,10],[16,6,16,7],[16,9,16,10],[17,6,17,7],[17,9,17,10],[18,6,18,7],[18,9,18,10],[19,6,19,7],[19,9,19,10],[20,6,20,7],[20,9,20,10],[21,6,21,7],[21,9,21,10],[22,6,22,7],[22,9,22,10],[23,6,23,7],[23,9,23,10],[24,6,24,7],[24,9,24,10],[25,6,25,7],[25,9,25,10],[26,6,26,7],[26,9,26,10],[27,6,27,7],[27,9,27,10],[28,6,28,7],[28,9,28,10],[29,6,29,7],[29,9,29,10],[30,6,30,7],[30,9,30,10],[31,6,31,7],[31,9,31,10],[32,6,32,7],[32,9,32,10],[33,6,33,7],[33,9,33,10],[34,6,34,7],[34,9,34,10],[35,0,35,2],[35,6,35,7],[35,9,35,10],[36,0,36,13],[37,0,37,6],[37,7,37,9],[37,10,37,13]]}
[]
["材料（工程设备）暂估单价及调整表"]
["工程名称：电气工程-新蓝天幼儿园工程建设项目-地下",{"$nulls":6},"标段：",null,null,"第 1 页  共 1 页"]
["序号","材料(工程设备)\n名称、规格、型号","计量单位","数量",null,"暂估（元）",null,null,"确认(元)",null,null,"差额±(元)",null,"备注"]
[{"$nulls":3},"暂估","确认","单价","合价",null,"单价","合价",null,"单价","合价"]
{"$rows_empty":30}
["合     计"]
["注：1.此表由招标人填写“暂估单价”，并在备注栏说明暂估价的材料、工程设备拟用在那些清单项目上，投标人应将上述材料、工程设备暂估单价计入工程量清单综合单价报价中"]
[{"$nulls":10},"表—12—2"]

{"sheet":"表-12-3 专业工程暂估价及结算价表【电气工程-新蓝天幼_1","index":34,"n_rows":37,"n_cols":9,"rows_kept":37,"merged":[[0,0,0,5],[0,6,0,8],[1,0,1,8],[2,0,2,3],[2,4,2,5],[2,6,2,8],[3,3,3,4],[3,5,3,6],[4,3,4,4],[4,5,4,6],[5,3,5,4],[5,5,5,6],[6,3,6,4],[6,5,6,6],[7,3,7,4],[7,5,7,6],[8,3,8,4],[8,5,8,6],[9,3,9,4],[9,5,9,6],[10,3,10,4],[10,5,10,6],[11,3,11,4],[11,5,11,6],[12,3,12,4],[12,5,12,6],[13,3,13,4],[13,5,13,6],[14,3,14,4],[14,5,14,6],[15,3,15,4],[15,5,15,6],[16,3,16,4],[16,5,16,6],[17,3,17,4],[17,5,17,6],[18,3,18,4],[18,5,18,6],[19,3,19,4],[19,5,19,6],[20,3,20,4],[20,5,20,6],[21,3,21,4],[21,5,21,6],[22,3,22,4],[22,5,22,6],[23,3,23,4],[23,5,23,6],[24,3,24,4],[24,5,24,6],[25,3,25,4],[25,5,25,6],[26,3,26,4],[26,5,26,6],[27,3,27,4],[27,5,27,6],[28,3,28,4],[28,5,28,6],[29,3,29,4],[29,5,29,6],[30,3,30,4],[30,5,30,6],[31,3,31,4],[31,5,31,6],[32,3,32,4],[32,5,32,6],[33,3,33,4],[33,5,33,6],[34,0,34,2],[34,3,34,4],[34,5,34,6],[35,0,35,8],[36,0,36,3],[36,4,36,5],[36,6,36,8]]}
[]
["专业工程暂估价及结算价表"]
["工程名称：电气工程-新蓝天幼儿园工程建设项目-地下",{"$nulls":3},"标段：",null,"第 1 页  共 1 页"]
["序号","工程名称","工程内容","暂估金额\n（元）",null,"结算金额\n(元)",null,"差额\n±(元)","备注"]
["1"]
{"$rows_empty":29}
["合    计",null,null,"0.00",{"$nulls":4},"—"]
["注：此表“暂估金额”由招标人填写，投标人应将“暂估金额”计入投标总价中。结算时按合同约定结算金额填写。"]
[{"$nulls":6},"表—12—3"]

{"sheet":"表-12-4 计日工表【电气工程-新蓝天幼儿园工程建设项目_1","index":35,"n_rows":38,"n_cols":10,"rows_kept":38,"merged":[[0,0,0,9],[1,0,1,4],[1,5,1,6],[1,7,1,9],[2,0,3,0],[2,1,3,1],[2,2,3,2],[2,3,3,3],[2,4,3,5],[2,6,3,7],[2,8,2,9],[4,4,4,5],[4,6,4,7],[5,4,5,5],[5,6,5,7],[6,0,6,7],[7,4,7,5],[7,6,7,7],[8,4,8,5],[8,6,8,7],[9,0,9,7],[10,4,10,5],[10,6,10,7],[11,4,11,5],[11,6,11,7],[12,0,12,7],[13,4,13,5],[13,6,13,7],[14,4,14,5],[14,6,14,7],[15,4,15,5],[15,6,15,7],[16,4,16,5],[16,6,16,7],[17,4,17,5],[17,6,17,7],[18,4,18,5],[18,6,18,7],[19,4,19,5],[19,6,19,7],[20,4,20,5],[20,6,20,7],[21,4,21,5],[21,6,21,7],[22,4,22,5],[22,6,22,7],[23,4,23,5],[23,6,23,7],[24,4,24,5],[24,6,24,7],[25,4,25,5],[25,6,25,7],[26,4,26,5],[26,6,26,7],[27,4,27,5],[27,6,27,7],[28,4,28,5],[28,6,28,7],[29,4,29,5],[29,6,29,7],[30,4,30,5],[30,6,30,7],[31,4,31,5],[31,6,31,7],[32,4,32,5],[32,6,32,7],[33,4,33,5],[33,6,33,7],[34,0,34,7],[35,0,35,7],[36,0,36,9],[37,0,37,4],[37,5,37,6],[37,7,37,9]]}
["计日工表"]
["工程名称：电气工程-新蓝天幼儿园工程建设项目-地下",{"$nulls":4},"标段：",null,"第 1 页  共 1 页"]
["编号","项目名称","单位","暂定数量","实际数量",null,"综合单价\n(元)",null,"合价（元）"]
[{"$nulls":8},"暂定","实际"]
["1","人工"]
["1.1"]
["人工小计"]
["2","材料"]
["2.1"]
["材料小计"]
["3","施工机具"]
["3.1"]
["施工机具小计"]
{"$rows_empty":21}
["4.企业管理费和利润"]
["总         计"]
["注：此表项目名称、暂定数量由招标人填写，编制招标控制价时，单价由招标人按有关计价规定确定；投标时，单价由投标人自主报价，按暂定数量计算合价计入投标总价中。结算时，按发承包双方确认的实际数量计算合价。"]
[{"$nulls":7},"表—12—4"]

{"sheet":"表-12-5 总承包服务费计价表【电气工程-新蓝天幼儿园工_1","index":36,"n_rows":38,"n_cols":9,"rows_kept":38,"merged":[[0,0,0,5],[0,6,0,8],[1,0,1,8],[2,0,2,3],[2,4,2,5],[2,6,2,8],[3,3,3,4],[3,5,3,6],[4,3,4,4],[4,5,4,6],[5,3,5,4],[5,5,5,6],[6,3,6,4],[6,5,6,6],[7,3,7,4],[7,5,7,6],[8,3,8,4],[8,5,8,6],[9,3,9,4],[9,5,9,6],[10,3,10,4],[10,5,10,6],[11,3,11,4],[11,5,11,6],[12,3,12,4],[12,5,12,6],[13,3,13,4],[13,5,13,6],[14,3,14,4],[14,5,14,6],[15,3,15,4],[15,5,15,6],[16,3,16,4],[16,5,16,6],[17,3,17,4],[17,5,17,6],[18,3,18,4],[18,5,18,6],[19,3,19,4],[19,5,19,6],[20,3,20,4],[20,5,20,6],[21,3,21,4],[21,5,21,6],[22,3,22,4],[22,5,22,6],[23,3,23,4],[23,5,23,6],[24,3,24,4],[24,5,24,6],[25,3,25,4],[25,5,25,6],[26,3,26,4],[26,5,26,6],[27,3,27,4],[27,5,27,6],[28,3,28,4],[28,5,28,6],[29,3,29,4],[29,5,29,6],[30,3,30,4],[30,5,30,6],[31,3,31,4],[31,5,31,6],[32,3,32,4],[32,5,32,6],[33,3,33,4],[33,5,33,6],[34,3,34,4],[34,5,34,6],[35,0,35,7],[36,0,36,8],[37,0,37,3],[37,4,37,5],[37,6,37,8]]}
[]
["总承包服务费计价表"]
["工程名称：电气工程-新蓝天幼儿园工程建设项目-地下",{"$nulls":3},"标段：",null,"第 1 页  共 1 页"]
["序号","项目名称","项目价值（元）","服务内容",null,"计算基础",null,"费率(%)","金额"]
["1"]
{"$rows_empty":30}
["合    计",{"$nulls":7},"0.00"]
["注：此表项目名称、服务内容由招标人填写，编制招标控制价时，费率及金额由招标人按有关计价规定确定；投标时，费率及金额由投标人自主报价，计入投标总价中。"]
[{"$nulls":6},"表—12—5"]

{"sheet":"表-13 规费、税金项目清单与计价表【电气工程-新蓝天幼儿_1","index":37,"n_rows":37,"n_cols":8,"rows_kept":37,"merged":[[0,0,0,7],[1,0,1,2],[1,3,1,5],[1,6,1,7],[2,2,2,3],[2,5,2,6],[3,2,3,3],[3,5,3,6],[4,2,4,3],[4,5,4,6],[5,2,5,3],[5,5,5,6],[6,2,6,3],[6,5,6,6],[7,2,7,3],[7,5,7,6],[8,2,8,3],[8,5,8,6],[9,2,9,3],[9,5,9,6],[10,2,10,3],[10,5,10,6],[11,2,11,3],[11,5,11,6],[12,2,12,3],[12,5,12,6],[13,2,13,3],[13,5,13,6],[14,2,14,3],[14,5,14,6],[15,2,15,3],[15,5,15,6],[16,2,16,3],[16,5,16,6],[17,2,17,3],[17,5,17,6],[18,2,18,3],[18,5,18,6],[19,2,19,3],[19,5,19,6],[20,2,20,3],[20,5,20,6],[21,2,21,3],[21,5,21,6],[22,2,22,3],[22,5,22,6],[23,2,23,3],[23,5,23,6],[24,2,24,3],[24,5,24,6],[25,2,25,3],[25,5,25,6],[26,2,26,3],[26,5,26,6],[27,2,27,3],[27,5,27,6],[28,2,28,3],[28,5,28,6],[29,2,29,3],[29,5,29,6],[30,2,30,3],[30,5,30,6],[31,2,31,3],[31,5,31,6],[32,2,32,3],[32,5,32,6],[33,2,33,3],[33,5,33,6],[34,0,34,6],[35,0,35,2],[35,3,35,7],[36,0,36,2],[36,3,36,5],[36,6,36,7]]}
["规费、税金项目清单与计价表"]
["工程名称：电气工程-新蓝天幼儿园工程建设项目-地下",null,null,"标段：",null,null,"第 1 页  共 1 页"]
["序号","项目名称","计算基础",null,"计算基数","计算费率\n(%)",null,"金额(元)"]
["1","增值税销项税额","下浮后税前造价",null,443295.47,"9",null,39896.59]
{"$rows_empty":30}
["合    计",{"$nulls":6},39896.59]
[" 编制人（造价人员）：",null,null,"复核人（造价工程师）："]
[{"$nulls":6},"表—13"]

{"sheet":"表-20 发包人提供材料和工程设备一览表【电气工程-新蓝天_1","index":38,"n_rows":37,"n_cols":10,"rows_kept":37,"merged":[[0,0,0,9],[1,0,1,4],[1,5,1,6],[1,7,1,9],[2,4,2,5],[2,6,2,7],[3,4,3,5],[3,6,3,7],[4,4,4,5],[4,6,4,7],[5,4,5,5],[5,6,5,7],[6,4,6,5],[6,6,6,7],[7,4,7,5],[7,6,7,7],[8,4,8,5],[8,6,8,7],[9,4,9,5],[9,6,9,7],[10,4,10,5],[10,6,10,7],[11,4,11,5],[11,6,11,7],[12,4,12,5],[12,6,12,7],[13,4,13,5],[13,6,13,7],[14,4,14,5],[14,6,14,7],[15,4,15,5],[15,6,15,7],[16,4,16,5],[16,6,16,7],[17,4,17,5],[17,6,17,7],[18,4,18,5],[18,6,18,7],[19,4,19,5],[19,6,19,7],[20,4,20,5],[20,6,20,7],[21,4,21,5],[21,6,21,7],[22,4,22,5],[22,6,22,7],[23,4,23,5],[23,6,23,7],[24,4,24,5],[24,6,24,7],[25,4,25,5],[25,6,25,7],[26,4,26,5],[26,6,26,7],[27,4,27,5],[27,6,27,7],[28,4,28,5],[28,6,28,7],[29,4,29,5],[29,6,29,7],[30,4,30,5],[30,6,30,7],[31,4,31,5],[31,6,31,7],[32,4,32,5],[32,6,32,7],[33,4,33,5],[33,6,33,7],[34,4,34,5],[34,6,34,7],[35,0,35,6],[35,7,35,9],[36,0,36,6],[36,7,36,9]]}
["发包人提供材料和工程设备一览表"]
["工程名称：电气工程-新蓝天幼儿园工程建设项目-地下",{"$nulls":4},"标段：",null,"第 1 页  共 1 页"]
["序号","材料(工程设备)\n名称、规格、型号","单位","数量","单价(元)",null,"交货方式",null,"送达地点","备注"]
{"$rows_empty":32}
["注：此表由招标人填写，供投标人在投标报价、确定总承包服务费时参考"]
[{"$nulls":7},"表-20"]

{"sheet":"表-21 承包人提供主要材料和工程设备一览表【电气工程-新_1","index":39,"n_rows":36,"n_cols":11,"rows_kept":36,"merged":[[0,0,0,10],[1,0,1,10],[2,0,2,5],[2,6,2,7],[2,8,2,10],[3,5,3,6],[3,7,3,8],[4,5,4,6],[4,7,4,8],[5,5,5,6],[5,7,5,8],[6,5,6,6],[6,7,6,8],[7,5,7,6],[7,7,7,8],[8,5,8,6],[8,7,8,8],[9,5,9,6],[9,7,9,8],[10,5,10,6],[10,7,10,8],[11,5,11,6],[11,7,11,8],[12,5,12,6],[12,7,12,8],[13,5,13,6],[13,7,13,8],[14,5,14,6],[14,7,14,8],[15,5,15,6],[15,7,15,8],[16,5,16,6],[16,7,16,8],[17,5,17,6],[17,7,17,8],[18,5,18,6],[18,7,18,8],[19,5,19,6],[19,7,19,8],[20,5,20,6],[20,7,20,8],[21,5,21,6],[21,7,21,8],[22,5,22,6],[22,7,22,8],[23,5,23,6],[23,7,23,8],[24,5,24,6],[24,7,24,8],[25,5,25,6],[25,7,25,8],[26,5,26,6],[26,7,26,8],[27,5,27,6],[27,7,27,8],[28,5,28,6],[28,7,28,8],[29,5,29,6],[29,7,29,8],[30,5,30,6],[30,7,30,8],[31,5,31,6],[31,7,31,8],[32,5,32,6],[32,7,32,8],[33,5,33,6],[33,7,33,8],[34,0,34,10],[35,0,35,5],[35,6,35,7],[35,8,35,10]]}
["承包人提供主要材料和工程设备一览表"]
["(适用于造价信息差额调整法)"]
["工程名称：电气工程-新蓝天幼儿园工程建设项目-地下",{"$nulls":5},"标段：",null,"第 1 页  共 1 页"]
["序号","名称、规格、型号","单位","数量","风险系数\n(%)","基准单价\n（元）",null,"投标单价",null,"发承包人\n确认单价\n(元)","备注"]
{"$rows_empty":30}
["注：1.此表由招标人填写除“投标单价”栏的内容，投标人在投标时自主确定投标单价。\n    2.基准单价应优先采用工程造价管理机构发布的单价，未发布的，通过市场调查确定其基准单价。"]
[{"$nulls":8},"表-21"]

{"sheet":"表-22 承包人提供主要材料和工程设备一览表【电气工程-新_1","index":40,"n_rows":35,"n_cols":8,"rows_kept":35,"merged":[[0,0,0,7],[1,0,1,7],[2,0,2,3],[2,4,2,5],[2,6,2,7],[3,3,3,4],[3,5,3,6],[4,3,4,4],[4,5,4,6],[5,3,5,4],[5,5,5,6],[6,3,6,4],[6,5,6,6],[7,3,7,4],[7,5,7,6],[8,3,8,4],[8,5,8,6],[9,3,9,4],[9,5,9,6],[10,3,10,4],[10,5,10,6],[11,3,11,4],[11,5,11,6],[12,3,12,4],[12,5,12,6],[13,3,13,4],[13,5,13,6],[14,3,14,4],[14,5,14,6],[15,3,15,4],[15,5,15,6],[16,3,16,4],[16,5,16,6],[17,3,17,4],[17,5,17,6],[18,3,18,4],[18,5,18,6],[19,3,19,4],[19,5,19,6],[20,3,20,4],[20,5,20,6],[21,3,21,4],[21,5,21,6],[22,3,22,4],[22,5,22,6],[23,3,23,4],[23,5,23,6],[24,3,24,4],[24,5,24,6],[25,3,25,4],[25,5,25,6],[26,3,26,4],[26,5,26,6],[27,3,27,4],[27,5,27,6],[28,3,28,4],[28,5,28,6],[29,3,29,4],[29,5,29,6],[30,3,30,4],[30,5,30,6],[31,3,31,4],[31,5,31,6],[32,0,32,1],[32,3,32,4],[32,5,32,6],[33,0,33,7],[34,0,34,3],[34,4,34,5],[34,6,34,7]]}
["承包人提供主要材料和工程设备一览表"]
["(适用于价格指数差额调整法)"]
["工程名称：电气工程-新蓝天幼儿园工程建设项目-地下",{"$nulls":3},"标段：",null,"第 1 页  共 1 页"]
["序号","名称、规格、型号","变值权重B","基本价格指数F0",null,"现行价格指数Ft",null,"备注"]
{"$rows_empty":27}
[null,"定值权重A",null,"—",null,"—"]
["合计",null,"1","—",null,"—"]
["注：1.此表“材料和工程设备名称”、“规格型号”、“基本价格指数”栏由招标人填写，基本价格指数应首先采用工程造价管理机构发布的价格指数，没有时，可采用发布的价格代替。\n    2.此表“变值权重”栏由投标人根据该项材料和工程设备价值在投标报价中所占的比例填写。\n    3.“现行价格指数”按约定的付款证书相关周期最后一天的前42天的各项材料和工程设备的价格指数填写，该指数应首先采用工程造价管理机构发布的价格指数，没有时，可采用发布的价格代替。"]
[{"$nulls":6},"表-22"]